{"text_format":"3","workbook":"xlsx","n_sheets":2,"sheets":["Pivot","Data"],"not_rendered":{"defined_names":2,"pivot_tables":1},"read":"whole","date_system":"1900"}

{"sheet":"Pivot","index":0,"n_rows":12,"n_cols":3,"rows_kept":12}
["Code Type Of Sale","Consumer"]
[]
["Row Labels","Distinct Count of Account Store Id","Sum of Volume"]
["East1",123,276]
["East2",167,270]
["North1",381,641]
["North2",306,537]
["South1",160,350]
["South2",282,559]
["West1 M",259,593]
["West1 R",150,361]
["Grand Total",1828,3587]

{"sheet":"Data","index":1,"n_rows":2854,"n_cols":85,"rows_kept":1125,"cut":true,"bounds":{"rows_first":500,"rows_last":125,"rows_between":500,"halvings":2}}
["Submission ID","User Name","User Email","User Mobile","User Store Name","User City","User Employee Id","User Location","User State","User Contract Number","User Agency","User Area Manager Name","User Area Manger Email","User Route Trainer Name","User Route Trainer Email ","User Store Code","User Zone","User Org Group","User Vertical","User Retailer Type","User Retailer Type 2","User Lenovo Internal Type","User Work Status","User Les Isds Hb Shop Id","User Designation","User Heartbeat Les And Lmb","User Rcm Name","User Dsm Name","User Wow Demo Spoc 2019","User Rsm","User Srgm","User Instant Alert","User Dsm Email Id","User Rcm Email Id","User Rsm Email Id","User Srgm Email Id","User User Type","User Sr Dsm Name","User Sr Dsm Email Id","User Country","User Rsm Or Rkam Name","User Channel Type Tr","User Rsm Or Rkam Email","User Omo Trainings","Submission Date","Submission Time","GPS Location","Account Name","Account City","Account State","Account Store Type","Account Bp Category","Account Gstin","Account Region","Account Zone","Account Store Id","Account User City","Account User State","Account Agency","Account Hb Shop Id"," Do You Have Any Sales For The Day"," Lead Source","Code","Volume","Code Brand","Code Series","Code Sub Series","Code Configuration","Code Os","Code Form Factor","Code Level","Code Processor","Code Type Of Sale","Code Price","Code Retail Price","Prod Type","Revenue","New Region","SRP","SP Y","G/NG","User Zone","New Code Level","NEW MTM","NEW SERIES"]
[21630806,"Vinod Kumar","vinod.kumar@v5global.co.in",9911547614,"V5 Global","Delhi","V5265873","Delhi","Delhi",null,"V5 Global",null,null,"Chetan Mehta","Chetan.mehta@v5global.co.in",null,"North1",null,"External Consumer","ASO","V5 Global ASO",null,"FT",null,"ASO",null,"Kanwaldeep Singh","Gaurav Sharma",null,"Kumar Tanksale","Raghavendra Araveeti","gaurav.sharma@v5global.co.in","gaurav.sharma@v5global.co.in","ksingh15@lenovo.com","ktanksale1@lenovo.com","raraveeti@lenovo.com","ASO","Shilpi Gautam","sgautam2@lenovo.com",null,"Kumar Tanksale",null,"ktanksale1@lenovo.com",null,"2025-12-01","18:45:00","29.41183,76.9596167","HBS SYSTEMS PRIVATE LIMITED",{"$nulls":3},"T3","07AAACH0028A1ZH","North1",null,"T-31309","New Delhi","Delhi","V5 Global",null,"Yes","Face to Face","90XS005JIN",2,"Lenovo","IdeaCentre","IdeaCentre","i3 14100 14th Gen Processor,8Gb Ram ddr5,512Ssd,Windows 11,Wifi,BT, Usb calliope Black, keybord,mouse\t","Win 11","TDT","Mainstream","I3 14100","Consumer",25747,null,"TDT",{"$f":"BV2*BL2","v":51494},{"$f":"Q2","v":"North1"},{"$f":"BV2*118%","v":30381.46},{"$f":"IF(CF2=\"Premium\",IF(CA2>=65000,\"SP\",\"\"),\"\")","v":""},null,"North1",{"$f":"IF(BU2=\"Consumer\",IF(CA2<40000,\"Entry\",IF(AND(CA2>=40000,CA2<65000),\"Mainstream\",\"Premium\")),IF(BU2=\"Visuals\",BS2,\"NA\"))","v":"Entry"},"Mainstream","i3 OS"]
[21630809,"Vinod Kumar","vinod.kumar@v5global.co.in",9911547614,"V5 Global","Delhi","V5265873","Delhi","Delhi",null,"V5 Global",null,null,"Chetan Mehta","Chetan.mehta@v5global.co.in",null,"North1",null,"External Consumer","ASO","V5 Global ASO",null,"FT",null,"ASO",null,"Kanwaldeep Singh","Gaurav Sharma",null,"Kumar Tanksale","Raghavendra Araveeti","gaurav.sharma@v5global.co.in","gaurav.sharma@v5global.co.in","ksingh15@lenovo.com","ktanksale1@lenovo.com","raraveeti@lenovo.com","ASO","Shilpi Gautam","sgautam2@lenovo.com",null,"Kumar Tanksale",null,"ktanksale1@lenovo.com",null,"2025-12-01","18:47:00","29.4117617,76.9595633","Tab Enterprises",{"$nulls":3},"T3","07AFBPJ4272M1ZA","North1",null,"T-3744","New Delhi","New Delhi","V5 Global",null,"Yes","Face to Face","83K100CAIN",1,"Lenovo","Ideapad","Slim 3","NB IP Slim 3 15IRH10 I5 8G 512G 11S","Win 11","Thin & Light","Premium","i5 13420H/8GB/512GB SSD","Consumer",56251,null,"NB",{"$f":"BV3*BL3","v":56251},{"$f":"Q3","v":"North1"},{"$f":"BV3*118%","v":66376.18},{"$f":"IF(CF3=\"Premium\",IF(CA3>=65000,\"SP\",\"\"),\"\")","v":""},null,"North1",{"$f":"IF(BU3=\"Consumer\",IF(CA3<40000,\"Entry\",IF(AND(CA3>=40000,CA3<65000),\"Mainstream\",\"Premium\")),IF(BU3=\"Visuals\",BS3,\"NA\"))","v":"Premium"},"Mainstream","-"]
[21630812,"Vinod Kumar","vinod.kumar@v5global.co.in",9911547614,"V5 Global","Delhi","V5265873","Delhi","Delhi",null,"V5 Global",null,null,"Chetan Mehta","Chetan.mehta@v5global.co.in",null,"North1",null,"External Consumer","ASO","V5 Global ASO",null,"FT",null,"ASO",null,"Kanwaldeep Singh","Gaurav Sharma",null,"Kumar Tanksale","Raghavendra Araveeti","gaurav.sharma@v5global.co.in","gaurav.sharma@v5global.co.in","ksingh15@lenovo.com","ktanksale1@lenovo.com","raraveeti@lenovo.com","ASO","Shilpi Gautam","sgautam2@lenovo.com",null,"Kumar Tanksale",null,"ktanksale1@lenovo.com",null,"2025-12-01","18:48:00","29.4117383,76.9596133","Unique Computer Network",{"$nulls":3},"T3","07AEKPN7988Q1Z6","North1",null,"T-3662","New Delhi","New Delhi","V5 Global",null,"Yes","Face to Face","F0HN00PHIN",2,"Lenovo","AIO","AIO","LEN I5-13420H 16GB 512GB SSD 23.8 MSO","Win 11","AIO","Mainstream","i5-13420H","Consumer",53381,null,"AIO",106762,"North1",62989.579999999994,"",null,"North1","Mainstream","Mainstream","-"]
[21631896,"Govind Gulab Rajbhar","govind.gulab@v5global.co.in",9029031943,"V5 Global","Mumbai","V5263641","Maharashtra","Maharashtra",null,"V5 Global",null,null,"Pooja Thakur","pooja.thakur@v5global.co.in",null,"West1",null,"External Consumer","ASO","V5 Global ASO",null,"FT",null,"ASO",null,"Amit Tiwari","Yunus Hamid Mansoori",null,"Hemant C Baghel","Sharad verma","yunus.hamid@v5global.co.in","yunus.hamid@v5global.co.in","atiwari5@lenovo.com","hbaghel@lenovo.com","sharverm@lenovo.com","ASO","Shilpi Gautam","sgautam2@lenovo.com",null,"Hemant C Baghel",null,"hbaghel@lenovo.com",null,"2025-12-01","20:53:00","19.2169426,72.8438746","Global Net Computer",{"$nulls":3},"T3",null,"West1",null,"T-18101","Mumbai","Maharashtra","V5 Global",null,"Yes","Telephonic","61E0KAR6WW",1,"Lenovo","D Series","D19-10","D19: 18.5\" VGA + HDMI with HDMI Cable","NA","Visual Variants","Entry","NA","Visuals",5058,null,null,5058,"West1",5968.44,"",null,"West1 M","Entry","Entry","-"]
[21631902,"Govind Gulab Rajbhar","govind.gulab@v5global.co.in",9029031943,"V5 Global","Mumbai","V5263641","Maharashtra","Maharashtra",null,"V5 Global",null,null,"Pooja Thakur","pooja.thakur@v5global.co.in",null,"West1",null,"External Consumer","ASO","V5 Global ASO",null,"FT",null,"ASO",null,"Amit Tiwari","Yunus Hamid Mansoori",null,"Hemant C Baghel","Sharad verma","yunus.hamid@v5global.co.in","yunus.hamid@v5global.co.in","atiwari5@lenovo.com","hbaghel@lenovo.com","sharverm@lenovo.com","ASO","Shilpi Gautam","sgautam2@lenovo.com",null,"Hemant C Baghel",null,"hbaghel@lenovo.com",null,"2025-12-01","20:53:00","19.2169181,72.8439332","Novelty Computech",{"$nulls":3},"T3",null,"West1",null,"T-18067","Mumbai","Maharashtra","V5 Global",null,"Yes","Telephonic","90XS005JIN",1,"Lenovo","IdeaCentre","IdeaCentre","i3 14100 14th Gen Processor,8Gb Ram ddr5,512Ssd,Windows 11,Wifi,BT, Usb calliope Black, keybord,mouse\t","Win 11","TDT","Mainstream","I3 14100","Consumer",25747,null,"TDT",25747,"West1",30381.46,"",null,"West1 M","Entry","Mainstream","i3 OS"]
[21631902,"Govind Gulab Rajbhar","govind.gulab@v5global.co.in",9029031943,"V5 Global","Mumbai","V5263641","Maharashtra","Maharashtra",null,"V5 Global",null,null,"Pooja Thakur","pooja.thakur@v5global.co.in",null,"West1",null,"External Consumer","ASO","V5 Global ASO",null,"FT",null,"ASO",null,"Amit Tiwari","Yunus Hamid Mansoori",null,"Hemant C Baghel","Sharad verma","yunus.hamid@v5global.co.in","yunus.hamid@v5global.co.in","atiwari5@lenovo.com","hbaghel@lenovo.com","sharverm@lenovo.com","ASO","Shilpi Gautam","sgautam2@lenovo.com",null,"Hemant C Baghel",null,"hbaghel@lenovo.com",null,"2025-12-01","20:53:00","19.2169181,72.8439332","Novelty Computech",{"$nulls":3},"T3",null,"West1",null,"T-18067","Mumbai","Maharashtra","V5 Global",null,"Yes","Telephonic","67AFKACBIN",2,"Lenovo","L Series","L22E-40","LEN L22E-40 21.5 VA 75 HZ HDMI","NA","Visual Variants","Entry","NA","Visuals",7900,null,null,15800,"West1",9322,"",null,"West1 M","Entry","Entry","-"]
[21631907,"Govind Gulab Rajbhar","govind.gulab@v5global.co.in",9029031943,"V5 Global","Mumbai","V5263641","Maharashtra","Maharashtra",null,"V5 Global",null,null,"Pooja Thakur","pooja.thakur@v5global.co.in",null,"West1",null,"External Consumer","ASO","V5 Global ASO",null,"FT",null,"ASO",null,"Amit Tiwari","Yunus Hamid Mansoori",null,"Hemant C Baghel","Sharad verma","yunus.hamid@v5global.co.in","yunus.hamid@v5global.co.in","atiwari5@lenovo.com","hbaghel@lenovo.com","sharverm@lenovo.com","ASO","Shilpi Gautam","sgautam2@lenovo.com",null,"Hemant C Baghel",null,"hbaghel@lenovo.com",null,"2025-12-01","20:54:00","19.2169049,72.8439485","Prachi Computer",{"$nulls":3},"T3",null,"West1",null,"T-25822","Mumbai","Maharashtra","V5 Global",null,"Yes","Telephonic","67AFKACBIN",1,"Lenovo","L Series","L22E-40","LEN L22E-40 21.5 VA 75 HZ HDMI","NA","Visual Variants","Entry","NA","Visuals",7900,null,null,7900,"West1",9322,"",null,"West1 M","Entry","Entry","-"]
[21631916,"Govind Gulab Rajbhar","govind.gulab@v5global.co.in",9029031943,"V5 Global","Mumbai","V5263641","Maharashtra","Maharashtra",null,"V5 Global",null,null,"Pooja Thakur","pooja.thakur@v5global.co.in",null,"West1",null,"External Consumer","ASO","V5 Global ASO",null,"FT",null,"ASO",null,"Amit Tiwari","Yunus Hamid Mansoori",null,"Hemant C Baghel","Sharad verma","yunus.hamid@v5global.co.in","yunus.hamid@v5global.co.in","atiwari5@lenovo.com","hbaghel@lenovo.com","sharverm@lenovo.com","ASO","Shilpi Gautam","sgautam2@lenovo.com",null,"Hemant C Baghel",null,"hbaghel@lenovo.com",null,"2025-12-01","20:55:00","19.2168988,72.8439456","ORNO INFOSYS INDIA",{"$nulls":3},"T3","27AELPM8871N1ZI","West1",null,"T-28803","Mumbai","Maharashtra","V5 Global",null,"Yes","Telephonic","67D5KAC6IN",2,"Lenovo","L22-4E","L Series","LEN L22-4E 21.5 IPS  BLACK 100HZ","NA","Visual Variants","Mainstream","NA","Visuals",5331,null,null,10662,"West1",6290.58,"",null,"West1 M","Mainstream","Mainstream","-"]
[21631921,"Govind Gulab Rajbhar","govind.gulab@v5global.co.in",9029031943,"V5 Global","Mumbai","V5263641","Maharashtra","Maharashtra",null,"V5 Global",null,null,"Pooja Thakur","pooja.thakur@v5global.co.in",null,"West1",null,"External Consumer","ASO","V5 Global ASO",null,"FT",null,"ASO",null,"Amit Tiwari","Yunus Hamid Mansoori",null,"Hemant C Baghel","Sharad verma","yunus.hamid@v5global.co.in","yunus.hamid@v5global.co.in","atiwari5@lenovo.com","hbaghel@lenovo.com","sharverm@lenovo.com","ASO","Shilpi Gautam","sgautam2@lenovo.com",null,"Hemant C Baghel",null,"hbaghel@lenovo.com",null,"2025-12-01","20:55:00","19.2168956,72.8439473","Idenitive Infotech",{"$nulls":3},"T3",null,"West1",null,"T-25715","Mumbai","Maharashtra","V5 Global",null,"Yes","Telephonic","82RK019GIN",1,"Lenovo","Ideapad","Slim3","15inch/ Ram 8gb/ Storage 512 ssd/mso 2024 H&M/ GPU Integrated/ Colour,Arctic grey","Win 11","Thin & Light","Mainstream","i3 12th Gen","Consumer",39999,null,"NB",39999,"West1",47198.82,"",null,"West1 M","Mainstream","Mainstream","i3 OS"]
[21631926,"Govind Gulab Rajbhar","govind.gulab@v5global.co.in",9029031943,"V5 Global","Mumbai","V5263641","Maharashtra","Maharashtra",null,"V5 Global",null,null,"Pooja Thakur","pooja.thakur@v5global.co.in",null,"West1",null,"External Consumer","ASO","V5 Global ASO",null,"FT",null,"ASO",null,"Amit Tiwari","Yunus Hamid Mansoori",null,"Hemant C Baghel","Sharad verma","yunus.hamid@v5global.co.in","yunus.hamid@v5global.co.in","atiwari5@lenovo.com","hbaghel@lenovo.com","sharverm@lenovo.com","ASO","Shilpi Gautam","sgautam2@lenovo.com",null,"Hemant C Baghel",null,"hbaghel@lenovo.com",null,"2025-12-01","20:55:00","19.2168962,72.8439481","Ultimate Solutions",{"$nulls":3},"T3",null,"West1",null,"T-25661","Goregaon","Maharashtra","V5 Global",null,"Yes","Telephonic","83HR000WIN",1,"Lenovo","Ideapad","Slim 5","14\",WUXGA OLED display, 16GB, 1TB, ","Win 11","Thin & Light","Premium","I5-13420H","Consumer",73000,null,"NB",73000,"West1",86140,"SP","Non-Gaming","West1 M","Premium","Premium","Slim 5/Slim 5 Pro"]
[21633165,"Manoj Baishya","manoj.baishya@v5global.co.in",9864583255,"V5 Global","GUWAHATI","V5424243","NE","NE",null,"V5 Global",null,null,"Sukamal Saha","sukamal.saha@v5global.co.in",null,"East1",null,"External Consumer","ASO","V5 Global ASO",null,"FT",null,"ASO",null,"Partha Chakraborty","Amit Thakuri",null,"Amit Tiwari","Raghavendra Araveeti","amit.thakuri@v5global.co.in","amit.thakuri@v5global.co.in","pchakraborty@lenovo.com","atiwari11@lenovo.com","raraveeti@lenovo.com","ASO","Shilpi Gautam","sgautam2@lenovo.com",null,"Amit Tiwari",null,"atiwari11@lenovo.com",null,"2025-12-01","23:28:00","26.1177449,91.680546","B. M. COMPUTER",{"$nulls":3},"T3","18AMOPC1860A1ZF","East1",null,"T-316","Barpeta","ASSAM","V5 Global",null,"Yes","Face to Face","82R400XSIN",2,"Lenovo","Ideapad","Ideapad","\"Ryzenâ„¢ 5 5500U 6C 8GB RAM 512GB SSD Windows11 MS Office H&S 2024  Integrated AMD Radeon  Graphics  15.6\"\" FHD TN 220nits AG 720","Win 11","Thin & Light","Entry","Amd Ryzen 5 5500U","Consumer",29407,null,"NB",58814,"East1",34700.259999999995,"",null,"East1","Entry","Entry","-"]
[21633174,"Manoj Baishya","manoj.baishya@v5global.co.in",9864583255,"V5 Global","GUWAHATI","V5424243","NE","NE",null,"V5 Global",null,null,"Sukamal Saha","sukamal.saha@v5global.co.in",null,"East1",null,"External Consumer","ASO","V5 Global ASO",null,"FT",null,"ASO",null,"Partha Chakraborty","Amit Thakuri",null,"Amit Tiwari","Raghavendra Araveeti","amit.thakuri@v5global.co.in","amit.thakuri@v5global.co.in","pchakraborty@lenovo.com","atiwari11@lenovo.com","raraveeti@lenovo.com","ASO","Shilpi Gautam","sgautam2@lenovo.com",null,"Amit Tiwari",null,"atiwari11@lenovo.com",null,"2025-12-01","23:29:00","26.117721,91.6805666","STAR COMPUTER",{"$nulls":3},"T3","18CADPS0328A1Z4","East1",null,"T-349","Barpeta","ASSAM","V5 Global",null,"Yes","Face to Face","82R400XSIN",2,"Lenovo","Ideapad","Ideapad","\"Ryzenâ„¢ 5 5500U 6C 8GB RAM 512GB SSD Windows11 MS Office H&S 2024  Integrated AMD Radeon  Graphics  15.6\"\" FHD TN 220nits AG 720","Win 11","Thin & Light","Entry","Amd Ryzen 5 5500U","Consumer",29407,null,"NB",58814,"East1",34700.259999999995,"",null,"East1","Entry","Entry","-"]
[21633174,"Manoj Baishya","manoj.baishya@v5global.co.in",9864583255,"V5 Global","GUWAHATI","V5424243","NE","NE",null,"V5 Global",null,null,"Sukamal Saha","sukamal.saha@v5global.co.in",null,"East1",null,"External Consumer","ASO","V5 Global ASO",null,"FT",null,"ASO",null,"Partha Chakraborty","Amit Thakuri",null,"Amit Tiwari","Raghavendra Araveeti","amit.thakuri@v5global.co.in","amit.thakuri@v5global.co.in","pchakraborty@lenovo.com","atiwari11@lenovo.com","raraveeti@lenovo.com","ASO","Shilpi Gautam","sgautam2@lenovo.com",null,"Amit Tiwari",null,"atiwari11@lenovo.com",null,"2025-12-01","23:29:00","26.117721,91.6805666","STAR COMPUTER",{"$nulls":3},"T3","18CADPS0328A1Z4","East1",null,"T-349","Barpeta","ASSAM","V5 Global",null,"Yes","Face to Face","82XQ00MDIN",1,"Lenovo","Ideapad","Slim 3","RYZEN-7320U/8GB LPDDR5-5500/512GB SSD/Integrated AMD Radeon graphics","Win 11","Thin & Light","Entry","Ryzen3 7320U","Consumer",33000,null,"NB",33000,"East1",38940,"",null,"East1","Entry","Entry","-"]
[21633174,"Manoj Baishya","manoj.baishya@v5global.co.in",9864583255,"V5 Global","GUWAHATI","V5424243","NE","NE",null,"V5 Global",null,null,"Sukamal Saha","sukamal.saha@v5global.co.in",null,"East1",null,"External Consumer","ASO","V5 Global ASO",null,"FT",null,"ASO",null,"Partha Chakraborty","Amit Thakuri",null,"Amit Tiwari","Raghavendra Araveeti","amit.thakuri@v5global.co.in","amit.thakuri@v5global.co.in","pchakraborty@lenovo.com","atiwari11@lenovo.com","raraveeti@lenovo.com","ASO","Shilpi Gautam","sgautam2@lenovo.com",null,"Amit Tiwari",null,"atiwari11@lenovo.com",null,"2025-12-01","23:29:00","26.117721,91.6805666","STAR COMPUTER",{"$nulls":3},"T3","18CADPS0328A1Z4","East1",null,"T-349","Barpeta","ASSAM","V5 Global",null,"Yes","Face to Face","83LK009VIN",1,"Lenovo","LOQ","LOQ-15AX9E","i5-12450HX-RTX3050A-W11-O24-15.6","Win 11","Gaming","Premium","i5-12450HX","Consumer",85290,null,"NB",85290,"East1",100642.2,"SP","Gaming","East1","Premium","Premium","-"]
[21633174,"Manoj Baishya","manoj.baishya@v5global.co.in",9864583255,"V5 Global","GUWAHATI","V5424243","NE","NE",null,"V5 Global",null,null,"Sukamal Saha","sukamal.saha@v5global.co.in",null,"East1",null,"External Consumer","ASO","V5 Global ASO",null,"FT",null,"ASO",null,"Partha Chakraborty","Amit Thakuri",null,"Amit Tiwari","Raghavendra Araveeti","amit.thakuri@v5global.co.in","amit.thakuri@v5global.co.in","pchakraborty@lenovo.com","atiwari11@lenovo.com","raraveeti@lenovo.com","ASO","Shilpi Gautam","sgautam2@lenovo.com",null,"Amit Tiwari",null,"atiwari11@lenovo.com",null,"2025-12-01","23:29:00","26.117721,91.6805666","STAR COMPUTER",{"$nulls":3},"T3","18CADPS0328A1Z4","East1",null,"T-349","Barpeta","ASSAM","V5 Global",null,"Yes","Face to Face","82X6005KIN",1,"Lenovo","Ideapad","Slim 3","1315U-CI3/8GB /512GB SSD/intel uhd graphics /14\"","Win 11","Thin & Light","Entry","1315U-ci3","Consumer",31972,null,"NB",31972,"East1",37726.96,"",null,"East1","Entry","Mainstream","i3 OS"]
[21633176,"Manoj Baishya","manoj.baishya@v5global.co.in",9864583255,"V5 Global","GUWAHATI","V5424243","NE","NE",null,"V5 Global",null,null,"Sukamal Saha","sukamal.saha@v5global.co.in",null,"East1",null,"External Consumer","ASO","V5 Global ASO",null,"FT",null,"ASO",null,"Partha Chakraborty","Amit Thakuri",null,"Amit Tiwari","Raghavendra Araveeti","amit.thakuri@v5global.co.in","amit.thakuri@v5global.co.in","pchakraborty@lenovo.com","atiwari11@lenovo.com","raraveeti@lenovo.com","ASO","Shilpi Gautam","sgautam2@lenovo.com",null,"Amit Tiwari",null,"atiwari11@lenovo.com",null,"2025-12-01","23:31:00","26.1177344,91.6805759","DATA QUEST",{"$nulls":3},"T3","18AGUPD3671J2ZW","East1",null,"T-326","Dhubri","ASSAM","V5 Global",null,"Yes","Telephonic","82R400XSIN",1,"Lenovo","Ideapad","Ideapad","\"Ryzenâ„¢ 5 5500U 6C 8GB RAM 512GB SSD Windows11 MS Office H&S 2024  Integrated AMD Radeon  Graphics  15.6\"\" FHD TN 220nits AG 720","Win 11","Thin & Light","Entry","Amd Ryzen 5 5500U","Consumer",29407,null,"NB",29407,"East1",34700.259999999995,"",null,"East1","Entry","Entry","-"]
[21633176,"Manoj Baishya","manoj.baishya@v5global.co.in",9864583255,"V5 Global","GUWAHATI","V5424243","NE","NE",null,"V5 Global",null,null,"Sukamal Saha","sukamal.saha@v5global.co.in",null,"East1",null,"External Consumer","ASO","V5 Global ASO",null,"FT",null,"ASO",null,"Partha Chakraborty","Amit Thakuri",null,"Amit Tiwari","Raghavendra Araveeti","amit.thakuri@v5global.co.in","amit.thakuri@v5global.co.in","pchakraborty@lenovo.com","atiwari11@lenovo.com","raraveeti@lenovo.com","ASO","Shilpi Gautam","sgautam2@lenovo.com",null,"Amit Tiwari",null,"atiwari11@lenovo.com",null,"2025-12-01","23:31:00","26.1177344,91.6805759","DATA QUEST",{"$nulls":3},"T3","18AGUPD3671J2ZW","East1",null,"T-326","Dhubri","ASSAM","V5 Global",null,"Yes","Telephonic","82X700HMIN",1,"Lenovo","IdeaPad Slim 3","Slim 3","15.6\", 8GB, 512GB, Integrated Intel UHD Graphics, Office Home 2024, Arctic Grey\t","Win 11","Thin & Light","Mainstream","Intel Core i3-1315U\t","Consumer",41000,null,"NB",41000,"East1",48380,"",null,"East1","Mainstream","Mainstream","i3 OS"]
[21639016,"Furkan ","furkan.1@v5global.co.in",9818299160,"V5 Global","New Delhi","V5462337","NEW DELHI","New Delhi",null,"V5 Global",null,null,"Mohd Asif","mohd.asif@v5global.co.in",null,"North1",null,"External Consumer","ASO","V5 Global ASO",null,"FT",null,"ASO",null,"Kanwaldeep Singh","Gaurav Sharma",null,"Kumar Tanksale","Raghavendra Araveeti","gaurav.sharma@v5global.co.in","gaurav.sharma@v5global.co.in","ksingh15@lenovo.com","ktanksale1@lenovo.com","raraveeti@lenovo.com","ASO","Shilpi Gautam","sgautam2@lenovo.com",null,"Kumar Tanksale",null,"ktanksale1@lenovo.com",null,"2025-12-02","12:03:00","28.6392846,77.2846766","ARROW ABROAD",{"$nulls":3},"T3",null,"North1",null,"T-24458","New Delhi","New Delhi","V5 Global",null,"Yes","Face to Face","83K100C6IN",1,"Lenovo","Ideapad","Slim 3","IntelÂ® Coreâ„¢ i5-13420H, 8C (4P + 4E) / 12T, P-core 2.1 / 4.6GHz, E-core 1.5 / 3.4GHz, 12MB,8GB Soldered DDR5-4800 + 8GB SO-DIMM ","Win 11","Thin & Light","Mainstream","i5-13420H","Consumer",46000,null,"NB",46000,"North1",54280,"",null,"North1","Mainstream","Premium","-"]
[21641469,"Vinod Kumar","vinod.kumar@v5global.co.in",9911547614,"V5 Global","Delhi","V5265873","Delhi","Delhi",null,"V5 Global",null,null,"Chetan Mehta","Chetan.mehta@v5global.co.in",null,"North1",null,"External Consumer","ASO","V5 Global ASO",null,"FT",null,"ASO",null,"Kanwaldeep Singh","Gaurav Sharma",null,"Kumar Tanksale","Raghavendra Araveeti","gaurav.sharma@v5global.co.in","gaurav.sharma@v5global.co.in","ksingh15@lenovo.com","ktanksale1@lenovo.com","raraveeti@lenovo.com","ASO","Shilpi Gautam","sgautam2@lenovo.com",null,"Kumar Tanksale",null,"ktanksale1@lenovo.com",null,"2025-12-02","14:11:00","28.7005642,77.1668373","New Age Computer",{"$nulls":3},"T3","07AEPPG0664K1Z9","North1",null,"T-3762","New Delhi","New Delhi","V5 Global",null,"Yes","Face to Face","83JC00MUIN",1,"Lenovo","LOQ","LOQ 15ARP9","AMD Ryzen 7 7435HS , 16GB RAM, 512GB SSD, 15.6\" FHD (1920x1080) IPS 300nits Anti-glare, 100% sRGB, 144Hz, G-SYNC, NVIDIA GeForce","Win 11","Gaming","Premium","AMD Ryzen 7 7435HS","Consumer",90518,null,"NB",90518,"North1",106811.23999999999,"SP","Gaming","North1","Premium","Premium","-"]
[21641476,"Vinod Kumar","vinod.kumar@v5global.co.in",9911547614,"V5 Global","Delhi","V5265873","Delhi","Delhi",null,"V5 Global",null,null,"Chetan Mehta","Chetan.mehta@v5global.co.in",null,"North1",null,"External Consumer","ASO","V5 Global ASO",null,"FT",null,"ASO",null,"Kanwaldeep Singh","Gaurav Sharma",null,"Kumar Tanksale","Raghavendra Araveeti","gaurav.sharma@v5global.co.in","gaurav.sharma@v5global.co.in","ksingh15@lenovo.com","ktanksale1@lenovo.com","raraveeti@lenovo.com","ASO","Shilpi Gautam","sgautam2@lenovo.com",null,"Kumar Tanksale",null,"ktanksale1@lenovo.com",null,"2025-12-02","14:12:00","28.7005279,77.1668665","Pioneer Technologies",{"$nulls":3},"T3","07AAACP7497H1Z0","North1",null,"T-3647","New Delhi","New Delhi","V5 Global",null,"Yes","Telephonic","83JC00MUIN",1,"Lenovo","LOQ","LOQ 15ARP9","AMD Ryzen 7 7435HS , 16GB RAM, 512GB SSD, 15.6\" FHD (1920x1080) IPS 300nits Anti-glare, 100% sRGB, 144Hz, G-SYNC, NVIDIA GeForce","Win 11","Gaming","Premium","AMD Ryzen 7 7435HS","Consumer",90518,null,"NB",90518,"North1",106811.23999999999,"SP","Gaming","North1","Premium","Premium","-"]
[21643130,"Sukanta Sinha","sukanta.sinha@v5global.co.in",9854184578,"V5 Global","Guwahati","V5266867","NE","NE",null,"V5 Global",null,null,"Sukamal Saha","sukamal.saha@v5global.co.in",null,"East1",null,"External Consumer","ASO","V5 Global ASO",null,"FT",null,"ASO",null,"Partha Chakraborty","Amit Thakuri",null,"Amit Tiwari","Raghavendra Araveeti","amit.thakuri@v5global.co.in","amit.thakuri@v5global.co.in","pchakraborty@lenovo.com","atiwari11@lenovo.com","raraveeti@lenovo.com","ASO","Shilpi Gautam","sgautam2@lenovo.com",null,"Amit Tiwari",null,"atiwari11@lenovo.com",null,"2025-12-02","18:54:00","26.1760414,91.7573804","Digital Solution",{"$nulls":3},"T3","18AANFD7052N1ZU","East1",null,"T-66","Kamrup Metropolitan","ASSAM","V5 Global",null,"Yes","Telephonic","83KX004QIN",1,"Lenovo","Ideapad 5","2 in 1","i5 13420h 16gb 512 gb ","Win 11","Notebook","Premium","i5","Consumer",67500,null,"NB",67500,"East1",79650,"SP","Non-Gaming","East1","Premium","Premium","-"]
[21643135,"Sukanta Sinha","sukanta.sinha@v5global.co.in",9854184578,"V5 Global","Guwahati","V5266867","NE","NE",null,"V5 Global",null,null,"Sukamal Saha","sukamal.saha@v5global.co.in",null,"East1",null,"External Consumer","ASO","V5 Global ASO",null,"FT",null,"ASO",null,"Partha Chakraborty","Amit Thakuri",null,"Amit Tiwari","Raghavendra Araveeti","amit.thakuri@v5global.co.in","amit.thakuri@v5global.co.in","pchakraborty@lenovo.com","atiwari11@lenovo.com","raraveeti@lenovo.com","ASO","Shilpi Gautam","sgautam2@lenovo.com",null,"Amit Tiwari",null,"atiwari11@lenovo.com",null,"2025-12-02","18:54:00","26.1764326,91.7555549","Dna Tech Sales & Service",{"$nulls":3},"T3","18AAPFD0391J1Z4","East1",null,"T-68","Kamrup Metropolitan","Assam",null,null,"Yes","Face to Face","82XM0114IN",1,"Lenovo","Ideapad","Slim 3","15.6 inch 16GB/512 SSD Integrated Graphics MSO 2024 Arctic Greay","Win 11","Thin & Light","Premium","R7-5825U","Consumer",49990,null,"NB",49990,"East1",58988.2,"",null,"East1","Mainstream","Mainstream","-"]
[21643149,"Devendar Vaishnav","devendar.vaishnav@v5global.co.in",9346025615,"V5 Global","Hyderabad",601572,"Hyderabad","Telangana",null,"V5 Global",null,null,"Mohammed Ibrahim","mohammed.ibrahim@v5global.co.in",null,"South2",null,"External Consumer","ASO","V5 Global ASO",null,"FT",null,"ASO",null,"Santosh Singh","S.Arunbabu",null,"Prabhu Subaramanian","Sharad verma","arun.babu@v5global.co.in","arun.babu@v5global.co.in","ssingh9@lenovo.com","psubramania4@lenovo.com","sharverm@lenovo.com","ASO","Shilpi Gautam","sgautam2@lenovo.com",null,"Prabhu Subaramanian",null,"psubramania4@lenovo.com",null,"2025-12-02","18:57:00","17.4835283,78.39117","Multi Computers & Peripherals",{"$nulls":3},"T3","36BBHPP4743A1ZT","South2",null,"T-10536","Hyderabad","Telangana","V5 Global",null,"Yes","Face to Face","83EL0053IN",1,"Lenovo","Ideapad","Slim 3","LEN I5 13420H 16GB 512GB W11 MSO 1YR","Win 11","Thin & Light","Mainstream","i5 13420H","Consumer",60990,null,"NB",60990,"South2",71968.2,"",null,"South2","Premium","Mainstream","-"]
[21644036,"Govind Gulab Rajbhar","govind.gulab@v5global.co.in",9029031943,"V5 Global","Mumbai","V5263641","Maharashtra","Maharashtra",null,"V5 Global",null,null,"Pooja Thakur","pooja.thakur@v5global.co.in",null,"West1",null,"External Consumer","ASO","V5 Global ASO",null,"FT",null,"ASO",null,"Amit Tiwari","Yunus Hamid Mansoori",null,"Hemant C Baghel","Sharad verma","yunus.hamid@v5global.co.in","yunus.hamid@v5global.co.in","atiwari5@lenovo.com","hbaghel@lenovo.com","sharverm@lenovo.com","ASO","Shilpi Gautam","sgautam2@lenovo.com",null,"Hemant C Baghel",null,"hbaghel@lenovo.com",null,"2025-12-02","20:25:00","19.2168826,72.8439456","Anupam Stationery( Borivali)",{"$nulls":3},"T3",null,"West1",null,"T-25678","Mumbai","Maharashtra","V5 Global",null,"Yes","Telephonic","GY51L52636",15,"Lenovo","Wired mouse","Input","Lenovo 120 Wired Mouse","NA","Accessories","NA","NA","Accessories",259,null,null,3885,"West1",305.62,"",null,"West1 M","NA","NA","-"]
[21644036,"Govind Gulab Rajbhar","govind.gulab@v5global.co.in",9029031943,"V5 Global","Mumbai","V5263641","Maharashtra","Maharashtra",null,"V5 Global",null,null,"Pooja Thakur","pooja.thakur@v5global.co.in",null,"West1",null,"External Consumer","ASO","V5 Global ASO",null,"FT",null,"ASO",null,"Amit Tiwari","Yunus Hamid Mansoori",null,"Hemant C Baghel","Sharad verma","yunus.hamid@v5global.co.in","yunus.hamid@v5global.co.in","atiwari5@lenovo.com","hbaghel@lenovo.com","sharverm@lenovo.com","ASO","Shilpi Gautam","sgautam2@lenovo.com",null,"Hemant C Baghel",null,"hbaghel@lenovo.com",null,"2025-12-02","20:25:00","19.2168826,72.8439456","Anupam Stationery( Borivali)",{"$nulls":3},"T3",null,"West1",null,"T-25678","Mumbai","Maharashtra","V5 Global",null,"Yes","Telephonic","GY51C12380",15,"Lenovo","Wireless Mouse","Input","Lenovo 130 wireless mouse","NA","Accessories","NA","NA","Accessories",649,null,null,9735,"West1",765.8199999999999,"",null,"West1 M","NA","NA","-"]
[21644044,"Govind Gulab Rajbhar","govind.gulab@v5global.co.in",9029031943,"V5 Global","Mumbai","V5263641","Maharashtra","Maharashtra",null,"V5 Global",null,null,"Pooja Thakur","pooja.thakur@v5global.co.in",null,"West1",null,"External Consumer","ASO","V5 Global ASO",null,"FT",null,"ASO",null,"Amit Tiwari","Yunus Hamid Mansoori",null,"Hemant C Baghel","Sharad verma","yunus.hamid@v5global.co.in","yunus.hamid@v5global.co.in","atiwari5@lenovo.com","hbaghel@lenovo.com","sharverm@lenovo.com","ASO","Shilpi Gautam","sgautam2@lenovo.com",null,"Hemant C Baghel",null,"hbaghel@lenovo.com",null,"2025-12-02","20:26:00","19.2168952,72.843942","SAPNA ELECTRONICS",{"$nulls":3},"T3",null,"West1",null,"T-19625","Mumbai","Maharashtra","V5 Global",null,"Yes","Telephonic","F0J6005GIN",1,"Lenovo","AIO","A100","IntelÂ® Coreâ„¢ i3-N305/8GB SO-DIMM DDR4-3200/512GB SSD/Integrated IntelÂ® UHD Graphics/WindowsÂ® 11,Cloud Grey","Win 11","AIO","Mainstream","IntelÂ® Coreâ„¢ i3-N305","Consumer",49000,null,"AIO",49000,"West1",57820,"",null,"West1 M","Mainstream","Mainstream","i3 OS"]
[21644053,"Govind Gulab Rajbhar","govind.gulab@v5global.co.in",9029031943,"V5 Global","Mumbai","V5263641","Maharashtra","Maharashtra",null,"V5 Global",null,null,"Pooja Thakur","pooja.thakur@v5global.co.in",null,"West1",null,"External Consumer","ASO","V5 Global ASO",null,"FT",null,"ASO",null,"Amit Tiwari","Yunus Hamid Mansoori",null,"Hemant C Baghel","Sharad verma","yunus.hamid@v5global.co.in","yunus.hamid@v5global.co.in","atiwari5@lenovo.com","hbaghel@lenovo.com","sharverm@lenovo.com","ASO","Shilpi Gautam","sgautam2@lenovo.com",null,"Hemant C Baghel",null,"hbaghel@lenovo.com",null,"2025-12-02","20:27:00","19.2168353,72.8439797","PINNACLE SYSTEMS PVT LTD",{"$nulls":3},"T3","27AADCP8332J1Z6","West1",null,"T-28869","Mumbai","Maharashtra","V5 Global",null,"Yes","Telephonic","82R4011MIN",2,"Lenovo","IDEAPAD SLIM 15ALC7","SLIM 15ALC7","RYZEN 5 5500U/8/512","Win 11","Thin & Light","Entry","RYZEN 5 5500U","Consumer",30500,null,"NB",61000,"West1",35990,"",null,"West1 M","Entry","Entry","-"]
[21644065,"Govind Gulab Rajbhar","govind.gulab@v5global.co.in",9029031943,"V5 Global","Mumbai","V5263641","Maharashtra","Maharashtra",null,"V5 Global",null,null,"Pooja Thakur","pooja.thakur@v5global.co.in",null,"West1",null,"External Consumer","ASO","V5 Global ASO",null,"FT",null,"ASO",null,"Amit Tiwari","Yunus Hamid Mansoori",null,"Hemant C Baghel","Sharad verma","yunus.hamid@v5global.co.in","yunus.hamid@v5global.co.in","atiwari5@lenovo.com","hbaghel@lenovo.com","sharverm@lenovo.com","ASO","Shilpi Gautam","sgautam2@lenovo.com",null,"Hemant C Baghel",null,"hbaghel@lenovo.com",null,"2025-12-02","20:28:00","19.216875,72.8439241","Novelty Computech",{"$nulls":3},"T3",null,"West1",null,"T-18067","Mumbai","Maharashtra","V5 Global",null,"Yes","Telephonic","90XS005JIN",1,"Lenovo","IdeaCentre","IdeaCentre","i3 14100 14th Gen Processor,8Gb Ram ddr5,512Ssd,Windows 11,Wifi,BT, Usb calliope Black, keybord,mouse\t","Win 11","TDT","Mainstream","I3 14100","Consumer",25747,null,"TDT",25747,"West1",30381.46,"",null,"West1 M","Entry","Mainstream","i3 OS"]
[21644080,"Govind Gulab Rajbhar","govind.gulab@v5global.co.in",9029031943,"V5 Global","Mumbai","V5263641","Maharashtra","Maharashtra",null,"V5 Global",null,null,"Pooja Thakur","pooja.thakur@v5global.co.in",null,"West1",null,"External Consumer","ASO","V5 Global ASO",null,"FT",null,"ASO",null,"Amit Tiwari","Yunus Hamid Mansoori",null,"Hemant C Baghel","Sharad verma","yunus.hamid@v5global.co.in","yunus.hamid@v5global.co.in","atiwari5@lenovo.com","hbaghel@lenovo.com","sharverm@lenovo.com","ASO","Shilpi Gautam","sgautam2@lenovo.com",null,"Hemant C Baghel",null,"hbaghel@lenovo.com",null,"2025-12-02","20:29:00","19.2168841,72.8439321","Shivam Computers",{"$nulls":3},"T3","27AAMFS7952F1ZP","West1",null,"T-28940","Mumbai","Maharashtra","V5 Global",null,"Yes","Telephonic","F0HM00PQIN",1,"Lenovo","IdeaCentre","AIO","27\" QHD (2560x1440)/32 GB/1 TB SSD/Integrated IntelÂ® IrisÂ® Xe Graphics/Office Home 2024/Cloud Grey","Win 11","AIO","Premium","IntelÂ® Coreâ„¢ i9-13900H","Consumer",111000,null,"AIO",111000,"West1",130980,"SP","Non-Gaming","West1 M","Premium","Premium","-"]
[21644104,"Govind Gulab Rajbhar","govind.gulab@v5global.co.in",9029031943,"V5 Global","Mumbai","V5263641","Maharashtra","Maharashtra",null,"V5 Global",null,null,"Pooja Thakur","pooja.thakur@v5global.co.in",null,"West1",null,"External Consumer","ASO","V5 Global ASO",null,"FT",null,"ASO",null,"Amit Tiwari","Yunus Hamid Mansoori",null,"Hemant C Baghel","Sharad verma","yunus.hamid@v5global.co.in","yunus.hamid@v5global.co.in","atiwari5@lenovo.com","hbaghel@lenovo.com","sharverm@lenovo.com","ASO","Shilpi Gautam","sgautam2@lenovo.com",null,"Hemant C Baghel",null,"hbaghel@lenovo.com",null,"2025-12-02","20:30:00","19.2168774,72.8439622","Bright Systems",{"$nulls":3},"T3",null,"West1",null,"T-25779","Mumbai","Maharashtra","V5 Global",null,"Yes","Telephonic","83K000B8IN",2,"Lenovo","Ideapad","IdeaPad Slim 3","15.6\" FHD (1920x1080),16GB Ram, 512 GB SSD, ,MS OFFICE 2024  Luna Grey","Win 11","Thin & Light","Premium","IntelÂ® Coreâ„¢ i5-13420H","Consumer",65000,null,"NB",130000,"West1",76700,"SP","Non-Gaming","West1 M","Premium","Premium","-"]
[21644112,"Govind Gulab Rajbhar","govind.gulab@v5global.co.in",9029031943,"V5 Global","Mumbai","V5263641","Maharashtra","Maharashtra",null,"V5 Global",null,null,"Pooja Thakur","pooja.thakur@v5global.co.in",null,"West1",null,"External Consumer","ASO","V5 Global ASO",null,"FT",null,"ASO",null,"Amit Tiwari","Yunus Hamid Mansoori",null,"Hemant C Baghel","Sharad verma","yunus.hamid@v5global.co.in","yunus.hamid@v5global.co.in","atiwari5@lenovo.com","hbaghel@lenovo.com","sharverm@lenovo.com","ASO","Shilpi Gautam","sgautam2@lenovo.com",null,"Hemant C Baghel",null,"hbaghel@lenovo.com",null,"2025-12-02","20:31:00","19.2168928,72.8439573","SOFT TECH SYSTEMS",{"$nulls":3},"T3","27AOAPK2367Q2ZG","West1",null,"T-29260","Mumbai","Maharashtra","V5 Global",null,"Yes","Telephonic","83K000B8IN",2,"Lenovo","Ideapad","IdeaPad Slim 3","15.6\" FHD (1920x1080),16GB Ram, 512 GB SSD, ,MS OFFICE 2024  Luna Grey","Win 11","Thin & Light","Premium","IntelÂ® Coreâ„¢ i5-13420H","Consumer",65000,null,"NB",130000,"West1",76700,"SP","Non-Gaming","West1 M","Premium","Premium","-"]
[21645204,"Pran Pratap Singh","pran.singh@v5global.co.in",9001585718,"V5 Global","Jaipur","V5459442","Jaipur","Rajasthan",null,"V5 Global",null,null,"Gourav Jain","gourav.jain@v5global.co.in",null,"North1",null,"External Consumer","ASO","V5 Global ASO",null,"FT",null,"ASO",null,"Ganga Singh","Gaurav Sharma",null,"Kumar Tanksale","Raghavendra Araveeti","gaurav.sharma@v5global.co.in","gaurav.sharma@v5global.co.in","gsingh24@lenovo.com","ktanksale1@lenovo.com","raraveeti@lenovo.com","ASO","Shilpi Gautam","sgautam2@lenovo.com",null,"Kumar Tanksale",null,"ktanksale1@lenovo.com",null,"2025-12-02","21:59:00","26.9376567,75.8929159","Computer plus",{"$nulls":3},"T3","08Oi6ygfsawe46hhfd","North1",null,"T-30089","Jaipur","Rajasthan","V5 Global",null,"Yes","Telephonic","F0HR008YIN",1,"Lenovo","IdeaCentre","AIO","DT IC AIO 24ARR9 A77735HS 512G 16G","Win 11","AIO","Mainstream","R7 7735HS/16GB/512 GB SSD","Consumer",50990,null,"AIO",50990,"North1",60168.2,"",null,"North1","Mainstream","Mainstream","-"]
[21645274,"Pran Pratap Singh","pran.singh@v5global.co.in",9001585718,"V5 Global","Jaipur","V5459442","Jaipur","Rajasthan",null,"V5 Global",null,null,"Gourav Jain","gourav.jain@v5global.co.in",null,"North1",null,"External Consumer","ASO","V5 Global ASO",null,"FT",null,"ASO",null,"Ganga Singh","Gaurav Sharma",null,"Kumar Tanksale","Raghavendra Araveeti","gaurav.sharma@v5global.co.in","gaurav.sharma@v5global.co.in","gsingh24@lenovo.com","ktanksale1@lenovo.com","raraveeti@lenovo.com","ASO","Shilpi Gautam","sgautam2@lenovo.com",null,"Kumar Tanksale",null,"ktanksale1@lenovo.com",null,"2025-12-02","22:00:00","26.9377191,75.8929861","S.N.ENTERPRISES",{"$nulls":3},"T3",null,"West2",null,"T-15694","Jaipur","Rajasthan","Denave",null,"Yes","Telephonic","83JG008KIN",1,"Lenovo","LOQ","LOQ","Len LOQ-15/8KIN/R7 AI/16/1/8-5050","Win 11","Gaming","Premium","AMD R7 AI-7 250","Consumer",112999,null,"NB",112999,"North1",133338.82,"SP","Gaming","North1","Premium","Premium","-"]
[21645367,"Yathish R Rao","yathish.rao@v5global.co.in",9483372060,"V5 Global","MANGALORE","V5438066","KARNATAKA","KARNATAKA",null,"V5 Global",null,null,"M Bhaskar Gowda","bhaskar.gowda@v5global.co.in",null,"South1",null,"External Consumer","ASO","V5 Global ASO",null,"FT",null,"ASO",null,"Riyaz Khan","Prakash Kumar K P",null,"S Sreekumar","Sharad verma","prakash.kp@v5global.co.in","prakash.kp@v5global.co.in","rhospet@lenovo.com","ssreekumar@lenovo.com","sharverm@lenovo.com","ASO","Shilpi Gautam","sgautam2@lenovo.com",null,"S Sreekumar",null,"ssreekumar@lenovo.com","Week_2_Feb_2022","2025-12-02","22:21:00","12.803902,74.86759","Absolute Technologies Mysore",{"$nulls":3},"T3","29ALXPS3635D1ZI","South1",null,"T-30198","Mysore","Karnataka","V5 Global",null,"Yes","Face to Face","83K100C9IN",1,"Lenovo","Slim 3","IdeaPad Slim 3 15IRH10","NB IP Slim 3 15IRH10 I7 8G 8G 512G 11S","Win 11","Thin & Light","Mainstream","i7 13620H","Consumer",64700,null,"NB",64700,"South1",76346,"SP","Non-Gaming","South1","Premium","Premium","-"]
[21646019,"Prateek Verma","prateek.verma@v5global.co.in",9818131909,"V5 Global","New Delhi",601341,"NEW DELHI","New Delhi",null,"V5 Global",null,null,"Mohd Asif","mohd.asif@v5global.co.in",null,"North1",null,"External Consumer","ASO","V5 Global ASO",null,"FT",null,"ASO",null,"Kanwaldeep Singh","Gaurav Sharma",null,"Kumar Tanksale","Raghavendra Araveeti","gaurav.sharma@v5global.co.in","gaurav.sharma@v5global.co.in","ksingh15@lenovo.com","ktanksale1@lenovo.com","raraveeti@lenovo.com","ASO","Shilpi Gautam","sgautam2@lenovo.com",null,"Kumar Tanksale",null,"ktanksale1@lenovo.com",null,"2025-12-02","23:48:00","28.6375913,77.2820952","SHRI CHAND COMPUTERS (J.PURI)",{"$nulls":3},"T3","07AAMCS9358N1ZC","North1",null,"T-17622","New Delhi","New Delhi","V5 Global",null,"Yes","Face to Face","83KX004RIN",1,"Lenovo","Ideapad 5","2 in 1","Lenovo IP 5 2in1(Ci7-13620H/16GB /512SSD/W11+MSO/14\"WUXGA T /1yr)Gry-83KX004RIN","Win 11","Convertible ","Premium","YX0CXZ69","Consumer",85500,null,"NB",85500,"North1",100890,"SP","Non-Gaming","North1","Premium","Premium","Slim 5/Slim 5 Pro"]
[21648791,"Furkan ","furkan.1@v5global.co.in",9818299160,"V5 Global","New Delhi","V5462337","NEW DELHI","New Delhi",null,"V5 Global",null,null,"Mohd Asif","mohd.asif@v5global.co.in",null,"North1",null,"External Consumer","ASO","V5 Global ASO",null,"FT",null,"ASO",null,"Kanwaldeep Singh","Gaurav Sharma",null,"Kumar Tanksale","Raghavendra Araveeti","gaurav.sharma@v5global.co.in","gaurav.sharma@v5global.co.in","ksingh15@lenovo.com","ktanksale1@lenovo.com","raraveeti@lenovo.com","ASO","Shilpi Gautam","sgautam2@lenovo.com",null,"Kumar Tanksale",null,"ktanksale1@lenovo.com",null,"2025-12-03","11:18:00","28.6392843,77.2846425","Sameer it Care",{"$nulls":3},"T3",null,"North1",null,"T-4368","New Delhi","New Delhi","V5 Global",null,"Yes","Face to Face","90XS005PIN",1,"Lenovo","IdeaCentre","IdeaCentre","IntelÂ® Coreâ„¢ i3-14100 4C, 8GB DDR5/512 SSD/ WiFi 6 + BT 5.2/ 260W/ SFF 8.2Lt / Wired KeyBoard & Mouse /Win 11 Home/1 Yr Onsite","Win 11","TDT","Entry","IntelÂ® Coreâ„¢ i3-14100","Consumer",31500,null,"TDT",31500,"North1",37170,"",null,"North1","Entry","Entry","i3 OS"]
[21648822,"Furkan ","furkan.1@v5global.co.in",9818299160,"V5 Global","New Delhi","V5462337","NEW DELHI","New Delhi",null,"V5 Global",null,null,"Mohd Asif","mohd.asif@v5global.co.in",null,"North1",null,"External Consumer","ASO","V5 Global ASO",null,"FT",null,"ASO",null,"Kanwaldeep Singh","Gaurav Sharma",null,"Kumar Tanksale","Raghavendra Araveeti","gaurav.sharma@v5global.co.in","gaurav.sharma@v5global.co.in","ksingh15@lenovo.com","ktanksale1@lenovo.com","raraveeti@lenovo.com","ASO","Shilpi Gautam","sgautam2@lenovo.com",null,"Kumar Tanksale",null,"ktanksale1@lenovo.com",null,"2025-12-03","11:19:00","28.6392805,77.2846346","VEERA ENTERPRISES",{"$nulls":3},"T3",null,"North1",null,"T-4354","New Delhi","New Delhi","V5 Global",null,"Yes","Face to Face","83GS00PJIN",1,"Lenovo","LOQ","LOQ 15IAX9","15.6,16GB,521SSD,RTX3050 6GB,2024 MSO,LUNA GREE","Win 11","Gaming","Premium","Core i5-12450HX","Consumer",75864,null,"NB",75864,"North1",89519.51999999999,"SP","Gaming","North1","Premium","Premium","-"]
[21648855,"Furkan ","furkan.1@v5global.co.in",9818299160,"V5 Global","New Delhi","V5462337","NEW DELHI","New Delhi",null,"V5 Global",null,null,"Mohd Asif","mohd.asif@v5global.co.in",null,"North1",null,"External Consumer","ASO","V5 Global ASO",null,"FT",null,"ASO",null,"Kanwaldeep Singh","Gaurav Sharma",null,"Kumar Tanksale","Raghavendra Araveeti","gaurav.sharma@v5global.co.in","gaurav.sharma@v5global.co.in","ksingh15@lenovo.com","ktanksale1@lenovo.com","raraveeti@lenovo.com","ASO","Shilpi Gautam","sgautam2@lenovo.com",null,"Kumar Tanksale",null,"ktanksale1@lenovo.com",null,"2025-12-03","11:19:00","28.63766,77.28403","APG INDIAN TECHNOLOGIES",{"$nulls":3},"T3",null,"North1",null,"T-24468","New Delhi","New Delhi","V5 Global",null,"Yes","Face to Face","83DV018FIN",1,"Lenovo","LOQ","LOQ","15.6/ 24GB / 512/  RTX 3050 6 GB GRAPHICS/ 2024/ LUNA GREY","Win 11","Gaming","Premium","INTEL I5-13450HX","Consumer",62712,null,"NB",62712,"North1",74000.15999999999,"SP","Gaming","North1","Premium","Premium","-"]
[21648897,"Furkan ","furkan.1@v5global.co.in",9818299160,"V5 Global","New Delhi","V5462337","NEW DELHI","New Delhi",null,"V5 Global",null,null,"Mohd Asif","mohd.asif@v5global.co.in",null,"North1",null,"External Consumer","ASO","V5 Global ASO",null,"FT",null,"ASO",null,"Kanwaldeep Singh","Gaurav Sharma",null,"Kumar Tanksale","Raghavendra Araveeti","gaurav.sharma@v5global.co.in","gaurav.sharma@v5global.co.in","ksingh15@lenovo.com","ktanksale1@lenovo.com","raraveeti@lenovo.com","ASO","Shilpi Gautam","sgautam2@lenovo.com",null,"Kumar Tanksale",null,"ktanksale1@lenovo.com",null,"2025-12-03","11:21:00","28.6392825,77.2846263","BANSAL BUSINESS CORPORATION",{"$nulls":3},"T3",null,"North1",null,"T-4351","New Delhi","New Delhi","V5 Global",null,"Yes","Face to Face","F0J6005FIN",1,"Lenovo","AIO","Lenovo A100","23.8\" FHD/8GB RAM/512 SSD/Integrated Graphics/MSO 2024/White","Win 11","AIO","Entry","Intel N100","Consumer",32000,null,"AIO",32000,"North1",37760,"",null,"North1","Entry","Entry","-"]
[21652272,"Ashwani Kumar","ashwani.kumar@v5global.co.in",7827383769,"V5 Global","Delhi","V5262001","Delhi","Delhi",null,"V5 Global",null,null,"Mohd Asif","mohd.asif@v5global.co.in",null,"North1",null,"External Consumer","ASO","V5 Global ASO",null,"FT",null,"ASO",null,"Kanwaldeep Singh","Gaurav Sharma",null,"Kumar Tanksale","Raghavendra Araveeti","gaurav.sharma@v5global.co.in","gaurav.sharma@v5global.co.in","ksingh15@lenovo.com","ktanksale1@lenovo.com","raraveeti@lenovo.com","ASO","Shilpi Gautam","sgautam2@lenovo.com",null,"Kumar Tanksale",null,"ktanksale1@lenovo.com",null,"2025-12-03","12:08:00","28.5486609,77.2516821","2BYTES INFOTECH",{"$nulls":3},"T3","07AWFPR6958P1ZG","North1",null,"T-17219","New Delhi","New Delhi","V5 Global",null,"Yes","Face to Face","83GS000PJIN",1,"Lenovo","LOQ","LOQ 15","Lenovo LOQ Intel Core i5 12th Gen 12450HX - (16 GB/512 GB SSD/Windows 11 Home/6 GB Graphics/NVIDIA GeForce RTX 3050) (15.6 inch,","Win 11","Gaming","Premium","Core i5 12th GenÂ ","Consumer",69000,null,"NB",69000,"North1",81420,"SP","Gaming","North1","Premium","Premium","-"]
[21652272,"Ashwani Kumar","ashwani.kumar@v5global.co.in",7827383769,"V5 Global","Delhi","V5262001","Delhi","Delhi",null,"V5 Global",null,null,"Mohd Asif","mohd.asif@v5global.co.in",null,"North1",null,"External Consumer","ASO","V5 Global ASO",null,"FT",null,"ASO",null,"Kanwaldeep Singh","Gaurav Sharma",null,"Kumar Tanksale","Raghavendra Araveeti","gaurav.sharma@v5global.co.in","gaurav.sharma@v5global.co.in","ksingh15@lenovo.com","ktanksale1@lenovo.com","raraveeti@lenovo.com","ASO","Shilpi Gautam","sgautam2@lenovo.com",null,"Kumar Tanksale",null,"ktanksale1@lenovo.com",null,"2025-12-03","12:08:00","28.5486609,77.2516821","2BYTES INFOTECH",{"$nulls":3},"T3","07AWFPR6958P1ZG","North1",null,"T-17219","New Delhi","New Delhi","V5 Global",null,"Yes","Face to Face","68CDKAC1IN",1,"Lenovo","L27-4E","L Series","LEN L27-4E 27 IPS BLACK 100HZ","NA","Visual Variants","Premium","NA","Visuals",8158,null,null,8158,"North1",9626.439999999999,"",null,"North1","Premium","Premium","-"]
[21652272,"Ashwani Kumar","ashwani.kumar@v5global.co.in",7827383769,"V5 Global","Delhi","V5262001","Delhi","Delhi",null,"V5 Global",null,null,"Mohd Asif","mohd.asif@v5global.co.in",null,"North1",null,"External Consumer","ASO","V5 Global ASO",null,"FT",null,"ASO",null,"Kanwaldeep Singh","Gaurav Sharma",null,"Kumar Tanksale","Raghavendra Araveeti","gaurav.sharma@v5global.co.in","gaurav.sharma@v5global.co.in","ksingh15@lenovo.com","ktanksale1@lenovo.com","raraveeti@lenovo.com","ASO","Shilpi Gautam","sgautam2@lenovo.com",null,"Kumar Tanksale",null,"ktanksale1@lenovo.com",null,"2025-12-03","12:08:00","28.5486609,77.2516821","2BYTES INFOTECH",{"$nulls":3},"T3","07AWFPR6958P1ZG","North1",null,"T-17219","New Delhi","New Delhi","V5 Global",null,"Yes","Face to Face","GX31L52655",2,"Lenovo","Wired Combo","Input","Lenovo 160 Wired Combo","NA","Accessories","NA","NA","Accessories",999,null,null,1998,"North1",1178.82,"",null,"North1","NA","NA","-"]
[21650164,"Vinod Kumar","vinod.kumar@v5global.co.in",9911547614,"V5 Global","Delhi","V5265873","Delhi","Delhi",null,"V5 Global",null,null,"Chetan Mehta","Chetan.mehta@v5global.co.in",null,"North1",null,"External Consumer","ASO","V5 Global ASO",null,"FT",null,"ASO",null,"Kanwaldeep Singh","Gaurav Sharma",null,"Kumar Tanksale","Raghavendra Araveeti","gaurav.sharma@v5global.co.in","gaurav.sharma@v5global.co.in","ksingh15@lenovo.com","ktanksale1@lenovo.com","raraveeti@lenovo.com","ASO","Shilpi Gautam","sgautam2@lenovo.com",null,"Kumar Tanksale",null,"ktanksale1@lenovo.com",null,"2025-12-03","12:09:00","28.7015266,77.1663762","Navcom Solutions",{"$nulls":3},"T3","07ALJPG4074G1Z5","North1",null,"T-29954","New Delhi","Delhi","V5 Global",null,"Yes","Face to Face","90XW0055IN",1,"Lenovo","IdeaCentre","Tower 08IRR9 ","8 GB DDR   , 512 GB SSDWired KeyBoard & Mouse WiFi 6 + BT 5.2 260W  3 Yr Onsite Warranty  Win 11 Home + MS Office 2024 + 1 YR Mi","Win 11","TDT","Mainstream","Intel Core i5-13420H, 8C,","Consumer",50052,null,"TDT",50052,"North1",59061.35999999999,"",null,"North1","Mainstream","Mainstream","-"]
[21650194,"Vinod Kumar","vinod.kumar@v5global.co.in",9911547614,"V5 Global","Delhi","V5265873","Delhi","Delhi",null,"V5 Global",null,null,"Chetan Mehta","Chetan.mehta@v5global.co.in",null,"North1",null,"External Consumer","ASO","V5 Global ASO",null,"FT",null,"ASO",null,"Kanwaldeep Singh","Gaurav Sharma",null,"Kumar Tanksale","Raghavendra Araveeti","gaurav.sharma@v5global.co.in","gaurav.sharma@v5global.co.in","ksingh15@lenovo.com","ktanksale1@lenovo.com","raraveeti@lenovo.com","ASO","Shilpi Gautam","sgautam2@lenovo.com",null,"Kumar Tanksale",null,"ktanksale1@lenovo.com",null,"2025-12-03","12:10:00","28.7015278,77.1663845","Navcom Solutions",{"$nulls":3},"T3","07ALJPG4074G1Z5","North1",null,"T-29954","New Delhi","Delhi","V5 Global",null,"Yes","Telephonic","83K100TDIN",1,"Lenovo","Ideapad","Slim 3","CI7-13620H/16GB/1TB/WIN11/OFFICE2024/ 15.3 WUXG","Win 11","Thin & Light","Mainstream","C I7-13620H","Consumer",69000,null,"NB",69000,"North1",81420,"SP","Non-Gaming","North1","Premium","Premium","-"]
[21650230,"Vinod Kumar","vinod.kumar@v5global.co.in",9911547614,"V5 Global","Delhi","V5265873","Delhi","Delhi",null,"V5 Global",null,null,"Chetan Mehta","Chetan.mehta@v5global.co.in",null,"North1",null,"External Consumer","ASO","V5 Global ASO",null,"FT",null,"ASO",null,"Kanwaldeep Singh","Gaurav Sharma",null,"Kumar Tanksale","Raghavendra Araveeti","gaurav.sharma@v5global.co.in","gaurav.sharma@v5global.co.in","ksingh15@lenovo.com","ktanksale1@lenovo.com","raraveeti@lenovo.com","ASO","Shilpi Gautam","sgautam2@lenovo.com",null,"Kumar Tanksale",null,"ktanksale1@lenovo.com",null,"2025-12-03","12:12:00","28.7015311,77.1663764","BIG BYTE COMPUTERS & TECHNICAL SERVICES",{"$nulls":3},"T3","07ABLPS6488A2Z9","North1",null,"T-3625","New Delhi","New Delhi","V5 Global",null,"Yes","Telephonic","83K100TDIN",1,"Lenovo","Ideapad","Slim 3","CI7-13620H/16GB/1TB/WIN11/OFFICE2024/ 15.3 WUXG","Win 11","Thin & Light","Mainstream","C I7-13620H","Consumer",69000,null,"NB",69000,"North1",81420,"SP","Non-Gaming","North1","Premium","Premium","-"]
[21652287,"Ashwani Kumar","ashwani.kumar@v5global.co.in",7827383769,"V5 Global","Delhi","V5262001","Delhi","Delhi",null,"V5 Global",null,null,"Mohd Asif","mohd.asif@v5global.co.in",null,"North1",null,"External Consumer","ASO","V5 Global ASO",null,"FT",null,"ASO",null,"Kanwaldeep Singh","Gaurav Sharma",null,"Kumar Tanksale","Raghavendra Araveeti","gaurav.sharma@v5global.co.in","gaurav.sharma@v5global.co.in","ksingh15@lenovo.com","ktanksale1@lenovo.com","raraveeti@lenovo.com","ASO","Shilpi Gautam","sgautam2@lenovo.com",null,"Kumar Tanksale",null,"ktanksale1@lenovo.com",null,"2025-12-03","12:56:00","28.548609,77.2515869","TTL INFOTEC PRIVATE LIMITED",{"$nulls":3},"T3","07AABCT1173D1ZQ","North1",null,"T-19332","New Delhi","New Delhi","V5 Global",null,"Yes","Face to Face","F0HM00PNIN",1,"Lenovo","IdeaCentre AIO","AIO","i7-13620H/32GB DDR5/1TB SSD/27\" QHD  IPS 350N\t","Win 11","AIO","Premium","I7-13620H\t","Consumer",86432,null,"AIO",86432,"North1",101989.76,"SP","Non-Gaming","North1","Premium","Premium","-"]
[21652287,"Ashwani Kumar","ashwani.kumar@v5global.co.in",7827383769,"V5 Global","Delhi","V5262001","Delhi","Delhi",null,"V5 Global",null,null,"Mohd Asif","mohd.asif@v5global.co.in",null,"North1",null,"External Consumer","ASO","V5 Global ASO",null,"FT",null,"ASO",null,"Kanwaldeep Singh","Gaurav Sharma",null,"Kumar Tanksale","Raghavendra Araveeti","gaurav.sharma@v5global.co.in","gaurav.sharma@v5global.co.in","ksingh15@lenovo.com","ktanksale1@lenovo.com","raraveeti@lenovo.com","ASO","Shilpi Gautam","sgautam2@lenovo.com",null,"Kumar Tanksale",null,"ktanksale1@lenovo.com",null,"2025-12-03","12:56:00","28.548609,77.2515869","TTL INFOTEC PRIVATE LIMITED",{"$nulls":3},"T3","07AABCT1173D1ZQ","North1",null,"T-19332","New Delhi","New Delhi","V5 Global",null,"Yes","Face to Face","68CDKAC1IN",1,"Lenovo","L27-4E","L Series","LEN L27-4E 27 IPS BLACK 100HZ","NA","Visual Variants","Premium","NA","Visuals",8158,null,null,8158,"North1",9626.439999999999,"",null,"North1","Premium","Premium","-"]
[21652287,"Ashwani Kumar","ashwani.kumar@v5global.co.in",7827383769,"V5 Global","Delhi","V5262001","Delhi","Delhi",null,"V5 Global",null,null,"Mohd Asif","mohd.asif@v5global.co.in",null,"North1",null,"External Consumer","ASO","V5 Global ASO",null,"FT",null,"ASO",null,"Kanwaldeep Singh","Gaurav Sharma",null,"Kumar Tanksale","Raghavendra Araveeti","gaurav.sharma@v5global.co.in","gaurav.sharma@v5global.co.in","ksingh15@lenovo.com","ktanksale1@lenovo.com","raraveeti@lenovo.com","ASO","Shilpi Gautam","sgautam2@lenovo.com",null,"Kumar Tanksale",null,"ktanksale1@lenovo.com",null,"2025-12-03","12:56:00","28.548609,77.2515869","TTL INFOTEC PRIVATE LIMITED",{"$nulls":3},"T3","07AABCT1173D1ZQ","North1",null,"T-19332","New Delhi","New Delhi","V5 Global",null,"Yes","Face to Face","GX31L52655",2,"Lenovo","Wired Combo","Input","Lenovo 160 Wired Combo","NA","Accessories","NA","NA","Accessories",999,null,null,1998,"North1",1178.82,"",null,"North1","NA","NA","-"]
[21652304,"Ashwani Kumar","ashwani.kumar@v5global.co.in",7827383769,"V5 Global","Delhi","V5262001","Delhi","Delhi",null,"V5 Global",null,null,"Mohd Asif","mohd.asif@v5global.co.in",null,"North1",null,"External Consumer","ASO","V5 Global ASO",null,"FT",null,"ASO",null,"Kanwaldeep Singh","Gaurav Sharma",null,"Kumar Tanksale","Raghavendra Araveeti","gaurav.sharma@v5global.co.in","gaurav.sharma@v5global.co.in","ksingh15@lenovo.com","ktanksale1@lenovo.com","raraveeti@lenovo.com","ASO","Shilpi Gautam","sgautam2@lenovo.com",null,"Kumar Tanksale",null,"ktanksale1@lenovo.com",null,"2025-12-03","13:52:00","28.5486027,77.2515902","TAB ENTERPRISES",{"$nulls":3},"T3","07AFBPJ4272M1ZA","North1",null,"T-3801","New Delhi","New Delhi","V5 Global",null,"Yes","Face to Face","83DV01BHIN",1,"Lenovo","LOQ","LOQ 15IRX9","CI7-13650HX/16GB/512GB/RTX 4060 8GB/WIN11/OFFICE2024/ 15.6 FULL HD IPS","Win 11","Gaming","Premium","C I7-13650HX","Consumer",106500,null,"NB",106500,"North1",125670,"SP","Gaming","North1","Premium","Premium","-"]
[21652304,"Ashwani Kumar","ashwani.kumar@v5global.co.in",7827383769,"V5 Global","Delhi","V5262001","Delhi","Delhi",null,"V5 Global",null,null,"Mohd Asif","mohd.asif@v5global.co.in",null,"North1",null,"External Consumer","ASO","V5 Global ASO",null,"FT",null,"ASO",null,"Kanwaldeep Singh","Gaurav Sharma",null,"Kumar Tanksale","Raghavendra Araveeti","gaurav.sharma@v5global.co.in","gaurav.sharma@v5global.co.in","ksingh15@lenovo.com","ktanksale1@lenovo.com","raraveeti@lenovo.com","ASO","Shilpi Gautam","sgautam2@lenovo.com",null,"Kumar Tanksale",null,"ktanksale1@lenovo.com",null,"2025-12-03","13:52:00","28.5486027,77.2515902","TAB ENTERPRISES",{"$nulls":3},"T3","07AFBPJ4272M1ZA","North1",null,"T-3801","New Delhi","New Delhi","V5 Global",null,"Yes","Face to Face","67BCKAC6IN",1,"Lenovo","Monitor -L24i4A","Monitor -L24i4A","Full HD IPS Panel Ultra Thin Monitor with WLED Backlight","NA","Visual Variants","Premium","NA","Visuals",7203,null,null,7203,"North1",8499.539999999999,"",null,"North1","Premium","Premium","-"]
[21652304,"Ashwani Kumar","ashwani.kumar@v5global.co.in",7827383769,"V5 Global","Delhi","V5262001","Delhi","Delhi",null,"V5 Global",null,null,"Mohd Asif","mohd.asif@v5global.co.in",null,"North1",null,"External Consumer","ASO","V5 Global ASO",null,"FT",null,"ASO",null,"Kanwaldeep Singh","Gaurav Sharma",null,"Kumar Tanksale","Raghavendra Araveeti","gaurav.sharma@v5global.co.in","gaurav.sharma@v5global.co.in","ksingh15@lenovo.com","ktanksale1@lenovo.com","raraveeti@lenovo.com","ASO","Shilpi Gautam","sgautam2@lenovo.com",null,"Kumar Tanksale",null,"ktanksale1@lenovo.com",null,"2025-12-03","13:52:00","28.5486027,77.2515902","TAB ENTERPRISES",{"$nulls":3},"T3","07AFBPJ4272M1ZA","North1",null,"T-3801","New Delhi","New Delhi","V5 Global",null,"Yes","Face to Face","GY51C12380",2,"Lenovo","Wireless Mouse","Input","Lenovo 130 wireless mouse","NA","Accessories","NA","NA","Accessories",649,null,null,1298,"North1",765.8199999999999,"",null,"North1","NA","NA","-"]
[21651884,"Vinod Kumar","vinod.kumar@v5global.co.in",9911547614,"V5 Global","Delhi","V5265873","Delhi","Delhi",null,"V5 Global",null,null,"Chetan Mehta","Chetan.mehta@v5global.co.in",null,"North1",null,"External Consumer","ASO","V5 Global ASO",null,"FT",null,"ASO",null,"Kanwaldeep Singh","Gaurav Sharma",null,"Kumar Tanksale","Raghavendra Araveeti","gaurav.sharma@v5global.co.in","gaurav.sharma@v5global.co.in","ksingh15@lenovo.com","ktanksale1@lenovo.com","raraveeti@lenovo.com","ASO","Shilpi Gautam","sgautam2@lenovo.com",null,"Kumar Tanksale",null,"ktanksale1@lenovo.com",null,"2025-12-03","14:41:00","28.7406034,77.1976269","Gambhir Computers",{"$nulls":3},"T3","07AJIPG3132A1ZX","North1",null,"T-3635","New Delhi","New Delhi","V5 Global",null,"Yes","Face to Face","F0J6005FIN",1,"Lenovo","AIO","Lenovo A100","23.8\" FHD/8GB RAM/512 SSD/Integrated Graphics/MSO 2024/White","Win 11","AIO","Entry","Intel N100","Consumer",32000,null,"AIO",32000,"North1",37760,"",null,"North1","Entry","Entry","-"]
[21652321,"Ashwani Kumar","ashwani.kumar@v5global.co.in",7827383769,"V5 Global","Delhi","V5262001","Delhi","Delhi",null,"V5 Global",null,null,"Mohd Asif","mohd.asif@v5global.co.in",null,"North1",null,"External Consumer","ASO","V5 Global ASO",null,"FT",null,"ASO",null,"Kanwaldeep Singh","Gaurav Sharma",null,"Kumar Tanksale","Raghavendra Araveeti","gaurav.sharma@v5global.co.in","gaurav.sharma@v5global.co.in","ksingh15@lenovo.com","ktanksale1@lenovo.com","raraveeti@lenovo.com","ASO","Shilpi Gautam","sgautam2@lenovo.com",null,"Kumar Tanksale",null,"ktanksale1@lenovo.com",null,"2025-12-03","14:52:00","28.5485718,77.2515956","NEW DEDIKA SYSTEMS AND SOLUTIONS",{"$nulls":3},"T3","07AAOFN8917H1ZR","North1",null,"T-3803","New Delhi","New Delhi","V5 Global",null,"Yes","Face to Face","83JE00U7IN",1,"Lenovo","LOQ","LOQ 15IRX10","Lenovo LOQ(i7-13700HX/16GB /1TBSSD/W11+MSO24+AI NOW/RTX 5050,8GB/15.6\"FHD,144Hz /1yr)Gry-83JE00U7IN","Win 11","Gaming","Premium","15.6\"FHD,144Hz /1yr)Gry","Consumer",96610,null,"NB",96610,"North1",113999.79999999999,"SP","Gaming","North1","Premium","Premium","-"]
[21652321,"Ashwani Kumar","ashwani.kumar@v5global.co.in",7827383769,"V5 Global","Delhi","V5262001","Delhi","Delhi",null,"V5 Global",null,null,"Mohd Asif","mohd.asif@v5global.co.in",null,"North1",null,"External Consumer","ASO","V5 Global ASO",null,"FT",null,"ASO",null,"Kanwaldeep Singh","Gaurav Sharma",null,"Kumar Tanksale","Raghavendra Araveeti","gaurav.sharma@v5global.co.in","gaurav.sharma@v5global.co.in","ksingh15@lenovo.com","ktanksale1@lenovo.com","raraveeti@lenovo.com","ASO","Shilpi Gautam","sgautam2@lenovo.com",null,"Kumar Tanksale",null,"ktanksale1@lenovo.com",null,"2025-12-03","14:52:00","28.5485718,77.2515956","NEW DEDIKA SYSTEMS AND SOLUTIONS",{"$nulls":3},"T3","07AAOFN8917H1ZR","North1",null,"T-3803","New Delhi","New Delhi","V5 Global",null,"Yes","Face to Face","68CDKAC1IN",2,"Lenovo","L27-4E","L Series","LEN L27-4E 27 IPS BLACK 100HZ","NA","Visual Variants","Premium","NA","Visuals",8158,null,null,16316,"North1",9626.439999999999,"",null,"North1","Premium","Premium","-"]
[21652321,"Ashwani Kumar","ashwani.kumar@v5global.co.in",7827383769,"V5 Global","Delhi","V5262001","Delhi","Delhi",null,"V5 Global",null,null,"Mohd Asif","mohd.asif@v5global.co.in",null,"North1",null,"External Consumer","ASO","V5 Global ASO",null,"FT",null,"ASO",null,"Kanwaldeep Singh","Gaurav Sharma",null,"Kumar Tanksale","Raghavendra Araveeti","gaurav.sharma@v5global.co.in","gaurav.sharma@v5global.co.in","ksingh15@lenovo.com","ktanksale1@lenovo.com","raraveeti@lenovo.com","ASO","Shilpi Gautam","sgautam2@lenovo.com",null,"Kumar Tanksale",null,"ktanksale1@lenovo.com",null,"2025-12-03","14:52:00","28.5485718,77.2515956","NEW DEDIKA SYSTEMS AND SOLUTIONS",{"$nulls":3},"T3","07AAOFN8917H1ZR","North1",null,"T-3803","New Delhi","New Delhi","V5 Global",null,"Yes","Face to Face","GX31L52655",5,"Lenovo","Wired Combo","Input","Lenovo 160 Wired Combo","NA","Accessories","NA","NA","Accessories",999,null,null,4995,"North1",1178.82,"",null,"North1","NA","NA","-"]
[21652078,"Vinod Kumar","vinod.kumar@v5global.co.in",9911547614,"V5 Global","Delhi","V5265873","Delhi","Delhi",null,"V5 Global",null,null,"Chetan Mehta","Chetan.mehta@v5global.co.in",null,"North1",null,"External Consumer","ASO","V5 Global ASO",null,"FT",null,"ASO",null,"Kanwaldeep Singh","Gaurav Sharma",null,"Kumar Tanksale","Raghavendra Araveeti","gaurav.sharma@v5global.co.in","gaurav.sharma@v5global.co.in","ksingh15@lenovo.com","ktanksale1@lenovo.com","raraveeti@lenovo.com","ASO","Shilpi Gautam","sgautam2@lenovo.com",null,"Kumar Tanksale",null,"ktanksale1@lenovo.com",null,"2025-12-03","15:17:00","28.7006938,77.1669629","Tab Enterprises",{"$nulls":3},"T3","07AFBPJ4272M1ZA","North1",null,"T-3744","New Delhi","New Delhi","V5 Global",null,"Yes","Face to Face","F0J6005FIN",1,"Lenovo","AIO","Lenovo A100","23.8\" FHD/8GB RAM/512 SSD/Integrated Graphics/MSO 2024/White","Win 11","AIO","Entry","Intel N100","Consumer",32000,null,"AIO",32000,"North1",37760,"",null,"North1","Entry","Entry","-"]
[21652082,"Manish Kumar ","manish.k@v5global.co.in",9815306161,"V5 Global","Chandigarh","V5294765","Punjab","Punjab",null,"V5 Global",null,null,"Shivam Kumar1","shivam.kumar1@v5global.co.in",null,"North1",null,"External Consumer","ASO","V5 Global ASO",null,"FT",null,"ASO",null,"Naveen Kumar","Gaurav Sharma",null,"Kumar Tanksale","Raghavendra Araveeti","gaurav.sharma@v5global.co.in","gaurav.sharma@v5global.co.in","nkumar12@lenovo.com","ktanksale1@lenovo.com","raraveeti@lenovo.com","ASO","Shilpi Gautam","sgautam2@lenovo.com",null,"Kumar Tanksale",null,"ktanksale1@lenovo.com",null,"2025-12-03","15:18:00","30.7167687,76.7243666","HI-TECH COMPUTERS",{"$nulls":3},"T3",null,"North1",null,"T-3443","Jammu","Jammu And Kashmir","Denave",null,"Yes","Face to Face","83LK009VIN",1,"Lenovo","LOQ","LOQ-15AX9E","i5-12450HX-RTX3050A-W11-O24-15.6","Win 11","Gaming","Premium","i5-12450HX","Consumer",85290,null,"NB",85290,"North1",100642.2,"SP","Gaming","North1","Premium","Premium","-"]
[21652084,"Manish Kumar ","manish.k@v5global.co.in",9815306161,"V5 Global","Chandigarh","V5294765","Punjab","Punjab",null,"V5 Global",null,null,"Shivam Kumar1","shivam.kumar1@v5global.co.in",null,"North1",null,"External Consumer","ASO","V5 Global ASO",null,"FT",null,"ASO",null,"Naveen Kumar","Gaurav Sharma",null,"Kumar Tanksale","Raghavendra Araveeti","gaurav.sharma@v5global.co.in","gaurav.sharma@v5global.co.in","nkumar12@lenovo.com","ktanksale1@lenovo.com","raraveeti@lenovo.com","ASO","Shilpi Gautam","sgautam2@lenovo.com",null,"Kumar Tanksale",null,"ktanksale1@lenovo.com",null,"2025-12-03","15:18:00","30.7167625,76.7243654","V-Tech Computers",{"$nulls":3},"T3","29AAIPU7279H1ZU","South1",null,"T-7609","Dakshina Kannada","Karnataka",null,null,"Yes","Face to Face","83JC00EEIN",1,"Lenovo","LOQ","LOQ 15ARP9","NB LOQ 15ARP9 R5 12G 512G 11S","Win 11","Gaming","Mainstream","R5 7235HS","Consumer",64762,null,"NB",64762,"North1",76419.15999999999,"SP","Gaming","North1","Premium","Premium","-"]
[21652086,"Manish Kumar ","manish.k@v5global.co.in",9815306161,"V5 Global","Chandigarh","V5294765","Punjab","Punjab",null,"V5 Global",null,null,"Shivam Kumar1","shivam.kumar1@v5global.co.in",null,"North1",null,"External Consumer","ASO","V5 Global ASO",null,"FT",null,"ASO",null,"Naveen Kumar","Gaurav Sharma",null,"Kumar Tanksale","Raghavendra Araveeti","gaurav.sharma@v5global.co.in","gaurav.sharma@v5global.co.in","nkumar12@lenovo.com","ktanksale1@lenovo.com","raraveeti@lenovo.com","ASO","Shilpi Gautam","sgautam2@lenovo.com",null,"Kumar Tanksale",null,"ktanksale1@lenovo.com",null,"2025-12-03","15:18:00","30.7167846,76.724361","RELIABLE COMPUTER",{"$nulls":3},"T3","02BHXPK9682D1ZV","North1",null,"T-3400","Hamirpur","Himachal Pradesh","Denave",null,"Yes","Face to Face","83DV01A4IN",1,"Lenovo","LOQ","LOQ 15IRX9","NB LOQ 15IRX9 I5 16G 512G 11S","Win 11","Gaming","Premium","i5 OS 4GB Gfx Office/i5 13450HX","Consumer",73620,null,"NB",73620,"North1",86871.59999999999,"SP","Gaming","North1","Premium","Premium","-"]
[21652090,"Manish Kumar ","manish.k@v5global.co.in",9815306161,"V5 Global","Chandigarh","V5294765","Punjab","Punjab",null,"V5 Global",null,null,"Shivam Kumar1","shivam.kumar1@v5global.co.in",null,"North1",null,"External Consumer","ASO","V5 Global ASO",null,"FT",null,"ASO",null,"Naveen Kumar","Gaurav Sharma",null,"Kumar Tanksale","Raghavendra Araveeti","gaurav.sharma@v5global.co.in","gaurav.sharma@v5global.co.in","nkumar12@lenovo.com","ktanksale1@lenovo.com","raraveeti@lenovo.com","ASO","Shilpi Gautam","sgautam2@lenovo.com",null,"Kumar Tanksale",null,"ktanksale1@lenovo.com",null,"2025-12-03","15:19:00","30.716768,76.7243524","V.K.Enterprises",{"$nulls":3},"T3",null,"North1",null,"T-20584","Mandi","Himachal Pradesh","Denave",null,"Yes","Face to Face","F0HR009BIN",1,"Lenovo","IdeaCentre","AIO","DT IC AIO 24ARR9 A57535HS 512G 8G","Win 11","TDT","Mainstream","R7 7735HS","Consumer",42990,null,"TDT",42990,"North1",50728.2,"",null,"North1","Mainstream","Mainstream","-"]
[21652094,"Manish Kumar ","manish.k@v5global.co.in",9815306161,"V5 Global","Chandigarh","V5294765","Punjab","Punjab",null,"V5 Global",null,null,"Shivam Kumar1","shivam.kumar1@v5global.co.in",null,"North1",null,"External Consumer","ASO","V5 Global ASO",null,"FT",null,"ASO",null,"Naveen Kumar","Gaurav Sharma",null,"Kumar Tanksale","Raghavendra Araveeti","gaurav.sharma@v5global.co.in","gaurav.sharma@v5global.co.in","nkumar12@lenovo.com","ktanksale1@lenovo.com","raraveeti@lenovo.com","ASO","Shilpi Gautam","sgautam2@lenovo.com",null,"Kumar Tanksale",null,"ktanksale1@lenovo.com",null,"2025-12-03","15:19:00","30.7167844,76.7243311","Netcom Computer",{"$nulls":3},"T3","NA","North1",null,"T-18081","Kangra","Himachal Pradesh","Denave",null,"Yes","Face to Face","83JC00EEIN",1,"Lenovo","LOQ","LOQ 15ARP9","NB LOQ 15ARP9 R5 12G 512G 11S","Win 11","Gaming","Mainstream","R5 7235HS","Consumer",64762,null,"NB",64762,"North1",76419.15999999999,"SP","Gaming","North1","Premium","Premium","-"]
[21652098,"Manish Kumar ","manish.k@v5global.co.in",9815306161,"V5 Global","Chandigarh","V5294765","Punjab","Punjab",null,"V5 Global",null,null,"Shivam Kumar1","shivam.kumar1@v5global.co.in",null,"North1",null,"External Consumer","ASO","V5 Global ASO",null,"FT",null,"ASO",null,"Naveen Kumar","Gaurav Sharma",null,"Kumar Tanksale","Raghavendra Araveeti","gaurav.sharma@v5global.co.in","gaurav.sharma@v5global.co.in","nkumar12@lenovo.com","ktanksale1@lenovo.com","raraveeti@lenovo.com","ASO","Shilpi Gautam","sgautam2@lenovo.com",null,"Kumar Tanksale",null,"ktanksale1@lenovo.com",null,"2025-12-03","15:20:00","30.7167874,76.7243263","Active Computers",{"$nulls":3},"T3","03APCPK6972J2ZP","North1",null,"T-29353","Mohali","Punjab","V5Global",null,"Yes","Face to Face","90SM00FXIN",1,"Lenovo","IdeaCentre","IdeaCentre 3 07IAB7","DT IC 3 07IAB7 G6900 512G 8G","NA","TDT","Entry","CELERON G6900","Consumer",21990,null,"TDT",21990,"North1",25948.199999999997,"",null,"North1","Entry","Entry","AMD/Cel/PQC"]
[21652103,"Manish Kumar ","manish.k@v5global.co.in",9815306161,"V5 Global","Chandigarh","V5294765","Punjab","Punjab",null,"V5 Global",null,null,"Shivam Kumar1","shivam.kumar1@v5global.co.in",null,"North1",null,"External Consumer","ASO","V5 Global ASO",null,"FT",null,"ASO",null,"Naveen Kumar","Gaurav Sharma",null,"Kumar Tanksale","Raghavendra Araveeti","gaurav.sharma@v5global.co.in","gaurav.sharma@v5global.co.in","nkumar12@lenovo.com","ktanksale1@lenovo.com","raraveeti@lenovo.com","ASO","Shilpi Gautam","sgautam2@lenovo.com",null,"Kumar Tanksale",null,"ktanksale1@lenovo.com",null,"2025-12-03","15:20:00","30.7167718,76.7243405","Click plus",{"$nulls":3},"T3","03AJQPB7504B1ZS","North1",null,"T-24409","Mohali","Chandigarh","Denave",null,"Yes","Face to Face","90SM00FXIN",1,"Lenovo","IdeaCentre","IdeaCentre 3 07IAB7","DT IC 3 07IAB7 G6900 512G 8G","NA","TDT","Entry","CELERON G6900","Consumer",21990,null,"TDT",21990,"North1",25948.199999999997,"",null,"North1","Entry","Entry","AMD/Cel/PQC"]
[21652109,"Manish Kumar ","manish.k@v5global.co.in",9815306161,"V5 Global","Chandigarh","V5294765","Punjab","Punjab",null,"V5 Global",null,null,"Shivam Kumar1","shivam.kumar1@v5global.co.in",null,"North1",null,"External Consumer","ASO","V5 Global ASO",null,"FT",null,"ASO",null,"Naveen Kumar","Gaurav Sharma",null,"Kumar Tanksale","Raghavendra Araveeti","gaurav.sharma@v5global.co.in","gaurav.sharma@v5global.co.in","nkumar12@lenovo.com","ktanksale1@lenovo.com","raraveeti@lenovo.com","ASO","Shilpi Gautam","sgautam2@lenovo.com",null,"Kumar Tanksale",null,"ktanksale1@lenovo.com",null,"2025-12-03","15:21:00","30.7167981,76.7243441","Om Communication",{"$nulls":3},"T3","02CJCPS4865E1Z9","North1",null,"T-31062","Hamirpur","Himachal Pradesh","V5 Global","V5 Global","Yes","Face to Face","90SM00FXIN",1,"Lenovo","IdeaCentre","IdeaCentre 3 07IAB7","DT IC 3 07IAB7 G6900 512G 8G","NA","TDT","Entry","CELERON G6900","Consumer",21990,null,"TDT",21990,"North1",25948.199999999997,"",null,"North1","Entry","Entry","AMD/Cel/PQC"]
[21652209,"Vinod Kumar","vinod.kumar@v5global.co.in",9911547614,"V5 Global","Delhi","V5265873","Delhi","Delhi",null,"V5 Global",null,null,"Chetan Mehta","Chetan.mehta@v5global.co.in",null,"North1",null,"External Consumer","ASO","V5 Global ASO",null,"FT",null,"ASO",null,"Kanwaldeep Singh","Gaurav Sharma",null,"Kumar Tanksale","Raghavendra Araveeti","gaurav.sharma@v5global.co.in","gaurav.sharma@v5global.co.in","ksingh15@lenovo.com","ktanksale1@lenovo.com","raraveeti@lenovo.com","ASO","Shilpi Gautam","sgautam2@lenovo.com",null,"Kumar Tanksale",null,"ktanksale1@lenovo.com",null,"2025-12-03","15:40:00","28.7004234,77.1668538","RATE TO RATE SHOPPE",{"$nulls":3},"T3","07AEOPN4090F1ZA","North1",null,"T-3670","New Delhi","New Delhi","V5 Global",null,"Yes","Face to Face","F0J6005FIN",1,"Lenovo","AIO","Lenovo A100","23.8\" FHD/8GB RAM/512 SSD/Integrated Graphics/MSO 2024/White","Win 11","AIO","Entry","Intel N100","Consumer",32000,null,"AIO",32000,"North1",37760,"",null,"North1","Entry","Entry","-"]
[21652213,"Vinod Kumar","vinod.kumar@v5global.co.in",9911547614,"V5 Global","Delhi","V5265873","Delhi","Delhi",null,"V5 Global",null,null,"Chetan Mehta","Chetan.mehta@v5global.co.in",null,"North1",null,"External Consumer","ASO","V5 Global ASO",null,"FT",null,"ASO",null,"Kanwaldeep Singh","Gaurav Sharma",null,"Kumar Tanksale","Raghavendra Araveeti","gaurav.sharma@v5global.co.in","gaurav.sharma@v5global.co.in","ksingh15@lenovo.com","ktanksale1@lenovo.com","raraveeti@lenovo.com","ASO","Shilpi Gautam","sgautam2@lenovo.com",null,"Kumar Tanksale",null,"ktanksale1@lenovo.com",null,"2025-12-03","15:41:00","28.700506,77.1668862","Crux Computronix Pvt Ltd",{"$nulls":3},"T3","07AFBPJ4272M1ZA","North1",null,"T-3741","New Delhi","New Delhi","V5 Global",null,"Yes","Face to Face","F0J6005FIN",1,"Lenovo","AIO","Lenovo A100","23.8\" FHD/8GB RAM/512 SSD/Integrated Graphics/MSO 2024/White","Win 11","AIO","Entry","Intel N100","Consumer",32000,null,"AIO",{"$f":"BV67*BL67","v":32000},{"$f":"Q67","v":"North1"},{"$f":"BV67*118%","v":37760},{"$f":"IF(CF67=\"Premium\",IF(CA67>=65000,\"SP\",\"\"),\"\")","v":""},null,"North1",{"$f":"IF(BU67=\"Consumer\",IF(CA67<40000,\"Entry\",IF(AND(CA67>=40000,CA67<65000),\"Mainstream\",\"Premium\")),IF(BU67=\"Visuals\",BS67,\"NA\"))","v":"Entry"},"Entry","-"]
[21652231,"Vinod Kumar","vinod.kumar@v5global.co.in",9911547614,"V5 Global","Delhi","V5265873","Delhi","Delhi",null,"V5 Global",null,null,"Chetan Mehta","Chetan.mehta@v5global.co.in",null,"North1",null,"External Consumer","ASO","V5 Global ASO",null,"FT",null,"ASO",null,"Kanwaldeep Singh","Gaurav Sharma",null,"Kumar Tanksale","Raghavendra Araveeti","gaurav.sharma@v5global.co.in","gaurav.sharma@v5global.co.in","ksingh15@lenovo.com","ktanksale1@lenovo.com","raraveeti@lenovo.com","ASO","Shilpi Gautam","sgautam2@lenovo.com",null,"Kumar Tanksale",null,"ktanksale1@lenovo.com",null,"2025-12-03","15:43:00","28.7003417,77.16683","DT Infocom",{"$nulls":3},"T3","07AAECD0602Q1ZO","North1",null,"T-3633","New Delhi","New Delhi","V5 Global",null,"Yes","Face to Face","F0J6005FIN",1,"Lenovo","AIO","Lenovo A100","23.8\" FHD/8GB RAM/512 SSD/Integrated Graphics/MSO 2024/White","Win 11","AIO","Entry","Intel N100","Consumer",32000,null,"AIO",32000,"North1",37760,"",null,"North1","Entry","Entry","-"]
[21652241,"Vinod Kumar","vinod.kumar@v5global.co.in",9911547614,"V5 Global","Delhi","V5265873","Delhi","Delhi",null,"V5 Global",null,null,"Chetan Mehta","Chetan.mehta@v5global.co.in",null,"North1",null,"External Consumer","ASO","V5 Global ASO",null,"FT",null,"ASO",null,"Kanwaldeep Singh","Gaurav Sharma",null,"Kumar Tanksale","Raghavendra Araveeti","gaurav.sharma@v5global.co.in","gaurav.sharma@v5global.co.in","ksingh15@lenovo.com","ktanksale1@lenovo.com","raraveeti@lenovo.com","ASO","Shilpi Gautam","sgautam2@lenovo.com",null,"Kumar Tanksale",null,"ktanksale1@lenovo.com",null,"2025-12-03","15:45:00","28.7003611,77.1667971","Unique Computer & Network",{"$nulls":3},"T3","07AEJPJ0645R1Z1","North1",null,"T-3661","New Delhi","New Delhi","V5 Global",null,"Yes","Face to Face","F0J6005FIN",1,"Lenovo","AIO","Lenovo A100","23.8\" FHD/8GB RAM/512 SSD/Integrated Graphics/MSO 2024/White","Win 11","AIO","Entry","Intel N100","Consumer",32000,null,"AIO",32000,"North1",37760,"",null,"North1","Entry","Entry","-"]
[21652331,"Ashwani Kumar","ashwani.kumar@v5global.co.in",7827383769,"V5 Global","Delhi","V5262001","Delhi","Delhi",null,"V5 Global",null,null,"Mohd Asif","mohd.asif@v5global.co.in",null,"North1",null,"External Consumer","ASO","V5 Global ASO",null,"FT",null,"ASO",null,"Kanwaldeep Singh","Gaurav Sharma",null,"Kumar Tanksale","Raghavendra Araveeti","gaurav.sharma@v5global.co.in","gaurav.sharma@v5global.co.in","ksingh15@lenovo.com","ktanksale1@lenovo.com","raraveeti@lenovo.com","ASO","Shilpi Gautam","sgautam2@lenovo.com",null,"Kumar Tanksale",null,"ktanksale1@lenovo.com",null,"2025-12-03","15:56:00","28.5485248,77.2515237","R.J.Computer",{"$nulls":3},"T3","09AYHPA7852P1ZS","North1",null,"T-3866","New Delhi","New Delhi","V5 Global",null,"Yes","Face to Face","F0HM00PNIN",1,"Lenovo","IdeaCentre AIO","AIO","i7-13620H/32GB DDR5/1TB SSD/27\" QHD  IPS 350N\t","Win 11","AIO","Premium","I7-13620H\t","Consumer",86432,null,"AIO",86432,"North1",101989.76,"SP","Non-Gaming","North1","Premium","Premium","-"]
[21652462,"Pran Pratap Singh","pran.singh@v5global.co.in",9001585718,"V5 Global","Jaipur","V5459442","Jaipur","Rajasthan",null,"V5 Global",null,null,"Gourav Jain","gourav.jain@v5global.co.in",null,"North1",null,"External Consumer","ASO","V5 Global ASO",null,"FT",null,"ASO",null,"Ganga Singh","Gaurav Sharma",null,"Kumar Tanksale","Raghavendra Araveeti","gaurav.sharma@v5global.co.in","gaurav.sharma@v5global.co.in","gsingh24@lenovo.com","ktanksale1@lenovo.com","raraveeti@lenovo.com","ASO","Shilpi Gautam","sgautam2@lenovo.com",null,"Kumar Tanksale",null,"ktanksale1@lenovo.com",null,"2025-12-03","16:18:00","26.937764,75.8929762","RADHIKA COMPUTERS",{"$nulls":3},"T3",null,"North1",null,"T-15671","Jaipur","Rajasthan","V5 Global",null,"Yes","Face to Face","90D9005HIN",1,"Lenovo","Consumer DT","300S-11ISH","CORE_I5_6400/ 4G/ 1TB/OS/ 3 Year Warranty","Win 10","TDT","Mainstream","Core i5-6400","Consumer",48194,null,"TDT",48194,"North1",56868.92,"",null,"North1","Mainstream","Mainstream","-"]
[21652462,"Pran Pratap Singh","pran.singh@v5global.co.in",9001585718,"V5 Global","Jaipur","V5459442","Jaipur","Rajasthan",null,"V5 Global",null,null,"Gourav Jain","gourav.jain@v5global.co.in",null,"North1",null,"External Consumer","ASO","V5 Global ASO",null,"FT",null,"ASO",null,"Ganga Singh","Gaurav Sharma",null,"Kumar Tanksale","Raghavendra Araveeti","gaurav.sharma@v5global.co.in","gaurav.sharma@v5global.co.in","gsingh24@lenovo.com","ktanksale1@lenovo.com","raraveeti@lenovo.com","ASO","Shilpi Gautam","sgautam2@lenovo.com",null,"Kumar Tanksale",null,"ktanksale1@lenovo.com",null,"2025-12-03","16:18:00","26.937764,75.8929762","RADHIKA COMPUTERS",{"$nulls":3},"T3",null,"North1",null,"T-15671","Jaipur","Rajasthan","V5 Global",null,"Yes","Face to Face","68C2KAC1IN",1,"Lenovo","L24-4E","L Series","LEN L24-4E 23.8 IPS  BLACK 100HZ","NA","Visual Variants","Mainstream","NA","Visuals",6464,null,null,6464,"North1",7627.5199999999995,"",null,"North1","Mainstream","Mainstream","-"]
[21652461,"Pran Pratap Singh","pran.singh@v5global.co.in",9001585718,"V5 Global","Jaipur","V5459442","Jaipur","Rajasthan",null,"V5 Global",null,null,"Gourav Jain","gourav.jain@v5global.co.in",null,"North1",null,"External Consumer","ASO","V5 Global ASO",null,"FT",null,"ASO",null,"Ganga Singh","Gaurav Sharma",null,"Kumar Tanksale","Raghavendra Araveeti","gaurav.sharma@v5global.co.in","gaurav.sharma@v5global.co.in","gsingh24@lenovo.com","ktanksale1@lenovo.com","raraveeti@lenovo.com","ASO","Shilpi Gautam","sgautam2@lenovo.com",null,"Kumar Tanksale",null,"ktanksale1@lenovo.com",null,"2025-12-03","16:19:00","26.9377705,75.8929759","JESWANI COMPUTERS",{"$nulls":3},"T3",null,"North1",null,"T-15680","Jaipur","Rajasthan","V5 Global",null,"Yes","Face to Face","GY51D20867",5,"Lenovo","Wireless Mouse","Input","Lenovo 540 USB C Compact Wireless Mouse (Storm Grey)","NA","Accessories","NA","NA","Accessories",1449,null,null,7245,"North1",1709.82,"",null,"North1","NA","NA","-"]
[21652461,"Pran Pratap Singh","pran.singh@v5global.co.in",9001585718,"V5 Global","Jaipur","V5459442","Jaipur","Rajasthan",null,"V5 Global",null,null,"Gourav Jain","gourav.jain@v5global.co.in",null,"North1",null,"External Consumer","ASO","V5 Global ASO",null,"FT",null,"ASO",null,"Ganga Singh","Gaurav Sharma",null,"Kumar Tanksale","Raghavendra Araveeti","gaurav.sharma@v5global.co.in","gaurav.sharma@v5global.co.in","gsingh24@lenovo.com","ktanksale1@lenovo.com","raraveeti@lenovo.com","ASO","Shilpi Gautam","sgautam2@lenovo.com",null,"Kumar Tanksale",null,"ktanksale1@lenovo.com",null,"2025-12-03","16:19:00","26.9377705,75.8929759","JESWANI COMPUTERS",{"$nulls":3},"T3",null,"North1",null,"T-15680","Jaipur","Rajasthan","V5 Global",null,"Yes","Face to Face","67AFKACBIN",1,"Lenovo","L Series","L22E-40","LEN L22E-40 21.5 VA 75 HZ HDMI","NA","Visual Variants","Entry","NA","Visuals",7900,null,null,7900,"North1",9322,"",null,"North1","Entry","Entry","-"]
[21652461,"Pran Pratap Singh","pran.singh@v5global.co.in",9001585718,"V5 Global","Jaipur","V5459442","Jaipur","Rajasthan",null,"V5 Global",null,null,"Gourav Jain","gourav.jain@v5global.co.in",null,"North1",null,"External Consumer","ASO","V5 Global ASO",null,"FT",null,"ASO",null,"Ganga Singh","Gaurav Sharma",null,"Kumar Tanksale","Raghavendra Araveeti","gaurav.sharma@v5global.co.in","gaurav.sharma@v5global.co.in","gsingh24@lenovo.com","ktanksale1@lenovo.com","raraveeti@lenovo.com","ASO","Shilpi Gautam","sgautam2@lenovo.com",null,"Kumar Tanksale",null,"ktanksale1@lenovo.com",null,"2025-12-03","16:19:00","26.9377705,75.8929759","JESWANI COMPUTERS",{"$nulls":3},"T3",null,"North1",null,"T-15680","Jaipur","Rajasthan","V5 Global",null,"Yes","Face to Face","90D9005HIN",1,"Lenovo","Consumer DT","300S-11ISH","CORE_I5_6400/ 4G/ 1TB/OS/ 3 Year Warranty","Win 10","TDT","Mainstream","Core i5-6400","Consumer",48194,null,"TDT",48194,"North1",56868.92,"",null,"North1","Mainstream","Mainstream","-"]
[21652647,"Maheswaran ","maheswaran.1@v5global.co.in",9952328485,"V5 Global","Pondicherry","V5458447","Pondicherry","Tamil Nadu","-","V5 Global",null,null,"Prabhakaran A","prabhakaran@v5global.co.in",null,"South2",null,"External Consumer","ASO","V5 Global ASO",null,"FT",null,"ASO",null,"Sridhar Ethirajulu","S.Arunbabu",null,"Prabhu Subaramanian","Sharad verma","arun.babu@v5global.co.in","arun.babu@v5global.co.in","sethirajulu1@lenovo.com","psubramania4@lenovo.com","sharverm@lenovo.com","ASO","Shilpi Gautam","sgautam2@lenovo.com",null,"Prabhu Subaramanian",null,"psubramania4@lenovo.com",null,"2025-12-03","16:49:00","11.7358009,79.0202905","PROFESSIONAL COMPUTER, NEYVELI",{"$nulls":3},"T3","33AAHFP5920B1ZO","South2",null,"T-9635","Cuddalore","Tamil Nadu","V5 Global",null,"Yes","Telephonic","83DC00ACIN",1,"Lenovo","IdeaPad","IdeaPad Slim 5 16IMH9","IntelÂ® Core Ultra 5 125H/16 GB/ 512 SSD/ Win11/Office home-24/Cloud Grey","Win 11","Thin & Light","Premium","IntelÂ® Core Ultra 5 125H","Consumer",70991,null,"NB",70991,"South2",83769.37999999999,"SP","Non-Gaming","South2","Premium","Premium","Slim 5/Slim 5 Pro"]
[21663972,"Ramisetty Gopalkrishna","ramisetty.krishna@v5global.co.in",7050129999,"V5 Global","Vijaywada","V5303153","Andhra Pradesh","Andhra Pradesh",null,"V5 Global",null,null,"TBH (HYD)",null,null,"South2",null,"External Consumer","ASO","V5 Global ASO",null,"FT",null,"ASO",null,"Prabhakar G","S.Arunbabu",null,"Prabhu Subaramanian","Sharad verma","arun.babu@v5global.co.in","arun.babu@v5global.co.in","gprabhakar@lenovo.com","psubramania4@lenovo.com","sharverm@lenovo.com","ASO","Shilpi Gautam","sgautam2@lenovo.com",null,"Prabhu Subaramanian",null,"psubramania4@lenovo.com",null,"2025-12-03","17:44:00","16.4837354,80.6627775","V K Computers",{"$nulls":3},"T3",null,"South2",null,"T-24302","Tenali","Andhra Pradesh","V5 Global",null,"Yes","Face to Face","83K000B8IN",1,"Lenovo","Ideapad","IdeaPad Slim 3","15.6\" FHD (1920x1080),16GB Ram, 512 GB SSD, ,MS OFFICE 2024  Luna Grey","Win 11","Thin & Light","Premium","IntelÂ® Coreâ„¢ i5-13420H","Consumer",65000,null,"NB",65000,"South2",76700,"SP","Non-Gaming","South2","Premium","Premium","-"]
[21653089,"Ashwani Kumar","ashwani.kumar@v5global.co.in",7827383769,"V5 Global","Delhi","V5262001","Delhi","Delhi",null,"V5 Global",null,null,"Mohd Asif","mohd.asif@v5global.co.in",null,"North1",null,"External Consumer","ASO","V5 Global ASO",null,"FT",null,"ASO",null,"Kanwaldeep Singh","Gaurav Sharma",null,"Kumar Tanksale","Raghavendra Araveeti","gaurav.sharma@v5global.co.in","gaurav.sharma@v5global.co.in","ksingh15@lenovo.com","ktanksale1@lenovo.com","raraveeti@lenovo.com","ASO","Shilpi Gautam","sgautam2@lenovo.com",null,"Kumar Tanksale",null,"ktanksale1@lenovo.com",null,"2025-12-03","18:12:00","28.5487183,77.25161","Jupiter IT India",{"$nulls":3},"T3","07bwtps9359e1zm","North1",null,"T-24860","New Delhi","New Delhi","Denave",null,"Yes","Face to Face","F0HM00PNIN",1,"Lenovo","IdeaCentre AIO","AIO","i7-13620H/32GB DDR5/1TB SSD/27\" QHD  IPS 350N\t","Win 11","AIO","Premium","I7-13620H\t","Consumer",86432,null,"AIO",86432,"North1",101989.76,"SP","Non-Gaming","North1","Premium","Premium","-"]
[21653284,"Ashwani Kumar","ashwani.kumar@v5global.co.in",7827383769,"V5 Global","Delhi","V5262001","Delhi","Delhi",null,"V5 Global",null,null,"Mohd Asif","mohd.asif@v5global.co.in",null,"North1",null,"External Consumer","ASO","V5 Global ASO",null,"FT",null,"ASO",null,"Kanwaldeep Singh","Gaurav Sharma",null,"Kumar Tanksale","Raghavendra Araveeti","gaurav.sharma@v5global.co.in","gaurav.sharma@v5global.co.in","ksingh15@lenovo.com","ktanksale1@lenovo.com","raraveeti@lenovo.com","ASO","Shilpi Gautam","sgautam2@lenovo.com",null,"Kumar Tanksale",null,"ktanksale1@lenovo.com",null,"2025-12-03","18:43:00","28.5574567,77.263575","Om Shakti Computers",{"$nulls":3},"T3","07AAIFO4945N1ZN","North1",null,"T-30636","New delhi","Delhi","V5 Global",null,"Yes","Face to Face","F0HM00PNIN",1,"Lenovo","IdeaCentre AIO","AIO","i7-13620H/32GB DDR5/1TB SSD/27\" QHD  IPS 350N\t","Win 11","AIO","Premium","I7-13620H\t","Consumer",86432,null,"AIO",86432,"North1",101989.76,"SP","Non-Gaming","North1","Premium","Premium","-"]
[21653284,"Ashwani Kumar","ashwani.kumar@v5global.co.in",7827383769,"V5 Global","Delhi","V5262001","Delhi","Delhi",null,"V5 Global",null,null,"Mohd Asif","mohd.asif@v5global.co.in",null,"North1",null,"External Consumer","ASO","V5 Global ASO",null,"FT",null,"ASO",null,"Kanwaldeep Singh","Gaurav Sharma",null,"Kumar Tanksale","Raghavendra Araveeti","gaurav.sharma@v5global.co.in","gaurav.sharma@v5global.co.in","ksingh15@lenovo.com","ktanksale1@lenovo.com","raraveeti@lenovo.com","ASO","Shilpi Gautam","sgautam2@lenovo.com",null,"Kumar Tanksale",null,"ktanksale1@lenovo.com",null,"2025-12-03","18:43:00","28.5574567,77.263575","Om Shakti Computers",{"$nulls":3},"T3","07AAIFO4945N1ZN","North1",null,"T-30636","New delhi","Delhi","V5 Global",null,"Yes","Face to Face","68CDKAC1IN",2,"Lenovo","L27-4E","L Series","LEN L27-4E 27 IPS BLACK 100HZ","NA","Visual Variants","Premium","NA","Visuals",8158,null,null,16316,"North1",9626.439999999999,"",null,"North1","Premium","Premium","-"]
[21653284,"Ashwani Kumar","ashwani.kumar@v5global.co.in",7827383769,"V5 Global","Delhi","V5262001","Delhi","Delhi",null,"V5 Global",null,null,"Mohd Asif","mohd.asif@v5global.co.in",null,"North1",null,"External Consumer","ASO","V5 Global ASO",null,"FT",null,"ASO",null,"Kanwaldeep Singh","Gaurav Sharma",null,"Kumar Tanksale","Raghavendra Araveeti","gaurav.sharma@v5global.co.in","gaurav.sharma@v5global.co.in","ksingh15@lenovo.com","ktanksale1@lenovo.com","raraveeti@lenovo.com","ASO","Shilpi Gautam","sgautam2@lenovo.com",null,"Kumar Tanksale",null,"ktanksale1@lenovo.com",null,"2025-12-03","18:43:00","28.5574567,77.263575","Om Shakti Computers",{"$nulls":3},"T3","07AAIFO4945N1ZN","North1",null,"T-30636","New delhi","Delhi","V5 Global",null,"Yes","Face to Face","GY51C12380",5,"Lenovo","Wireless Mouse","Input","Lenovo 130 wireless mouse","NA","Accessories","NA","NA","Accessories",649,null,null,3245,"North1",765.8199999999999,"",null,"North1","NA","NA","-"]
[21654491,"Chetti Srinivas","chetti.srinivas1@v5global.co.in",9515976797,"V5 Global","Hyderabad",601126,"TELANGANA","Telangana",null,"V5 Global",null,null,"Mohammed Ibrahim","mohammed.ibrahim@v5global.co.in",null,"South2",null,"External Consumer","ASO","V5 Global ASO",null,"FT",null,"ASO",null,"Santosh Singh","S.Arunbabu",null,"Prabhu Subaramanian","Sharad verma","arun.babu@v5global.co.in","arun.babu@v5global.co.in","ssingh9@lenovo.com","psubramania4@lenovo.com","sharverm@lenovo.com","ASO","Shilpi Gautam","sgautam2@lenovo.com",null,"Prabhu Subaramanian",null,"psubramania4@lenovo.com",null,"2025-12-03","20:52:00","17.4138848,78.5661272","Maithri System",{"$nulls":3},"T3","36ADXPN0079J1ZW","South2",null,"T-10543","Hyderabad","Telangana","V5 Global",null,"Yes","Face to Face","F0J6005GIN",1,"Lenovo","AIO","A100","IntelÂ® Coreâ„¢ i3-N305/8GB SO-DIMM DDR4-3200/512GB SSD/Integrated IntelÂ® UHD Graphics/WindowsÂ® 11,Cloud Grey","Win 11","AIO","Mainstream","IntelÂ® Coreâ„¢ i3-N305","Consumer",49000,null,"AIO",49000,"South2",57820,"",null,"South2","Mainstream","Mainstream","i3 OS"]
[21654716,"Chetti Srinivas","chetti.srinivas1@v5global.co.in",9515976797,"V5 Global","Hyderabad",601126,"TELANGANA","Telangana",null,"V5 Global",null,null,"Mohammed Ibrahim","mohammed.ibrahim@v5global.co.in",null,"South2",null,"External Consumer","ASO","V5 Global ASO",null,"FT",null,"ASO",null,"Santosh Singh","S.Arunbabu",null,"Prabhu Subaramanian","Sharad verma","arun.babu@v5global.co.in","arun.babu@v5global.co.in","ssingh9@lenovo.com","psubramania4@lenovo.com","sharverm@lenovo.com","ASO","Shilpi Gautam","sgautam2@lenovo.com",null,"Prabhu Subaramanian",null,"psubramania4@lenovo.com",null,"2025-12-03","21:09:00","17.4138818,78.5661296","RISHI COMPUTERS",{"$nulls":3},"T3","36AJIPG7864R1ZA","South2",null,"T-10620","Khammam","Andhra Pradesh","V5 Global",null,"Yes","Telephonic","90XW005UIN",1,"Lenovo","IdeaCentre","IdeaCentre 08IRH9","8GB RAM/512 GB SSD/Integrated Graphics/WINDOWS 11","Win 11","TDT","Entry","CORE I5","Consumer",32619,null,"TDT",32619,"South2",38490.42,"",null,"South2","Entry","Mainstream","NA"]
[21654779,"Manish Kumar ","manish.k@v5global.co.in",9815306161,"V5 Global","Chandigarh","V5294765","Punjab","Punjab",null,"V5 Global",null,null,"Shivam Kumar1","shivam.kumar1@v5global.co.in",null,"North1",null,"External Consumer","ASO","V5 Global ASO",null,"FT",null,"ASO",null,"Naveen Kumar","Gaurav Sharma",null,"Kumar Tanksale","Raghavendra Araveeti","gaurav.sharma@v5global.co.in","gaurav.sharma@v5global.co.in","nkumar12@lenovo.com","ktanksale1@lenovo.com","raraveeti@lenovo.com","ASO","Shilpi Gautam","sgautam2@lenovo.com",null,"Kumar Tanksale",null,"ktanksale1@lenovo.com",null,"2025-12-03","21:13:00","30.716833,76.7244526","A.S INFOTECH",{"$nulls":3},"T3",null,"North1",null,"T-3361","Hamirpur","Himachal Pradesh","Denave",null,"Yes","Face to Face","83DV01A9IN",1,"Lenovo","LOQ","LOQ 15IRX9","i5 OS 6GB Gfx/i5 13450HX/RTX 3050 6GB","Win 11","Gaming","Premium","RTX 3050 6GB/512GB SSD/i5 13450HX","Consumer",77845,null,"NB",77845,"North1",91857.09999999999,"SP","Gaming","North1","Premium","Premium","-"]
[21655084,"Chetti Srinivas","chetti.srinivas1@v5global.co.in",9515976797,"V5 Global","Hyderabad",601126,"TELANGANA","Telangana",null,"V5 Global",null,null,"Mohammed Ibrahim","mohammed.ibrahim@v5global.co.in",null,"South2",null,"External Consumer","ASO","V5 Global ASO",null,"FT",null,"ASO",null,"Santosh Singh","S.Arunbabu",null,"Prabhu Subaramanian","Sharad verma","arun.babu@v5global.co.in","arun.babu@v5global.co.in","ssingh9@lenovo.com","psubramania4@lenovo.com","sharverm@lenovo.com","ASO","Shilpi Gautam","sgautam2@lenovo.com",null,"Prabhu Subaramanian",null,"psubramania4@lenovo.com",null,"2025-12-03","21:33:00","17.4138917,78.5660672","Lap Store",{"$nulls":3},"T3","36AQIPG6380P1Z7","South2",null,"T-10515","Karimnagar","Andhra Pradesh","V5 Global",null,"Yes","Telephonic","83ER00MCIN",2,"Lenovo","Ideapad","Slim 3","Lenovo IdeaPad Slim 3 12th Gen Intel Core i5-12450H 15\" (39.6cm) FHD IPS 300 Nits Thin & Light Laptop (16GB/512GB SSD/Win 11/MSO","Win 11","Thin & Light","Mainstream","i5 12th Gen","Consumer",41000,null,"NB",82000,"South2",48380,"",null,"South2","Mainstream","Mainstream","-"]
[21655084,"Chetti Srinivas","chetti.srinivas1@v5global.co.in",9515976797,"V5 Global","Hyderabad",601126,"TELANGANA","Telangana",null,"V5 Global",null,null,"Mohammed Ibrahim","mohammed.ibrahim@v5global.co.in",null,"South2",null,"External Consumer","ASO","V5 Global ASO",null,"FT",null,"ASO",null,"Santosh Singh","S.Arunbabu",null,"Prabhu Subaramanian","Sharad verma","arun.babu@v5global.co.in","arun.babu@v5global.co.in","ssingh9@lenovo.com","psubramania4@lenovo.com","sharverm@lenovo.com","ASO","Shilpi Gautam","sgautam2@lenovo.com",null,"Prabhu Subaramanian",null,"psubramania4@lenovo.com",null,"2025-12-03","21:33:00","17.4138917,78.5660672","Lap Store",{"$nulls":3},"T3","36AQIPG6380P1Z7","South2",null,"T-10515","Karimnagar","Andhra Pradesh","V5 Global",null,"Yes","Telephonic","F0HN00PGIN",1,"Lenovo","AIO","AIO i-24IRH9","i3-1315U-8-512-UHD-W11-O24-23.80","Win 11","AIO","Mainstream","i3-1315U","Consumer",57990,null,"AIO",57990,"South2",68428.2,"",null,"South2","Premium","Mainstream","i3 OS"]
[21655096,"Chetti Srinivas","chetti.srinivas1@v5global.co.in",9515976797,"V5 Global","Hyderabad",601126,"TELANGANA","Telangana",null,"V5 Global",null,null,"Mohammed Ibrahim","mohammed.ibrahim@v5global.co.in",null,"South2",null,"External Consumer","ASO","V5 Global ASO",null,"FT",null,"ASO",null,"Santosh Singh","S.Arunbabu",null,"Prabhu Subaramanian","Sharad verma","arun.babu@v5global.co.in","arun.babu@v5global.co.in","ssingh9@lenovo.com","psubramania4@lenovo.com","sharverm@lenovo.com","ASO","Shilpi Gautam","sgautam2@lenovo.com",null,"Prabhu Subaramanian",null,"psubramania4@lenovo.com",null,"2025-12-03","21:34:00","17.4138904,78.5660814","VISION TECHNOLOGIES",{"$nulls":3},"T3","36AADFV8639F1ZU","South2",null,"T-10612","Karimnagar","Andhra Pradesh","V5 Global",null,"Yes","Telephonic","F0HN00PHIN",2,"Lenovo","AIO","AIO","LEN I5-13420H 16GB 512GB SSD 23.8 MSO","Win 11","AIO","Mainstream","i5-13420H","Consumer",53381,null,"AIO",106762,"South2",62989.579999999994,"",null,"South2","Mainstream","Mainstream","-"]
[21655105,"Chetti Srinivas","chetti.srinivas1@v5global.co.in",9515976797,"V5 Global","Hyderabad",601126,"TELANGANA","Telangana",null,"V5 Global",null,null,"Mohammed Ibrahim","mohammed.ibrahim@v5global.co.in",null,"South2",null,"External Consumer","ASO","V5 Global ASO",null,"FT",null,"ASO",null,"Santosh Singh","S.Arunbabu",null,"Prabhu Subaramanian","Sharad verma","arun.babu@v5global.co.in","arun.babu@v5global.co.in","ssingh9@lenovo.com","psubramania4@lenovo.com","sharverm@lenovo.com","ASO","Shilpi Gautam","sgautam2@lenovo.com",null,"Prabhu Subaramanian",null,"psubramania4@lenovo.com",null,"2025-12-03","21:35:00","17.4138984,78.5660319","Radiant Technologies",{"$nulls":3},"T3","36AHOPM1744N2ZR","South2",null,"T-10507","Warangal","Andhra Pradesh","V5 Global",null,"Yes","Telephonic","83ER00MCIN",2,"Lenovo","Ideapad","Slim 3","Lenovo IdeaPad Slim 3 12th Gen Intel Core i5-12450H 15\" (39.6cm) FHD IPS 300 Nits Thin & Light Laptop (16GB/512GB SSD/Win 11/MSO","Win 11","Thin & Light","Mainstream","i5 12th Gen","Consumer",41000,null,"NB",82000,"South2",48380,"",null,"South2","Mainstream","Mainstream","-"]
[21655105,"Chetti Srinivas","chetti.srinivas1@v5global.co.in",9515976797,"V5 Global","Hyderabad",601126,"TELANGANA","Telangana",null,"V5 Global",null,null,"Mohammed Ibrahim","mohammed.ibrahim@v5global.co.in",null,"South2",null,"External Consumer","ASO","V5 Global ASO",null,"FT",null,"ASO",null,"Santosh Singh","S.Arunbabu",null,"Prabhu Subaramanian","Sharad verma","arun.babu@v5global.co.in","arun.babu@v5global.co.in","ssingh9@lenovo.com","psubramania4@lenovo.com","sharverm@lenovo.com","ASO","Shilpi Gautam","sgautam2@lenovo.com",null,"Prabhu Subaramanian",null,"psubramania4@lenovo.com",null,"2025-12-03","21:35:00","17.4138984,78.5660319","Radiant Technologies",{"$nulls":3},"T3","36AHOPM1744N2ZR","South2",null,"T-10507","Warangal","Andhra Pradesh","V5 Global",null,"Yes","Telephonic","83K100CJIN",1,"Lenovo","Slim 3","IdeaPad Slim 3 15IRH10","NB IP Slim 3 15IRH10 I7 8G 8G 512G 11S","Win 11","Thin & Light","Mainstream","i7 13620H","Consumer",63827,null,"NB",63827,"South2",75315.86,"SP","Non-Gaming","South2","Premium","Premium","-"]
[21655116,"Chetti Srinivas","chetti.srinivas1@v5global.co.in",9515976797,"V5 Global","Hyderabad",601126,"TELANGANA","Telangana",null,"V5 Global",null,null,"Mohammed Ibrahim","mohammed.ibrahim@v5global.co.in",null,"South2",null,"External Consumer","ASO","V5 Global ASO",null,"FT",null,"ASO",null,"Santosh Singh","S.Arunbabu",null,"Prabhu Subaramanian","Sharad verma","arun.babu@v5global.co.in","arun.babu@v5global.co.in","ssingh9@lenovo.com","psubramania4@lenovo.com","sharverm@lenovo.com","ASO","Shilpi Gautam","sgautam2@lenovo.com",null,"Prabhu Subaramanian",null,"psubramania4@lenovo.com",null,"2025-12-03","21:36:00","17.4138977,78.5660376","Multi Computers & Peripherals",{"$nulls":3},"T3","36BBHPP4743A1ZT","South2",null,"T-10536","Hyderabad","Telangana","V5 Global",null,"Yes","Telephonic","F0HM0067IN",1,"Lenovo","IdeaCentre","IdeaCentre AIO 27IRH9","DT IC AIO 27IRH9 I713620H 1T 32G","Win 11","AIO","Premium","i7 13620H","Consumer",89990,null,"AIO",89990,"South2",106188.2,"SP","Non-Gaming","South2","Premium","Premium","-"]
[21655196,"Pran Pratap Singh","pran.singh@v5global.co.in",9001585718,"V5 Global","Jaipur","V5459442","Jaipur","Rajasthan",null,"V5 Global",null,null,"Gourav Jain","gourav.jain@v5global.co.in",null,"North1",null,"External Consumer","ASO","V5 Global ASO",null,"FT",null,"ASO",null,"Ganga Singh","Gaurav Sharma",null,"Kumar Tanksale","Raghavendra Araveeti","gaurav.sharma@v5global.co.in","gaurav.sharma@v5global.co.in","gsingh24@lenovo.com","ktanksale1@lenovo.com","raraveeti@lenovo.com","ASO","Shilpi Gautam","sgautam2@lenovo.com",null,"Kumar Tanksale",null,"ktanksale1@lenovo.com",null,"2025-12-03","21:44:00","26.93779,75.8928383","S.N.Computers",{"$nulls":3},"T3","08AYJPG3342G1ZK","West2",null,"T-28918","Jaipur","Rajasthan","V5 Global",null,"Yes","Face to Face","90D9005HIN",1,"Lenovo","Consumer DT","300S-11ISH","CORE_I5_6400/ 4G/ 1TB/OS/ 3 Year Warranty","Win 10","TDT","Mainstream","Core i5-6400","Consumer",48194,null,"TDT",48194,"North1",56868.92,"",null,"North1","Mainstream","Mainstream","-"]
[21655196,"Pran Pratap Singh","pran.singh@v5global.co.in",9001585718,"V5 Global","Jaipur","V5459442","Jaipur","Rajasthan",null,"V5 Global",null,null,"Gourav Jain","gourav.jain@v5global.co.in",null,"North1",null,"External Consumer","ASO","V5 Global ASO",null,"FT",null,"ASO",null,"Ganga Singh","Gaurav Sharma",null,"Kumar Tanksale","Raghavendra Araveeti","gaurav.sharma@v5global.co.in","gaurav.sharma@v5global.co.in","gsingh24@lenovo.com","ktanksale1@lenovo.com","raraveeti@lenovo.com","ASO","Shilpi Gautam","sgautam2@lenovo.com",null,"Kumar Tanksale",null,"ktanksale1@lenovo.com",null,"2025-12-03","21:44:00","26.93779,75.8928383","S.N.Computers",{"$nulls":3},"T3","08AYJPG3342G1ZK","West2",null,"T-28918","Jaipur","Rajasthan","V5 Global",null,"Yes","Face to Face","67D5KAC6IN",1,"Lenovo","L22-4E","L Series","LEN L22-4E 21.5 IPS  BLACK 100HZ","NA","Visual Variants","Mainstream","NA","Visuals",5331,null,null,5331,"North1",6290.58,"",null,"North1","Mainstream","Mainstream","-"]
[21655305,"Govind Gulab Rajbhar","govind.gulab@v5global.co.in",9029031943,"V5 Global","Mumbai","V5263641","Maharashtra","Maharashtra",null,"V5 Global",null,null,"Pooja Thakur","pooja.thakur@v5global.co.in",null,"West1",null,"External Consumer","ASO","V5 Global ASO",null,"FT",null,"ASO",null,"Amit Tiwari","Yunus Hamid Mansoori",null,"Hemant C Baghel","Sharad verma","yunus.hamid@v5global.co.in","yunus.hamid@v5global.co.in","atiwari5@lenovo.com","hbaghel@lenovo.com","sharverm@lenovo.com","ASO","Shilpi Gautam","sgautam2@lenovo.com",null,"Hemant C Baghel",null,"hbaghel@lenovo.com",null,"2025-12-03","21:58:00","19.2170229,72.8439262","Lance Tech",{"$nulls":3},"T3",null,"West1",null,"T-25785","Mumbai","Maharashtra","V5 Global",null,"Yes","Telephonic","68C2KAC1IN",1,"Lenovo","L24-4E","L Series","LEN L24-4E 23.8 IPS  BLACK 100HZ","NA","Visual Variants","Mainstream","NA","Visuals",6464,null,null,6464,"West1",7627.5199999999995,"",null,"West1 M","Mainstream","Mainstream","-"]
[21655315,"Govind Gulab Rajbhar","govind.gulab@v5global.co.in",9029031943,"V5 Global","Mumbai","V5263641","Maharashtra","Maharashtra",null,"V5 Global",null,null,"Pooja Thakur","pooja.thakur@v5global.co.in",null,"West1",null,"External Consumer","ASO","V5 Global ASO",null,"FT",null,"ASO",null,"Amit Tiwari","Yunus Hamid Mansoori",null,"Hemant C Baghel","Sharad verma","yunus.hamid@v5global.co.in","yunus.hamid@v5global.co.in","atiwari5@lenovo.com","hbaghel@lenovo.com","sharverm@lenovo.com","ASO","Shilpi Gautam","sgautam2@lenovo.com",null,"Hemant C Baghel",null,"hbaghel@lenovo.com",null,"2025-12-03","21:59:00","19.2169841,72.8439344","S K INFOTECH",{"$nulls":3},"T3",null,"West1",null,"T-19652","Mumbai","Maharashtra","V5 Global",null,"Yes","Telephonic","68C2KAC1IN",1,"Lenovo","L24-4E","L Series","LEN L24-4E 23.8 IPS  BLACK 100HZ","NA","Visual Variants","Mainstream","NA","Visuals",6464,null,null,6464,"West1",7627.5199999999995,"",null,"West1 M","Mainstream","Mainstream","-"]
[21655319,"Govind Gulab Rajbhar","govind.gulab@v5global.co.in",9029031943,"V5 Global","Mumbai","V5263641","Maharashtra","Maharashtra",null,"V5 Global",null,null,"Pooja Thakur","pooja.thakur@v5global.co.in",null,"West1",null,"External Consumer","ASO","V5 Global ASO",null,"FT",null,"ASO",null,"Amit Tiwari","Yunus Hamid Mansoori",null,"Hemant C Baghel","Sharad verma","yunus.hamid@v5global.co.in","yunus.hamid@v5global.co.in","atiwari5@lenovo.com","hbaghel@lenovo.com","sharverm@lenovo.com","ASO","Shilpi Gautam","sgautam2@lenovo.com",null,"Hemant C Baghel",null,"hbaghel@lenovo.com",null,"2025-12-03","21:59:00","19.2169437,72.8439319","Computer More",{"$nulls":3},"T3",null,"West1",null,"T-25781","Mumbai","Maharashtra","V5 Global",null,"Yes","Telephonic","67AKACBIN",1,"Lenovo","L Series","L22E-40","21.5'' VA75HZ HDMI","NA","Visual Variants","Mainstream","NA","Visuals",6250,null,null,6250,"West1",7375,"",null,"West1 M","Mainstream","Mainstream","-"]
[21655333,"Govind Gulab Rajbhar","govind.gulab@v5global.co.in",9029031943,"V5 Global","Mumbai","V5263641","Maharashtra","Maharashtra",null,"V5 Global",null,null,"Pooja Thakur","pooja.thakur@v5global.co.in",null,"West1",null,"External Consumer","ASO","V5 Global ASO",null,"FT",null,"ASO",null,"Amit Tiwari","Yunus Hamid Mansoori",null,"Hemant C Baghel","Sharad verma","yunus.hamid@v5global.co.in","yunus.hamid@v5global.co.in","atiwari5@lenovo.com","hbaghel@lenovo.com","sharverm@lenovo.com","ASO","Shilpi Gautam","sgautam2@lenovo.com",null,"Hemant C Baghel",null,"hbaghel@lenovo.com",null,"2025-12-03","22:00:00","19.2169302,72.84393","Ultimate Solutions",{"$nulls":3},"T3",null,"West1",null,"T-25661","Goregaon","Maharashtra","V5 Global",null,"Yes","Telephonic","67B7GACBIN",1,"Lenovo","Legion","R25I-30","24.5\"543.7x302.6 mm,In-Plane Switching,1920x1080,165Hz (Overclock to 180Hz)","NA","Visual Verints","Premium","NA","Visuals",18000,null,null,18000,"West1",21240,"",null,"West1 M","Premium","Premium","-"]
[21655340,"Govind Gulab Rajbhar","govind.gulab@v5global.co.in",9029031943,"V5 Global","Mumbai","V5263641","Maharashtra","Maharashtra",null,"V5 Global",null,null,"Pooja Thakur","pooja.thakur@v5global.co.in",null,"West1",null,"External Consumer","ASO","V5 Global ASO",null,"FT",null,"ASO",null,"Amit Tiwari","Yunus Hamid Mansoori",null,"Hemant C Baghel","Sharad verma","yunus.hamid@v5global.co.in","yunus.hamid@v5global.co.in","atiwari5@lenovo.com","hbaghel@lenovo.com","sharverm@lenovo.com","ASO","Shilpi Gautam","sgautam2@lenovo.com",null,"Hemant C Baghel",null,"hbaghel@lenovo.com",null,"2025-12-03","22:01:00","19.2169201,72.8439226","Mk infotech",{"$nulls":3},"T3",null,"West2",null,"T-20404","Mumbai","Maharashtra","Denave",null,"Yes","Telephonic","67B7GACBIN",1,"Lenovo","Legion","R25I-30","24.5\"543.7x302.6 mm,In-Plane Switching,1920x1080,165Hz (Overclock to 180Hz)","NA","Visual Verints","Premium","NA","Visuals",18000,null,null,18000,"West1",21240,"",null,"West1 M","Premium","Premium","-"]
[21655343,"Govind Gulab Rajbhar","govind.gulab@v5global.co.in",9029031943,"V5 Global","Mumbai","V5263641","Maharashtra","Maharashtra",null,"V5 Global",null,null,"Pooja Thakur","pooja.thakur@v5global.co.in",null,"West1",null,"External Consumer","ASO","V5 Global ASO",null,"FT",null,"ASO",null,"Amit Tiwari","Yunus Hamid Mansoori",null,"Hemant C Baghel","Sharad verma","yunus.hamid@v5global.co.in","yunus.hamid@v5global.co.in","atiwari5@lenovo.com","hbaghel@lenovo.com","sharverm@lenovo.com","ASO","Shilpi Gautam","sgautam2@lenovo.com",null,"Hemant C Baghel",null,"hbaghel@lenovo.com",null,"2025-12-03","22:01:00","19.2169194,72.8439202","Microworld",{"$nulls":3},"T3",null,"West1",null,"T-25705","Mumbai","Maharashtra","Denave",null,"Yes","Telephonic","67BCKAC6IN",3,"Lenovo","Monitor -L24i4A","Monitor -L24i4A","Full HD IPS Panel Ultra Thin Monitor with WLED Backlight","NA","Visual Variants","Premium","NA","Visuals",7203,null,null,21609,"West1",8499.539999999999,"",null,"West1 M","Premium","Premium","-"]
[21655357,"Govind Gulab Rajbhar","govind.gulab@v5global.co.in",9029031943,"V5 Global","Mumbai","V5263641","Maharashtra","Maharashtra",null,"V5 Global",null,null,"Pooja Thakur","pooja.thakur@v5global.co.in",null,"West1",null,"External Consumer","ASO","V5 Global ASO",null,"FT",null,"ASO",null,"Amit Tiwari","Yunus Hamid Mansoori",null,"Hemant C Baghel","Sharad verma","yunus.hamid@v5global.co.in","yunus.hamid@v5global.co.in","atiwari5@lenovo.com","hbaghel@lenovo.com","sharverm@lenovo.com","ASO","Shilpi Gautam","sgautam2@lenovo.com",null,"Hemant C Baghel",null,"hbaghel@lenovo.com",null,"2025-12-03","22:03:00","19.2169211,72.8439195","Jayshree",{"$nulls":3},"T3",null,"West1",null,"T-25668","Mumbai","Maharashtra","V5 Global",null,"Yes","Telephonic","83DV01A5IN",1,"Lenovo","LOQ","LOQ 15IRX9","CI7-13650HX/16GB/512GB/RTX 4050 6GB/WIN11/OFFICE2024/15.6FULLHDIPS","Win 11","Gaming","Premium","C I7-13650HX","Consumer",91500,null,"NB",91500,"West1",107970,"SP","Gaming","West1 M","Premium","Premium","-"]
[21655365,"Govind Gulab Rajbhar","govind.gulab@v5global.co.in",9029031943,"V5 Global","Mumbai","V5263641","Maharashtra","Maharashtra",null,"V5 Global",null,null,"Pooja Thakur","pooja.thakur@v5global.co.in",null,"West1",null,"External Consumer","ASO","V5 Global ASO",null,"FT",null,"ASO",null,"Amit Tiwari","Yunus Hamid Mansoori",null,"Hemant C Baghel","Sharad verma","yunus.hamid@v5global.co.in","yunus.hamid@v5global.co.in","atiwari5@lenovo.com","hbaghel@lenovo.com","sharverm@lenovo.com","ASO","Shilpi Gautam","sgautam2@lenovo.com",null,"Hemant C Baghel",null,"hbaghel@lenovo.com",null,"2025-12-03","22:04:00","19.2169246,72.8439174","microway computers kandivali",{"$nulls":3},"T3",null,"West1",null,"T-21980","Mumbai","Maharashtra","V5 Global",null,"Yes","Telephonic","90XW005UIN",1,"Lenovo","IdeaCentre","IdeaCentre 08IRH9","8GB RAM/512 GB SSD/Integrated Graphics/WINDOWS 11","Win 11","TDT","Entry","CORE I5","Consumer",32619,null,"TDT",32619,"West1",38490.42,"",null,"West1 M","Entry","Mainstream","NA"]
[21656628,"Vishal Jaiswal","vishal.jaiswal@v5global.co.in",9369840011,"V5 Global","Kanpur","V5266996","Uttar Pradesh","Uttar Pradesh",null,"V5 Global",null,null,"Mohammad Atif","mohammad.atif@v5global.co.in",null,"North2",null,"External Consumer","ASO","V5 Global ASO",null,"FT",null,"ASO",null,"Rahul Sarin","Rahil Rasheed",null,"Durgendra Singh","Raghavendra Araveeti","rahil.rasheed@v5global.co.in","rahil.rasheed@v5global.co.in","rsarin2@lenovo.com","dsingh1@lenovo.com","raraveeti@lenovo.com","ASO","Shilpi Gautam","sgautam2@lenovo.com",null,"Durgendra Singh",null,"dsingh1@lenovo.com",null,"2025-12-04","10:14:00","26.4615956,80.355969","New Laptop House",{"$nulls":3},"T3","09ABGPQ9407J1Z5","North2",null,"T-28976","Kanpur","Uttar Pradesh","V5 Global",null,"Yes","Face to Face","82LX00F7IN",1,"Lenovo","Ideapad","Slim 1","LEN N4500 8GB 512GB SSD WIN11  1YR","Win 11","Thin & Light","Entry","N4500","Consumer",25900,null,"NB",25900,"North2",30562,"",null,"North2","Entry","Entry","-"]
[21656634,"Vishal Jaiswal","vishal.jaiswal@v5global.co.in",9369840011,"V5 Global","Kanpur","V5266996","Uttar Pradesh","Uttar Pradesh",null,"V5 Global",null,null,"Mohammad Atif","mohammad.atif@v5global.co.in",null,"North2",null,"External Consumer","ASO","V5 Global ASO",null,"FT",null,"ASO",null,"Rahul Sarin","Rahil Rasheed",null,"Durgendra Singh","Raghavendra Araveeti","rahil.rasheed@v5global.co.in","rahil.rasheed@v5global.co.in","rsarin2@lenovo.com","dsingh1@lenovo.com","raraveeti@lenovo.com","ASO","Shilpi Gautam","sgautam2@lenovo.com",null,"Durgendra Singh",null,"dsingh1@lenovo.com",null,"2025-12-04","10:14:00","26.4616083,80.3560087","Laptop Wala",{"$nulls":3},"T3",null,"North2",null,"T-23437","Kanpur","Uttar Pradesh","V5 Global",null,"Yes","Face to Face","83K100CAIN",1,"Lenovo","Ideapad","Slim 3","NB IP Slim 3 15IRH10 I5 8G 512G 11S","Win 11","Thin & Light","Premium","i5 13420H/8GB/512GB SSD","Consumer",56251,null,"NB",56251,"North2",66376.18,"",null,"North2","Premium","Mainstream","-"]
[21656654,"Vishal Jaiswal","vishal.jaiswal@v5global.co.in",9369840011,"V5 Global","Kanpur","V5266996","Uttar Pradesh","Uttar Pradesh",null,"V5 Global",null,null,"Mohammad Atif","mohammad.atif@v5global.co.in",null,"North2",null,"External Consumer","ASO","V5 Global ASO",null,"FT",null,"ASO",null,"Rahul Sarin","Rahil Rasheed",null,"Durgendra Singh","Raghavendra Araveeti","rahil.rasheed@v5global.co.in","rahil.rasheed@v5global.co.in","rsarin2@lenovo.com","dsingh1@lenovo.com","raraveeti@lenovo.com","ASO","Shilpi Gautam","sgautam2@lenovo.com",null,"Durgendra Singh",null,"dsingh1@lenovo.com",null,"2025-12-04","10:15:00","26.4616579,80.3560003","Gateway Computer",{"$nulls":3},"T3",null,"North2",null,"T-23424","Kanpur","Uttar Pradesh","V5 Global",null,"Yes","Telephonic","F0HN003WIN",1,"Lenovo","IdeaCentre","IdeaCentre AIO 24IRH9","DT IC AIO 24IRH9 I513420H 512G 16G","Win 11","AIO","Mainstream","i5 13420H","Consumer",61990,null,"AIO",61990,"North2",73148.2,"",null,"North2","Premium","Mainstream","-"]
[21656687,"Vishal Jaiswal","vishal.jaiswal@v5global.co.in",9369840011,"V5 Global","Kanpur","V5266996","Uttar Pradesh","Uttar Pradesh",null,"V5 Global",null,null,"Mohammad Atif","mohammad.atif@v5global.co.in",null,"North2",null,"External Consumer","ASO","V5 Global ASO",null,"FT",null,"ASO",null,"Rahul Sarin","Rahil Rasheed",null,"Durgendra Singh","Raghavendra Araveeti","rahil.rasheed@v5global.co.in","rahil.rasheed@v5global.co.in","rsarin2@lenovo.com","dsingh1@lenovo.com","raraveeti@lenovo.com","ASO","Shilpi Gautam","sgautam2@lenovo.com",null,"Durgendra Singh",null,"dsingh1@lenovo.com",null,"2025-12-04","10:18:00","26.4616051,80.3560745","Multi Electronic system",{"$nulls":3},"T3",null,"North2",null,"T-23433","Kanpur","Uttar Pradesh","V5 Global",null,"Yes","Face to Face","67D5KAC6IN",3,"Lenovo","L22-4E","L Series","LEN L22-4E 21.5 IPS  BLACK 100HZ","NA","Visual Variants","Mainstream","NA","Visuals",5331,null,null,15993,"North2",6290.58,"",null,"North2","Mainstream","Mainstream","-"]
[21656687,"Vishal Jaiswal","vishal.jaiswal@v5global.co.in",9369840011,"V5 Global","Kanpur","V5266996","Uttar Pradesh","Uttar Pradesh",null,"V5 Global",null,null,"Mohammad Atif","mohammad.atif@v5global.co.in",null,"North2",null,"External Consumer","ASO","V5 Global ASO",null,"FT",null,"ASO",null,"Rahul Sarin","Rahil Rasheed",null,"Durgendra Singh","Raghavendra Araveeti","rahil.rasheed@v5global.co.in","rahil.rasheed@v5global.co.in","rsarin2@lenovo.com","dsingh1@lenovo.com","raraveeti@lenovo.com","ASO","Shilpi Gautam","sgautam2@lenovo.com",null,"Durgendra Singh",null,"dsingh1@lenovo.com",null,"2025-12-04","10:18:00","26.4616051,80.3560745","Multi Electronic system",{"$nulls":3},"T3",null,"North2",null,"T-23433","Kanpur","Uttar Pradesh","V5 Global",null,"Yes","Face to Face","68C2KAC1IN",2,"Lenovo","L24-4E","L Series","LEN L24-4E 23.8 IPS  BLACK 100HZ","NA","Visual Variants","Mainstream","NA","Visuals",6464,null,null,12928,"North2",7627.5199999999995,"",null,"North2","Mainstream","Mainstream","-"]
[21656786,"Vishal Jaiswal","vishal.jaiswal@v5global.co.in",9369840011,"V5 Global","Kanpur","V5266996","Uttar Pradesh","Uttar Pradesh",null,"V5 Global",null,null,"Mohammad Atif","mohammad.atif@v5global.co.in",null,"North2",null,"External Consumer","ASO","V5 Global ASO",null,"FT",null,"ASO",null,"Rahul Sarin","Rahil Rasheed",null,"Durgendra Singh","Raghavendra Araveeti","rahil.rasheed@v5global.co.in","rahil.rasheed@v5global.co.in","rsarin2@lenovo.com","dsingh1@lenovo.com","raraveeti@lenovo.com","ASO","Shilpi Gautam","sgautam2@lenovo.com",null,"Durgendra Singh",null,"dsingh1@lenovo.com",null,"2025-12-04","10:22:00","26.4615929,80.356094","System & Technologies",{"$nulls":3},"T3",null,"North2",null,"T-23611","Kanpur","Uttar Pradesh","Denave",null,"Yes","Telephonic","82XQ00H7IN",1,"Lenovo","IdeaPad","IdeaPad Slim 3 15AMN8","NB IP Slim 3 15AMN8 R3 8G 512G 11S","Win 11","Thin & Light","Entry","R3 7320U","Consumer",36690,null,"NB",36690,"North2",43294.2,"",null,"North2","Mainstream","Entry","-"]
[21656797,"Vishal Jaiswal","vishal.jaiswal@v5global.co.in",9369840011,"V5 Global","Kanpur","V5266996","Uttar Pradesh","Uttar Pradesh",null,"V5 Global",null,null,"Mohammad Atif","mohammad.atif@v5global.co.in",null,"North2",null,"External Consumer","ASO","V5 Global ASO",null,"FT",null,"ASO",null,"Rahul Sarin","Rahil Rasheed",null,"Durgendra Singh","Raghavendra Araveeti","rahil.rasheed@v5global.co.in","rahil.rasheed@v5global.co.in","rsarin2@lenovo.com","dsingh1@lenovo.com","raraveeti@lenovo.com","ASO","Shilpi Gautam","sgautam2@lenovo.com",null,"Durgendra Singh",null,"dsingh1@lenovo.com",null,"2025-12-04","10:24:00","26.461584,80.3561209","Swastik computer",{"$nulls":3},"T3","09AGIPT9797K1Z3","North2",null,"T-20763","Kanpur","Uttar Pradesh","Denave",null,"Yes","Telephonic","83K100CAIN",1,"Lenovo","Ideapad","Slim 3","NB IP Slim 3 15IRH10 I5 8G 512G 11S","Win 11","Thin & Light","Premium","i5 13420H/8GB/512GB SSD","Consumer",56251,null,"NB",56251,"North2",66376.18,"",null,"North2","Premium","Mainstream","-"]
[21656822,"Vishal Jaiswal","vishal.jaiswal@v5global.co.in",9369840011,"V5 Global","Kanpur","V5266996","Uttar Pradesh","Uttar Pradesh",null,"V5 Global",null,null,"Mohammad Atif","mohammad.atif@v5global.co.in",null,"North2",null,"External Consumer","ASO","V5 Global ASO",null,"FT",null,"ASO",null,"Rahul Sarin","Rahil Rasheed",null,"Durgendra Singh","Raghavendra Araveeti","rahil.rasheed@v5global.co.in","rahil.rasheed@v5global.co.in","rsarin2@lenovo.com","dsingh1@lenovo.com","raraveeti@lenovo.com","ASO","Shilpi Gautam","sgautam2@lenovo.com",null,"Durgendra Singh",null,"dsingh1@lenovo.com",null,"2025-12-04","10:26:00","26.4615918,80.3560879","Fairdeal Technologies",{"$nulls":3},"T3",null,"North2",null,"T-23400","Kanpur","Uttar Pradesh","V5 Global",null,"Yes","Face to Face","83ER00MCIN",1,"Lenovo","Ideapad","Slim 3","Lenovo IdeaPad Slim 3 12th Gen Intel Core i5-12450H 15\" (39.6cm) FHD IPS 300 Nits Thin & Light Laptop (16GB/512GB SSD/Win 11/MSO","Win 11","Thin & Light","Mainstream","i5 12th Gen","Consumer",41000,null,"NB",41000,"North2",48380,"",null,"North2","Mainstream","Mainstream","-"]
[21656830,"Vishal Jaiswal","vishal.jaiswal@v5global.co.in",9369840011,"V5 Global","Kanpur","V5266996","Uttar Pradesh","Uttar Pradesh",null,"V5 Global",null,null,"Mohammad Atif","mohammad.atif@v5global.co.in",null,"North2",null,"External Consumer","ASO","V5 Global ASO",null,"FT",null,"ASO",null,"Rahul Sarin","Rahil Rasheed",null,"Durgendra Singh","Raghavendra Araveeti","rahil.rasheed@v5global.co.in","rahil.rasheed@v5global.co.in","rsarin2@lenovo.com","dsingh1@lenovo.com","raraveeti@lenovo.com","ASO","Shilpi Gautam","sgautam2@lenovo.com",null,"Durgendra Singh",null,"dsingh1@lenovo.com",null,"2025-12-04","10:26:00","26.4615938,80.3560851","Laptop Wala",{"$nulls":3},"T3",null,"North2",null,"T-23437","Kanpur","Uttar Pradesh","V5 Global",null,"Yes","Face to Face","83ER00MCIN",2,"Lenovo","Ideapad","Slim 3","Lenovo IdeaPad Slim 3 12th Gen Intel Core i5-12450H 15\" (39.6cm) FHD IPS 300 Nits Thin & Light Laptop (16GB/512GB SSD/Win 11/MSO","Win 11","Thin & Light","Mainstream","i5 12th Gen","Consumer",41000,null,"NB",82000,"North2",48380,"",null,"North2","Mainstream","Mainstream","-"]
[21657346,"Sunny Ashok Warwatkar","sunny.warwatkar@v5global.co.in",8888599205,"V5 Global","Amravati",601349,"MAHARASHTRA","Maharashtra",null,"V5 Global",null,null,"Safdar Hussian","safder.khan@v5global.co.in",null,"West1",null,"External Consumer","ASO","V5 Global ASO",null,"FT",null,"ASO",null,"Sonia more","TBH",null,"Hemant C Baghel","Sharad verma",null,null,"smore3@lenovo.com","hbaghel@lenovo.com","sharverm@lenovo.com","ASO","Shilpi Gautam","sgautam2@lenovo.com",null,"Hemant C Baghel",null,"hbaghel@lenovo.com",null,"2025-12-04","10:52:00","20.8848275,77.7526822","Genuine Computer",{"$nulls":3},"T3","27AVGPG5718A1ZX","West1",null,"T-12572","Amravati","Maharashtra",null,null,"Yes","Face to Face","83B40004IN",1,"Lenovo","Ideapad","Ideapad 1","15.6\"FHD,8GB/512GB/I3 1315/WIN/MS OFFICE/","Win 11","Thin & Light","Entry","13 1315","Consumer",36960,null,"NB",36960,"West1",43612.799999999996,"",null,"West1 R","Mainstream","Mainstream","-"]
[21657374,"Sunny Ashok Warwatkar","sunny.warwatkar@v5global.co.in",8888599205,"V5 Global","Amravati",601349,"MAHARASHTRA","Maharashtra",null,"V5 Global",null,null,"Safdar Hussian","safder.khan@v5global.co.in",null,"West1",null,"External Consumer","ASO","V5 Global ASO",null,"FT",null,"ASO",null,"Sonia more","TBH",null,"Hemant C Baghel","Sharad verma",null,null,"smore3@lenovo.com","hbaghel@lenovo.com","sharverm@lenovo.com","ASO","Shilpi Gautam","sgautam2@lenovo.com",null,"Hemant C Baghel",null,"hbaghel@lenovo.com",null,"2025-12-04","10:53:00","20.8845331,77.7530823","J.J Computer",{"$nulls":3},"T3","27AALFJ2204L1ZB","West1",null,"T-12558","Buldhana","Maharashtra",null,null,"Yes","Face to Face","82R4011PIN",2,"Lenovo","IdeaPad","IdeaPad 1 15ALC7","AMD Ryzenâ„¢ 5 5500U , Integrated AMD Radeonâ„¢ Graphics, 8GB , 512 GB SSD, 15.6\" FHD (1920x1080) IPS 250nits Anti-glare, 1.61 kg, C","Win 11","Thin & Light","Mainstream","AMD Ryzenâ„¢ 5 5500U","Consumer",35259,null,"NB",70518,"West1",41605.619999999995,"",null,"West1 R","Mainstream","Entry","-"]
[21657386,"Sunny Ashok Warwatkar","sunny.warwatkar@v5global.co.in",8888599205,"V5 Global","Amravati",601349,"MAHARASHTRA","Maharashtra",null,"V5 Global",null,null,"Safdar Hussian","safder.khan@v5global.co.in",null,"West1",null,"External Consumer","ASO","V5 Global ASO",null,"FT",null,"ASO",null,"Sonia more","TBH",null,"Hemant C Baghel","Sharad verma",null,null,"smore3@lenovo.com","hbaghel@lenovo.com","sharverm@lenovo.com","ASO","Shilpi Gautam","sgautam2@lenovo.com",null,"Hemant C Baghel",null,"hbaghel@lenovo.com",null,"2025-12-04","10:54:00","20.8844017,77.7531081","Pragti Computer",{"$nulls":3},"T3","27ABXPPW4318F2Z0","West1",null,"T-12544","Buldhana","Maharashtra",null,null,"Yes","Face to Face","82ER00MCIN",1,"Lenovo","Ideapad","Slim 3","15.6\" (39.62cm) FHD / 16 GB DDR5 RAM / 512 GB SSD/ARCTIC GREY/\t","Win 11","Thin & Light","Mainstream","Core i5 12th Gen","Consumer",53000,null,"NB",53000,"West1",62540,"",null,"West1 R","Mainstream","Mainstream","NA"]
[21657410,"Sunny Ashok Warwatkar","sunny.warwatkar@v5global.co.in",8888599205,"V5 Global","Amravati",601349,"MAHARASHTRA","Maharashtra",null,"V5 Global",null,null,"Safdar Hussian","safder.khan@v5global.co.in",null,"West1",null,"External Consumer","ASO","V5 Global ASO",null,"FT",null,"ASO",null,"Sonia more","TBH",null,"Hemant C Baghel","Sharad verma",null,null,"smore3@lenovo.com","hbaghel@lenovo.com","sharverm@lenovo.com","ASO","Shilpi Gautam","sgautam2@lenovo.com",null,"Hemant C Baghel",null,"hbaghel@lenovo.com",null,"2025-12-04","10:54:00","20.8845802,77.7529913","Keshwani Computer",{"$nulls":3},"T3","27ALKPK6923D1Z2","West1",null,"T-12575","Yavatmal","Maharashtra",null,null,"Yes","Face to Face","82R4011PIN",2,"Lenovo","IdeaPad","IdeaPad 1 15ALC7","AMD Ryzenâ„¢ 5 5500U , Integrated AMD Radeonâ„¢ Graphics, 8GB , 512 GB SSD, 15.6\" FHD (1920x1080) IPS 250nits Anti-glare, 1.61 kg, C","Win 11","Thin & Light","Mainstream","AMD Ryzenâ„¢ 5 5500U","Consumer",35259,null,"NB",70518,"West1",41605.619999999995,"",null,"West1 R","Mainstream","Entry","-"]
[21657410,"Sunny Ashok Warwatkar","sunny.warwatkar@v5global.co.in",8888599205,"V5 Global","Amravati",601349,"MAHARASHTRA","Maharashtra",null,"V5 Global",null,null,"Safdar Hussian","safder.khan@v5global.co.in",null,"West1",null,"External Consumer","ASO","V5 Global ASO",null,"FT",null,"ASO",null,"Sonia more","TBH",null,"Hemant C Baghel","Sharad verma",null,null,"smore3@lenovo.com","hbaghel@lenovo.com","sharverm@lenovo.com","ASO","Shilpi Gautam","sgautam2@lenovo.com",null,"Hemant C Baghel",null,"hbaghel@lenovo.com",null,"2025-12-04","10:54:00","20.8845802,77.7529913","Keshwani Computer",{"$nulls":3},"T3","27ALKPK6923D1Z2","West1",null,"T-12575","Yavatmal","Maharashtra",null,null,"Yes","Face to Face","83GS00MWIN",1,"Lenovo","LOQ","LOQ 15IAX9","Len LOQ-15 /16/512) GFX 2050 MS Office","Win 11","Gaming","Premium","i5 12450HX","Consumer",69999,null,"NB",69999,"West1",82598.81999999999,"SP","Gaming","West1 R","Premium","Premium","-"]
[21657424,"Sunny Ashok Warwatkar","sunny.warwatkar@v5global.co.in",8888599205,"V5 Global","Amravati",601349,"MAHARASHTRA","Maharashtra",null,"V5 Global",null,null,"Safdar Hussian","safder.khan@v5global.co.in",null,"West1",null,"External Consumer","ASO","V5 Global ASO",null,"FT",null,"ASO",null,"Sonia more","TBH",null,"Hemant C Baghel","Sharad verma",null,null,"smore3@lenovo.com","hbaghel@lenovo.com","sharverm@lenovo.com","ASO","Shilpi Gautam","sgautam2@lenovo.com",null,"Hemant C Baghel",null,"hbaghel@lenovo.com",null,"2025-12-04","10:55:00","20.88438,77.7531371","Agrawal Enterprises",{"$nulls":3},"T3",null,"West1",null,"T-28312","Akola","Maharashtra","Denave",null,"Yes","Face to Face","83GS00MWIN",1,"Lenovo","LOQ","LOQ 15IAX9","Len LOQ-15 /16/512) GFX 2050 MS Office","Win 11","Gaming","Premium","i5 12450HX","Consumer",69999,null,"NB",69999,"West1",82598.81999999999,"SP","Gaming","West1 R","Premium","Premium","-"]
[21657439,"Sunny Ashok Warwatkar","sunny.warwatkar@v5global.co.in",8888599205,"V5 Global","Amravati",601349,"MAHARASHTRA","Maharashtra",null,"V5 Global",null,null,"Safdar Hussian","safder.khan@v5global.co.in",null,"West1",null,"External Consumer","ASO","V5 Global ASO",null,"FT",null,"ASO",null,"Sonia more","TBH",null,"Hemant C Baghel","Sharad verma",null,null,"smore3@lenovo.com","hbaghel@lenovo.com","sharverm@lenovo.com","ASO","Shilpi Gautam","sgautam2@lenovo.com",null,"Hemant C Baghel",null,"hbaghel@lenovo.com",null,"2025-12-04","10:56:00","20.8845689,77.7528904","Supra Computer Seles & Services",{"$nulls":3},"T3","27AGWPK0122B1ZQ","West1",null,"T-12495","Akola","Maharashtra",null,null,"Yes","Face to Face","82R4011NIN",1,"Lenovo","IDEA PAD SLIM1","IDEA PAD SLIM1","R5 /5500U/8 GB RAM/512 TB SSD/INT.","WIn 11","Thin & Light","Mainstream","R5","Consumer",35000,null,"NB",35000,"West1",41300,"",null,"West1 R","Mainstream","Entry","-"]
[21657457,"Sunny Ashok Warwatkar","sunny.warwatkar@v5global.co.in",8888599205,"V5 Global","Amravati",601349,"MAHARASHTRA","Maharashtra",null,"V5 Global",null,null,"Safdar Hussian","safder.khan@v5global.co.in",null,"West1",null,"External Consumer","ASO","V5 Global ASO",null,"FT",null,"ASO",null,"Sonia more","TBH",null,"Hemant C Baghel","Sharad verma",null,null,"smore3@lenovo.com","hbaghel@lenovo.com","sharverm@lenovo.com","ASO","Shilpi Gautam","sgautam2@lenovo.com",null,"Hemant C Baghel",null,"hbaghel@lenovo.com",null,"2025-12-04","10:56:00","20.8848236,77.7521959","Technorama Computers",{"$nulls":3},"T3","27AHUPP3192R1Z4","West1",null,"T-12516","Amravati","Maharashtra",null,null,"Yes","Face to Face","83GS00MWIN",1,"Lenovo","LOQ","LOQ 15IAX9","Len LOQ-15 /16/512) GFX 2050 MS Office","Win 11","Gaming","Premium","i5 12450HX","Consumer",69999,null,"NB",69999,"West1",82598.81999999999,"SP","Gaming","West1 R","Premium","Premium","-"]
[21657506,"Sunny Ashok Warwatkar","sunny.warwatkar@v5global.co.in",8888599205,"V5 Global","Amravati",601349,"MAHARASHTRA","Maharashtra",null,"V5 Global",null,null,"Safdar Hussian","safder.khan@v5global.co.in",null,"West1",null,"External Consumer","ASO","V5 Global ASO",null,"FT",null,"ASO",null,"Sonia more","TBH",null,"Hemant C Baghel","Sharad verma",null,null,"smore3@lenovo.com","hbaghel@lenovo.com","sharverm@lenovo.com","ASO","Shilpi Gautam","sgautam2@lenovo.com",null,"Hemant C Baghel",null,"hbaghel@lenovo.com",null,"2025-12-04","10:58:00","20.8848301,77.7526898","Shree Technology",{"$nulls":3},"T3","27AWZPA2891A1ZE","West1",null,"T-12573","Amravati","Maharashtra",null,null,"Yes","Face to Face","82ER00MCIN",1,"Lenovo","Ideapad","Slim 3","15.6\" (39.62cm) FHD / 16 GB DDR5 RAM / 512 GB SSD/ARCTIC GREY/\t","Win 11","Thin & Light","Mainstream","Core i5 12th Gen","Consumer",53000,null,"NB",53000,"West1",62540,"",null,"West1 R","Mainstream","Mainstream","NA"]
[21657506,"Sunny Ashok Warwatkar","sunny.warwatkar@v5global.co.in",8888599205,"V5 Global","Amravati",601349,"MAHARASHTRA","Maharashtra",null,"V5 Global",null,null,"Safdar Hussian","safder.khan@v5global.co.in",null,"West1",null,"External Consumer","ASO","V5 Global ASO",null,"FT",null,"ASO",null,"Sonia more","TBH",null,"Hemant C Baghel","Sharad verma",null,null,"smore3@lenovo.com","hbaghel@lenovo.com","sharverm@lenovo.com","ASO","Shilpi Gautam","sgautam2@lenovo.com",null,"Hemant C Baghel",null,"hbaghel@lenovo.com",null,"2025-12-04","10:58:00","20.8848301,77.7526898","Shree Technology",{"$nulls":3},"T3","27AWZPA2891A1ZE","West1",null,"T-12573","Amravati","Maharashtra",null,null,"Yes","Face to Face","82R4011NIN",1,"Lenovo","IDEA PAD SLIM1","IDEA PAD SLIM1","R5 /5500U/8 GB RAM/512 TB SSD/INT.","WIn 11","Thin & Light","Mainstream","R5","Consumer",35000,null,"NB",35000,"West1",41300,"",null,"West1 R","Mainstream","Entry","-"]
[21657523,"Sunny Ashok Warwatkar","sunny.warwatkar@v5global.co.in",8888599205,"V5 Global","Amravati",601349,"MAHARASHTRA","Maharashtra",null,"V5 Global",null,null,"Safdar Hussian","safder.khan@v5global.co.in",null,"West1",null,"External Consumer","ASO","V5 Global ASO",null,"FT",null,"ASO",null,"Sonia more","TBH",null,"Hemant C Baghel","Sharad verma",null,null,"smore3@lenovo.com","hbaghel@lenovo.com","sharverm@lenovo.com","ASO","Shilpi Gautam","sgautam2@lenovo.com",null,"Hemant C Baghel",null,"hbaghel@lenovo.com",null,"2025-12-04","10:59:00","20.8848435,77.7526328","Hitech Computer",{"$nulls":3},"T3","27AHOPG8822B1ZD","West1",null,"T-12502","Akola","Maharashtra",null,null,"Yes","Face to Face","82ER00MCIN",1,"Lenovo","Ideapad","Slim 3","15.6\" (39.62cm) FHD / 16 GB DDR5 RAM / 512 GB SSD/ARCTIC GREY/\t","Win 11","Thin & Light","Mainstream","Core i5 12th Gen","Consumer",53000,null,"NB",53000,"West1",62540,"",null,"West1 R","Mainstream","Mainstream","NA"]
[21657523,"Sunny Ashok Warwatkar","sunny.warwatkar@v5global.co.in",8888599205,"V5 Global","Amravati",601349,"MAHARASHTRA","Maharashtra",null,"V5 Global",null,null,"Safdar Hussian","safder.khan@v5global.co.in",null,"West1",null,"External Consumer","ASO","V5 Global ASO",null,"FT",null,"ASO",null,"Sonia more","TBH",null,"Hemant C Baghel","Sharad verma",null,null,"smore3@lenovo.com","hbaghel@lenovo.com","sharverm@lenovo.com","ASO","Shilpi Gautam","sgautam2@lenovo.com",null,"Hemant C Baghel",null,"hbaghel@lenovo.com",null,"2025-12-04","10:59:00","20.8848435,77.7526328","Hitech Computer",{"$nulls":3},"T3","27AHOPG8822B1ZD","West1",null,"T-12502","Akola","Maharashtra",null,null,"Yes","Face to Face","82R4011PIN",1,"Lenovo","IdeaPad","IdeaPad 1 15ALC7","AMD Ryzenâ„¢ 5 5500U , Integrated AMD Radeonâ„¢ Graphics, 8GB , 512 GB SSD, 15.6\" FHD (1920x1080) IPS 250nits Anti-glare, 1.61 kg, C","Win 11","Thin & Light","Mainstream","AMD Ryzenâ„¢ 5 5500U","Consumer",35259,null,"NB",35259,"West1",41605.619999999995,"",null,"West1 R","Mainstream","Entry","-"]
[21657550,"Sunny Ashok Warwatkar","sunny.warwatkar@v5global.co.in",8888599205,"V5 Global","Amravati",601349,"MAHARASHTRA","Maharashtra",null,"V5 Global",null,null,"Safdar Hussian","safder.khan@v5global.co.in",null,"West1",null,"External Consumer","ASO","V5 Global ASO",null,"FT",null,"ASO",null,"Sonia more","TBH",null,"Hemant C Baghel","Sharad verma",null,null,"smore3@lenovo.com","hbaghel@lenovo.com","sharverm@lenovo.com","ASO","Shilpi Gautam","sgautam2@lenovo.com",null,"Hemant C Baghel",null,"hbaghel@lenovo.com",null,"2025-12-04","11:00:00","20.884762,77.7523264","Durga Enterprises",{"$nulls":3},"T3","27AQRPR3312D1ZT","West1",null,"T-12581","Buldhana","Maharashtra",null,null,"Yes","Telephonic","83GS00MWIN",1,"Lenovo","LOQ","LOQ 15IAX9","Len LOQ-15 /16/512) GFX 2050 MS Office","Win 11","Gaming","Premium","i5 12450HX","Consumer",69999,null,"NB",69999,"West1",82598.81999999999,"SP","Gaming","West1 R","Premium","Premium","-"]
[21664091,"Ramisetty Gopalkrishna","ramisetty.krishna@v5global.co.in",7050129999,"V5 Global","Vijaywada","V5303153","Andhra Pradesh","Andhra Pradesh",null,"V5 Global",null,null,"TBH (HYD)",null,null,"South2",null,"External Consumer","ASO","V5 Global ASO",null,"FT",null,"ASO",null,"Prabhakar G","S.Arunbabu",null,"Prabhu Subaramanian","Sharad verma","arun.babu@v5global.co.in","arun.babu@v5global.co.in","gprabhakar@lenovo.com","psubramania4@lenovo.com","sharverm@lenovo.com","ASO","Shilpi Gautam","sgautam2@lenovo.com",null,"Prabhu Subaramanian",null,"psubramania4@lenovo.com",null,"2025-12-04","11:18:00","16.4835066,80.6627204","RAJU COMPUTERS",{"$nulls":3},"T3","37ALNPT3107F1ZZ","South2",null,"T-10378","Krishna","Andhra Pradesh","V5 Global",null,"Yes","Face to Face","83DV018PIN",1,"Lenovo","LOQ","LOQ","16 GB RAM 512 SSD WINDOWS 11 MS OFFICE LIFETIME TIME 2024 NVIDIA RTX 3050 6GB LUNA GREY","Win 11","Gaming","Premium","13650HX","Consumer",73305,null,"NB",73305,"South2",86499.9,"SP","Gaming","South2","Premium","Premium","-"]
[21661140,"Umer Farooq Bhat","umer.farooq@v5global.co.in",7006131255,"V5 Global","Srinagar","V5266190","Jammu and Kashmir","Jammu and Kashmir",null,"V5 Global",null,null,"Shivam Kumar1","shivam.kumar1@v5global.co.in",null,"North1",null,"External Consumer","ASO","V5 Global ASO",null,"FT",null,"ASO",null,"Karan Kapoor","Gaurav Sharma",null,"Kumar Tanksale","Raghavendra Araveeti","gaurav.sharma@v5global.co.in","gaurav.sharma@v5global.co.in","Kkapoor@lenovo.com","ktanksale1@lenovo.com","raraveeti@lenovo.com","ASO","Shilpi Gautam","sgautam2@lenovo.com",null,"Kumar Tanksale",null,"ktanksale1@lenovo.com",null,"2025-12-04","11:27:00","34.207359201550425,74.34235945343971","B.COM COMPUTERS",{"$nulls":3},"T3","01AAOFB9567H1Z7","North1",null,"T-3565","Baramulla","Jammu And Kashmir","V5 Global",null,"Yes","Face to Face","67DEKAC1IN",1,"Lenovo","Lenovo L27-4C","L27-4C","27â€\u009d 1920x1080 144Hz / Cloud Grey","NA","Visual Variants","Premium","NA","Visuals",10990,null,null,10990,"North1",12968.199999999999,"",null,"North1","Premium","Premium","-"]
[21659388,"Furkan ","furkan.1@v5global.co.in",9818299160,"V5 Global","New Delhi","V5462337","NEW DELHI","New Delhi",null,"V5 Global",null,null,"Mohd Asif","mohd.asif@v5global.co.in",null,"North1",null,"External Consumer","ASO","V5 Global ASO",null,"FT",null,"ASO",null,"Kanwaldeep Singh","Gaurav Sharma",null,"Kumar Tanksale","Raghavendra Araveeti","gaurav.sharma@v5global.co.in","gaurav.sharma@v5global.co.in","ksingh15@lenovo.com","ktanksale1@lenovo.com","raraveeti@lenovo.com","ASO","Shilpi Gautam","sgautam2@lenovo.com",null,"Kumar Tanksale",null,"ktanksale1@lenovo.com",null,"2025-12-04","12:22:00","28.6392895,77.2846431","ARROW ABROAD",{"$nulls":3},"T3",null,"North1",null,"T-24458","New Delhi","New Delhi","V5 Global",null,"Yes","Face to Face","83K100C6IN",1,"Lenovo","Ideapad","Slim 3","IntelÂ® Coreâ„¢ i5-13420H, 8C (4P + 4E) / 12T, P-core 2.1 / 4.6GHz, E-core 1.5 / 3.4GHz, 12MB,8GB Soldered DDR5-4800 + 8GB SO-DIMM ","Win 11","Thin & Light","Mainstream","i5-13420H","Consumer",46000,null,"NB",46000,"North1",54280,"",null,"North1","Mainstream","Premium","-"]
[21659411,"Furkan ","furkan.1@v5global.co.in",9818299160,"V5 Global","New Delhi","V5462337","NEW DELHI","New Delhi",null,"V5 Global",null,null,"Mohd Asif","mohd.asif@v5global.co.in",null,"North1",null,"External Consumer","ASO","V5 Global ASO",null,"FT",null,"ASO",null,"Kanwaldeep Singh","Gaurav Sharma",null,"Kumar Tanksale","Raghavendra Araveeti","gaurav.sharma@v5global.co.in","gaurav.sharma@v5global.co.in","ksingh15@lenovo.com","ktanksale1@lenovo.com","raraveeti@lenovo.com","ASO","Shilpi Gautam","sgautam2@lenovo.com",null,"Kumar Tanksale",null,"ktanksale1@lenovo.com",null,"2025-12-04","12:23:00","28.6392873,77.2846448","VEERA ENTERPRISES",{"$nulls":3},"T3",null,"North1",null,"T-4354","New Delhi","New Delhi","V5 Global",null,"Yes","Face to Face","83F500D7IN",1,"Lenovo","Legion","Legion Pro 7 16IAX10H","NB LN Legion Pro 7 16IAX10H U9 32G 1T11S","Win 11","Gaming","Premium","Ultra 9 OS 16GB GFX Office CORE ULT9 275HX RTX 5070 Ti 12GB","Consumer",252490,null,"NB",252490,"North1",297938.2,"SP","Gaming","North1","Premium","Premium","-"]
[21659427,"Furkan ","furkan.1@v5global.co.in",9818299160,"V5 Global","New Delhi","V5462337","NEW DELHI","New Delhi",null,"V5 Global",null,null,"Mohd Asif","mohd.asif@v5global.co.in",null,"North1",null,"External Consumer","ASO","V5 Global ASO",null,"FT",null,"ASO",null,"Kanwaldeep Singh","Gaurav Sharma",null,"Kumar Tanksale","Raghavendra Araveeti","gaurav.sharma@v5global.co.in","gaurav.sharma@v5global.co.in","ksingh15@lenovo.com","ktanksale1@lenovo.com","raraveeti@lenovo.com","ASO","Shilpi Gautam","sgautam2@lenovo.com",null,"Kumar Tanksale",null,"ktanksale1@lenovo.com",null,"2025-12-04","12:24:00","28.6391833,77.2847","BANSAL STANMART (I) PVT. LTD.",{"$nulls":3},"T3",null,"North1",null,"T-4352","New Delhi","New Delhi","V5 Global",null,"Yes","Face to Face","83K100C6IN",1,"Lenovo","Ideapad","Slim 3","IntelÂ® Coreâ„¢ i5-13420H, 8C (4P + 4E) / 12T, P-core 2.1 / 4.6GHz, E-core 1.5 / 3.4GHz, 12MB,8GB Soldered DDR5-4800 + 8GB SO-DIMM ","Win 11","Thin & Light","Mainstream","i5-13420H","Consumer",46000,null,"NB",46000,"North1",54280,"",null,"North1","Mainstream","Premium","-"]
[21659427,"Furkan ","furkan.1@v5global.co.in",9818299160,"V5 Global","New Delhi","V5462337","NEW DELHI","New Delhi",null,"V5 Global",null,null,"Mohd Asif","mohd.asif@v5global.co.in",null,"North1",null,"External Consumer","ASO","V5 Global ASO",null,"FT",null,"ASO",null,"Kanwaldeep Singh","Gaurav Sharma",null,"Kumar Tanksale","Raghavendra Araveeti","gaurav.sharma@v5global.co.in","gaurav.sharma@v5global.co.in","ksingh15@lenovo.com","ktanksale1@lenovo.com","raraveeti@lenovo.com","ASO","Shilpi Gautam","sgautam2@lenovo.com",null,"Kumar Tanksale",null,"ktanksale1@lenovo.com",null,"2025-12-04","12:24:00","28.6391833,77.2847","BANSAL STANMART (I) PVT. LTD.",{"$nulls":3},"T3",null,"North1",null,"T-4352","New Delhi","New Delhi","V5 Global",null,"Yes","Face to Face","83DC00ACIN",1,"Lenovo","IdeaPad","IdeaPad Slim 5 16IMH9","IntelÂ® Core Ultra 5 125H/16 GB/ 512 SSD/ Win11/Office home-24/Cloud Grey","Win 11","Thin & Light","Premium","IntelÂ® Core Ultra 5 125H","Consumer",70991,null,"NB",70991,"North1",83769.37999999999,"SP","Non-Gaming","North1","Premium","Premium","Slim 5/Slim 5 Pro"]
[21659890,"Devendar Vaishnav","devendar.vaishnav@v5global.co.in",9346025615,"V5 Global","Hyderabad",601572,"Hyderabad","Telangana",null,"V5 Global",null,null,"Mohammed Ibrahim","mohammed.ibrahim@v5global.co.in",null,"South2",null,"External Consumer","ASO","V5 Global ASO",null,"FT",null,"ASO",null,"Santosh Singh","S.Arunbabu",null,"Prabhu Subaramanian","Sharad verma","arun.babu@v5global.co.in","arun.babu@v5global.co.in","ssingh9@lenovo.com","psubramania4@lenovo.com","sharverm@lenovo.com","ASO","Shilpi Gautam","sgautam2@lenovo.com",null,"Prabhu Subaramanian",null,"psubramania4@lenovo.com",null,"2025-12-04","12:59:00","17.4370417,78.4443917","Aditya Computers",{"$nulls":3},"T3","36ABUPY0253G1Z7","South2",null,"T-10539","Hyderabad","Telangana","V5 Global",null,"Yes","Face to Face","82R4011PIN",1,"Lenovo","IdeaPad","IdeaPad 1 15ALC7","AMD Ryzenâ„¢ 5 5500U , Integrated AMD Radeonâ„¢ Graphics, 8GB , 512 GB SSD, 15.6\" FHD (1920x1080) IPS 250nits Anti-glare, 1.61 kg, C","Win 11","Thin & Light","Mainstream","AMD Ryzenâ„¢ 5 5500U","Consumer",35259,null,"NB",35259,"South2",41605.619999999995,"",null,"South2","Mainstream","Entry","-"]
[21660355,"Pran Pratap Singh","pran.singh@v5global.co.in",9001585718,"V5 Global","Jaipur","V5459442","Jaipur","Rajasthan",null,"V5 Global",null,null,"Gourav Jain","gourav.jain@v5global.co.in",null,"North1",null,"External Consumer","ASO","V5 Global ASO",null,"FT",null,"ASO",null,"Ganga Singh","Gaurav Sharma",null,"Kumar Tanksale","Raghavendra Araveeti","gaurav.sharma@v5global.co.in","gaurav.sharma@v5global.co.in","gsingh24@lenovo.com","ktanksale1@lenovo.com","raraveeti@lenovo.com","ASO","Shilpi Gautam","sgautam2@lenovo.com",null,"Kumar Tanksale",null,"ktanksale1@lenovo.com",null,"2025-12-04","13:50:00","26.889081,75.8063633","W-TECH",{"$nulls":3},"T3",null,"West2",null,"T-15724","Jaipur","Rajasthan","Denave",null,"Yes","Face to Face","90D9005HIN",1,"Lenovo","Consumer DT","300S-11ISH","CORE_I5_6400/ 4G/ 1TB/OS/ 3 Year Warranty","Win 10","TDT","Mainstream","Core i5-6400","Consumer",48194,null,"TDT",48194,"North1",56868.92,"",null,"North1","Mainstream","Mainstream","-"]
[21660355,"Pran Pratap Singh","pran.singh@v5global.co.in",9001585718,"V5 Global","Jaipur","V5459442","Jaipur","Rajasthan",null,"V5 Global",null,null,"Gourav Jain","gourav.jain@v5global.co.in",null,"North1",null,"External Consumer","ASO","V5 Global ASO",null,"FT",null,"ASO",null,"Ganga Singh","Gaurav Sharma",null,"Kumar Tanksale","Raghavendra Araveeti","gaurav.sharma@v5global.co.in","gaurav.sharma@v5global.co.in","gsingh24@lenovo.com","ktanksale1@lenovo.com","raraveeti@lenovo.com","ASO","Shilpi Gautam","sgautam2@lenovo.com",null,"Kumar Tanksale",null,"ktanksale1@lenovo.com",null,"2025-12-04","13:50:00","26.889081,75.8063633","W-TECH",{"$nulls":3},"T3",null,"West2",null,"T-15724","Jaipur","Rajasthan","Denave",null,"Yes","Face to Face","67D5KAC6IN",1,"Lenovo","L22-4E","L Series","LEN L22-4E 21.5 IPS  BLACK 100HZ","NA","Visual Variants","Mainstream","NA","Visuals",5331,null,null,{"$f":"BV131*BL131","v":5331},{"$f":"Q131","v":"North1"},{"$f":"BV131*118%","v":6290.58},{"$f":"IF(CF131=\"Premium\",IF(CA131>=65000,\"SP\",\"\"),\"\")","v":""},null,"North1",{"$f":"IF(BU131=\"Consumer\",IF(CA131<40000,\"Entry\",IF(AND(CA131>=40000,CA131<65000),\"Mainstream\",\"Premium\")),IF(BU131=\"Visuals\",BS131,\"NA\"))","v":"Mainstream"},"Mainstream","-"]
[21660379,"Vinod Kumar","vinod.kumar@v5global.co.in",9911547614,"V5 Global","Delhi","V5265873","Delhi","Delhi",null,"V5 Global",null,null,"Chetan Mehta","Chetan.mehta@v5global.co.in",null,"North1",null,"External Consumer","ASO","V5 Global ASO",null,"FT",null,"ASO",null,"Kanwaldeep Singh","Gaurav Sharma",null,"Kumar Tanksale","Raghavendra Araveeti","gaurav.sharma@v5global.co.in","gaurav.sharma@v5global.co.in","ksingh15@lenovo.com","ktanksale1@lenovo.com","raraveeti@lenovo.com","ASO","Shilpi Gautam","sgautam2@lenovo.com",null,"Kumar Tanksale",null,"ktanksale1@lenovo.com",null,"2025-12-04","13:56:00","28.7005327,77.1668616","AMPRO COMPUTERS",{"$nulls":3},"T3","07ANZPS9815K1ZT","North1",null,"T-3832","New Delhi","New Delhi","V5 Global",null,"Yes","Face to Face","F0J6005GIN",1,"Lenovo","AIO","A100","IntelÂ® Coreâ„¢ i3-N305/8GB SO-DIMM DDR4-3200/512GB SSD/Integrated IntelÂ® UHD Graphics/WindowsÂ® 11,Cloud Grey","Win 11","AIO","Mainstream","IntelÂ® Coreâ„¢ i3-N305","Consumer",49000,null,"AIO",49000,"North1",57820,"",null,"North1","Mainstream","Mainstream","i3 OS"]
[21661157,"Umer Farooq Bhat","umer.farooq@v5global.co.in",7006131255,"V5 Global","Srinagar","V5266190","Jammu and Kashmir","Jammu and Kashmir",null,"V5 Global",null,null,"Shivam Kumar1","shivam.kumar1@v5global.co.in",null,"North1",null,"External Consumer","ASO","V5 Global ASO",null,"FT",null,"ASO",null,"Karan Kapoor","Gaurav Sharma",null,"Kumar Tanksale","Raghavendra Araveeti","gaurav.sharma@v5global.co.in","gaurav.sharma@v5global.co.in","Kkapoor@lenovo.com","ktanksale1@lenovo.com","raraveeti@lenovo.com","ASO","Shilpi Gautam","sgautam2@lenovo.com",null,"Kumar Tanksale",null,"ktanksale1@lenovo.com",null,"2025-12-04","14:44:00","34.28690264977106,74.46210131049156","PRINT POINT",{"$nulls":3},"T3",null,"North1",null,"T-3567","Baramulla","Jammu And Kashmir","V5 Global",null,"Yes","Face to Face","67DEKAC1IN",1,"Lenovo","Lenovo L27-4C","L27-4C","27â€\u009d 1920x1080 144Hz / Cloud Grey","NA","Visual Variants","Premium","NA","Visuals",10990,null,null,10990,"North1",12968.199999999999,"",null,"North1","Premium","Premium","-"]
[21660706,"Sukanta Sinha","sukanta.sinha@v5global.co.in",9854184578,"V5 Global","Guwahati","V5266867","NE","NE",null,"V5 Global",null,null,"Sukamal Saha","sukamal.saha@v5global.co.in",null,"East1",null,"External Consumer","ASO","V5 Global ASO",null,"FT",null,"ASO",null,"Partha Chakraborty","Amit Thakuri",null,"Amit Tiwari","Raghavendra Araveeti","amit.thakuri@v5global.co.in","amit.thakuri@v5global.co.in","pchakraborty@lenovo.com","atiwari11@lenovo.com","raraveeti@lenovo.com","ASO","Shilpi Gautam","sgautam2@lenovo.com",null,"Amit Tiwari",null,"atiwari11@lenovo.com",null,"2025-12-04","15:07:00","26.1784299,91.7532139","Maruti Sales and Service",{"$nulls":3},"T3","18ABGFM5224K1Z2","East1",null,"T-22304","Guwahati","Assam","Denave",null,"Yes","Face to Face","67DDKAC6IN",1,"Lenovo","Monitor","Monitor","Non Gaming|L24-4C|23.8\"","NA","Visual Variants","Mainstream","L24-4C","Visuals",8500,null,null,8500,"East1",10030,"",null,"East1","Mainstream","Mainstream","-"]
[21664151,"Ramisetty Gopalkrishna","ramisetty.krishna@v5global.co.in",7050129999,"V5 Global","Vijaywada","V5303153","Andhra Pradesh","Andhra Pradesh",null,"V5 Global",null,null,"TBH (HYD)",null,null,"South2",null,"External Consumer","ASO","V5 Global ASO",null,"FT",null,"ASO",null,"Prabhakar G","S.Arunbabu",null,"Prabhu Subaramanian","Sharad verma","arun.babu@v5global.co.in","arun.babu@v5global.co.in","gprabhakar@lenovo.com","psubramania4@lenovo.com","sharverm@lenovo.com","ASO","Shilpi Gautam","sgautam2@lenovo.com",null,"Prabhu Subaramanian",null,"psubramania4@lenovo.com",null,"2025-12-04","15:40:00","16.4836943,80.6625046","JOY COMPUTERS",{"$nulls":3},"T3","37ALYPC5024H1ZX","South3",null,"T-10334","Krishna","Andhra Pradesh",null,null,"Yes","Face to Face","83K100C6IN",1,"Lenovo","Ideapad","Slim 3","IntelÂ® Coreâ„¢ i5-13420H, 8C (4P + 4E) / 12T, P-core 2.1 / 4.6GHz, E-core 1.5 / 3.4GHz, 12MB,8GB Soldered DDR5-4800 + 8GB SO-DIMM ","Win 11","Thin & Light","Mainstream","i5-13420H","Consumer",46000,null,"NB",46000,"South2",54280,"",null,"South2","Mainstream","Premium","-"]
[21660900,"Nilay Girishbhai Bandhara","nilay.bandhara@v5global.co.in",9979302088,"V5 Global","Vadodara","V5341501","Gujarat","Gujarat",null,"V5 Global",null,null,"Darshan Shah","darshan.shah@v5global.co.in",null,"West1",null,"External Consumer","ASO","V5 Global ASO",null,"FT",null,"ASO",null,"Darshan Thakkar","Yunus Hamid Mansoori",null,"Hemant C Baghel","Sharad verma","yunus.hamid@v5global.co.in","yunus.hamid@v5global.co.in","tjitendrabha@lenovo.com","hbaghel@lenovo.com","sharverm@lenovo.com","ASO","Shilpi Gautam","sgautam2@lenovo.com",null,"Hemant C Baghel",null,"hbaghel@lenovo.com",null,"2025-12-04","15:49:00","22.3075173,73.170122","GAYATRI HARD-TECH",{"$nulls":3},"T3","24AICPM3509L1ZB","West1",null,"T-14555","Bharuch","Gujarat","V5 Global",null,"Yes","Telephonic","67BEKAC1IN",2,"Lenovo","Monitor","L27I-4A","L27I-4A","NA","Visual Variants","Premium","NA","Visuals",13000,null,null,26000,"West1",15340,"",null,"West1 M","Premium","Premium","-"]
[21660901,"Nilay Girishbhai Bandhara","nilay.bandhara@v5global.co.in",9979302088,"V5 Global","Vadodara","V5341501","Gujarat","Gujarat",null,"V5 Global",null,null,"Darshan Shah","darshan.shah@v5global.co.in",null,"West1",null,"External Consumer","ASO","V5 Global ASO",null,"FT",null,"ASO",null,"Darshan Thakkar","Yunus Hamid Mansoori",null,"Hemant C Baghel","Sharad verma","yunus.hamid@v5global.co.in","yunus.hamid@v5global.co.in","tjitendrabha@lenovo.com","hbaghel@lenovo.com","sharverm@lenovo.com","ASO","Shilpi Gautam","sgautam2@lenovo.com",null,"Hemant C Baghel",null,"hbaghel@lenovo.com",null,"2025-12-04","15:50:00","22.3075203,73.170122","RADHE COMPUTERS ( ANKLESHWAR)",{"$nulls":3},"T3","24ANHPS6149J1ZK","West1",null,"T-14556","Ankleshwar","Gujarat","V5 Global",null,"Yes","Telephonic","67BEKAC1IN",2,"Lenovo","Monitor","L27I-4A","L27I-4A","NA","Visual Variants","Premium","NA","Visuals",13000,null,null,26000,"West1",15340,"",null,"West1 M","Premium","Premium","-"]
[21661811,"Vinod Kumar","vinod.kumar@v5global.co.in",9911547614,"V5 Global","Delhi","V5265873","Delhi","Delhi",null,"V5 Global",null,null,"Chetan Mehta","Chetan.mehta@v5global.co.in",null,"North1",null,"External Consumer","ASO","V5 Global ASO",null,"FT",null,"ASO",null,"Kanwaldeep Singh","Gaurav Sharma",null,"Kumar Tanksale","Raghavendra Araveeti","gaurav.sharma@v5global.co.in","gaurav.sharma@v5global.co.in","ksingh15@lenovo.com","ktanksale1@lenovo.com","raraveeti@lenovo.com","ASO","Shilpi Gautam","sgautam2@lenovo.com",null,"Kumar Tanksale",null,"ktanksale1@lenovo.com",null,"2025-12-04","18:06:00","28.9115083,77.0550117","Micron Compuserve",{"$nulls":3},"T3","07AGTPM4206H1Z8","North1",null,"T-24597","New Delhi","New Delhi","V5 Global",null,"Yes","Face to Face","F0HM003CIN",1,"Lenovo","IdeaCentre","IdeaCentre AIO 27IRH9","DT IC AIO 27IRH9 I513420H 1T 16G","Win 11","AIO","Premium","i5 13420H","Consumer",69990,null,"AIO",69990,"North1",82588.2,"SP","Non-Gaming","North1","Premium","Premium","-"]
[21661853,"Pran Pratap Singh","pran.singh@v5global.co.in",9001585718,"V5 Global","Jaipur","V5459442","Jaipur","Rajasthan",null,"V5 Global",null,null,"Gourav Jain","gourav.jain@v5global.co.in",null,"North1",null,"External Consumer","ASO","V5 Global ASO",null,"FT",null,"ASO",null,"Ganga Singh","Gaurav Sharma",null,"Kumar Tanksale","Raghavendra Araveeti","gaurav.sharma@v5global.co.in","gaurav.sharma@v5global.co.in","gsingh24@lenovo.com","ktanksale1@lenovo.com","raraveeti@lenovo.com","ASO","Shilpi Gautam","sgautam2@lenovo.com",null,"Kumar Tanksale",null,"ktanksale1@lenovo.com",null,"2025-12-04","18:10:00","26.8890201,75.8064318","SHREE MANGALAM COMPUTERS & COMMUNICATION",{"$nulls":3},"T3",null,"North1",null,"T-15689","Jaipur","Rajasthan","V5 Global",null,"Yes","Face to Face","90D9005HIN",1,"Lenovo","Consumer DT","300S-11ISH","CORE_I5_6400/ 4G/ 1TB/OS/ 3 Year Warranty","Win 10","TDT","Mainstream","Core i5-6400","Consumer",48194,null,"TDT",48194,"North1",56868.92,"",null,"North1","Mainstream","Mainstream","-"]
[21661853,"Pran Pratap Singh","pran.singh@v5global.co.in",9001585718,"V5 Global","Jaipur","V5459442","Jaipur","Rajasthan",null,"V5 Global",null,null,"Gourav Jain","gourav.jain@v5global.co.in",null,"North1",null,"External Consumer","ASO","V5 Global ASO",null,"FT",null,"ASO",null,"Ganga Singh","Gaurav Sharma",null,"Kumar Tanksale","Raghavendra Araveeti","gaurav.sharma@v5global.co.in","gaurav.sharma@v5global.co.in","gsingh24@lenovo.com","ktanksale1@lenovo.com","raraveeti@lenovo.com","ASO","Shilpi Gautam","sgautam2@lenovo.com",null,"Kumar Tanksale",null,"ktanksale1@lenovo.com",null,"2025-12-04","18:10:00","26.8890201,75.8064318","SHREE MANGALAM COMPUTERS & COMMUNICATION",{"$nulls":3},"T3",null,"North1",null,"T-15689","Jaipur","Rajasthan","V5 Global",null,"Yes","Face to Face","67D5KAC6IN",1,"Lenovo","L22-4E","L Series","LEN L22-4E 21.5 IPS  BLACK 100HZ","NA","Visual Variants","Mainstream","NA","Visuals",5331,null,null,5331,"North1",6290.58,"",null,"North1","Mainstream","Mainstream","-"]
[21661906,"Sukanta Sinha","sukanta.sinha@v5global.co.in",9854184578,"V5 Global","Guwahati","V5266867","NE","NE",null,"V5 Global",null,null,"Sukamal Saha","sukamal.saha@v5global.co.in",null,"East1",null,"External Consumer","ASO","V5 Global ASO",null,"FT",null,"ASO",null,"Partha Chakraborty","Amit Thakuri",null,"Amit Tiwari","Raghavendra Araveeti","amit.thakuri@v5global.co.in","amit.thakuri@v5global.co.in","pchakraborty@lenovo.com","atiwari11@lenovo.com","raraveeti@lenovo.com","ASO","Shilpi Gautam","sgautam2@lenovo.com",null,"Amit Tiwari",null,"atiwari11@lenovo.com",null,"2025-12-04","18:18:00","26.1762571,91.7554827","Eastern Electrovision",{"$nulls":3},"T3","18BONPK1163G1ZV","East1",null,"T-73","Kamrup","ASSAM","V5 Global",null,"Yes","Telephonic","82R4011NIN",3,"Lenovo","IDEA PAD SLIM1","IDEA PAD SLIM1","R5 /5500U/8 GB RAM/512 TB SSD/INT.","WIn 11","Thin & Light","Mainstream","R5","Consumer",35000,null,"NB",105000,"East1",41300,"",null,"East1","Mainstream","Entry","-"]
[21661906,"Sukanta Sinha","sukanta.sinha@v5global.co.in",9854184578,"V5 Global","Guwahati","V5266867","NE","NE",null,"V5 Global",null,null,"Sukamal Saha","sukamal.saha@v5global.co.in",null,"East1",null,"External Consumer","ASO","V5 Global ASO",null,"FT",null,"ASO",null,"Partha Chakraborty","Amit Thakuri",null,"Amit Tiwari","Raghavendra Araveeti","amit.thakuri@v5global.co.in","amit.thakuri@v5global.co.in","pchakraborty@lenovo.com","atiwari11@lenovo.com","raraveeti@lenovo.com","ASO","Shilpi Gautam","sgautam2@lenovo.com",null,"Amit Tiwari",null,"atiwari11@lenovo.com",null,"2025-12-04","18:18:00","26.1762571,91.7554827","Eastern Electrovision",{"$nulls":3},"T3","18BONPK1163G1ZV","East1",null,"T-73","Kamrup","ASSAM","V5 Global",null,"Yes","Telephonic","82X700HMIN",5,"Lenovo","IdeaPad Slim 3","Slim 3","15.6\", 8GB, 512GB, Integrated Intel UHD Graphics, Office Home 2024, Arctic Grey\t","Win 11","Thin & Light","Mainstream","Intel Core i3-1315U\t","Consumer",41000,null,"NB",205000,"East1",48380,"",null,"East1","Mainstream","Mainstream","i3 OS"]
[21661950,"Sukanta Sinha","sukanta.sinha@v5global.co.in",9854184578,"V5 Global","Guwahati","V5266867","NE","NE",null,"V5 Global",null,null,"Sukamal Saha","sukamal.saha@v5global.co.in",null,"East1",null,"External Consumer","ASO","V5 Global ASO",null,"FT",null,"ASO",null,"Partha Chakraborty","Amit Thakuri",null,"Amit Tiwari","Raghavendra Araveeti","amit.thakuri@v5global.co.in","amit.thakuri@v5global.co.in","pchakraborty@lenovo.com","atiwari11@lenovo.com","raraveeti@lenovo.com","ASO","Shilpi Gautam","sgautam2@lenovo.com",null,"Amit Tiwari",null,"atiwari11@lenovo.com",null,"2025-12-04","18:19:00","26.1762443,91.7554848","Hd System & Technology",{"$nulls":3},"T3","18BIHPD4266P1ZR","East1",null,"T-88","Kamrup Metropolitan","ASSAM","V5 Global",null,"Yes","Face to Face","67DEKAC1IN",1,"Lenovo","Lenovo L27-4C","L27-4C","27â€\u009d 1920x1080 144Hz / Cloud Grey","NA","Visual Variants","Premium","NA","Visuals",10990,null,null,10990,"East1",12968.199999999999,"",null,"East1","Premium","Premium","-"]
[21662521,"Surjeet Kumar","surjeet.kumar@v5global.co.in",7004963220,"V5 Global","Muzaffarpur","V5339429","Bihar","Bihar",null,"V5 Global",null,null,"Shivam Kumar","shivam.kumar@v5global.co.in",null,"East2",null,"External Consumer","ASO","V5 Global ASO",null,"FT",null,"ASO",null,"Krishna Kumar Singh","Imam Hassan",null,"Rajender Negi","Raghavendra Araveeti","imam.hassan@v5global.co.in","imam.hassan@v5global.co.in","ksingh25@lenovo.com","rnegi@lenovo.com","raraveeti@lenovo.com","ASO","Shilpi Gautam","sgautam2@lenovo.com",null,"Rajender Negi",null,"rnegi@lenovo.com",null,"2025-12-04","19:34:00","25.2948616,85.0190017","KUMAR INFOTECH",{"$nulls":3},"T3","10DUWPK7216P1ZZ","East2",null,"T-31054","MUZAFFARPUR","Bihar","V5 Global",null,"Yes","Face to Face","82X700HMIN",1,"Lenovo","IdeaPad Slim 3","Slim 3","15.6\", 8GB, 512GB, Integrated Intel UHD Graphics, Office Home 2024, Arctic Grey\t","Win 11","Thin & Light","Mainstream","Intel Core i3-1315U\t","Consumer",41000,null,"NB",41000,"East2",48380,"",null,"East2","Mainstream","Mainstream","i3 OS"]
[21662525,"Surjeet Kumar","surjeet.kumar@v5global.co.in",7004963220,"V5 Global","Muzaffarpur","V5339429","Bihar","Bihar",null,"V5 Global",null,null,"Shivam Kumar","shivam.kumar@v5global.co.in",null,"East2",null,"External Consumer","ASO","V5 Global ASO",null,"FT",null,"ASO",null,"Krishna Kumar Singh","Imam Hassan",null,"Rajender Negi","Raghavendra Araveeti","imam.hassan@v5global.co.in","imam.hassan@v5global.co.in","ksingh25@lenovo.com","rnegi@lenovo.com","raraveeti@lenovo.com","ASO","Shilpi Gautam","sgautam2@lenovo.com",null,"Rajender Negi",null,"rnegi@lenovo.com",null,"2025-12-04","19:34:00","25.2949029,85.01894","Aditi enterprises",{"$nulls":3},"T3","10ATQPJ2881B1ZZ","East2",null,"T-2200","Sitamarhi","Bihar","V5 Global",null,"Yes","Face to Face","82X700HMIN",1,"Lenovo","IdeaPad Slim 3","Slim 3","15.6\", 8GB, 512GB, Integrated Intel UHD Graphics, Office Home 2024, Arctic Grey\t","Win 11","Thin & Light","Mainstream","Intel Core i3-1315U\t","Consumer",41000,null,"NB",41000,"East2",48380,"",null,"East2","Mainstream","Mainstream","i3 OS"]
[21662531,"Surjeet Kumar","surjeet.kumar@v5global.co.in",7004963220,"V5 Global","Muzaffarpur","V5339429","Bihar","Bihar",null,"V5 Global",null,null,"Shivam Kumar","shivam.kumar@v5global.co.in",null,"East2",null,"External Consumer","ASO","V5 Global ASO",null,"FT",null,"ASO",null,"Krishna Kumar Singh","Imam Hassan",null,"Rajender Negi","Raghavendra Araveeti","imam.hassan@v5global.co.in","imam.hassan@v5global.co.in","ksingh25@lenovo.com","rnegi@lenovo.com","raraveeti@lenovo.com","ASO","Shilpi Gautam","sgautam2@lenovo.com",null,"Rajender Negi",null,"rnegi@lenovo.com",null,"2025-12-04","19:35:00","25.2949179,85.0188832","Prabhat computer center",{"$nulls":3},"T3","10AROPK3320J1Z3","East2",null,"T-2086","Sitamarhi","Bihar","V5 Global",null,"Yes","Face to Face","82X700HMIN",1,"Lenovo","IdeaPad Slim 3","Slim 3","15.6\", 8GB, 512GB, Integrated Intel UHD Graphics, Office Home 2024, Arctic Grey\t","Win 11","Thin & Light","Mainstream","Intel Core i3-1315U\t","Consumer",41000,null,"NB",41000,"East2",48380,"",null,"East2","Mainstream","Mainstream","i3 OS"]
[21662536,"Surjeet Kumar","surjeet.kumar@v5global.co.in",7004963220,"V5 Global","Muzaffarpur","V5339429","Bihar","Bihar",null,"V5 Global",null,null,"Shivam Kumar","shivam.kumar@v5global.co.in",null,"East2",null,"External Consumer","ASO","V5 Global ASO",null,"FT",null,"ASO",null,"Krishna Kumar Singh","Imam Hassan",null,"Rajender Negi","Raghavendra Araveeti","imam.hassan@v5global.co.in","imam.hassan@v5global.co.in","ksingh25@lenovo.com","rnegi@lenovo.com","raraveeti@lenovo.com","ASO","Shilpi Gautam","sgautam2@lenovo.com",null,"Rajender Negi",null,"rnegi@lenovo.com",null,"2025-12-04","19:36:00","25.2947879,85.0189371","Digital plaza",{"$nulls":3},"T3","10AANFD8464A1ZR","East2",null,"T-2147","Muzaffarpur","Bihar","V5 Global",null,"Yes","Face to Face","82LX00F7IN",1,"Lenovo","Ideapad","Slim 1","LEN N4500 8GB 512GB SSD WIN11  1YR","Win 11","Thin & Light","Entry","N4500","Consumer",25900,null,"NB",25900,"East2",30562,"",null,"East2","Entry","Entry","-"]
[21662539,"Surjeet Kumar","surjeet.kumar@v5global.co.in",7004963220,"V5 Global","Muzaffarpur","V5339429","Bihar","Bihar",null,"V5 Global",null,null,"Shivam Kumar","shivam.kumar@v5global.co.in",null,"East2",null,"External Consumer","ASO","V5 Global ASO",null,"FT",null,"ASO",null,"Krishna Kumar Singh","Imam Hassan",null,"Rajender Negi","Raghavendra Araveeti","imam.hassan@v5global.co.in","imam.hassan@v5global.co.in","ksingh25@lenovo.com","rnegi@lenovo.com","raraveeti@lenovo.com","ASO","Shilpi Gautam","sgautam2@lenovo.com",null,"Rajender Negi",null,"rnegi@lenovo.com",null,"2025-12-04","19:36:00","25.2948683,85.0189874","Vinayak computer",{"$nulls":3},"T3","10BOIPK3462H1Z8","East2",null,"T-2047","Sitamarhi","Bihar","V5 Global",null,"Yes","Face to Face","83K100C7IN",1,"Lenovo","Ideapad","Slim 3","i5-13450H,Ram-16,512,15.3 wuxga,win-11 office 2024,\t","Win 11","Thin & Light","Mainstream","i5-13450H","Consumer",64790,null,"NB",64790,"East2",76452.2,"SP","Non-Gaming","East2","Premium","Premium","NA"]
[21662552,"Surjeet Kumar","surjeet.kumar@v5global.co.in",7004963220,"V5 Global","Muzaffarpur","V5339429","Bihar","Bihar",null,"V5 Global",null,null,"Shivam Kumar","shivam.kumar@v5global.co.in",null,"East2",null,"External Consumer","ASO","V5 Global ASO",null,"FT",null,"ASO",null,"Krishna Kumar Singh","Imam Hassan",null,"Rajender Negi","Raghavendra Araveeti","imam.hassan@v5global.co.in","imam.hassan@v5global.co.in","ksingh25@lenovo.com","rnegi@lenovo.com","raraveeti@lenovo.com","ASO","Shilpi Gautam","sgautam2@lenovo.com",null,"Rajender Negi",null,"rnegi@lenovo.com",null,"2025-12-04","19:37:00","25.2948896,85.0189341","SHREE SAI COMPUTER",{"$nulls":3},"T3","10AJXPV9607Q1Z3","East2",null,"T-2072","Saran","Bihar","V5 Global",null,"Yes","Face to Face","83ER00MCIN",1,"Lenovo","Ideapad","Slim 3","Lenovo IdeaPad Slim 3 12th Gen Intel Core i5-12450H 15\" (39.6cm) FHD IPS 300 Nits Thin & Light Laptop (16GB/512GB SSD/Win 11/MSO","Win 11","Thin & Light","Mainstream","i5 12th Gen","Consumer",41000,null,"NB",41000,"East2",48380,"",null,"East2","Mainstream","Mainstream","-"]
[21662552,"Surjeet Kumar","surjeet.kumar@v5global.co.in",7004963220,"V5 Global","Muzaffarpur","V5339429","Bihar","Bihar",null,"V5 Global",null,null,"Shivam Kumar","shivam.kumar@v5global.co.in",null,"East2",null,"External Consumer","ASO","V5 Global ASO",null,"FT",null,"ASO",null,"Krishna Kumar Singh","Imam Hassan",null,"Rajender Negi","Raghavendra Araveeti","imam.hassan@v5global.co.in","imam.hassan@v5global.co.in","ksingh25@lenovo.com","rnegi@lenovo.com","raraveeti@lenovo.com","ASO","Shilpi Gautam","sgautam2@lenovo.com",null,"Rajender Negi",null,"rnegi@lenovo.com",null,"2025-12-04","19:37:00","25.2948896,85.0189341","SHREE SAI COMPUTER",{"$nulls":3},"T3","10AJXPV9607Q1Z3","East2",null,"T-2072","Saran","Bihar","V5 Global",null,"Yes","Face to Face","82X700HMIN",1,"Lenovo","IdeaPad Slim 3","Slim 3","15.6\", 8GB, 512GB, Integrated Intel UHD Graphics, Office Home 2024, Arctic Grey\t","Win 11","Thin & Light","Mainstream","Intel Core i3-1315U\t","Consumer",41000,null,"NB",41000,"East2",48380,"",null,"East2","Mainstream","Mainstream","i3 OS"]
[21662552,"Surjeet Kumar","surjeet.kumar@v5global.co.in",7004963220,"V5 Global","Muzaffarpur","V5339429","Bihar","Bihar",null,"V5 Global",null,null,"Shivam Kumar","shivam.kumar@v5global.co.in",null,"East2",null,"External Consumer","ASO","V5 Global ASO",null,"FT",null,"ASO",null,"Krishna Kumar Singh","Imam Hassan",null,"Rajender Negi","Raghavendra Araveeti","imam.hassan@v5global.co.in","imam.hassan@v5global.co.in","ksingh25@lenovo.com","rnegi@lenovo.com","raraveeti@lenovo.com","ASO","Shilpi Gautam","sgautam2@lenovo.com",null,"Rajender Negi",null,"rnegi@lenovo.com",null,"2025-12-04","19:37:00","25.2948896,85.0189341","SHREE SAI COMPUTER",{"$nulls":3},"T3","10AJXPV9607Q1Z3","East2",null,"T-2072","Saran","Bihar","V5 Global",null,"Yes","Face to Face","GX20P92532",5,"Lenovo","AC Adapter","Power","Lenovo 65W AC USB C Adapter(IN)","NA","Accessories","NA","NA","Accessories",2690,null,null,13450,"East2",3174.2,"",null,"East2","NA","NA","-"]
[21662555,"Nilay Girishbhai Bandhara","nilay.bandhara@v5global.co.in",9979302088,"V5 Global","Vadodara","V5341501","Gujarat","Gujarat",null,"V5 Global",null,null,"Darshan Shah","darshan.shah@v5global.co.in",null,"West1",null,"External Consumer","ASO","V5 Global ASO",null,"FT",null,"ASO",null,"Darshan Thakkar","Yunus Hamid Mansoori",null,"Hemant C Baghel","Sharad verma","yunus.hamid@v5global.co.in","yunus.hamid@v5global.co.in","tjitendrabha@lenovo.com","hbaghel@lenovo.com","sharverm@lenovo.com","ASO","Shilpi Gautam","sgautam2@lenovo.com",null,"Hemant C Baghel",null,"hbaghel@lenovo.com",null,"2025-12-04","19:37:00","22.294325,73.2260077","Master Mind Hightech Corporation",{"$nulls":3},"T3","24CDQPS2873C1ZA","West1",null,"T-29144","Godhra","Gujarat","V5 Global",null,"Yes","Telephonic","90XW005UIN",2,"Lenovo","IdeaCentre","IdeaCentre 08IRH9","8GB RAM/512 GB SSD/Integrated Graphics/WINDOWS 11","Win 11","TDT","Entry","CORE I5","Consumer",32619,null,"TDT",65238,"West1",38490.42,"",null,"West1 M","Entry","Mainstream","NA"]
[21662560,"Nilay Girishbhai Bandhara","nilay.bandhara@v5global.co.in",9979302088,"V5 Global","Vadodara","V5341501","Gujarat","Gujarat",null,"V5 Global",null,null,"Darshan Shah","darshan.shah@v5global.co.in",null,"West1",null,"External Consumer","ASO","V5 Global ASO",null,"FT",null,"ASO",null,"Darshan Thakkar","Yunus Hamid Mansoori",null,"Hemant C Baghel","Sharad verma","yunus.hamid@v5global.co.in","yunus.hamid@v5global.co.in","tjitendrabha@lenovo.com","hbaghel@lenovo.com","sharverm@lenovo.com","ASO","Shilpi Gautam","sgautam2@lenovo.com",null,"Hemant C Baghel",null,"hbaghel@lenovo.com",null,"2025-12-04","19:38:00","22.2943228,73.2260113","ASHA COMPUTERS",{"$nulls":3},"T3","24ANDPS3480Q1ZE","West1",null,"T-14652","Vadodara","Gujarat","V5 Global",null,"Yes","Telephonic","83JC00GDIN",1,"Lenovo","LOQ","LOQ","15.6_FHD_AG_300N_144_SRGB/24GB, 512GB SSD/OFFICE H&S 2024","Win 11","Gaming","Premium","AMD Ryzenâ„¢ 7 7435HS (8C / 16T, 3.1 / 4.5GHz, 4MB L2 / 16MB L3)","Consumer",78000,null,"NB",78000,"West1",92040,"SP","Gaming","West1 M","Premium","Premium","-"]
[21662572,"Surjeet Kumar","surjeet.kumar@v5global.co.in",7004963220,"V5 Global","Muzaffarpur","V5339429","Bihar","Bihar",null,"V5 Global",null,null,"Shivam Kumar","shivam.kumar@v5global.co.in",null,"East2",null,"External Consumer","ASO","V5 Global ASO",null,"FT",null,"ASO",null,"Krishna Kumar Singh","Imam Hassan",null,"Rajender Negi","Raghavendra Araveeti","imam.hassan@v5global.co.in","imam.hassan@v5global.co.in","ksingh25@lenovo.com","rnegi@lenovo.com","raraveeti@lenovo.com","ASO","Shilpi Gautam","sgautam2@lenovo.com",null,"Rajender Negi",null,"rnegi@lenovo.com",null,"2025-12-04","19:38:00","25.2949207,85.018888","Om computer & battery",{"$nulls":3},"T3","10AHRPK1353Q1Z2","East2",null,"T-2093","Samastipur","Bihar","V5 Global",null,"Yes","Face to Face","83JC00EFIN",1,"Lenovo","LOQ","LOQ 15ARP9","NB LOQ 15ARP9 R5 24G 512G 11S","Win 11","Gaming","Premium","R5 7235HS","Consumer",67578,null,"NB",67578,"East2",79742.04,"SP","Gaming","East2","Premium","Premium","-"]
[21662565,"Nilay Girishbhai Bandhara","nilay.bandhara@v5global.co.in",9979302088,"V5 Global","Vadodara","V5341501","Gujarat","Gujarat",null,"V5 Global",null,null,"Darshan Shah","darshan.shah@v5global.co.in",null,"West1",null,"External Consumer","ASO","V5 Global ASO",null,"FT",null,"ASO",null,"Darshan Thakkar","Yunus Hamid Mansoori",null,"Hemant C Baghel","Sharad verma","yunus.hamid@v5global.co.in","yunus.hamid@v5global.co.in","tjitendrabha@lenovo.com","hbaghel@lenovo.com","sharverm@lenovo.com","ASO","Shilpi Gautam","sgautam2@lenovo.com",null,"Hemant C Baghel",null,"hbaghel@lenovo.com",null,"2025-12-04","19:38:00","22.2942628,73.2261694","Micro Computer System",{"$nulls":3},"T3","24AAGFM5273R1Z0","West1",null,"T-14632","Nadiad","Gujarat","V5 Global",null,"Yes","Telephonic","82R4011PIN",1,"Lenovo","IdeaPad","IdeaPad 1 15ALC7","AMD Ryzenâ„¢ 5 5500U , Integrated AMD Radeonâ„¢ Graphics, 8GB , 512 GB SSD, 15.6\" FHD (1920x1080) IPS 250nits Anti-glare, 1.61 kg, C","Win 11","Thin & Light","Mainstream","AMD Ryzenâ„¢ 5 5500U","Consumer",35259,null,"NB",35259,"West1",41605.619999999995,"",null,"West1 M","Mainstream","Entry","-"]
[21662568,"Nilay Girishbhai Bandhara","nilay.bandhara@v5global.co.in",9979302088,"V5 Global","Vadodara","V5341501","Gujarat","Gujarat",null,"V5 Global",null,null,"Darshan Shah","darshan.shah@v5global.co.in",null,"West1",null,"External Consumer","ASO","V5 Global ASO",null,"FT",null,"ASO",null,"Darshan Thakkar","Yunus Hamid Mansoori",null,"Hemant C Baghel","Sharad verma","yunus.hamid@v5global.co.in","yunus.hamid@v5global.co.in","tjitendrabha@lenovo.com","hbaghel@lenovo.com","sharverm@lenovo.com","ASO","Shilpi Gautam","sgautam2@lenovo.com",null,"Hemant C Baghel",null,"hbaghel@lenovo.com",null,"2025-12-04","19:39:00","22.2942069,73.226088","SYSTEM SOLUTION",{"$nulls":3},"T3",null,"West1",null,"T-14637","Vadodara","Gujarat","V5 Global",null,"Yes","Telephonic","83GS00PJIN",1,"Lenovo","LOQ","LOQ 15IAX9","15.6,16GB,521SSD,RTX3050 6GB,2024 MSO,LUNA GREE","Win 11","Gaming","Premium","Core i5-12450HX","Consumer",75864,null,"NB",75864,"West1",89519.51999999999,"SP","Gaming","West1 M","Premium","Premium","-"]
[21662576,"Nilay Girishbhai Bandhara","nilay.bandhara@v5global.co.in",9979302088,"V5 Global","Vadodara","V5341501","Gujarat","Gujarat",null,"V5 Global",null,null,"Darshan Shah","darshan.shah@v5global.co.in",null,"West1",null,"External Consumer","ASO","V5 Global ASO",null,"FT",null,"ASO",null,"Darshan Thakkar","Yunus Hamid Mansoori",null,"Hemant C Baghel","Sharad verma","yunus.hamid@v5global.co.in","yunus.hamid@v5global.co.in","tjitendrabha@lenovo.com","hbaghel@lenovo.com","sharverm@lenovo.com","ASO","Shilpi Gautam","sgautam2@lenovo.com",null,"Hemant C Baghel",null,"hbaghel@lenovo.com",null,"2025-12-04","19:39:00","22.2942506,73.2262842","Log In Computer",{"$nulls":3},"T3","24AAIFL2034P1Z6","West1",null,"T-29149","Ankleshwar","Gujarat","V5 Global",null,"Yes","Telephonic","83KR000HIN",1,"Lenovo","Ideapad 5","2 in 1","Intel Core Ultra 5 225H, 16 GB RAM, 1 TB SSD, 14\" WUXGA (1920x1200) IPS 300nits Glossy, 45% NTSC, 60Hz, TÃœV Low Blue Light, Glas","Win 11","Convertible","Premium","Intel Core Ultra 5 225H","Consumer",91990,null,"NB",91990,"West1",108548.2,"SP","Non-Gaming","West1 M","Premium","Premium","Slim 5/Slim 5 Pro"]
[21662581,"Nilay Girishbhai Bandhara","nilay.bandhara@v5global.co.in",9979302088,"V5 Global","Vadodara","V5341501","Gujarat","Gujarat",null,"V5 Global",null,null,"Darshan Shah","darshan.shah@v5global.co.in",null,"West1",null,"External Consumer","ASO","V5 Global ASO",null,"FT",null,"ASO",null,"Darshan Thakkar","Yunus Hamid Mansoori",null,"Hemant C Baghel","Sharad verma","yunus.hamid@v5global.co.in","yunus.hamid@v5global.co.in","tjitendrabha@lenovo.com","hbaghel@lenovo.com","sharverm@lenovo.com","ASO","Shilpi Gautam","sgautam2@lenovo.com",null,"Hemant C Baghel",null,"hbaghel@lenovo.com",null,"2025-12-04","19:40:00","22.2942667,73.22623","DHARAM COMPUTER",{"$nulls":3},"T3","24AHAPP3876A1ZM","West2",null,"T-14691","Vadodara","Gujarat",null,null,"Yes","Telephonic","83DV01AAIN",1,"Lenovo","LOQ","LOQ","LOQ I5 13gen 16GB RAM 512 gb SSD RTX4050 win11 MSO\t","Win 11","Gaming","Premium","I5 13gen","Consumer",78000,null,"NB",78000,"West1",92040,"SP","Gaming","West1 M","Premium","Premium","-"]
[21663008,"Surjeet Kumar","surjeet.kumar@v5global.co.in",7004963220,"V5 Global","Muzaffarpur","V5339429","Bihar","Bihar",null,"V5 Global",null,null,"Shivam Kumar","shivam.kumar@v5global.co.in",null,"East2",null,"External Consumer","ASO","V5 Global ASO",null,"FT",null,"ASO",null,"Krishna Kumar Singh","Imam Hassan",null,"Rajender Negi","Raghavendra Araveeti","imam.hassan@v5global.co.in","imam.hassan@v5global.co.in","ksingh25@lenovo.com","rnegi@lenovo.com","raraveeti@lenovo.com","ASO","Shilpi Gautam","sgautam2@lenovo.com",null,"Rajender Negi",null,"rnegi@lenovo.com",null,"2025-12-04","19:59:00","25.29511,85.0189157","Anmol infotech",{"$nulls":3},"T3","10CAFPP9051D1Z1","East2",null,"T-30984","Siwan","Bihar","V5 Global",null,"Yes","Face to Face","F0J6005FIN",1,"Lenovo","AIO","Lenovo A100","23.8\" FHD/8GB RAM/512 SSD/Integrated Graphics/MSO 2024/White","Win 11","AIO","Entry","Intel N100","Consumer",32000,null,"AIO",32000,"East2",37760,"",null,"East2","Entry","Entry","-"]
[21663032,"Surjeet Kumar","surjeet.kumar@v5global.co.in",7004963220,"V5 Global","Muzaffarpur","V5339429","Bihar","Bihar",null,"V5 Global",null,null,"Shivam Kumar","shivam.kumar@v5global.co.in",null,"East2",null,"External Consumer","ASO","V5 Global ASO",null,"FT",null,"ASO",null,"Krishna Kumar Singh","Imam Hassan",null,"Rajender Negi","Raghavendra Araveeti","imam.hassan@v5global.co.in","imam.hassan@v5global.co.in","ksingh25@lenovo.com","rnegi@lenovo.com","raraveeti@lenovo.com","ASO","Shilpi Gautam","sgautam2@lenovo.com",null,"Rajender Negi",null,"rnegi@lenovo.com",null,"2025-12-04","20:10:00","25.2947444,85.0186342","Om computer & battery",{"$nulls":3},"T3","10AHRPK1353Q1Z2","East2",null,"T-2093","Samastipur","Bihar","V5 Global",null,"Yes","Face to Face","83JC00EFIN",1,"Lenovo","LOQ","LOQ 15ARP9","NB LOQ 15ARP9 R5 24G 512G 11S","Win 11","Gaming","Premium","R5 7235HS","Consumer",67578,null,"NB",67578,"East2",79742.04,"SP","Gaming","East2","Premium","Premium","-"]
[21663032,"Surjeet Kumar","surjeet.kumar@v5global.co.in",7004963220,"V5 Global","Muzaffarpur","V5339429","Bihar","Bihar",null,"V5 Global",null,null,"Shivam Kumar","shivam.kumar@v5global.co.in",null,"East2",null,"External Consumer","ASO","V5 Global ASO",null,"FT",null,"ASO",null,"Krishna Kumar Singh","Imam Hassan",null,"Rajender Negi","Raghavendra Araveeti","imam.hassan@v5global.co.in","imam.hassan@v5global.co.in","ksingh25@lenovo.com","rnegi@lenovo.com","raraveeti@lenovo.com","ASO","Shilpi Gautam","sgautam2@lenovo.com",null,"Rajender Negi",null,"rnegi@lenovo.com",null,"2025-12-04","20:10:00","25.2947444,85.0186342","Om computer & battery",{"$nulls":3},"T3","10AHRPK1353Q1Z2","East2",null,"T-2093","Samastipur","Bihar","V5 Global",null,"Yes","Face to Face","GX20P92532",5,"Lenovo","AC Adapter","Power","Lenovo 65W AC USB C Adapter(IN)","NA","Accessories","NA","NA","Accessories",2690,null,null,13450,"East2",3174.2,"",null,"East2","NA","NA","-"]
[21663042,"Surjeet Kumar","surjeet.kumar@v5global.co.in",7004963220,"V5 Global","Muzaffarpur","V5339429","Bihar","Bihar",null,"V5 Global",null,null,"Shivam Kumar","shivam.kumar@v5global.co.in",null,"East2",null,"External Consumer","ASO","V5 Global ASO",null,"FT",null,"ASO",null,"Krishna Kumar Singh","Imam Hassan",null,"Rajender Negi","Raghavendra Araveeti","imam.hassan@v5global.co.in","imam.hassan@v5global.co.in","ksingh25@lenovo.com","rnegi@lenovo.com","raraveeti@lenovo.com","ASO","Shilpi Gautam","sgautam2@lenovo.com",null,"Rajender Negi",null,"rnegi@lenovo.com",null,"2025-12-04","20:11:00","25.2950139,85.0187835","Sri ganpati computer",{"$nulls":3},"T3","10AHSPK5985F1Z2","East2",null,"T-2065","East Champaran","Bihar","V5 Global",null,"Yes","Face to Face","83K100C7IN",1,"Lenovo","Ideapad","Slim 3","i5-13450H,Ram-16,512,15.3 wuxga,win-11 office 2024,\t","Win 11","Thin & Light","Mainstream","i5-13450H","Consumer",64790,null,"NB",64790,"East2",76452.2,"SP","Non-Gaming","East2","Premium","Premium","NA"]
[21663050,"Surjeet Kumar","surjeet.kumar@v5global.co.in",7004963220,"V5 Global","Muzaffarpur","V5339429","Bihar","Bihar",null,"V5 Global",null,null,"Shivam Kumar","shivam.kumar@v5global.co.in",null,"East2",null,"External Consumer","ASO","V5 Global ASO",null,"FT",null,"ASO",null,"Krishna Kumar Singh","Imam Hassan",null,"Rajender Negi","Raghavendra Araveeti","imam.hassan@v5global.co.in","imam.hassan@v5global.co.in","ksingh25@lenovo.com","rnegi@lenovo.com","raraveeti@lenovo.com","ASO","Shilpi Gautam","sgautam2@lenovo.com",null,"Rajender Negi",null,"rnegi@lenovo.com",null,"2025-12-04","20:12:00","25.2950107,85.0188392","I T CARE",{"$nulls":3},"T3","10BOIPS3736N1ZM","East2",null,"T-2133","Gopalganj","Bihar","V5 Global",null,"Yes","Face to Face","83K100HSIN",1,"Lenovo","Ideapad","Slim 3","15.3inch 16GB/1 TBSSD Integrated Graphics MSO 2024 Arctic Greay","Win 11","Thin & Light","Premium","Intel Core i5-13420H","Consumer",64900,null,"NB",64900,"East2",76582,"SP","Non-Gaming","East2","Premium","Premium","-"]
[21663399,"Govind Gulab Rajbhar","govind.gulab@v5global.co.in",9029031943,"V5 Global","Mumbai","V5263641","Maharashtra","Maharashtra",null,"V5 Global",null,null,"Pooja Thakur","pooja.thakur@v5global.co.in",null,"West1",null,"External Consumer","ASO","V5 Global ASO",null,"FT",null,"ASO",null,"Amit Tiwari","Yunus Hamid Mansoori",null,"Hemant C Baghel","Sharad verma","yunus.hamid@v5global.co.in","yunus.hamid@v5global.co.in","atiwari5@lenovo.com","hbaghel@lenovo.com","sharverm@lenovo.com","ASO","Shilpi Gautam","sgautam2@lenovo.com",null,"Hemant C Baghel",null,"hbaghel@lenovo.com",null,"2025-12-04","20:38:00","19.2169626,72.8438992","Ambika Technology",{"$nulls":3},"T3",null,"West1",null,"T-25690","Mumbai","Maharashtra","V5 Global",null,"Yes","Telephonic","68CDKAC1IN",1,"Lenovo","L27-4E","L Series","LEN L27-4E 27 IPS BLACK 100HZ","NA","Visual Variants","Premium","NA","Visuals",8158,null,null,8158,"West1",9626.439999999999,"",null,"West1 M","Premium","Premium","-"]
[21663969,"Laxman Anilrao Deshmukh","laxman.anilrao@v5global.co.in",9028122888,"V5 Global","AURANGABAD","V5266711","MAHARASHTRA","MAHARASHTRA",null,"V5 Global",null,null,"Safdar Hussian","safder.khan@v5global.co.in",null,"West1",null,"External Consumer","ASO","V5 Global ASO",null,"FT",null,"ASO",null,"Sonia more","TBH",null,"Hemant C Baghel","Sharad verma",null,null,"smore3@lenovo.com","hbaghel@lenovo.com","sharverm@lenovo.com","ASO","Shilpi Gautam","sgautam2@lenovo.com",null,"Hemant C Baghel",null,"hbaghel@lenovo.com",null,"2025-12-04","21:20:00","19.8612277,75.3277708","Pooja Sales",{"$nulls":3},"T3","27ATMPG0427A1Z7","West1",null,"T-12040","Aurangabad","Maharashtra","V5 Global",null,"Yes","Face to Face","83JC00EFIN",1,"Lenovo","LOQ","LOQ 15ARP9","NB LOQ 15ARP9 R5 24G 512G 11S","Win 11","Gaming","Premium","R5 7235HS","Consumer",67578,null,"NB",67578,"West1",79742.04,"SP","Gaming","West1 R","Premium","Premium","-"]
[21663964,"Mohammed Abdulla","mohammed.abdulla@v5global.co.in",9513623651,"V5 Global","Bangalore","V5266026","Karnataka","Karnataka",null,"V5 Global",null,null,"M Bhaskar Gowda","bhaskar.gowda@v5global.co.in",null,"South1",null,"External Consumer","ASO","V5 Global ASO",null,"FT",null,"ASO",null,"Anuj Kumar","Prakash Kumar K P",null,"S Sreekumar","Sharad verma","prakash.kp@v5global.co.in","prakash.kp@v5global.co.in","virtualcosmos.it@gmail.com","ssreekumar@lenovo.com","sharverm@lenovo.com","ASO","Shilpi Gautam","sgautam2@lenovo.com",null,"S Sreekumar",null,"ssreekumar@lenovo.com",null,"2025-12-04","21:20:00","12.9066196,77.5704108","B S INFOTECH",{"$nulls":3},"T3",null,"South1",null,"T-28234","Bangalore","Karnataka","Denave",null,"Yes","Face to Face","GY51C12380",40,"Lenovo","Wireless Mouse","Input","Lenovo 130 wireless mouse","NA","Accessories","NA","NA","Accessories",649,null,null,25960,"South1",765.8199999999999,"",null,"South1","NA","NA","-"]
[21663966,"Mohammed Abdulla","mohammed.abdulla@v5global.co.in",9513623651,"V5 Global","Bangalore","V5266026","Karnataka","Karnataka",null,"V5 Global",null,null,"M Bhaskar Gowda","bhaskar.gowda@v5global.co.in",null,"South1",null,"External Consumer","ASO","V5 Global ASO",null,"FT",null,"ASO",null,"Anuj Kumar","Prakash Kumar K P",null,"S Sreekumar","Sharad verma","prakash.kp@v5global.co.in","prakash.kp@v5global.co.in","virtualcosmos.it@gmail.com","ssreekumar@lenovo.com","sharverm@lenovo.com","ASO","Shilpi Gautam","sgautam2@lenovo.com",null,"S Sreekumar",null,"ssreekumar@lenovo.com",null,"2025-12-04","21:21:00","12.906632,77.5705413","Techsync Solutions Inc",{"$nulls":3},"T3",null,"South1",null,"T-25367","Bangalore","KARNATAKA","V5 Global",null,"Yes","Face to Face","GX31L52655",20,"Lenovo","Wired Combo","Input","Lenovo 160 Wired Combo","NA","Accessories","NA","NA","Accessories",999,null,null,19980,"South1",1178.82,"",null,"South1","NA","NA","-"]
[21664001,"Mohammed Abdulla","mohammed.abdulla@v5global.co.in",9513623651,"V5 Global","Bangalore","V5266026","Karnataka","Karnataka",null,"V5 Global",null,null,"M Bhaskar Gowda","bhaskar.gowda@v5global.co.in",null,"South1",null,"External Consumer","ASO","V5 Global ASO",null,"FT",null,"ASO",null,"Anuj Kumar","Prakash Kumar K P",null,"S Sreekumar","Sharad verma","prakash.kp@v5global.co.in","prakash.kp@v5global.co.in","virtualcosmos.it@gmail.com","ssreekumar@lenovo.com","sharverm@lenovo.com","ASO","Shilpi Gautam","sgautam2@lenovo.com",null,"S Sreekumar",null,"ssreekumar@lenovo.com",null,"2025-12-04","21:23:00","12.90663,77.5705467","M Sachchiyay.Com( B T M Layout)",{"$nulls":3},"T3",null,"South1",null,"T-25358","Bangalore","KARNATAKA","V5 Global",null,"Yes","Face to Face","83K100C6IN",1,"Lenovo","Ideapad","Slim 3","IntelÂ® Coreâ„¢ i5-13420H, 8C (4P + 4E) / 12T, P-core 2.1 / 4.6GHz, E-core 1.5 / 3.4GHz, 12MB,8GB Soldered DDR5-4800 + 8GB SO-DIMM ","Win 11","Thin & Light","Mainstream","i5-13420H","Consumer",46000,null,"NB",46000,"South1",54280,"",null,"South1","Mainstream","Premium","-"]
[21664007,"Mohammed Abdulla","mohammed.abdulla@v5global.co.in",9513623651,"V5 Global","Bangalore","V5266026","Karnataka","Karnataka",null,"V5 Global",null,null,"M Bhaskar Gowda","bhaskar.gowda@v5global.co.in",null,"South1",null,"External Consumer","ASO","V5 Global ASO",null,"FT",null,"ASO",null,"Anuj Kumar","Prakash Kumar K P",null,"S Sreekumar","Sharad verma","prakash.kp@v5global.co.in","prakash.kp@v5global.co.in","virtualcosmos.it@gmail.com","ssreekumar@lenovo.com","sharverm@lenovo.com","ASO","Shilpi Gautam","sgautam2@lenovo.com",null,"S Sreekumar",null,"ssreekumar@lenovo.com",null,"2025-12-04","21:24:00","12.9066406,77.570552","Laptop Shopee",{"$nulls":3},"T3",null,"South1",null,"T-26566","Bruhat Bangalore","Karnataka","Denave",null,"Yes","Face to Face","83K100C6IN",1,"Lenovo","Ideapad","Slim 3","IntelÂ® Coreâ„¢ i5-13420H, 8C (4P + 4E) / 12T, P-core 2.1 / 4.6GHz, E-core 1.5 / 3.4GHz, 12MB,8GB Soldered DDR5-4800 + 8GB SO-DIMM ","Win 11","Thin & Light","Mainstream","i5-13420H","Consumer",46000,null,"NB",46000,"South1",54280,"",null,"South1","Mainstream","Premium","-"]
[21664010,"Mohammed Abdulla","mohammed.abdulla@v5global.co.in",9513623651,"V5 Global","Bangalore","V5266026","Karnataka","Karnataka",null,"V5 Global",null,null,"M Bhaskar Gowda","bhaskar.gowda@v5global.co.in",null,"South1",null,"External Consumer","ASO","V5 Global ASO",null,"FT",null,"ASO",null,"Anuj Kumar","Prakash Kumar K P",null,"S Sreekumar","Sharad verma","prakash.kp@v5global.co.in","prakash.kp@v5global.co.in","virtualcosmos.it@gmail.com","ssreekumar@lenovo.com","sharverm@lenovo.com","ASO","Shilpi Gautam","sgautam2@lenovo.com",null,"S Sreekumar",null,"ssreekumar@lenovo.com",null,"2025-12-04","21:24:00","12.9066208,77.5704508","Gs Sysnet",{"$nulls":3},"T3",null,"South1",null,"T-25355","Bangalore","KARNATAKA","V5 Global",null,"Yes","Face to Face","83K100C6IN",1,"Lenovo","Ideapad","Slim 3","IntelÂ® Coreâ„¢ i5-13420H, 8C (4P + 4E) / 12T, P-core 2.1 / 4.6GHz, E-core 1.5 / 3.4GHz, 12MB,8GB Soldered DDR5-4800 + 8GB SO-DIMM ","Win 11","Thin & Light","Mainstream","i5-13420H","Consumer",46000,null,"NB",46000,"South1",54280,"",null,"South1","Mainstream","Premium","-"]
[21664015,"Mohammed Abdulla","mohammed.abdulla@v5global.co.in",9513623651,"V5 Global","Bangalore","V5266026","Karnataka","Karnataka",null,"V5 Global",null,null,"M Bhaskar Gowda","bhaskar.gowda@v5global.co.in",null,"South1",null,"External Consumer","ASO","V5 Global ASO",null,"FT",null,"ASO",null,"Anuj Kumar","Prakash Kumar K P",null,"S Sreekumar","Sharad verma","prakash.kp@v5global.co.in","prakash.kp@v5global.co.in","virtualcosmos.it@gmail.com","ssreekumar@lenovo.com","sharverm@lenovo.com","ASO","Shilpi Gautam","sgautam2@lenovo.com",null,"S Sreekumar",null,"ssreekumar@lenovo.com",null,"2025-12-04","21:24:00","12.9066501,77.570559","ESSAR ENTERPRISES ( Devi international)",{"$nulls":3},"T3","29AJAPR7844J1ZM","South1",null,"T-31065","Bangalore 2","KARNATAKA","V5 Global","V5 Global","Yes","Face to Face","83K100C6IN",1,"Lenovo","Ideapad","Slim 3","IntelÂ® Coreâ„¢ i5-13420H, 8C (4P + 4E) / 12T, P-core 2.1 / 4.6GHz, E-core 1.5 / 3.4GHz, 12MB,8GB Soldered DDR5-4800 + 8GB SO-DIMM ","Win 11","Thin & Light","Mainstream","i5-13420H","Consumer",46000,null,"NB",46000,"South1",54280,"",null,"South1","Mainstream","Premium","-"]
[21664020,"Mohammed Abdulla","mohammed.abdulla@v5global.co.in",9513623651,"V5 Global","Bangalore","V5266026","Karnataka","Karnataka",null,"V5 Global",null,null,"M Bhaskar Gowda","bhaskar.gowda@v5global.co.in",null,"South1",null,"External Consumer","ASO","V5 Global ASO",null,"FT",null,"ASO",null,"Anuj Kumar","Prakash Kumar K P",null,"S Sreekumar","Sharad verma","prakash.kp@v5global.co.in","prakash.kp@v5global.co.in","virtualcosmos.it@gmail.com","ssreekumar@lenovo.com","sharverm@lenovo.com","ASO","Shilpi Gautam","sgautam2@lenovo.com",null,"S Sreekumar",null,"ssreekumar@lenovo.com",null,"2025-12-04","21:25:00","12.9065415,77.5706533","SCL Gaming.in",{"$nulls":3},"T3","29GUHPK0914A1ZW","South1",null,"T-31066","Bangalore 2","KARNATAKA","V5 Global","V5 Global","Yes","Face to Face","83K100C6IN",1,"Lenovo","Ideapad","Slim 3","IntelÂ® Coreâ„¢ i5-13420H, 8C (4P + 4E) / 12T, P-core 2.1 / 4.6GHz, E-core 1.5 / 3.4GHz, 12MB,8GB Soldered DDR5-4800 + 8GB SO-DIMM ","Win 11","Thin & Light","Mainstream","i5-13420H","Consumer",46000,null,"NB",46000,"South1",54280,"",null,"South1","Mainstream","Premium","-"]
[21664026,"Mohammed Abdulla","mohammed.abdulla@v5global.co.in",9513623651,"V5 Global","Bangalore","V5266026","Karnataka","Karnataka",null,"V5 Global",null,null,"M Bhaskar Gowda","bhaskar.gowda@v5global.co.in",null,"South1",null,"External Consumer","ASO","V5 Global ASO",null,"FT",null,"ASO",null,"Anuj Kumar","Prakash Kumar K P",null,"S Sreekumar","Sharad verma","prakash.kp@v5global.co.in","prakash.kp@v5global.co.in","virtualcosmos.it@gmail.com","ssreekumar@lenovo.com","sharverm@lenovo.com","ASO","Shilpi Gautam","sgautam2@lenovo.com",null,"S Sreekumar",null,"ssreekumar@lenovo.com",null,"2025-12-04","21:25:00","12.9066792,77.5706341","Fortune Info Solutions",{"$nulls":3},"T3",null,"South1",null,"T-25353","Bangalore","KARNATAKA","V5 Global",null,"Yes","Face to Face","83K100C6IN",1,"Lenovo","Ideapad","Slim 3","IntelÂ® Coreâ„¢ i5-13420H, 8C (4P + 4E) / 12T, P-core 2.1 / 4.6GHz, E-core 1.5 / 3.4GHz, 12MB,8GB Soldered DDR5-4800 + 8GB SO-DIMM ","Win 11","Thin & Light","Mainstream","i5-13420H","Consumer",46000,null,"NB",46000,"South1",54280,"",null,"South1","Mainstream","Premium","-"]
[21664037,"Mohammed Abdulla","mohammed.abdulla@v5global.co.in",9513623651,"V5 Global","Bangalore","V5266026","Karnataka","Karnataka",null,"V5 Global",null,null,"M Bhaskar Gowda","bhaskar.gowda@v5global.co.in",null,"South1",null,"External Consumer","ASO","V5 Global ASO",null,"FT",null,"ASO",null,"Anuj Kumar","Prakash Kumar K P",null,"S Sreekumar","Sharad verma","prakash.kp@v5global.co.in","prakash.kp@v5global.co.in","virtualcosmos.it@gmail.com","ssreekumar@lenovo.com","sharverm@lenovo.com","ASO","Shilpi Gautam","sgautam2@lenovo.com",null,"S Sreekumar",null,"ssreekumar@lenovo.com",null,"2025-12-04","21:26:00","12.9066104,77.5705522","Manas Merchandise Pvt.Ltd.(Richmond)",{"$nulls":3},"T3",null,"South1",null,"T-25359","Bangalore","Karnataka","Denave",null,"Yes","Face to Face","83K100C6IN",1,"Lenovo","Ideapad","Slim 3","IntelÂ® Coreâ„¢ i5-13420H, 8C (4P + 4E) / 12T, P-core 2.1 / 4.6GHz, E-core 1.5 / 3.4GHz, 12MB,8GB Soldered DDR5-4800 + 8GB SO-DIMM ","Win 11","Thin & Light","Mainstream","i5-13420H","Consumer",46000,null,"NB",46000,"South1",54280,"",null,"South1","Mainstream","Premium","-"]
[21664039,"Mohammed Abdulla","mohammed.abdulla@v5global.co.in",9513623651,"V5 Global","Bangalore","V5266026","Karnataka","Karnataka",null,"V5 Global",null,null,"M Bhaskar Gowda","bhaskar.gowda@v5global.co.in",null,"South1",null,"External Consumer","ASO","V5 Global ASO",null,"FT",null,"ASO",null,"Anuj Kumar","Prakash Kumar K P",null,"S Sreekumar","Sharad verma","prakash.kp@v5global.co.in","prakash.kp@v5global.co.in","virtualcosmos.it@gmail.com","ssreekumar@lenovo.com","sharverm@lenovo.com","ASO","Shilpi Gautam","sgautam2@lenovo.com",null,"S Sreekumar",null,"ssreekumar@lenovo.com",null,"2025-12-04","21:26:00","12.9065866,77.5705192","Big C Technologies Pvt. Ltd",{"$nulls":3},"T3",null,"South1",null,"T-25345","Bangalore","KARNATAKA","V5 Global",null,"Yes","Face to Face","83K100C6IN",1,"Lenovo","Ideapad","Slim 3","IntelÂ® Coreâ„¢ i5-13420H, 8C (4P + 4E) / 12T, P-core 2.1 / 4.6GHz, E-core 1.5 / 3.4GHz, 12MB,8GB Soldered DDR5-4800 + 8GB SO-DIMM ","Win 11","Thin & Light","Mainstream","i5-13420H","Consumer",46000,null,"NB",46000,"South1",54280,"",null,"South1","Mainstream","Premium","-"]
[21664062,"Mohammed Abdulla","mohammed.abdulla@v5global.co.in",9513623651,"V5 Global","Bangalore","V5266026","Karnataka","Karnataka",null,"V5 Global",null,null,"M Bhaskar Gowda","bhaskar.gowda@v5global.co.in",null,"South1",null,"External Consumer","ASO","V5 Global ASO",null,"FT",null,"ASO",null,"Anuj Kumar","Prakash Kumar K P",null,"S Sreekumar","Sharad verma","prakash.kp@v5global.co.in","prakash.kp@v5global.co.in","virtualcosmos.it@gmail.com","ssreekumar@lenovo.com","sharverm@lenovo.com","ASO","Shilpi Gautam","sgautam2@lenovo.com",null,"S Sreekumar",null,"ssreekumar@lenovo.com",null,"2025-12-04","21:26:00","12.9066072,77.5705403","Ashwath Computers",{"$nulls":3},"T3",null,"South1",null,"T-25344","Bangalore","KARNATAKA","V5 Global",null,"Yes","Face to Face","83K100C6IN",1,"Lenovo","Ideapad","Slim 3","IntelÂ® Coreâ„¢ i5-13420H, 8C (4P + 4E) / 12T, P-core 2.1 / 4.6GHz, E-core 1.5 / 3.4GHz, 12MB,8GB Soldered DDR5-4800 + 8GB SO-DIMM ","Win 11","Thin & Light","Mainstream","i5-13420H","Consumer",46000,null,"NB",46000,"South1",54280,"",null,"South1","Mainstream","Premium","-"]
[21664062,"Mohammed Abdulla","mohammed.abdulla@v5global.co.in",9513623651,"V5 Global","Bangalore","V5266026","Karnataka","Karnataka",null,"V5 Global",null,null,"M Bhaskar Gowda","bhaskar.gowda@v5global.co.in",null,"South1",null,"External Consumer","ASO","V5 Global ASO",null,"FT",null,"ASO",null,"Anuj Kumar","Prakash Kumar K P",null,"S Sreekumar","Sharad verma","prakash.kp@v5global.co.in","prakash.kp@v5global.co.in","virtualcosmos.it@gmail.com","ssreekumar@lenovo.com","sharverm@lenovo.com","ASO","Shilpi Gautam","sgautam2@lenovo.com",null,"S Sreekumar",null,"ssreekumar@lenovo.com",null,"2025-12-04","21:26:00","12.9066072,77.5705403","Ashwath Computers",{"$nulls":3},"T3",null,"South1",null,"T-25344","Bangalore","KARNATAKA","V5 Global",null,"Yes","Face to Face",888010242,5,"Lenovo","Power","AC Adapter","LENOVO 65W AC ADAPTER 65A-IN","NA","Accessories","NA","NA","Accessories",1003,null,null,5015,"South1",1183.54,"",null,"South1","NA","NA","-"]
[21664062,"Mohammed Abdulla","mohammed.abdulla@v5global.co.in",9513623651,"V5 Global","Bangalore","V5266026","Karnataka","Karnataka",null,"V5 Global",null,null,"M Bhaskar Gowda","bhaskar.gowda@v5global.co.in",null,"South1",null,"External Consumer","ASO","V5 Global ASO",null,"FT",null,"ASO",null,"Anuj Kumar","Prakash Kumar K P",null,"S Sreekumar","Sharad verma","prakash.kp@v5global.co.in","prakash.kp@v5global.co.in","virtualcosmos.it@gmail.com","ssreekumar@lenovo.com","sharverm@lenovo.com","ASO","Shilpi Gautam","sgautam2@lenovo.com",null,"S Sreekumar",null,"ssreekumar@lenovo.com",null,"2025-12-04","21:26:00","12.9066072,77.5705403","Ashwath Computers",{"$nulls":3},"T3",null,"South1",null,"T-25344","Bangalore","KARNATAKA","V5 Global",null,"Yes","Face to Face","GX20P92532",5,"Lenovo","AC Adapter","Power","Lenovo 65W AC USB C Adapter(IN)","NA","Accessories","NA","NA","Accessories",2690,null,null,13450,"South1",3174.2,"",null,"South1","NA","NA","-"]
[21664062,"Mohammed Abdulla","mohammed.abdulla@v5global.co.in",9513623651,"V5 Global","Bangalore","V5266026","Karnataka","Karnataka",null,"V5 Global",null,null,"M Bhaskar Gowda","bhaskar.gowda@v5global.co.in",null,"South1",null,"External Consumer","ASO","V5 Global ASO",null,"FT",null,"ASO",null,"Anuj Kumar","Prakash Kumar K P",null,"S Sreekumar","Sharad verma","prakash.kp@v5global.co.in","prakash.kp@v5global.co.in","virtualcosmos.it@gmail.com","ssreekumar@lenovo.com","sharverm@lenovo.com","ASO","Shilpi Gautam","sgautam2@lenovo.com",null,"S Sreekumar",null,"ssreekumar@lenovo.com",null,"2025-12-04","21:26:00","12.9066072,77.5705403","Ashwath Computers",{"$nulls":3},"T3",null,"South1",null,"T-25344","Bangalore","KARNATAKA","V5 Global",null,"Yes","Face to Face","0A36264",5,"Lenovo","Power","AC Adaptor","ThinkPad 65W AC Adaptor Slim Tip","NA","Accessories","NA","NA","Accessories",1800,null,null,9000,"South1",2124,"",null,"South1","NA","NA","-"]
[21664152,"Pankaj Kumar","pankaj.kumar@v5global.co.in",8340543380,"V5 Global","Patna",601177,"Bihar","Bihar",null,"V5 Global",null,null,"Shivam Kumar","shivam.kumar@v5global.co.in",null,"East2",null,"External Consumer","ASO","V5 Global ASO",null,"FT",null,"ASO",null,"Krishna Kumar Singh","Imam Hassan",null,"Rajender Negi","Raghavendra Araveeti","imam.hassan@v5global.co.in","imam.hassan@v5global.co.in","ksingh25@lenovo.com","rnegi@lenovo.com","raraveeti@lenovo.com","ASO","Shilpi Gautam","sgautam2@lenovo.com",null,"Rajender Negi",null,"rnegi@lenovo.com",null,"2025-12-04","21:31:00","25.6174361,85.0926775","Computer Mall",{"$nulls":3},"T3","10BHEPK5562P2Z4","East2",null,"T-2173","Patna","Bihar","V5 Global",null,"Yes","Face to Face","83ER00MCIN",1,"Lenovo","Ideapad","Slim 3","Lenovo IdeaPad Slim 3 12th Gen Intel Core i5-12450H 15\" (39.6cm) FHD IPS 300 Nits Thin & Light Laptop (16GB/512GB SSD/Win 11/MSO","Win 11","Thin & Light","Mainstream","i5 12th Gen","Consumer",41000,null,"NB",41000,"East2",48380,"",null,"East2","Mainstream","Mainstream","-"]
[21664152,"Pankaj Kumar","pankaj.kumar@v5global.co.in",8340543380,"V5 Global","Patna",601177,"Bihar","Bihar",null,"V5 Global",null,null,"Shivam Kumar","shivam.kumar@v5global.co.in",null,"East2",null,"External Consumer","ASO","V5 Global ASO",null,"FT",null,"ASO",null,"Krishna Kumar Singh","Imam Hassan",null,"Rajender Negi","Raghavendra Araveeti","imam.hassan@v5global.co.in","imam.hassan@v5global.co.in","ksingh25@lenovo.com","rnegi@lenovo.com","raraveeti@lenovo.com","ASO","Shilpi Gautam","sgautam2@lenovo.com",null,"Rajender Negi",null,"rnegi@lenovo.com",null,"2025-12-04","21:31:00","25.6174361,85.0926775","Computer Mall",{"$nulls":3},"T3","10BHEPK5562P2Z4","East2",null,"T-2173","Patna","Bihar","V5 Global",null,"Yes","Face to Face","82LX00F7IN",1,"Lenovo","Ideapad","Slim 1","LEN N4500 8GB 512GB SSD WIN11  1YR","Win 11","Thin & Light","Entry","N4500","Consumer",25900,null,"NB",25900,"East2",30562,"",null,"East2","Entry","Entry","-"]
[21664180,"Pankaj Kumar","pankaj.kumar@v5global.co.in",8340543380,"V5 Global","Patna",601177,"Bihar","Bihar",null,"V5 Global",null,null,"Shivam Kumar","shivam.kumar@v5global.co.in",null,"East2",null,"External Consumer","ASO","V5 Global ASO",null,"FT",null,"ASO",null,"Krishna Kumar Singh","Imam Hassan",null,"Rajender Negi","Raghavendra Araveeti","imam.hassan@v5global.co.in","imam.hassan@v5global.co.in","ksingh25@lenovo.com","rnegi@lenovo.com","raraveeti@lenovo.com","ASO","Shilpi Gautam","sgautam2@lenovo.com",null,"Rajender Negi",null,"rnegi@lenovo.com",null,"2025-12-04","21:31:00","25.6174264,85.0926767","Family Computer",{"$nulls":3},"T3","10AHNPA1510F1ZC","East2",null,"T-2143","Patna","Bihar","V5 Global",null,"Yes","Face to Face","83JE00U5IN",1,"Lenovo","LOQ","LOQ 15IRX10","Lenovo LOQ(i7-14700HX/16GB /1TBSSD/W11+MSO24+AI NOW/RTX5060,8GB/15.6\"FHD,144Hz /1yr)Gry-83JE00U5IN","Win 11","Gaming","Premium","W11+MSO24+AI NOW/RTX5060,8GB/15.6\"FHD,144H","Consumer",112703,null,"NB",112703,"East2",132989.53999999998,"SP","Gaming","East2","Premium","Premium","-"]
[21664224,"Pankaj Kumar","pankaj.kumar@v5global.co.in",8340543380,"V5 Global","Patna",601177,"Bihar","Bihar",null,"V5 Global",null,null,"Shivam Kumar","shivam.kumar@v5global.co.in",null,"East2",null,"External Consumer","ASO","V5 Global ASO",null,"FT",null,"ASO",null,"Krishna Kumar Singh","Imam Hassan",null,"Rajender Negi","Raghavendra Araveeti","imam.hassan@v5global.co.in","imam.hassan@v5global.co.in","ksingh25@lenovo.com","rnegi@lenovo.com","raraveeti@lenovo.com","ASO","Shilpi Gautam","sgautam2@lenovo.com",null,"Rajender Negi",null,"rnegi@lenovo.com",null,"2025-12-04","21:32:00","25.6174414,85.0926744","Computer Mall",{"$nulls":3},"T3","10BHEPK5562P2Z4","East2",null,"T-2173","Patna","Bihar","V5 Global",null,"Yes","Face to Face","67BEKAC1IN",2,"Lenovo","Monitor","L27I-4A","L27I-4A","NA","Visual Variants","Premium","NA","Visuals",13000,null,null,26000,"East2",15340,"",null,"East2","Premium","Premium","-"]
[21664255,"Pankaj Kumar","pankaj.kumar@v5global.co.in",8340543380,"V5 Global","Patna",601177,"Bihar","Bihar",null,"V5 Global",null,null,"Shivam Kumar","shivam.kumar@v5global.co.in",null,"East2",null,"External Consumer","ASO","V5 Global ASO",null,"FT",null,"ASO",null,"Krishna Kumar Singh","Imam Hassan",null,"Rajender Negi","Raghavendra Araveeti","imam.hassan@v5global.co.in","imam.hassan@v5global.co.in","ksingh25@lenovo.com","rnegi@lenovo.com","raraveeti@lenovo.com","ASO","Shilpi Gautam","sgautam2@lenovo.com",null,"Rajender Negi",null,"rnegi@lenovo.com",null,"2025-12-04","21:34:00","25.6174282,85.0926765","Vaishnavi Computer",{"$nulls":3},"T3",null,"East2",null,"T-28208","Dehri","Bihar","Denave",null,"Yes","Face to Face","83ER00MCIN",1,"Lenovo","Ideapad","Slim 3","Lenovo IdeaPad Slim 3 12th Gen Intel Core i5-12450H 15\" (39.6cm) FHD IPS 300 Nits Thin & Light Laptop (16GB/512GB SSD/Win 11/MSO","Win 11","Thin & Light","Mainstream","i5 12th Gen","Consumer",41000,null,"NB",41000,"East2",48380,"",null,"East2","Mainstream","Mainstream","-"]
[21664255,"Pankaj Kumar","pankaj.kumar@v5global.co.in",8340543380,"V5 Global","Patna",601177,"Bihar","Bihar",null,"V5 Global",null,null,"Shivam Kumar","shivam.kumar@v5global.co.in",null,"East2",null,"External Consumer","ASO","V5 Global ASO",null,"FT",null,"ASO",null,"Krishna Kumar Singh","Imam Hassan",null,"Rajender Negi","Raghavendra Araveeti","imam.hassan@v5global.co.in","imam.hassan@v5global.co.in","ksingh25@lenovo.com","rnegi@lenovo.com","raraveeti@lenovo.com","ASO","Shilpi Gautam","sgautam2@lenovo.com",null,"Rajender Negi",null,"rnegi@lenovo.com",null,"2025-12-04","21:34:00","25.6174282,85.0926765","Vaishnavi Computer",{"$nulls":3},"T3",null,"East2",null,"T-28208","Dehri","Bihar","Denave",null,"Yes","Face to Face","82X700HMIN",2,"Lenovo","IdeaPad Slim 3","Slim 3","15.6\", 8GB, 512GB, Integrated Intel UHD Graphics, Office Home 2024, Arctic Grey\t","Win 11","Thin & Light","Mainstream","Intel Core i3-1315U\t","Consumer",41000,null,"NB",82000,"East2",48380,"",null,"East2","Mainstream","Mainstream","i3 OS"]
[21664255,"Pankaj Kumar","pankaj.kumar@v5global.co.in",8340543380,"V5 Global","Patna",601177,"Bihar","Bihar",null,"V5 Global",null,null,"Shivam Kumar","shivam.kumar@v5global.co.in",null,"East2",null,"External Consumer","ASO","V5 Global ASO",null,"FT",null,"ASO",null,"Krishna Kumar Singh","Imam Hassan",null,"Rajender Negi","Raghavendra Araveeti","imam.hassan@v5global.co.in","imam.hassan@v5global.co.in","ksingh25@lenovo.com","rnegi@lenovo.com","raraveeti@lenovo.com","ASO","Shilpi Gautam","sgautam2@lenovo.com",null,"Rajender Negi",null,"rnegi@lenovo.com",null,"2025-12-04","21:34:00","25.6174282,85.0926765","Vaishnavi Computer",{"$nulls":3},"T3",null,"East2",null,"T-28208","Dehri","Bihar","Denave",null,"Yes","Face to Face","83LK009VIN",1,"Lenovo","LOQ","LOQ-15AX9E","i5-12450HX-RTX3050A-W11-O24-15.6","Win 11","Gaming","Premium","i5-12450HX","Consumer",85290,null,"NB",85290,"East2",100642.2,"SP","Gaming","East2","Premium","Premium","-"]
[21664255,"Pankaj Kumar","pankaj.kumar@v5global.co.in",8340543380,"V5 Global","Patna",601177,"Bihar","Bihar",null,"V5 Global",null,null,"Shivam Kumar","shivam.kumar@v5global.co.in",null,"East2",null,"External Consumer","ASO","V5 Global ASO",null,"FT",null,"ASO",null,"Krishna Kumar Singh","Imam Hassan",null,"Rajender Negi","Raghavendra Araveeti","imam.hassan@v5global.co.in","imam.hassan@v5global.co.in","ksingh25@lenovo.com","rnegi@lenovo.com","raraveeti@lenovo.com","ASO","Shilpi Gautam","sgautam2@lenovo.com",null,"Rajender Negi",null,"rnegi@lenovo.com",null,"2025-12-04","21:34:00","25.6174282,85.0926765","Vaishnavi Computer",{"$nulls":3},"T3",null,"East2",null,"T-28208","Dehri","Bihar","Denave",null,"Yes","Face to Face","83K100C7IN",1,"Lenovo","Ideapad","Slim 3","i5-13450H,Ram-16,512,15.3 wuxga,win-11 office 2024,\t","Win 11","Thin & Light","Mainstream","i5-13450H","Consumer",64790,null,"NB",64790,"East2",76452.2,"SP","Non-Gaming","East2","Premium","Premium","NA"]
[21664261,"Pankaj Kumar","pankaj.kumar@v5global.co.in",8340543380,"V5 Global","Patna",601177,"Bihar","Bihar",null,"V5 Global",null,null,"Shivam Kumar","shivam.kumar@v5global.co.in",null,"East2",null,"External Consumer","ASO","V5 Global ASO",null,"FT",null,"ASO",null,"Krishna Kumar Singh","Imam Hassan",null,"Rajender Negi","Raghavendra Araveeti","imam.hassan@v5global.co.in","imam.hassan@v5global.co.in","ksingh25@lenovo.com","rnegi@lenovo.com","raraveeti@lenovo.com","ASO","Shilpi Gautam","sgautam2@lenovo.com",null,"Rajender Negi",null,"rnegi@lenovo.com",null,"2025-12-04","21:35:00","25.6174376,85.0926754","Computer Club",{"$nulls":3},"T3","10AARFC0172C1Z3","East2",null,"T-29549","Patna","Bihar","V5 Global",null,"Yes","Face to Face","66E9KAC4IN",3,"Lenovo","D SERIES","D20-30","19.5inch 1080*1250","NA","Visual Variants","Entry","NA","Visuals",5635,null,null,16905,"East2",6649.299999999999,"",null,"East2","Entry","Entry","-"]
[21664272,"Pankaj Kumar","pankaj.kumar@v5global.co.in",8340543380,"V5 Global","Patna",601177,"Bihar","Bihar",null,"V5 Global",null,null,"Shivam Kumar","shivam.kumar@v5global.co.in",null,"East2",null,"External Consumer","ASO","V5 Global ASO",null,"FT",null,"ASO",null,"Krishna Kumar Singh","Imam Hassan",null,"Rajender Negi","Raghavendra Araveeti","imam.hassan@v5global.co.in","imam.hassan@v5global.co.in","ksingh25@lenovo.com","rnegi@lenovo.com","raraveeti@lenovo.com","ASO","Shilpi Gautam","sgautam2@lenovo.com",null,"Rajender Negi",null,"rnegi@lenovo.com",null,"2025-12-04","21:36:00","25.6174354,85.0926725","Super computer",{"$nulls":3},"T3","10AIHPM9791R1ZF","East2",null,"T-31220","Patna","Bihar","V5 Global",null,"Yes","Face to Face","90XS005PIN",1,"Lenovo","IdeaCentre","IdeaCentre","IntelÂ® Coreâ„¢ i3-14100 4C, 8GB DDR5/512 SSD/ WiFi 6 + BT 5.2/ 260W/ SFF 8.2Lt / Wired KeyBoard & Mouse /Win 11 Home/1 Yr Onsite","Win 11","TDT","Entry","IntelÂ® Coreâ„¢ i3-14100","Consumer",31500,null,"TDT",31500,"East2",37170,"",null,"East2","Entry","Entry","i3 OS"]
[21664272,"Pankaj Kumar","pankaj.kumar@v5global.co.in",8340543380,"V5 Global","Patna",601177,"Bihar","Bihar",null,"V5 Global",null,null,"Shivam Kumar","shivam.kumar@v5global.co.in",null,"East2",null,"External Consumer","ASO","V5 Global ASO",null,"FT",null,"ASO",null,"Krishna Kumar Singh","Imam Hassan",null,"Rajender Negi","Raghavendra Araveeti","imam.hassan@v5global.co.in","imam.hassan@v5global.co.in","ksingh25@lenovo.com","rnegi@lenovo.com","raraveeti@lenovo.com","ASO","Shilpi Gautam","sgautam2@lenovo.com",null,"Rajender Negi",null,"rnegi@lenovo.com",null,"2025-12-04","21:36:00","25.6174354,85.0926725","Super computer",{"$nulls":3},"T3","10AIHPM9791R1ZF","East2",null,"T-31220","Patna","Bihar","V5 Global",null,"Yes","Face to Face","66E9KAC4IN",1,"Lenovo","D SERIES","D20-30","19.5inch 1080*1250","NA","Visual Variants","Entry","NA","Visuals",5635,null,null,5635,"East2",6649.299999999999,"",null,"East2","Entry","Entry","-"]
[21664274,"Pankaj Kumar","pankaj.kumar@v5global.co.in",8340543380,"V5 Global","Patna",601177,"Bihar","Bihar",null,"V5 Global",null,null,"Shivam Kumar","shivam.kumar@v5global.co.in",null,"East2",null,"External Consumer","ASO","V5 Global ASO",null,"FT",null,"ASO",null,"Krishna Kumar Singh","Imam Hassan",null,"Rajender Negi","Raghavendra Araveeti","imam.hassan@v5global.co.in","imam.hassan@v5global.co.in","ksingh25@lenovo.com","rnegi@lenovo.com","raraveeti@lenovo.com","ASO","Shilpi Gautam","sgautam2@lenovo.com",null,"Rajender Negi",null,"rnegi@lenovo.com",null,"2025-12-04","21:37:00","25.6174409,85.0926761","Yash computer",{"$nulls":3},"T3","10AJRPD5011E2ZX","East2",null,"T-30770","Patna","Bihar","V5 Global",null,"Yes","Face to Face","83K100HSIN",2,"Lenovo","Ideapad","Slim 3","15.3inch 16GB/1 TBSSD Integrated Graphics MSO 2024 Arctic Greay","Win 11","Thin & Light","Premium","Intel Core i5-13420H","Consumer",64900,null,"NB",129800,"East2",76582,"SP","Non-Gaming","East2","Premium","Premium","-"]
[21664627,"Sunny Ashok Warwatkar","sunny.warwatkar@v5global.co.in",8888599205,"V5 Global","Amravati",601349,"MAHARASHTRA","Maharashtra",null,"V5 Global",null,null,"Safdar Hussian","safder.khan@v5global.co.in",null,"West1",null,"External Consumer","ASO","V5 Global ASO",null,"FT",null,"ASO",null,"Sonia more","TBH",null,"Hemant C Baghel","Sharad verma",null,null,"smore3@lenovo.com","hbaghel@lenovo.com","sharverm@lenovo.com","ASO","Shilpi Gautam","sgautam2@lenovo.com",null,"Hemant C Baghel",null,"hbaghel@lenovo.com",null,"2025-12-04","22:23:00","20.8847874,77.7526483","Ramkrishna Agencies",{"$nulls":3},"T3","27AAKR3485N1ZF","West1",null,"T-12504","Akola","Maharashtra",null,null,"Yes","Telephonic","83BG000PIN",2,"Lenovo","IdeaPad","IdeaPad Slim 5 16IAH8","NB IP Slim 5 16IAH8 I5 16G 512G 11S","Win 11","Thin & Light","Premium","i5 12450H","Consumer",67944,null,"NB",135888,"West1",80173.92,"SP","Non-Gaming","West1 R","Premium","Premium","Slim 5/Slim 5 Pro"]
[21690880,"Ramisetty Gopalkrishna","ramisetty.krishna@v5global.co.in",7050129999,"V5 Global","Vijaywada","V5303153","Andhra Pradesh","Andhra Pradesh",null,"V5 Global",null,null,"TBH (HYD)",null,null,"South2",null,"External Consumer","ASO","V5 Global ASO",null,"FT",null,"ASO",null,"Prabhakar G","S.Arunbabu",null,"Prabhu Subaramanian","Sharad verma","arun.babu@v5global.co.in","arun.babu@v5global.co.in","gprabhakar@lenovo.com","psubramania4@lenovo.com","sharverm@lenovo.com","ASO","Shilpi Gautam","sgautam2@lenovo.com",null,"Prabhu Subaramanian",null,"psubramania4@lenovo.com",null,"2025-12-05","14:47:00","16.479635,80.6619557","SAI SRINIVASA COMPUTERS",{"$nulls":3},"T3","37AARPE9340G1ZG","South2",null,"T-10345","Krishna","Andhra Pradesh","V5 Global",null,"Yes","Face to Face","83DV01A5IN",1,"Lenovo","LOQ","LOQ 15IRX9","CI7-13650HX/16GB/512GB/RTX 4050 6GB/WIN11/OFFICE2024/15.6FULLHDIPS","Win 11","Gaming","Premium","C I7-13650HX","Consumer",91500,null,"NB",91500,"South2",107970,"SP","Gaming","South2","Premium","Premium","-"]
[21690880,"Ramisetty Gopalkrishna","ramisetty.krishna@v5global.co.in",7050129999,"V5 Global","Vijaywada","V5303153","Andhra Pradesh","Andhra Pradesh",null,"V5 Global",null,null,"TBH (HYD)",null,null,"South2",null,"External Consumer","ASO","V5 Global ASO",null,"FT",null,"ASO",null,"Prabhakar G","S.Arunbabu",null,"Prabhu Subaramanian","Sharad verma","arun.babu@v5global.co.in","arun.babu@v5global.co.in","gprabhakar@lenovo.com","psubramania4@lenovo.com","sharverm@lenovo.com","ASO","Shilpi Gautam","sgautam2@lenovo.com",null,"Prabhu Subaramanian",null,"psubramania4@lenovo.com",null,"2025-12-05","14:47:00","16.479635,80.6619557","SAI SRINIVASA COMPUTERS",{"$nulls":3},"T3","37AARPE9340G1ZG","South2",null,"T-10345","Krishna","Andhra Pradesh","V5 Global",null,"Yes","Face to Face","F0HM00PYIN",1,"Lenovo","IdeaCentre","AIO 27IRH9","Intel Core 5 210H, 8C (4P + 4E) / 12T, P-core 2.2 / 4.8GHz, E-core 1.6 / 3.6GHz, 12MB 1x 16GB SO-DIMM DDR5-5200 1TB SSD M.2 2280","Win11","AIO","Premium","Intel Core I5","Consumer",89999,null,"AIO",89999,"South2",106198.81999999999,"SP","Non-Gaming","South2","Premium","Premium","-"]
[21690886,"Ramisetty Gopalkrishna","ramisetty.krishna@v5global.co.in",7050129999,"V5 Global","Vijaywada","V5303153","Andhra Pradesh","Andhra Pradesh",null,"V5 Global",null,null,"TBH (HYD)",null,null,"South2",null,"External Consumer","ASO","V5 Global ASO",null,"FT",null,"ASO",null,"Prabhakar G","S.Arunbabu",null,"Prabhu Subaramanian","Sharad verma","arun.babu@v5global.co.in","arun.babu@v5global.co.in","gprabhakar@lenovo.com","psubramania4@lenovo.com","sharverm@lenovo.com","ASO","Shilpi Gautam","sgautam2@lenovo.com",null,"Prabhu Subaramanian",null,"psubramania4@lenovo.com",null,"2025-12-05","17:27:00","16.4796337,80.6619533","SHREE INFOTECH",{"$nulls":3},"T3","37DDSPP2999K1ZB","South2",null,"T-29507","Vijayawada","Andhra Pradesh","V5 Global",null,"Yes","Face to Face","83DV018EIN",1,"Lenovo","LOQ","LOQ","INTEL CORE I7 -13650HX/24GB RAM/512 SSD /TRX 4060 8GB GRAPHICS/144HZ/100sRGB 300 NITS WINDOWS 11+MSO 2024 ","Win 11","Gaming","Premium","INTE 13650HX ","Consumer",107000,null,"NB",{"$f":"BV195*BL195","v":107000},{"$f":"Q195","v":"South2"},{"$f":"BV195*118%","v":126260},{"$f":"IF(CF195=\"Premium\",IF(CA195>=65000,\"SP\",\"\"),\"\")","v":"SP"},"Gaming","South2",{"$f":"IF(BU195=\"Consumer\",IF(CA195<40000,\"Entry\",IF(AND(CA195>=40000,CA195<65000),\"Mainstream\",\"Premium\")),IF(BU195=\"Visuals\",BS195,\"NA\"))","v":"Premium"},"Premium","-"]
[21690886,"Ramisetty Gopalkrishna","ramisetty.krishna@v5global.co.in",7050129999,"V5 Global","Vijaywada","V5303153","Andhra Pradesh","Andhra Pradesh",null,"V5 Global",null,null,"TBH (HYD)",null,null,"South2",null,"External Consumer","ASO","V5 Global ASO",null,"FT",null,"ASO",null,"Prabhakar G","S.Arunbabu",null,"Prabhu Subaramanian","Sharad verma","arun.babu@v5global.co.in","arun.babu@v5global.co.in","gprabhakar@lenovo.com","psubramania4@lenovo.com","sharverm@lenovo.com","ASO","Shilpi Gautam","sgautam2@lenovo.com",null,"Prabhu Subaramanian",null,"psubramania4@lenovo.com",null,"2025-12-05","17:27:00","16.4796337,80.6619533","SHREE INFOTECH",{"$nulls":3},"T3","37DDSPP2999K1ZB","South2",null,"T-29507","Vijayawada","Andhra Pradesh","V5 Global",null,"Yes","Face to Face","83K100CAIN",3,"Lenovo","Ideapad","Slim 3","NB IP Slim 3 15IRH10 I5 8G 512G 11S","Win 11","Thin & Light","Premium","i5 13420H/8GB/512GB SSD","Consumer",56251,null,"NB",168753,"South2",66376.18,"",null,"South2","Premium","Mainstream","-"]
[21683774,"Manoj Bihari","manoj.bihari@v5global.co.in",9861291397,"V5 Global","Sambalpur","V5263625","Orissa","Orissa",null,"V5 Global",null,null,"Arindam Mazumdar","arindam.mazumdar@v5global.co.in",null,"East2",null,"External Consumer","ASO","V5 Global ASO",null,"FT",null,"ASO","LES","Biswa Ranjan Jena","Imam Hassan",null,"Rajender Negi","Raghavendra Araveeti","imam.hassan@v5global.co.in","imam.hassan@v5global.co.in","bjena1@lenovo.com","rnegi@lenovo.com","raraveeti@lenovo.com","ASO","Shilpi Gautam","sgautam2@lenovo.com",null,"Rajender Negi","LES","rnegi@lenovo.com",null,"2025-12-05","19:24:00","21.84680413036184,84.01318777352571","ARYAN INFOTECH",{"$nulls":3},"T3","21BEDPB2268H1Z2","East2",null,"T-29293","RAYAGADA","Odisha","V5 Global",null,"Yes","Face to Face","F0HN00PGIN",1,"Lenovo","AIO","AIO i-24IRH9","i3-1315U-8-512-UHD-W11-O24-23.80","Win 11","AIO","Mainstream","i3-1315U","Consumer",57990,null,"AIO",57990,"East2",68428.2,"",null,"East2","Premium","Mainstream","i3 OS"]
[21683774,"Manoj Bihari","manoj.bihari@v5global.co.in",9861291397,"V5 Global","Sambalpur","V5263625","Orissa","Orissa",null,"V5 Global",null,null,"Arindam Mazumdar","arindam.mazumdar@v5global.co.in",null,"East2",null,"External Consumer","ASO","V5 Global ASO",null,"FT",null,"ASO","LES","Biswa Ranjan Jena","Imam Hassan",null,"Rajender Negi","Raghavendra Araveeti","imam.hassan@v5global.co.in","imam.hassan@v5global.co.in","bjena1@lenovo.com","rnegi@lenovo.com","raraveeti@lenovo.com","ASO","Shilpi Gautam","sgautam2@lenovo.com",null,"Rajender Negi","LES","rnegi@lenovo.com",null,"2025-12-05","19:24:00","21.84680413036184,84.01318777352571","ARYAN INFOTECH",{"$nulls":3},"T3","21BEDPB2268H1Z2","East2",null,"T-29293","RAYAGADA","Odisha","V5 Global",null,"Yes","Face to Face","67D5KAC6IN",1,"Lenovo","L22-4E","L Series","LEN L22-4E 21.5 IPS  BLACK 100HZ","NA","Visual Variants","Mainstream","NA","Visuals",5331,null,null,5331,"East2",6290.58,"",null,"East2","Mainstream","Mainstream","-"]
[21683779,"Manoj Bihari","manoj.bihari@v5global.co.in",9861291397,"V5 Global","Sambalpur","V5263625","Orissa","Orissa",null,"V5 Global",null,null,"Arindam Mazumdar","arindam.mazumdar@v5global.co.in",null,"East2",null,"External Consumer","ASO","V5 Global ASO",null,"FT",null,"ASO","LES","Biswa Ranjan Jena","Imam Hassan",null,"Rajender Negi","Raghavendra Araveeti","imam.hassan@v5global.co.in","imam.hassan@v5global.co.in","bjena1@lenovo.com","rnegi@lenovo.com","raraveeti@lenovo.com","ASO","Shilpi Gautam","sgautam2@lenovo.com",null,"Rajender Negi","LES","rnegi@lenovo.com",null,"2025-12-05","19:27:00","21.84680413036184,84.01318777352571","Syberzone",{"$nulls":3},"T3","21CQWPS9447K1ZU","East2",null,"T-2919","Balangir","Orissa","V5 Global",null,"Yes","Face to Face","83ER00MCIN",1,"Lenovo","Ideapad","Slim 3","Lenovo IdeaPad Slim 3 12th Gen Intel Core i5-12450H 15\" (39.6cm) FHD IPS 300 Nits Thin & Light Laptop (16GB/512GB SSD/Win 11/MSO","Win 11","Thin & Light","Mainstream","i5 12th Gen","Consumer",41000,null,"NB",41000,"East2",48380,"",null,"East2","Mainstream","Mainstream","-"]
[21683782,"Manoj Bihari","manoj.bihari@v5global.co.in",9861291397,"V5 Global","Sambalpur","V5263625","Orissa","Orissa",null,"V5 Global",null,null,"Arindam Mazumdar","arindam.mazumdar@v5global.co.in",null,"East2",null,"External Consumer","ASO","V5 Global ASO",null,"FT",null,"ASO","LES","Biswa Ranjan Jena","Imam Hassan",null,"Rajender Negi","Raghavendra Araveeti","imam.hassan@v5global.co.in","imam.hassan@v5global.co.in","bjena1@lenovo.com","rnegi@lenovo.com","raraveeti@lenovo.com","ASO","Shilpi Gautam","sgautam2@lenovo.com",null,"Rajender Negi","LES","rnegi@lenovo.com",null,"2025-12-05","19:27:00","21.84680413036184,84.01318777352571","IT CARE (BHAWANIPATNA)",{"$nulls":3},"T3","21ALBPB9426F1ZO","East2",null,"T-2903","Kalahandi","Orissa","V5 Global",null,"Yes","Face to Face","83ER00MCIN",1,"Lenovo","Ideapad","Slim 3","Lenovo IdeaPad Slim 3 12th Gen Intel Core i5-12450H 15\" (39.6cm) FHD IPS 300 Nits Thin & Light Laptop (16GB/512GB SSD/Win 11/MSO","Win 11","Thin & Light","Mainstream","i5 12th Gen","Consumer",41000,null,"NB",41000,"East2",48380,"",null,"East2","Mainstream","Mainstream","-"]
[21671371,"Ishan Modha","ishan.modha@v5global.co.in",6352456143,"V5 Global","Ahmedabad",601140,"Gujarat","Gujarat",null,"V5 Global",null,null,"Darshan Shah","darshan.shah@v5global.co.in",null,"West1",null,"External Consumer","ASO","V5 Global ASO",null,"FT",null,"ASO",null,"Jaydip Kachhot","Yunus Hamid Mansoori",null,"Hemant C Baghel","Sharad verma","yunus.hamid@v5global.co.in","yunus.hamid@v5global.co.in","jkachhot@lenovo.com","hbaghel@lenovo.com","sharverm@lenovo.com","ASO","Shilpi Gautam","sgautam2@lenovo.com",null,"Hemant C Baghel",null,"hbaghel@lenovo.com",null,"2025-12-05","19:28:00","22.3007446,70.779024","R K INFOTECH",{"$nulls":3},"Top T3","24BCPPM2345Q1Z0","West2",null,"T-14006","Rajkot","Gujarat",null,null,"Yes","Face to Face","F0HR009BIN",1,"Lenovo","IdeaCentre","AIO","DT IC AIO 24ARR9 A57535HS 512G 8G","Win 11","TDT","Mainstream","R7 7735HS","Consumer",42990,null,"TDT",42990,"West1",50728.2,"",null,"West1 M","Mainstream","Mainstream","-"]
[21671381,"Ishan Modha","ishan.modha@v5global.co.in",6352456143,"V5 Global","Ahmedabad",601140,"Gujarat","Gujarat",null,"V5 Global",null,null,"Darshan Shah","darshan.shah@v5global.co.in",null,"West1",null,"External Consumer","ASO","V5 Global ASO",null,"FT",null,"ASO",null,"Jaydip Kachhot","Yunus Hamid Mansoori",null,"Hemant C Baghel","Sharad verma","yunus.hamid@v5global.co.in","yunus.hamid@v5global.co.in","jkachhot@lenovo.com","hbaghel@lenovo.com","sharverm@lenovo.com","ASO","Shilpi Gautam","sgautam2@lenovo.com",null,"Hemant C Baghel",null,"hbaghel@lenovo.com",null,"2025-12-05","19:29:00","22.3007454,70.7790236","REGAL COMPUTER",{"$nulls":3},"T3","24AHCPC3696D1ZP","West2",null,"T-14091","Rajkot","Gujarat",null,null,"Yes","Face to Face","90XW005UIN",1,"Lenovo","IdeaCentre","IdeaCentre 08IRH9","8GB RAM/512 GB SSD/Integrated Graphics/WINDOWS 11","Win 11","TDT","Entry","CORE I5","Consumer",32619,null,"TDT",32619,"West1",38490.42,"",null,"West1 M","Entry","Mainstream","NA"]
[21672654,"Sukanta Sinha","sukanta.sinha@v5global.co.in",9854184578,"V5 Global","Guwahati","V5266867","NE","NE",null,"V5 Global",null,null,"Sukamal Saha","sukamal.saha@v5global.co.in",null,"East1",null,"External Consumer","ASO","V5 Global ASO",null,"FT",null,"ASO",null,"Partha Chakraborty","Amit Thakuri",null,"Amit Tiwari","Raghavendra Araveeti","amit.thakuri@v5global.co.in","amit.thakuri@v5global.co.in","pchakraborty@lenovo.com","atiwari11@lenovo.com","raraveeti@lenovo.com","ASO","Shilpi Gautam","sgautam2@lenovo.com",null,"Amit Tiwari",null,"atiwari11@lenovo.com",null,"2025-12-05","21:11:00","26.1631456,91.7765525","Solution Care",{"$nulls":3},"T3","18AMYPD0817C1Z5","East1",null,"T-31453","Guwahati","Assam","V5 Global",null,"Yes","Telephonic","F0J6005FIN",3,"Lenovo","AIO","Lenovo A100","23.8\" FHD/8GB RAM/512 SSD/Integrated Graphics/MSO 2024/White","Win 11","AIO","Entry","Intel N100","Consumer",32000,null,"AIO",96000,"East1",37760,"",null,"East1","Entry","Entry","-"]
[21672668,"Sukanta Sinha","sukanta.sinha@v5global.co.in",9854184578,"V5 Global","Guwahati","V5266867","NE","NE",null,"V5 Global",null,null,"Sukamal Saha","sukamal.saha@v5global.co.in",null,"East1",null,"External Consumer","ASO","V5 Global ASO",null,"FT",null,"ASO",null,"Partha Chakraborty","Amit Thakuri",null,"Amit Tiwari","Raghavendra Araveeti","amit.thakuri@v5global.co.in","amit.thakuri@v5global.co.in","pchakraborty@lenovo.com","atiwari11@lenovo.com","raraveeti@lenovo.com","ASO","Shilpi Gautam","sgautam2@lenovo.com",null,"Amit Tiwari",null,"atiwari11@lenovo.com",null,"2025-12-05","21:11:00","26.1628936,91.7765525","Eastern Computer Agencies",{"$nulls":3},"T3","13AMWPT6357K1Z5","East1",null,"T-516","Kohima","NAGALAND","V5 Global",null,"Yes","Telephonic","82X700HMIN",1,"Lenovo","IdeaPad Slim 3","Slim 3","15.6\", 8GB, 512GB, Integrated Intel UHD Graphics, Office Home 2024, Arctic Grey\t","Win 11","Thin & Light","Mainstream","Intel Core i3-1315U\t","Consumer",41000,null,"NB",41000,"East1",48380,"",null,"East1","Mainstream","Mainstream","i3 OS"]
[21672782,"Sukanta Sinha","sukanta.sinha@v5global.co.in",9854184578,"V5 Global","Guwahati","V5266867","NE","NE",null,"V5 Global",null,null,"Sukamal Saha","sukamal.saha@v5global.co.in",null,"East1",null,"External Consumer","ASO","V5 Global ASO",null,"FT",null,"ASO",null,"Partha Chakraborty","Amit Thakuri",null,"Amit Tiwari","Raghavendra Araveeti","amit.thakuri@v5global.co.in","amit.thakuri@v5global.co.in","pchakraborty@lenovo.com","atiwari11@lenovo.com","raraveeti@lenovo.com","ASO","Shilpi Gautam","sgautam2@lenovo.com",null,"Amit Tiwari",null,"atiwari11@lenovo.com",null,"2025-12-05","21:17:00","26.1633636,91.7766409","Digitek Solutions",{"$nulls":3},"T3","18AAJFD2654G1ZF","East1",null,"T-67","Kamrup Metropolitan","ASSAM","V5 Global",null,"Yes","Telephonic","66E9KAC4IN",1,"Lenovo","D SERIES","D20-30","19.5inch 1080*1250","NA","Visual Variants","Entry","NA","Visuals",5635,null,null,5635,"East1",6649.299999999999,"",null,"East1","Entry","Entry","-"]
[21672802,"Sukanta Sinha","sukanta.sinha@v5global.co.in",9854184578,"V5 Global","Guwahati","V5266867","NE","NE",null,"V5 Global",null,null,"Sukamal Saha","sukamal.saha@v5global.co.in",null,"East1",null,"External Consumer","ASO","V5 Global ASO",null,"FT",null,"ASO",null,"Partha Chakraborty","Amit Thakuri",null,"Amit Tiwari","Raghavendra Araveeti","amit.thakuri@v5global.co.in","amit.thakuri@v5global.co.in","pchakraborty@lenovo.com","atiwari11@lenovo.com","raraveeti@lenovo.com","ASO","Shilpi Gautam","sgautam2@lenovo.com",null,"Amit Tiwari",null,"atiwari11@lenovo.com",null,"2025-12-05","21:19:00","26.1632575,91.7765525","Jumsi Enterprise",{"$nulls":3},"T3",null,"East1",null,"T-15","Papum Pare","ARUNACHAL PRADESH","V5 Global",null,"Yes","Telephonic","67D5KAC6IN",1,"Lenovo","L22-4E","L Series","LEN L22-4E 21.5 IPS  BLACK 100HZ","NA","Visual Variants","Mainstream","NA","Visuals",5331,null,null,5331,"East1",6290.58,"",null,"East1","Mainstream","Mainstream","-"]
[21672820,"Sukanta Sinha","sukanta.sinha@v5global.co.in",9854184578,"V5 Global","Guwahati","V5266867","NE","NE",null,"V5 Global",null,null,"Sukamal Saha","sukamal.saha@v5global.co.in",null,"East1",null,"External Consumer","ASO","V5 Global ASO",null,"FT",null,"ASO",null,"Partha Chakraborty","Amit Thakuri",null,"Amit Tiwari","Raghavendra Araveeti","amit.thakuri@v5global.co.in","amit.thakuri@v5global.co.in","pchakraborty@lenovo.com","atiwari11@lenovo.com","raraveeti@lenovo.com","ASO","Shilpi Gautam","sgautam2@lenovo.com",null,"Amit Tiwari",null,"atiwari11@lenovo.com",null,"2025-12-05","21:20:00","26.1632575,91.7765525","HOC Store",{"$nulls":3},"T3","17BHIPS5170B1ZC","East1",null,"T-29876","Shillong","Meghalaya","V5 Global",null,"Yes","Telephonic","67D5KAC6IN",1,"Lenovo","L22-4E","L Series","LEN L22-4E 21.5 IPS  BLACK 100HZ","NA","Visual Variants","Mainstream","NA","Visuals",5331,null,null,5331,"East1",6290.58,"",null,"East1","Mainstream","Mainstream","-"]
[21672841,"Sukanta Sinha","sukanta.sinha@v5global.co.in",9854184578,"V5 Global","Guwahati","V5266867","NE","NE",null,"V5 Global",null,null,"Sukamal Saha","sukamal.saha@v5global.co.in",null,"East1",null,"External Consumer","ASO","V5 Global ASO",null,"FT",null,"ASO",null,"Partha Chakraborty","Amit Thakuri",null,"Amit Tiwari","Raghavendra Araveeti","amit.thakuri@v5global.co.in","amit.thakuri@v5global.co.in","pchakraborty@lenovo.com","atiwari11@lenovo.com","raraveeti@lenovo.com","ASO","Shilpi Gautam","sgautam2@lenovo.com",null,"Amit Tiwari",null,"atiwari11@lenovo.com",null,"2025-12-05","21:21:00","26.1632575,91.7765525","M/S I T Solution",{"$nulls":3},"T3","18AJEPG9538Q1ZF","East1",null,"T-31372","Guwahati","Assam","V5 Global",null,"Yes","Telephonic","67D5KAC6IN",1,"Lenovo","L22-4E","L Series","LEN L22-4E 21.5 IPS  BLACK 100HZ","NA","Visual Variants","Mainstream","NA","Visuals",5331,null,null,5331,"East1",6290.58,"",null,"East1","Mainstream","Mainstream","-"]
[21672841,"Sukanta Sinha","sukanta.sinha@v5global.co.in",9854184578,"V5 Global","Guwahati","V5266867","NE","NE",null,"V5 Global",null,null,"Sukamal Saha","sukamal.saha@v5global.co.in",null,"East1",null,"External Consumer","ASO","V5 Global ASO",null,"FT",null,"ASO",null,"Partha Chakraborty","Amit Thakuri",null,"Amit Tiwari","Raghavendra Araveeti","amit.thakuri@v5global.co.in","amit.thakuri@v5global.co.in","pchakraborty@lenovo.com","atiwari11@lenovo.com","raraveeti@lenovo.com","ASO","Shilpi Gautam","sgautam2@lenovo.com",null,"Amit Tiwari",null,"atiwari11@lenovo.com",null,"2025-12-05","21:21:00","26.1632575,91.7765525","M/S I T Solution",{"$nulls":3},"T3","18AJEPG9538Q1ZF","East1",null,"T-31372","Guwahati","Assam","V5 Global",null,"Yes","Telephonic","67DDKAC6IN",1,"Lenovo","Monitor","Monitor","Non Gaming|L24-4C|23.8\"","NA","Visual Variants","Mainstream","L24-4C","Visuals",8500,null,null,8500,"East1",10030,"",null,"East1","Mainstream","Mainstream","-"]
[21672856,"Sukanta Sinha","sukanta.sinha@v5global.co.in",9854184578,"V5 Global","Guwahati","V5266867","NE","NE",null,"V5 Global",null,null,"Sukamal Saha","sukamal.saha@v5global.co.in",null,"East1",null,"External Consumer","ASO","V5 Global ASO",null,"FT",null,"ASO",null,"Partha Chakraborty","Amit Thakuri",null,"Amit Tiwari","Raghavendra Araveeti","amit.thakuri@v5global.co.in","amit.thakuri@v5global.co.in","pchakraborty@lenovo.com","atiwari11@lenovo.com","raraveeti@lenovo.com","ASO","Shilpi Gautam","sgautam2@lenovo.com",null,"Amit Tiwari",null,"atiwari11@lenovo.com",null,"2025-12-05","21:22:00","26.1632575,91.7765525","Aspire",{"$nulls":3},"T3","18AJQPR2397N2Z2","East1",null,"T-26","Hojai","Assam",null,null,"Yes","Telephonic","67D5KAC6IN",1,"Lenovo","L22-4E","L Series","LEN L22-4E 21.5 IPS  BLACK 100HZ","NA","Visual Variants","Mainstream","NA","Visuals",5331,null,null,5331,"East1",6290.58,"",null,"East1","Mainstream","Mainstream","-"]
[21672864,"Sukanta Sinha","sukanta.sinha@v5global.co.in",9854184578,"V5 Global","Guwahati","V5266867","NE","NE",null,"V5 Global",null,null,"Sukamal Saha","sukamal.saha@v5global.co.in",null,"East1",null,"External Consumer","ASO","V5 Global ASO",null,"FT",null,"ASO",null,"Partha Chakraborty","Amit Thakuri",null,"Amit Tiwari","Raghavendra Araveeti","amit.thakuri@v5global.co.in","amit.thakuri@v5global.co.in","pchakraborty@lenovo.com","atiwari11@lenovo.com","raraveeti@lenovo.com","ASO","Shilpi Gautam","sgautam2@lenovo.com",null,"Amit Tiwari",null,"atiwari11@lenovo.com",null,"2025-12-05","21:23:00","26.1632575,91.7765525","Computer Villa",{"$nulls":3},"T3","13AKBPK4472D2ZL","East1",null,"T-513","Dimapur","NAGALAND","V5 Global",null,"Yes","Telephonic","67CCGAC4IN",1,"Lenovo","Moniter","R24E","NA","NA","Visual Variants","Premium","NA","Visuals",10500,null,null,10500,"East1",12390,"",null,"East1","Premium","Premium","-"]
[21672905,"Sukanta Sinha","sukanta.sinha@v5global.co.in",9854184578,"V5 Global","Guwahati","V5266867","NE","NE",null,"V5 Global",null,null,"Sukamal Saha","sukamal.saha@v5global.co.in",null,"East1",null,"External Consumer","ASO","V5 Global ASO",null,"FT",null,"ASO",null,"Partha Chakraborty","Amit Thakuri",null,"Amit Tiwari","Raghavendra Araveeti","amit.thakuri@v5global.co.in","amit.thakuri@v5global.co.in","pchakraborty@lenovo.com","atiwari11@lenovo.com","raraveeti@lenovo.com","ASO","Shilpi Gautam","sgautam2@lenovo.com",null,"Amit Tiwari",null,"atiwari11@lenovo.com",null,"2025-12-05","21:25:00","26.1636266,91.7765525","Eastern Electrovision",{"$nulls":3},"T3","18BONPK1163G1ZV","East1",null,"T-73","Kamrup","ASSAM","V5 Global",null,"Yes","Telephonic","67D5KAC6IN",2,"Lenovo","L22-4E","L Series","LEN L22-4E 21.5 IPS  BLACK 100HZ","NA","Visual Variants","Mainstream","NA","Visuals",5331,null,null,10662,"East1",6290.58,"",null,"East1","Mainstream","Mainstream","-"]
[21672904,"Vishal Jaiswal","vishal.jaiswal@v5global.co.in",9369840011,"V5 Global","Kanpur","V5266996","Uttar Pradesh","Uttar Pradesh",null,"V5 Global",null,null,"Mohammad Atif","mohammad.atif@v5global.co.in",null,"North2",null,"External Consumer","ASO","V5 Global ASO",null,"FT",null,"ASO",null,"Rahul Sarin","Rahil Rasheed",null,"Durgendra Singh","Raghavendra Araveeti","rahil.rasheed@v5global.co.in","rahil.rasheed@v5global.co.in","rsarin2@lenovo.com","dsingh1@lenovo.com","raraveeti@lenovo.com","ASO","Shilpi Gautam","sgautam2@lenovo.com",null,"Durgendra Singh",null,"dsingh1@lenovo.com",null,"2025-12-05","21:25:00","26.4615829,80.3562439","BHUKANIA COMPUTEROIC/ Matrix System",{"$nulls":3},"T3",null,"North2",null,"T-23417","Kanpur","Uttar Pradesh","V5 Global",null,"Yes","Telephonic","82R400XSIN",2,"Lenovo","Ideapad","Ideapad","\"Ryzenâ„¢ 5 5500U 6C 8GB RAM 512GB SSD Windows11 MS Office H&S 2024  Integrated AMD Radeon  Graphics  15.6\"\" FHD TN 220nits AG 720","Win 11","Thin & Light","Entry","Amd Ryzen 5 5500U","Consumer",29407,null,"NB",58814,"North2",34700.259999999995,"",null,"North2","Entry","Entry","-"]
[21672915,"Sukanta Sinha","sukanta.sinha@v5global.co.in",9854184578,"V5 Global","Guwahati","V5266867","NE","NE",null,"V5 Global",null,null,"Sukamal Saha","sukamal.saha@v5global.co.in",null,"East1",null,"External Consumer","ASO","V5 Global ASO",null,"FT",null,"ASO",null,"Partha Chakraborty","Amit Thakuri",null,"Amit Tiwari","Raghavendra Araveeti","amit.thakuri@v5global.co.in","amit.thakuri@v5global.co.in","pchakraborty@lenovo.com","atiwari11@lenovo.com","raraveeti@lenovo.com","ASO","Shilpi Gautam","sgautam2@lenovo.com",null,"Amit Tiwari",null,"atiwari11@lenovo.com",null,"2025-12-05","21:26:00","26.1636266,91.7765525","Maruti Sales and Service",{"$nulls":3},"T3","18ABGFM5224K1Z2","East1",null,"T-22304","Guwahati","Assam","Denave",null,"Yes","Telephonic","67D5KAC6IN",1,"Lenovo","L22-4E","L Series","LEN L22-4E 21.5 IPS  BLACK 100HZ","NA","Visual Variants","Mainstream","NA","Visuals",5331,null,null,5331,"East1",6290.58,"",null,"East1","Mainstream","Mainstream","-"]
[21672932,"Sukanta Sinha","sukanta.sinha@v5global.co.in",9854184578,"V5 Global","Guwahati","V5266867","NE","NE",null,"V5 Global",null,null,"Sukamal Saha","sukamal.saha@v5global.co.in",null,"East1",null,"External Consumer","ASO","V5 Global ASO",null,"FT",null,"ASO",null,"Partha Chakraborty","Amit Thakuri",null,"Amit Tiwari","Raghavendra Araveeti","amit.thakuri@v5global.co.in","amit.thakuri@v5global.co.in","pchakraborty@lenovo.com","atiwari11@lenovo.com","raraveeti@lenovo.com","ASO","Shilpi Gautam","sgautam2@lenovo.com",null,"Amit Tiwari",null,"atiwari11@lenovo.com",null,"2025-12-05","21:27:00","26.1636266,91.7765525","Dna Tech Sales & Service",{"$nulls":3},"T3","18AAPFD0391J1Z4","East1",null,"T-68","Kamrup Metropolitan","Assam",null,null,"Yes","Telephonic","67D5KAC6IN",1,"Lenovo","L22-4E","L Series","LEN L22-4E 21.5 IPS  BLACK 100HZ","NA","Visual Variants","Mainstream","NA","Visuals",5331,null,null,5331,"East1",6290.58,"",null,"East1","Mainstream","Mainstream","-"]
[21672941,"Sukanta Sinha","sukanta.sinha@v5global.co.in",9854184578,"V5 Global","Guwahati","V5266867","NE","NE",null,"V5 Global",null,null,"Sukamal Saha","sukamal.saha@v5global.co.in",null,"East1",null,"External Consumer","ASO","V5 Global ASO",null,"FT",null,"ASO",null,"Partha Chakraborty","Amit Thakuri",null,"Amit Tiwari","Raghavendra Araveeti","amit.thakuri@v5global.co.in","amit.thakuri@v5global.co.in","pchakraborty@lenovo.com","atiwari11@lenovo.com","raraveeti@lenovo.com","ASO","Shilpi Gautam","sgautam2@lenovo.com",null,"Amit Tiwari",null,"atiwari11@lenovo.com",null,"2025-12-05","21:27:00","26.1636266,91.7765525","Prag Infosystem",{"$nulls":3},"T3","18AASFP8839L1Z4","East1",null,"T-148","Kamrup Metropolitan","ASSAM","V5 Global",null,"Yes","Telephonic","67D5KAC6IN",1,"Lenovo","L22-4E","L Series","LEN L22-4E 21.5 IPS  BLACK 100HZ","NA","Visual Variants","Mainstream","NA","Visuals",5331,null,null,5331,"East1",6290.58,"",null,"East1","Mainstream","Mainstream","-"]
[21672952,"Sukanta Sinha","sukanta.sinha@v5global.co.in",9854184578,"V5 Global","Guwahati","V5266867","NE","NE",null,"V5 Global",null,null,"Sukamal Saha","sukamal.saha@v5global.co.in",null,"East1",null,"External Consumer","ASO","V5 Global ASO",null,"FT",null,"ASO",null,"Partha Chakraborty","Amit Thakuri",null,"Amit Tiwari","Raghavendra Araveeti","amit.thakuri@v5global.co.in","amit.thakuri@v5global.co.in","pchakraborty@lenovo.com","atiwari11@lenovo.com","raraveeti@lenovo.com","ASO","Shilpi Gautam","sgautam2@lenovo.com",null,"Amit Tiwari",null,"atiwari11@lenovo.com",null,"2025-12-05","21:28:00","26.1636266,91.7765525","JSK Computer",{"$nulls":3},"T3","18BWJPB7072H1ZE","East1",null,"T-30998","Guwahati","Assam","V5 Global",null,"Yes","Telephonic","67D5KAC6IN",1,"Lenovo","L22-4E","L Series","LEN L22-4E 21.5 IPS  BLACK 100HZ","NA","Visual Variants","Mainstream","NA","Visuals",5331,null,null,5331,"East1",6290.58,"",null,"East1","Mainstream","Mainstream","-"]
[21672968,"Sukanta Sinha","sukanta.sinha@v5global.co.in",9854184578,"V5 Global","Guwahati","V5266867","NE","NE",null,"V5 Global",null,null,"Sukamal Saha","sukamal.saha@v5global.co.in",null,"East1",null,"External Consumer","ASO","V5 Global ASO",null,"FT",null,"ASO",null,"Partha Chakraborty","Amit Thakuri",null,"Amit Tiwari","Raghavendra Araveeti","amit.thakuri@v5global.co.in","amit.thakuri@v5global.co.in","pchakraborty@lenovo.com","atiwari11@lenovo.com","raraveeti@lenovo.com","ASO","Shilpi Gautam","sgautam2@lenovo.com",null,"Amit Tiwari",null,"atiwari11@lenovo.com",null,"2025-12-05","21:29:00","26.1636266,91.7765525","Data Com",{"$nulls":3},"T3",null,"East1",null,"T-28010","Guwahati","Assam","Denave",null,"Yes","Telephonic","67D5KAC6IN",1,"Lenovo","L22-4E","L Series","LEN L22-4E 21.5 IPS  BLACK 100HZ","NA","Visual Variants","Mainstream","NA","Visuals",5331,null,null,5331,"East1",6290.58,"",null,"East1","Mainstream","Mainstream","-"]
[21672968,"Sukanta Sinha","sukanta.sinha@v5global.co.in",9854184578,"V5 Global","Guwahati","V5266867","NE","NE",null,"V5 Global",null,null,"Sukamal Saha","sukamal.saha@v5global.co.in",null,"East1",null,"External Consumer","ASO","V5 Global ASO",null,"FT",null,"ASO",null,"Partha Chakraborty","Amit Thakuri",null,"Amit Tiwari","Raghavendra Araveeti","amit.thakuri@v5global.co.in","amit.thakuri@v5global.co.in","pchakraborty@lenovo.com","atiwari11@lenovo.com","raraveeti@lenovo.com","ASO","Shilpi Gautam","sgautam2@lenovo.com",null,"Amit Tiwari",null,"atiwari11@lenovo.com",null,"2025-12-05","21:29:00","26.1636266,91.7765525","Data Com",{"$nulls":3},"T3",null,"East1",null,"T-28010","Guwahati","Assam","Denave",null,"Yes","Telephonic","67AKACBIN",1,"Lenovo","L Series","L22E-40","21.5'' VA75HZ HDMI","NA","Visual Variants","Mainstream","NA","Visuals",6250,null,null,6250,"East1",7375,"",null,"East1","Mainstream","Mainstream","-"]
[21672982,"Vishal Jaiswal","vishal.jaiswal@v5global.co.in",9369840011,"V5 Global","Kanpur","V5266996","Uttar Pradesh","Uttar Pradesh",null,"V5 Global",null,null,"Mohammad Atif","mohammad.atif@v5global.co.in",null,"North2",null,"External Consumer","ASO","V5 Global ASO",null,"FT",null,"ASO",null,"Rahul Sarin","Rahil Rasheed",null,"Durgendra Singh","Raghavendra Araveeti","rahil.rasheed@v5global.co.in","rahil.rasheed@v5global.co.in","rsarin2@lenovo.com","dsingh1@lenovo.com","raraveeti@lenovo.com","ASO","Shilpi Gautam","sgautam2@lenovo.com",null,"Durgendra Singh",null,"dsingh1@lenovo.com",null,"2025-12-05","21:29:00","26.4616754,80.3561813","Isha Computer Servises",{"$nulls":3},"T3",null,"North2",null,"T-23429","Kanpur","Uttar Pradesh","V5 Global",null,"Yes","Face to Face","90VT00DRIN",1,"Lenovo","IdeaCentre",3,"Intel Core i5-13400, 10C (6P + 4E) / 16T, P-core 2.5 / 4.6GHz, E-core 1.8 / 3.3GHz, 20MB","Win 11","TDT","Mainstream","CI5","Consumer",40000,null,"TDT",40000,"North2",47200,"",null,"North2","Mainstream","Mainstream","-"]
[21672988,"Sukanta Sinha","sukanta.sinha@v5global.co.in",9854184578,"V5 Global","Guwahati","V5266867","NE","NE",null,"V5 Global",null,null,"Sukamal Saha","sukamal.saha@v5global.co.in",null,"East1",null,"External Consumer","ASO","V5 Global ASO",null,"FT",null,"ASO",null,"Partha Chakraborty","Amit Thakuri",null,"Amit Tiwari","Raghavendra Araveeti","amit.thakuri@v5global.co.in","amit.thakuri@v5global.co.in","pchakraborty@lenovo.com","atiwari11@lenovo.com","raraveeti@lenovo.com","ASO","Shilpi Gautam","sgautam2@lenovo.com",null,"Amit Tiwari",null,"atiwari11@lenovo.com",null,"2025-12-05","21:30:00","26.1636266,91.7765525","Global Computer",{"$nulls":3},"T3","18AVNPS5745G1ZY","East1",null,"T-84","Kamrup Metropolitan","ASSAM","V5 Global",null,"Yes","Telephonic","67D5KAC6IN",2,"Lenovo","L22-4E","L Series","LEN L22-4E 21.5 IPS  BLACK 100HZ","NA","Visual Variants","Mainstream","NA","Visuals",5331,null,null,10662,"East1",6290.58,"",null,"East1","Mainstream","Mainstream","-"]
[21673022,"Vishal Jaiswal","vishal.jaiswal@v5global.co.in",9369840011,"V5 Global","Kanpur","V5266996","Uttar Pradesh","Uttar Pradesh",null,"V5 Global",null,null,"Mohammad Atif","mohammad.atif@v5global.co.in",null,"North2",null,"External Consumer","ASO","V5 Global ASO",null,"FT",null,"ASO",null,"Rahul Sarin","Rahil Rasheed",null,"Durgendra Singh","Raghavendra Araveeti","rahil.rasheed@v5global.co.in","rahil.rasheed@v5global.co.in","rsarin2@lenovo.com","dsingh1@lenovo.com","raraveeti@lenovo.com","ASO","Shilpi Gautam","sgautam2@lenovo.com",null,"Durgendra Singh",null,"dsingh1@lenovo.com",null,"2025-12-05","21:32:00","26.4615563,80.3561838","Fosystech Computer",{"$nulls":3},"T3",null,"North2",null,"T-23411","Kanpur","Uttar Pradesh","V5 Global",null,"Yes","Telephonic","82R400XSIN",1,"Lenovo","Ideapad","Ideapad","\"Ryzenâ„¢ 5 5500U 6C 8GB RAM 512GB SSD Windows11 MS Office H&S 2024  Integrated AMD Radeon  Graphics  15.6\"\" FHD TN 220nits AG 720","Win 11","Thin & Light","Entry","Amd Ryzen 5 5500U","Consumer",29407,null,"NB",29407,"North2",34700.259999999995,"",null,"North2","Entry","Entry","-"]
[21673029,"Vishal Jaiswal","vishal.jaiswal@v5global.co.in",9369840011,"V5 Global","Kanpur","V5266996","Uttar Pradesh","Uttar Pradesh",null,"V5 Global",null,null,"Mohammad Atif","mohammad.atif@v5global.co.in",null,"North2",null,"External Consumer","ASO","V5 Global ASO",null,"FT",null,"ASO",null,"Rahul Sarin","Rahil Rasheed",null,"Durgendra Singh","Raghavendra Araveeti","rahil.rasheed@v5global.co.in","rahil.rasheed@v5global.co.in","rsarin2@lenovo.com","dsingh1@lenovo.com","raraveeti@lenovo.com","ASO","Shilpi Gautam","sgautam2@lenovo.com",null,"Durgendra Singh",null,"dsingh1@lenovo.com",null,"2025-12-05","21:32:00","26.4615839,80.3561775","Digitech System",{"$nulls":3},"T3",null,"North2",null,"T-29048","Kanpur","Uttar Pradesh","V5 Global",null,"Yes","Telephonic","82R400XSIN",1,"Lenovo","Ideapad","Ideapad","\"Ryzenâ„¢ 5 5500U 6C 8GB RAM 512GB SSD Windows11 MS Office H&S 2024  Integrated AMD Radeon  Graphics  15.6\"\" FHD TN 220nits AG 720","Win 11","Thin & Light","Entry","Amd Ryzen 5 5500U","Consumer",29407,null,"NB",29407,"North2",34700.259999999995,"",null,"North2","Entry","Entry","-"]
[21673042,"Vishal Jaiswal","vishal.jaiswal@v5global.co.in",9369840011,"V5 Global","Kanpur","V5266996","Uttar Pradesh","Uttar Pradesh",null,"V5 Global",null,null,"Mohammad Atif","mohammad.atif@v5global.co.in",null,"North2",null,"External Consumer","ASO","V5 Global ASO",null,"FT",null,"ASO",null,"Rahul Sarin","Rahil Rasheed",null,"Durgendra Singh","Raghavendra Araveeti","rahil.rasheed@v5global.co.in","rahil.rasheed@v5global.co.in","rsarin2@lenovo.com","dsingh1@lenovo.com","raraveeti@lenovo.com","ASO","Shilpi Gautam","sgautam2@lenovo.com",null,"Durgendra Singh",null,"dsingh1@lenovo.com",null,"2025-12-05","21:33:00","26.4615879,80.3562058","Harshit Computer",{"$nulls":3},"T3",null,"North2",null,"T-23396","Kanpur","Uttar Pradesh","V5 Global",null,"Yes","Telephonic","82R400XSIN",1,"Lenovo","Ideapad","Ideapad","\"Ryzenâ„¢ 5 5500U 6C 8GB RAM 512GB SSD Windows11 MS Office H&S 2024  Integrated AMD Radeon  Graphics  15.6\"\" FHD TN 220nits AG 720","Win 11","Thin & Light","Entry","Amd Ryzen 5 5500U","Consumer",29407,null,"NB",29407,"North2",34700.259999999995,"",null,"North2","Entry","Entry","-"]
[21673049,"Vishal Jaiswal","vishal.jaiswal@v5global.co.in",9369840011,"V5 Global","Kanpur","V5266996","Uttar Pradesh","Uttar Pradesh",null,"V5 Global",null,null,"Mohammad Atif","mohammad.atif@v5global.co.in",null,"North2",null,"External Consumer","ASO","V5 Global ASO",null,"FT",null,"ASO",null,"Rahul Sarin","Rahil Rasheed",null,"Durgendra Singh","Raghavendra Araveeti","rahil.rasheed@v5global.co.in","rahil.rasheed@v5global.co.in","rsarin2@lenovo.com","dsingh1@lenovo.com","raraveeti@lenovo.com","ASO","Shilpi Gautam","sgautam2@lenovo.com",null,"Durgendra Singh",null,"dsingh1@lenovo.com",null,"2025-12-05","21:33:00","26.4616221,80.3561932","C.M. Sales",{"$nulls":3},"T3",null,"North2",null,"T-23618","Kanpur","Uttar Pradesh","Denave",null,"Yes","Face to Face","82R400XSIN",1,"Lenovo","Ideapad","Ideapad","\"Ryzenâ„¢ 5 5500U 6C 8GB RAM 512GB SSD Windows11 MS Office H&S 2024  Integrated AMD Radeon  Graphics  15.6\"\" FHD TN 220nits AG 720","Win 11","Thin & Light","Entry","Amd Ryzen 5 5500U","Consumer",29407,null,"NB",29407,"North2",34700.259999999995,"",null,"North2","Entry","Entry","-"]
[21673076,"Vishal Jaiswal","vishal.jaiswal@v5global.co.in",9369840011,"V5 Global","Kanpur","V5266996","Uttar Pradesh","Uttar Pradesh",null,"V5 Global",null,null,"Mohammad Atif","mohammad.atif@v5global.co.in",null,"North2",null,"External Consumer","ASO","V5 Global ASO",null,"FT",null,"ASO",null,"Rahul Sarin","Rahil Rasheed",null,"Durgendra Singh","Raghavendra Araveeti","rahil.rasheed@v5global.co.in","rahil.rasheed@v5global.co.in","rsarin2@lenovo.com","dsingh1@lenovo.com","raraveeti@lenovo.com","ASO","Shilpi Gautam","sgautam2@lenovo.com",null,"Durgendra Singh",null,"dsingh1@lenovo.com",null,"2025-12-05","21:34:00","26.4615963,80.3561896","Multi Electronic system",{"$nulls":3},"T3",null,"North2",null,"T-23433","Kanpur","Uttar Pradesh","V5 Global",null,"Yes","Face to Face","90XS005PIN",2,"Lenovo","IdeaCentre","IdeaCentre","IntelÂ® Coreâ„¢ i3-14100 4C, 8GB DDR5/512 SSD/ WiFi 6 + BT 5.2/ 260W/ SFF 8.2Lt / Wired KeyBoard & Mouse /Win 11 Home/1 Yr Onsite","Win 11","TDT","Entry","IntelÂ® Coreâ„¢ i3-14100","Consumer",31500,null,"TDT",63000,"North2",37170,"",null,"North2","Entry","Entry","i3 OS"]
[21673123,"Vishal Jaiswal","vishal.jaiswal@v5global.co.in",9369840011,"V5 Global","Kanpur","V5266996","Uttar Pradesh","Uttar Pradesh",null,"V5 Global",null,null,"Mohammad Atif","mohammad.atif@v5global.co.in",null,"North2",null,"External Consumer","ASO","V5 Global ASO",null,"FT",null,"ASO",null,"Rahul Sarin","Rahil Rasheed",null,"Durgendra Singh","Raghavendra Araveeti","rahil.rasheed@v5global.co.in","rahil.rasheed@v5global.co.in","rsarin2@lenovo.com","dsingh1@lenovo.com","raraveeti@lenovo.com","ASO","Shilpi Gautam","sgautam2@lenovo.com",null,"Durgendra Singh",null,"dsingh1@lenovo.com",null,"2025-12-05","21:38:00","26.4616144,80.3561289","Multi Electronic system",{"$nulls":3},"T3",null,"North2",null,"T-23433","Kanpur","Uttar Pradesh","V5 Global",null,"Yes","Face to Face","90XS005PIN",1,"Lenovo","IdeaCentre","IdeaCentre","IntelÂ® Coreâ„¢ i3-14100 4C, 8GB DDR5/512 SSD/ WiFi 6 + BT 5.2/ 260W/ SFF 8.2Lt / Wired KeyBoard & Mouse /Win 11 Home/1 Yr Onsite","Win 11","TDT","Entry","IntelÂ® Coreâ„¢ i3-14100","Consumer",31500,null,"TDT",31500,"North2",37170,"",null,"North2","Entry","Entry","i3 OS"]
[21673136,"Vishal Jaiswal","vishal.jaiswal@v5global.co.in",9369840011,"V5 Global","Kanpur","V5266996","Uttar Pradesh","Uttar Pradesh",null,"V5 Global",null,null,"Mohammad Atif","mohammad.atif@v5global.co.in",null,"North2",null,"External Consumer","ASO","V5 Global ASO",null,"FT",null,"ASO",null,"Rahul Sarin","Rahil Rasheed",null,"Durgendra Singh","Raghavendra Araveeti","rahil.rasheed@v5global.co.in","rahil.rasheed@v5global.co.in","rsarin2@lenovo.com","dsingh1@lenovo.com","raraveeti@lenovo.com","ASO","Shilpi Gautam","sgautam2@lenovo.com",null,"Durgendra Singh",null,"dsingh1@lenovo.com",null,"2025-12-05","21:38:00","26.4616157,80.3561235","Laptop House",{"$nulls":3},"T3",null,"North2",null,"T-23215","Kanpur","Uttar Pradesh","Denave",null,"Yes","Telephonic","90XS005PIN",1,"Lenovo","IdeaCentre","IdeaCentre","IntelÂ® Coreâ„¢ i3-14100 4C, 8GB DDR5/512 SSD/ WiFi 6 + BT 5.2/ 260W/ SFF 8.2Lt / Wired KeyBoard & Mouse /Win 11 Home/1 Yr Onsite","Win 11","TDT","Entry","IntelÂ® Coreâ„¢ i3-14100","Consumer",31500,null,"TDT",31500,"North2",37170,"",null,"North2","Entry","Entry","i3 OS"]
[21673140,"Vishal Jaiswal","vishal.jaiswal@v5global.co.in",9369840011,"V5 Global","Kanpur","V5266996","Uttar Pradesh","Uttar Pradesh",null,"V5 Global",null,null,"Mohammad Atif","mohammad.atif@v5global.co.in",null,"North2",null,"External Consumer","ASO","V5 Global ASO",null,"FT",null,"ASO",null,"Rahul Sarin","Rahil Rasheed",null,"Durgendra Singh","Raghavendra Araveeti","rahil.rasheed@v5global.co.in","rahil.rasheed@v5global.co.in","rsarin2@lenovo.com","dsingh1@lenovo.com","raraveeti@lenovo.com","ASO","Shilpi Gautam","sgautam2@lenovo.com",null,"Durgendra Singh",null,"dsingh1@lenovo.com",null,"2025-12-05","21:39:00","26.4615637,80.3561227","S & N COMPUTERS AND IT SOLUTION",{"$nulls":3},"T3",null,"North2",null,"T-23372","Kanpur","Uttar Pradesh","V5 Global",null,"Yes","Telephonic","90XS005PIN",1,"Lenovo","IdeaCentre","IdeaCentre","IntelÂ® Coreâ„¢ i3-14100 4C, 8GB DDR5/512 SSD/ WiFi 6 + BT 5.2/ 260W/ SFF 8.2Lt / Wired KeyBoard & Mouse /Win 11 Home/1 Yr Onsite","Win 11","TDT","Entry","IntelÂ® Coreâ„¢ i3-14100","Consumer",31500,null,"TDT",31500,"North2",37170,"",null,"North2","Entry","Entry","i3 OS"]
[21673147,"Vishal Jaiswal","vishal.jaiswal@v5global.co.in",9369840011,"V5 Global","Kanpur","V5266996","Uttar Pradesh","Uttar Pradesh",null,"V5 Global",null,null,"Mohammad Atif","mohammad.atif@v5global.co.in",null,"North2",null,"External Consumer","ASO","V5 Global ASO",null,"FT",null,"ASO",null,"Rahul Sarin","Rahil Rasheed",null,"Durgendra Singh","Raghavendra Araveeti","rahil.rasheed@v5global.co.in","rahil.rasheed@v5global.co.in","rsarin2@lenovo.com","dsingh1@lenovo.com","raraveeti@lenovo.com","ASO","Shilpi Gautam","sgautam2@lenovo.com",null,"Durgendra Singh",null,"dsingh1@lenovo.com",null,"2025-12-05","21:39:00","26.4615604,80.3561408","Laptop Zone",{"$nulls":3},"T3","09FIEPS5711M1Z0","North2",null,"T-29177","KANPUR","Uttar Pradesh","V5 Global",null,"Yes","Face to Face","90XS005PIN",1,"Lenovo","IdeaCentre","IdeaCentre","IntelÂ® Coreâ„¢ i3-14100 4C, 8GB DDR5/512 SSD/ WiFi 6 + BT 5.2/ 260W/ SFF 8.2Lt / Wired KeyBoard & Mouse /Win 11 Home/1 Yr Onsite","Win 11","TDT","Entry","IntelÂ® Coreâ„¢ i3-14100","Consumer",31500,null,"TDT",31500,"North2",37170,"",null,"North2","Entry","Entry","i3 OS"]
[21673152,"Vishal Jaiswal","vishal.jaiswal@v5global.co.in",9369840011,"V5 Global","Kanpur","V5266996","Uttar Pradesh","Uttar Pradesh",null,"V5 Global",null,null,"Mohammad Atif","mohammad.atif@v5global.co.in",null,"North2",null,"External Consumer","ASO","V5 Global ASO",null,"FT",null,"ASO",null,"Rahul Sarin","Rahil Rasheed",null,"Durgendra Singh","Raghavendra Araveeti","rahil.rasheed@v5global.co.in","rahil.rasheed@v5global.co.in","rsarin2@lenovo.com","dsingh1@lenovo.com","raraveeti@lenovo.com","ASO","Shilpi Gautam","sgautam2@lenovo.com",null,"Durgendra Singh",null,"dsingh1@lenovo.com",null,"2025-12-05","21:40:00","26.4615699,80.3561161","World Line System",{"$nulls":3},"T3",null,"North2",null,"T-23434","Kanpur","Uttar Pradesh","V5 Global",null,"Yes","Telephonic","90XS005PIN",1,"Lenovo","IdeaCentre","IdeaCentre","IntelÂ® Coreâ„¢ i3-14100 4C, 8GB DDR5/512 SSD/ WiFi 6 + BT 5.2/ 260W/ SFF 8.2Lt / Wired KeyBoard & Mouse /Win 11 Home/1 Yr Onsite","Win 11","TDT","Entry","IntelÂ® Coreâ„¢ i3-14100","Consumer",31500,null,"TDT",31500,"North2",37170,"",null,"North2","Entry","Entry","i3 OS"]
[21673155,"Vishal Jaiswal","vishal.jaiswal@v5global.co.in",9369840011,"V5 Global","Kanpur","V5266996","Uttar Pradesh","Uttar Pradesh",null,"V5 Global",null,null,"Mohammad Atif","mohammad.atif@v5global.co.in",null,"North2",null,"External Consumer","ASO","V5 Global ASO",null,"FT",null,"ASO",null,"Rahul Sarin","Rahil Rasheed",null,"Durgendra Singh","Raghavendra Araveeti","rahil.rasheed@v5global.co.in","rahil.rasheed@v5global.co.in","rsarin2@lenovo.com","dsingh1@lenovo.com","raraveeti@lenovo.com","ASO","Shilpi Gautam","sgautam2@lenovo.com",null,"Durgendra Singh",null,"dsingh1@lenovo.com",null,"2025-12-05","21:40:00","26.4615586,80.356092","Vishnu Computer",{"$nulls":3},"T3",null,"North2",null,"T-23423","Kanpur","Uttar Pradesh","V5 Global",null,"Yes","Face to Face","90XS005PIN",1,"Lenovo","IdeaCentre","IdeaCentre","IntelÂ® Coreâ„¢ i3-14100 4C, 8GB DDR5/512 SSD/ WiFi 6 + BT 5.2/ 260W/ SFF 8.2Lt / Wired KeyBoard & Mouse /Win 11 Home/1 Yr Onsite","Win 11","TDT","Entry","IntelÂ® Coreâ„¢ i3-14100","Consumer",31500,null,"TDT",31500,"North2",37170,"",null,"North2","Entry","Entry","i3 OS"]
[21673646,"Shubham Meshram","shubham.meshram@v5global.co.in",9074043451,"V5 Global","Raipur",601113,"Chhattisgarh","Chhattisgarh",null,"V5 Global",null,null,"Mohmmad Abrar Khan","abrar.khan@v5global.co.in",null,"North2",null,"External Consumer","ASO","V5 Global ASO",null,"FT",null,"ASO",null,"Krishna Kumar Singh","Rahil Rasheed",null,"Rajender Negi","Raghavendra Araveeti","rahil.rasheed@v5global.co.in","rahil.rasheed@v5global.co.in","ksingh25@lenovo.com","rnegi@lenovo.com","raraveeti@lenovo.com","ASO","Shilpi Gautam","sgautam2@lenovo.com",null,"Rajender Negi",null,"rnegi@lenovo.com",null,"2025-12-05","22:22:00","21.2660765,81.6225677","Subhash Computers",{"$nulls":3},"T3","22BLUPS7708B1ZW","East2",null,"T-19074","RAIPUR","Chattisgarh","V5 Global",null,"Yes","Telephonic","GX21M75594",2,"Lenovo","AC Adapter","Power","Lenovo 45W AC Round tip Adapter(IN)","NA","Accessories","NA","NA","Accessories",2090,null,null,4180,"North2",2466.2,"",null,"North2","NA","NA","-"]
[21673646,"Shubham Meshram","shubham.meshram@v5global.co.in",9074043451,"V5 Global","Raipur",601113,"Chhattisgarh","Chhattisgarh",null,"V5 Global",null,null,"Mohmmad Abrar Khan","abrar.khan@v5global.co.in",null,"North2",null,"External Consumer","ASO","V5 Global ASO",null,"FT",null,"ASO",null,"Krishna Kumar Singh","Rahil Rasheed",null,"Rajender Negi","Raghavendra Araveeti","rahil.rasheed@v5global.co.in","rahil.rasheed@v5global.co.in","ksingh25@lenovo.com","rnegi@lenovo.com","raraveeti@lenovo.com","ASO","Shilpi Gautam","sgautam2@lenovo.com",null,"Rajender Negi",null,"rnegi@lenovo.com",null,"2025-12-05","22:22:00","21.2660765,81.6225677","Subhash Computers",{"$nulls":3},"T3","22BLUPS7708B1ZW","East2",null,"T-19074","RAIPUR","Chattisgarh","V5 Global",null,"Yes","Telephonic","GX20K78585",2,"Lenovo","AC Adapter","Power","Lenovo 65W AC Roundtip Adapter(IN)","NA","Accessories","NA","NA","Accessories",2490,null,null,4980,"North2",2938.2,"",null,"North2","NA","NA","-"]
[21673646,"Shubham Meshram","shubham.meshram@v5global.co.in",9074043451,"V5 Global","Raipur",601113,"Chhattisgarh","Chhattisgarh",null,"V5 Global",null,null,"Mohmmad Abrar Khan","abrar.khan@v5global.co.in",null,"North2",null,"External Consumer","ASO","V5 Global ASO",null,"FT",null,"ASO",null,"Krishna Kumar Singh","Rahil Rasheed",null,"Rajender Negi","Raghavendra Araveeti","rahil.rasheed@v5global.co.in","rahil.rasheed@v5global.co.in","ksingh25@lenovo.com","rnegi@lenovo.com","raraveeti@lenovo.com","ASO","Shilpi Gautam","sgautam2@lenovo.com",null,"Rajender Negi",null,"rnegi@lenovo.com",null,"2025-12-05","22:22:00","21.2660765,81.6225677","Subhash Computers",{"$nulls":3},"T3","22BLUPS7708B1ZW","East2",null,"T-19074","RAIPUR","Chattisgarh","V5 Global",null,"Yes","Telephonic","GX21G06613",2,"Lenovo","AC Adapter","Power","Lenovo 65W AC Slim port Adapter(IN)","NA","Accessories","NA","NA","Accessories",2090,null,null,4180,"North2",2466.2,"",null,"North2","NA","NA","-"]
[21673646,"Shubham Meshram","shubham.meshram@v5global.co.in",9074043451,"V5 Global","Raipur",601113,"Chhattisgarh","Chhattisgarh",null,"V5 Global",null,null,"Mohmmad Abrar Khan","abrar.khan@v5global.co.in",null,"North2",null,"External Consumer","ASO","V5 Global ASO",null,"FT",null,"ASO",null,"Krishna Kumar Singh","Rahil Rasheed",null,"Rajender Negi","Raghavendra Araveeti","rahil.rasheed@v5global.co.in","rahil.rasheed@v5global.co.in","ksingh25@lenovo.com","rnegi@lenovo.com","raraveeti@lenovo.com","ASO","Shilpi Gautam","sgautam2@lenovo.com",null,"Rajender Negi",null,"rnegi@lenovo.com",null,"2025-12-05","22:22:00","21.2660765,81.6225677","Subhash Computers",{"$nulls":3},"T3","22BLUPS7708B1ZW","East2",null,"T-19074","RAIPUR","Chattisgarh","V5 Global",null,"Yes","Telephonic","GX20P92532",2,"Lenovo","AC Adapter","Power","Lenovo 65W AC USB C Adapter(IN)","NA","Accessories","NA","NA","Accessories",2690,null,null,5380,"North2",3174.2,"",null,"North2","NA","NA","-"]
[21673646,"Shubham Meshram","shubham.meshram@v5global.co.in",9074043451,"V5 Global","Raipur",601113,"Chhattisgarh","Chhattisgarh",null,"V5 Global",null,null,"Mohmmad Abrar Khan","abrar.khan@v5global.co.in",null,"North2",null,"External Consumer","ASO","V5 Global ASO",null,"FT",null,"ASO",null,"Krishna Kumar Singh","Rahil Rasheed",null,"Rajender Negi","Raghavendra Araveeti","rahil.rasheed@v5global.co.in","rahil.rasheed@v5global.co.in","ksingh25@lenovo.com","rnegi@lenovo.com","raraveeti@lenovo.com","ASO","Shilpi Gautam","sgautam2@lenovo.com",null,"Rajender Negi",null,"rnegi@lenovo.com",null,"2025-12-05","22:22:00","21.2660765,81.6225677","Subhash Computers",{"$nulls":3},"T3","22BLUPS7708B1ZW","East2",null,"T-19074","RAIPUR","Chattisgarh","V5 Global",null,"Yes","Telephonic","4X20Q88545",1,"Lenovo","Power","Cables and Adapters","PWR ADP BO USB C 135W AC ADAPTER(IN) WARRANTY 1 YEAR CARRY IN","NA","Accessories","NA","NA","Accessories",4886,null,null,4886,"North2",5765.48,"",null,"North2","NA","NA","-"]
[21673654,"Shubham Meshram","shubham.meshram@v5global.co.in",9074043451,"V5 Global","Raipur",601113,"Chhattisgarh","Chhattisgarh",null,"V5 Global",null,null,"Mohmmad Abrar Khan","abrar.khan@v5global.co.in",null,"North2",null,"External Consumer","ASO","V5 Global ASO",null,"FT",null,"ASO",null,"Krishna Kumar Singh","Rahil Rasheed",null,"Rajender Negi","Raghavendra Araveeti","rahil.rasheed@v5global.co.in","rahil.rasheed@v5global.co.in","ksingh25@lenovo.com","rnegi@lenovo.com","raraveeti@lenovo.com","ASO","Shilpi Gautam","sgautam2@lenovo.com",null,"Rajender Negi",null,"rnegi@lenovo.com",null,"2025-12-05","22:23:00","21.2660752,81.6225676","IT world",{"$nulls":3},"T3","22AAIFI4221K1ZM","East2",null,"T-30268","Raipur","Chhattisgarh","V5 Global",null,"Yes","Telephonic","GX21M75594",2,"Lenovo","AC Adapter","Power","Lenovo 45W AC Round tip Adapter(IN)","NA","Accessories","NA","NA","Accessories",2090,null,null,4180,"North2",2466.2,"",null,"North2","NA","NA","-"]
[21673654,"Shubham Meshram","shubham.meshram@v5global.co.in",9074043451,"V5 Global","Raipur",601113,"Chhattisgarh","Chhattisgarh",null,"V5 Global",null,null,"Mohmmad Abrar Khan","abrar.khan@v5global.co.in",null,"North2",null,"External Consumer","ASO","V5 Global ASO",null,"FT",null,"ASO",null,"Krishna Kumar Singh","Rahil Rasheed",null,"Rajender Negi","Raghavendra Araveeti","rahil.rasheed@v5global.co.in","rahil.rasheed@v5global.co.in","ksingh25@lenovo.com","rnegi@lenovo.com","raraveeti@lenovo.com","ASO","Shilpi Gautam","sgautam2@lenovo.com",null,"Rajender Negi",null,"rnegi@lenovo.com",null,"2025-12-05","22:23:00","21.2660752,81.6225676","IT world",{"$nulls":3},"T3","22AAIFI4221K1ZM","East2",null,"T-30268","Raipur","Chhattisgarh","V5 Global",null,"Yes","Telephonic","GX20K78585",2,"Lenovo","AC Adapter","Power","Lenovo 65W AC Roundtip Adapter(IN)","NA","Accessories","NA","NA","Accessories",2490,null,null,4980,"North2",2938.2,"",null,"North2","NA","NA","-"]
[21673654,"Shubham Meshram","shubham.meshram@v5global.co.in",9074043451,"V5 Global","Raipur",601113,"Chhattisgarh","Chhattisgarh",null,"V5 Global",null,null,"Mohmmad Abrar Khan","abrar.khan@v5global.co.in",null,"North2",null,"External Consumer","ASO","V5 Global ASO",null,"FT",null,"ASO",null,"Krishna Kumar Singh","Rahil Rasheed",null,"Rajender Negi","Raghavendra Araveeti","rahil.rasheed@v5global.co.in","rahil.rasheed@v5global.co.in","ksingh25@lenovo.com","rnegi@lenovo.com","raraveeti@lenovo.com","ASO","Shilpi Gautam","sgautam2@lenovo.com",null,"Rajender Negi",null,"rnegi@lenovo.com",null,"2025-12-05","22:23:00","21.2660752,81.6225676","IT world",{"$nulls":3},"T3","22AAIFI4221K1ZM","East2",null,"T-30268","Raipur","Chhattisgarh","V5 Global",null,"Yes","Telephonic","GX21G06613",2,"Lenovo","AC Adapter","Power","Lenovo 65W AC Slim port Adapter(IN)","NA","Accessories","NA","NA","Accessories",2090,null,null,4180,"North2",2466.2,"",null,"North2","NA","NA","-"]
[21673654,"Shubham Meshram","shubham.meshram@v5global.co.in",9074043451,"V5 Global","Raipur",601113,"Chhattisgarh","Chhattisgarh",null,"V5 Global",null,null,"Mohmmad Abrar Khan","abrar.khan@v5global.co.in",null,"North2",null,"External Consumer","ASO","V5 Global ASO",null,"FT",null,"ASO",null,"Krishna Kumar Singh","Rahil Rasheed",null,"Rajender Negi","Raghavendra Araveeti","rahil.rasheed@v5global.co.in","rahil.rasheed@v5global.co.in","ksingh25@lenovo.com","rnegi@lenovo.com","raraveeti@lenovo.com","ASO","Shilpi Gautam","sgautam2@lenovo.com",null,"Rajender Negi",null,"rnegi@lenovo.com",null,"2025-12-05","22:23:00","21.2660752,81.6225676","IT world",{"$nulls":3},"T3","22AAIFI4221K1ZM","East2",null,"T-30268","Raipur","Chhattisgarh","V5 Global",null,"Yes","Telephonic","GX20P92532",2,"Lenovo","AC Adapter","Power","Lenovo 65W AC USB C Adapter(IN)","NA","Accessories","NA","NA","Accessories",2690,null,null,5380,"North2",3174.2,"",null,"North2","NA","NA","-"]
[21673665,"Shubham Meshram","shubham.meshram@v5global.co.in",9074043451,"V5 Global","Raipur",601113,"Chhattisgarh","Chhattisgarh",null,"V5 Global",null,null,"Mohmmad Abrar Khan","abrar.khan@v5global.co.in",null,"North2",null,"External Consumer","ASO","V5 Global ASO",null,"FT",null,"ASO",null,"Krishna Kumar Singh","Rahil Rasheed",null,"Rajender Negi","Raghavendra Araveeti","rahil.rasheed@v5global.co.in","rahil.rasheed@v5global.co.in","ksingh25@lenovo.com","rnegi@lenovo.com","raraveeti@lenovo.com","ASO","Shilpi Gautam","sgautam2@lenovo.com",null,"Rajender Negi",null,"rnegi@lenovo.com",null,"2025-12-05","22:24:00","21.2660564,81.6225389","PERFECT WORLD COMPUTERS",{"$nulls":3},"T3","22ALAPR3627H1ZC","East2",null,"T-31422","Raipur","Chhattisgarh","V5 Global",null,"Yes","Telephonic","GX21M75594",2,"Lenovo","AC Adapter","Power","Lenovo 45W AC Round tip Adapter(IN)","NA","Accessories","NA","NA","Accessories",2090,null,null,4180,"North2",2466.2,"",null,"North2","NA","NA","-"]
[21673665,"Shubham Meshram","shubham.meshram@v5global.co.in",9074043451,"V5 Global","Raipur",601113,"Chhattisgarh","Chhattisgarh",null,"V5 Global",null,null,"Mohmmad Abrar Khan","abrar.khan@v5global.co.in",null,"North2",null,"External Consumer","ASO","V5 Global ASO",null,"FT",null,"ASO",null,"Krishna Kumar Singh","Rahil Rasheed",null,"Rajender Negi","Raghavendra Araveeti","rahil.rasheed@v5global.co.in","rahil.rasheed@v5global.co.in","ksingh25@lenovo.com","rnegi@lenovo.com","raraveeti@lenovo.com","ASO","Shilpi Gautam","sgautam2@lenovo.com",null,"Rajender Negi",null,"rnegi@lenovo.com",null,"2025-12-05","22:24:00","21.2660564,81.6225389","PERFECT WORLD COMPUTERS",{"$nulls":3},"T3","22ALAPR3627H1ZC","East2",null,"T-31422","Raipur","Chhattisgarh","V5 Global",null,"Yes","Telephonic","GX20K78585",2,"Lenovo","AC Adapter","Power","Lenovo 65W AC Roundtip Adapter(IN)","NA","Accessories","NA","NA","Accessories",2490,null,null,4980,"North2",2938.2,"",null,"North2","NA","NA","-"]
[21673665,"Shubham Meshram","shubham.meshram@v5global.co.in",9074043451,"V5 Global","Raipur",601113,"Chhattisgarh","Chhattisgarh",null,"V5 Global",null,null,"Mohmmad Abrar Khan","abrar.khan@v5global.co.in",null,"North2",null,"External Consumer","ASO","V5 Global ASO",null,"FT",null,"ASO",null,"Krishna Kumar Singh","Rahil Rasheed",null,"Rajender Negi","Raghavendra Araveeti","rahil.rasheed@v5global.co.in","rahil.rasheed@v5global.co.in","ksingh25@lenovo.com","rnegi@lenovo.com","raraveeti@lenovo.com","ASO","Shilpi Gautam","sgautam2@lenovo.com",null,"Rajender Negi",null,"rnegi@lenovo.com",null,"2025-12-05","22:24:00","21.2660564,81.6225389","PERFECT WORLD COMPUTERS",{"$nulls":3},"T3","22ALAPR3627H1ZC","East2",null,"T-31422","Raipur","Chhattisgarh","V5 Global",null,"Yes","Telephonic","GX21G06613",2,"Lenovo","AC Adapter","Power","Lenovo 65W AC Slim port Adapter(IN)","NA","Accessories","NA","NA","Accessories",2090,null,null,4180,"North2",2466.2,"",null,"North2","NA","NA","-"]
[21673665,"Shubham Meshram","shubham.meshram@v5global.co.in",9074043451,"V5 Global","Raipur",601113,"Chhattisgarh","Chhattisgarh",null,"V5 Global",null,null,"Mohmmad Abrar Khan","abrar.khan@v5global.co.in",null,"North2",null,"External Consumer","ASO","V5 Global ASO",null,"FT",null,"ASO",null,"Krishna Kumar Singh","Rahil Rasheed",null,"Rajender Negi","Raghavendra Araveeti","rahil.rasheed@v5global.co.in","rahil.rasheed@v5global.co.in","ksingh25@lenovo.com","rnegi@lenovo.com","raraveeti@lenovo.com","ASO","Shilpi Gautam","sgautam2@lenovo.com",null,"Rajender Negi",null,"rnegi@lenovo.com",null,"2025-12-05","22:24:00","21.2660564,81.6225389","PERFECT WORLD COMPUTERS",{"$nulls":3},"T3","22ALAPR3627H1ZC","East2",null,"T-31422","Raipur","Chhattisgarh","V5 Global",null,"Yes","Telephonic","GX20P92532",2,"Lenovo","AC Adapter","Power","Lenovo 65W AC USB C Adapter(IN)","NA","Accessories","NA","NA","Accessories",2690,null,null,5380,"North2",3174.2,"",null,"North2","NA","NA","-"]
[21673679,"Shubham Meshram","shubham.meshram@v5global.co.in",9074043451,"V5 Global","Raipur",601113,"Chhattisgarh","Chhattisgarh",null,"V5 Global",null,null,"Mohmmad Abrar Khan","abrar.khan@v5global.co.in",null,"North2",null,"External Consumer","ASO","V5 Global ASO",null,"FT",null,"ASO",null,"Krishna Kumar Singh","Rahil Rasheed",null,"Rajender Negi","Raghavendra Araveeti","rahil.rasheed@v5global.co.in","rahil.rasheed@v5global.co.in","ksingh25@lenovo.com","rnegi@lenovo.com","raraveeti@lenovo.com","ASO","Shilpi Gautam","sgautam2@lenovo.com",null,"Rajender Negi",null,"rnegi@lenovo.com",null,"2025-12-05","22:25:00","21.2660702,81.6225468","COMPU WORD",{"$nulls":3},"T3","22ADOPV0374M1Z2","East2",null,"T-18374","Bhilai","Chattisgarh","V5 Global",null,"Yes","Telephonic","GX21M75594",5,"Lenovo","AC Adapter","Power","Lenovo 45W AC Round tip Adapter(IN)","NA","Accessories","NA","NA","Accessories",2090,null,null,10450,"North2",2466.2,"",null,"North2","NA","NA","-"]
[21673679,"Shubham Meshram","shubham.meshram@v5global.co.in",9074043451,"V5 Global","Raipur",601113,"Chhattisgarh","Chhattisgarh",null,"V5 Global",null,null,"Mohmmad Abrar Khan","abrar.khan@v5global.co.in",null,"North2",null,"External Consumer","ASO","V5 Global ASO",null,"FT",null,"ASO",null,"Krishna Kumar Singh","Rahil Rasheed",null,"Rajender Negi","Raghavendra Araveeti","rahil.rasheed@v5global.co.in","rahil.rasheed@v5global.co.in","ksingh25@lenovo.com","rnegi@lenovo.com","raraveeti@lenovo.com","ASO","Shilpi Gautam","sgautam2@lenovo.com",null,"Rajender Negi",null,"rnegi@lenovo.com",null,"2025-12-05","22:25:00","21.2660702,81.6225468","COMPU WORD",{"$nulls":3},"T3","22ADOPV0374M1Z2","East2",null,"T-18374","Bhilai","Chattisgarh","V5 Global",null,"Yes","Telephonic","GX20K78585",5,"Lenovo","AC Adapter","Power","Lenovo 65W AC Roundtip Adapter(IN)","NA","Accessories","NA","NA","Accessories",2490,null,null,12450,"North2",2938.2,"",null,"North2","NA","NA","-"]
[21673679,"Shubham Meshram","shubham.meshram@v5global.co.in",9074043451,"V5 Global","Raipur",601113,"Chhattisgarh","Chhattisgarh",null,"V5 Global",null,null,"Mohmmad Abrar Khan","abrar.khan@v5global.co.in",null,"North2",null,"External Consumer","ASO","V5 Global ASO",null,"FT",null,"ASO",null,"Krishna Kumar Singh","Rahil Rasheed",null,"Rajender Negi","Raghavendra Araveeti","rahil.rasheed@v5global.co.in","rahil.rasheed@v5global.co.in","ksingh25@lenovo.com","rnegi@lenovo.com","raraveeti@lenovo.com","ASO","Shilpi Gautam","sgautam2@lenovo.com",null,"Rajender Negi",null,"rnegi@lenovo.com",null,"2025-12-05","22:25:00","21.2660702,81.6225468","COMPU WORD",{"$nulls":3},"T3","22ADOPV0374M1Z2","East2",null,"T-18374","Bhilai","Chattisgarh","V5 Global",null,"Yes","Telephonic","GX21G06613",5,"Lenovo","AC Adapter","Power","Lenovo 65W AC Slim port Adapter(IN)","NA","Accessories","NA","NA","Accessories",2090,null,null,10450,"North2",2466.2,"",null,"North2","NA","NA","-"]
[21673679,"Shubham Meshram","shubham.meshram@v5global.co.in",9074043451,"V5 Global","Raipur",601113,"Chhattisgarh","Chhattisgarh",null,"V5 Global",null,null,"Mohmmad Abrar Khan","abrar.khan@v5global.co.in",null,"North2",null,"External Consumer","ASO","V5 Global ASO",null,"FT",null,"ASO",null,"Krishna Kumar Singh","Rahil Rasheed",null,"Rajender Negi","Raghavendra Araveeti","rahil.rasheed@v5global.co.in","rahil.rasheed@v5global.co.in","ksingh25@lenovo.com","rnegi@lenovo.com","raraveeti@lenovo.com","ASO","Shilpi Gautam","sgautam2@lenovo.com",null,"Rajender Negi",null,"rnegi@lenovo.com",null,"2025-12-05","22:25:00","21.2660702,81.6225468","COMPU WORD",{"$nulls":3},"T3","22ADOPV0374M1Z2","East2",null,"T-18374","Bhilai","Chattisgarh","V5 Global",null,"Yes","Telephonic","GX20P92532",2,"Lenovo","AC Adapter","Power","Lenovo 65W AC USB C Adapter(IN)","NA","Accessories","NA","NA","Accessories",2690,null,null,5380,"North2",3174.2,"",null,"North2","NA","NA","-"]
[21674528,"Pran Pratap Singh","pran.singh@v5global.co.in",9001585718,"V5 Global","Jaipur","V5459442","Jaipur","Rajasthan",null,"V5 Global",null,null,"Gourav Jain","gourav.jain@v5global.co.in",null,"North1",null,"External Consumer","ASO","V5 Global ASO",null,"FT",null,"ASO",null,"Ganga Singh","Gaurav Sharma",null,"Kumar Tanksale","Raghavendra Araveeti","gaurav.sharma@v5global.co.in","gaurav.sharma@v5global.co.in","gsingh24@lenovo.com","ktanksale1@lenovo.com","raraveeti@lenovo.com","ASO","Shilpi Gautam","sgautam2@lenovo.com",null,"Kumar Tanksale",null,"ktanksale1@lenovo.com",null,"2025-12-06","08:41:00","26.9377579,75.8932167","DELTA PERIPHERAL SYSTEMS PVT LTD",{"$nulls":3},"T3",null,"North1",null,"T-15665","Jaipur","Rajasthan","V5 Global",null,"Yes","Telephonic","90D9005HIN",1,"Lenovo","Consumer DT","300S-11ISH","CORE_I5_6400/ 4G/ 1TB/OS/ 3 Year Warranty","Win 10","TDT","Mainstream","Core i5-6400","Consumer",48194,null,"TDT",48194,"North1",56868.92,"",null,"North1","Mainstream","Mainstream","-"]
[21674528,"Pran Pratap Singh","pran.singh@v5global.co.in",9001585718,"V5 Global","Jaipur","V5459442","Jaipur","Rajasthan",null,"V5 Global",null,null,"Gourav Jain","gourav.jain@v5global.co.in",null,"North1",null,"External Consumer","ASO","V5 Global ASO",null,"FT",null,"ASO",null,"Ganga Singh","Gaurav Sharma",null,"Kumar Tanksale","Raghavendra Araveeti","gaurav.sharma@v5global.co.in","gaurav.sharma@v5global.co.in","gsingh24@lenovo.com","ktanksale1@lenovo.com","raraveeti@lenovo.com","ASO","Shilpi Gautam","sgautam2@lenovo.com",null,"Kumar Tanksale",null,"ktanksale1@lenovo.com",null,"2025-12-06","08:41:00","26.9377579,75.8932167","DELTA PERIPHERAL SYSTEMS PVT LTD",{"$nulls":3},"T3",null,"North1",null,"T-15665","Jaipur","Rajasthan","V5 Global",null,"Yes","Telephonic","67D5KAC6IN",1,"Lenovo","L22-4E","L Series","LEN L22-4E 21.5 IPS  BLACK 100HZ","NA","Visual Variants","Mainstream","NA","Visuals",5331,null,null,5331,"North1",6290.58,"",null,"North1","Mainstream","Mainstream","-"]
[21675046,"Manish Kumar ","manish.k@v5global.co.in",9815306161,"V5 Global","Chandigarh","V5294765","Punjab","Punjab",null,"V5 Global",null,null,"Shivam Kumar1","shivam.kumar1@v5global.co.in",null,"North1",null,"External Consumer","ASO","V5 Global ASO",null,"FT",null,"ASO",null,"Naveen Kumar","Gaurav Sharma",null,"Kumar Tanksale","Raghavendra Araveeti","gaurav.sharma@v5global.co.in","gaurav.sharma@v5global.co.in","nkumar12@lenovo.com","ktanksale1@lenovo.com","raraveeti@lenovo.com","ASO","Shilpi Gautam","sgautam2@lenovo.com",null,"Kumar Tanksale",null,"ktanksale1@lenovo.com",null,"2025-12-06","10:09:00","30.7167896,76.7243771","HORIZON COMPUTERS",{"$nulls":3},"T3","02ATPPS7328R1ZR","North1",null,"T-3379","Dharamshala","Himachal Pradesh","Denave",null,"Yes","Face to Face","F0HR009BIN",1,"Lenovo","IdeaCentre","AIO","DT IC AIO 24ARR9 A57535HS 512G 8G","Win 11","TDT","Mainstream","R7 7735HS","Consumer",42990,null,"TDT",42990,"North1",50728.2,"",null,"North1","Mainstream","Mainstream","-"]
[21677675,"Vinod Kumar","vinod.kumar@v5global.co.in",9911547614,"V5 Global","Delhi","V5265873","Delhi","Delhi",null,"V5 Global",null,null,"Chetan Mehta","Chetan.mehta@v5global.co.in",null,"North1",null,"External Consumer","ASO","V5 Global ASO",null,"FT",null,"ASO",null,"Kanwaldeep Singh","Gaurav Sharma",null,"Kumar Tanksale","Raghavendra Araveeti","gaurav.sharma@v5global.co.in","gaurav.sharma@v5global.co.in","ksingh15@lenovo.com","ktanksale1@lenovo.com","raraveeti@lenovo.com","ASO","Shilpi Gautam","sgautam2@lenovo.com",null,"Kumar Tanksale",null,"ktanksale1@lenovo.com",null,"2025-12-06","12:08:00","28.6427478,77.1819514","AADISH COMPUTER",{"$nulls":3},"T3",null,"North1",null,"T-3793","New Delhi","New Delhi","V5 Global",null,"Yes","Telephonic","83JC00JYIN",1,"Lenovo","LOQ","LOQ-15ARP9","15.6\" FHD (1920x1080) IPS 300nits Anti-glare/2x 12GB SO-DIMM DDR5-4800/512GB SSD M.2 2242 PCIeÂ® 4.0x4 NVMeÂ®/NVIDIAÂ® GeForce RTXâ„¢","Win 11","Gaming","Premium","AMD Ryzenâ„¢ 7 7435HS","Consumer",100769,null,"NB",100769,"North1",118907.42,"SP","Gaming","North1","Premium","Premium","-"]
[21677679,"Vinod Kumar","vinod.kumar@v5global.co.in",9911547614,"V5 Global","Delhi","V5265873","Delhi","Delhi",null,"V5 Global",null,null,"Chetan Mehta","Chetan.mehta@v5global.co.in",null,"North1",null,"External Consumer","ASO","V5 Global ASO",null,"FT",null,"ASO",null,"Kanwaldeep Singh","Gaurav Sharma",null,"Kumar Tanksale","Raghavendra Araveeti","gaurav.sharma@v5global.co.in","gaurav.sharma@v5global.co.in","ksingh15@lenovo.com","ktanksale1@lenovo.com","raraveeti@lenovo.com","ASO","Shilpi Gautam","sgautam2@lenovo.com",null,"Kumar Tanksale",null,"ktanksale1@lenovo.com",null,"2025-12-06","12:08:00","28.642749,77.1818399","ADHINATH COMPUTRONIX",{"$nulls":3},"T3","07AFIPJ2922B2ZW","North1",null,"T-3614","New Delhi","New Delhi","V5 Global",null,"Yes","Telephonic","83JC00JYIN",1,"Lenovo","LOQ","LOQ-15ARP9","15.6\" FHD (1920x1080) IPS 300nits Anti-glare/2x 12GB SO-DIMM DDR5-4800/512GB SSD M.2 2242 PCIeÂ® 4.0x4 NVMeÂ®/NVIDIAÂ® GeForce RTXâ„¢","Win 11","Gaming","Premium","AMD Ryzenâ„¢ 7 7435HS","Consumer",100769,null,"NB",100769,"North1",118907.42,"SP","Gaming","North1","Premium","Premium","-"]
[21677691,"Vinod Kumar","vinod.kumar@v5global.co.in",9911547614,"V5 Global","Delhi","V5265873","Delhi","Delhi",null,"V5 Global",null,null,"Chetan Mehta","Chetan.mehta@v5global.co.in",null,"North1",null,"External Consumer","ASO","V5 Global ASO",null,"FT",null,"ASO",null,"Kanwaldeep Singh","Gaurav Sharma",null,"Kumar Tanksale","Raghavendra Araveeti","gaurav.sharma@v5global.co.in","gaurav.sharma@v5global.co.in","ksingh15@lenovo.com","ktanksale1@lenovo.com","raraveeti@lenovo.com","ASO","Shilpi Gautam","sgautam2@lenovo.com",null,"Kumar Tanksale",null,"ktanksale1@lenovo.com",null,"2025-12-06","12:09:00","28.6431567,77.1818333","Reliable Resoursys",{"$nulls":3},"T3","07AGXPA5999B1ZY","North1",null,"T-29957","New Delhi","Delhi","V5 Global",null,"Yes","Face to Face","90XS005JIN",1,"Lenovo","IdeaCentre","IdeaCentre","i3 14100 14th Gen Processor,8Gb Ram ddr5,512Ssd,Windows 11,Wifi,BT, Usb calliope Black, keybord,mouse\t","Win 11","TDT","Mainstream","I3 14100","Consumer",25747,null,"TDT",25747,"North1",30381.46,"",null,"North1","Entry","Mainstream","i3 OS"]
[21677704,"Vinod Kumar","vinod.kumar@v5global.co.in",9911547614,"V5 Global","Delhi","V5265873","Delhi","Delhi",null,"V5 Global",null,null,"Chetan Mehta","Chetan.mehta@v5global.co.in",null,"North1",null,"External Consumer","ASO","V5 Global ASO",null,"FT",null,"ASO",null,"Kanwaldeep Singh","Gaurav Sharma",null,"Kumar Tanksale","Raghavendra Araveeti","gaurav.sharma@v5global.co.in","gaurav.sharma@v5global.co.in","ksingh15@lenovo.com","ktanksale1@lenovo.com","raraveeti@lenovo.com","ASO","Shilpi Gautam","sgautam2@lenovo.com",null,"Kumar Tanksale",null,"ktanksale1@lenovo.com",null,"2025-12-06","12:10:00","28.6429704,77.1817857","SG Computer",{"$nulls":3},"T3","07DPNPK2775B1ZS","North1",null,"T-24433","New Delhi","Delhi","V5 Global",null,"Yes","Face to Face","90XW0022IN",1,"Lenovo","IdeaCentre","IdeaCentre 3","Intel Core i7-13620H,10C SFF 7.4 Lt,8 GB DDR4 ,512 GB SSD","DOS","TDT","Mainstream","Intel Core i7-13620H","Consumer",55000,null,"TDT",55000,"North1",64900,"",null,"North1","Mainstream","Mainstream","-"]
[21679658,"Umer Farooq Bhat","umer.farooq@v5global.co.in",7006131255,"V5 Global","Srinagar","V5266190","Jammu and Kashmir","Jammu and Kashmir",null,"V5 Global",null,null,"Shivam Kumar1","shivam.kumar1@v5global.co.in",null,"North1",null,"External Consumer","ASO","V5 Global ASO",null,"FT",null,"ASO",null,"Karan Kapoor","Gaurav Sharma",null,"Kumar Tanksale","Raghavendra Araveeti","gaurav.sharma@v5global.co.in","gaurav.sharma@v5global.co.in","Kkapoor@lenovo.com","ktanksale1@lenovo.com","raraveeti@lenovo.com","ASO","Shilpi Gautam","sgautam2@lenovo.com",null,"Kumar Tanksale",null,"ktanksale1@lenovo.com",null,"2025-12-06","12:27:00","33.720162307626445,74.83427859842777","Kully Computer",{"$nulls":3},"T3",null,"North1",null,"T-3580","Shopain","Jammu And Kashmir","V5 Global",null,"Yes","Face to Face","GY51C12380",3,"Lenovo","Wireless Mouse","Input","Lenovo 130 wireless mouse","NA","Accessories","NA","NA","Accessories",649,null,null,1947,"North1",765.8199999999999,"",null,"North1","NA","NA","-"]
[21678027,"Furkan ","furkan.1@v5global.co.in",9818299160,"V5 Global","New Delhi","V5462337","NEW DELHI","New Delhi",null,"V5 Global",null,null,"Mohd Asif","mohd.asif@v5global.co.in",null,"North1",null,"External Consumer","ASO","V5 Global ASO",null,"FT",null,"ASO",null,"Kanwaldeep Singh","Gaurav Sharma",null,"Kumar Tanksale","Raghavendra Araveeti","gaurav.sharma@v5global.co.in","gaurav.sharma@v5global.co.in","ksingh15@lenovo.com","ktanksale1@lenovo.com","raraveeti@lenovo.com","ASO","Shilpi Gautam","sgautam2@lenovo.com",null,"Kumar Tanksale",null,"ktanksale1@lenovo.com",null,"2025-12-06","12:31:00","28.6392863,77.2846518","BANSAL STANMART (I) PVT. LTD.",{"$nulls":3},"T3",null,"North1",null,"T-4352","New Delhi","New Delhi","V5 Global",null,"Yes","Face to Face","90XS005PIN",2,"Lenovo","IdeaCentre","IdeaCentre","IntelÂ® Coreâ„¢ i3-14100 4C, 8GB DDR5/512 SSD/ WiFi 6 + BT 5.2/ 260W/ SFF 8.2Lt / Wired KeyBoard & Mouse /Win 11 Home/1 Yr Onsite","Win 11","TDT","Entry","IntelÂ® Coreâ„¢ i3-14100","Consumer",31500,null,"TDT",63000,"North1",37170,"",null,"North1","Entry","Entry","i3 OS"]
[21678027,"Furkan ","furkan.1@v5global.co.in",9818299160,"V5 Global","New Delhi","V5462337","NEW DELHI","New Delhi",null,"V5 Global",null,null,"Mohd Asif","mohd.asif@v5global.co.in",null,"North1",null,"External Consumer","ASO","V5 Global ASO",null,"FT",null,"ASO",null,"Kanwaldeep Singh","Gaurav Sharma",null,"Kumar Tanksale","Raghavendra Araveeti","gaurav.sharma@v5global.co.in","gaurav.sharma@v5global.co.in","ksingh15@lenovo.com","ktanksale1@lenovo.com","raraveeti@lenovo.com","ASO","Shilpi Gautam","sgautam2@lenovo.com",null,"Kumar Tanksale",null,"ktanksale1@lenovo.com",null,"2025-12-06","12:31:00","28.6392863,77.2846518","BANSAL STANMART (I) PVT. LTD.",{"$nulls":3},"T3",null,"North1",null,"T-4352","New Delhi","New Delhi","V5 Global",null,"Yes","Face to Face","90XW0055IN",1,"Lenovo","IdeaCentre","Tower 08IRR9 ","8 GB DDR   , 512 GB SSDWired KeyBoard & Mouse WiFi 6 + BT 5.2 260W  3 Yr Onsite Warranty  Win 11 Home + MS Office 2024 + 1 YR Mi","Win 11","TDT","Mainstream","Intel Core i5-13420H, 8C,","Consumer",50052,null,"TDT",{"$f":"BV259*BL259","v":50052},{"$f":"Q259","v":"North1"},{"$f":"BV259*118%","v":59061.35999999999},{"$f":"IF(CF259=\"Premium\",IF(CA259>=65000,\"SP\",\"\"),\"\")","v":""},null,"North1",{"$f":"IF(BU259=\"Consumer\",IF(CA259<40000,\"Entry\",IF(AND(CA259>=40000,CA259<65000),\"Mainstream\",\"Premium\")),IF(BU259=\"Visuals\",BS259,\"NA\"))","v":"Mainstream"},"Mainstream","-"]
[21678050,"Furkan ","furkan.1@v5global.co.in",9818299160,"V5 Global","New Delhi","V5462337","NEW DELHI","New Delhi",null,"V5 Global",null,null,"Mohd Asif","mohd.asif@v5global.co.in",null,"North1",null,"External Consumer","ASO","V5 Global ASO",null,"FT",null,"ASO",null,"Kanwaldeep Singh","Gaurav Sharma",null,"Kumar Tanksale","Raghavendra Araveeti","gaurav.sharma@v5global.co.in","gaurav.sharma@v5global.co.in","ksingh15@lenovo.com","ktanksale1@lenovo.com","raraveeti@lenovo.com","ASO","Shilpi Gautam","sgautam2@lenovo.com",null,"Kumar Tanksale",null,"ktanksale1@lenovo.com",null,"2025-12-06","12:33:00","28.6393083,77.2846417","SATSHEEL COMPUTERS PVT LTD",{"$nulls":3},"T3",null,"North1",null,"T-4452","New Delhi","New Delhi","V5 Global",null,"Yes","Face to Face","90XW0051IN",1,"Lenovo","IdeaCentre","Tower 08IRH9"," 16GB/1 TB SSD Integrated Graphics MSO 2024 ,","Win 11","TDT","Premium","Intel Core i7-13620H","Consumer",58900,null,"TDT",58900,"North1",69502,"",null,"North1","Premium","Mainstream","-"]
[21678076,"Furkan ","furkan.1@v5global.co.in",9818299160,"V5 Global","New Delhi","V5462337","NEW DELHI","New Delhi",null,"V5 Global",null,null,"Mohd Asif","mohd.asif@v5global.co.in",null,"North1",null,"External Consumer","ASO","V5 Global ASO",null,"FT",null,"ASO",null,"Kanwaldeep Singh","Gaurav Sharma",null,"Kumar Tanksale","Raghavendra Araveeti","gaurav.sharma@v5global.co.in","gaurav.sharma@v5global.co.in","ksingh15@lenovo.com","ktanksale1@lenovo.com","raraveeti@lenovo.com","ASO","Shilpi Gautam","sgautam2@lenovo.com",null,"Kumar Tanksale",null,"ktanksale1@lenovo.com",null,"2025-12-06","12:35:00","28.639215,77.2847","BANSAL STANMART (I) PVT. LTD.",{"$nulls":3},"T3",null,"North1",null,"T-4352","New Delhi","New Delhi","V5 Global",null,"Yes","Face to Face","90XW0022IN",1,"Lenovo","IdeaCentre","IdeaCentre 3","Intel Core i7-13620H,10C SFF 7.4 Lt,8 GB DDR4 ,512 GB SSD","DOS","TDT","Mainstream","Intel Core i7-13620H","Consumer",55000,null,"TDT",55000,"North1",64900,"",null,"North1","Mainstream","Mainstream","-"]
[21679672,"Umer Farooq Bhat","umer.farooq@v5global.co.in",7006131255,"V5 Global","Srinagar","V5266190","Jammu and Kashmir","Jammu and Kashmir",null,"V5 Global",null,null,"Shivam Kumar1","shivam.kumar1@v5global.co.in",null,"North1",null,"External Consumer","ASO","V5 Global ASO",null,"FT",null,"ASO",null,"Karan Kapoor","Gaurav Sharma",null,"Kumar Tanksale","Raghavendra Araveeti","gaurav.sharma@v5global.co.in","gaurav.sharma@v5global.co.in","Kkapoor@lenovo.com","ktanksale1@lenovo.com","raraveeti@lenovo.com","ASO","Shilpi Gautam","sgautam2@lenovo.com",null,"Kumar Tanksale",null,"ktanksale1@lenovo.com",null,"2025-12-06","13:12:00","33.71837724939145,74.8307317122817","Computer Point",{"$nulls":3},"T3",null,"North1",null,"T-3579","Shopain","Jammu And Kashmir","V5 Global",null,"Yes","Face to Face","GY51C12380",3,"Lenovo","Wireless Mouse","Input","Lenovo 130 wireless mouse","NA","Accessories","NA","NA","Accessories",649,null,null,1947,"North1",765.8199999999999,"",null,"North1","NA","NA","-"]
[21679681,"Umer Farooq Bhat","umer.farooq@v5global.co.in",7006131255,"V5 Global","Srinagar","V5266190","Jammu and Kashmir","Jammu and Kashmir",null,"V5 Global",null,null,"Shivam Kumar1","shivam.kumar1@v5global.co.in",null,"North1",null,"External Consumer","ASO","V5 Global ASO",null,"FT",null,"ASO",null,"Karan Kapoor","Gaurav Sharma",null,"Kumar Tanksale","Raghavendra Araveeti","gaurav.sharma@v5global.co.in","gaurav.sharma@v5global.co.in","Kkapoor@lenovo.com","ktanksale1@lenovo.com","raraveeti@lenovo.com","ASO","Shilpi Gautam","sgautam2@lenovo.com",null,"Kumar Tanksale",null,"ktanksale1@lenovo.com",null,"2025-12-06","14:10:00","33.715020090420566,74.82697293162346","Z COMPUTERS",{"$nulls":3},"T3","01BEOPJ2739G1ZN","North1",null,"T-30873","shopian","Jammu And Kashmir","V5 Global",null,"Yes","Face to Face","GY51C12380",2,"Lenovo","Wireless Mouse","Input","Lenovo 130 wireless mouse","NA","Accessories","NA","NA","Accessories",649,null,null,1298,"North1",765.8199999999999,"",null,"North1","NA","NA","-"]
[21679050,"Mohit Chaturvedi","mohit.chaturvedi@v5global.co.in",9753911212,"V5 Global","Gwalior",601082,"Madhya Pradesh","Madhya Pradesh",null,"V5 Global",null,null,"Mohd Asif","mohd.asif@v5global.co.in",null,"North2",null,"External Consumer","ASO","V5 Global ASO",null,"FT",null,"ASO",null,"Mehul Raval","Rahil Rasheed",null,"Durgendra Singh","Raghavendra Araveeti","rahil.rasheed@v5global.co.in","rahil.rasheed@v5global.co.in","mraval@lenovo.com","dsingh1@lenovo.com","raraveeti@lenovo.com","ASO","Shilpi Gautam","sgautam2@lenovo.com",null,"Durgendra Singh",null,"dsingh1@lenovo.com",null,"2025-12-06","14:26:00","26.2035081,78.1630723","Balaji intregrated solution",{"$nulls":3},"T3",null,"North2",null,"T-16834","Gwalior","Madhya Pradesh","V5 Global",null,"Yes","Face to Face","83K100CAIN",1,"Lenovo","Ideapad","Slim 3","NB IP Slim 3 15IRH10 I5 8G 512G 11S","Win 11","Thin & Light","Premium","i5 13420H/8GB/512GB SSD","Consumer",56251,null,"NB",56251,"North2",66376.18,"",null,"North2","Premium","Mainstream","-"]
[21679059,"Mohit Chaturvedi","mohit.chaturvedi@v5global.co.in",9753911212,"V5 Global","Gwalior",601082,"Madhya Pradesh","Madhya Pradesh",null,"V5 Global",null,null,"Mohd Asif","mohd.asif@v5global.co.in",null,"North2",null,"External Consumer","ASO","V5 Global ASO",null,"FT",null,"ASO",null,"Mehul Raval","Rahil Rasheed",null,"Durgendra Singh","Raghavendra Araveeti","rahil.rasheed@v5global.co.in","rahil.rasheed@v5global.co.in","mraval@lenovo.com","dsingh1@lenovo.com","raraveeti@lenovo.com","ASO","Shilpi Gautam","sgautam2@lenovo.com",null,"Durgendra Singh",null,"dsingh1@lenovo.com",null,"2025-12-06","14:27:00","26.2034573,78.1631381","Zeta power technology",{"$nulls":3},"T3","23BCSPS6391F1Z2","North2",null,"T-16761","Gwalior","Madhya Pradesh","V5 Global",null,"Yes","Face to Face","83K100CAIN",1,"Lenovo","Ideapad","Slim 3","NB IP Slim 3 15IRH10 I5 8G 512G 11S","Win 11","Thin & Light","Premium","i5 13420H/8GB/512GB SSD","Consumer",56251,null,"NB",56251,"North2",66376.18,"",null,"North2","Premium","Mainstream","-"]
[21679061,"Mohit Chaturvedi","mohit.chaturvedi@v5global.co.in",9753911212,"V5 Global","Gwalior",601082,"Madhya Pradesh","Madhya Pradesh",null,"V5 Global",null,null,"Mohd Asif","mohd.asif@v5global.co.in",null,"North2",null,"External Consumer","ASO","V5 Global ASO",null,"FT",null,"ASO",null,"Mehul Raval","Rahil Rasheed",null,"Durgendra Singh","Raghavendra Araveeti","rahil.rasheed@v5global.co.in","rahil.rasheed@v5global.co.in","mraval@lenovo.com","dsingh1@lenovo.com","raraveeti@lenovo.com","ASO","Shilpi Gautam","sgautam2@lenovo.com",null,"Durgendra Singh",null,"dsingh1@lenovo.com",null,"2025-12-06","14:29:00","26.2034593,78.1631151","Logic Computer System",{"$nulls":3},"T3","23ADNPJ1128L1ZL","North2",null,"T-16762","Gwalior","Madhya Pradesh","V5 Global",null,"Yes","Face to Face","83K100CAIN",1,"Lenovo","Ideapad","Slim 3","NB IP Slim 3 15IRH10 I5 8G 512G 11S","Win 11","Thin & Light","Premium","i5 13420H/8GB/512GB SSD","Consumer",56251,null,"NB",56251,"North2",66376.18,"",null,"North2","Premium","Mainstream","-"]
[21679066,"Mohit Chaturvedi","mohit.chaturvedi@v5global.co.in",9753911212,"V5 Global","Gwalior",601082,"Madhya Pradesh","Madhya Pradesh",null,"V5 Global",null,null,"Mohd Asif","mohd.asif@v5global.co.in",null,"North2",null,"External Consumer","ASO","V5 Global ASO",null,"FT",null,"ASO",null,"Mehul Raval","Rahil Rasheed",null,"Durgendra Singh","Raghavendra Araveeti","rahil.rasheed@v5global.co.in","rahil.rasheed@v5global.co.in","mraval@lenovo.com","dsingh1@lenovo.com","raraveeti@lenovo.com","ASO","Shilpi Gautam","sgautam2@lenovo.com",null,"Durgendra Singh",null,"dsingh1@lenovo.com",null,"2025-12-06","14:29:00","26.2034698,78.1630633","Perfect Computer Solution",{"$nulls":3},"T3","23AROPA9496P1ZX","North2",null,"T-16764","Gwalior","Madhya Pradesh","V5 Global",null,"Yes","Face to Face","83K100CAIN",1,"Lenovo","Ideapad","Slim 3","NB IP Slim 3 15IRH10 I5 8G 512G 11S","Win 11","Thin & Light","Premium","i5 13420H/8GB/512GB SSD","Consumer",56251,null,"NB",56251,"North2",66376.18,"",null,"North2","Premium","Mainstream","-"]
[21679069,"Mohit Chaturvedi","mohit.chaturvedi@v5global.co.in",9753911212,"V5 Global","Gwalior",601082,"Madhya Pradesh","Madhya Pradesh",null,"V5 Global",null,null,"Mohd Asif","mohd.asif@v5global.co.in",null,"North2",null,"External Consumer","ASO","V5 Global ASO",null,"FT",null,"ASO",null,"Mehul Raval","Rahil Rasheed",null,"Durgendra Singh","Raghavendra Araveeti","rahil.rasheed@v5global.co.in","rahil.rasheed@v5global.co.in","mraval@lenovo.com","dsingh1@lenovo.com","raraveeti@lenovo.com","ASO","Shilpi Gautam","sgautam2@lenovo.com",null,"Durgendra Singh",null,"dsingh1@lenovo.com",null,"2025-12-06","14:30:00","26.2035217,78.1630235","Nagori It World",{"$nulls":3},"T3","23ACSPN5305R1ZZ","North2",null,"T-16765","Gwalior","Madhya Pradesh","V5 Global",null,"Yes","Face to Face","83K100CAIN",1,"Lenovo","Ideapad","Slim 3","NB IP Slim 3 15IRH10 I5 8G 512G 11S","Win 11","Thin & Light","Premium","i5 13420H/8GB/512GB SSD","Consumer",56251,null,"NB",56251,"North2",66376.18,"",null,"North2","Premium","Mainstream","-"]
[21679071,"Mohit Chaturvedi","mohit.chaturvedi@v5global.co.in",9753911212,"V5 Global","Gwalior",601082,"Madhya Pradesh","Madhya Pradesh",null,"V5 Global",null,null,"Mohd Asif","mohd.asif@v5global.co.in",null,"North2",null,"External Consumer","ASO","V5 Global ASO",null,"FT",null,"ASO",null,"Mehul Raval","Rahil Rasheed",null,"Durgendra Singh","Raghavendra Araveeti","rahil.rasheed@v5global.co.in","rahil.rasheed@v5global.co.in","mraval@lenovo.com","dsingh1@lenovo.com","raraveeti@lenovo.com","ASO","Shilpi Gautam","sgautam2@lenovo.com",null,"Durgendra Singh",null,"dsingh1@lenovo.com",null,"2025-12-06","14:30:00","26.2034969,78.1630917","Vijeta Marketing",{"$nulls":3},"T3","23BQIPS2091G1ZS","North2",null,"T-16768","Gwalior","Madhya Pradesh","V5 Global",null,"Yes","Face to Face","83K100CAIN",1,"Lenovo","Ideapad","Slim 3","NB IP Slim 3 15IRH10 I5 8G 512G 11S","Win 11","Thin & Light","Premium","i5 13420H/8GB/512GB SSD","Consumer",56251,null,"NB",56251,"North2",66376.18,"",null,"North2","Premium","Mainstream","-"]
[21679074,"Mohit Chaturvedi","mohit.chaturvedi@v5global.co.in",9753911212,"V5 Global","Gwalior",601082,"Madhya Pradesh","Madhya Pradesh",null,"V5 Global",null,null,"Mohd Asif","mohd.asif@v5global.co.in",null,"North2",null,"External Consumer","ASO","V5 Global ASO",null,"FT",null,"ASO",null,"Mehul Raval","Rahil Rasheed",null,"Durgendra Singh","Raghavendra Araveeti","rahil.rasheed@v5global.co.in","rahil.rasheed@v5global.co.in","mraval@lenovo.com","dsingh1@lenovo.com","raraveeti@lenovo.com","ASO","Shilpi Gautam","sgautam2@lenovo.com",null,"Durgendra Singh",null,"dsingh1@lenovo.com",null,"2025-12-06","14:31:00","26.2035708,78.1629831","SRS industries",{"$nulls":3},"T3","23CXVPS8672D1ZS","North2",null,"T-16770","Gwalior","Madhya Pradesh","V5 Global",null,"Yes","Face to Face","83K100CAIN",1,"Lenovo","Ideapad","Slim 3","NB IP Slim 3 15IRH10 I5 8G 512G 11S","Win 11","Thin & Light","Premium","i5 13420H/8GB/512GB SSD","Consumer",56251,null,"NB",56251,"North2",66376.18,"",null,"North2","Premium","Mainstream","-"]
[21679076,"Mohit Chaturvedi","mohit.chaturvedi@v5global.co.in",9753911212,"V5 Global","Gwalior",601082,"Madhya Pradesh","Madhya Pradesh",null,"V5 Global",null,null,"Mohd Asif","mohd.asif@v5global.co.in",null,"North2",null,"External Consumer","ASO","V5 Global ASO",null,"FT",null,"ASO",null,"Mehul Raval","Rahil Rasheed",null,"Durgendra Singh","Raghavendra Araveeti","rahil.rasheed@v5global.co.in","rahil.rasheed@v5global.co.in","mraval@lenovo.com","dsingh1@lenovo.com","raraveeti@lenovo.com","ASO","Shilpi Gautam","sgautam2@lenovo.com",null,"Durgendra Singh",null,"dsingh1@lenovo.com",null,"2025-12-06","14:31:00","26.2034813,78.1630435","Ace Technologies",{"$nulls":3},"T3","23ACRPT1070G1ZJ","North2",null,"T-16771","Gwalior","Madhya Pradesh","V5 Global",null,"Yes","Face to Face","83K100CAIN",1,"Lenovo","Ideapad","Slim 3","NB IP Slim 3 15IRH10 I5 8G 512G 11S","Win 11","Thin & Light","Premium","i5 13420H/8GB/512GB SSD","Consumer",56251,null,"NB",56251,"North2",66376.18,"",null,"North2","Premium","Mainstream","-"]
[21679080,"Mohit Chaturvedi","mohit.chaturvedi@v5global.co.in",9753911212,"V5 Global","Gwalior",601082,"Madhya Pradesh","Madhya Pradesh",null,"V5 Global",null,null,"Mohd Asif","mohd.asif@v5global.co.in",null,"North2",null,"External Consumer","ASO","V5 Global ASO",null,"FT",null,"ASO",null,"Mehul Raval","Rahil Rasheed",null,"Durgendra Singh","Raghavendra Araveeti","rahil.rasheed@v5global.co.in","rahil.rasheed@v5global.co.in","mraval@lenovo.com","dsingh1@lenovo.com","raraveeti@lenovo.com","ASO","Shilpi Gautam","sgautam2@lenovo.com",null,"Durgendra Singh",null,"dsingh1@lenovo.com",null,"2025-12-06","14:31:00","26.2035945,78.1630774","Krishans",{"$nulls":3},"T3","23AFIPA6630D1Z3","North2",null,"T-16774","Gwalior","Madhya Pradesh","V5 Global",null,"Yes","Face to Face","83K100CAIN",1,"Lenovo","Ideapad","Slim 3","NB IP Slim 3 15IRH10 I5 8G 512G 11S","Win 11","Thin & Light","Premium","i5 13420H/8GB/512GB SSD","Consumer",56251,null,"NB",56251,"North2",66376.18,"",null,"North2","Premium","Mainstream","-"]
[21679082,"Mohit Chaturvedi","mohit.chaturvedi@v5global.co.in",9753911212,"V5 Global","Gwalior",601082,"Madhya Pradesh","Madhya Pradesh",null,"V5 Global",null,null,"Mohd Asif","mohd.asif@v5global.co.in",null,"North2",null,"External Consumer","ASO","V5 Global ASO",null,"FT",null,"ASO",null,"Mehul Raval","Rahil Rasheed",null,"Durgendra Singh","Raghavendra Araveeti","rahil.rasheed@v5global.co.in","rahil.rasheed@v5global.co.in","mraval@lenovo.com","dsingh1@lenovo.com","raraveeti@lenovo.com","ASO","Shilpi Gautam","sgautam2@lenovo.com",null,"Durgendra Singh",null,"dsingh1@lenovo.com",null,"2025-12-06","14:32:00","26.203585,78.1630813","The Zeta System",{"$nulls":3},"T3","23BXLPS8828K1ZP","North2",null,"T-16777","Gwalior","Madhya Pradesh","V5 Global",null,"Yes","Face to Face","83K100CAIN",1,"Lenovo","Ideapad","Slim 3","NB IP Slim 3 15IRH10 I5 8G 512G 11S","Win 11","Thin & Light","Premium","i5 13420H/8GB/512GB SSD","Consumer",56251,null,"NB",56251,"North2",66376.18,"",null,"North2","Premium","Mainstream","-"]
[21679085,"Mohit Chaturvedi","mohit.chaturvedi@v5global.co.in",9753911212,"V5 Global","Gwalior",601082,"Madhya Pradesh","Madhya Pradesh",null,"V5 Global",null,null,"Mohd Asif","mohd.asif@v5global.co.in",null,"North2",null,"External Consumer","ASO","V5 Global ASO",null,"FT",null,"ASO",null,"Mehul Raval","Rahil Rasheed",null,"Durgendra Singh","Raghavendra Araveeti","rahil.rasheed@v5global.co.in","rahil.rasheed@v5global.co.in","mraval@lenovo.com","dsingh1@lenovo.com","raraveeti@lenovo.com","ASO","Shilpi Gautam","sgautam2@lenovo.com",null,"Durgendra Singh",null,"dsingh1@lenovo.com",null,"2025-12-06","14:32:00","26.2035695,78.1630972","Indica Computer Services",{"$nulls":3},"T3","23AJJPS1682A1ZS","North2",null,"T-16778","Gwalior","Madhya Pradesh","V5 Global",null,"Yes","Face to Face","83K100CAIN",1,"Lenovo","Ideapad","Slim 3","NB IP Slim 3 15IRH10 I5 8G 512G 11S","Win 11","Thin & Light","Premium","i5 13420H/8GB/512GB SSD","Consumer",56251,null,"NB",56251,"North2",66376.18,"",null,"North2","Premium","Mainstream","-"]
[21679087,"Mohit Chaturvedi","mohit.chaturvedi@v5global.co.in",9753911212,"V5 Global","Gwalior",601082,"Madhya Pradesh","Madhya Pradesh",null,"V5 Global",null,null,"Mohd Asif","mohd.asif@v5global.co.in",null,"North2",null,"External Consumer","ASO","V5 Global ASO",null,"FT",null,"ASO",null,"Mehul Raval","Rahil Rasheed",null,"Durgendra Singh","Raghavendra Araveeti","rahil.rasheed@v5global.co.in","rahil.rasheed@v5global.co.in","mraval@lenovo.com","dsingh1@lenovo.com","raraveeti@lenovo.com","ASO","Shilpi Gautam","sgautam2@lenovo.com",null,"Durgendra Singh",null,"dsingh1@lenovo.com",null,"2025-12-06","14:33:00","26.2035919,78.16305","Yadav It Solution",{"$nulls":3},"T3","23ADJPY1074E2ZJ","North2",null,"T-16792","Gwalior","Madhya Pradesh","V5 Global",null,"Yes","Face to Face","83K100CAIN",1,"Lenovo","Ideapad","Slim 3","NB IP Slim 3 15IRH10 I5 8G 512G 11S","Win 11","Thin & Light","Premium","i5 13420H/8GB/512GB SSD","Consumer",56251,null,"NB",56251,"North2",66376.18,"",null,"North2","Premium","Mainstream","-"]
[21679086,"Vinod Kumar","vinod.kumar@v5global.co.in",9911547614,"V5 Global","Delhi","V5265873","Delhi","Delhi",null,"V5 Global",null,null,"Chetan Mehta","Chetan.mehta@v5global.co.in",null,"North1",null,"External Consumer","ASO","V5 Global ASO",null,"FT",null,"ASO",null,"Kanwaldeep Singh","Gaurav Sharma",null,"Kumar Tanksale","Raghavendra Araveeti","gaurav.sharma@v5global.co.in","gaurav.sharma@v5global.co.in","ksingh15@lenovo.com","ktanksale1@lenovo.com","raraveeti@lenovo.com","ASO","Shilpi Gautam","sgautam2@lenovo.com",null,"Kumar Tanksale",null,"ktanksale1@lenovo.com",null,"2025-12-06","14:34:00","28.7017897,77.1660826","System Solutions",{"$nulls":3},"T3","07ADVPC6180B1ZL","North1",null,"T-3655","New Delhi","New Delhi","V5 Global",null,"Yes","Telephonic","90XW0022IN",1,"Lenovo","IdeaCentre","IdeaCentre 3","Intel Core i7-13620H,10C SFF 7.4 Lt,8 GB DDR4 ,512 GB SSD","DOS","TDT","Mainstream","Intel Core i7-13620H","Consumer",55000,null,"TDT",55000,"North1",64900,"",null,"North1","Mainstream","Mainstream","-"]
[21679098,"Mohit Chaturvedi","mohit.chaturvedi@v5global.co.in",9753911212,"V5 Global","Gwalior",601082,"Madhya Pradesh","Madhya Pradesh",null,"V5 Global",null,null,"Mohd Asif","mohd.asif@v5global.co.in",null,"North2",null,"External Consumer","ASO","V5 Global ASO",null,"FT",null,"ASO",null,"Mehul Raval","Rahil Rasheed",null,"Durgendra Singh","Raghavendra Araveeti","rahil.rasheed@v5global.co.in","rahil.rasheed@v5global.co.in","mraval@lenovo.com","dsingh1@lenovo.com","raraveeti@lenovo.com","ASO","Shilpi Gautam","sgautam2@lenovo.com",null,"Durgendra Singh",null,"dsingh1@lenovo.com",null,"2025-12-06","14:35:00","26.2035449,78.1630271","Sk Computer",{"$nulls":3},"T3","23AEKPJ2895L1Z2","West3",null,"T-16780","Gwalior","Madhya Pradesh",null,null,"Yes","Face to Face","83K100CAIN",1,"Lenovo","Ideapad","Slim 3","NB IP Slim 3 15IRH10 I5 8G 512G 11S","Win 11","Thin & Light","Premium","i5 13420H/8GB/512GB SSD","Consumer",56251,null,"NB",56251,"North2",66376.18,"",null,"North2","Premium","Mainstream","-"]
[21679104,"Mohit Chaturvedi","mohit.chaturvedi@v5global.co.in",9753911212,"V5 Global","Gwalior",601082,"Madhya Pradesh","Madhya Pradesh",null,"V5 Global",null,null,"Mohd Asif","mohd.asif@v5global.co.in",null,"North2",null,"External Consumer","ASO","V5 Global ASO",null,"FT",null,"ASO",null,"Mehul Raval","Rahil Rasheed",null,"Durgendra Singh","Raghavendra Araveeti","rahil.rasheed@v5global.co.in","rahil.rasheed@v5global.co.in","mraval@lenovo.com","dsingh1@lenovo.com","raraveeti@lenovo.com","ASO","Shilpi Gautam","sgautam2@lenovo.com",null,"Durgendra Singh",null,"dsingh1@lenovo.com",null,"2025-12-06","14:36:00","26.2035002,78.1630072","Sun Micro System Solution",{"$nulls":3},"T3","23ANDPB8167H1Z6","North2",null,"T-16781","Gwalior","Madhya Pradesh","V5 Global",null,"Yes","Face to Face","83K100CAIN",1,"Lenovo","Ideapad","Slim 3","NB IP Slim 3 15IRH10 I5 8G 512G 11S","Win 11","Thin & Light","Premium","i5 13420H/8GB/512GB SSD","Consumer",56251,null,"NB",56251,"North2",66376.18,"",null,"North2","Premium","Mainstream","-"]
[21679108,"Mohit Chaturvedi","mohit.chaturvedi@v5global.co.in",9753911212,"V5 Global","Gwalior",601082,"Madhya Pradesh","Madhya Pradesh",null,"V5 Global",null,null,"Mohd Asif","mohd.asif@v5global.co.in",null,"North2",null,"External Consumer","ASO","V5 Global ASO",null,"FT",null,"ASO",null,"Mehul Raval","Rahil Rasheed",null,"Durgendra Singh","Raghavendra Araveeti","rahil.rasheed@v5global.co.in","rahil.rasheed@v5global.co.in","mraval@lenovo.com","dsingh1@lenovo.com","raraveeti@lenovo.com","ASO","Shilpi Gautam","sgautam2@lenovo.com",null,"Durgendra Singh",null,"dsingh1@lenovo.com",null,"2025-12-06","14:36:00","26.2034994,78.1630033","Vashishtha technology",{"$nulls":3},"T3",null,"North2",null,"T-16784","Gwalior","Madhya Pradesh","V5 Global",null,"Yes","Face to Face","83K100CAIN",1,"Lenovo","Ideapad","Slim 3","NB IP Slim 3 15IRH10 I5 8G 512G 11S","Win 11","Thin & Light","Premium","i5 13420H/8GB/512GB SSD","Consumer",56251,null,"NB",56251,"North2",66376.18,"",null,"North2","Premium","Mainstream","-"]
[21679109,"Mohit Chaturvedi","mohit.chaturvedi@v5global.co.in",9753911212,"V5 Global","Gwalior",601082,"Madhya Pradesh","Madhya Pradesh",null,"V5 Global",null,null,"Mohd Asif","mohd.asif@v5global.co.in",null,"North2",null,"External Consumer","ASO","V5 Global ASO",null,"FT",null,"ASO",null,"Mehul Raval","Rahil Rasheed",null,"Durgendra Singh","Raghavendra Araveeti","rahil.rasheed@v5global.co.in","rahil.rasheed@v5global.co.in","mraval@lenovo.com","dsingh1@lenovo.com","raraveeti@lenovo.com","ASO","Shilpi Gautam","sgautam2@lenovo.com",null,"Durgendra Singh",null,"dsingh1@lenovo.com",null,"2025-12-06","14:37:00","26.2035373,78.1629513","Exel Computer",{"$nulls":3},"T3","23AIZPG1069J1ZX","West3",null,"T-16807","Sheopur","Madhya Pradesh",null,null,"Yes","Face to Face","83K100CAIN",1,"Lenovo","Ideapad","Slim 3","NB IP Slim 3 15IRH10 I5 8G 512G 11S","Win 11","Thin & Light","Premium","i5 13420H/8GB/512GB SSD","Consumer",56251,null,"NB",56251,"North2",66376.18,"",null,"North2","Premium","Mainstream","-"]
[21679114,"Mohit Chaturvedi","mohit.chaturvedi@v5global.co.in",9753911212,"V5 Global","Gwalior",601082,"Madhya Pradesh","Madhya Pradesh",null,"V5 Global",null,null,"Mohd Asif","mohd.asif@v5global.co.in",null,"North2",null,"External Consumer","ASO","V5 Global ASO",null,"FT",null,"ASO",null,"Mehul Raval","Rahil Rasheed",null,"Durgendra Singh","Raghavendra Araveeti","rahil.rasheed@v5global.co.in","rahil.rasheed@v5global.co.in","mraval@lenovo.com","dsingh1@lenovo.com","raraveeti@lenovo.com","ASO","Shilpi Gautam","sgautam2@lenovo.com",null,"Durgendra Singh",null,"dsingh1@lenovo.com",null,"2025-12-06","14:37:00","26.2035711,78.1630428","Ankit computer",{"$nulls":3},"T3","23BQSPG4319P1ZC","West3",null,"T-16821","Morena","Madhya Pradesh",null,null,"Yes","Face to Face","83K100CAIN",1,"Lenovo","Ideapad","Slim 3","NB IP Slim 3 15IRH10 I5 8G 512G 11S","Win 11","Thin & Light","Premium","i5 13420H/8GB/512GB SSD","Consumer",56251,null,"NB",56251,"North2",66376.18,"",null,"North2","Premium","Mainstream","-"]
[21679115,"Mohit Chaturvedi","mohit.chaturvedi@v5global.co.in",9753911212,"V5 Global","Gwalior",601082,"Madhya Pradesh","Madhya Pradesh",null,"V5 Global",null,null,"Mohd Asif","mohd.asif@v5global.co.in",null,"North2",null,"External Consumer","ASO","V5 Global ASO",null,"FT",null,"ASO",null,"Mehul Raval","Rahil Rasheed",null,"Durgendra Singh","Raghavendra Araveeti","rahil.rasheed@v5global.co.in","rahil.rasheed@v5global.co.in","mraval@lenovo.com","dsingh1@lenovo.com","raraveeti@lenovo.com","ASO","Shilpi Gautam","sgautam2@lenovo.com",null,"Durgendra Singh",null,"dsingh1@lenovo.com",null,"2025-12-06","14:38:00","26.2036344,78.1629736","J M D Computer",{"$nulls":3},"T3","23AOQPG3358F1ZZ","North2",null,"T-16787","Gwalior","Madhya Pradesh","V5 Global",null,"Yes","Face to Face","83K100CAIN",1,"Lenovo","Ideapad","Slim 3","NB IP Slim 3 15IRH10 I5 8G 512G 11S","Win 11","Thin & Light","Premium","i5 13420H/8GB/512GB SSD","Consumer",56251,null,"NB",56251,"North2",66376.18,"",null,"North2","Premium","Mainstream","-"]
[21679117,"Mohit Chaturvedi","mohit.chaturvedi@v5global.co.in",9753911212,"V5 Global","Gwalior",601082,"Madhya Pradesh","Madhya Pradesh",null,"V5 Global",null,null,"Mohd Asif","mohd.asif@v5global.co.in",null,"North2",null,"External Consumer","ASO","V5 Global ASO",null,"FT",null,"ASO",null,"Mehul Raval","Rahil Rasheed",null,"Durgendra Singh","Raghavendra Araveeti","rahil.rasheed@v5global.co.in","rahil.rasheed@v5global.co.in","mraval@lenovo.com","dsingh1@lenovo.com","raraveeti@lenovo.com","ASO","Shilpi Gautam","sgautam2@lenovo.com",null,"Durgendra Singh",null,"dsingh1@lenovo.com",null,"2025-12-06","14:38:00","26.2035935,78.1629073","Sk Computer Technology",{"$nulls":3},"T3","23AEKPJ2895L1Z2","North2",null,"T-16791","Gwalior","Madhya Pradesh","V5 Global",null,"Yes","Face to Face","83K100CAIN",1,"Lenovo","Ideapad","Slim 3","NB IP Slim 3 15IRH10 I5 8G 512G 11S","Win 11","Thin & Light","Premium","i5 13420H/8GB/512GB SSD","Consumer",56251,null,"NB",56251,"North2",66376.18,"",null,"North2","Premium","Mainstream","-"]
[21679119,"Mohit Chaturvedi","mohit.chaturvedi@v5global.co.in",9753911212,"V5 Global","Gwalior",601082,"Madhya Pradesh","Madhya Pradesh",null,"V5 Global",null,null,"Mohd Asif","mohd.asif@v5global.co.in",null,"North2",null,"External Consumer","ASO","V5 Global ASO",null,"FT",null,"ASO",null,"Mehul Raval","Rahil Rasheed",null,"Durgendra Singh","Raghavendra Araveeti","rahil.rasheed@v5global.co.in","rahil.rasheed@v5global.co.in","mraval@lenovo.com","dsingh1@lenovo.com","raraveeti@lenovo.com","ASO","Shilpi Gautam","sgautam2@lenovo.com",null,"Durgendra Singh",null,"dsingh1@lenovo.com",null,"2025-12-06","14:39:00","26.2035201,78.1629833","Enpro Computers",{"$nulls":3},"T3","23ADXPC9913C1ZK","North2",null,"T-16785","Gwalior","Madhya Pradesh","V5 Global",null,"Yes","Face to Face","83K100CAIN",1,"Lenovo","Ideapad","Slim 3","NB IP Slim 3 15IRH10 I5 8G 512G 11S","Win 11","Thin & Light","Premium","i5 13420H/8GB/512GB SSD","Consumer",56251,null,"NB",56251,"North2",66376.18,"",null,"North2","Premium","Mainstream","-"]
[21679688,"Umer Farooq Bhat","umer.farooq@v5global.co.in",7006131255,"V5 Global","Srinagar","V5266190","Jammu and Kashmir","Jammu and Kashmir",null,"V5 Global",null,null,"Shivam Kumar1","shivam.kumar1@v5global.co.in",null,"North1",null,"External Consumer","ASO","V5 Global ASO",null,"FT",null,"ASO",null,"Karan Kapoor","Gaurav Sharma",null,"Kumar Tanksale","Raghavendra Araveeti","gaurav.sharma@v5global.co.in","gaurav.sharma@v5global.co.in","Kkapoor@lenovo.com","ktanksale1@lenovo.com","raraveeti@lenovo.com","ASO","Shilpi Gautam","sgautam2@lenovo.com",null,"Kumar Tanksale",null,"ktanksale1@lenovo.com",null,"2025-12-06","14:39:00","33.715020090420566,74.82697293162346","SAMEER DIGITAL SYSTEMS",{"$nulls":3},"T3",null,"North1",null,"T-3572","Anantnag","Jammu And Kashmir","V5 Global",null,"Yes","Telephonic","67C8GAC1IN",1,"Lenovo","Gaming","Monitor","Gaming|R32QC|67C8GAC1IN|31.5\"","NA","Visual Variants","Premium","R32QC","Visuals",22390,null,null,22390,"North1",26420.199999999997,"",null,"North1","Premium","Premium","-"]
[21679688,"Umer Farooq Bhat","umer.farooq@v5global.co.in",7006131255,"V5 Global","Srinagar","V5266190","Jammu and Kashmir","Jammu and Kashmir",null,"V5 Global",null,null,"Shivam Kumar1","shivam.kumar1@v5global.co.in",null,"North1",null,"External Consumer","ASO","V5 Global ASO",null,"FT",null,"ASO",null,"Karan Kapoor","Gaurav Sharma",null,"Kumar Tanksale","Raghavendra Araveeti","gaurav.sharma@v5global.co.in","gaurav.sharma@v5global.co.in","Kkapoor@lenovo.com","ktanksale1@lenovo.com","raraveeti@lenovo.com","ASO","Shilpi Gautam","sgautam2@lenovo.com",null,"Kumar Tanksale",null,"ktanksale1@lenovo.com",null,"2025-12-06","14:39:00","33.715020090420566,74.82697293162346","SAMEER DIGITAL SYSTEMS",{"$nulls":3},"T3",null,"North1",null,"T-3572","Anantnag","Jammu And Kashmir","V5 Global",null,"Yes","Telephonic","83GS00PJIN",1,"Lenovo","LOQ","LOQ 15IAX9","15.6,16GB,521SSD,RTX3050 6GB,2024 MSO,LUNA GREE","Win 11","Gaming","Premium","Core i5-12450HX","Consumer",75864,null,"NB",75864,"North1",89519.51999999999,"SP","Gaming","North1","Premium","Premium","-"]
[21679121,"Mohit Chaturvedi","mohit.chaturvedi@v5global.co.in",9753911212,"V5 Global","Gwalior",601082,"Madhya Pradesh","Madhya Pradesh",null,"V5 Global",null,null,"Mohd Asif","mohd.asif@v5global.co.in",null,"North2",null,"External Consumer","ASO","V5 Global ASO",null,"FT",null,"ASO",null,"Mehul Raval","Rahil Rasheed",null,"Durgendra Singh","Raghavendra Araveeti","rahil.rasheed@v5global.co.in","rahil.rasheed@v5global.co.in","mraval@lenovo.com","dsingh1@lenovo.com","raraveeti@lenovo.com","ASO","Shilpi Gautam","sgautam2@lenovo.com",null,"Durgendra Singh",null,"dsingh1@lenovo.com",null,"2025-12-06","14:39:00","26.203481,78.1630595","Computer hardware house",{"$nulls":3},"T3",null,"North2",null,"T-16844","Guna","Madhya Pradesh","V5 Global",null,"Yes","Face to Face","83K100CAIN",1,"Lenovo","Ideapad","Slim 3","NB IP Slim 3 15IRH10 I5 8G 512G 11S","Win 11","Thin & Light","Premium","i5 13420H/8GB/512GB SSD","Consumer",56251,null,"NB",56251,"North2",66376.18,"",null,"North2","Premium","Mainstream","-"]
[21679126,"Mohit Chaturvedi","mohit.chaturvedi@v5global.co.in",9753911212,"V5 Global","Gwalior",601082,"Madhya Pradesh","Madhya Pradesh",null,"V5 Global",null,null,"Mohd Asif","mohd.asif@v5global.co.in",null,"North2",null,"External Consumer","ASO","V5 Global ASO",null,"FT",null,"ASO",null,"Mehul Raval","Rahil Rasheed",null,"Durgendra Singh","Raghavendra Araveeti","rahil.rasheed@v5global.co.in","rahil.rasheed@v5global.co.in","mraval@lenovo.com","dsingh1@lenovo.com","raraveeti@lenovo.com","ASO","Shilpi Gautam","sgautam2@lenovo.com",null,"Durgendra Singh",null,"dsingh1@lenovo.com",null,"2025-12-06","14:40:00","26.2036861,78.163026","Agrawal Computer Datia",{"$nulls":3},"T3","Z3APNPA888H1ZG","West3",null,"T-22399","Datia","Madhya Pradesh","Denave",null,"Yes","Face to Face","83K100CAIN",1,"Lenovo","Ideapad","Slim 3","NB IP Slim 3 15IRH10 I5 8G 512G 11S","Win 11","Thin & Light","Premium","i5 13420H/8GB/512GB SSD","Consumer",56251,null,"NB",56251,"North2",66376.18,"",null,"North2","Premium","Mainstream","-"]
[21679127,"Mohit Chaturvedi","mohit.chaturvedi@v5global.co.in",9753911212,"V5 Global","Gwalior",601082,"Madhya Pradesh","Madhya Pradesh",null,"V5 Global",null,null,"Mohd Asif","mohd.asif@v5global.co.in",null,"North2",null,"External Consumer","ASO","V5 Global ASO",null,"FT",null,"ASO",null,"Mehul Raval","Rahil Rasheed",null,"Durgendra Singh","Raghavendra Araveeti","rahil.rasheed@v5global.co.in","rahil.rasheed@v5global.co.in","mraval@lenovo.com","dsingh1@lenovo.com","raraveeti@lenovo.com","ASO","Shilpi Gautam","sgautam2@lenovo.com",null,"Durgendra Singh",null,"dsingh1@lenovo.com",null,"2025-12-06","14:40:00","26.2035796,78.1630571","Agrwal Computer",{"$nulls":3},"T3",null,"North2",null,"T-16849","Guna","Madhya Pradesh","V5 Global",null,"Yes","Face to Face","83K100CAIN",1,"Lenovo","Ideapad","Slim 3","NB IP Slim 3 15IRH10 I5 8G 512G 11S","Win 11","Thin & Light","Premium","i5 13420H/8GB/512GB SSD","Consumer",56251,null,"NB",56251,"North2",66376.18,"",null,"North2","Premium","Mainstream","-"]
[21679133,"Mohit Chaturvedi","mohit.chaturvedi@v5global.co.in",9753911212,"V5 Global","Gwalior",601082,"Madhya Pradesh","Madhya Pradesh",null,"V5 Global",null,null,"Mohd Asif","mohd.asif@v5global.co.in",null,"North2",null,"External Consumer","ASO","V5 Global ASO",null,"FT",null,"ASO",null,"Mehul Raval","Rahil Rasheed",null,"Durgendra Singh","Raghavendra Araveeti","rahil.rasheed@v5global.co.in","rahil.rasheed@v5global.co.in","mraval@lenovo.com","dsingh1@lenovo.com","raraveeti@lenovo.com","ASO","Shilpi Gautam","sgautam2@lenovo.com",null,"Durgendra Singh",null,"dsingh1@lenovo.com",null,"2025-12-06","14:41:00","26.2036072,78.1630389","National computer",{"$nulls":3},"T3",null,"North2",null,"T-16846","Guna","Madhya Pradesh","V5 Global",null,"Yes","Face to Face","83K100CAIN",1,"Lenovo","Ideapad","Slim 3","NB IP Slim 3 15IRH10 I5 8G 512G 11S","Win 11","Thin & Light","Premium","i5 13420H/8GB/512GB SSD","Consumer",56251,null,"NB",56251,"North2",66376.18,"",null,"North2","Premium","Mainstream","-"]
[21679140,"Mohit Chaturvedi","mohit.chaturvedi@v5global.co.in",9753911212,"V5 Global","Gwalior",601082,"Madhya Pradesh","Madhya Pradesh",null,"V5 Global",null,null,"Mohd Asif","mohd.asif@v5global.co.in",null,"North2",null,"External Consumer","ASO","V5 Global ASO",null,"FT",null,"ASO",null,"Mehul Raval","Rahil Rasheed",null,"Durgendra Singh","Raghavendra Araveeti","rahil.rasheed@v5global.co.in","rahil.rasheed@v5global.co.in","mraval@lenovo.com","dsingh1@lenovo.com","raraveeti@lenovo.com","ASO","Shilpi Gautam","sgautam2@lenovo.com",null,"Durgendra Singh",null,"dsingh1@lenovo.com",null,"2025-12-06","14:41:00","26.2035758,78.1629597","Cost 2 Cost",{"$nulls":3},"T3","23AJCPB6164F1ZQ","North2",null,"T-29978","Gwalior","Madhya Pradesh","V5 Global",null,"Yes","Face to Face","83K100CAIN",22,"Lenovo","Ideapad","Slim 3","NB IP Slim 3 15IRH10 I5 8G 512G 11S","Win 11","Thin & Light","Premium","i5 13420H/8GB/512GB SSD","Consumer",56251,null,"NB",1237522,"North2",66376.18,"",null,"North2","Premium","Mainstream","-"]
[21679700,"Umer Farooq Bhat","umer.farooq@v5global.co.in",7006131255,"V5 Global","Srinagar","V5266190","Jammu and Kashmir","Jammu and Kashmir",null,"V5 Global",null,null,"Shivam Kumar1","shivam.kumar1@v5global.co.in",null,"North1",null,"External Consumer","ASO","V5 Global ASO",null,"FT",null,"ASO",null,"Karan Kapoor","Gaurav Sharma",null,"Kumar Tanksale","Raghavendra Araveeti","gaurav.sharma@v5global.co.in","gaurav.sharma@v5global.co.in","Kkapoor@lenovo.com","ktanksale1@lenovo.com","raraveeti@lenovo.com","ASO","Shilpi Gautam","sgautam2@lenovo.com",null,"Kumar Tanksale",null,"ktanksale1@lenovo.com",null,"2025-12-06","15:21:00","33.87342088660388,74.90063477307558","Muslim Computer",{"$nulls":3},"T3",null,"North1",null,"T-20599","Pulwama","Jammu And Kashmir","V5 Global",null,"Yes","Face to Face","GY51C12380",2,"Lenovo","Wireless Mouse","Input","Lenovo 130 wireless mouse","NA","Accessories","NA","NA","Accessories",649,null,null,1298,"North1",765.8199999999999,"",null,"North1","NA","NA","-"]
[21679400,"Manish Kumar ","manish.k@v5global.co.in",9815306161,"V5 Global","Chandigarh","V5294765","Punjab","Punjab",null,"V5 Global",null,null,"Shivam Kumar1","shivam.kumar1@v5global.co.in",null,"North1",null,"External Consumer","ASO","V5 Global ASO",null,"FT",null,"ASO",null,"Naveen Kumar","Gaurav Sharma",null,"Kumar Tanksale","Raghavendra Araveeti","gaurav.sharma@v5global.co.in","gaurav.sharma@v5global.co.in","nkumar12@lenovo.com","ktanksale1@lenovo.com","raraveeti@lenovo.com","ASO","Shilpi Gautam","sgautam2@lenovo.com",null,"Kumar Tanksale",null,"ktanksale1@lenovo.com",null,"2025-12-06","15:38:00","30.7167834,76.7244296","Saini computer",{"$nulls":3},"T3","03DCXPS9504K1ZR","North1",null,"T-2994","Chandigarh","Chandigarh","V5 Global",null,"Yes","Face to Face","F0HR009BIN",1,"Lenovo","IdeaCentre","AIO","DT IC AIO 24ARR9 A57535HS 512G 8G","Win 11","TDT","Mainstream","R7 7735HS","Consumer",42990,null,"TDT",42990,"North1",50728.2,"",null,"North1","Mainstream","Mainstream","-"]
[21679403,"Manish Kumar ","manish.k@v5global.co.in",9815306161,"V5 Global","Chandigarh","V5294765","Punjab","Punjab",null,"V5 Global",null,null,"Shivam Kumar1","shivam.kumar1@v5global.co.in",null,"North1",null,"External Consumer","ASO","V5 Global ASO",null,"FT",null,"ASO",null,"Naveen Kumar","Gaurav Sharma",null,"Kumar Tanksale","Raghavendra Araveeti","gaurav.sharma@v5global.co.in","gaurav.sharma@v5global.co.in","nkumar12@lenovo.com","ktanksale1@lenovo.com","raraveeti@lenovo.com","ASO","Shilpi Gautam","sgautam2@lenovo.com",null,"Kumar Tanksale",null,"ktanksale1@lenovo.com",null,"2025-12-06","15:39:00","30.7167657,76.7243936","Arjun Enterprises",{"$nulls":3},"T3","03AEWPV1946C1Z9","North1",null,"T-29352","Mohali","Punjab","V5Global",null,"Yes","Face to Face","F0HR009BIN",1,"Lenovo","IdeaCentre","AIO","DT IC AIO 24ARR9 A57535HS 512G 8G","Win 11","TDT","Mainstream","R7 7735HS","Consumer",42990,null,"TDT",42990,"North1",50728.2,"",null,"North1","Mainstream","Mainstream","-"]
[21679414,"Manish Kumar ","manish.k@v5global.co.in",9815306161,"V5 Global","Chandigarh","V5294765","Punjab","Punjab",null,"V5 Global",null,null,"Shivam Kumar1","shivam.kumar1@v5global.co.in",null,"North1",null,"External Consumer","ASO","V5 Global ASO",null,"FT",null,"ASO",null,"Naveen Kumar","Gaurav Sharma",null,"Kumar Tanksale","Raghavendra Araveeti","gaurav.sharma@v5global.co.in","gaurav.sharma@v5global.co.in","nkumar12@lenovo.com","ktanksale1@lenovo.com","raraveeti@lenovo.com","ASO","Shilpi Gautam","sgautam2@lenovo.com",null,"Kumar Tanksale",null,"ktanksale1@lenovo.com",null,"2025-12-06","15:41:00","30.7167764,76.7243593","Radhe Trading",{"$nulls":3},"T3","03AXDPN4129M1ZF","North1",null,"T-29354","Mohali","Punjab","V5Global",null,"Yes","Face to Face","F0HR009BIN",1,"Lenovo","IdeaCentre","AIO","DT IC AIO 24ARR9 A57535HS 512G 8G","Win 11","TDT","Mainstream","R7 7735HS","Consumer",42990,null,"TDT",42990,"North1",50728.2,"",null,"North1","Mainstream","Mainstream","-"]
[21679420,"Manish Kumar ","manish.k@v5global.co.in",9815306161,"V5 Global","Chandigarh","V5294765","Punjab","Punjab",null,"V5 Global",null,null,"Shivam Kumar1","shivam.kumar1@v5global.co.in",null,"North1",null,"External Consumer","ASO","V5 Global ASO",null,"FT",null,"ASO",null,"Naveen Kumar","Gaurav Sharma",null,"Kumar Tanksale","Raghavendra Araveeti","gaurav.sharma@v5global.co.in","gaurav.sharma@v5global.co.in","nkumar12@lenovo.com","ktanksale1@lenovo.com","raraveeti@lenovo.com","ASO","Shilpi Gautam","sgautam2@lenovo.com",null,"Kumar Tanksale",null,"ktanksale1@lenovo.com",null,"2025-12-06","15:42:00","30.7167599,76.7243339","Click plus",{"$nulls":3},"T3","03AJQPB7504B1ZS","North1",null,"T-24409","Mohali","Chandigarh","Denave",null,"Yes","Face to Face","F0HR009BIN",1,"Lenovo","IdeaCentre","AIO","DT IC AIO 24ARR9 A57535HS 512G 8G","Win 11","TDT","Mainstream","R7 7735HS","Consumer",42990,null,"TDT",42990,"North1",50728.2,"",null,"North1","Mainstream","Mainstream","-"]
[21679422,"Manish Kumar ","manish.k@v5global.co.in",9815306161,"V5 Global","Chandigarh","V5294765","Punjab","Punjab",null,"V5 Global",null,null,"Shivam Kumar1","shivam.kumar1@v5global.co.in",null,"North1",null,"External Consumer","ASO","V5 Global ASO",null,"FT",null,"ASO",null,"Naveen Kumar","Gaurav Sharma",null,"Kumar Tanksale","Raghavendra Araveeti","gaurav.sharma@v5global.co.in","gaurav.sharma@v5global.co.in","nkumar12@lenovo.com","ktanksale1@lenovo.com","raraveeti@lenovo.com","ASO","Shilpi Gautam","sgautam2@lenovo.com",null,"Kumar Tanksale",null,"ktanksale1@lenovo.com",null,"2025-12-06","15:42:00","30.7167661,76.7243388","Boss Computers Pvt.Ltd.",{"$nulls":3},"T3","04AAACB6352K1ZT","North1",null,"T-2945","Chandigarh","Chandigarh","V5 Global",null,"Yes","Face to Face","F0HR009BIN",1,"Lenovo","IdeaCentre","AIO","DT IC AIO 24ARR9 A57535HS 512G 8G","Win 11","TDT","Mainstream","R7 7735HS","Consumer",42990,null,"TDT",42990,"North1",50728.2,"",null,"North1","Mainstream","Mainstream","-"]
[21679424,"Manish Kumar ","manish.k@v5global.co.in",9815306161,"V5 Global","Chandigarh","V5294765","Punjab","Punjab",null,"V5 Global",null,null,"Shivam Kumar1","shivam.kumar1@v5global.co.in",null,"North1",null,"External Consumer","ASO","V5 Global ASO",null,"FT",null,"ASO",null,"Naveen Kumar","Gaurav Sharma",null,"Kumar Tanksale","Raghavendra Araveeti","gaurav.sharma@v5global.co.in","gaurav.sharma@v5global.co.in","nkumar12@lenovo.com","ktanksale1@lenovo.com","raraveeti@lenovo.com","ASO","Shilpi Gautam","sgautam2@lenovo.com",null,"Kumar Tanksale",null,"ktanksale1@lenovo.com",null,"2025-12-06","15:42:00","30.7167645,76.7243459","Ashoka Enterprises",{"$nulls":3},"T3",null,"North1",null,"T-2940","Chandigarh","Chandigarh","V5 Global",null,"Yes","Face to Face","F0HR009BIN",1,"Lenovo","IdeaCentre","AIO","DT IC AIO 24ARR9 A57535HS 512G 8G","Win 11","TDT","Mainstream","R7 7735HS","Consumer",42990,null,"TDT",42990,"North1",50728.2,"",null,"North1","Mainstream","Mainstream","-"]
[21679446,"Sukanta Sinha","sukanta.sinha@v5global.co.in",9854184578,"V5 Global","Guwahati","V5266867","NE","NE",null,"V5 Global",null,null,"Sukamal Saha","sukamal.saha@v5global.co.in",null,"East1",null,"External Consumer","ASO","V5 Global ASO",null,"FT",null,"ASO",null,"Partha Chakraborty","Amit Thakuri",null,"Amit Tiwari","Raghavendra Araveeti","amit.thakuri@v5global.co.in","amit.thakuri@v5global.co.in","pchakraborty@lenovo.com","atiwari11@lenovo.com","raraveeti@lenovo.com","ASO","Shilpi Gautam","sgautam2@lenovo.com",null,"Amit Tiwari",null,"atiwari11@lenovo.com",null,"2025-12-06","15:46:00","26.1485229,91.7866889","SHREE SHYAM INFOTECH",{"$nulls":3},"T3","18ADBPB9452H1ZM","East1",null,"T-176","Kamrup Metropolitan","ASSAM","V5 Global",null,"Yes","Telephonic","90XS005PIN",2,"Lenovo","IdeaCentre","IdeaCentre","IntelÂ® Coreâ„¢ i3-14100 4C, 8GB DDR5/512 SSD/ WiFi 6 + BT 5.2/ 260W/ SFF 8.2Lt / Wired KeyBoard & Mouse /Win 11 Home/1 Yr Onsite","Win 11","TDT","Entry","IntelÂ® Coreâ„¢ i3-14100","Consumer",31500,null,"TDT",63000,"East1",37170,"",null,"East1","Entry","Entry","i3 OS"]
[21679450,"Sukanta Sinha","sukanta.sinha@v5global.co.in",9854184578,"V5 Global","Guwahati","V5266867","NE","NE",null,"V5 Global",null,null,"Sukamal Saha","sukamal.saha@v5global.co.in",null,"East1",null,"External Consumer","ASO","V5 Global ASO",null,"FT",null,"ASO",null,"Partha Chakraborty","Amit Thakuri",null,"Amit Tiwari","Raghavendra Araveeti","amit.thakuri@v5global.co.in","amit.thakuri@v5global.co.in","pchakraborty@lenovo.com","atiwari11@lenovo.com","raraveeti@lenovo.com","ASO","Shilpi Gautam","sgautam2@lenovo.com",null,"Amit Tiwari",null,"atiwari11@lenovo.com",null,"2025-12-06","15:46:00","26.1484894,91.7866481","Jmk Computer",{"$nulls":3},"T3","18AKWPS7711C1ZP","East1",null,"T-107","Kamrup Metropolitan","ASSAM","V5 Global",null,"Yes","Face to Face","82R4011NIN",1,"Lenovo","IDEA PAD SLIM1","IDEA PAD SLIM1","R5 /5500U/8 GB RAM/512 TB SSD/INT.","WIn 11","Thin & Light","Mainstream","R5","Consumer",35000,null,"NB",35000,"East1",41300,"",null,"East1","Mainstream","Entry","-"]
[21679450,"Sukanta Sinha","sukanta.sinha@v5global.co.in",9854184578,"V5 Global","Guwahati","V5266867","NE","NE",null,"V5 Global",null,null,"Sukamal Saha","sukamal.saha@v5global.co.in",null,"East1",null,"External Consumer","ASO","V5 Global ASO",null,"FT",null,"ASO",null,"Partha Chakraborty","Amit Thakuri",null,"Amit Tiwari","Raghavendra Araveeti","amit.thakuri@v5global.co.in","amit.thakuri@v5global.co.in","pchakraborty@lenovo.com","atiwari11@lenovo.com","raraveeti@lenovo.com","ASO","Shilpi Gautam","sgautam2@lenovo.com",null,"Amit Tiwari",null,"atiwari11@lenovo.com",null,"2025-12-06","15:46:00","26.1484894,91.7866481","Jmk Computer",{"$nulls":3},"T3","18AKWPS7711C1ZP","East1",null,"T-107","Kamrup Metropolitan","ASSAM","V5 Global",null,"Yes","Face to Face","83JC00HNIN",1,"Lenovo","LOQ","LOQ","Lenovo LOQ 15 R7 7235HS Gen Gaming Laptop (12GB, 512GB SSD, Windows 11 Home, 4GB Graphics, 15.6 inch 144 Hz Full HD IPS Display,","Win 11","Thin & Light","Premium","R7 7235HS","Consumer",50000,null,"NB",50000,"East1",59000,"",null,"East1","Mainstream","Premium","-"]
[21679462,"Ishan Modha","ishan.modha@v5global.co.in",6352456143,"V5 Global","Ahmedabad",601140,"Gujarat","Gujarat",null,"V5 Global",null,null,"Darshan Shah","darshan.shah@v5global.co.in",null,"West1",null,"External Consumer","ASO","V5 Global ASO",null,"FT",null,"ASO",null,"Jaydip Kachhot","Yunus Hamid Mansoori",null,"Hemant C Baghel","Sharad verma","yunus.hamid@v5global.co.in","yunus.hamid@v5global.co.in","jkachhot@lenovo.com","hbaghel@lenovo.com","sharverm@lenovo.com","ASO","Shilpi Gautam","sgautam2@lenovo.com",null,"Hemant C Baghel",null,"hbaghel@lenovo.com",null,"2025-12-06","15:49:00","22.3007248,70.7790005","SHREYAS COMPUTER EMPIRE",{"$nulls":3},"T3","24AOUPM2131E1Z4","West2",null,"T-14173","Porbandar","Gujarat",null,null,"Yes","Face to Face","F0HN00PGIN",1,"Lenovo","AIO","AIO i-24IRH9","i3-1315U-8-512-UHD-W11-O24-23.80","Win 11","AIO","Mainstream","i3-1315U","Consumer",57990,null,"AIO",57990,"West1",68428.2,"",null,"West1 M","Premium","Mainstream","i3 OS"]
[21679472,"Ishan Modha","ishan.modha@v5global.co.in",6352456143,"V5 Global","Ahmedabad",601140,"Gujarat","Gujarat",null,"V5 Global",null,null,"Darshan Shah","darshan.shah@v5global.co.in",null,"West1",null,"External Consumer","ASO","V5 Global ASO",null,"FT",null,"ASO",null,"Jaydip Kachhot","Yunus Hamid Mansoori",null,"Hemant C Baghel","Sharad verma","yunus.hamid@v5global.co.in","yunus.hamid@v5global.co.in","jkachhot@lenovo.com","hbaghel@lenovo.com","sharverm@lenovo.com","ASO","Shilpi Gautam","sgautam2@lenovo.com",null,"Hemant C Baghel",null,"hbaghel@lenovo.com",null,"2025-12-06","15:51:00","22.3007288,70.7790066","Compulink",{"$nulls":3},"T3",null,"West2",null,"T-22673","Porbandar","Gujarat","Denave",null,"Yes","Face to Face","82X700HMIN",1,"Lenovo","IdeaPad Slim 3","Slim 3","15.6\", 8GB, 512GB, Integrated Intel UHD Graphics, Office Home 2024, Arctic Grey\t","Win 11","Thin & Light","Mainstream","Intel Core i3-1315U\t","Consumer",41000,null,"NB",41000,"West1",48380,"",null,"West1 M","Mainstream","Mainstream","i3 OS"]
[21679704,"Umer Farooq Bhat","umer.farooq@v5global.co.in",7006131255,"V5 Global","Srinagar","V5266190","Jammu and Kashmir","Jammu and Kashmir",null,"V5 Global",null,null,"Shivam Kumar1","shivam.kumar1@v5global.co.in",null,"North1",null,"External Consumer","ASO","V5 Global ASO",null,"FT",null,"ASO",null,"Karan Kapoor","Gaurav Sharma",null,"Kumar Tanksale","Raghavendra Araveeti","gaurav.sharma@v5global.co.in","gaurav.sharma@v5global.co.in","Kkapoor@lenovo.com","ktanksale1@lenovo.com","raraveeti@lenovo.com","ASO","Shilpi Gautam","sgautam2@lenovo.com",null,"Kumar Tanksale",null,"ktanksale1@lenovo.com",null,"2025-12-06","15:54:00","33.871301629319724,74.89846989512444","Al Malikul Samad",{"$nulls":3},"T3","01ALWPM9945R1ZX","North1",null,"T-3583","Pulwama","Jammu And Kashmir","V5 Global",null,"Yes","Face to Face","GY51C12380",3,"Lenovo","Wireless Mouse","Input","Lenovo 130 wireless mouse","NA","Accessories","NA","NA","Accessories",649,null,null,1947,"North1",765.8199999999999,"",null,"North1","NA","NA","-"]
[21679713,"Umer Farooq Bhat","umer.farooq@v5global.co.in",7006131255,"V5 Global","Srinagar","V5266190","Jammu and Kashmir","Jammu and Kashmir",null,"V5 Global",null,null,"Shivam Kumar1","shivam.kumar1@v5global.co.in",null,"North1",null,"External Consumer","ASO","V5 Global ASO",null,"FT",null,"ASO",null,"Karan Kapoor","Gaurav Sharma",null,"Kumar Tanksale","Raghavendra Araveeti","gaurav.sharma@v5global.co.in","gaurav.sharma@v5global.co.in","Kkapoor@lenovo.com","ktanksale1@lenovo.com","raraveeti@lenovo.com","ASO","Shilpi Gautam","sgautam2@lenovo.com",null,"Kumar Tanksale",null,"ktanksale1@lenovo.com",null,"2025-12-06","16:35:00","33.875278707907945,74.89933289587498","Computer World",{"$nulls":3},"T3",null,"North1",null,"T-3582","Pulwama","Jammu And Kashmir","V5 Global",null,"Yes","Face to Face","GY51C12380",2,"Lenovo","Wireless Mouse","Input","Lenovo 130 wireless mouse","NA","Accessories","NA","NA","Accessories",649,null,null,1298,"North1",765.8199999999999,"",null,"North1","NA","NA","-"]
[21680626,"Ishan Modha","ishan.modha@v5global.co.in",6352456143,"V5 Global","Ahmedabad",601140,"Gujarat","Gujarat",null,"V5 Global",null,null,"Darshan Shah","darshan.shah@v5global.co.in",null,"West1",null,"External Consumer","ASO","V5 Global ASO",null,"FT",null,"ASO",null,"Jaydip Kachhot","Yunus Hamid Mansoori",null,"Hemant C Baghel","Sharad verma","yunus.hamid@v5global.co.in","yunus.hamid@v5global.co.in","jkachhot@lenovo.com","hbaghel@lenovo.com","sharverm@lenovo.com","ASO","Shilpi Gautam","sgautam2@lenovo.com",null,"Hemant C Baghel",null,"hbaghel@lenovo.com",null,"2025-12-06","19:04:00","22.3007293,70.7790077","Net Consium",{"$nulls":3},"T3",null,"West2",null,"T-22674","Porbandar","Gujarat","Denave",null,"Yes","Face to Face","F0HN00PGIN",1,"Lenovo","AIO","AIO i-24IRH9","i3-1315U-8-512-UHD-W11-O24-23.80","Win 11","AIO","Mainstream","i3-1315U","Consumer",57990,null,"AIO",57990,"West1",68428.2,"",null,"West1 M","Premium","Mainstream","i3 OS"]
[21681037,"Pran Pratap Singh","pran.singh@v5global.co.in",9001585718,"V5 Global","Jaipur","V5459442","Jaipur","Rajasthan",null,"V5 Global",null,null,"Gourav Jain","gourav.jain@v5global.co.in",null,"North1",null,"External Consumer","ASO","V5 Global ASO",null,"FT",null,"ASO",null,"Ganga Singh","Gaurav Sharma",null,"Kumar Tanksale","Raghavendra Araveeti","gaurav.sharma@v5global.co.in","gaurav.sharma@v5global.co.in","gsingh24@lenovo.com","ktanksale1@lenovo.com","raraveeti@lenovo.com","ASO","Shilpi Gautam","sgautam2@lenovo.com",null,"Kumar Tanksale",null,"ktanksale1@lenovo.com",null,"2025-12-06","19:47:00","26.9378183,75.8930533","SALASAR COMPUTERS",{"$nulls":3},"T3",null,"West2",null,"T-22613","Jaipur","Rajasthan","Denave",null,"Yes","Telephonic","F0HR009BIN",1,"Lenovo","IdeaCentre","AIO","DT IC AIO 24ARR9 A57535HS 512G 8G","Win 11","TDT","Mainstream","R7 7735HS","Consumer",42990,null,"TDT",42990,"North1",50728.2,"",null,"North1","Mainstream","Mainstream","-"]
[21681037,"Pran Pratap Singh","pran.singh@v5global.co.in",9001585718,"V5 Global","Jaipur","V5459442","Jaipur","Rajasthan",null,"V5 Global",null,null,"Gourav Jain","gourav.jain@v5global.co.in",null,"North1",null,"External Consumer","ASO","V5 Global ASO",null,"FT",null,"ASO",null,"Ganga Singh","Gaurav Sharma",null,"Kumar Tanksale","Raghavendra Araveeti","gaurav.sharma@v5global.co.in","gaurav.sharma@v5global.co.in","gsingh24@lenovo.com","ktanksale1@lenovo.com","raraveeti@lenovo.com","ASO","Shilpi Gautam","sgautam2@lenovo.com",null,"Kumar Tanksale",null,"ktanksale1@lenovo.com",null,"2025-12-06","19:47:00","26.9378183,75.8930533","SALASAR COMPUTERS",{"$nulls":3},"T3",null,"West2",null,"T-22613","Jaipur","Rajasthan","Denave",null,"Yes","Telephonic","90D9005HIN",1,"Lenovo","Consumer DT","300S-11ISH","CORE_I5_6400/ 4G/ 1TB/OS/ 3 Year Warranty","Win 10","TDT","Mainstream","Core i5-6400","Consumer",48194,null,"TDT",48194,"North1",56868.92,"",null,"North1","Mainstream","Mainstream","-"]
[21681037,"Pran Pratap Singh","pran.singh@v5global.co.in",9001585718,"V5 Global","Jaipur","V5459442","Jaipur","Rajasthan",null,"V5 Global",null,null,"Gourav Jain","gourav.jain@v5global.co.in",null,"North1",null,"External Consumer","ASO","V5 Global ASO",null,"FT",null,"ASO",null,"Ganga Singh","Gaurav Sharma",null,"Kumar Tanksale","Raghavendra Araveeti","gaurav.sharma@v5global.co.in","gaurav.sharma@v5global.co.in","gsingh24@lenovo.com","ktanksale1@lenovo.com","raraveeti@lenovo.com","ASO","Shilpi Gautam","sgautam2@lenovo.com",null,"Kumar Tanksale",null,"ktanksale1@lenovo.com",null,"2025-12-06","19:47:00","26.9378183,75.8930533","SALASAR COMPUTERS",{"$nulls":3},"T3",null,"West2",null,"T-22613","Jaipur","Rajasthan","Denave",null,"Yes","Telephonic","67D5KAC6IN",1,"Lenovo","L22-4E","L Series","LEN L22-4E 21.5 IPS  BLACK 100HZ","NA","Visual Variants","Mainstream","NA","Visuals",5331,null,null,5331,"North1",6290.58,"",null,"North1","Mainstream","Mainstream","-"]
[21681064,"Pran Pratap Singh","pran.singh@v5global.co.in",9001585718,"V5 Global","Jaipur","V5459442","Jaipur","Rajasthan",null,"V5 Global",null,null,"Gourav Jain","gourav.jain@v5global.co.in",null,"North1",null,"External Consumer","ASO","V5 Global ASO",null,"FT",null,"ASO",null,"Ganga Singh","Gaurav Sharma",null,"Kumar Tanksale","Raghavendra Araveeti","gaurav.sharma@v5global.co.in","gaurav.sharma@v5global.co.in","gsingh24@lenovo.com","ktanksale1@lenovo.com","raraveeti@lenovo.com","ASO","Shilpi Gautam","sgautam2@lenovo.com",null,"Kumar Tanksale",null,"ktanksale1@lenovo.com",null,"2025-12-06","19:48:00","26.9378117,75.892995","JESWANI COMPUTERS",{"$nulls":3},"T3",null,"North1",null,"T-15680","Jaipur","Rajasthan","V5 Global",null,"Yes","Telephonic","F0HR009BIN",1,"Lenovo","IdeaCentre","AIO","DT IC AIO 24ARR9 A57535HS 512G 8G","Win 11","TDT","Mainstream","R7 7735HS","Consumer",42990,null,"TDT",42990,"North1",50728.2,"",null,"North1","Mainstream","Mainstream","-"]
[21681064,"Pran Pratap Singh","pran.singh@v5global.co.in",9001585718,"V5 Global","Jaipur","V5459442","Jaipur","Rajasthan",null,"V5 Global",null,null,"Gourav Jain","gourav.jain@v5global.co.in",null,"North1",null,"External Consumer","ASO","V5 Global ASO",null,"FT",null,"ASO",null,"Ganga Singh","Gaurav Sharma",null,"Kumar Tanksale","Raghavendra Araveeti","gaurav.sharma@v5global.co.in","gaurav.sharma@v5global.co.in","gsingh24@lenovo.com","ktanksale1@lenovo.com","raraveeti@lenovo.com","ASO","Shilpi Gautam","sgautam2@lenovo.com",null,"Kumar Tanksale",null,"ktanksale1@lenovo.com",null,"2025-12-06","19:48:00","26.9378117,75.892995","JESWANI COMPUTERS",{"$nulls":3},"T3",null,"North1",null,"T-15680","Jaipur","Rajasthan","V5 Global",null,"Yes","Telephonic","90D9005HIN",1,"Lenovo","Consumer DT","300S-11ISH","CORE_I5_6400/ 4G/ 1TB/OS/ 3 Year Warranty","Win 10","TDT","Mainstream","Core i5-6400","Consumer",48194,null,"TDT",48194,"North1",56868.92,"",null,"North1","Mainstream","Mainstream","-"]
[21681064,"Pran Pratap Singh","pran.singh@v5global.co.in",9001585718,"V5 Global","Jaipur","V5459442","Jaipur","Rajasthan",null,"V5 Global",null,null,"Gourav Jain","gourav.jain@v5global.co.in",null,"North1",null,"External Consumer","ASO","V5 Global ASO",null,"FT",null,"ASO",null,"Ganga Singh","Gaurav Sharma",null,"Kumar Tanksale","Raghavendra Araveeti","gaurav.sharma@v5global.co.in","gaurav.sharma@v5global.co.in","gsingh24@lenovo.com","ktanksale1@lenovo.com","raraveeti@lenovo.com","ASO","Shilpi Gautam","sgautam2@lenovo.com",null,"Kumar Tanksale",null,"ktanksale1@lenovo.com",null,"2025-12-06","19:48:00","26.9378117,75.892995","JESWANI COMPUTERS",{"$nulls":3},"T3",null,"North1",null,"T-15680","Jaipur","Rajasthan","V5 Global",null,"Yes","Telephonic","67D5KAC6IN",1,"Lenovo","L22-4E","L Series","LEN L22-4E 21.5 IPS  BLACK 100HZ","NA","Visual Variants","Mainstream","NA","Visuals",5331,null,null,5331,"North1",6290.58,"",null,"North1","Mainstream","Mainstream","-"]
[21681085,"Pran Pratap Singh","pran.singh@v5global.co.in",9001585718,"V5 Global","Jaipur","V5459442","Jaipur","Rajasthan",null,"V5 Global",null,null,"Gourav Jain","gourav.jain@v5global.co.in",null,"North1",null,"External Consumer","ASO","V5 Global ASO",null,"FT",null,"ASO",null,"Ganga Singh","Gaurav Sharma",null,"Kumar Tanksale","Raghavendra Araveeti","gaurav.sharma@v5global.co.in","gaurav.sharma@v5global.co.in","gsingh24@lenovo.com","ktanksale1@lenovo.com","raraveeti@lenovo.com","ASO","Shilpi Gautam","sgautam2@lenovo.com",null,"Kumar Tanksale",null,"ktanksale1@lenovo.com",null,"2025-12-06","19:50:00","26.9377867,75.893105","KRISHNA COMPUTERS",{"$nulls":3},"T3",null,"North1",null,"T-15729","Jaipur","Rajasthan","V5 Global",null,"Yes","Telephonic","F0HR009BIN",1,"Lenovo","IdeaCentre","AIO","DT IC AIO 24ARR9 A57535HS 512G 8G","Win 11","TDT","Mainstream","R7 7735HS","Consumer",42990,null,"TDT",42990,"North1",50728.2,"",null,"North1","Mainstream","Mainstream","-"]
[21681085,"Pran Pratap Singh","pran.singh@v5global.co.in",9001585718,"V5 Global","Jaipur","V5459442","Jaipur","Rajasthan",null,"V5 Global",null,null,"Gourav Jain","gourav.jain@v5global.co.in",null,"North1",null,"External Consumer","ASO","V5 Global ASO",null,"FT",null,"ASO",null,"Ganga Singh","Gaurav Sharma",null,"Kumar Tanksale","Raghavendra Araveeti","gaurav.sharma@v5global.co.in","gaurav.sharma@v5global.co.in","gsingh24@lenovo.com","ktanksale1@lenovo.com","raraveeti@lenovo.com","ASO","Shilpi Gautam","sgautam2@lenovo.com",null,"Kumar Tanksale",null,"ktanksale1@lenovo.com",null,"2025-12-06","19:50:00","26.9377867,75.893105","KRISHNA COMPUTERS",{"$nulls":3},"T3",null,"North1",null,"T-15729","Jaipur","Rajasthan","V5 Global",null,"Yes","Telephonic","90D9005HIN",1,"Lenovo","Consumer DT","300S-11ISH","CORE_I5_6400/ 4G/ 1TB/OS/ 3 Year Warranty","Win 10","TDT","Mainstream","Core i5-6400","Consumer",48194,null,"TDT",48194,"North1",56868.92,"",null,"North1","Mainstream","Mainstream","-"]
[21681085,"Pran Pratap Singh","pran.singh@v5global.co.in",9001585718,"V5 Global","Jaipur","V5459442","Jaipur","Rajasthan",null,"V5 Global",null,null,"Gourav Jain","gourav.jain@v5global.co.in",null,"North1",null,"External Consumer","ASO","V5 Global ASO",null,"FT",null,"ASO",null,"Ganga Singh","Gaurav Sharma",null,"Kumar Tanksale","Raghavendra Araveeti","gaurav.sharma@v5global.co.in","gaurav.sharma@v5global.co.in","gsingh24@lenovo.com","ktanksale1@lenovo.com","raraveeti@lenovo.com","ASO","Shilpi Gautam","sgautam2@lenovo.com",null,"Kumar Tanksale",null,"ktanksale1@lenovo.com",null,"2025-12-06","19:50:00","26.9377867,75.893105","KRISHNA COMPUTERS",{"$nulls":3},"T3",null,"North1",null,"T-15729","Jaipur","Rajasthan","V5 Global",null,"Yes","Telephonic","67D5KAC6IN",1,"Lenovo","L22-4E","L Series","LEN L22-4E 21.5 IPS  BLACK 100HZ","NA","Visual Variants","Mainstream","NA","Visuals",5331,null,null,5331,"North1",6290.58,"",null,"North1","Mainstream","Mainstream","-"]
[21681104,"Pran Pratap Singh","pran.singh@v5global.co.in",9001585718,"V5 Global","Jaipur","V5459442","Jaipur","Rajasthan",null,"V5 Global",null,null,"Gourav Jain","gourav.jain@v5global.co.in",null,"North1",null,"External Consumer","ASO","V5 Global ASO",null,"FT",null,"ASO",null,"Ganga Singh","Gaurav Sharma",null,"Kumar Tanksale","Raghavendra Araveeti","gaurav.sharma@v5global.co.in","gaurav.sharma@v5global.co.in","gsingh24@lenovo.com","ktanksale1@lenovo.com","raraveeti@lenovo.com","ASO","Shilpi Gautam","sgautam2@lenovo.com",null,"Kumar Tanksale",null,"ktanksale1@lenovo.com",null,"2025-12-06","19:51:00","26.9378017,75.8931917","OPEX COMPUTERS",{"$nulls":3},"T3",null,"West2",null,"T-15734","Jaipur","Rajasthan","Denave",null,"Yes","Telephonic","F0HR009BIN",2,"Lenovo","IdeaCentre","AIO","DT IC AIO 24ARR9 A57535HS 512G 8G","Win 11","TDT","Mainstream","R7 7735HS","Consumer",42990,null,"TDT",85980,"North1",50728.2,"",null,"North1","Mainstream","Mainstream","-"]
[21681121,"Pran Pratap Singh","pran.singh@v5global.co.in",9001585718,"V5 Global","Jaipur","V5459442","Jaipur","Rajasthan",null,"V5 Global",null,null,"Gourav Jain","gourav.jain@v5global.co.in",null,"North1",null,"External Consumer","ASO","V5 Global ASO",null,"FT",null,"ASO",null,"Ganga Singh","Gaurav Sharma",null,"Kumar Tanksale","Raghavendra Araveeti","gaurav.sharma@v5global.co.in","gaurav.sharma@v5global.co.in","gsingh24@lenovo.com","ktanksale1@lenovo.com","raraveeti@lenovo.com","ASO","Shilpi Gautam","sgautam2@lenovo.com",null,"Kumar Tanksale",null,"ktanksale1@lenovo.com",null,"2025-12-06","19:51:00","26.937815,75.8932033","CHOICE INFOTECH",{"$nulls":3},"T3",null,"West2",null,"T-15688","Jaipur","Rajasthan","Denave",null,"Yes","Telephonic","F0HR009BIN",1,"Lenovo","IdeaCentre","AIO","DT IC AIO 24ARR9 A57535HS 512G 8G","Win 11","TDT","Mainstream","R7 7735HS","Consumer",42990,null,"TDT",42990,"North1",50728.2,"",null,"North1","Mainstream","Mainstream","-"]
[21681121,"Pran Pratap Singh","pran.singh@v5global.co.in",9001585718,"V5 Global","Jaipur","V5459442","Jaipur","Rajasthan",null,"V5 Global",null,null,"Gourav Jain","gourav.jain@v5global.co.in",null,"North1",null,"External Consumer","ASO","V5 Global ASO",null,"FT",null,"ASO",null,"Ganga Singh","Gaurav Sharma",null,"Kumar Tanksale","Raghavendra Araveeti","gaurav.sharma@v5global.co.in","gaurav.sharma@v5global.co.in","gsingh24@lenovo.com","ktanksale1@lenovo.com","raraveeti@lenovo.com","ASO","Shilpi Gautam","sgautam2@lenovo.com",null,"Kumar Tanksale",null,"ktanksale1@lenovo.com",null,"2025-12-06","19:51:00","26.937815,75.8932033","CHOICE INFOTECH",{"$nulls":3},"T3",null,"West2",null,"T-15688","Jaipur","Rajasthan","Denave",null,"Yes","Telephonic","90D9005HIN",1,"Lenovo","Consumer DT","300S-11ISH","CORE_I5_6400/ 4G/ 1TB/OS/ 3 Year Warranty","Win 10","TDT","Mainstream","Core i5-6400","Consumer",48194,null,"TDT",48194,"North1",56868.92,"",null,"North1","Mainstream","Mainstream","-"]
[21681121,"Pran Pratap Singh","pran.singh@v5global.co.in",9001585718,"V5 Global","Jaipur","V5459442","Jaipur","Rajasthan",null,"V5 Global",null,null,"Gourav Jain","gourav.jain@v5global.co.in",null,"North1",null,"External Consumer","ASO","V5 Global ASO",null,"FT",null,"ASO",null,"Ganga Singh","Gaurav Sharma",null,"Kumar Tanksale","Raghavendra Araveeti","gaurav.sharma@v5global.co.in","gaurav.sharma@v5global.co.in","gsingh24@lenovo.com","ktanksale1@lenovo.com","raraveeti@lenovo.com","ASO","Shilpi Gautam","sgautam2@lenovo.com",null,"Kumar Tanksale",null,"ktanksale1@lenovo.com",null,"2025-12-06","19:51:00","26.937815,75.8932033","CHOICE INFOTECH",{"$nulls":3},"T3",null,"West2",null,"T-15688","Jaipur","Rajasthan","Denave",null,"Yes","Telephonic","67D5KAC6IN",1,"Lenovo","L22-4E","L Series","LEN L22-4E 21.5 IPS  BLACK 100HZ","NA","Visual Variants","Mainstream","NA","Visuals",5331,null,null,5331,"North1",6290.58,"",null,"North1","Mainstream","Mainstream","-"]
[21683045,"Govind Gulab Rajbhar","govind.gulab@v5global.co.in",9029031943,"V5 Global","Mumbai","V5263641","Maharashtra","Maharashtra",null,"V5 Global",null,null,"Pooja Thakur","pooja.thakur@v5global.co.in",null,"West1",null,"External Consumer","ASO","V5 Global ASO",null,"FT",null,"ASO",null,"Amit Tiwari","Yunus Hamid Mansoori",null,"Hemant C Baghel","Sharad verma","yunus.hamid@v5global.co.in","yunus.hamid@v5global.co.in","atiwari5@lenovo.com","hbaghel@lenovo.com","sharverm@lenovo.com","ASO","Shilpi Gautam","sgautam2@lenovo.com",null,"Hemant C Baghel",null,"hbaghel@lenovo.com",null,"2025-12-06","20:00:00","19.2169697,72.8439339","DENITEK COMPUTERS",{"$nulls":3},"T3",null,"West1",null,"T-19658","Mumbai","Maharashtra","V5 Global",null,"Yes","Telephonic","GY51L52636",10,"Lenovo","Wired mouse","Input","Lenovo 120 Wired Mouse","NA","Accessories","NA","NA","Accessories",259,null,null,2590,"West1",305.62,"",null,"West1 M","NA","NA","-"]
[21683046,"Govind Gulab Rajbhar","govind.gulab@v5global.co.in",9029031943,"V5 Global","Mumbai","V5263641","Maharashtra","Maharashtra",null,"V5 Global",null,null,"Pooja Thakur","pooja.thakur@v5global.co.in",null,"West1",null,"External Consumer","ASO","V5 Global ASO",null,"FT",null,"ASO",null,"Amit Tiwari","Yunus Hamid Mansoori",null,"Hemant C Baghel","Sharad verma","yunus.hamid@v5global.co.in","yunus.hamid@v5global.co.in","atiwari5@lenovo.com","hbaghel@lenovo.com","sharverm@lenovo.com","ASO","Shilpi Gautam","sgautam2@lenovo.com",null,"Hemant C Baghel",null,"hbaghel@lenovo.com",null,"2025-12-06","20:00:00","19.2169561,72.8439334","Concept Computers",{"$nulls":3},"T3",null,"West1",null,"T-25667","Mumbai","Maharashtra","V5 Global",null,"Yes","Telephonic","82ER00MCIN",1,"Lenovo","Ideapad","Slim 3","15.6\" (39.62cm) FHD / 16 GB DDR5 RAM / 512 GB SSD/ARCTIC GREY/\t","Win 11","Thin & Light","Mainstream","Core i5 12th Gen","Consumer",53000,null,"NB",53000,"West1",62540,"",null,"West1 M","Mainstream","Mainstream","NA"]
[21683046,"Govind Gulab Rajbhar","govind.gulab@v5global.co.in",9029031943,"V5 Global","Mumbai","V5263641","Maharashtra","Maharashtra",null,"V5 Global",null,null,"Pooja Thakur","pooja.thakur@v5global.co.in",null,"West1",null,"External Consumer","ASO","V5 Global ASO",null,"FT",null,"ASO",null,"Amit Tiwari","Yunus Hamid Mansoori",null,"Hemant C Baghel","Sharad verma","yunus.hamid@v5global.co.in","yunus.hamid@v5global.co.in","atiwari5@lenovo.com","hbaghel@lenovo.com","sharverm@lenovo.com","ASO","Shilpi Gautam","sgautam2@lenovo.com",null,"Hemant C Baghel",null,"hbaghel@lenovo.com",null,"2025-12-06","20:00:00","19.2169561,72.8439334","Concept Computers",{"$nulls":3},"T3",null,"West1",null,"T-25667","Mumbai","Maharashtra","V5 Global",null,"Yes","Telephonic","61E0KAR6WW",5,"Lenovo","D Series","D19-10","D19: 18.5\" VGA + HDMI with HDMI Cable","NA","Visual Variants","Entry","NA","Visuals",5058,null,null,25290,"West1",5968.44,"",null,"West1 M","Entry","Entry","-"]
[21683047,"Govind Gulab Rajbhar","govind.gulab@v5global.co.in",9029031943,"V5 Global","Mumbai","V5263641","Maharashtra","Maharashtra",null,"V5 Global",null,null,"Pooja Thakur","pooja.thakur@v5global.co.in",null,"West1",null,"External Consumer","ASO","V5 Global ASO",null,"FT",null,"ASO",null,"Amit Tiwari","Yunus Hamid Mansoori",null,"Hemant C Baghel","Sharad verma","yunus.hamid@v5global.co.in","yunus.hamid@v5global.co.in","atiwari5@lenovo.com","hbaghel@lenovo.com","sharverm@lenovo.com","ASO","Shilpi Gautam","sgautam2@lenovo.com",null,"Hemant C Baghel",null,"hbaghel@lenovo.com",null,"2025-12-06","20:01:00","19.2169565,72.8439335","Kinect IT",{"$nulls":3},"T3","27AFBPK8869B1ZB","West1",null,"T-11007","Mumbai","Maharashtra","V5 Global",null,"Yes","Telephonic","82LX00F7IN",1,"Lenovo","Ideapad","Slim 1","LEN N4500 8GB 512GB SSD WIN11  1YR","Win 11","Thin & Light","Entry","N4500","Consumer",25900,null,"NB",{"$f":"BV323*BL323","v":25900},{"$f":"Q323","v":"West1"},{"$f":"BV323*118%","v":30562},{"$f":"IF(CF323=\"Premium\",IF(CA323>=65000,\"SP\",\"\"),\"\")","v":""},null,"West1 M",{"$f":"IF(BU323=\"Consumer\",IF(CA323<40000,\"Entry\",IF(AND(CA323>=40000,CA323<65000),\"Mainstream\",\"Premium\")),IF(BU323=\"Visuals\",BS323,\"NA\"))","v":"Entry"},"Entry","-"]
[21683051,"Govind Gulab Rajbhar","govind.gulab@v5global.co.in",9029031943,"V5 Global","Mumbai","V5263641","Maharashtra","Maharashtra",null,"V5 Global",null,null,"Pooja Thakur","pooja.thakur@v5global.co.in",null,"West1",null,"External Consumer","ASO","V5 Global ASO",null,"FT",null,"ASO",null,"Amit Tiwari","Yunus Hamid Mansoori",null,"Hemant C Baghel","Sharad verma","yunus.hamid@v5global.co.in","yunus.hamid@v5global.co.in","atiwari5@lenovo.com","hbaghel@lenovo.com","sharverm@lenovo.com","ASO","Shilpi Gautam","sgautam2@lenovo.com",null,"Hemant C Baghel",null,"hbaghel@lenovo.com",null,"2025-12-06","20:01:00","19.2169528,72.8439338","Kinect IT",{"$nulls":3},"T3","27AFBPK8869B1ZB","West1",null,"T-11007","Mumbai","Maharashtra","V5 Global",null,"Yes","Telephonic","61E0KAR6WW",5,"Lenovo","D Series","D19-10","D19: 18.5\" VGA + HDMI with HDMI Cable","NA","Visual Variants","Entry","NA","Visuals",5058,null,null,25290,"West1",5968.44,"",null,"West1 M","Entry","Entry","-"]
[21683057,"Govind Gulab Rajbhar","govind.gulab@v5global.co.in",9029031943,"V5 Global","Mumbai","V5263641","Maharashtra","Maharashtra",null,"V5 Global",null,null,"Pooja Thakur","pooja.thakur@v5global.co.in",null,"West1",null,"External Consumer","ASO","V5 Global ASO",null,"FT",null,"ASO",null,"Amit Tiwari","Yunus Hamid Mansoori",null,"Hemant C Baghel","Sharad verma","yunus.hamid@v5global.co.in","yunus.hamid@v5global.co.in","atiwari5@lenovo.com","hbaghel@lenovo.com","sharverm@lenovo.com","ASO","Shilpi Gautam","sgautam2@lenovo.com",null,"Hemant C Baghel",null,"hbaghel@lenovo.com",null,"2025-12-06","20:02:00","19.2170071,72.8438828","Tech Age Computer Zone",{"$nulls":3},"T3",null,"West1",null,"T-25812","Mumbai","Maharashtra","V5 Global",null,"Yes","Telephonic","83GS008SIN",1,"Lenovo","LOQ","LOQ","12GB, 512GB SSD","Win 11","Gaming","Mainstream","i5-12450HX","Consumer",60945,null,"NB",60945,"West1",71915.09999999999,"",null,"West1 M","Premium","Mainstream","-"]
[21684038,"Manoj Bihari","manoj.bihari@v5global.co.in",9861291397,"V5 Global","Sambalpur","V5263625","Orissa","Orissa",null,"V5 Global",null,null,"Arindam Mazumdar","arindam.mazumdar@v5global.co.in",null,"East2",null,"External Consumer","ASO","V5 Global ASO",null,"FT",null,"ASO","LES","Biswa Ranjan Jena","Imam Hassan",null,"Rajender Negi","Raghavendra Araveeti","imam.hassan@v5global.co.in","imam.hassan@v5global.co.in","bjena1@lenovo.com","rnegi@lenovo.com","raraveeti@lenovo.com","ASO","Shilpi Gautam","sgautam2@lenovo.com",null,"Rajender Negi","LES","rnegi@lenovo.com",null,"2025-12-06","20:03:00","21.84680413036184,84.01318777352571","Bytes Infosyes",{"$nulls":3},"T3","21AAFFB9938B1ZR","East2",null,"T-2872","Sundargarh","Orissa","V5 Global",null,"Yes","Face to Face","90XS005PIN",1,"Lenovo","IdeaCentre","IdeaCentre","IntelÂ® Coreâ„¢ i3-14100 4C, 8GB DDR5/512 SSD/ WiFi 6 + BT 5.2/ 260W/ SFF 8.2Lt / Wired KeyBoard & Mouse /Win 11 Home/1 Yr Onsite","Win 11","TDT","Entry","IntelÂ® Coreâ„¢ i3-14100","Consumer",31500,null,"TDT",31500,"East2",37170,"",null,"East2","Entry","Entry","i3 OS"]
[21684038,"Manoj Bihari","manoj.bihari@v5global.co.in",9861291397,"V5 Global","Sambalpur","V5263625","Orissa","Orissa",null,"V5 Global",null,null,"Arindam Mazumdar","arindam.mazumdar@v5global.co.in",null,"East2",null,"External Consumer","ASO","V5 Global ASO",null,"FT",null,"ASO","LES","Biswa Ranjan Jena","Imam Hassan",null,"Rajender Negi","Raghavendra Araveeti","imam.hassan@v5global.co.in","imam.hassan@v5global.co.in","bjena1@lenovo.com","rnegi@lenovo.com","raraveeti@lenovo.com","ASO","Shilpi Gautam","sgautam2@lenovo.com",null,"Rajender Negi","LES","rnegi@lenovo.com",null,"2025-12-06","20:03:00","21.84680413036184,84.01318777352571","Bytes Infosyes",{"$nulls":3},"T3","21AAFFB9938B1ZR","East2",null,"T-2872","Sundargarh","Orissa","V5 Global",null,"Yes","Face to Face","61E0KAR6WW",1,"Lenovo","D Series","D19-10","D19: 18.5\" VGA + HDMI with HDMI Cable","NA","Visual Variants","Entry","NA","Visuals",5058,null,null,5058,"East2",5968.44,"",null,"East2","Entry","Entry","-"]
[21681273,"Nilay Girishbhai Bandhara","nilay.bandhara@v5global.co.in",9979302088,"V5 Global","Vadodara","V5341501","Gujarat","Gujarat",null,"V5 Global",null,null,"Darshan Shah","darshan.shah@v5global.co.in",null,"West1",null,"External Consumer","ASO","V5 Global ASO",null,"FT",null,"ASO",null,"Darshan Thakkar","Yunus Hamid Mansoori",null,"Hemant C Baghel","Sharad verma","yunus.hamid@v5global.co.in","yunus.hamid@v5global.co.in","tjitendrabha@lenovo.com","hbaghel@lenovo.com","sharverm@lenovo.com","ASO","Shilpi Gautam","sgautam2@lenovo.com",null,"Hemant C Baghel",null,"hbaghel@lenovo.com",null,"2025-12-06","20:03:00","22.2943019,73.226035","Saachi Enterprise",{"$nulls":3},"T3","24BYXPK0218G1ZE","West1",null,"T-29845","Vadodara","Gujarat","V5 Global",null,"Yes","Telephonic","90XW005WIN",1,"Lenovo","IdeaCentre  Tower 8L","Tower 8L","Intel Core i7-13620H , 8 GB RAM, 512 GB SSD, Integrated Intel UHD Graphics, 260 W Power Supply, 3.59Kg  Windows 11 Home Single L","Win 11","TDT","Mainstream","Intel Core i7-13620H","Consumer",48395,null,"TDT",48395,"West1",57106.1,"",null,"West1 M","Mainstream","Mainstream","-"]
[21683060,"Govind Gulab Rajbhar","govind.gulab@v5global.co.in",9029031943,"V5 Global","Mumbai","V5263641","Maharashtra","Maharashtra",null,"V5 Global",null,null,"Pooja Thakur","pooja.thakur@v5global.co.in",null,"West1",null,"External Consumer","ASO","V5 Global ASO",null,"FT",null,"ASO",null,"Amit Tiwari","Yunus Hamid Mansoori",null,"Hemant C Baghel","Sharad verma","yunus.hamid@v5global.co.in","yunus.hamid@v5global.co.in","atiwari5@lenovo.com","hbaghel@lenovo.com","sharverm@lenovo.com","ASO","Shilpi Gautam","sgautam2@lenovo.com",null,"Hemant C Baghel",null,"hbaghel@lenovo.com",null,"2025-12-06","20:03:00","19.2169924,72.8438945","Global Net Computer",{"$nulls":3},"T3",null,"West1",null,"T-18101","Mumbai","Maharashtra","V5 Global",null,"Yes","Telephonic","F0HN00PGIN",1,"Lenovo","AIO","AIO i-24IRH9","i3-1315U-8-512-UHD-W11-O24-23.80","Win 11","AIO","Mainstream","i3-1315U","Consumer",57990,null,"AIO",57990,"West1",68428.2,"",null,"West1 M","Premium","Mainstream","i3 OS"]
[21681288,"Nilay Girishbhai Bandhara","nilay.bandhara@v5global.co.in",9979302088,"V5 Global","Vadodara","V5341501","Gujarat","Gujarat",null,"V5 Global",null,null,"Darshan Shah","darshan.shah@v5global.co.in",null,"West1",null,"External Consumer","ASO","V5 Global ASO",null,"FT",null,"ASO",null,"Darshan Thakkar","Yunus Hamid Mansoori",null,"Hemant C Baghel","Sharad verma","yunus.hamid@v5global.co.in","yunus.hamid@v5global.co.in","tjitendrabha@lenovo.com","hbaghel@lenovo.com","sharverm@lenovo.com","ASO","Shilpi Gautam","sgautam2@lenovo.com",null,"Hemant C Baghel",null,"hbaghel@lenovo.com",null,"2025-12-06","20:03:00","22.2942928,73.226034","CORDIAL SYSTEM,",{"$nulls":3},"T3","24AAMPJ2796G1ZH","West1",null,"T-14690","Vadodara","Gujarat","V5 Global",null,"Yes","Telephonic","82R4011PIN",3,"Lenovo","IdeaPad","IdeaPad 1 15ALC7","AMD Ryzenâ„¢ 5 5500U , Integrated AMD Radeonâ„¢ Graphics, 8GB , 512 GB SSD, 15.6\" FHD (1920x1080) IPS 250nits Anti-glare, 1.61 kg, C","Win 11","Thin & Light","Mainstream","AMD Ryzenâ„¢ 5 5500U","Consumer",35259,null,"NB",105777,"West1",41605.619999999995,"",null,"West1 M","Mainstream","Entry","-"]
[21681288,"Nilay Girishbhai Bandhara","nilay.bandhara@v5global.co.in",9979302088,"V5 Global","Vadodara","V5341501","Gujarat","Gujarat",null,"V5 Global",null,null,"Darshan Shah","darshan.shah@v5global.co.in",null,"West1",null,"External Consumer","ASO","V5 Global ASO",null,"FT",null,"ASO",null,"Darshan Thakkar","Yunus Hamid Mansoori",null,"Hemant C Baghel","Sharad verma","yunus.hamid@v5global.co.in","yunus.hamid@v5global.co.in","tjitendrabha@lenovo.com","hbaghel@lenovo.com","sharverm@lenovo.com","ASO","Shilpi Gautam","sgautam2@lenovo.com",null,"Hemant C Baghel",null,"hbaghel@lenovo.com",null,"2025-12-06","20:03:00","22.2942928,73.226034","CORDIAL SYSTEM,",{"$nulls":3},"T3","24AAMPJ2796G1ZH","West1",null,"T-14690","Vadodara","Gujarat","V5 Global",null,"Yes","Telephonic","90XW0051IN",1,"Lenovo","IdeaCentre","Tower 08IRH9"," 16GB/1 TB SSD Integrated Graphics MSO 2024 ,","Win 11","TDT","Premium","Intel Core i7-13620H","Consumer",58900,null,"TDT",58900,"West1",69502,"",null,"West1 M","Premium","Mainstream","-"]
[21683063,"Govind Gulab Rajbhar","govind.gulab@v5global.co.in",9029031943,"V5 Global","Mumbai","V5263641","Maharashtra","Maharashtra",null,"V5 Global",null,null,"Pooja Thakur","pooja.thakur@v5global.co.in",null,"West1",null,"External Consumer","ASO","V5 Global ASO",null,"FT",null,"ASO",null,"Amit Tiwari","Yunus Hamid Mansoori",null,"Hemant C Baghel","Sharad verma","yunus.hamid@v5global.co.in","yunus.hamid@v5global.co.in","atiwari5@lenovo.com","hbaghel@lenovo.com","sharverm@lenovo.com","ASO","Shilpi Gautam","sgautam2@lenovo.com",null,"Hemant C Baghel",null,"hbaghel@lenovo.com",null,"2025-12-06","20:04:00","19.2169671,72.8438972","Mk infotech",{"$nulls":3},"T3",null,"West2",null,"T-20404","Mumbai","Maharashtra","Denave",null,"Yes","Telephonic","83KT000LIN",1,"Lenovo","Ideapad","Ideapad 5 2in1","14' OLED/ 24GB/ 1TB SSD/ AMD RADEON 860M/ MSO 2024/ LENOVO AI NOW/ LUNA GREY","Win 11","Convertible","Premium","RYZEN AI 7 350","Consumer",90000,null,"NB",90000,"West1",106200,"SP","Non-Gaming","West1 M","Premium","Premium","Slim 5/Slim 5 Pro"]
[21684057,"Manoj Bihari","manoj.bihari@v5global.co.in",9861291397,"V5 Global","Sambalpur","V5263625","Orissa","Orissa",null,"V5 Global",null,null,"Arindam Mazumdar","arindam.mazumdar@v5global.co.in",null,"East2",null,"External Consumer","ASO","V5 Global ASO",null,"FT",null,"ASO","LES","Biswa Ranjan Jena","Imam Hassan",null,"Rajender Negi","Raghavendra Araveeti","imam.hassan@v5global.co.in","imam.hassan@v5global.co.in","bjena1@lenovo.com","rnegi@lenovo.com","raraveeti@lenovo.com","ASO","Shilpi Gautam","sgautam2@lenovo.com",null,"Rajender Negi","LES","rnegi@lenovo.com",null,"2025-12-06","20:04:00","21.84680413036184,84.01318777352571","DEV COMMUNICATION",{"$nulls":3},"T3","21BOTPR4706N1ZD","East2",null,"T-31018","MALKANGIRI","Odisha","V5 Global",null,"Yes","Face to Face","82R400XSIN",2,"Lenovo","Ideapad","Ideapad","\"Ryzenâ„¢ 5 5500U 6C 8GB RAM 512GB SSD Windows11 MS Office H&S 2024  Integrated AMD Radeon  Graphics  15.6\"\" FHD TN 220nits AG 720","Win 11","Thin & Light","Entry","Amd Ryzen 5 5500U","Consumer",29407,null,"NB",58814,"East2",34700.259999999995,"",null,"East2","Entry","Entry","-"]
[21684057,"Manoj Bihari","manoj.bihari@v5global.co.in",9861291397,"V5 Global","Sambalpur","V5263625","Orissa","Orissa",null,"V5 Global",null,null,"Arindam Mazumdar","arindam.mazumdar@v5global.co.in",null,"East2",null,"External Consumer","ASO","V5 Global ASO",null,"FT",null,"ASO","LES","Biswa Ranjan Jena","Imam Hassan",null,"Rajender Negi","Raghavendra Araveeti","imam.hassan@v5global.co.in","imam.hassan@v5global.co.in","bjena1@lenovo.com","rnegi@lenovo.com","raraveeti@lenovo.com","ASO","Shilpi Gautam","sgautam2@lenovo.com",null,"Rajender Negi","LES","rnegi@lenovo.com",null,"2025-12-06","20:04:00","21.84680413036184,84.01318777352571","DEV COMMUNICATION",{"$nulls":3},"T3","21BOTPR4706N1ZD","East2",null,"T-31018","MALKANGIRI","Odisha","V5 Global",null,"Yes","Face to Face","GY51C12380",2,"Lenovo","Wireless Mouse","Input","Lenovo 130 wireless mouse","NA","Accessories","NA","NA","Accessories",649,null,null,1298,"East2",765.8199999999999,"",null,"East2","NA","NA","-"]
[21683066,"Govind Gulab Rajbhar","govind.gulab@v5global.co.in",9029031943,"V5 Global","Mumbai","V5263641","Maharashtra","Maharashtra",null,"V5 Global",null,null,"Pooja Thakur","pooja.thakur@v5global.co.in",null,"West1",null,"External Consumer","ASO","V5 Global ASO",null,"FT",null,"ASO",null,"Amit Tiwari","Yunus Hamid Mansoori",null,"Hemant C Baghel","Sharad verma","yunus.hamid@v5global.co.in","yunus.hamid@v5global.co.in","atiwari5@lenovo.com","hbaghel@lenovo.com","sharverm@lenovo.com","ASO","Shilpi Gautam","sgautam2@lenovo.com",null,"Hemant C Baghel",null,"hbaghel@lenovo.com",null,"2025-12-06","20:05:00","19.2169625,72.8438969","Ultimate Solutions",{"$nulls":3},"T3",null,"West1",null,"T-25661","Goregaon","Maharashtra","V5 Global",null,"Yes","Telephonic","83JE00U5IN",1,"Lenovo","LOQ","LOQ 15IRX10","Lenovo LOQ(i7-14700HX/16GB /1TBSSD/W11+MSO24+AI NOW/RTX5060,8GB/15.6\"FHD,144Hz /1yr)Gry-83JE00U5IN","Win 11","Gaming","Premium","W11+MSO24+AI NOW/RTX5060,8GB/15.6\"FHD,144H","Consumer",112703,null,"NB",112703,"West1",132989.53999999998,"SP","Gaming","West1 M","Premium","Premium","-"]
[21683066,"Govind Gulab Rajbhar","govind.gulab@v5global.co.in",9029031943,"V5 Global","Mumbai","V5263641","Maharashtra","Maharashtra",null,"V5 Global",null,null,"Pooja Thakur","pooja.thakur@v5global.co.in",null,"West1",null,"External Consumer","ASO","V5 Global ASO",null,"FT",null,"ASO",null,"Amit Tiwari","Yunus Hamid Mansoori",null,"Hemant C Baghel","Sharad verma","yunus.hamid@v5global.co.in","yunus.hamid@v5global.co.in","atiwari5@lenovo.com","hbaghel@lenovo.com","sharverm@lenovo.com","ASO","Shilpi Gautam","sgautam2@lenovo.com",null,"Hemant C Baghel",null,"hbaghel@lenovo.com",null,"2025-12-06","20:05:00","19.2169625,72.8438969","Ultimate Solutions",{"$nulls":3},"T3",null,"West1",null,"T-25661","Goregaon","Maharashtra","V5 Global",null,"Yes","Telephonic","83JQ000VIN",1,"Lenovo","Yoga 7","YOGA 7 2 IN 1","Intel Core Ultra 7 256V,16GB,1TB SSD","Win 11","Thin & Light","Premium","ULTRA 5","Consumer",122000,null,"NB",122000,"West1",143960,"SP","Non-Gaming","West1 M","Premium","Premium","Yoga"]
[21683073,"Govind Gulab Rajbhar","govind.gulab@v5global.co.in",9029031943,"V5 Global","Mumbai","V5263641","Maharashtra","Maharashtra",null,"V5 Global",null,null,"Pooja Thakur","pooja.thakur@v5global.co.in",null,"West1",null,"External Consumer","ASO","V5 Global ASO",null,"FT",null,"ASO",null,"Amit Tiwari","Yunus Hamid Mansoori",null,"Hemant C Baghel","Sharad verma","yunus.hamid@v5global.co.in","yunus.hamid@v5global.co.in","atiwari5@lenovo.com","hbaghel@lenovo.com","sharverm@lenovo.com","ASO","Shilpi Gautam","sgautam2@lenovo.com",null,"Hemant C Baghel",null,"hbaghel@lenovo.com",null,"2025-12-06","20:06:00","19.2169643,72.8438996","Right Click",{"$nulls":3},"T3",null,"West1",null,"T-25749","Mumbai","Maharashtra","V5 Global",null,"Yes","Telephonic","83GS008SIN",1,"Lenovo","LOQ","LOQ","12GB, 512GB SSD","Win 11","Gaming","Mainstream","i5-12450HX","Consumer",60945,null,"NB",60945,"West1",71915.09999999999,"",null,"West1 M","Premium","Mainstream","-"]
[21683076,"Govind Gulab Rajbhar","govind.gulab@v5global.co.in",9029031943,"V5 Global","Mumbai","V5263641","Maharashtra","Maharashtra",null,"V5 Global",null,null,"Pooja Thakur","pooja.thakur@v5global.co.in",null,"West1",null,"External Consumer","ASO","V5 Global ASO",null,"FT",null,"ASO",null,"Amit Tiwari","Yunus Hamid Mansoori",null,"Hemant C Baghel","Sharad verma","yunus.hamid@v5global.co.in","yunus.hamid@v5global.co.in","atiwari5@lenovo.com","hbaghel@lenovo.com","sharverm@lenovo.com","ASO","Shilpi Gautam","sgautam2@lenovo.com",null,"Hemant C Baghel",null,"hbaghel@lenovo.com",null,"2025-12-06","20:07:00","19.2169628,72.8438976","Anupam Stationery( Goregon)",{"$nulls":3},"T3",null,"West1",null,"T-25777","Mumbai","Maharashtra","V5 Global",null,"Yes","Telephonic","83JG008NIN",1,"Lenovo","LOQ","LOQ","15.6  24GB RAM 1TB RTX 5050 W11 MS24 GREY","Win 11","Gaming","Premium","AI 7 250","Consumer",112990,null,"NB",112990,"West1",133328.19999999998,"SP","Gaming","West1 M","Premium","Premium","-"]
[21683082,"Govind Gulab Rajbhar","govind.gulab@v5global.co.in",9029031943,"V5 Global","Mumbai","V5263641","Maharashtra","Maharashtra",null,"V5 Global",null,null,"Pooja Thakur","pooja.thakur@v5global.co.in",null,"West1",null,"External Consumer","ASO","V5 Global ASO",null,"FT",null,"ASO",null,"Amit Tiwari","Yunus Hamid Mansoori",null,"Hemant C Baghel","Sharad verma","yunus.hamid@v5global.co.in","yunus.hamid@v5global.co.in","atiwari5@lenovo.com","hbaghel@lenovo.com","sharverm@lenovo.com","ASO","Shilpi Gautam","sgautam2@lenovo.com",null,"Hemant C Baghel",null,"hbaghel@lenovo.com",null,"2025-12-06","20:08:00","19.21697,72.8439023","microway computers kandivali",{"$nulls":3},"T3",null,"West1",null,"T-21980","Mumbai","Maharashtra","V5 Global",null,"Yes","Telephonic","F0HM00G4IN",1,"Lenovo","IdeaCentre","AIO","27\" FHD (1920x1080) IPS 300nits Anti-glare, 99% sRGB, 3-side borderless, hardware low blue light, Non-Touch / 1x 8GB SO-DIMM DDR","Win 11","AIO","Mainstream","IntelÂ® Coreâ„¢ i3-1315U","Consumer",47000,null,"AIO",47000,"West1",55460,"",null,"West1 M","Mainstream","Mainstream","-"]
[21683083,"Govind Gulab Rajbhar","govind.gulab@v5global.co.in",9029031943,"V5 Global","Mumbai","V5263641","Maharashtra","Maharashtra",null,"V5 Global",null,null,"Pooja Thakur","pooja.thakur@v5global.co.in",null,"West1",null,"External Consumer","ASO","V5 Global ASO",null,"FT",null,"ASO",null,"Amit Tiwari","Yunus Hamid Mansoori",null,"Hemant C Baghel","Sharad verma","yunus.hamid@v5global.co.in","yunus.hamid@v5global.co.in","atiwari5@lenovo.com","hbaghel@lenovo.com","sharverm@lenovo.com","ASO","Shilpi Gautam","sgautam2@lenovo.com",null,"Hemant C Baghel",null,"hbaghel@lenovo.com",null,"2025-12-06","20:08:00","19.2169638,72.8438985","Cloud 9 Electronics",{"$nulls":3},"T3",null,"West1",null,"T-21982","Mumbai","Maharashtra","V5 Global",null,"Yes","Telephonic","F0HM00G4IN",1,"Lenovo","IdeaCentre","AIO","27\" FHD (1920x1080) IPS 300nits Anti-glare, 99% sRGB, 3-side borderless, hardware low blue light, Non-Touch / 1x 8GB SO-DIMM DDR","Win 11","AIO","Mainstream","IntelÂ® Coreâ„¢ i3-1315U","Consumer",47000,null,"AIO",47000,"West1",55460,"",null,"West1 M","Mainstream","Mainstream","-"]
[21683088,"Govind Gulab Rajbhar","govind.gulab@v5global.co.in",9029031943,"V5 Global","Mumbai","V5263641","Maharashtra","Maharashtra",null,"V5 Global",null,null,"Pooja Thakur","pooja.thakur@v5global.co.in",null,"West1",null,"External Consumer","ASO","V5 Global ASO",null,"FT",null,"ASO",null,"Amit Tiwari","Yunus Hamid Mansoori",null,"Hemant C Baghel","Sharad verma","yunus.hamid@v5global.co.in","yunus.hamid@v5global.co.in","atiwari5@lenovo.com","hbaghel@lenovo.com","sharverm@lenovo.com","ASO","Shilpi Gautam","sgautam2@lenovo.com",null,"Hemant C Baghel",null,"hbaghel@lenovo.com",null,"2025-12-06","20:09:00","19.216967,72.843898","Novelty Computech",{"$nulls":3},"T3",null,"West1",null,"T-18067","Mumbai","Maharashtra","V5 Global",null,"Yes","Telephonic","83KF001LIN",1,"Lenovo","Yoga","Yoga Pro 7","14.7\" 3K,INTEL ULTRA 9,32GB RAM ,1TB SSD","Win 11","Thin & Light","Premium","Intel ULTRA 9","Consumer",130000,null,"NB",130000,"West1",153400,"SP","Non-Gaming","West1 M","Premium","Premium","Yoga"]
[21683092,"Govind Gulab Rajbhar","govind.gulab@v5global.co.in",9029031943,"V5 Global","Mumbai","V5263641","Maharashtra","Maharashtra",null,"V5 Global",null,null,"Pooja Thakur","pooja.thakur@v5global.co.in",null,"West1",null,"External Consumer","ASO","V5 Global ASO",null,"FT",null,"ASO",null,"Amit Tiwari","Yunus Hamid Mansoori",null,"Hemant C Baghel","Sharad verma","yunus.hamid@v5global.co.in","yunus.hamid@v5global.co.in","atiwari5@lenovo.com","hbaghel@lenovo.com","sharverm@lenovo.com","ASO","Shilpi Gautam","sgautam2@lenovo.com",null,"Hemant C Baghel",null,"hbaghel@lenovo.com",null,"2025-12-06","20:10:00","19.2169718,72.8438989","Integrated Perfect Systems",{"$nulls":3},"T3",null,"West1",null,"T-25775","Mumbai","Maharashtra","V5 Global",null,"Yes","Telephonic","90XS005JIN",1,"Lenovo","IdeaCentre","IdeaCentre","i3 14100 14th Gen Processor,8Gb Ram ddr5,512Ssd,Windows 11,Wifi,BT, Usb calliope Black, keybord,mouse\t","Win 11","TDT","Mainstream","I3 14100","Consumer",25747,null,"TDT",25747,"West1",30381.46,"",null,"West1 M","Entry","Mainstream","i3 OS"]
[21683095,"Govind Gulab Rajbhar","govind.gulab@v5global.co.in",9029031943,"V5 Global","Mumbai","V5263641","Maharashtra","Maharashtra",null,"V5 Global",null,null,"Pooja Thakur","pooja.thakur@v5global.co.in",null,"West1",null,"External Consumer","ASO","V5 Global ASO",null,"FT",null,"ASO",null,"Amit Tiwari","Yunus Hamid Mansoori",null,"Hemant C Baghel","Sharad verma","yunus.hamid@v5global.co.in","yunus.hamid@v5global.co.in","atiwari5@lenovo.com","hbaghel@lenovo.com","sharverm@lenovo.com","ASO","Shilpi Gautam","sgautam2@lenovo.com",null,"Hemant C Baghel",null,"hbaghel@lenovo.com",null,"2025-12-06","20:10:00","19.2169617,72.8438953","SOLNET SYSTEM",{"$nulls":3},"T3",null,"West1",null,"T-19655","Mumbai","Maharashtra","V5 Global",null,"Yes","Telephonic","90XS005JIN",1,"Lenovo","IdeaCentre","IdeaCentre","i3 14100 14th Gen Processor,8Gb Ram ddr5,512Ssd,Windows 11,Wifi,BT, Usb calliope Black, keybord,mouse\t","Win 11","TDT","Mainstream","I3 14100","Consumer",25747,null,"TDT",25747,"West1",30381.46,"",null,"West1 M","Entry","Mainstream","i3 OS"]
[21681520,"Nilay Girishbhai Bandhara","nilay.bandhara@v5global.co.in",9979302088,"V5 Global","Vadodara","V5341501","Gujarat","Gujarat",null,"V5 Global",null,null,"Darshan Shah","darshan.shah@v5global.co.in",null,"West1",null,"External Consumer","ASO","V5 Global ASO",null,"FT",null,"ASO",null,"Darshan Thakkar","Yunus Hamid Mansoori",null,"Hemant C Baghel","Sharad verma","yunus.hamid@v5global.co.in","yunus.hamid@v5global.co.in","tjitendrabha@lenovo.com","hbaghel@lenovo.com","sharverm@lenovo.com","ASO","Shilpi Gautam","sgautam2@lenovo.com",null,"Hemant C Baghel",null,"hbaghel@lenovo.com",null,"2025-12-06","20:23:00","22.2942957,73.2260269","RAJ INFOTECH",{"$nulls":3},"T3",null,"West2",null,"T-14598","Vadodara","Gujarat",null,null,"Yes","Telephonic","F0HN00PGIN",1,"Lenovo","AIO","AIO i-24IRH9","i3-1315U-8-512-UHD-W11-O24-23.80","Win 11","AIO","Mainstream","i3-1315U","Consumer",57990,null,"AIO",57990,"West1",68428.2,"",null,"West1 M","Premium","Mainstream","i3 OS"]
[21681525,"Nilay Girishbhai Bandhara","nilay.bandhara@v5global.co.in",9979302088,"V5 Global","Vadodara","V5341501","Gujarat","Gujarat",null,"V5 Global",null,null,"Darshan Shah","darshan.shah@v5global.co.in",null,"West1",null,"External Consumer","ASO","V5 Global ASO",null,"FT",null,"ASO",null,"Darshan Thakkar","Yunus Hamid Mansoori",null,"Hemant C Baghel","Sharad verma","yunus.hamid@v5global.co.in","yunus.hamid@v5global.co.in","tjitendrabha@lenovo.com","hbaghel@lenovo.com","sharverm@lenovo.com","ASO","Shilpi Gautam","sgautam2@lenovo.com",null,"Hemant C Baghel",null,"hbaghel@lenovo.com",null,"2025-12-06","20:24:00","22.2943014,73.2260404","Roman Telecom",{"$nulls":3},"T3","24BOBPS0914M1ZW","West1",null,"T-29236","Bharuch","Gujarat","V5 Global",null,"Yes","Telephonic","83K100CAIN",3,"Lenovo","Ideapad","Slim 3","NB IP Slim 3 15IRH10 I5 8G 512G 11S","Win 11","Thin & Light","Premium","i5 13420H/8GB/512GB SSD","Consumer",56251,null,"NB",168753,"West1",66376.18,"",null,"West1 M","Premium","Mainstream","-"]
[21681528,"Nilay Girishbhai Bandhara","nilay.bandhara@v5global.co.in",9979302088,"V5 Global","Vadodara","V5341501","Gujarat","Gujarat",null,"V5 Global",null,null,"Darshan Shah","darshan.shah@v5global.co.in",null,"West1",null,"External Consumer","ASO","V5 Global ASO",null,"FT",null,"ASO",null,"Darshan Thakkar","Yunus Hamid Mansoori",null,"Hemant C Baghel","Sharad verma","yunus.hamid@v5global.co.in","yunus.hamid@v5global.co.in","tjitendrabha@lenovo.com","hbaghel@lenovo.com","sharverm@lenovo.com","ASO","Shilpi Gautam","sgautam2@lenovo.com",null,"Hemant C Baghel",null,"hbaghel@lenovo.com",null,"2025-12-06","20:24:00","22.2943013,73.2260198","DATA CARE SERVICES",{"$nulls":3},"T3","24AEVPK6826R1ZH","West1",null,"T-14771","Vadodara","Gujarat","V5 Global",null,"Yes","Telephonic","F0HN00PHIN",1,"Lenovo","AIO","AIO","LEN I5-13420H 16GB 512GB SSD 23.8 MSO","Win 11","AIO","Mainstream","i5-13420H","Consumer",53381,null,"AIO",53381,"West1",62989.579999999994,"",null,"West1 M","Mainstream","Mainstream","-"]
[21681531,"Nilay Girishbhai Bandhara","nilay.bandhara@v5global.co.in",9979302088,"V5 Global","Vadodara","V5341501","Gujarat","Gujarat",null,"V5 Global",null,null,"Darshan Shah","darshan.shah@v5global.co.in",null,"West1",null,"External Consumer","ASO","V5 Global ASO",null,"FT",null,"ASO",null,"Darshan Thakkar","Yunus Hamid Mansoori",null,"Hemant C Baghel","Sharad verma","yunus.hamid@v5global.co.in","yunus.hamid@v5global.co.in","tjitendrabha@lenovo.com","hbaghel@lenovo.com","sharverm@lenovo.com","ASO","Shilpi Gautam","sgautam2@lenovo.com",null,"Hemant C Baghel",null,"hbaghel@lenovo.com",null,"2025-12-06","20:24:00","22.2942894,73.2260308","Yashvi Systems",{"$nulls":3},"T3","24AJAPB8439P1ZZ","West1",null,"T-14679","Nadiad","Gujarat","V5 Global",null,"Yes","Telephonic","F0HN00PHIN",1,"Lenovo","AIO","AIO","LEN I5-13420H 16GB 512GB SSD 23.8 MSO","Win 11","AIO","Mainstream","i5-13420H","Consumer",53381,null,"AIO",53381,"West1",62989.579999999994,"",null,"West1 M","Mainstream","Mainstream","-"]
[21681720,"Devendar Vaishnav","devendar.vaishnav@v5global.co.in",9346025615,"V5 Global","Hyderabad",601572,"Hyderabad","Telangana",null,"V5 Global",null,null,"Mohammed Ibrahim","mohammed.ibrahim@v5global.co.in",null,"South2",null,"External Consumer","ASO","V5 Global ASO",null,"FT",null,"ASO",null,"Santosh Singh","S.Arunbabu",null,"Prabhu Subaramanian","Sharad verma","arun.babu@v5global.co.in","arun.babu@v5global.co.in","ssingh9@lenovo.com","psubramania4@lenovo.com","sharverm@lenovo.com","ASO","Shilpi Gautam","sgautam2@lenovo.com",null,"Prabhu Subaramanian",null,"psubramania4@lenovo.com",null,"2025-12-06","20:41:00","17.4835338,78.3911461","TECH YOGI",{"$nulls":3},"T3","36AALPE4885E1ZK","South2",null,"T-10649","Hyderabad","Telangana","V5 Global",null,"Yes","Face to Face","83DV01BHIN",1,"Lenovo","LOQ","LOQ 15IRX9","CI7-13650HX/16GB/512GB/RTX 4060 8GB/WIN11/OFFICE2024/ 15.6 FULL HD IPS","Win 11","Gaming","Premium","C I7-13650HX","Consumer",106500,null,"NB",106500,"South2",125670,"SP","Gaming","South2","Premium","Premium","-"]
[21691422,"Chetti Srinivas","chetti.srinivas1@v5global.co.in",9515976797,"V5 Global","Hyderabad",601126,"TELANGANA","Telangana",null,"V5 Global",null,null,"Mohammed Ibrahim","mohammed.ibrahim@v5global.co.in",null,"South2",null,"External Consumer","ASO","V5 Global ASO",null,"FT",null,"ASO",null,"Santosh Singh","S.Arunbabu",null,"Prabhu Subaramanian","Sharad verma","arun.babu@v5global.co.in","arun.babu@v5global.co.in","ssingh9@lenovo.com","psubramania4@lenovo.com","sharverm@lenovo.com","ASO","Shilpi Gautam","sgautam2@lenovo.com",null,"Prabhu Subaramanian",null,"psubramania4@lenovo.com",null,"2025-12-06","20:43:00","17.4133033,78.5649833","Cadam Computers",{"$nulls":3},"T3",null,"South3",null,"T-10707","Secunderabad","Telangana",null,null,"Yes","Face to Face","F0HN00PGIN",2,"Lenovo","AIO","AIO i-24IRH9","i3-1315U-8-512-UHD-W11-O24-23.80","Win 11","AIO","Mainstream","i3-1315U","Consumer",57990,null,"AIO",115980,"South2",68428.2,"",null,"South2","Premium","Mainstream","i3 OS"]
[21691424,"Chetti Srinivas","chetti.srinivas1@v5global.co.in",9515976797,"V5 Global","Hyderabad",601126,"TELANGANA","Telangana",null,"V5 Global",null,null,"Mohammed Ibrahim","mohammed.ibrahim@v5global.co.in",null,"South2",null,"External Consumer","ASO","V5 Global ASO",null,"FT",null,"ASO",null,"Santosh Singh","S.Arunbabu",null,"Prabhu Subaramanian","Sharad verma","arun.babu@v5global.co.in","arun.babu@v5global.co.in","ssingh9@lenovo.com","psubramania4@lenovo.com","sharverm@lenovo.com","ASO","Shilpi Gautam","sgautam2@lenovo.com",null,"Prabhu Subaramanian",null,"psubramania4@lenovo.com",null,"2025-12-06","20:43:00","17.4133083,78.5649983","Sri Sai Medha Computers",{"$nulls":3},"T3","36AFGPK2117R1Z5","South2",null,"T-10551","Hyderabad","Telangana","V5 Global",null,"Yes","Face to Face","90XS005PIN",2,"Lenovo","IdeaCentre","IdeaCentre","IntelÂ® Coreâ„¢ i3-14100 4C, 8GB DDR5/512 SSD/ WiFi 6 + BT 5.2/ 260W/ SFF 8.2Lt / Wired KeyBoard & Mouse /Win 11 Home/1 Yr Onsite","Win 11","TDT","Entry","IntelÂ® Coreâ„¢ i3-14100","Consumer",31500,null,"TDT",63000,"South2",37170,"",null,"South2","Entry","Entry","i3 OS"]
[21681898,"Mohit Chaturvedi","mohit.chaturvedi@v5global.co.in",9753911212,"V5 Global","Gwalior",601082,"Madhya Pradesh","Madhya Pradesh",null,"V5 Global",null,null,"Mohd Asif","mohd.asif@v5global.co.in",null,"North2",null,"External Consumer","ASO","V5 Global ASO",null,"FT",null,"ASO",null,"Mehul Raval","Rahil Rasheed",null,"Durgendra Singh","Raghavendra Araveeti","rahil.rasheed@v5global.co.in","rahil.rasheed@v5global.co.in","mraval@lenovo.com","dsingh1@lenovo.com","raraveeti@lenovo.com","ASO","Shilpi Gautam","sgautam2@lenovo.com",null,"Durgendra Singh",null,"dsingh1@lenovo.com",null,"2025-12-06","20:53:00","26.1870365,78.17318","VIRENDRA JAIN LAPTOP AND MOBILE GALLERY",{"$nulls":3},"T3","23AEMPJ0055J1ZO","North2",null,"T-30046","Gwalior","Madhya Pradesh","V5 Global",null,"Yes","Face to Face","83DV018EIN",1,"Lenovo","LOQ","LOQ","INTEL CORE I7 -13650HX/24GB RAM/512 SSD /TRX 4060 8GB GRAPHICS/144HZ/100sRGB 300 NITS WINDOWS 11+MSO 2024 ","Win 11","Gaming","Premium","INTE 13650HX ","Consumer",107000,null,"NB",107000,"North2",126260,"SP","Gaming","North2","Premium","Premium","-"]
[21683444,"Surjeet Kumar","surjeet.kumar@v5global.co.in",7004963220,"V5 Global","Muzaffarpur","V5339429","Bihar","Bihar",null,"V5 Global",null,null,"Shivam Kumar","shivam.kumar@v5global.co.in",null,"East2",null,"External Consumer","ASO","V5 Global ASO",null,"FT",null,"ASO",null,"Krishna Kumar Singh","Imam Hassan",null,"Rajender Negi","Raghavendra Araveeti","imam.hassan@v5global.co.in","imam.hassan@v5global.co.in","ksingh25@lenovo.com","rnegi@lenovo.com","raraveeti@lenovo.com","ASO","Shilpi Gautam","sgautam2@lenovo.com",null,"Rajender Negi",null,"rnegi@lenovo.com",null,"2025-12-07","06:47:00","26.8058921,84.5122373","Info world",{"$nulls":3},"T3","10ATUPA9890M1Z2","East2",null,"T-2128","Muzaffarpur","Bihar","V5 Global",null,"Yes","Face to Face","82LX00F7IN",2,"Lenovo","Ideapad","Slim 1","LEN N4500 8GB 512GB SSD WIN11  1YR","Win 11","Thin & Light","Entry","N4500","Consumer",25900,null,"NB",51800,"East2",30562,"",null,"East2","Entry","Entry","-"]
[21683445,"Surjeet Kumar","surjeet.kumar@v5global.co.in",7004963220,"V5 Global","Muzaffarpur","V5339429","Bihar","Bihar",null,"V5 Global",null,null,"Shivam Kumar","shivam.kumar@v5global.co.in",null,"East2",null,"External Consumer","ASO","V5 Global ASO",null,"FT",null,"ASO",null,"Krishna Kumar Singh","Imam Hassan",null,"Rajender Negi","Raghavendra Araveeti","imam.hassan@v5global.co.in","imam.hassan@v5global.co.in","ksingh25@lenovo.com","rnegi@lenovo.com","raraveeti@lenovo.com","ASO","Shilpi Gautam","sgautam2@lenovo.com",null,"Rajender Negi",null,"rnegi@lenovo.com",null,"2025-12-07","06:48:00","26.8058206,84.5122216","Infonet",{"$nulls":3},"T3","10ABVPV6995P1ZB","East2",null,"T-2127","Muzaffarpur","Bihar","V5 Global",null,"Yes","Face to Face","82LX00F7IN",2,"Lenovo","Ideapad","Slim 1","LEN N4500 8GB 512GB SSD WIN11  1YR","Win 11","Thin & Light","Entry","N4500","Consumer",25900,null,"NB",51800,"East2",30562,"",null,"East2","Entry","Entry","-"]
[21683446,"Surjeet Kumar","surjeet.kumar@v5global.co.in",7004963220,"V5 Global","Muzaffarpur","V5339429","Bihar","Bihar",null,"V5 Global",null,null,"Shivam Kumar","shivam.kumar@v5global.co.in",null,"East2",null,"External Consumer","ASO","V5 Global ASO",null,"FT",null,"ASO",null,"Krishna Kumar Singh","Imam Hassan",null,"Rajender Negi","Raghavendra Araveeti","imam.hassan@v5global.co.in","imam.hassan@v5global.co.in","ksingh25@lenovo.com","rnegi@lenovo.com","raraveeti@lenovo.com","ASO","Shilpi Gautam","sgautam2@lenovo.com",null,"Rajender Negi",null,"rnegi@lenovo.com",null,"2025-12-07","06:50:00","26.805825,84.5122154","Deepa Computers",{"$nulls":3},"T3","10EOAPK5271R1ZP","East2",null,"T-30986","Begusaria","Bihar","V5 Global",null,"Yes","Face to Face","GX31L52655",11,"Lenovo","Wired Combo","Input","Lenovo 160 Wired Combo","NA","Accessories","NA","NA","Accessories",999,null,null,10989,"East2",1178.82,"",null,"East2","NA","NA","-"]
[21683446,"Surjeet Kumar","surjeet.kumar@v5global.co.in",7004963220,"V5 Global","Muzaffarpur","V5339429","Bihar","Bihar",null,"V5 Global",null,null,"Shivam Kumar","shivam.kumar@v5global.co.in",null,"East2",null,"External Consumer","ASO","V5 Global ASO",null,"FT",null,"ASO",null,"Krishna Kumar Singh","Imam Hassan",null,"Rajender Negi","Raghavendra Araveeti","imam.hassan@v5global.co.in","imam.hassan@v5global.co.in","ksingh25@lenovo.com","rnegi@lenovo.com","raraveeti@lenovo.com","ASO","Shilpi Gautam","sgautam2@lenovo.com",null,"Rajender Negi",null,"rnegi@lenovo.com",null,"2025-12-07","06:50:00","26.805825,84.5122154","Deepa Computers",{"$nulls":3},"T3","10EOAPK5271R1ZP","East2",null,"T-30986","Begusaria","Bihar","V5 Global",null,"Yes","Face to Face","GY51L52636",10,"Lenovo","Wired mouse","Input","Lenovo 120 Wired Mouse","NA","Accessories","NA","NA","Accessories",259,null,null,2590,"East2",305.62,"",null,"East2","NA","NA","-"]
[21683446,"Surjeet Kumar","surjeet.kumar@v5global.co.in",7004963220,"V5 Global","Muzaffarpur","V5339429","Bihar","Bihar",null,"V5 Global",null,null,"Shivam Kumar","shivam.kumar@v5global.co.in",null,"East2",null,"External Consumer","ASO","V5 Global ASO",null,"FT",null,"ASO",null,"Krishna Kumar Singh","Imam Hassan",null,"Rajender Negi","Raghavendra Araveeti","imam.hassan@v5global.co.in","imam.hassan@v5global.co.in","ksingh25@lenovo.com","rnegi@lenovo.com","raraveeti@lenovo.com","ASO","Shilpi Gautam","sgautam2@lenovo.com",null,"Rajender Negi",null,"rnegi@lenovo.com",null,"2025-12-07","06:50:00","26.805825,84.5122154","Deepa Computers",{"$nulls":3},"T3","10EOAPK5271R1ZP","East2",null,"T-30986","Begusaria","Bihar","V5 Global",null,"Yes","Face to Face","GY51C12380",10,"Lenovo","Wireless Mouse","Input","Lenovo 130 wireless mouse","NA","Accessories","NA","NA","Accessories",649,null,null,6490,"East2",765.8199999999999,"",null,"East2","NA","NA","-"]
[21683447,"Surjeet Kumar","surjeet.kumar@v5global.co.in",7004963220,"V5 Global","Muzaffarpur","V5339429","Bihar","Bihar",null,"V5 Global",null,null,"Shivam Kumar","shivam.kumar@v5global.co.in",null,"East2",null,"External Consumer","ASO","V5 Global ASO",null,"FT",null,"ASO",null,"Krishna Kumar Singh","Imam Hassan",null,"Rajender Negi","Raghavendra Araveeti","imam.hassan@v5global.co.in","imam.hassan@v5global.co.in","ksingh25@lenovo.com","rnegi@lenovo.com","raraveeti@lenovo.com","ASO","Shilpi Gautam","sgautam2@lenovo.com",null,"Rajender Negi",null,"rnegi@lenovo.com",null,"2025-12-07","06:51:00","26.8058028,84.5122022","Digital computer system",{"$nulls":3},"T3","10CINPP8479B1Z2","East2",null,"T-29668","Madhubani","Bihar","V5 Global",null,"Yes","Face to Face","GY51C12380",5,"Lenovo","Wireless Mouse","Input","Lenovo 130 wireless mouse","NA","Accessories","NA","NA","Accessories",649,null,null,3245,"East2",765.8199999999999,"",null,"East2","NA","NA","-"]
[21683447,"Surjeet Kumar","surjeet.kumar@v5global.co.in",7004963220,"V5 Global","Muzaffarpur","V5339429","Bihar","Bihar",null,"V5 Global",null,null,"Shivam Kumar","shivam.kumar@v5global.co.in",null,"East2",null,"External Consumer","ASO","V5 Global ASO",null,"FT",null,"ASO",null,"Krishna Kumar Singh","Imam Hassan",null,"Rajender Negi","Raghavendra Araveeti","imam.hassan@v5global.co.in","imam.hassan@v5global.co.in","ksingh25@lenovo.com","rnegi@lenovo.com","raraveeti@lenovo.com","ASO","Shilpi Gautam","sgautam2@lenovo.com",null,"Rajender Negi",null,"rnegi@lenovo.com",null,"2025-12-07","06:51:00","26.8058028,84.5122022","Digital computer system",{"$nulls":3},"T3","10CINPP8479B1Z2","East2",null,"T-29668","Madhubani","Bihar","V5 Global",null,"Yes","Face to Face","GY51L52636",5,"Lenovo","Wired mouse","Input","Lenovo 120 Wired Mouse","NA","Accessories","NA","NA","Accessories",259,null,null,1295,"East2",305.62,"",null,"East2","NA","NA","-"]
[21683447,"Surjeet Kumar","surjeet.kumar@v5global.co.in",7004963220,"V5 Global","Muzaffarpur","V5339429","Bihar","Bihar",null,"V5 Global",null,null,"Shivam Kumar","shivam.kumar@v5global.co.in",null,"East2",null,"External Consumer","ASO","V5 Global ASO",null,"FT",null,"ASO",null,"Krishna Kumar Singh","Imam Hassan",null,"Rajender Negi","Raghavendra Araveeti","imam.hassan@v5global.co.in","imam.hassan@v5global.co.in","ksingh25@lenovo.com","rnegi@lenovo.com","raraveeti@lenovo.com","ASO","Shilpi Gautam","sgautam2@lenovo.com",null,"Rajender Negi",null,"rnegi@lenovo.com",null,"2025-12-07","06:51:00","26.8058028,84.5122022","Digital computer system",{"$nulls":3},"T3","10CINPP8479B1Z2","East2",null,"T-29668","Madhubani","Bihar","V5 Global",null,"Yes","Face to Face","GX31L52655",5,"Lenovo","Wired Combo","Input","Lenovo 160 Wired Combo","NA","Accessories","NA","NA","Accessories",999,null,null,4995,"East2",1178.82,"",null,"East2","NA","NA","-"]
[21683448,"Surjeet Kumar","surjeet.kumar@v5global.co.in",7004963220,"V5 Global","Muzaffarpur","V5339429","Bihar","Bihar",null,"V5 Global",null,null,"Shivam Kumar","shivam.kumar@v5global.co.in",null,"East2",null,"External Consumer","ASO","V5 Global ASO",null,"FT",null,"ASO",null,"Krishna Kumar Singh","Imam Hassan",null,"Rajender Negi","Raghavendra Araveeti","imam.hassan@v5global.co.in","imam.hassan@v5global.co.in","ksingh25@lenovo.com","rnegi@lenovo.com","raraveeti@lenovo.com","ASO","Shilpi Gautam","sgautam2@lenovo.com",null,"Rajender Negi",null,"rnegi@lenovo.com",null,"2025-12-07","06:52:00","26.8058299,84.5122118","Supar Computer",{"$nulls":3},"T3","10AZYPA6588N2ZM","East2",null,"T-2061","East Champaran","Bihar","V5 Global",null,"Yes","Face to Face","GX20K78585",2,"Lenovo","AC Adapter","Power","Lenovo 65W AC Roundtip Adapter(IN)","NA","Accessories","NA","NA","Accessories",2490,null,null,4980,"East2",2938.2,"",null,"East2","NA","NA","-"]
[21683448,"Surjeet Kumar","surjeet.kumar@v5global.co.in",7004963220,"V5 Global","Muzaffarpur","V5339429","Bihar","Bihar",null,"V5 Global",null,null,"Shivam Kumar","shivam.kumar@v5global.co.in",null,"East2",null,"External Consumer","ASO","V5 Global ASO",null,"FT",null,"ASO",null,"Krishna Kumar Singh","Imam Hassan",null,"Rajender Negi","Raghavendra Araveeti","imam.hassan@v5global.co.in","imam.hassan@v5global.co.in","ksingh25@lenovo.com","rnegi@lenovo.com","raraveeti@lenovo.com","ASO","Shilpi Gautam","sgautam2@lenovo.com",null,"Rajender Negi",null,"rnegi@lenovo.com",null,"2025-12-07","06:52:00","26.8058299,84.5122118","Supar Computer",{"$nulls":3},"T3","10AZYPA6588N2ZM","East2",null,"T-2061","East Champaran","Bihar","V5 Global",null,"Yes","Face to Face","67BEKAC1IN",2,"Lenovo","Monitor","L27I-4A","L27I-4A","NA","Visual Variants","Premium","NA","Visuals",13000,null,null,26000,"East2",15340,"",null,"East2","Premium","Premium","-"]
[21683448,"Surjeet Kumar","surjeet.kumar@v5global.co.in",7004963220,"V5 Global","Muzaffarpur","V5339429","Bihar","Bihar",null,"V5 Global",null,null,"Shivam Kumar","shivam.kumar@v5global.co.in",null,"East2",null,"External Consumer","ASO","V5 Global ASO",null,"FT",null,"ASO",null,"Krishna Kumar Singh","Imam Hassan",null,"Rajender Negi","Raghavendra Araveeti","imam.hassan@v5global.co.in","imam.hassan@v5global.co.in","ksingh25@lenovo.com","rnegi@lenovo.com","raraveeti@lenovo.com","ASO","Shilpi Gautam","sgautam2@lenovo.com",null,"Rajender Negi",null,"rnegi@lenovo.com",null,"2025-12-07","06:52:00","26.8058299,84.5122118","Supar Computer",{"$nulls":3},"T3","10AZYPA6588N2ZM","East2",null,"T-2061","East Champaran","Bihar","V5 Global",null,"Yes","Face to Face","67BCKAC6IN",1,"Lenovo","Monitor -L24i4A","Monitor -L24i4A","Full HD IPS Panel Ultra Thin Monitor with WLED Backlight","NA","Visual Variants","Premium","NA","Visuals",7203,null,null,7203,"East2",8499.539999999999,"",null,"East2","Premium","Premium","-"]
[21685151,"Rajesh MG","rajesh.mg@v5global.co.in",8157020114,"V5 Global","COCHIN",601146,"KERELA","KERELA",null,"V5 Global",null,null,"Athul Krishna","athul.n@v5global.co.in",null,"South1",null,"External Consumer","ASO","V5 Global ASO",null,"FT",null,"ASO",null,"Shaiju","Prakash Kumar K P",null,"S Sreekumar","Sharad verma","prakash.kp@v5global.co.in","prakash.kp@v5global.co.in","ss89@lenovo.com","ssreekumar@lenovo.com","sharverm@lenovo.com","ASO","Shilpi Gautam","sgautam2@lenovo.com",null,"S Sreekumar",null,"ssreekumar@lenovo.com",null,"2025-12-07","11:17:00","10.604924,76.142832","MARVEL AGENCIES",{"$nulls":3},"T3","32AAIFM7587L1ZO","South1",null,"T-19494","Thrissur","Kerala","V5 Global",null,"Yes","Telephonic","83K100CAIN",2,"Lenovo","Ideapad","Slim 3","NB IP Slim 3 15IRH10 I5 8G 512G 11S","Win 11","Thin & Light","Premium","i5 13420H/8GB/512GB SSD","Consumer",56251,null,"NB",112502,"South1",66376.18,"",null,"South1","Premium","Mainstream","-"]
[21685191,"Rajesh MG","rajesh.mg@v5global.co.in",8157020114,"V5 Global","COCHIN",601146,"KERELA","KERELA",null,"V5 Global",null,null,"Athul Krishna","athul.n@v5global.co.in",null,"South1",null,"External Consumer","ASO","V5 Global ASO",null,"FT",null,"ASO",null,"Shaiju","Prakash Kumar K P",null,"S Sreekumar","Sharad verma","prakash.kp@v5global.co.in","prakash.kp@v5global.co.in","ss89@lenovo.com","ssreekumar@lenovo.com","sharverm@lenovo.com","ASO","Shilpi Gautam","sgautam2@lenovo.com",null,"S Sreekumar",null,"ssreekumar@lenovo.com",null,"2025-12-07","11:18:00","10.604924,76.142832","Fusion IT Traders",{"$nulls":3},"T3","32BQGPJ7228E1Z3","South1",null,"T-30983","Thrissur","Kerala","V5 Global",null,"Yes","Telephonic","83JC00EEIN",1,"Lenovo","LOQ","LOQ 15ARP9","NB LOQ 15ARP9 R5 12G 512G 11S","Win 11","Gaming","Premium","R5 7235HS","Consumer",64762,null,"NB",64762,"South1",76419.15999999999,"SP","Gaming","South1","Premium","Premium","-"]
[21685230,"Rajesh MG","rajesh.mg@v5global.co.in",8157020114,"V5 Global","COCHIN",601146,"KERELA","KERELA",null,"V5 Global",null,null,"Athul Krishna","athul.n@v5global.co.in",null,"South1",null,"External Consumer","ASO","V5 Global ASO",null,"FT",null,"ASO",null,"Shaiju","Prakash Kumar K P",null,"S Sreekumar","Sharad verma","prakash.kp@v5global.co.in","prakash.kp@v5global.co.in","ss89@lenovo.com","ssreekumar@lenovo.com","sharverm@lenovo.com","ASO","Shilpi Gautam","sgautam2@lenovo.com",null,"S Sreekumar",null,"ssreekumar@lenovo.com",null,"2025-12-07","11:19:00","10.604924,76.142832","NEW MODEL GRAPHICS",{"$nulls":3},"T3","32AHXPR0728C1ZB","South2",null,"T-8374","Thrissur","Kerala","Denave",null,"Yes","Telephonic","90XW0055IN",5,"Lenovo","IdeaCentre","Tower 08IRR9 ","8 GB DDR   , 512 GB SSDWired KeyBoard & Mouse WiFi 6 + BT 5.2 260W  3 Yr Onsite Warranty  Win 11 Home + MS Office 2024 + 1 YR Mi","Win 11","TDT","Mainstream","Intel Core i5-13420H, 8C,","Consumer",50052,null,"TDT",250260,"South1",59061.35999999999,"",null,"South1","Mainstream","Mainstream","-"]
[21685310,"Rajesh MG","rajesh.mg@v5global.co.in",8157020114,"V5 Global","COCHIN",601146,"KERELA","KERELA",null,"V5 Global",null,null,"Athul Krishna","athul.n@v5global.co.in",null,"South1",null,"External Consumer","ASO","V5 Global ASO",null,"FT",null,"ASO",null,"Shaiju","Prakash Kumar K P",null,"S Sreekumar","Sharad verma","prakash.kp@v5global.co.in","prakash.kp@v5global.co.in","ss89@lenovo.com","ssreekumar@lenovo.com","sharverm@lenovo.com","ASO","Shilpi Gautam","sgautam2@lenovo.com",null,"S Sreekumar",null,"ssreekumar@lenovo.com",null,"2025-12-07","11:24:00","10.604924,76.142832","DIGITAL WORLD",{"$nulls":3},"T3","32AFYPG3572Q1ZO","South2",null,"T-8855","Thrissur","Kerala","Denave",null,"Yes","Telephonic","82R400XSIN",null,"Lenovo","Ideapad","Ideapad","\"Ryzenâ„¢ 5 5500U 6C 8GB RAM 512GB SSD Windows11 MS Office H&S 2024  Integrated AMD Radeon  Graphics  15.6\"\" FHD TN 220nits AG 720","Win 11","Thin & Light","Entry","Amd Ryzen 5 5500U","Consumer",29407,null,"NB",0,"South1",34700.259999999995,"",null,"South1","Entry","Entry","-"]
[21685431,"Rajesh MG","rajesh.mg@v5global.co.in",8157020114,"V5 Global","COCHIN",601146,"KERELA","KERELA",null,"V5 Global",null,null,"Athul Krishna","athul.n@v5global.co.in",null,"South1",null,"External Consumer","ASO","V5 Global ASO",null,"FT",null,"ASO",null,"Shaiju","Prakash Kumar K P",null,"S Sreekumar","Sharad verma","prakash.kp@v5global.co.in","prakash.kp@v5global.co.in","ss89@lenovo.com","ssreekumar@lenovo.com","sharverm@lenovo.com","ASO","Shilpi Gautam","sgautam2@lenovo.com",null,"S Sreekumar",null,"ssreekumar@lenovo.com",null,"2025-12-07","11:30:00","10.604924,76.142832","GULF OWN STORS LLP",{"$nulls":3},"T3","32AAUFG5117G1ZF","South2",null,"T-28926","Malappuram","Kerala","V5 Global",null,"Yes","Telephonic","83K100CAIN",1,"Lenovo","Ideapad","Slim 3","NB IP Slim 3 15IRH10 I5 8G 512G 11S","Win 11","Thin & Light","Premium","i5 13420H/8GB/512GB SSD","Consumer",56251,null,"NB",56251,"South1",66376.18,"",null,"South1","Premium","Mainstream","-"]
[21685455,"Rajesh MG","rajesh.mg@v5global.co.in",8157020114,"V5 Global","COCHIN",601146,"KERELA","KERELA",null,"V5 Global",null,null,"Athul Krishna","athul.n@v5global.co.in",null,"South1",null,"External Consumer","ASO","V5 Global ASO",null,"FT",null,"ASO",null,"Shaiju","Prakash Kumar K P",null,"S Sreekumar","Sharad verma","prakash.kp@v5global.co.in","prakash.kp@v5global.co.in","ss89@lenovo.com","ssreekumar@lenovo.com","sharverm@lenovo.com","ASO","Shilpi Gautam","sgautam2@lenovo.com",null,"S Sreekumar",null,"ssreekumar@lenovo.com",null,"2025-12-07","11:31:00","10.604924,76.142832","CQUBE SYSTEMS",{"$nulls":3},"T3","32BJIPP0166N1ZZ","South2",null,"T-19398","THRISSUR","Kerala",null,null,"Yes","Telephonic","83K100CAIN",1,"Lenovo","Ideapad","Slim 3","NB IP Slim 3 15IRH10 I5 8G 512G 11S","Win 11","Thin & Light","Premium","i5 13420H/8GB/512GB SSD","Consumer",56251,null,"NB",56251,"South1",66376.18,"",null,"South1","Premium","Mainstream","-"]
[21685562,"Rajesh MG","rajesh.mg@v5global.co.in",8157020114,"V5 Global","COCHIN",601146,"KERELA","KERELA",null,"V5 Global",null,null,"Athul Krishna","athul.n@v5global.co.in",null,"South1",null,"External Consumer","ASO","V5 Global ASO",null,"FT",null,"ASO",null,"Shaiju","Prakash Kumar K P",null,"S Sreekumar","Sharad verma","prakash.kp@v5global.co.in","prakash.kp@v5global.co.in","ss89@lenovo.com","ssreekumar@lenovo.com","sharverm@lenovo.com","ASO","Shilpi Gautam","sgautam2@lenovo.com",null,"S Sreekumar",null,"ssreekumar@lenovo.com",null,"2025-12-07","11:36:00","10.604924,76.142832","ORANGE SYSTEMS",{"$nulls":3},"T3","32AACFO0897R1ZP","South2",null,"T-8411","Thrissur","Kerala","Denave",null,"Yes","Telephonic","83LK009VIN",1,"Lenovo","LOQ","LOQ-15AX9E","i5-12450HX-RTX3050A-W11-O24-15.6","Win 11","Gaming","Premium","i5-12450HX","Consumer",85290,null,"NB",85290,"South1",100642.2,"SP","Gaming","South1","Premium","Premium","-"]
[21685593,"Rajesh MG","rajesh.mg@v5global.co.in",8157020114,"V5 Global","COCHIN",601146,"KERELA","KERELA",null,"V5 Global",null,null,"Athul Krishna","athul.n@v5global.co.in",null,"South1",null,"External Consumer","ASO","V5 Global ASO",null,"FT",null,"ASO",null,"Shaiju","Prakash Kumar K P",null,"S Sreekumar","Sharad verma","prakash.kp@v5global.co.in","prakash.kp@v5global.co.in","ss89@lenovo.com","ssreekumar@lenovo.com","sharverm@lenovo.com","ASO","Shilpi Gautam","sgautam2@lenovo.com",null,"S Sreekumar",null,"ssreekumar@lenovo.com",null,"2025-12-07","11:37:00","10.604924,76.142832","Computer Plus",{"$nulls":3},"T3","32APXPA9616E1ZU","South2",null,"T-8608","Thrissur","Kerala","Denave",null,"Yes","Telephonic","82R400XSIN",1,"Lenovo","Ideapad","Ideapad","\"Ryzenâ„¢ 5 5500U 6C 8GB RAM 512GB SSD Windows11 MS Office H&S 2024  Integrated AMD Radeon  Graphics  15.6\"\" FHD TN 220nits AG 720","Win 11","Thin & Light","Entry","Amd Ryzen 5 5500U","Consumer",29407,null,"NB",29407,"South1",34700.259999999995,"",null,"South1","Entry","Entry","-"]
[21685614,"Rajesh MG","rajesh.mg@v5global.co.in",8157020114,"V5 Global","COCHIN",601146,"KERELA","KERELA",null,"V5 Global",null,null,"Athul Krishna","athul.n@v5global.co.in",null,"South1",null,"External Consumer","ASO","V5 Global ASO",null,"FT",null,"ASO",null,"Shaiju","Prakash Kumar K P",null,"S Sreekumar","Sharad verma","prakash.kp@v5global.co.in","prakash.kp@v5global.co.in","ss89@lenovo.com","ssreekumar@lenovo.com","sharverm@lenovo.com","ASO","Shilpi Gautam","sgautam2@lenovo.com",null,"S Sreekumar",null,"ssreekumar@lenovo.com",null,"2025-12-07","11:38:00","10.604924,76.142832","GRAND INFOTECH",{"$nulls":3},"T3","32AENPU0469G1ZA","South1",null,"T-19691","THRISSUR","Kerala","V5 Global",null,"Yes","Telephonic","83DV018EIN",1,"Lenovo","LOQ","LOQ","INTEL CORE I7 -13650HX/24GB RAM/512 SSD /TRX 4060 8GB GRAPHICS/144HZ/100sRGB 300 NITS WINDOWS 11+MSO 2024 ","Win 11","Gaming","Premium","INTE 13650HX ","Consumer",107000,null,"NB",107000,"South1",126260,"SP","Gaming","South1","Premium","Premium","-"]
[21685672,"Rajesh MG","rajesh.mg@v5global.co.in",8157020114,"V5 Global","COCHIN",601146,"KERELA","KERELA",null,"V5 Global",null,null,"Athul Krishna","athul.n@v5global.co.in",null,"South1",null,"External Consumer","ASO","V5 Global ASO",null,"FT",null,"ASO",null,"Shaiju","Prakash Kumar K P",null,"S Sreekumar","Sharad verma","prakash.kp@v5global.co.in","prakash.kp@v5global.co.in","ss89@lenovo.com","ssreekumar@lenovo.com","sharverm@lenovo.com","ASO","Shilpi Gautam","sgautam2@lenovo.com",null,"S Sreekumar",null,"ssreekumar@lenovo.com",null,"2025-12-07","11:41:00","10.604924,76.142832","I-SOFT SYSTEMS",{"$nulls":3},"T3","32BNRPM8496F1ZD","South2",null,"T-19580","Chavakkad","Kerala","Denave",null,"Yes","Telephonic","83DV018EIN",1,"Lenovo","LOQ","LOQ","INTEL CORE I7 -13650HX/24GB RAM/512 SSD /TRX 4060 8GB GRAPHICS/144HZ/100sRGB 300 NITS WINDOWS 11+MSO 2024 ","Win 11","Gaming","Premium","INTE 13650HX ","Consumer",107000,null,"NB",107000,"South1",126260,"SP","Gaming","South1","Premium","Premium","-"]
[21685713,"Rajesh MG","rajesh.mg@v5global.co.in",8157020114,"V5 Global","COCHIN",601146,"KERELA","KERELA",null,"V5 Global",null,null,"Athul Krishna","athul.n@v5global.co.in",null,"South1",null,"External Consumer","ASO","V5 Global ASO",null,"FT",null,"ASO",null,"Shaiju","Prakash Kumar K P",null,"S Sreekumar","Sharad verma","prakash.kp@v5global.co.in","prakash.kp@v5global.co.in","ss89@lenovo.com","ssreekumar@lenovo.com","sharverm@lenovo.com","ASO","Shilpi Gautam","sgautam2@lenovo.com",null,"S Sreekumar",null,"ssreekumar@lenovo.com",null,"2025-12-07","11:43:00","10.604924,76.142832","M TECH SYSTEMS",{"$nulls":3},"T3","32AATFM7602H1Z6","South2",null,"T-19495",null,"Kerala",null,null,"Yes","Telephonic","83K100C9IN",1,"Lenovo","Slim 3","IdeaPad Slim 3 15IRH10","NB IP Slim 3 15IRH10 I7 8G 8G 512G 11S","Win 11","Thin & Light","Mainstream","i7 13620H","Consumer",64700,null,"NB",64700,"South1",76346,"SP","Non-Gaming","South1","Premium","Premium","-"]
[21687782,"Manish Kumar ","manish.k@v5global.co.in",9815306161,"V5 Global","Chandigarh","V5294765","Punjab","Punjab",null,"V5 Global",null,null,"Shivam Kumar1","shivam.kumar1@v5global.co.in",null,"North1",null,"External Consumer","ASO","V5 Global ASO",null,"FT",null,"ASO",null,"Naveen Kumar","Gaurav Sharma",null,"Kumar Tanksale","Raghavendra Araveeti","gaurav.sharma@v5global.co.in","gaurav.sharma@v5global.co.in","nkumar12@lenovo.com","ktanksale1@lenovo.com","raraveeti@lenovo.com","ASO","Shilpi Gautam","sgautam2@lenovo.com",null,"Kumar Tanksale",null,"ktanksale1@lenovo.com",null,"2025-12-07","16:45:00","30.7168006,76.7243981","NR & Sons",{"$nulls":3},"T3","02BQQPD1902D1ZJ","North1",null,"T-29348","Shimla","Himachal pradesh","V5Global",null,"Yes","Telephonic","F0HN00PGIN",1,"Lenovo","AIO","AIO i-24IRH9","i3-1315U-8-512-UHD-W11-O24-23.80","Win 11","AIO","Mainstream","i3-1315U","Consumer",57990,null,"AIO",57990,"North1",68428.2,"",null,"North1","Premium","Mainstream","i3 OS"]
[21687784,"Manish Kumar ","manish.k@v5global.co.in",9815306161,"V5 Global","Chandigarh","V5294765","Punjab","Punjab",null,"V5 Global",null,null,"Shivam Kumar1","shivam.kumar1@v5global.co.in",null,"North1",null,"External Consumer","ASO","V5 Global ASO",null,"FT",null,"ASO",null,"Naveen Kumar","Gaurav Sharma",null,"Kumar Tanksale","Raghavendra Araveeti","gaurav.sharma@v5global.co.in","gaurav.sharma@v5global.co.in","nkumar12@lenovo.com","ktanksale1@lenovo.com","raraveeti@lenovo.com","ASO","Shilpi Gautam","sgautam2@lenovo.com",null,"Kumar Tanksale",null,"ktanksale1@lenovo.com",null,"2025-12-07","16:46:00","30.7168055,76.7243837","Netcom Computer",{"$nulls":3},"T3","NA","North1",null,"T-18081","Kangra","Himachal Pradesh","Denave",null,"Yes","Face to Face","F0HN00PGIN",1,"Lenovo","AIO","AIO i-24IRH9","i3-1315U-8-512-UHD-W11-O24-23.80","Win 11","AIO","Mainstream","i3-1315U","Consumer",57990,null,"AIO",57990,"North1",68428.2,"",null,"North1","Premium","Mainstream","i3 OS"]
[21687786,"Manish Kumar ","manish.k@v5global.co.in",9815306161,"V5 Global","Chandigarh","V5294765","Punjab","Punjab",null,"V5 Global",null,null,"Shivam Kumar1","shivam.kumar1@v5global.co.in",null,"North1",null,"External Consumer","ASO","V5 Global ASO",null,"FT",null,"ASO",null,"Naveen Kumar","Gaurav Sharma",null,"Kumar Tanksale","Raghavendra Araveeti","gaurav.sharma@v5global.co.in","gaurav.sharma@v5global.co.in","nkumar12@lenovo.com","ktanksale1@lenovo.com","raraveeti@lenovo.com","ASO","Shilpi Gautam","sgautam2@lenovo.com",null,"Kumar Tanksale",null,"ktanksale1@lenovo.com",null,"2025-12-07","16:46:00","30.7168084,76.7243647","Roshni computer",{"$nulls":3},"T3",null,"North1",null,"T-20581","Kangra","Himachal Pradesh","Denave",null,"Yes","Face to Face","F0HN00PGIN",1,"Lenovo","AIO","AIO i-24IRH9","i3-1315U-8-512-UHD-W11-O24-23.80","Win 11","AIO","Mainstream","i3-1315U","Consumer",57990,null,"AIO",57990,"North1",68428.2,"",null,"North1","Premium","Mainstream","i3 OS"]
[21687787,"Manish Kumar ","manish.k@v5global.co.in",9815306161,"V5 Global","Chandigarh","V5294765","Punjab","Punjab",null,"V5 Global",null,null,"Shivam Kumar1","shivam.kumar1@v5global.co.in",null,"North1",null,"External Consumer","ASO","V5 Global ASO",null,"FT",null,"ASO",null,"Naveen Kumar","Gaurav Sharma",null,"Kumar Tanksale","Raghavendra Araveeti","gaurav.sharma@v5global.co.in","gaurav.sharma@v5global.co.in","nkumar12@lenovo.com","ktanksale1@lenovo.com","raraveeti@lenovo.com","ASO","Shilpi Gautam","sgautam2@lenovo.com",null,"Kumar Tanksale",null,"ktanksale1@lenovo.com",null,"2025-12-07","16:47:00","30.7168244,76.7243536","JURRY FURNISHER",{"$nulls":3},"T3",null,"North1",null,"T-3383","Dharamshala","Himachal Pradesh","Denave",null,"Yes","Face to Face","F0HN00PGIN",1,"Lenovo","AIO","AIO i-24IRH9","i3-1315U-8-512-UHD-W11-O24-23.80","Win 11","AIO","Mainstream","i3-1315U","Consumer",57990,null,"AIO",57990,"North1",68428.2,"",null,"North1","Premium","Mainstream","i3 OS"]
[21690162,"Manpreet Singh Brar","manpreet.brar@v5global.co.in",9780000315,"V5 Global","Ludhiana","V5414354","Punjab","Punjab",null,"V5 Global",null,null,"Shivam Kumar1","shivam.kumar1@v5global.co.in",null,"North1",null,"External Consumer","ASO","V5 Global ASO",null,"FT",null,"ASO",null,"Karan Kapoor","Gaurav Sharma",null,"Kumar Tanksale","Raghavendra Araveeti","gaurav.sharma@v5global.co.in","gaurav.sharma@v5global.co.in","kkapoor@lenovo.com","ktanksale1@lenovo.com","raraveeti@lenovo.com","ASO","Shilpi Gautam","sgautam2@lenovo.com",null,"Kumar Tanksale",null,"ktanksale1@lenovo.com",null,"2025-12-07","21:58:00","30.9227437,75.8280784","Krishna computer",{"$nulls":3},"T3","03FBNPS3410P1Z8","North1",null,"T-30370","Machiwara","PUNJAB","V5 Global",null,"Yes","Face to Face","82LX00F7IN",1,"Lenovo","Ideapad","Slim 1","LEN N4500 8GB 512GB SSD WIN11  1YR","Win 11","Thin & Light","Entry","N4500","Consumer",25900,null,"NB",25900,"North1",30562,"",null,"North1","Entry","Entry","-"]
[21690162,"Manpreet Singh Brar","manpreet.brar@v5global.co.in",9780000315,"V5 Global","Ludhiana","V5414354","Punjab","Punjab",null,"V5 Global",null,null,"Shivam Kumar1","shivam.kumar1@v5global.co.in",null,"North1",null,"External Consumer","ASO","V5 Global ASO",null,"FT",null,"ASO",null,"Karan Kapoor","Gaurav Sharma",null,"Kumar Tanksale","Raghavendra Araveeti","gaurav.sharma@v5global.co.in","gaurav.sharma@v5global.co.in","kkapoor@lenovo.com","ktanksale1@lenovo.com","raraveeti@lenovo.com","ASO","Shilpi Gautam","sgautam2@lenovo.com",null,"Kumar Tanksale",null,"ktanksale1@lenovo.com",null,"2025-12-07","21:58:00","30.9227437,75.8280784","Krishna computer",{"$nulls":3},"T3","03FBNPS3410P1Z8","North1",null,"T-30370","Machiwara","PUNJAB","V5 Global",null,"Yes","Face to Face","82X700HMIN",1,"Lenovo","IdeaPad Slim 3","Slim 3","15.6\", 8GB, 512GB, Integrated Intel UHD Graphics, Office Home 2024, Arctic Grey\t","Win 11","Thin & Light","Mainstream","Intel Core i3-1315U\t","Consumer",41000,null,"NB",41000,"North1",48380,"",null,"North1","Mainstream","Mainstream","i3 OS"]
[21690162,"Manpreet Singh Brar","manpreet.brar@v5global.co.in",9780000315,"V5 Global","Ludhiana","V5414354","Punjab","Punjab",null,"V5 Global",null,null,"Shivam Kumar1","shivam.kumar1@v5global.co.in",null,"North1",null,"External Consumer","ASO","V5 Global ASO",null,"FT",null,"ASO",null,"Karan Kapoor","Gaurav Sharma",null,"Kumar Tanksale","Raghavendra Araveeti","gaurav.sharma@v5global.co.in","gaurav.sharma@v5global.co.in","kkapoor@lenovo.com","ktanksale1@lenovo.com","raraveeti@lenovo.com","ASO","Shilpi Gautam","sgautam2@lenovo.com",null,"Kumar Tanksale",null,"ktanksale1@lenovo.com",null,"2025-12-07","21:58:00","30.9227437,75.8280784","Krishna computer",{"$nulls":3},"T3","03FBNPS3410P1Z8","North1",null,"T-30370","Machiwara","PUNJAB","V5 Global",null,"Yes","Face to Face","83ER00KSIN",1,"Lenovo","Ideapad","Slim 3i","i5-12450H-16GB, 512GB SSD-Integrated IntelÂ® UHD Graphics-OFFICE H&S 2021 -","Win 11","Thin & Light","Mainstream","i5-12450H","Consumer",56000,null,"NB",56000,"North1",66080,"",null,"North1","Premium","Mainstream","-"]
[21690182,"Manpreet Singh Brar","manpreet.brar@v5global.co.in",9780000315,"V5 Global","Ludhiana","V5414354","Punjab","Punjab",null,"V5 Global",null,null,"Shivam Kumar1","shivam.kumar1@v5global.co.in",null,"North1",null,"External Consumer","ASO","V5 Global ASO",null,"FT",null,"ASO",null,"Karan Kapoor","Gaurav Sharma",null,"Kumar Tanksale","Raghavendra Araveeti","gaurav.sharma@v5global.co.in","gaurav.sharma@v5global.co.in","kkapoor@lenovo.com","ktanksale1@lenovo.com","raraveeti@lenovo.com","ASO","Shilpi Gautam","sgautam2@lenovo.com",null,"Kumar Tanksale",null,"ktanksale1@lenovo.com",null,"2025-12-07","22:00:00","30.9227416,75.8280783","PIONEER INFOSYS",{"$nulls":3},"T3","03BHQPS9726M1ZG","North1",null,"T-4729","Ludhiana","PUNJAB","V5 Global",null,"Yes","Face to Face","90XW005UIN",2,"Lenovo","IdeaCentre","IdeaCentre 08IRH9","8GB RAM/512 GB SSD/Integrated Graphics/WINDOWS 11","Win 11","TDT","Entry","CORE I5","Consumer",32619,null,"TDT",65238,"North1",38490.42,"",null,"North1","Entry","Mainstream","NA"]
[21690202,"Manpreet Singh Brar","manpreet.brar@v5global.co.in",9780000315,"V5 Global","Ludhiana","V5414354","Punjab","Punjab",null,"V5 Global",null,null,"Shivam Kumar1","shivam.kumar1@v5global.co.in",null,"North1",null,"External Consumer","ASO","V5 Global ASO",null,"FT",null,"ASO",null,"Karan Kapoor","Gaurav Sharma",null,"Kumar Tanksale","Raghavendra Araveeti","gaurav.sharma@v5global.co.in","gaurav.sharma@v5global.co.in","kkapoor@lenovo.com","ktanksale1@lenovo.com","raraveeti@lenovo.com","ASO","Shilpi Gautam","sgautam2@lenovo.com",null,"Kumar Tanksale",null,"ktanksale1@lenovo.com",null,"2025-12-07","22:02:00","30.9227237,75.8280371","Varun Computer",{"$nulls":3},"T3","03AEDPV1872L1Z8","North1",null,"T-4763","Ludhiana","PUNJAB","V5 Global",null,"Yes","Face to Face","90XS005PIN",2,"Lenovo","IdeaCentre","IdeaCentre","IntelÂ® Coreâ„¢ i3-14100 4C, 8GB DDR5/512 SSD/ WiFi 6 + BT 5.2/ 260W/ SFF 8.2Lt / Wired KeyBoard & Mouse /Win 11 Home/1 Yr Onsite","Win 11","TDT","Entry","IntelÂ® Coreâ„¢ i3-14100","Consumer",31500,null,"TDT",63000,"North1",37170,"",null,"North1","Entry","Entry","i3 OS"]
[21690210,"Manpreet Singh Brar","manpreet.brar@v5global.co.in",9780000315,"V5 Global","Ludhiana","V5414354","Punjab","Punjab",null,"V5 Global",null,null,"Shivam Kumar1","shivam.kumar1@v5global.co.in",null,"North1",null,"External Consumer","ASO","V5 Global ASO",null,"FT",null,"ASO",null,"Karan Kapoor","Gaurav Sharma",null,"Kumar Tanksale","Raghavendra Araveeti","gaurav.sharma@v5global.co.in","gaurav.sharma@v5global.co.in","kkapoor@lenovo.com","ktanksale1@lenovo.com","raraveeti@lenovo.com","ASO","Shilpi Gautam","sgautam2@lenovo.com",null,"Kumar Tanksale",null,"ktanksale1@lenovo.com",null,"2025-12-07","22:03:00","30.9227408,75.8280581","GLOBAL TECHNOLOGIES",{"$nulls":3},"T3","03AEPJ1889E1ZT","North1",null,"T-4708","Ludhiana","PUNJAB","V5 Global",null,"Yes","Face to Face","82X700HMIN",2,"Lenovo","IdeaPad Slim 3","Slim 3","15.6\", 8GB, 512GB, Integrated Intel UHD Graphics, Office Home 2024, Arctic Grey\t","Win 11","Thin & Light","Mainstream","Intel Core i3-1315U\t","Consumer",41000,null,"NB",82000,"North1",48380,"",null,"North1","Mainstream","Mainstream","i3 OS"]
[21690222,"Manpreet Singh Brar","manpreet.brar@v5global.co.in",9780000315,"V5 Global","Ludhiana","V5414354","Punjab","Punjab",null,"V5 Global",null,null,"Shivam Kumar1","shivam.kumar1@v5global.co.in",null,"North1",null,"External Consumer","ASO","V5 Global ASO",null,"FT",null,"ASO",null,"Karan Kapoor","Gaurav Sharma",null,"Kumar Tanksale","Raghavendra Araveeti","gaurav.sharma@v5global.co.in","gaurav.sharma@v5global.co.in","kkapoor@lenovo.com","ktanksale1@lenovo.com","raraveeti@lenovo.com","ASO","Shilpi Gautam","sgautam2@lenovo.com",null,"Kumar Tanksale",null,"ktanksale1@lenovo.com",null,"2025-12-07","22:04:00","30.9227374,75.8280695","DATALINK COMPUTERS",{"$nulls":3},"T3","03AAXPK6333M1Z7","North1",null,"T-4702","Ludhiana","PUNJAB","V5 Global",null,"Yes","Face to Face","82X700G3IN",1,"Lenovo","Ideapad","Slim 3i","15.6\" FHD (1920x1080) TN 250nits Anti-glare / 8GB soldered memory, not upgradable / 512GB SSD M.2 2242 PCIeÂ® 4.0x4 NVMeÂ® / One M","Win 11","Thin & Light","Entry","IntelÂ® Coreâ„¢ i3-1315U","Consumer",35018,null,"NB",35018,"North1",41321.24,"",null,"North1","Mainstream","Mainstream","i3 OS"]
[21690222,"Manpreet Singh Brar","manpreet.brar@v5global.co.in",9780000315,"V5 Global","Ludhiana","V5414354","Punjab","Punjab",null,"V5 Global",null,null,"Shivam Kumar1","shivam.kumar1@v5global.co.in",null,"North1",null,"External Consumer","ASO","V5 Global ASO",null,"FT",null,"ASO",null,"Karan Kapoor","Gaurav Sharma",null,"Kumar Tanksale","Raghavendra Araveeti","gaurav.sharma@v5global.co.in","gaurav.sharma@v5global.co.in","kkapoor@lenovo.com","ktanksale1@lenovo.com","raraveeti@lenovo.com","ASO","Shilpi Gautam","sgautam2@lenovo.com",null,"Kumar Tanksale",null,"ktanksale1@lenovo.com",null,"2025-12-07","22:04:00","30.9227374,75.8280695","DATALINK COMPUTERS",{"$nulls":3},"T3","03AAXPK6333M1Z7","North1",null,"T-4702","Ludhiana","PUNJAB","V5 Global",null,"Yes","Face to Face","82X700G3IN",1,"Lenovo","Ideapad","Slim 3i","15.6\" FHD (1920x1080) TN 250nits Anti-glare / 8GB soldered memory, not upgradable / 512GB SSD M.2 2242 PCIeÂ® 4.0x4 NVMeÂ® / One M","Win 11","Thin & Light","Entry","IntelÂ® Coreâ„¢ i3-1315U","Consumer",35018,null,"NB",35018,"North1",41321.24,"",null,"North1","Mainstream","Mainstream","i3 OS"]
[21690225,"Manpreet Singh Brar","manpreet.brar@v5global.co.in",9780000315,"V5 Global","Ludhiana","V5414354","Punjab","Punjab",null,"V5 Global",null,null,"Shivam Kumar1","shivam.kumar1@v5global.co.in",null,"North1",null,"External Consumer","ASO","V5 Global ASO",null,"FT",null,"ASO",null,"Karan Kapoor","Gaurav Sharma",null,"Kumar Tanksale","Raghavendra Araveeti","gaurav.sharma@v5global.co.in","gaurav.sharma@v5global.co.in","kkapoor@lenovo.com","ktanksale1@lenovo.com","raraveeti@lenovo.com","ASO","Shilpi Gautam","sgautam2@lenovo.com",null,"Kumar Tanksale",null,"ktanksale1@lenovo.com",null,"2025-12-07","22:05:00","30.9227383,75.8280721","ZX COMPUTERS",{"$nulls":3},"T3","03BASPS8981B1Z8","North1",null,"T-4751","Ludhiana","PUNJAB","V5 Global",null,"Yes","Face to Face","F0HN00PHIN",2,"Lenovo","AIO","AIO","LEN I5-13420H 16GB 512GB SSD 23.8 MSO","Win 11","AIO","Mainstream","i5-13420H","Consumer",53381,null,"AIO",106762,"North1",62989.579999999994,"",null,"North1","Mainstream","Mainstream","-"]
[21690232,"Manpreet Singh Brar","manpreet.brar@v5global.co.in",9780000315,"V5 Global","Ludhiana","V5414354","Punjab","Punjab",null,"V5 Global",null,null,"Shivam Kumar1","shivam.kumar1@v5global.co.in",null,"North1",null,"External Consumer","ASO","V5 Global ASO",null,"FT",null,"ASO",null,"Karan Kapoor","Gaurav Sharma",null,"Kumar Tanksale","Raghavendra Araveeti","gaurav.sharma@v5global.co.in","gaurav.sharma@v5global.co.in","kkapoor@lenovo.com","ktanksale1@lenovo.com","raraveeti@lenovo.com","ASO","Shilpi Gautam","sgautam2@lenovo.com",null,"Kumar Tanksale",null,"ktanksale1@lenovo.com",null,"2025-12-07","22:06:00","30.9227417,75.82809","VIJ WORLD",{"$nulls":3},"T3","03AGBPV3890J1Z4","North1",null,"T-4508","Hoshiarpur","PUNJAB","V5 Global",null,"Yes","Face to Face","F0HN00PHIN",2,"Lenovo","AIO","AIO","LEN I5-13420H 16GB 512GB SSD 23.8 MSO","Win 11","AIO","Mainstream","i5-13420H","Consumer",53381,null,"AIO",{"$f":"BV387*BL387","v":106762},{"$f":"Q387","v":"North1"},{"$f":"BV387*118%","v":62989.579999999994},{"$f":"IF(CF387=\"Premium\",IF(CA387>=65000,\"SP\",\"\"),\"\")","v":""},null,"North1",{"$f":"IF(BU387=\"Consumer\",IF(CA387<40000,\"Entry\",IF(AND(CA387>=40000,CA387<65000),\"Mainstream\",\"Premium\")),IF(BU387=\"Visuals\",BS387,\"NA\"))","v":"Mainstream"},"Mainstream","-"]
[21690238,"Manpreet Singh Brar","manpreet.brar@v5global.co.in",9780000315,"V5 Global","Ludhiana","V5414354","Punjab","Punjab",null,"V5 Global",null,null,"Shivam Kumar1","shivam.kumar1@v5global.co.in",null,"North1",null,"External Consumer","ASO","V5 Global ASO",null,"FT",null,"ASO",null,"Karan Kapoor","Gaurav Sharma",null,"Kumar Tanksale","Raghavendra Araveeti","gaurav.sharma@v5global.co.in","gaurav.sharma@v5global.co.in","kkapoor@lenovo.com","ktanksale1@lenovo.com","raraveeti@lenovo.com","ASO","Shilpi Gautam","sgautam2@lenovo.com",null,"Kumar Tanksale",null,"ktanksale1@lenovo.com",null,"2025-12-07","22:07:00","30.9227463,75.8280829","VN Computer",{"$nulls":3},"T3","03AJWPM6923B1Z6","North1",null,"T-30884","Phagwara","PUNJAB","V5 Global",null,"Yes","Face to Face","F0HN00PHIN",1,"Lenovo","AIO","AIO","LEN I5-13420H 16GB 512GB SSD 23.8 MSO","Win 11","AIO","Mainstream","i5-13420H","Consumer",53381,null,"AIO",53381,"North1",62989.579999999994,"",null,"North1","Mainstream","Mainstream","-"]
[21690238,"Manpreet Singh Brar","manpreet.brar@v5global.co.in",9780000315,"V5 Global","Ludhiana","V5414354","Punjab","Punjab",null,"V5 Global",null,null,"Shivam Kumar1","shivam.kumar1@v5global.co.in",null,"North1",null,"External Consumer","ASO","V5 Global ASO",null,"FT",null,"ASO",null,"Karan Kapoor","Gaurav Sharma",null,"Kumar Tanksale","Raghavendra Araveeti","gaurav.sharma@v5global.co.in","gaurav.sharma@v5global.co.in","kkapoor@lenovo.com","ktanksale1@lenovo.com","raraveeti@lenovo.com","ASO","Shilpi Gautam","sgautam2@lenovo.com",null,"Kumar Tanksale",null,"ktanksale1@lenovo.com",null,"2025-12-07","22:07:00","30.9227463,75.8280829","VN Computer",{"$nulls":3},"T3","03AJWPM6923B1Z6","North1",null,"T-30884","Phagwara","PUNJAB","V5 Global",null,"Yes","Face to Face","F0HN003WIN",1,"Lenovo","IdeaCentre","IdeaCentre AIO 24IRH9","DT IC AIO 24IRH9 I513420H 512G 16G","Win 11","AIO","Mainstream","i5 13420H","Consumer",61990,null,"AIO",61990,"North1",73148.2,"",null,"North1","Premium","Mainstream","-"]
[21690250,"Manpreet Singh Brar","manpreet.brar@v5global.co.in",9780000315,"V5 Global","Ludhiana","V5414354","Punjab","Punjab",null,"V5 Global",null,null,"Shivam Kumar1","shivam.kumar1@v5global.co.in",null,"North1",null,"External Consumer","ASO","V5 Global ASO",null,"FT",null,"ASO",null,"Karan Kapoor","Gaurav Sharma",null,"Kumar Tanksale","Raghavendra Araveeti","gaurav.sharma@v5global.co.in","gaurav.sharma@v5global.co.in","kkapoor@lenovo.com","ktanksale1@lenovo.com","raraveeti@lenovo.com","ASO","Shilpi Gautam","sgautam2@lenovo.com",null,"Kumar Tanksale",null,"ktanksale1@lenovo.com",null,"2025-12-07","22:09:00","30.9227109,75.8280693","P.V.TRADERS",{"$nulls":3},"T3","03AAWFP7398G1ZI","North1",null,"T-4726","Ludhiana","PUNJAB","V5 Global",null,"Yes","Face to Face","83DV01AAIN",1,"Lenovo","LOQ","LOQ","LOQ I5 13gen 16GB RAM 512 gb SSD RTX4050 win11 MSO\t","Win 11","Gaming","Premium","I5 13gen","Consumer",78000,null,"NB",78000,"North1",92040,"SP","Gaming","North1","Premium","Premium","-"]
[21690250,"Manpreet Singh Brar","manpreet.brar@v5global.co.in",9780000315,"V5 Global","Ludhiana","V5414354","Punjab","Punjab",null,"V5 Global",null,null,"Shivam Kumar1","shivam.kumar1@v5global.co.in",null,"North1",null,"External Consumer","ASO","V5 Global ASO",null,"FT",null,"ASO",null,"Karan Kapoor","Gaurav Sharma",null,"Kumar Tanksale","Raghavendra Araveeti","gaurav.sharma@v5global.co.in","gaurav.sharma@v5global.co.in","kkapoor@lenovo.com","ktanksale1@lenovo.com","raraveeti@lenovo.com","ASO","Shilpi Gautam","sgautam2@lenovo.com",null,"Kumar Tanksale",null,"ktanksale1@lenovo.com",null,"2025-12-07","22:09:00","30.9227109,75.8280693","P.V.TRADERS",{"$nulls":3},"T3","03AAWFP7398G1ZI","North1",null,"T-4726","Ludhiana","PUNJAB","V5 Global",null,"Yes","Face to Face","90XS005PIN",2,"Lenovo","IdeaCentre","IdeaCentre","IntelÂ® Coreâ„¢ i3-14100 4C, 8GB DDR5/512 SSD/ WiFi 6 + BT 5.2/ 260W/ SFF 8.2Lt / Wired KeyBoard & Mouse /Win 11 Home/1 Yr Onsite","Win 11","TDT","Entry","IntelÂ® Coreâ„¢ i3-14100","Consumer",31500,null,"TDT",63000,"North1",37170,"",null,"North1","Entry","Entry","i3 OS"]
[21690270,"Manpreet Singh Brar","manpreet.brar@v5global.co.in",9780000315,"V5 Global","Ludhiana","V5414354","Punjab","Punjab",null,"V5 Global",null,null,"Shivam Kumar1","shivam.kumar1@v5global.co.in",null,"North1",null,"External Consumer","ASO","V5 Global ASO",null,"FT",null,"ASO",null,"Karan Kapoor","Gaurav Sharma",null,"Kumar Tanksale","Raghavendra Araveeti","gaurav.sharma@v5global.co.in","gaurav.sharma@v5global.co.in","kkapoor@lenovo.com","ktanksale1@lenovo.com","raraveeti@lenovo.com","ASO","Shilpi Gautam","sgautam2@lenovo.com",null,"Kumar Tanksale",null,"ktanksale1@lenovo.com",null,"2025-12-07","22:11:00","30.9227824,75.8280807","SAGGI COMPUTER WORLD",{"$nulls":3},"T3","03BKLPS8683K1ZC","North1",null,"T-4497","Hoshiarpur","PUNJAB","V5 Global",null,"Yes","Face to Face","90XS005PIN",1,"Lenovo","IdeaCentre","IdeaCentre","IntelÂ® Coreâ„¢ i3-14100 4C, 8GB DDR5/512 SSD/ WiFi 6 + BT 5.2/ 260W/ SFF 8.2Lt / Wired KeyBoard & Mouse /Win 11 Home/1 Yr Onsite","Win 11","TDT","Entry","IntelÂ® Coreâ„¢ i3-14100","Consumer",31500,null,"TDT",31500,"North1",37170,"",null,"North1","Entry","Entry","i3 OS"]
[21690276,"Manpreet Singh Brar","manpreet.brar@v5global.co.in",9780000315,"V5 Global","Ludhiana","V5414354","Punjab","Punjab",null,"V5 Global",null,null,"Shivam Kumar1","shivam.kumar1@v5global.co.in",null,"North1",null,"External Consumer","ASO","V5 Global ASO",null,"FT",null,"ASO",null,"Karan Kapoor","Gaurav Sharma",null,"Kumar Tanksale","Raghavendra Araveeti","gaurav.sharma@v5global.co.in","gaurav.sharma@v5global.co.in","kkapoor@lenovo.com","ktanksale1@lenovo.com","raraveeti@lenovo.com","ASO","Shilpi Gautam","sgautam2@lenovo.com",null,"Kumar Tanksale",null,"ktanksale1@lenovo.com",null,"2025-12-07","22:12:00","30.9226768,75.8280783","NEEL KAMAL COMPUTERS",{"$nulls":3},"T3","03BXLPS4489J1ZS","North1",null,"T-4591","Hoshiyarpur","PUNJAB","V5 Global",null,"Yes","Face to Face","90XS005PIN",1,"Lenovo","IdeaCentre","IdeaCentre","IntelÂ® Coreâ„¢ i3-14100 4C, 8GB DDR5/512 SSD/ WiFi 6 + BT 5.2/ 260W/ SFF 8.2Lt / Wired KeyBoard & Mouse /Win 11 Home/1 Yr Onsite","Win 11","TDT","Entry","IntelÂ® Coreâ„¢ i3-14100","Consumer",31500,null,"TDT",31500,"North1",37170,"",null,"North1","Entry","Entry","i3 OS"]
[21690280,"Manpreet Singh Brar","manpreet.brar@v5global.co.in",9780000315,"V5 Global","Ludhiana","V5414354","Punjab","Punjab",null,"V5 Global",null,null,"Shivam Kumar1","shivam.kumar1@v5global.co.in",null,"North1",null,"External Consumer","ASO","V5 Global ASO",null,"FT",null,"ASO",null,"Karan Kapoor","Gaurav Sharma",null,"Kumar Tanksale","Raghavendra Araveeti","gaurav.sharma@v5global.co.in","gaurav.sharma@v5global.co.in","kkapoor@lenovo.com","ktanksale1@lenovo.com","raraveeti@lenovo.com","ASO","Shilpi Gautam","sgautam2@lenovo.com",null,"Kumar Tanksale",null,"ktanksale1@lenovo.com",null,"2025-12-07","22:12:00","30.922795,75.8280796","BAHRI COMPUTER STORE",{"$nulls":3},"T3","03AGFPB6711N1ZM","North1",null,"T-4464","Nawanshahr","PUNJAB","V5 Global",null,"Yes","Face to Face","90XS005PIN",1,"Lenovo","IdeaCentre","IdeaCentre","IntelÂ® Coreâ„¢ i3-14100 4C, 8GB DDR5/512 SSD/ WiFi 6 + BT 5.2/ 260W/ SFF 8.2Lt / Wired KeyBoard & Mouse /Win 11 Home/1 Yr Onsite","Win 11","TDT","Entry","IntelÂ® Coreâ„¢ i3-14100","Consumer",31500,null,"TDT",31500,"North1",37170,"",null,"North1","Entry","Entry","i3 OS"]
[21690283,"Manpreet Singh Brar","manpreet.brar@v5global.co.in",9780000315,"V5 Global","Ludhiana","V5414354","Punjab","Punjab",null,"V5 Global",null,null,"Shivam Kumar1","shivam.kumar1@v5global.co.in",null,"North1",null,"External Consumer","ASO","V5 Global ASO",null,"FT",null,"ASO",null,"Karan Kapoor","Gaurav Sharma",null,"Kumar Tanksale","Raghavendra Araveeti","gaurav.sharma@v5global.co.in","gaurav.sharma@v5global.co.in","kkapoor@lenovo.com","ktanksale1@lenovo.com","raraveeti@lenovo.com","ASO","Shilpi Gautam","sgautam2@lenovo.com",null,"Kumar Tanksale",null,"ktanksale1@lenovo.com",null,"2025-12-07","22:12:00","30.9228124,75.8280278","JD ENTERPRISES",{"$nulls":3},"T3","03AKNPD3153E1ZO","North1",null,"T-4478","Jalandhar","PUNJAB","V5 Global",null,"Yes","Face to Face","90XS005PIN",1,"Lenovo","IdeaCentre","IdeaCentre","IntelÂ® Coreâ„¢ i3-14100 4C, 8GB DDR5/512 SSD/ WiFi 6 + BT 5.2/ 260W/ SFF 8.2Lt / Wired KeyBoard & Mouse /Win 11 Home/1 Yr Onsite","Win 11","TDT","Entry","IntelÂ® Coreâ„¢ i3-14100","Consumer",31500,null,"TDT",31500,"North1",37170,"",null,"North1","Entry","Entry","i3 OS"]
[21690284,"Manpreet Singh Brar","manpreet.brar@v5global.co.in",9780000315,"V5 Global","Ludhiana","V5414354","Punjab","Punjab",null,"V5 Global",null,null,"Shivam Kumar1","shivam.kumar1@v5global.co.in",null,"North1",null,"External Consumer","ASO","V5 Global ASO",null,"FT",null,"ASO",null,"Karan Kapoor","Gaurav Sharma",null,"Kumar Tanksale","Raghavendra Araveeti","gaurav.sharma@v5global.co.in","gaurav.sharma@v5global.co.in","kkapoor@lenovo.com","ktanksale1@lenovo.com","raraveeti@lenovo.com","ASO","Shilpi Gautam","sgautam2@lenovo.com",null,"Kumar Tanksale",null,"ktanksale1@lenovo.com",null,"2025-12-07","22:12:00","30.9227828,75.828081","IMPLE INFOSYS",{"$nulls":3},"T3","03AABFI0861Q1ZB","North1",null,"T-4596","Jalandhar","PUNJAB","V5 Global",null,"Yes","Face to Face","90XS005PIN",1,"Lenovo","IdeaCentre","IdeaCentre","IntelÂ® Coreâ„¢ i3-14100 4C, 8GB DDR5/512 SSD/ WiFi 6 + BT 5.2/ 260W/ SFF 8.2Lt / Wired KeyBoard & Mouse /Win 11 Home/1 Yr Onsite","Win 11","TDT","Entry","IntelÂ® Coreâ„¢ i3-14100","Consumer",31500,null,"TDT",31500,"North1",37170,"",null,"North1","Entry","Entry","i3 OS"]
[21690286,"Manpreet Singh Brar","manpreet.brar@v5global.co.in",9780000315,"V5 Global","Ludhiana","V5414354","Punjab","Punjab",null,"V5 Global",null,null,"Shivam Kumar1","shivam.kumar1@v5global.co.in",null,"North1",null,"External Consumer","ASO","V5 Global ASO",null,"FT",null,"ASO",null,"Karan Kapoor","Gaurav Sharma",null,"Kumar Tanksale","Raghavendra Araveeti","gaurav.sharma@v5global.co.in","gaurav.sharma@v5global.co.in","kkapoor@lenovo.com","ktanksale1@lenovo.com","raraveeti@lenovo.com","ASO","Shilpi Gautam","sgautam2@lenovo.com",null,"Kumar Tanksale",null,"ktanksale1@lenovo.com",null,"2025-12-07","22:13:00","30.9227554,75.8280656","Malhotra Infocomm",{"$nulls":3},"T3","03AAKFM6031H1ZJ","North1",null,"T-30921","Kapurthala","Punjab","V5 Global",null,"Yes","Face to Face","90XS005PIN",1,"Lenovo","IdeaCentre","IdeaCentre","IntelÂ® Coreâ„¢ i3-14100 4C, 8GB DDR5/512 SSD/ WiFi 6 + BT 5.2/ 260W/ SFF 8.2Lt / Wired KeyBoard & Mouse /Win 11 Home/1 Yr Onsite","Win 11","TDT","Entry","IntelÂ® Coreâ„¢ i3-14100","Consumer",31500,null,"TDT",31500,"North1",37170,"",null,"North1","Entry","Entry","i3 OS"]
[21690289,"Manpreet Singh Brar","manpreet.brar@v5global.co.in",9780000315,"V5 Global","Ludhiana","V5414354","Punjab","Punjab",null,"V5 Global",null,null,"Shivam Kumar1","shivam.kumar1@v5global.co.in",null,"North1",null,"External Consumer","ASO","V5 Global ASO",null,"FT",null,"ASO",null,"Karan Kapoor","Gaurav Sharma",null,"Kumar Tanksale","Raghavendra Araveeti","gaurav.sharma@v5global.co.in","gaurav.sharma@v5global.co.in","kkapoor@lenovo.com","ktanksale1@lenovo.com","raraveeti@lenovo.com","ASO","Shilpi Gautam","sgautam2@lenovo.com",null,"Kumar Tanksale",null,"ktanksale1@lenovo.com",null,"2025-12-07","22:13:00","30.9227275,75.8280664","Om Computers",{"$nulls":3},"T3","03AUZPG8971B1ZB","North1",null,"T-4762","Ludhiana","PUNJAB","V5 Global",null,"Yes","Face to Face","90XS005PIN",1,"Lenovo","IdeaCentre","IdeaCentre","IntelÂ® Coreâ„¢ i3-14100 4C, 8GB DDR5/512 SSD/ WiFi 6 + BT 5.2/ 260W/ SFF 8.2Lt / Wired KeyBoard & Mouse /Win 11 Home/1 Yr Onsite","Win 11","TDT","Entry","IntelÂ® Coreâ„¢ i3-14100","Consumer",31500,null,"TDT",31500,"North1",37170,"",null,"North1","Entry","Entry","i3 OS"]
[21690292,"Manpreet Singh Brar","manpreet.brar@v5global.co.in",9780000315,"V5 Global","Ludhiana","V5414354","Punjab","Punjab",null,"V5 Global",null,null,"Shivam Kumar1","shivam.kumar1@v5global.co.in",null,"North1",null,"External Consumer","ASO","V5 Global ASO",null,"FT",null,"ASO",null,"Karan Kapoor","Gaurav Sharma",null,"Kumar Tanksale","Raghavendra Araveeti","gaurav.sharma@v5global.co.in","gaurav.sharma@v5global.co.in","kkapoor@lenovo.com","ktanksale1@lenovo.com","raraveeti@lenovo.com","ASO","Shilpi Gautam","sgautam2@lenovo.com",null,"Kumar Tanksale",null,"ktanksale1@lenovo.com",null,"2025-12-07","22:14:00","30.9227721,75.8280903","B TECH SOLUTION",{"$nulls":3},"T3","03AFUPB6863K1Z2","North1",null,"T-4689","Ludhiana","PUNJAB","V5 Global",null,"Yes","Face to Face","90XS005PIN",1,"Lenovo","IdeaCentre","IdeaCentre","IntelÂ® Coreâ„¢ i3-14100 4C, 8GB DDR5/512 SSD/ WiFi 6 + BT 5.2/ 260W/ SFF 8.2Lt / Wired KeyBoard & Mouse /Win 11 Home/1 Yr Onsite","Win 11","TDT","Entry","IntelÂ® Coreâ„¢ i3-14100","Consumer",31500,null,"TDT",31500,"North1",37170,"",null,"North1","Entry","Entry","i3 OS"]
[21690296,"Manpreet Singh Brar","manpreet.brar@v5global.co.in",9780000315,"V5 Global","Ludhiana","V5414354","Punjab","Punjab",null,"V5 Global",null,null,"Shivam Kumar1","shivam.kumar1@v5global.co.in",null,"North1",null,"External Consumer","ASO","V5 Global ASO",null,"FT",null,"ASO",null,"Karan Kapoor","Gaurav Sharma",null,"Kumar Tanksale","Raghavendra Araveeti","gaurav.sharma@v5global.co.in","gaurav.sharma@v5global.co.in","kkapoor@lenovo.com","ktanksale1@lenovo.com","raraveeti@lenovo.com","ASO","Shilpi Gautam","sgautam2@lenovo.com",null,"Kumar Tanksale",null,"ktanksale1@lenovo.com",null,"2025-12-07","22:14:00","30.9227546,75.8280799","INFO 2000",{"$nulls":3},"T3","03AABFI483L1ZH","North1",null,"T-4715","Ludhiana","PUNJAB","V5 Global",null,"Yes","Face to Face","90XS005PIN",1,"Lenovo","IdeaCentre","IdeaCentre","IntelÂ® Coreâ„¢ i3-14100 4C, 8GB DDR5/512 SSD/ WiFi 6 + BT 5.2/ 260W/ SFF 8.2Lt / Wired KeyBoard & Mouse /Win 11 Home/1 Yr Onsite","Win 11","TDT","Entry","IntelÂ® Coreâ„¢ i3-14100","Consumer",31500,null,"TDT",31500,"North1",37170,"",null,"North1","Entry","Entry","i3 OS"]
[21690297,"Anmol Sachdeva","anmol.sachdeva@v5global.co.in",9780132392,"V5 Global","BHATINDA","V5433235","PUNJAB","PUNJAB","-","V5 Global",null,null,"Shivam Kumar1","shivam.kumar1@v5global.co.in",null,"North1",null,"External Consumer","ASO","V5 Global ASO",null,"FT",null,"ASO",null,"Naveen Kumar","Gaurav Sharma",null,"Kumar Tanksale","Raghavendra Araveeti","gaurav.sharma@v5global.co.in","gaurav.sharma@v5global.co.in","nkumar12@lenovo.com","ktanksale1@lenovo.com","raraveeti@lenovo.com","ASO","Shilpi Gautam","sgautam2@lenovo.com",null,"Kumar Tanksale",null,"ktanksale1@lenovo.com",null,"2025-12-07","22:14:00","30.6748559,74.7558928","Harnoor computers",{"$nulls":3},"T3","03GDDPS0393Q1ZZ","North1",null,"T-20348","Faridkot","Punjab","Denave",null,"Yes","Face to Face","83K100CAIN",1,"Lenovo","Ideapad","Slim 3","NB IP Slim 3 15IRH10 I5 8G 512G 11S","Win 11","Thin & Light","Premium","i5 13420H/8GB/512GB SSD","Consumer",56251,null,"NB",56251,"North1",66376.18,"",null,"North1","Premium","Mainstream","-"]
[21690298,"Manpreet Singh Brar","manpreet.brar@v5global.co.in",9780000315,"V5 Global","Ludhiana","V5414354","Punjab","Punjab",null,"V5 Global",null,null,"Shivam Kumar1","shivam.kumar1@v5global.co.in",null,"North1",null,"External Consumer","ASO","V5 Global ASO",null,"FT",null,"ASO",null,"Karan Kapoor","Gaurav Sharma",null,"Kumar Tanksale","Raghavendra Araveeti","gaurav.sharma@v5global.co.in","gaurav.sharma@v5global.co.in","kkapoor@lenovo.com","ktanksale1@lenovo.com","raraveeti@lenovo.com","ASO","Shilpi Gautam","sgautam2@lenovo.com",null,"Kumar Tanksale",null,"ktanksale1@lenovo.com",null,"2025-12-07","22:14:00","30.9227865,75.8280233","PAWAR LAPTOP POINT",{"$nulls":3},"T3","03BLTPS8923D1ZQ","North1",null,"T-4728","Ludhiana","PUNJAB","V5 Global",null,"Yes","Face to Face","90XS005PIN",1,"Lenovo","IdeaCentre","IdeaCentre","IntelÂ® Coreâ„¢ i3-14100 4C, 8GB DDR5/512 SSD/ WiFi 6 + BT 5.2/ 260W/ SFF 8.2Lt / Wired KeyBoard & Mouse /Win 11 Home/1 Yr Onsite","Win 11","TDT","Entry","IntelÂ® Coreâ„¢ i3-14100","Consumer",31500,null,"TDT",31500,"North1",37170,"",null,"North1","Entry","Entry","i3 OS"]
[21690302,"Manpreet Singh Brar","manpreet.brar@v5global.co.in",9780000315,"V5 Global","Ludhiana","V5414354","Punjab","Punjab",null,"V5 Global",null,null,"Shivam Kumar1","shivam.kumar1@v5global.co.in",null,"North1",null,"External Consumer","ASO","V5 Global ASO",null,"FT",null,"ASO",null,"Karan Kapoor","Gaurav Sharma",null,"Kumar Tanksale","Raghavendra Araveeti","gaurav.sharma@v5global.co.in","gaurav.sharma@v5global.co.in","kkapoor@lenovo.com","ktanksale1@lenovo.com","raraveeti@lenovo.com","ASO","Shilpi Gautam","sgautam2@lenovo.com",null,"Kumar Tanksale",null,"ktanksale1@lenovo.com",null,"2025-12-07","22:15:00","30.922767,75.827955","AS Digitals",{"$nulls":3},"T3","03ABYFA1780G1ZB","North1",null,"T-30375","Ludhiana","PUNJAB","V5 Global",null,"Yes","Face to Face","90XS005PIN",1,"Lenovo","IdeaCentre","IdeaCentre","IntelÂ® Coreâ„¢ i3-14100 4C, 8GB DDR5/512 SSD/ WiFi 6 + BT 5.2/ 260W/ SFF 8.2Lt / Wired KeyBoard & Mouse /Win 11 Home/1 Yr Onsite","Win 11","TDT","Entry","IntelÂ® Coreâ„¢ i3-14100","Consumer",31500,null,"TDT",31500,"North1",37170,"",null,"North1","Entry","Entry","i3 OS"]
[21690303,"Manpreet Singh Brar","manpreet.brar@v5global.co.in",9780000315,"V5 Global","Ludhiana","V5414354","Punjab","Punjab",null,"V5 Global",null,null,"Shivam Kumar1","shivam.kumar1@v5global.co.in",null,"North1",null,"External Consumer","ASO","V5 Global ASO",null,"FT",null,"ASO",null,"Karan Kapoor","Gaurav Sharma",null,"Kumar Tanksale","Raghavendra Araveeti","gaurav.sharma@v5global.co.in","gaurav.sharma@v5global.co.in","kkapoor@lenovo.com","ktanksale1@lenovo.com","raraveeti@lenovo.com","ASO","Shilpi Gautam","sgautam2@lenovo.com",null,"Kumar Tanksale",null,"ktanksale1@lenovo.com",null,"2025-12-07","22:15:00","30.9227297,75.8280169","Muneet telecom",{"$nulls":3},"T3","03BLBPS9043L2Z8","North1",null,"T-30365","Machiwara","PUNJAB","V5 Global",null,"Yes","Face to Face","90XS005PIN",1,"Lenovo","IdeaCentre","IdeaCentre","IntelÂ® Coreâ„¢ i3-14100 4C, 8GB DDR5/512 SSD/ WiFi 6 + BT 5.2/ 260W/ SFF 8.2Lt / Wired KeyBoard & Mouse /Win 11 Home/1 Yr Onsite","Win 11","TDT","Entry","IntelÂ® Coreâ„¢ i3-14100","Consumer",31500,null,"TDT",31500,"North1",37170,"",null,"North1","Entry","Entry","i3 OS"]
[21690307,"Manpreet Singh Brar","manpreet.brar@v5global.co.in",9780000315,"V5 Global","Ludhiana","V5414354","Punjab","Punjab",null,"V5 Global",null,null,"Shivam Kumar1","shivam.kumar1@v5global.co.in",null,"North1",null,"External Consumer","ASO","V5 Global ASO",null,"FT",null,"ASO",null,"Karan Kapoor","Gaurav Sharma",null,"Kumar Tanksale","Raghavendra Araveeti","gaurav.sharma@v5global.co.in","gaurav.sharma@v5global.co.in","kkapoor@lenovo.com","ktanksale1@lenovo.com","raraveeti@lenovo.com","ASO","Shilpi Gautam","sgautam2@lenovo.com",null,"Kumar Tanksale",null,"ktanksale1@lenovo.com",null,"2025-12-07","22:15:00","30.9227673,75.8280329","Anand Computer Services",{"$nulls":3},"T3","03AVDPC6263D2Z5","North1",null,"T-30887","Machiwara","PUNJAB","V5 Global",null,"Yes","Face to Face","90XS005PIN",1,"Lenovo","IdeaCentre","IdeaCentre","IntelÂ® Coreâ„¢ i3-14100 4C, 8GB DDR5/512 SSD/ WiFi 6 + BT 5.2/ 260W/ SFF 8.2Lt / Wired KeyBoard & Mouse /Win 11 Home/1 Yr Onsite","Win 11","TDT","Entry","IntelÂ® Coreâ„¢ i3-14100","Consumer",31500,null,"TDT",31500,"North1",37170,"",null,"North1","Entry","Entry","i3 OS"]
[21690309,"Anmol Sachdeva","anmol.sachdeva@v5global.co.in",9780132392,"V5 Global","BHATINDA","V5433235","PUNJAB","PUNJAB","-","V5 Global",null,null,"Shivam Kumar1","shivam.kumar1@v5global.co.in",null,"North1",null,"External Consumer","ASO","V5 Global ASO",null,"FT",null,"ASO",null,"Naveen Kumar","Gaurav Sharma",null,"Kumar Tanksale","Raghavendra Araveeti","gaurav.sharma@v5global.co.in","gaurav.sharma@v5global.co.in","nkumar12@lenovo.com","ktanksale1@lenovo.com","raraveeti@lenovo.com","ASO","Shilpi Gautam","sgautam2@lenovo.com",null,"Kumar Tanksale",null,"ktanksale1@lenovo.com",null,"2025-12-07","22:16:00","30.6748622,74.7558913","Multiple workstation",{"$nulls":3},"T3","03ANGPK0748Q1ZQ","North1",null,"T-24407","Barnala","PUNJAB","V5 Global",null,"Yes","Face to Face","90XW0022IN",1,"Lenovo","IdeaCentre","IdeaCentre 3","Intel Core i7-13620H,10C SFF 7.4 Lt,8 GB DDR4 ,512 GB SSD","DOS","TDT","Mainstream","Intel Core i7-13620H","Consumer",55000,null,"TDT",55000,"North1",64900,"",null,"North1","Mainstream","Mainstream","-"]
[21690308,"Manpreet Singh Brar","manpreet.brar@v5global.co.in",9780000315,"V5 Global","Ludhiana","V5414354","Punjab","Punjab",null,"V5 Global",null,null,"Shivam Kumar1","shivam.kumar1@v5global.co.in",null,"North1",null,"External Consumer","ASO","V5 Global ASO",null,"FT",null,"ASO",null,"Karan Kapoor","Gaurav Sharma",null,"Kumar Tanksale","Raghavendra Araveeti","gaurav.sharma@v5global.co.in","gaurav.sharma@v5global.co.in","kkapoor@lenovo.com","ktanksale1@lenovo.com","raraveeti@lenovo.com","ASO","Shilpi Gautam","sgautam2@lenovo.com",null,"Kumar Tanksale",null,"ktanksale1@lenovo.com",null,"2025-12-07","22:16:00","30.9227341,75.8280698","Friendz Computer",{"$nulls":3},"T3","03BXMPS4469P1ZJ","North1",null,"T-30888","Samrala","PUNJAB","V5 Global",null,"Yes","Face to Face","90XS005PIN",1,"Lenovo","IdeaCentre","IdeaCentre","IntelÂ® Coreâ„¢ i3-14100 4C, 8GB DDR5/512 SSD/ WiFi 6 + BT 5.2/ 260W/ SFF 8.2Lt / Wired KeyBoard & Mouse /Win 11 Home/1 Yr Onsite","Win 11","TDT","Entry","IntelÂ® Coreâ„¢ i3-14100","Consumer",31500,null,"TDT",31500,"North1",37170,"",null,"North1","Entry","Entry","i3 OS"]
[21690312,"Manpreet Singh Brar","manpreet.brar@v5global.co.in",9780000315,"V5 Global","Ludhiana","V5414354","Punjab","Punjab",null,"V5 Global",null,null,"Shivam Kumar1","shivam.kumar1@v5global.co.in",null,"North1",null,"External Consumer","ASO","V5 Global ASO",null,"FT",null,"ASO",null,"Karan Kapoor","Gaurav Sharma",null,"Kumar Tanksale","Raghavendra Araveeti","gaurav.sharma@v5global.co.in","gaurav.sharma@v5global.co.in","kkapoor@lenovo.com","ktanksale1@lenovo.com","raraveeti@lenovo.com","ASO","Shilpi Gautam","sgautam2@lenovo.com",null,"Kumar Tanksale",null,"ktanksale1@lenovo.com",null,"2025-12-07","22:16:00","30.9227411,75.828078","Malhotra radio and watch",{"$nulls":3},"T3","03AABFM8032F1ZR","North1",null,"T-30373","Jagraon","Punjab","V5 Global",null,"Yes","Face to Face","90XS005PIN",1,"Lenovo","IdeaCentre","IdeaCentre","IntelÂ® Coreâ„¢ i3-14100 4C, 8GB DDR5/512 SSD/ WiFi 6 + BT 5.2/ 260W/ SFF 8.2Lt / Wired KeyBoard & Mouse /Win 11 Home/1 Yr Onsite","Win 11","TDT","Entry","IntelÂ® Coreâ„¢ i3-14100","Consumer",31500,null,"TDT",31500,"North1",37170,"",null,"North1","Entry","Entry","i3 OS"]
[21690313,"Manpreet Singh Brar","manpreet.brar@v5global.co.in",9780000315,"V5 Global","Ludhiana","V5414354","Punjab","Punjab",null,"V5 Global",null,null,"Shivam Kumar1","shivam.kumar1@v5global.co.in",null,"North1",null,"External Consumer","ASO","V5 Global ASO",null,"FT",null,"ASO",null,"Karan Kapoor","Gaurav Sharma",null,"Kumar Tanksale","Raghavendra Araveeti","gaurav.sharma@v5global.co.in","gaurav.sharma@v5global.co.in","kkapoor@lenovo.com","ktanksale1@lenovo.com","raraveeti@lenovo.com","ASO","Shilpi Gautam","sgautam2@lenovo.com",null,"Kumar Tanksale",null,"ktanksale1@lenovo.com",null,"2025-12-07","22:16:00","30.9227175,75.8280313","Kumar Radios",{"$nulls":3},"T3","03AFWPK6368L1ZP","North1",null,"T-30876","Jagraon","Punjab","V5 Global",null,"Yes","Face to Face","90XS005PIN",1,"Lenovo","IdeaCentre","IdeaCentre","IntelÂ® Coreâ„¢ i3-14100 4C, 8GB DDR5/512 SSD/ WiFi 6 + BT 5.2/ 260W/ SFF 8.2Lt / Wired KeyBoard & Mouse /Win 11 Home/1 Yr Onsite","Win 11","TDT","Entry","IntelÂ® Coreâ„¢ i3-14100","Consumer",31500,null,"TDT",31500,"North1",37170,"",null,"North1","Entry","Entry","i3 OS"]
[21690316,"Manpreet Singh Brar","manpreet.brar@v5global.co.in",9780000315,"V5 Global","Ludhiana","V5414354","Punjab","Punjab",null,"V5 Global",null,null,"Shivam Kumar1","shivam.kumar1@v5global.co.in",null,"North1",null,"External Consumer","ASO","V5 Global ASO",null,"FT",null,"ASO",null,"Karan Kapoor","Gaurav Sharma",null,"Kumar Tanksale","Raghavendra Araveeti","gaurav.sharma@v5global.co.in","gaurav.sharma@v5global.co.in","kkapoor@lenovo.com","ktanksale1@lenovo.com","raraveeti@lenovo.com","ASO","Shilpi Gautam","sgautam2@lenovo.com",null,"Kumar Tanksale",null,"ktanksale1@lenovo.com",null,"2025-12-07","22:17:00","30.9227232,75.8280524","Friendz Computer",{"$nulls":3},"T3","03BXMPS4469P1ZJ","North1",null,"T-30888","Samrala","PUNJAB","V5 Global",null,"Yes","Face to Face","90XS005PIN",2,"Lenovo","IdeaCentre","IdeaCentre","IntelÂ® Coreâ„¢ i3-14100 4C, 8GB DDR5/512 SSD/ WiFi 6 + BT 5.2/ 260W/ SFF 8.2Lt / Wired KeyBoard & Mouse /Win 11 Home/1 Yr Onsite","Win 11","TDT","Entry","IntelÂ® Coreâ„¢ i3-14100","Consumer",31500,null,"TDT",63000,"North1",37170,"",null,"North1","Entry","Entry","i3 OS"]
[21690320,"Anmol Sachdeva","anmol.sachdeva@v5global.co.in",9780132392,"V5 Global","BHATINDA","V5433235","PUNJAB","PUNJAB","-","V5 Global",null,null,"Shivam Kumar1","shivam.kumar1@v5global.co.in",null,"North1",null,"External Consumer","ASO","V5 Global ASO",null,"FT",null,"ASO",null,"Naveen Kumar","Gaurav Sharma",null,"Kumar Tanksale","Raghavendra Araveeti","gaurav.sharma@v5global.co.in","gaurav.sharma@v5global.co.in","nkumar12@lenovo.com","ktanksale1@lenovo.com","raraveeti@lenovo.com","ASO","Shilpi Gautam","sgautam2@lenovo.com",null,"Kumar Tanksale",null,"ktanksale1@lenovo.com",null,"2025-12-07","22:17:00","30.6748952,74.7558977","G K Computer",{"$nulls":3},"T3",null,"North1",null,"T-4656","Muktsar","PUNJAB","V5 Global",null,"Yes","Telephonic","82R4011PIN",1,"Lenovo","IdeaPad","IdeaPad 1 15ALC7","AMD Ryzenâ„¢ 5 5500U , Integrated AMD Radeonâ„¢ Graphics, 8GB , 512 GB SSD, 15.6\" FHD (1920x1080) IPS 250nits Anti-glare, 1.61 kg, C","Win 11","Thin & Light","Mainstream","AMD Ryzenâ„¢ 5 5500U","Consumer",35259,null,"NB",35259,"North1",41605.619999999995,"",null,"North1","Mainstream","Entry","-"]
[21690322,"Manpreet Singh Brar","manpreet.brar@v5global.co.in",9780000315,"V5 Global","Ludhiana","V5414354","Punjab","Punjab",null,"V5 Global",null,null,"Shivam Kumar1","shivam.kumar1@v5global.co.in",null,"North1",null,"External Consumer","ASO","V5 Global ASO",null,"FT",null,"ASO",null,"Karan Kapoor","Gaurav Sharma",null,"Kumar Tanksale","Raghavendra Araveeti","gaurav.sharma@v5global.co.in","gaurav.sharma@v5global.co.in","kkapoor@lenovo.com","ktanksale1@lenovo.com","raraveeti@lenovo.com","ASO","Shilpi Gautam","sgautam2@lenovo.com",null,"Kumar Tanksale",null,"ktanksale1@lenovo.com",null,"2025-12-07","22:18:00","30.9227232,75.8280596","IMPLE INFOSYS",{"$nulls":3},"T3","03AABFI0861Q1ZB","North1",null,"T-4596","Jalandhar","PUNJAB","V5 Global",null,"Yes","Face to Face","90XS005PIN",2,"Lenovo","IdeaCentre","IdeaCentre","IntelÂ® Coreâ„¢ i3-14100 4C, 8GB DDR5/512 SSD/ WiFi 6 + BT 5.2/ 260W/ SFF 8.2Lt / Wired KeyBoard & Mouse /Win 11 Home/1 Yr Onsite","Win 11","TDT","Entry","IntelÂ® Coreâ„¢ i3-14100","Consumer",31500,null,"TDT",63000,"North1",37170,"",null,"North1","Entry","Entry","i3 OS"]
[21690613,"Shubham Meshram","shubham.meshram@v5global.co.in",9074043451,"V5 Global","Raipur",601113,"Chhattisgarh","Chhattisgarh",null,"V5 Global",null,null,"Mohmmad Abrar Khan","abrar.khan@v5global.co.in",null,"North2",null,"External Consumer","ASO","V5 Global ASO",null,"FT",null,"ASO",null,"Krishna Kumar Singh","Rahil Rasheed",null,"Rajender Negi","Raghavendra Araveeti","rahil.rasheed@v5global.co.in","rahil.rasheed@v5global.co.in","ksingh25@lenovo.com","rnegi@lenovo.com","raraveeti@lenovo.com","ASO","Shilpi Gautam","sgautam2@lenovo.com",null,"Rajender Negi",null,"rnegi@lenovo.com",null,"2025-12-07","23:13:00","21.2660734,81.6224918","UNIX COMPUTER",{"$nulls":3},"T3","22AXKPR8896C1ZZ","East2",null,"T-15950","Raipur","Chattisgarh","V5 Global",null,"Yes","Telephonic","F0J6005GIN",1,"Lenovo","AIO","A100","IntelÂ® Coreâ„¢ i3-N305/8GB SO-DIMM DDR4-3200/512GB SSD/Integrated IntelÂ® UHD Graphics/WindowsÂ® 11,Cloud Grey","Win 11","AIO","Mainstream","IntelÂ® Coreâ„¢ i3-N305","Consumer",49000,null,"AIO",49000,"North2",57820,"",null,"North2","Mainstream","Mainstream","i3 OS"]
[21690619,"Shubham Meshram","shubham.meshram@v5global.co.in",9074043451,"V5 Global","Raipur",601113,"Chhattisgarh","Chhattisgarh",null,"V5 Global",null,null,"Mohmmad Abrar Khan","abrar.khan@v5global.co.in",null,"North2",null,"External Consumer","ASO","V5 Global ASO",null,"FT",null,"ASO",null,"Krishna Kumar Singh","Rahil Rasheed",null,"Rajender Negi","Raghavendra Araveeti","rahil.rasheed@v5global.co.in","rahil.rasheed@v5global.co.in","ksingh25@lenovo.com","rnegi@lenovo.com","raraveeti@lenovo.com","ASO","Shilpi Gautam","sgautam2@lenovo.com",null,"Rajender Negi",null,"rnegi@lenovo.com",null,"2025-12-07","23:14:00","21.2660913,81.6225029","SALASAR TECHNO TRADERS",{"$nulls":3},"T3","22ALWPA3812H1ZC","East2",null,"T-18382","Raipur","Chhattisgarh","Denave",null,"Yes","Telephonic","F0J6005GIN",1,"Lenovo","AIO","A100","IntelÂ® Coreâ„¢ i3-N305/8GB SO-DIMM DDR4-3200/512GB SSD/Integrated IntelÂ® UHD Graphics/WindowsÂ® 11,Cloud Grey","Win 11","AIO","Mainstream","IntelÂ® Coreâ„¢ i3-N305","Consumer",49000,null,"AIO",49000,"North2",57820,"",null,"North2","Mainstream","Mainstream","i3 OS"]
[21690632,"Shubham Meshram","shubham.meshram@v5global.co.in",9074043451,"V5 Global","Raipur",601113,"Chhattisgarh","Chhattisgarh",null,"V5 Global",null,null,"Mohmmad Abrar Khan","abrar.khan@v5global.co.in",null,"North2",null,"External Consumer","ASO","V5 Global ASO",null,"FT",null,"ASO",null,"Krishna Kumar Singh","Rahil Rasheed",null,"Rajender Negi","Raghavendra Araveeti","rahil.rasheed@v5global.co.in","rahil.rasheed@v5global.co.in","ksingh25@lenovo.com","rnegi@lenovo.com","raraveeti@lenovo.com","ASO","Shilpi Gautam","sgautam2@lenovo.com",null,"Rajender Negi",null,"rnegi@lenovo.com",null,"2025-12-07","23:15:00","21.2660712,81.6225033","LAXMI COMPUTER",{"$nulls":3},"T3","22AVUPC8185H1Z8","East2",null,"T-15916","Mahasamund","Chattisgarh","V5 Global",null,"Yes","Face to Face","F0HM00PKIN",1,"Lenovo","AIO","AIO","Core i3-1315U|8GB DDR5|512GB SSD|INTEGRATED GRAPHICS|27FHD AG 250N |WLAN+BT  |Cloud Grey|5M CAMERA WH|KBD Wireless|Win 11 Home +","Win 11","AIO","Mainstream","I3-1315U\t","Consumer",49732,null,"AIO",49732,"North2",58683.759999999995,"",null,"North2","Mainstream","Mainstream","i3 OS"]
[21690632,"Shubham Meshram","shubham.meshram@v5global.co.in",9074043451,"V5 Global","Raipur",601113,"Chhattisgarh","Chhattisgarh",null,"V5 Global",null,null,"Mohmmad Abrar Khan","abrar.khan@v5global.co.in",null,"North2",null,"External Consumer","ASO","V5 Global ASO",null,"FT",null,"ASO",null,"Krishna Kumar Singh","Rahil Rasheed",null,"Rajender Negi","Raghavendra Araveeti","rahil.rasheed@v5global.co.in","rahil.rasheed@v5global.co.in","ksingh25@lenovo.com","rnegi@lenovo.com","raraveeti@lenovo.com","ASO","Shilpi Gautam","sgautam2@lenovo.com",null,"Rajender Negi",null,"rnegi@lenovo.com",null,"2025-12-07","23:15:00","21.2660712,81.6225033","LAXMI COMPUTER",{"$nulls":3},"T3","22AVUPC8185H1Z8","East2",null,"T-15916","Mahasamund","Chattisgarh","V5 Global",null,"Yes","Face to Face","F0HN00PHIN",1,"Lenovo","AIO","AIO","LEN I5-13420H 16GB 512GB SSD 23.8 MSO","Win 11","AIO","Mainstream","i5-13420H","Consumer",53381,null,"AIO",53381,"North2",62989.579999999994,"",null,"North2","Mainstream","Mainstream","-"]
[21690641,"Shubham Meshram","shubham.meshram@v5global.co.in",9074043451,"V5 Global","Raipur",601113,"Chhattisgarh","Chhattisgarh",null,"V5 Global",null,null,"Mohmmad Abrar Khan","abrar.khan@v5global.co.in",null,"North2",null,"External Consumer","ASO","V5 Global ASO",null,"FT",null,"ASO",null,"Krishna Kumar Singh","Rahil Rasheed",null,"Rajender Negi","Raghavendra Araveeti","rahil.rasheed@v5global.co.in","rahil.rasheed@v5global.co.in","ksingh25@lenovo.com","rnegi@lenovo.com","raraveeti@lenovo.com","ASO","Shilpi Gautam","sgautam2@lenovo.com",null,"Rajender Negi",null,"rnegi@lenovo.com",null,"2025-12-07","23:17:00","21.2660714,81.6224973","PEER PERIPHERALS",{"$nulls":3},"T3","22AGZPB0205D1Z2","North2",null,"T-31317","Raipur","Chhattisgarh","V5 Global",null,"Yes","Telephonic","83LK0031IN",1,"Lenovo","LOQ","LOQ 15IAX9E","NB LOQ 15IAX9E I5 12G 512G 11S","Win 11","Gaming","Mainstream","i5 12450HX","Consumer",59068,null,"NB",59068,"North2",69700.23999999999,"",null,"North2","Premium","Mainstream","-"]
[21690644,"Shubham Meshram","shubham.meshram@v5global.co.in",9074043451,"V5 Global","Raipur",601113,"Chhattisgarh","Chhattisgarh",null,"V5 Global",null,null,"Mohmmad Abrar Khan","abrar.khan@v5global.co.in",null,"North2",null,"External Consumer","ASO","V5 Global ASO",null,"FT",null,"ASO",null,"Krishna Kumar Singh","Rahil Rasheed",null,"Rajender Negi","Raghavendra Araveeti","rahil.rasheed@v5global.co.in","rahil.rasheed@v5global.co.in","ksingh25@lenovo.com","rnegi@lenovo.com","raraveeti@lenovo.com","ASO","Shilpi Gautam","sgautam2@lenovo.com",null,"Rajender Negi",null,"rnegi@lenovo.com",null,"2025-12-07","23:19:00","21.2660746,81.622528","TULSI COMPUTER SERVICES",{"$nulls":3},"T3","22AHPPD9369K1ZU","East2",null,"T-15912","Mahasamund","Chattisgarh","V5 Global",null,"Yes","Face to Face","83DV01AAIN",1,"Lenovo","LOQ","LOQ","LOQ I5 13gen 16GB RAM 512 gb SSD RTX4050 win11 MSO\t","Win 11","Gaming","Premium","I5 13gen","Consumer",78000,null,"NB",78000,"North2",92040,"SP","Gaming","North2","Premium","Premium","-"]
[21690654,"Shubham Meshram","shubham.meshram@v5global.co.in",9074043451,"V5 Global","Raipur",601113,"Chhattisgarh","Chhattisgarh",null,"V5 Global",null,null,"Mohmmad Abrar Khan","abrar.khan@v5global.co.in",null,"North2",null,"External Consumer","ASO","V5 Global ASO",null,"FT",null,"ASO",null,"Krishna Kumar Singh","Rahil Rasheed",null,"Rajender Negi","Raghavendra Araveeti","rahil.rasheed@v5global.co.in","rahil.rasheed@v5global.co.in","ksingh25@lenovo.com","rnegi@lenovo.com","raraveeti@lenovo.com","ASO","Shilpi Gautam","sgautam2@lenovo.com",null,"Rajender Negi",null,"rnegi@lenovo.com",null,"2025-12-07","23:22:00","21.2661039,81.6225221","COMPU WORD",{"$nulls":3},"T3","22ADOPV0374M1Z2","East2",null,"T-18374","Bhilai","Chattisgarh","V5 Global",null,"Yes","Telephonic","83JE00U7IN",1,"Lenovo","LOQ","LOQ 15IRX10","Lenovo LOQ(i7-13700HX/16GB /1TBSSD/W11+MSO24+AI NOW/RTX 5050,8GB/15.6\"FHD,144Hz /1yr)Gry-83JE00U7IN","Win 11","Gaming","Premium","15.6\"FHD,144Hz /1yr)Gry","Consumer",96610,null,"NB",96610,"North2",113999.79999999999,"SP","Gaming","North2","Premium","Premium","-"]
[21690655,"Shubham Meshram","shubham.meshram@v5global.co.in",9074043451,"V5 Global","Raipur",601113,"Chhattisgarh","Chhattisgarh",null,"V5 Global",null,null,"Mohmmad Abrar Khan","abrar.khan@v5global.co.in",null,"North2",null,"External Consumer","ASO","V5 Global ASO",null,"FT",null,"ASO",null,"Krishna Kumar Singh","Rahil Rasheed",null,"Rajender Negi","Raghavendra Araveeti","rahil.rasheed@v5global.co.in","rahil.rasheed@v5global.co.in","ksingh25@lenovo.com","rnegi@lenovo.com","raraveeti@lenovo.com","ASO","Shilpi Gautam","sgautam2@lenovo.com",null,"Rajender Negi",null,"rnegi@lenovo.com",null,"2025-12-07","23:25:00","21.2660916,81.6225518","AVON ELECTRONICS",{"$nulls":3},"T3","22AADHV5013R1ZW","East2",null,"T-18378","Bhilai","Chattisgarh","V5 Global",null,"Yes","Telephonic","83JE00U7IN",1,"Lenovo","LOQ","LOQ 15IRX10","Lenovo LOQ(i7-13700HX/16GB /1TBSSD/W11+MSO24+AI NOW/RTX 5050,8GB/15.6\"FHD,144Hz /1yr)Gry-83JE00U7IN","Win 11","Gaming","Premium","15.6\"FHD,144Hz /1yr)Gry","Consumer",96610,null,"NB",96610,"North2",113999.79999999999,"SP","Gaming","North2","Premium","Premium","-"]
[21690990,"Arabinda Samanta","arabinda.samanta@v5global.co.in",8879216607,"V5 Global","Mumbai","V5360834","Maharashtra","Maharashtra",null,"V5 Global",null,null,"Muffazal Momin","muffazal.momin@v5global.co.in",null,"West1",null,"External Consumer","ASO","V5 Global ASO",null,"FT",null,"ASO",null,"Amit Tiwari","Yunus Hamid Mansoori",null,"Hemant C Baghel","Sharad verma","yunus.hamid@v5global.co.in","yunus.hamid@v5global.co.in","atiwari5@lenovo.com","hbaghel@lenovo.com","sharverm@lenovo.com","ASO","Shilpi Gautam","sgautam2@lenovo.com",null,"Hemant C Baghel",null,"hbaghel@lenovo.com",null,"2025-12-08","08:50:00","19.4302687,72.8215646","Anita Champawat",{"$nulls":3},"T3","27ADIPC7142E1ZU","West1",null,"T-11294","Mumbai","Maharashtra","Denave",null,"Yes","Face to Face","82RK019GIN",3,"Lenovo","Ideapad","Slim3","15inch/ Ram 8gb/ Storage 512 ssd/mso 2024 H&M/ GPU Integrated/ Colour,Arctic grey","Win 11","Thin & Light","Mainstream","i3 12th Gen","Consumer",39999,null,"NB",119997,"West1",47198.82,"",null,"West1 M","Mainstream","Mainstream","i3 OS"]
[21690994,"Arabinda Samanta","arabinda.samanta@v5global.co.in",8879216607,"V5 Global","Mumbai","V5360834","Maharashtra","Maharashtra",null,"V5 Global",null,null,"Muffazal Momin","muffazal.momin@v5global.co.in",null,"West1",null,"External Consumer","ASO","V5 Global ASO",null,"FT",null,"ASO",null,"Amit Tiwari","Yunus Hamid Mansoori",null,"Hemant C Baghel","Sharad verma","yunus.hamid@v5global.co.in","yunus.hamid@v5global.co.in","atiwari5@lenovo.com","hbaghel@lenovo.com","sharverm@lenovo.com","ASO","Shilpi Gautam","sgautam2@lenovo.com",null,"Hemant C Baghel",null,"hbaghel@lenovo.com",null,"2025-12-08","08:51:00","19.4302669,72.8215664","Hardtrack Computers",{"$nulls":3},"T3","27AAACH1273K1ZL","West1",null,"T-11295","Mumbai","Maharashtra","V5 Global",null,"Yes","Face to Face","83ER00MCIN",2,"Lenovo","Ideapad","Slim 3","Lenovo IdeaPad Slim 3 12th Gen Intel Core i5-12450H 15\" (39.6cm) FHD IPS 300 Nits Thin & Light Laptop (16GB/512GB SSD/Win 11/MSO","Win 11","Thin & Light","Mainstream","i5 12th Gen","Consumer",41000,null,"NB",82000,"West1",48380,"",null,"West1 M","Mainstream","Mainstream","-"]
[21691004,"Arabinda Samanta","arabinda.samanta@v5global.co.in",8879216607,"V5 Global","Mumbai","V5360834","Maharashtra","Maharashtra",null,"V5 Global",null,null,"Muffazal Momin","muffazal.momin@v5global.co.in",null,"West1",null,"External Consumer","ASO","V5 Global ASO",null,"FT",null,"ASO",null,"Amit Tiwari","Yunus Hamid Mansoori",null,"Hemant C Baghel","Sharad verma","yunus.hamid@v5global.co.in","yunus.hamid@v5global.co.in","atiwari5@lenovo.com","hbaghel@lenovo.com","sharverm@lenovo.com","ASO","Shilpi Gautam","sgautam2@lenovo.com",null,"Hemant C Baghel",null,"hbaghel@lenovo.com",null,"2025-12-08","08:51:00","19.4302678,72.8215663","Tech Guide",{"$nulls":3},"T3","27AAEFT6297Q1Z5","West1",null,"T-11296","Mumbai","Maharashtra","V5 Global",null,"Yes","Face to Face","82R400BGIN",1,"Lenovo","IdeaPad","IdeaPad1 15ALC7"," R5 5500U 8GB 512GB SSD W11 MSO/15.6","Win 11","Thin & Light","Mainstream","AMD","Consumer",41617,null,"NB",41617,"West1",49108.06,"",null,"West1 M","Mainstream","Mainstream","AMD/Cel/PQC"]
[21691009,"Arabinda Samanta","arabinda.samanta@v5global.co.in",8879216607,"V5 Global","Mumbai","V5360834","Maharashtra","Maharashtra",null,"V5 Global",null,null,"Muffazal Momin","muffazal.momin@v5global.co.in",null,"West1",null,"External Consumer","ASO","V5 Global ASO",null,"FT",null,"ASO",null,"Amit Tiwari","Yunus Hamid Mansoori",null,"Hemant C Baghel","Sharad verma","yunus.hamid@v5global.co.in","yunus.hamid@v5global.co.in","atiwari5@lenovo.com","hbaghel@lenovo.com","sharverm@lenovo.com","ASO","Shilpi Gautam","sgautam2@lenovo.com",null,"Hemant C Baghel",null,"hbaghel@lenovo.com",null,"2025-12-08","08:53:00","19.4302743,72.8215663","Arihant Infotech",{"$nulls":3},"T3","27AACPJ7405Q1ZC","West1",null,"T-11297","Mumbai","Maharashtra","V5 Global",null,"Yes","Face to Face","83B40004IN",2,"Lenovo","Ideapad","Ideapad 1","15.6\"FHD,8GB/512GB/I3 1315/WIN/MS OFFICE/","Win 11","Thin & Light","Entry","13 1315","Consumer",36960,null,"NB",73920,"West1",43612.799999999996,"",null,"West1 M","Mainstream","Mainstream","-"]
[21691013,"Arabinda Samanta","arabinda.samanta@v5global.co.in",8879216607,"V5 Global","Mumbai","V5360834","Maharashtra","Maharashtra",null,"V5 Global",null,null,"Muffazal Momin","muffazal.momin@v5global.co.in",null,"West1",null,"External Consumer","ASO","V5 Global ASO",null,"FT",null,"ASO",null,"Amit Tiwari","Yunus Hamid Mansoori",null,"Hemant C Baghel","Sharad verma","yunus.hamid@v5global.co.in","yunus.hamid@v5global.co.in","atiwari5@lenovo.com","hbaghel@lenovo.com","sharverm@lenovo.com","ASO","Shilpi Gautam","sgautam2@lenovo.com",null,"Hemant C Baghel",null,"hbaghel@lenovo.com",null,"2025-12-08","08:53:00","19.4302703,72.8215686","Sai Computer",{"$nulls":3},"T3","24AUNPP9943Q1ZH","West1",null,"T-11300","Mumbai","Maharashtra","V5 Global",null,"Yes","Face to Face","83KX004QIN",1,"Lenovo","Ideapad 5","2 in 1","i5 13420h 16gb 512 gb ","Win 11","Notebook","Premium","i5","Consumer",67500,null,"NB",67500,"West1",79650,"SP","Non-Gaming","West1 M","Premium","Premium","-"]
[21691063,"Pankaj Kumar","pankaj.kumar@v5global.co.in",8340543380,"V5 Global","Patna",601177,"Bihar","Bihar",null,"V5 Global",null,null,"Shivam Kumar","shivam.kumar@v5global.co.in",null,"East2",null,"External Consumer","ASO","V5 Global ASO",null,"FT",null,"ASO",null,"Krishna Kumar Singh","Imam Hassan",null,"Rajender Negi","Raghavendra Araveeti","imam.hassan@v5global.co.in","imam.hassan@v5global.co.in","ksingh25@lenovo.com","rnegi@lenovo.com","raraveeti@lenovo.com","ASO","Shilpi Gautam","sgautam2@lenovo.com",null,"Rajender Negi",null,"rnegi@lenovo.com",null,"2025-12-08","09:15:00","25.6174975,85.0918527","COMPUTER GALLERY",{"$nulls":3},"T3","10BHYPS1216A1ZP","East2",null,"T-2375","Aurangabad","Bihar","V5 Global",null,"Yes","Face to Face","67BEKAC1IN",2,"Lenovo","Monitor","L27I-4A","L27I-4A","NA","Visual Variants","Premium","NA","Visuals",13000,null,null,26000,"East2",15340,"",null,"East2","Premium","Premium","-"]
[21691067,"Pankaj Kumar","pankaj.kumar@v5global.co.in",8340543380,"V5 Global","Patna",601177,"Bihar","Bihar",null,"V5 Global",null,null,"Shivam Kumar","shivam.kumar@v5global.co.in",null,"East2",null,"External Consumer","ASO","V5 Global ASO",null,"FT",null,"ASO",null,"Krishna Kumar Singh","Imam Hassan",null,"Rajender Negi","Raghavendra Araveeti","imam.hassan@v5global.co.in","imam.hassan@v5global.co.in","ksingh25@lenovo.com","rnegi@lenovo.com","raraveeti@lenovo.com","ASO","Shilpi Gautam","sgautam2@lenovo.com",null,"Rajender Negi",null,"rnegi@lenovo.com",null,"2025-12-08","09:15:00","25.6175005,85.0918434","Continental Infotech",{"$nulls":3},"T3","10AOEPK6049M1ZX","East2",null,"T-2162","Patna","Bihar","V5 Global",null,"Yes","Face to Face","GX20P92532",5,"Lenovo","AC Adapter","Power","Lenovo 65W AC USB C Adapter(IN)","NA","Accessories","NA","NA","Accessories",2690,null,null,13450,"East2",3174.2,"",null,"East2","NA","NA","-"]
[21691070,"Pankaj Kumar","pankaj.kumar@v5global.co.in",8340543380,"V5 Global","Patna",601177,"Bihar","Bihar",null,"V5 Global",null,null,"Shivam Kumar","shivam.kumar@v5global.co.in",null,"East2",null,"External Consumer","ASO","V5 Global ASO",null,"FT",null,"ASO",null,"Krishna Kumar Singh","Imam Hassan",null,"Rajender Negi","Raghavendra Araveeti","imam.hassan@v5global.co.in","imam.hassan@v5global.co.in","ksingh25@lenovo.com","rnegi@lenovo.com","raraveeti@lenovo.com","ASO","Shilpi Gautam","sgautam2@lenovo.com",null,"Rajender Negi",null,"rnegi@lenovo.com",null,"2025-12-08","09:16:00","25.6167729,85.0926514","THE COMPUTER  SHOP",{"$nulls":3},"T3","10AHAPV0046Q1ZC","East2",null,"T-2386","Gaya","Bihar","V5 Global",null,"Yes","Face to Face","GX20K78585",3,"Lenovo","AC Adapter","Power","Lenovo 65W AC Roundtip Adapter(IN)","NA","Accessories","NA","NA","Accessories",2490,null,null,7470,"East2",2938.2,"",null,"East2","NA","NA","-"]
[21691079,"Pankaj Kumar","pankaj.kumar@v5global.co.in",8340543380,"V5 Global","Patna",601177,"Bihar","Bihar",null,"V5 Global",null,null,"Shivam Kumar","shivam.kumar@v5global.co.in",null,"East2",null,"External Consumer","ASO","V5 Global ASO",null,"FT",null,"ASO",null,"Krishna Kumar Singh","Imam Hassan",null,"Rajender Negi","Raghavendra Araveeti","imam.hassan@v5global.co.in","imam.hassan@v5global.co.in","ksingh25@lenovo.com","rnegi@lenovo.com","raraveeti@lenovo.com","ASO","Shilpi Gautam","sgautam2@lenovo.com",null,"Rajender Negi",null,"rnegi@lenovo.com",null,"2025-12-08","09:17:00","25.6174868,85.0918985","S.R INFOTECH",{"$nulls":3},"T3","10DDYPK2641K1ZB","East2",null,"T-2390","Gaya","Bihar","V5 Global",null,"Yes","Face to Face","67BCKAC6IN",1,"Lenovo","Monitor -L24i4A","Monitor -L24i4A","Full HD IPS Panel Ultra Thin Monitor with WLED Backlight","NA","Visual Variants","Premium","NA","Visuals",7203,null,null,7203,"East2",8499.539999999999,"",null,"East2","Premium","Premium","-"]
[21691079,"Pankaj Kumar","pankaj.kumar@v5global.co.in",8340543380,"V5 Global","Patna",601177,"Bihar","Bihar",null,"V5 Global",null,null,"Shivam Kumar","shivam.kumar@v5global.co.in",null,"East2",null,"External Consumer","ASO","V5 Global ASO",null,"FT",null,"ASO",null,"Krishna Kumar Singh","Imam Hassan",null,"Rajender Negi","Raghavendra Araveeti","imam.hassan@v5global.co.in","imam.hassan@v5global.co.in","ksingh25@lenovo.com","rnegi@lenovo.com","raraveeti@lenovo.com","ASO","Shilpi Gautam","sgautam2@lenovo.com",null,"Rajender Negi",null,"rnegi@lenovo.com",null,"2025-12-08","09:17:00","25.6174868,85.0918985","S.R INFOTECH",{"$nulls":3},"T3","10DDYPK2641K1ZB","East2",null,"T-2390","Gaya","Bihar","V5 Global",null,"Yes","Face to Face","GX20P92532",5,"Lenovo","AC Adapter","Power","Lenovo 65W AC USB C Adapter(IN)","NA","Accessories","NA","NA","Accessories",2690,null,null,13450,"East2",3174.2,"",null,"East2","NA","NA","-"]
[21691079,"Pankaj Kumar","pankaj.kumar@v5global.co.in",8340543380,"V5 Global","Patna",601177,"Bihar","Bihar",null,"V5 Global",null,null,"Shivam Kumar","shivam.kumar@v5global.co.in",null,"East2",null,"External Consumer","ASO","V5 Global ASO",null,"FT",null,"ASO",null,"Krishna Kumar Singh","Imam Hassan",null,"Rajender Negi","Raghavendra Araveeti","imam.hassan@v5global.co.in","imam.hassan@v5global.co.in","ksingh25@lenovo.com","rnegi@lenovo.com","raraveeti@lenovo.com","ASO","Shilpi Gautam","sgautam2@lenovo.com",null,"Rajender Negi",null,"rnegi@lenovo.com",null,"2025-12-08","09:17:00","25.6174868,85.0918985","S.R INFOTECH",{"$nulls":3},"T3","10DDYPK2641K1ZB","East2",null,"T-2390","Gaya","Bihar","V5 Global",null,"Yes","Face to Face","GX21G06613",2,"Lenovo","AC Adapter","Power","Lenovo 65W AC Slim port Adapter(IN)","NA","Accessories","NA","NA","Accessories",2090,null,null,4180,"East2",2466.2,"",null,"East2","NA","NA","-"]
[21691084,"Pankaj Kumar","pankaj.kumar@v5global.co.in",8340543380,"V5 Global","Patna",601177,"Bihar","Bihar",null,"V5 Global",null,null,"Shivam Kumar","shivam.kumar@v5global.co.in",null,"East2",null,"External Consumer","ASO","V5 Global ASO",null,"FT",null,"ASO",null,"Krishna Kumar Singh","Imam Hassan",null,"Rajender Negi","Raghavendra Araveeti","imam.hassan@v5global.co.in","imam.hassan@v5global.co.in","ksingh25@lenovo.com","rnegi@lenovo.com","raraveeti@lenovo.com","ASO","Shilpi Gautam","sgautam2@lenovo.com",null,"Rajender Negi",null,"rnegi@lenovo.com",null,"2025-12-08","09:20:00","25.6174927,85.0919969","I Next Computer",{"$nulls":3},"T3","10BMCPK2491Q1ZW","East2",null,"T-22233","Patna","Bihar","V5 Global",null,"Yes","Face to Face","67BCKAC6IN",3,"Lenovo","Monitor -L24i4A","Monitor -L24i4A","Full HD IPS Panel Ultra Thin Monitor with WLED Backlight","NA","Visual Variants","Premium","NA","Visuals",7203,null,null,21609,"East2",8499.539999999999,"",null,"East2","Premium","Premium","-"]
[21691090,"Pankaj Kumar","pankaj.kumar@v5global.co.in",8340543380,"V5 Global","Patna",601177,"Bihar","Bihar",null,"V5 Global",null,null,"Shivam Kumar","shivam.kumar@v5global.co.in",null,"East2",null,"External Consumer","ASO","V5 Global ASO",null,"FT",null,"ASO",null,"Krishna Kumar Singh","Imam Hassan",null,"Rajender Negi","Raghavendra Araveeti","imam.hassan@v5global.co.in","imam.hassan@v5global.co.in","ksingh25@lenovo.com","rnegi@lenovo.com","raraveeti@lenovo.com","ASO","Shilpi Gautam","sgautam2@lenovo.com",null,"Rajender Negi",null,"rnegi@lenovo.com",null,"2025-12-08","09:20:00","25.617496,85.091874","MAA DURGA COMPUTER",{"$nulls":3},"T3","10CENPS1528E1ZQ","East2",null,"T-2373","Aurangabad","Bihar","V5 Global",null,"Yes","Face to Face","GX20P92532",2,"Lenovo","AC Adapter","Power","Lenovo 65W AC USB C Adapter(IN)","NA","Accessories","NA","NA","Accessories",2690,null,null,5380,"East2",3174.2,"",null,"East2","NA","NA","-"]
[21691090,"Pankaj Kumar","pankaj.kumar@v5global.co.in",8340543380,"V5 Global","Patna",601177,"Bihar","Bihar",null,"V5 Global",null,null,"Shivam Kumar","shivam.kumar@v5global.co.in",null,"East2",null,"External Consumer","ASO","V5 Global ASO",null,"FT",null,"ASO",null,"Krishna Kumar Singh","Imam Hassan",null,"Rajender Negi","Raghavendra Araveeti","imam.hassan@v5global.co.in","imam.hassan@v5global.co.in","ksingh25@lenovo.com","rnegi@lenovo.com","raraveeti@lenovo.com","ASO","Shilpi Gautam","sgautam2@lenovo.com",null,"Rajender Negi",null,"rnegi@lenovo.com",null,"2025-12-08","09:20:00","25.617496,85.091874","MAA DURGA COMPUTER",{"$nulls":3},"T3","10CENPS1528E1ZQ","East2",null,"T-2373","Aurangabad","Bihar","V5 Global",null,"Yes","Face to Face","GX20K78585",3,"Lenovo","AC Adapter","Power","Lenovo 65W AC Roundtip Adapter(IN)","NA","Accessories","NA","NA","Accessories",2490,null,null,7470,"East2",2938.2,"",null,"East2","NA","NA","-"]
[21691091,"Pankaj Kumar","pankaj.kumar@v5global.co.in",8340543380,"V5 Global","Patna",601177,"Bihar","Bihar",null,"V5 Global",null,null,"Shivam Kumar","shivam.kumar@v5global.co.in",null,"East2",null,"External Consumer","ASO","V5 Global ASO",null,"FT",null,"ASO",null,"Krishna Kumar Singh","Imam Hassan",null,"Rajender Negi","Raghavendra Araveeti","imam.hassan@v5global.co.in","imam.hassan@v5global.co.in","ksingh25@lenovo.com","rnegi@lenovo.com","raraveeti@lenovo.com","ASO","Shilpi Gautam","sgautam2@lenovo.com",null,"Rajender Negi",null,"rnegi@lenovo.com",null,"2025-12-08","09:21:00","25.6174887,85.0918772","Satyam Computers",{"$nulls":3},"T3","10AXWPK0662P4ZX","East2",null,"T-29531","Aurangabad","Bihar","V5 Global",null,"Yes","Face to Face","GX20K78585",3,"Lenovo","AC Adapter","Power","Lenovo 65W AC Roundtip Adapter(IN)","NA","Accessories","NA","NA","Accessories",2490,null,null,7470,"East2",2938.2,"",null,"East2","NA","NA","-"]
[21722751,"Ramisetty Gopalkrishna","ramisetty.krishna@v5global.co.in",7050129999,"V5 Global","Vijaywada","V5303153","Andhra Pradesh","Andhra Pradesh",null,"V5 Global",null,null,"TBH (HYD)",null,null,"South2",null,"External Consumer","ASO","V5 Global ASO",null,"FT",null,"ASO",null,"Prabhakar G","S.Arunbabu",null,"Prabhu Subaramanian","Sharad verma","arun.babu@v5global.co.in","arun.babu@v5global.co.in","gprabhakar@lenovo.com","psubramania4@lenovo.com","sharverm@lenovo.com","ASO","Shilpi Gautam","sgautam2@lenovo.com",null,"Prabhu Subaramanian",null,"psubramania4@lenovo.com",null,"2025-12-08","10:45:00","16.7200522,81.1211589","KARNI COMPUTERS & LAPTOPS",{"$nulls":3},"T3","37AKZPJ5938R2ZQ","South2",null,"T-10335","Krishna","Andhra Pradesh","V5 Global",null,"Yes","Face to Face","83ER008GIN",1,"Lenovo","Ideapad","Slim3","|IP3|IntelÂ® Coreâ„¢ i5-12450H|16+256G|W11|15.6HD|G|OFFC","Win 11","Thin & Light","Mainstream","IntelÂ® Coreâ„¢ i5-12450H","Consumer",56190,null,"NB",56190,"South2",66304.2,"",null,"South2","Premium","Mainstream","-"]
[21722756,"Ramisetty Gopalkrishna","ramisetty.krishna@v5global.co.in",7050129999,"V5 Global","Vijaywada","V5303153","Andhra Pradesh","Andhra Pradesh",null,"V5 Global",null,null,"TBH (HYD)",null,null,"South2",null,"External Consumer","ASO","V5 Global ASO",null,"FT",null,"ASO",null,"Prabhakar G","S.Arunbabu",null,"Prabhu Subaramanian","Sharad verma","arun.babu@v5global.co.in","arun.babu@v5global.co.in","gprabhakar@lenovo.com","psubramania4@lenovo.com","sharverm@lenovo.com","ASO","Shilpi Gautam","sgautam2@lenovo.com",null,"Prabhu Subaramanian",null,"psubramania4@lenovo.com",null,"2025-12-08","11:42:00","16.71902,81.12052","KRISHNA COMPUTER PERIPHARALS",{"$nulls":3},"T3","37AEMPV1330E1Z1","South2",null,"T-10336","Krishna","Andhra Pradesh","V5 Global",null,"Yes","Face to Face","83K100C9IN",5,"Lenovo","Slim 3","IdeaPad Slim 3 15IRH10","NB IP Slim 3 15IRH10 I7 8G 8G 512G 11S","Win 11","Thin & Light","Mainstream","i7 13620H","Consumer",64700,null,"NB",323500,"South2",76346,"SP","Non-Gaming","South2","Premium","Premium","-"]
[21696360,"Umer Farooq Bhat","umer.farooq@v5global.co.in",7006131255,"V5 Global","Srinagar","V5266190","Jammu and Kashmir","Jammu and Kashmir",null,"V5 Global",null,null,"Shivam Kumar1","shivam.kumar1@v5global.co.in",null,"North1",null,"External Consumer","ASO","V5 Global ASO",null,"FT",null,"ASO",null,"Karan Kapoor","Gaurav Sharma",null,"Kumar Tanksale","Raghavendra Araveeti","gaurav.sharma@v5global.co.in","gaurav.sharma@v5global.co.in","Kkapoor@lenovo.com","ktanksale1@lenovo.com","raraveeti@lenovo.com","ASO","Shilpi Gautam","sgautam2@lenovo.com",null,"Kumar Tanksale",null,"ktanksale1@lenovo.com",null,"2025-12-08","12:07:00","34.074665396568065,74.81268715113401","Geosoft Computer Systems",{"$nulls":3},"T3","01AISPB6079J1Z3","North1",null,"T-20005","Exchange Road","Jammu And Kashmir","V5 Global",null,"Yes","Face to Face","83JC00HNIN",1,"Lenovo","LOQ","LOQ","Lenovo LOQ 15 R7 7235HS Gen Gaming Laptop (12GB, 512GB SSD, Windows 11 Home, 4GB Graphics, 15.6 inch 144 Hz Full HD IPS Display,","Win 11","Thin & Light","Premium","R7 7235HS","Consumer",50000,null,"NB",50000,"North1",59000,"",null,"North1","Mainstream","Premium","-"]
[21696373,"Umer Farooq Bhat","umer.farooq@v5global.co.in",7006131255,"V5 Global","Srinagar","V5266190","Jammu and Kashmir","Jammu and Kashmir",null,"V5 Global",null,null,"Shivam Kumar1","shivam.kumar1@v5global.co.in",null,"North1",null,"External Consumer","ASO","V5 Global ASO",null,"FT",null,"ASO",null,"Karan Kapoor","Gaurav Sharma",null,"Kumar Tanksale","Raghavendra Araveeti","gaurav.sharma@v5global.co.in","gaurav.sharma@v5global.co.in","Kkapoor@lenovo.com","ktanksale1@lenovo.com","raraveeti@lenovo.com","ASO","Shilpi Gautam","sgautam2@lenovo.com",null,"Kumar Tanksale",null,"ktanksale1@lenovo.com",null,"2025-12-08","12:37:00","34.073139633377735,74.81620520353317","APOLLO STORE",{"$nulls":3},"T3",null,"North1",null,"T-3570","Srinagar","Jammu And Kashmir","V5 Global",null,"Yes","Face to Face","GY51C12380",3,"Lenovo","Wireless Mouse","Input","Lenovo 130 wireless mouse","NA","Accessories","NA","NA","Accessories",649,null,null,1947,"North1",765.8199999999999,"",null,"North1","NA","NA","-"]
[21694541,"Samya Roy","samya.roy@v5global.co.in",9474010730,"V5 Global","Bolpur","V5287255","West Bengal","West Bengal",null,"V5 Global",null,null,"Arindam Mazumdar","arindam.mazumdar@v5global.co.in",null,"East1",null,"External Consumer","ASO","V5 Global ASO",null,"FT",null,"ASO",null,"Ashique Ali","Amit Thakuri",null,"Amit Tiwari","Raghavendra Araveeti","amit.thakuri@v5global.co.in","amit.thakuri@v5global.co.in","aali11@lenovo.com","atiwari11@lenovo.com","raraveeti@lenovo.com","ASO","Shilpi Gautam","sgautam2@lenovo.com",null,"Amit Tiwari",null,"atiwari11@lenovo.com",null,"2025-12-08","12:37:00","23.9088327,87.5307923","LOGICA TECHNOSOLUTION",{"$nulls":3},"T3","19BFFPG2877G1Z9","East1",null,"T-1606","Birbhum","West Bengal","V5 Global",null,"Yes","Telephonic","83K100C9IN",1,"Lenovo","Slim 3","IdeaPad Slim 3 15IRH10","NB IP Slim 3 15IRH10 I7 8G 8G 512G 11S","Win 11","Thin & Light","Mainstream","i7 13620H","Consumer",64700,null,"NB",64700,"East1",76346,"SP","Non-Gaming","East1","Premium","Premium","-"]
[21694548,"Samya Roy","samya.roy@v5global.co.in",9474010730,"V5 Global","Bolpur","V5287255","West Bengal","West Bengal",null,"V5 Global",null,null,"Arindam Mazumdar","arindam.mazumdar@v5global.co.in",null,"East1",null,"External Consumer","ASO","V5 Global ASO",null,"FT",null,"ASO",null,"Ashique Ali","Amit Thakuri",null,"Amit Tiwari","Raghavendra Araveeti","amit.thakuri@v5global.co.in","amit.thakuri@v5global.co.in","aali11@lenovo.com","atiwari11@lenovo.com","raraveeti@lenovo.com","ASO","Shilpi Gautam","sgautam2@lenovo.com",null,"Amit Tiwari",null,"atiwari11@lenovo.com",null,"2025-12-08","12:38:00","23.9088444,87.53079","JOY GURU TECH SOLUTIONS",{"$nulls":3},"T3","19GRWPS1034R1ZK","East1",null,"T-29275","Bankura","West Bengal","V5 Global",null,"Yes","Telephonic","83K100CAIN",1,"Lenovo","Ideapad","Slim 3","NB IP Slim 3 15IRH10 I5 8G 512G 11S","Win 11","Thin & Light","Premium","i5 13420H/8GB/512GB SSD","Consumer",56251,null,"NB",56251,"East1",66376.18,"",null,"East1","Premium","Mainstream","-"]
[21694558,"Samya Roy","samya.roy@v5global.co.in",9474010730,"V5 Global","Bolpur","V5287255","West Bengal","West Bengal",null,"V5 Global",null,null,"Arindam Mazumdar","arindam.mazumdar@v5global.co.in",null,"East1",null,"External Consumer","ASO","V5 Global ASO",null,"FT",null,"ASO",null,"Ashique Ali","Amit Thakuri",null,"Amit Tiwari","Raghavendra Araveeti","amit.thakuri@v5global.co.in","amit.thakuri@v5global.co.in","aali11@lenovo.com","atiwari11@lenovo.com","raraveeti@lenovo.com","ASO","Shilpi Gautam","sgautam2@lenovo.com",null,"Amit Tiwari",null,"atiwari11@lenovo.com",null,"2025-12-08","12:38:00","23.9088628,87.530782","MAHALAXMI COMPUTER",{"$nulls":3},"T3","19AKVPM8521B1ZU","East1",null,"T-1610","Bankura","West Bengal",null,null,"Yes","Telephonic","83K100CAIN",1,"Lenovo","Ideapad","Slim 3","NB IP Slim 3 15IRH10 I5 8G 512G 11S","Win 11","Thin & Light","Premium","i5 13420H/8GB/512GB SSD","Consumer",56251,null,"NB",56251,"East1",66376.18,"",null,"East1","Premium","Mainstream","-"]
[21694569,"Samya Roy","samya.roy@v5global.co.in",9474010730,"V5 Global","Bolpur","V5287255","West Bengal","West Bengal",null,"V5 Global",null,null,"Arindam Mazumdar","arindam.mazumdar@v5global.co.in",null,"East1",null,"External Consumer","ASO","V5 Global ASO",null,"FT",null,"ASO",null,"Ashique Ali","Amit Thakuri",null,"Amit Tiwari","Raghavendra Araveeti","amit.thakuri@v5global.co.in","amit.thakuri@v5global.co.in","aali11@lenovo.com","atiwari11@lenovo.com","raraveeti@lenovo.com","ASO","Shilpi Gautam","sgautam2@lenovo.com",null,"Amit Tiwari",null,"atiwari11@lenovo.com",null,"2025-12-08","12:39:00","23.9088331,87.5307898","Anurag Infomart",{"$nulls":3},"T3","19ADUPD5491M1ZP","East1",null,"T-1526","West Burdwan","West Bengal","V5 Global",null,"Yes","Telephonic","83DV01A5IN",1,"Lenovo","LOQ","LOQ 15IRX9","CI7-13650HX/16GB/512GB/RTX 4050 6GB/WIN11/OFFICE2024/15.6FULLHDIPS","Win 11","Gaming","Premium","C I7-13650HX","Consumer",91500,null,"NB",91500,"East1",107970,"SP","Gaming","East1","Premium","Premium","-"]
[21694576,"Samya Roy","samya.roy@v5global.co.in",9474010730,"V5 Global","Bolpur","V5287255","West Bengal","West Bengal",null,"V5 Global",null,null,"Arindam Mazumdar","arindam.mazumdar@v5global.co.in",null,"East1",null,"External Consumer","ASO","V5 Global ASO",null,"FT",null,"ASO",null,"Ashique Ali","Amit Thakuri",null,"Amit Tiwari","Raghavendra Araveeti","amit.thakuri@v5global.co.in","amit.thakuri@v5global.co.in","aali11@lenovo.com","atiwari11@lenovo.com","raraveeti@lenovo.com","ASO","Shilpi Gautam","sgautam2@lenovo.com",null,"Amit Tiwari",null,"atiwari11@lenovo.com",null,"2025-12-08","12:39:00","23.9088327,87.5307928","PIXEL COMPUTER",{"$nulls":3},"T3","19AAJFP6705A1ZD","East1",null,"T-1642","East Burdwan","West Bengal","V5 Global",null,"Yes","Telephonic","83K100C9IN",1,"Lenovo","Slim 3","IdeaPad Slim 3 15IRH10","NB IP Slim 3 15IRH10 I7 8G 8G 512G 11S","Win 11","Thin & Light","Mainstream","i7 13620H","Consumer",64700,null,"NB",64700,"East1",76346,"SP","Non-Gaming","East1","Premium","Premium","-"]
[21694576,"Samya Roy","samya.roy@v5global.co.in",9474010730,"V5 Global","Bolpur","V5287255","West Bengal","West Bengal",null,"V5 Global",null,null,"Arindam Mazumdar","arindam.mazumdar@v5global.co.in",null,"East1",null,"External Consumer","ASO","V5 Global ASO",null,"FT",null,"ASO",null,"Ashique Ali","Amit Thakuri",null,"Amit Tiwari","Raghavendra Araveeti","amit.thakuri@v5global.co.in","amit.thakuri@v5global.co.in","aali11@lenovo.com","atiwari11@lenovo.com","raraveeti@lenovo.com","ASO","Shilpi Gautam","sgautam2@lenovo.com",null,"Amit Tiwari",null,"atiwari11@lenovo.com",null,"2025-12-08","12:39:00","23.9088327,87.5307928","PIXEL COMPUTER",{"$nulls":3},"T3","19AAJFP6705A1ZD","East1",null,"T-1642","East Burdwan","West Bengal","V5 Global",null,"Yes","Telephonic","F0J6005GIN",2,"Lenovo","AIO","A100","IntelÂ® Coreâ„¢ i3-N305/8GB SO-DIMM DDR4-3200/512GB SSD/Integrated IntelÂ® UHD Graphics/WindowsÂ® 11,Cloud Grey","Win 11","AIO","Mainstream","IntelÂ® Coreâ„¢ i3-N305","Consumer",49000,null,"AIO",98000,"East1",57820,"",null,"East1","Mainstream","Mainstream","i3 OS"]
[21694586,"Samya Roy","samya.roy@v5global.co.in",9474010730,"V5 Global","Bolpur","V5287255","West Bengal","West Bengal",null,"V5 Global",null,null,"Arindam Mazumdar","arindam.mazumdar@v5global.co.in",null,"East1",null,"External Consumer","ASO","V5 Global ASO",null,"FT",null,"ASO",null,"Ashique Ali","Amit Thakuri",null,"Amit Tiwari","Raghavendra Araveeti","amit.thakuri@v5global.co.in","amit.thakuri@v5global.co.in","aali11@lenovo.com","atiwari11@lenovo.com","raraveeti@lenovo.com","ASO","Shilpi Gautam","sgautam2@lenovo.com",null,"Amit Tiwari",null,"atiwari11@lenovo.com",null,"2025-12-08","12:40:00","23.9088364,87.5307898","COMPUTER WORLD",{"$nulls":3},"T3","19AYEPS2194M1ZP","East1",null,"T-1556","Bankura","West Bengal","V5 Global",null,"Yes","Telephonic","83K100CAIN",1,"Lenovo","Ideapad","Slim 3","NB IP Slim 3 15IRH10 I5 8G 512G 11S","Win 11","Thin & Light","Premium","i5 13420H/8GB/512GB SSD","Consumer",56251,null,"NB",56251,"East1",66376.18,"",null,"East1","Premium","Mainstream","-"]
[21694586,"Samya Roy","samya.roy@v5global.co.in",9474010730,"V5 Global","Bolpur","V5287255","West Bengal","West Bengal",null,"V5 Global",null,null,"Arindam Mazumdar","arindam.mazumdar@v5global.co.in",null,"East1",null,"External Consumer","ASO","V5 Global ASO",null,"FT",null,"ASO",null,"Ashique Ali","Amit Thakuri",null,"Amit Tiwari","Raghavendra Araveeti","amit.thakuri@v5global.co.in","amit.thakuri@v5global.co.in","aali11@lenovo.com","atiwari11@lenovo.com","raraveeti@lenovo.com","ASO","Shilpi Gautam","sgautam2@lenovo.com",null,"Amit Tiwari",null,"atiwari11@lenovo.com",null,"2025-12-08","12:40:00","23.9088364,87.5307898","COMPUTER WORLD",{"$nulls":3},"T3","19AYEPS2194M1ZP","East1",null,"T-1556","Bankura","West Bengal","V5 Global",null,"Yes","Telephonic","82R400XSIN",1,"Lenovo","Ideapad","Ideapad","\"Ryzenâ„¢ 5 5500U 6C 8GB RAM 512GB SSD Windows11 MS Office H&S 2024  Integrated AMD Radeon  Graphics  15.6\"\" FHD TN 220nits AG 720","Win 11","Thin & Light","Entry","Amd Ryzen 5 5500U","Consumer",29407,null,"NB",29407,"East1",34700.259999999995,"",null,"East1","Entry","Entry","-"]
[21694593,"Samya Roy","samya.roy@v5global.co.in",9474010730,"V5 Global","Bolpur","V5287255","West Bengal","West Bengal",null,"V5 Global",null,null,"Arindam Mazumdar","arindam.mazumdar@v5global.co.in",null,"East1",null,"External Consumer","ASO","V5 Global ASO",null,"FT",null,"ASO",null,"Ashique Ali","Amit Thakuri",null,"Amit Tiwari","Raghavendra Araveeti","amit.thakuri@v5global.co.in","amit.thakuri@v5global.co.in","aali11@lenovo.com","atiwari11@lenovo.com","raraveeti@lenovo.com","ASO","Shilpi Gautam","sgautam2@lenovo.com",null,"Amit Tiwari",null,"atiwari11@lenovo.com",null,"2025-12-08","12:41:00","23.9088344,87.5307947","Disha Technologies",{"$nulls":3},"T3","19AIMPR8514Q1Z6","East1",null,"T-1565","West Burdwan","West Bengal","V5 Global",null,"Yes","Telephonic","82X700HMIN",1,"Lenovo","IdeaPad Slim 3","Slim 3","15.6\", 8GB, 512GB, Integrated Intel UHD Graphics, Office Home 2024, Arctic Grey\t","Win 11","Thin & Light","Mainstream","Intel Core i3-1315U\t","Consumer",41000,null,"NB",41000,"East1",48380,"",null,"East1","Mainstream","Mainstream","i3 OS"]
[21694593,"Samya Roy","samya.roy@v5global.co.in",9474010730,"V5 Global","Bolpur","V5287255","West Bengal","West Bengal",null,"V5 Global",null,null,"Arindam Mazumdar","arindam.mazumdar@v5global.co.in",null,"East1",null,"External Consumer","ASO","V5 Global ASO",null,"FT",null,"ASO",null,"Ashique Ali","Amit Thakuri",null,"Amit Tiwari","Raghavendra Araveeti","amit.thakuri@v5global.co.in","amit.thakuri@v5global.co.in","aali11@lenovo.com","atiwari11@lenovo.com","raraveeti@lenovo.com","ASO","Shilpi Gautam","sgautam2@lenovo.com",null,"Amit Tiwari",null,"atiwari11@lenovo.com",null,"2025-12-08","12:41:00","23.9088344,87.5307947","Disha Technologies",{"$nulls":3},"T3","19AIMPR8514Q1Z6","East1",null,"T-1565","West Burdwan","West Bengal","V5 Global",null,"Yes","Telephonic","82R400XSIN",1,"Lenovo","Ideapad","Ideapad","\"Ryzenâ„¢ 5 5500U 6C 8GB RAM 512GB SSD Windows11 MS Office H&S 2024  Integrated AMD Radeon  Graphics  15.6\"\" FHD TN 220nits AG 720","Win 11","Thin & Light","Entry","Amd Ryzen 5 5500U","Consumer",29407,null,"NB",29407,"East1",34700.259999999995,"",null,"East1","Entry","Entry","-"]
[21694606,"Samya Roy","samya.roy@v5global.co.in",9474010730,"V5 Global","Bolpur","V5287255","West Bengal","West Bengal",null,"V5 Global",null,null,"Arindam Mazumdar","arindam.mazumdar@v5global.co.in",null,"East1",null,"External Consumer","ASO","V5 Global ASO",null,"FT",null,"ASO",null,"Ashique Ali","Amit Thakuri",null,"Amit Tiwari","Raghavendra Araveeti","amit.thakuri@v5global.co.in","amit.thakuri@v5global.co.in","aali11@lenovo.com","atiwari11@lenovo.com","raraveeti@lenovo.com","ASO","Shilpi Gautam","sgautam2@lenovo.com",null,"Amit Tiwari",null,"atiwari11@lenovo.com",null,"2025-12-08","12:42:00","23.9088418,87.5307915","Matrix",{"$nulls":3},"T3","19AICPJ3730C1ZP","East1",null,"T-1615","West Burdwan","West Bengal","V5 Global",null,"Yes","Telephonic","90VT004XIN",1,"Lenovo","IdeaCentre","IdeaCentre 3 07IRB8","DT IC 3 07IRB8 I513400 512G 8G","Win 11","TDT","Mainstream","i5 13400","Consumer",46990,null,"TDT",46990,"East1",55448.2,"",null,"East1","Mainstream","Mainstream","-"]
[21694615,"Samya Roy","samya.roy@v5global.co.in",9474010730,"V5 Global","Bolpur","V5287255","West Bengal","West Bengal",null,"V5 Global",null,null,"Arindam Mazumdar","arindam.mazumdar@v5global.co.in",null,"East1",null,"External Consumer","ASO","V5 Global ASO",null,"FT",null,"ASO",null,"Ashique Ali","Amit Thakuri",null,"Amit Tiwari","Raghavendra Araveeti","amit.thakuri@v5global.co.in","amit.thakuri@v5global.co.in","aali11@lenovo.com","atiwari11@lenovo.com","raraveeti@lenovo.com","ASO","Shilpi Gautam","sgautam2@lenovo.com",null,"Amit Tiwari",null,"atiwari11@lenovo.com",null,"2025-12-08","12:43:00","23.9088353,87.5307929","ANGEEKAR COMPUTER",{"$nulls":3},"T3","19ABMFA2913R1ZU","East1",null,"T-1522","West Burdwan","West Bengal","V5 Global",null,"Yes","Telephonic","F0J6005GIN",1,"Lenovo","AIO","A100","IntelÂ® Coreâ„¢ i3-N305/8GB SO-DIMM DDR4-3200/512GB SSD/Integrated IntelÂ® UHD Graphics/WindowsÂ® 11,Cloud Grey","Win 11","AIO","Mainstream","IntelÂ® Coreâ„¢ i3-N305","Consumer",49000,null,"AIO",{"$f":"BV451*BL451","v":49000},{"$f":"Q451","v":"East1"},{"$f":"BV451*118%","v":57820},{"$f":"IF(CF451=\"Premium\",IF(CA451>=65000,\"SP\",\"\"),\"\")","v":""},null,"East1",{"$f":"IF(BU451=\"Consumer\",IF(CA451<40000,\"Entry\",IF(AND(CA451>=40000,CA451<65000),\"Mainstream\",\"Premium\")),IF(BU451=\"Visuals\",BS451,\"NA\"))","v":"Mainstream"},"Mainstream","i3 OS"]
[21694627,"Samya Roy","samya.roy@v5global.co.in",9474010730,"V5 Global","Bolpur","V5287255","West Bengal","West Bengal",null,"V5 Global",null,null,"Arindam Mazumdar","arindam.mazumdar@v5global.co.in",null,"East1",null,"External Consumer","ASO","V5 Global ASO",null,"FT",null,"ASO",null,"Ashique Ali","Amit Thakuri",null,"Amit Tiwari","Raghavendra Araveeti","amit.thakuri@v5global.co.in","amit.thakuri@v5global.co.in","aali11@lenovo.com","atiwari11@lenovo.com","raraveeti@lenovo.com","ASO","Shilpi Gautam","sgautam2@lenovo.com",null,"Amit Tiwari",null,"atiwari11@lenovo.com",null,"2025-12-08","12:43:00","23.9088431,87.5307927","MOHAN MULTI TRADERS",{"$nulls":3},"T3","19AEPPR5304F1Z9","East1",null,"T-1622","Purulia","West Bengal","V5 Global",null,"Yes","Telephonic","83K100CAIN",2,"Lenovo","Ideapad","Slim 3","NB IP Slim 3 15IRH10 I5 8G 512G 11S","Win 11","Thin & Light","Premium","i5 13420H/8GB/512GB SSD","Consumer",56251,null,"NB",112502,"East1",66376.18,"",null,"East1","Premium","Mainstream","-"]
[21696384,"Umer Farooq Bhat","umer.farooq@v5global.co.in",7006131255,"V5 Global","Srinagar","V5266190","Jammu and Kashmir","Jammu and Kashmir",null,"V5 Global",null,null,"Shivam Kumar1","shivam.kumar1@v5global.co.in",null,"North1",null,"External Consumer","ASO","V5 Global ASO",null,"FT",null,"ASO",null,"Karan Kapoor","Gaurav Sharma",null,"Kumar Tanksale","Raghavendra Araveeti","gaurav.sharma@v5global.co.in","gaurav.sharma@v5global.co.in","Kkapoor@lenovo.com","ktanksale1@lenovo.com","raraveeti@lenovo.com","ASO","Shilpi Gautam","sgautam2@lenovo.com",null,"Kumar Tanksale",null,"ktanksale1@lenovo.com",null,"2025-12-08","13:07:00","34.07311602743358,74.81616631150246","CLASSIC COMPUTERS",{"$nulls":3},"T3",null,"North1",null,"T-3604","Srinagar","Jammu And Kashmir","V5 Global",null,"Yes","Face to Face","GY51C12380",2,"Lenovo","Wireless Mouse","Input","Lenovo 130 wireless mouse","NA","Accessories","NA","NA","Accessories",649,null,null,1298,"North1",765.8199999999999,"",null,"North1","NA","NA","-"]
[21696393,"Umer Farooq Bhat","umer.farooq@v5global.co.in",7006131255,"V5 Global","Srinagar","V5266190","Jammu and Kashmir","Jammu and Kashmir",null,"V5 Global",null,null,"Shivam Kumar1","shivam.kumar1@v5global.co.in",null,"North1",null,"External Consumer","ASO","V5 Global ASO",null,"FT",null,"ASO",null,"Karan Kapoor","Gaurav Sharma",null,"Kumar Tanksale","Raghavendra Araveeti","gaurav.sharma@v5global.co.in","gaurav.sharma@v5global.co.in","Kkapoor@lenovo.com","ktanksale1@lenovo.com","raraveeti@lenovo.com","ASO","Shilpi Gautam","sgautam2@lenovo.com",null,"Kumar Tanksale",null,"ktanksale1@lenovo.com",null,"2025-12-08","13:37:00","34.07299938620116,74.81641843914986","Advance It",{"$nulls":3},"T3","01CNBPK7041P1ZZ","North1",null,"T-20001","Regal","Jammu And Kashmir","V5 Global",null,"Yes","Face to Face","83K100C6IN",1,"Lenovo","Ideapad","Slim 3","IntelÂ® Coreâ„¢ i5-13420H, 8C (4P + 4E) / 12T, P-core 2.1 / 4.6GHz, E-core 1.5 / 3.4GHz, 12MB,8GB Soldered DDR5-4800 + 8GB SO-DIMM ","Win 11","Thin & Light","Mainstream","i5-13420H","Consumer",46000,null,"NB",46000,"North1",54280,"",null,"North1","Mainstream","Premium","-"]
[21696393,"Umer Farooq Bhat","umer.farooq@v5global.co.in",7006131255,"V5 Global","Srinagar","V5266190","Jammu and Kashmir","Jammu and Kashmir",null,"V5 Global",null,null,"Shivam Kumar1","shivam.kumar1@v5global.co.in",null,"North1",null,"External Consumer","ASO","V5 Global ASO",null,"FT",null,"ASO",null,"Karan Kapoor","Gaurav Sharma",null,"Kumar Tanksale","Raghavendra Araveeti","gaurav.sharma@v5global.co.in","gaurav.sharma@v5global.co.in","Kkapoor@lenovo.com","ktanksale1@lenovo.com","raraveeti@lenovo.com","ASO","Shilpi Gautam","sgautam2@lenovo.com",null,"Kumar Tanksale",null,"ktanksale1@lenovo.com",null,"2025-12-08","13:37:00","34.07299938620116,74.81641843914986","Advance It",{"$nulls":3},"T3","01CNBPK7041P1ZZ","North1",null,"T-20001","Regal","Jammu And Kashmir","V5 Global",null,"Yes","Face to Face","GY51C12380",3,"Lenovo","Wireless Mouse","Input","Lenovo 130 wireless mouse","NA","Accessories","NA","NA","Accessories",649,null,null,1947,"North1",765.8199999999999,"",null,"North1","NA","NA","-"]
[21695424,"Vinod Kumar","vinod.kumar@v5global.co.in",9911547614,"V5 Global","Delhi","V5265873","Delhi","Delhi",null,"V5 Global",null,null,"Chetan Mehta","Chetan.mehta@v5global.co.in",null,"North1",null,"External Consumer","ASO","V5 Global ASO",null,"FT",null,"ASO",null,"Kanwaldeep Singh","Gaurav Sharma",null,"Kumar Tanksale","Raghavendra Araveeti","gaurav.sharma@v5global.co.in","gaurav.sharma@v5global.co.in","ksingh15@lenovo.com","ktanksale1@lenovo.com","raraveeti@lenovo.com","ASO","Shilpi Gautam","sgautam2@lenovo.com",null,"Kumar Tanksale",null,"ktanksale1@lenovo.com",null,"2025-12-08","14:00:00","28.6930067,77.1198517","Mk Computers",{"$nulls":3},"T3","07AARPK9331P1ZV","North1",null,"T-3776","New Delhi","New Delhi","V5 Global",null,"Yes","Face to Face","82V6009HIN",1,"Lenovo","IdeaPad","IdeaPad 1 14IGL7","NB IP 1 14IGL7 N4020 8G 512G 11S","Win 11","Thin & Light","Entry","N4020","Consumer",29047,null,"NB",29047,"North1",34275.46,"",null,"North1","Entry","Entry","-"]
[21696406,"Umer Farooq Bhat","umer.farooq@v5global.co.in",7006131255,"V5 Global","Srinagar","V5266190","Jammu and Kashmir","Jammu and Kashmir",null,"V5 Global",null,null,"Shivam Kumar1","shivam.kumar1@v5global.co.in",null,"North1",null,"External Consumer","ASO","V5 Global ASO",null,"FT",null,"ASO",null,"Karan Kapoor","Gaurav Sharma",null,"Kumar Tanksale","Raghavendra Araveeti","gaurav.sharma@v5global.co.in","gaurav.sharma@v5global.co.in","Kkapoor@lenovo.com","ktanksale1@lenovo.com","raraveeti@lenovo.com","ASO","Shilpi Gautam","sgautam2@lenovo.com",null,"Kumar Tanksale",null,"ktanksale1@lenovo.com",null,"2025-12-08","14:11:00","34.072864693149626,74.81922201812267","Intel Computers",{"$nulls":3},"T3",null,"North1",null,"T-20615","Srinagar","Jammu And Kashmir","V5 Global",null,"Yes","Face to Face","GY51C12380",2,"Lenovo","Wireless Mouse","Input","Lenovo 130 wireless mouse","NA","Accessories","NA","NA","Accessories",649,null,null,1298,"North1",765.8199999999999,"",null,"North1","NA","NA","-"]
[21722761,"Ramisetty Gopalkrishna","ramisetty.krishna@v5global.co.in",7050129999,"V5 Global","Vijaywada","V5303153","Andhra Pradesh","Andhra Pradesh",null,"V5 Global",null,null,"TBH (HYD)",null,null,"South2",null,"External Consumer","ASO","V5 Global ASO",null,"FT",null,"ASO",null,"Prabhakar G","S.Arunbabu",null,"Prabhu Subaramanian","Sharad verma","arun.babu@v5global.co.in","arun.babu@v5global.co.in","gprabhakar@lenovo.com","psubramania4@lenovo.com","sharverm@lenovo.com","ASO","Shilpi Gautam","sgautam2@lenovo.com",null,"Prabhu Subaramanian",null,"psubramania4@lenovo.com",null,"2025-12-08","14:40:00","16.7185617,81.1204717","LEAD COMPUTERS & SERVICES",{"$nulls":3},"T3","37AJUPB0466E1Z8","South2",null,"T-10338","Krishna","Andhra Pradesh","V5 Global",null,"Yes","Face to Face","83K100CAIN",1,"Lenovo","Ideapad","Slim 3","NB IP Slim 3 15IRH10 I5 8G 512G 11S","Win 11","Thin & Light","Premium","i5 13420H/8GB/512GB SSD","Consumer",56251,null,"NB",56251,"South2",66376.18,"",null,"South2","Premium","Mainstream","-"]
[21696414,"Umer Farooq Bhat","umer.farooq@v5global.co.in",7006131255,"V5 Global","Srinagar","V5266190","Jammu and Kashmir","Jammu and Kashmir",null,"V5 Global",null,null,"Shivam Kumar1","shivam.kumar1@v5global.co.in",null,"North1",null,"External Consumer","ASO","V5 Global ASO",null,"FT",null,"ASO",null,"Karan Kapoor","Gaurav Sharma",null,"Kumar Tanksale","Raghavendra Araveeti","gaurav.sharma@v5global.co.in","gaurav.sharma@v5global.co.in","Kkapoor@lenovo.com","ktanksale1@lenovo.com","raraveeti@lenovo.com","ASO","Shilpi Gautam","sgautam2@lenovo.com",null,"Kumar Tanksale",null,"ktanksale1@lenovo.com",null,"2025-12-08","14:40:00","34.073690622017466,74.81979299336672","Dot Com Services",{"$nulls":3},"T3","01AHKPR0917J1ZF","North1",null,"T-20004","Polo View","Jammu And Kashmir","V5 Global",null,"Yes","Face to Face","GY51C12380",2,"Lenovo","Wireless Mouse","Input","Lenovo 130 wireless mouse","NA","Accessories","NA","NA","Accessories",649,null,null,1298,"North1",765.8199999999999,"",null,"North1","NA","NA","-"]
[21695667,"Manish Kumar ","manish.k@v5global.co.in",9815306161,"V5 Global","Chandigarh","V5294765","Punjab","Punjab",null,"V5 Global",null,null,"Shivam Kumar1","shivam.kumar1@v5global.co.in",null,"North1",null,"External Consumer","ASO","V5 Global ASO",null,"FT",null,"ASO",null,"Naveen Kumar","Gaurav Sharma",null,"Kumar Tanksale","Raghavendra Araveeti","gaurav.sharma@v5global.co.in","gaurav.sharma@v5global.co.in","nkumar12@lenovo.com","ktanksale1@lenovo.com","raraveeti@lenovo.com","ASO","Shilpi Gautam","sgautam2@lenovo.com",null,"Kumar Tanksale",null,"ktanksale1@lenovo.com",null,"2025-12-08","14:50:00","30.7168434,76.777266","Pathania ELECTRONICS",{"$nulls":3},"T3",null,"North1",null,"T-3397","Chamba","Himachal Pradesh","Denave",null,"Yes","Telephonic","83DV01A9IN",1,"Lenovo","LOQ","LOQ 15IRX9","i5 OS 6GB Gfx/i5 13450HX/RTX 3050 6GB","Win 11","Gaming","Premium","RTX 3050 6GB/512GB SSD/i5 13450HX","Consumer",77845,null,"NB",77845,"North1",91857.09999999999,"SP","Gaming","North1","Premium","Premium","-"]
[21695673,"Manish Kumar ","manish.k@v5global.co.in",9815306161,"V5 Global","Chandigarh","V5294765","Punjab","Punjab",null,"V5 Global",null,null,"Shivam Kumar1","shivam.kumar1@v5global.co.in",null,"North1",null,"External Consumer","ASO","V5 Global ASO",null,"FT",null,"ASO",null,"Naveen Kumar","Gaurav Sharma",null,"Kumar Tanksale","Raghavendra Araveeti","gaurav.sharma@v5global.co.in","gaurav.sharma@v5global.co.in","nkumar12@lenovo.com","ktanksale1@lenovo.com","raraveeti@lenovo.com","ASO","Shilpi Gautam","sgautam2@lenovo.com",null,"Kumar Tanksale",null,"ktanksale1@lenovo.com",null,"2025-12-08","14:50:00","30.7168291,76.7772939","Shivam Enterprise",{"$nulls":3},"T3","19ABDFS1969C1Z2","East1",null,"T-1000","Maldah","WEST BENGAL","V5 Global",null,"Yes","Face to Face","83DV01A9IN",1,"Lenovo","LOQ","LOQ 15IRX9","i5 OS 6GB Gfx/i5 13450HX/RTX 3050 6GB","Win 11","Gaming","Premium","RTX 3050 6GB/512GB SSD/i5 13450HX","Consumer",77845,null,"NB",77845,"North1",91857.09999999999,"SP","Gaming","North1","Premium","Premium","-"]
[21695678,"Manish Kumar ","manish.k@v5global.co.in",9815306161,"V5 Global","Chandigarh","V5294765","Punjab","Punjab",null,"V5 Global",null,null,"Shivam Kumar1","shivam.kumar1@v5global.co.in",null,"North1",null,"External Consumer","ASO","V5 Global ASO",null,"FT",null,"ASO",null,"Naveen Kumar","Gaurav Sharma",null,"Kumar Tanksale","Raghavendra Araveeti","gaurav.sharma@v5global.co.in","gaurav.sharma@v5global.co.in","nkumar12@lenovo.com","ktanksale1@lenovo.com","raraveeti@lenovo.com","ASO","Shilpi Gautam","sgautam2@lenovo.com",null,"Kumar Tanksale",null,"ktanksale1@lenovo.com",null,"2025-12-08","14:51:00","30.7168194,76.7772817","Mathura electronic",{"$nulls":3},"T3","02ACJPG5179P1Z7","North1",null,"T-24317","Solan","Himachal Pradesh","V5 Global",null,"Yes","Face to Face","83DV01A9IN",1,"Lenovo","LOQ","LOQ 15IRX9","i5 OS 6GB Gfx/i5 13450HX/RTX 3050 6GB","Win 11","Gaming","Premium","RTX 3050 6GB/512GB SSD/i5 13450HX","Consumer",77845,null,"NB",77845,"North1",91857.09999999999,"SP","Gaming","North1","Premium","Premium","-"]
[21696426,"Umer Farooq Bhat","umer.farooq@v5global.co.in",7006131255,"V5 Global","Srinagar","V5266190","Jammu and Kashmir","Jammu and Kashmir",null,"V5 Global",null,null,"Shivam Kumar1","shivam.kumar1@v5global.co.in",null,"North1",null,"External Consumer","ASO","V5 Global ASO",null,"FT",null,"ASO",null,"Karan Kapoor","Gaurav Sharma",null,"Kumar Tanksale","Raghavendra Araveeti","gaurav.sharma@v5global.co.in","gaurav.sharma@v5global.co.in","Kkapoor@lenovo.com","ktanksale1@lenovo.com","raraveeti@lenovo.com","ASO","Shilpi Gautam","sgautam2@lenovo.com",null,"Kumar Tanksale",null,"ktanksale1@lenovo.com",null,"2025-12-08","15:10:00","34.07382586918514,74.81989793479443","PS Techno Services",{"$nulls":3},"T3",null,"North1",null,"T-20613","Srinagar","Jammu And Kashmir","V5 Global",null,"Yes","Face to Face","GY51C12380",3,"Lenovo","Wireless Mouse","Input","Lenovo 130 wireless mouse","NA","Accessories","NA","NA","Accessories",649,null,null,1947,"North1",765.8199999999999,"",null,"North1","NA","NA","-"]
[21695880,"Vinod Kumar","vinod.kumar@v5global.co.in",9911547614,"V5 Global","Delhi","V5265873","Delhi","Delhi",null,"V5 Global",null,null,"Chetan Mehta","Chetan.mehta@v5global.co.in",null,"North1",null,"External Consumer","ASO","V5 Global ASO",null,"FT",null,"ASO",null,"Kanwaldeep Singh","Gaurav Sharma",null,"Kumar Tanksale","Raghavendra Araveeti","gaurav.sharma@v5global.co.in","gaurav.sharma@v5global.co.in","ksingh15@lenovo.com","ktanksale1@lenovo.com","raraveeti@lenovo.com","ASO","Shilpi Gautam","sgautam2@lenovo.com",null,"Kumar Tanksale",null,"ktanksale1@lenovo.com",null,"2025-12-08","15:20:00","28.6963067,77.11914","Milinium Pc Soloution",{"$nulls":3},"T3",null,"North1",null,"T-3713","New Delhi","New Delhi","V5 Global",null,"Yes","Face to Face","82V6009HIN",1,"Lenovo","IdeaPad","IdeaPad 1 14IGL7","NB IP 1 14IGL7 N4020 8G 512G 11S","Win 11","Thin & Light","Entry","N4020","Consumer",29047,null,"NB",29047,"North1",34275.46,"",null,"North1","Entry","Entry","-"]
[21696435,"Umer Farooq Bhat","umer.farooq@v5global.co.in",7006131255,"V5 Global","Srinagar","V5266190","Jammu and Kashmir","Jammu and Kashmir",null,"V5 Global",null,null,"Shivam Kumar1","shivam.kumar1@v5global.co.in",null,"North1",null,"External Consumer","ASO","V5 Global ASO",null,"FT",null,"ASO",null,"Karan Kapoor","Gaurav Sharma",null,"Kumar Tanksale","Raghavendra Araveeti","gaurav.sharma@v5global.co.in","gaurav.sharma@v5global.co.in","Kkapoor@lenovo.com","ktanksale1@lenovo.com","raraveeti@lenovo.com","ASO","Shilpi Gautam","sgautam2@lenovo.com",null,"Kumar Tanksale",null,"ktanksale1@lenovo.com",null,"2025-12-08","15:35:00","34.07377171480103,74.8198476433754","EURO ASIA IT",{"$nulls":3},"T3","01AAIFE3454E1ZY","North1",null,"T-20783","Srinagar","Jammu And Kashmir","V5 Global",null,"Yes","Face to Face","82XQ00MDIN",1,"Lenovo","Ideapad","Slim 3","RYZEN-7320U/8GB LPDDR5-5500/512GB SSD/Integrated AMD Radeon graphics","Win 11","Thin & Light","Entry","Ryzen3 7320U","Consumer",33000,null,"NB",33000,"North1",38940,"",null,"North1","Entry","Entry","-"]
[21696435,"Umer Farooq Bhat","umer.farooq@v5global.co.in",7006131255,"V5 Global","Srinagar","V5266190","Jammu and Kashmir","Jammu and Kashmir",null,"V5 Global",null,null,"Shivam Kumar1","shivam.kumar1@v5global.co.in",null,"North1",null,"External Consumer","ASO","V5 Global ASO",null,"FT",null,"ASO",null,"Karan Kapoor","Gaurav Sharma",null,"Kumar Tanksale","Raghavendra Araveeti","gaurav.sharma@v5global.co.in","gaurav.sharma@v5global.co.in","Kkapoor@lenovo.com","ktanksale1@lenovo.com","raraveeti@lenovo.com","ASO","Shilpi Gautam","sgautam2@lenovo.com",null,"Kumar Tanksale",null,"ktanksale1@lenovo.com",null,"2025-12-08","15:35:00","34.07377171480103,74.8198476433754","EURO ASIA IT",{"$nulls":3},"T3","01AAIFE3454E1ZY","North1",null,"T-20783","Srinagar","Jammu And Kashmir","V5 Global",null,"Yes","Face to Face","GY51C12380",3,"Lenovo","Wireless Mouse","Input","Lenovo 130 wireless mouse","NA","Accessories","NA","NA","Accessories",649,null,null,1947,"North1",765.8199999999999,"",null,"North1","NA","NA","-"]
[21722765,"Ramisetty Gopalkrishna","ramisetty.krishna@v5global.co.in",7050129999,"V5 Global","Vijaywada","V5303153","Andhra Pradesh","Andhra Pradesh",null,"V5 Global",null,null,"TBH (HYD)",null,null,"South2",null,"External Consumer","ASO","V5 Global ASO",null,"FT",null,"ASO",null,"Prabhakar G","S.Arunbabu",null,"Prabhu Subaramanian","Sharad verma","arun.babu@v5global.co.in","arun.babu@v5global.co.in","gprabhakar@lenovo.com","psubramania4@lenovo.com","sharverm@lenovo.com","ASO","Shilpi Gautam","sgautam2@lenovo.com",null,"Prabhu Subaramanian",null,"psubramania4@lenovo.com",null,"2025-12-08","15:50:00","16.71967,81.121565","NAVDEEP COMPUTERS",{"$nulls":3},"T3","37AAXFN2551L1ZK","South2",null,"T-20325","Vijayawada","Andhra Pradesh","V5 Global",null,"Yes","Face to Face","83LK00D9IN",2,"Lenovo","LOQ","Lenovo LOQ 15IAX9E","\"15.6\"\" FHD (1920x1080) IPS 300nits Anti-glare, 100% sRGB, 144Hz / 1x 16GB SODIMM DDR5-4800, \t Up to 32GB DDR5-4800/ 512GB SSD M","Win 11","Gaming","Premium","IntelÂ® Core i7-12650HX, 14C (6P + 8E)","Consumer",63062,null,"NB",126124,"South2",74413.15999999999,"SP","Gaming","South2","Premium","Premium","-"]
[21722765,"Ramisetty Gopalkrishna","ramisetty.krishna@v5global.co.in",7050129999,"V5 Global","Vijaywada","V5303153","Andhra Pradesh","Andhra Pradesh",null,"V5 Global",null,null,"TBH (HYD)",null,null,"South2",null,"External Consumer","ASO","V5 Global ASO",null,"FT",null,"ASO",null,"Prabhakar G","S.Arunbabu",null,"Prabhu Subaramanian","Sharad verma","arun.babu@v5global.co.in","arun.babu@v5global.co.in","gprabhakar@lenovo.com","psubramania4@lenovo.com","sharverm@lenovo.com","ASO","Shilpi Gautam","sgautam2@lenovo.com",null,"Prabhu Subaramanian",null,"psubramania4@lenovo.com",null,"2025-12-08","15:50:00","16.71967,81.121565","NAVDEEP COMPUTERS",{"$nulls":3},"T3","37AAXFN2551L1ZK","South2",null,"T-20325","Vijayawada","Andhra Pradesh","V5 Global",null,"Yes","Face to Face","83K100C6IN",2,"Lenovo","Ideapad","Slim 3","IntelÂ® Coreâ„¢ i5-13420H, 8C (4P + 4E) / 12T, P-core 2.1 / 4.6GHz, E-core 1.5 / 3.4GHz, 12MB,8GB Soldered DDR5-4800 + 8GB SO-DIMM ","Win 11","Thin & Light","Mainstream","i5-13420H","Consumer",46000,null,"NB",92000,"South2",54280,"",null,"South2","Mainstream","Premium","-"]
[21722765,"Ramisetty Gopalkrishna","ramisetty.krishna@v5global.co.in",7050129999,"V5 Global","Vijaywada","V5303153","Andhra Pradesh","Andhra Pradesh",null,"V5 Global",null,null,"TBH (HYD)",null,null,"South2",null,"External Consumer","ASO","V5 Global ASO",null,"FT",null,"ASO",null,"Prabhakar G","S.Arunbabu",null,"Prabhu Subaramanian","Sharad verma","arun.babu@v5global.co.in","arun.babu@v5global.co.in","gprabhakar@lenovo.com","psubramania4@lenovo.com","sharverm@lenovo.com","ASO","Shilpi Gautam","sgautam2@lenovo.com",null,"Prabhu Subaramanian",null,"psubramania4@lenovo.com",null,"2025-12-08","15:50:00","16.71967,81.121565","NAVDEEP COMPUTERS",{"$nulls":3},"T3","37AAXFN2551L1ZK","South2",null,"T-20325","Vijayawada","Andhra Pradesh","V5 Global",null,"Yes","Face to Face","F0HR009BIN",1,"Lenovo","IdeaCentre","AIO","DT IC AIO 24ARR9 A57535HS 512G 8G","Win 11","TDT","Mainstream","R7 7735HS","Consumer",42990,null,"TDT",42990,"South2",50728.2,"",null,"South2","Mainstream","Mainstream","-"]
[21696045,"TALAMARLA LAKSHMI REDDY","talamarla.reddy@v5global.co.in",9014290161,"V5 Global","Anantapur","V5422498","Andhra Pradesh","Andhra Pradesh",null,"V5 Global",null,null,"Mohammed Ibrahim","mohammed.ibrahim@v5global.co.in",null,"South2",null,"External Consumer","ASO","V5 Global ASO",null,"FT",null,"ASO",null,"Prabhakar G","S.Arunbabu",null,"Prabhu Subaramanian","Sharad verma","arun.babu@v5global.co.in","arun.babu@v5global.co.in","gprabhakar@lenovo.com","psubramania4@lenovo.com","sharverm@lenovo.com","ASO","Shilpi Gautam","sgautam2@lenovo.com",null,"Prabhu Subaramanian",null,"psubramania4@lenovo.com",null,"2025-12-08","15:58:00","14.6816976,77.6002338","IC Tech",{"$nulls":3},"T3",null,"South3",null,"T-28546","Tirupati","Andhra Pradesh","Denave",null,"Yes","Face to Face","83K100C9IN",1,"Lenovo","Slim 3","IdeaPad Slim 3 15IRH10","NB IP Slim 3 15IRH10 I7 8G 8G 512G 11S","Win 11","Thin & Light","Mainstream","i7 13620H","Consumer",64700,null,"NB",64700,"South2",76346,"SP","Non-Gaming","South2","Premium","Premium","-"]
[21696045,"TALAMARLA LAKSHMI REDDY","talamarla.reddy@v5global.co.in",9014290161,"V5 Global","Anantapur","V5422498","Andhra Pradesh","Andhra Pradesh",null,"V5 Global",null,null,"Mohammed Ibrahim","mohammed.ibrahim@v5global.co.in",null,"South2",null,"External Consumer","ASO","V5 Global ASO",null,"FT",null,"ASO",null,"Prabhakar G","S.Arunbabu",null,"Prabhu Subaramanian","Sharad verma","arun.babu@v5global.co.in","arun.babu@v5global.co.in","gprabhakar@lenovo.com","psubramania4@lenovo.com","sharverm@lenovo.com","ASO","Shilpi Gautam","sgautam2@lenovo.com",null,"Prabhu Subaramanian",null,"psubramania4@lenovo.com",null,"2025-12-08","15:58:00","14.6816976,77.6002338","IC Tech",{"$nulls":3},"T3",null,"South3",null,"T-28546","Tirupati","Andhra Pradesh","Denave",null,"Yes","Face to Face","GX40Q75210",1,"Lenovo","Carry Case","Backpack","Lenovo 15.6 Laptop Everyday Backpack B510/PE bag/Water resistant fabric/Warranty 1 Year","NA","Accessories","NA","NA","Accessories",655,null,null,655,"South2",772.9,"",null,"South2","NA","NA","-"]
[21696051,"TALAMARLA LAKSHMI REDDY","talamarla.reddy@v5global.co.in",9014290161,"V5 Global","Anantapur","V5422498","Andhra Pradesh","Andhra Pradesh",null,"V5 Global",null,null,"Mohammed Ibrahim","mohammed.ibrahim@v5global.co.in",null,"South2",null,"External Consumer","ASO","V5 Global ASO",null,"FT",null,"ASO",null,"Prabhakar G","S.Arunbabu",null,"Prabhu Subaramanian","Sharad verma","arun.babu@v5global.co.in","arun.babu@v5global.co.in","gprabhakar@lenovo.com","psubramania4@lenovo.com","sharverm@lenovo.com","ASO","Shilpi Gautam","sgautam2@lenovo.com",null,"Prabhu Subaramanian",null,"psubramania4@lenovo.com",null,"2025-12-08","15:59:00","14.6817027,77.6002364","U R TEK",{"$nulls":3},"T3","37AACFU0318D1ZM","South2",null,"T-10405","Chittoor","Andhra Pradesh","V5 Global",null,"Yes","Face to Face","83K100C9IN",1,"Lenovo","Slim 3","IdeaPad Slim 3 15IRH10","NB IP Slim 3 15IRH10 I7 8G 8G 512G 11S","Win 11","Thin & Light","Mainstream","i7 13620H","Consumer",64700,null,"NB",64700,"South2",76346,"SP","Non-Gaming","South2","Premium","Premium","-"]
[21696051,"TALAMARLA LAKSHMI REDDY","talamarla.reddy@v5global.co.in",9014290161,"V5 Global","Anantapur","V5422498","Andhra Pradesh","Andhra Pradesh",null,"V5 Global",null,null,"Mohammed Ibrahim","mohammed.ibrahim@v5global.co.in",null,"South2",null,"External Consumer","ASO","V5 Global ASO",null,"FT",null,"ASO",null,"Prabhakar G","S.Arunbabu",null,"Prabhu Subaramanian","Sharad verma","arun.babu@v5global.co.in","arun.babu@v5global.co.in","gprabhakar@lenovo.com","psubramania4@lenovo.com","sharverm@lenovo.com","ASO","Shilpi Gautam","sgautam2@lenovo.com",null,"Prabhu Subaramanian",null,"psubramania4@lenovo.com",null,"2025-12-08","15:59:00","14.6817027,77.6002364","U R TEK",{"$nulls":3},"T3","37AACFU0318D1ZM","South2",null,"T-10405","Chittoor","Andhra Pradesh","V5 Global",null,"Yes","Face to Face","GX40Q75210",1,"Lenovo","Carry Case","Backpack","Lenovo 15.6 Laptop Everyday Backpack B510/PE bag/Water resistant fabric/Warranty 1 Year","NA","Accessories","NA","NA","Accessories",655,null,null,655,"South2",772.9,"",null,"South2","NA","NA","-"]
[21696061,"TALAMARLA LAKSHMI REDDY","talamarla.reddy@v5global.co.in",9014290161,"V5 Global","Anantapur","V5422498","Andhra Pradesh","Andhra Pradesh",null,"V5 Global",null,null,"Mohammed Ibrahim","mohammed.ibrahim@v5global.co.in",null,"South2",null,"External Consumer","ASO","V5 Global ASO",null,"FT",null,"ASO",null,"Prabhakar G","S.Arunbabu",null,"Prabhu Subaramanian","Sharad verma","arun.babu@v5global.co.in","arun.babu@v5global.co.in","gprabhakar@lenovo.com","psubramania4@lenovo.com","sharverm@lenovo.com","ASO","Shilpi Gautam","sgautam2@lenovo.com",null,"Prabhu Subaramanian",null,"psubramania4@lenovo.com",null,"2025-12-08","16:00:00","14.6817027,77.6002343","SRI GALAXY COMPUTERS",{"$nulls":3},"T3","37AAIPE8495P1ZS","South3",null,"T-10406","Chittoor","Andhra Pradesh",null,null,"Yes","Face to Face","83K100C6IN",1,"Lenovo","Ideapad","Slim 3","IntelÂ® Coreâ„¢ i5-13420H, 8C (4P + 4E) / 12T, P-core 2.1 / 4.6GHz, E-core 1.5 / 3.4GHz, 12MB,8GB Soldered DDR5-4800 + 8GB SO-DIMM ","Win 11","Thin & Light","Mainstream","i5-13420H","Consumer",46000,null,"NB",46000,"South2",54280,"",null,"South2","Mainstream","Premium","-"]
[21696061,"TALAMARLA LAKSHMI REDDY","talamarla.reddy@v5global.co.in",9014290161,"V5 Global","Anantapur","V5422498","Andhra Pradesh","Andhra Pradesh",null,"V5 Global",null,null,"Mohammed Ibrahim","mohammed.ibrahim@v5global.co.in",null,"South2",null,"External Consumer","ASO","V5 Global ASO",null,"FT",null,"ASO",null,"Prabhakar G","S.Arunbabu",null,"Prabhu Subaramanian","Sharad verma","arun.babu@v5global.co.in","arun.babu@v5global.co.in","gprabhakar@lenovo.com","psubramania4@lenovo.com","sharverm@lenovo.com","ASO","Shilpi Gautam","sgautam2@lenovo.com",null,"Prabhu Subaramanian",null,"psubramania4@lenovo.com",null,"2025-12-08","16:00:00","14.6817027,77.6002343","SRI GALAXY COMPUTERS",{"$nulls":3},"T3","37AAIPE8495P1ZS","South3",null,"T-10406","Chittoor","Andhra Pradesh",null,null,"Yes","Face to Face","GX40Q75210",1,"Lenovo","Carry Case","Backpack","Lenovo 15.6 Laptop Everyday Backpack B510/PE bag/Water resistant fabric/Warranty 1 Year","NA","Accessories","NA","NA","Accessories",655,null,null,655,"South2",772.9,"",null,"South2","NA","NA","-"]
[21696069,"TALAMARLA LAKSHMI REDDY","talamarla.reddy@v5global.co.in",9014290161,"V5 Global","Anantapur","V5422498","Andhra Pradesh","Andhra Pradesh",null,"V5 Global",null,null,"Mohammed Ibrahim","mohammed.ibrahim@v5global.co.in",null,"South2",null,"External Consumer","ASO","V5 Global ASO",null,"FT",null,"ASO",null,"Prabhakar G","S.Arunbabu",null,"Prabhu Subaramanian","Sharad verma","arun.babu@v5global.co.in","arun.babu@v5global.co.in","gprabhakar@lenovo.com","psubramania4@lenovo.com","sharverm@lenovo.com","ASO","Shilpi Gautam","sgautam2@lenovo.com",null,"Prabhu Subaramanian",null,"psubramania4@lenovo.com",null,"2025-12-08","16:01:00","14.6817065,77.6002368","SRI DURGA COMPUTERS",{"$nulls":3},"T3","37ADJFS0113Q1ZR","South2",null,"T-10411","Kurnool","Andhra Pradesh","V5 Global",null,"Yes","Face to Face","83K100C6IN",1,"Lenovo","Ideapad","Slim 3","IntelÂ® Coreâ„¢ i5-13420H, 8C (4P + 4E) / 12T, P-core 2.1 / 4.6GHz, E-core 1.5 / 3.4GHz, 12MB,8GB Soldered DDR5-4800 + 8GB SO-DIMM ","Win 11","Thin & Light","Mainstream","i5-13420H","Consumer",46000,null,"NB",46000,"South2",54280,"",null,"South2","Mainstream","Premium","-"]
[21696069,"TALAMARLA LAKSHMI REDDY","talamarla.reddy@v5global.co.in",9014290161,"V5 Global","Anantapur","V5422498","Andhra Pradesh","Andhra Pradesh",null,"V5 Global",null,null,"Mohammed Ibrahim","mohammed.ibrahim@v5global.co.in",null,"South2",null,"External Consumer","ASO","V5 Global ASO",null,"FT",null,"ASO",null,"Prabhakar G","S.Arunbabu",null,"Prabhu Subaramanian","Sharad verma","arun.babu@v5global.co.in","arun.babu@v5global.co.in","gprabhakar@lenovo.com","psubramania4@lenovo.com","sharverm@lenovo.com","ASO","Shilpi Gautam","sgautam2@lenovo.com",null,"Prabhu Subaramanian",null,"psubramania4@lenovo.com",null,"2025-12-08","16:01:00","14.6817065,77.6002368","SRI DURGA COMPUTERS",{"$nulls":3},"T3","37ADJFS0113Q1ZR","South2",null,"T-10411","Kurnool","Andhra Pradesh","V5 Global",null,"Yes","Face to Face","GX40Q75210",1,"Lenovo","Carry Case","Backpack","Lenovo 15.6 Laptop Everyday Backpack B510/PE bag/Water resistant fabric/Warranty 1 Year","NA","Accessories","NA","NA","Accessories",655,null,null,655,"South2",772.9,"",null,"South2","NA","NA","-"]
[21696076,"TALAMARLA LAKSHMI REDDY","talamarla.reddy@v5global.co.in",9014290161,"V5 Global","Anantapur","V5422498","Andhra Pradesh","Andhra Pradesh",null,"V5 Global",null,null,"Mohammed Ibrahim","mohammed.ibrahim@v5global.co.in",null,"South2",null,"External Consumer","ASO","V5 Global ASO",null,"FT",null,"ASO",null,"Prabhakar G","S.Arunbabu",null,"Prabhu Subaramanian","Sharad verma","arun.babu@v5global.co.in","arun.babu@v5global.co.in","gprabhakar@lenovo.com","psubramania4@lenovo.com","sharverm@lenovo.com","ASO","Shilpi Gautam","sgautam2@lenovo.com",null,"Prabhu Subaramanian",null,"psubramania4@lenovo.com",null,"2025-12-08","16:02:00","14.681703,77.6002354","R K SOLUTIONS",{"$nulls":3},"T3","37AFAPG4653A1ZZ","South2",null,"T-10414","Kurnool","Andhra Pradesh","V5 Global",null,"Yes","Face to Face","83ER00MCIN",1,"Lenovo","Ideapad","Slim 3","Lenovo IdeaPad Slim 3 12th Gen Intel Core i5-12450H 15\" (39.6cm) FHD IPS 300 Nits Thin & Light Laptop (16GB/512GB SSD/Win 11/MSO","Win 11","Thin & Light","Mainstream","i5 12th Gen","Consumer",41000,null,"NB",41000,"South2",48380,"",null,"South2","Mainstream","Mainstream","-"]
[21696076,"TALAMARLA LAKSHMI REDDY","talamarla.reddy@v5global.co.in",9014290161,"V5 Global","Anantapur","V5422498","Andhra Pradesh","Andhra Pradesh",null,"V5 Global",null,null,"Mohammed Ibrahim","mohammed.ibrahim@v5global.co.in",null,"South2",null,"External Consumer","ASO","V5 Global ASO",null,"FT",null,"ASO",null,"Prabhakar G","S.Arunbabu",null,"Prabhu Subaramanian","Sharad verma","arun.babu@v5global.co.in","arun.babu@v5global.co.in","gprabhakar@lenovo.com","psubramania4@lenovo.com","sharverm@lenovo.com","ASO","Shilpi Gautam","sgautam2@lenovo.com",null,"Prabhu Subaramanian",null,"psubramania4@lenovo.com",null,"2025-12-08","16:02:00","14.681703,77.6002354","R K SOLUTIONS",{"$nulls":3},"T3","37AFAPG4653A1ZZ","South2",null,"T-10414","Kurnool","Andhra Pradesh","V5 Global",null,"Yes","Face to Face","GX40Q75210",1,"Lenovo","Carry Case","Backpack","Lenovo 15.6 Laptop Everyday Backpack B510/PE bag/Water resistant fabric/Warranty 1 Year","NA","Accessories","NA","NA","Accessories",655,null,null,655,"South2",772.9,"",null,"South2","NA","NA","-"]
[21696087,"TALAMARLA LAKSHMI REDDY","talamarla.reddy@v5global.co.in",9014290161,"V5 Global","Anantapur","V5422498","Andhra Pradesh","Andhra Pradesh",null,"V5 Global",null,null,"Mohammed Ibrahim","mohammed.ibrahim@v5global.co.in",null,"South2",null,"External Consumer","ASO","V5 Global ASO",null,"FT",null,"ASO",null,"Prabhakar G","S.Arunbabu",null,"Prabhu Subaramanian","Sharad verma","arun.babu@v5global.co.in","arun.babu@v5global.co.in","gprabhakar@lenovo.com","psubramania4@lenovo.com","sharverm@lenovo.com","ASO","Shilpi Gautam","sgautam2@lenovo.com",null,"Prabhu Subaramanian",null,"psubramania4@lenovo.com",null,"2025-12-08","16:04:00","14.68169,77.6002414","DIWA MOBILES AND COMPUTERS",{"$nulls":3},"T3","37DUKPK7559F1Z2","South2",null,"T-19751","Madannapalli","Andhra Pradesh","V5 Global",null,"Yes","Face to Face","83JE00U4IN",1,"Lenovo","LOQ","LOQ","15.6\" ,INTEL I7,16GB RAM ,1TB SSD","Win 11","Gaming","Premium","INTEL I7","Consumer",125000,null,"NB",125000,"South2",147500,"SP","Gaming","South2","Premium","Premium","-"]
[21696087,"TALAMARLA LAKSHMI REDDY","talamarla.reddy@v5global.co.in",9014290161,"V5 Global","Anantapur","V5422498","Andhra Pradesh","Andhra Pradesh",null,"V5 Global",null,null,"Mohammed Ibrahim","mohammed.ibrahim@v5global.co.in",null,"South2",null,"External Consumer","ASO","V5 Global ASO",null,"FT",null,"ASO",null,"Prabhakar G","S.Arunbabu",null,"Prabhu Subaramanian","Sharad verma","arun.babu@v5global.co.in","arun.babu@v5global.co.in","gprabhakar@lenovo.com","psubramania4@lenovo.com","sharverm@lenovo.com","ASO","Shilpi Gautam","sgautam2@lenovo.com",null,"Prabhu Subaramanian",null,"psubramania4@lenovo.com",null,"2025-12-08","16:04:00","14.68169,77.6002414","DIWA MOBILES AND COMPUTERS",{"$nulls":3},"T3","37DUKPK7559F1Z2","South2",null,"T-19751","Madannapalli","Andhra Pradesh","V5 Global",null,"Yes","Face to Face","GX41T87387",1,"Lenovo","LOQ-BACKBACK","BACKBACK","NA","NA","Accessories","Premium","NA","Accessories",2499,null,null,2499,"South2",2948.8199999999997,"",null,"South2","NA","NA","-"]
[21696442,"Umer Farooq Bhat","umer.farooq@v5global.co.in",7006131255,"V5 Global","Srinagar","V5266190","Jammu and Kashmir","Jammu and Kashmir",null,"V5 Global",null,null,"Shivam Kumar1","shivam.kumar1@v5global.co.in",null,"North1",null,"External Consumer","ASO","V5 Global ASO",null,"FT",null,"ASO",null,"Karan Kapoor","Gaurav Sharma",null,"Kumar Tanksale","Raghavendra Araveeti","gaurav.sharma@v5global.co.in","gaurav.sharma@v5global.co.in","Kkapoor@lenovo.com","ktanksale1@lenovo.com","raraveeti@lenovo.com","ASO","Shilpi Gautam","sgautam2@lenovo.com",null,"Kumar Tanksale",null,"ktanksale1@lenovo.com",null,"2025-12-08","16:06:00","34.073768382222404,74.81981445103884","Sybex Technologies",{"$nulls":3},"T3","01AHTPH0153M1ZE","North1",null,"T-20007","Polo View","Jammu And Kashmir","V5 Global",null,"Yes","Face to Face","GY51C12380",1,"Lenovo","Wireless Mouse","Input","Lenovo 130 wireless mouse","NA","Accessories","NA","NA","Accessories",649,null,null,649,"North1",765.8199999999999,"",null,"North1","NA","NA","-"]
[21696167,"TALAMARLA LAKSHMI REDDY","talamarla.reddy@v5global.co.in",9014290161,"V5 Global","Anantapur","V5422498","Andhra Pradesh","Andhra Pradesh",null,"V5 Global",null,null,"Mohammed Ibrahim","mohammed.ibrahim@v5global.co.in",null,"South2",null,"External Consumer","ASO","V5 Global ASO",null,"FT",null,"ASO",null,"Prabhakar G","S.Arunbabu",null,"Prabhu Subaramanian","Sharad verma","arun.babu@v5global.co.in","arun.babu@v5global.co.in","gprabhakar@lenovo.com","psubramania4@lenovo.com","sharverm@lenovo.com","ASO","Shilpi Gautam","sgautam2@lenovo.com",null,"Prabhu Subaramanian",null,"psubramania4@lenovo.com",null,"2025-12-08","16:06:00","14.6816969,77.6002458","VR SYSTEMS",{"$nulls":3},"T3","37BAIPS2254K1ZA","South2",null,"T-10430","Chittoor","Andhra Pradesh","V5 Global",null,"Yes","Face to Face","83DJ00FVIN",1,"Lenovo","Yoga 7","2 in 1","14 inch touch convertible","Win 11","Convertible","Premium","Core Ultra 5 125H","Consumer",89900,null,"NB",89900,"South2",106082,"SP","Non-Gaming","South2","Premium","Premium","yoga"]
[21696167,"TALAMARLA LAKSHMI REDDY","talamarla.reddy@v5global.co.in",9014290161,"V5 Global","Anantapur","V5422498","Andhra Pradesh","Andhra Pradesh",null,"V5 Global",null,null,"Mohammed Ibrahim","mohammed.ibrahim@v5global.co.in",null,"South2",null,"External Consumer","ASO","V5 Global ASO",null,"FT",null,"ASO",null,"Prabhakar G","S.Arunbabu",null,"Prabhu Subaramanian","Sharad verma","arun.babu@v5global.co.in","arun.babu@v5global.co.in","gprabhakar@lenovo.com","psubramania4@lenovo.com","sharverm@lenovo.com","ASO","Shilpi Gautam","sgautam2@lenovo.com",null,"Prabhu Subaramanian",null,"psubramania4@lenovo.com",null,"2025-12-08","16:06:00","14.6816969,77.6002458","VR SYSTEMS",{"$nulls":3},"T3","37BAIPS2254K1ZA","South2",null,"T-10430","Chittoor","Andhra Pradesh","V5 Global",null,"Yes","Face to Face","GX40Q75210",1,"Lenovo","Carry Case","Backpack","Lenovo 15.6 Laptop Everyday Backpack B510/PE bag/Water resistant fabric/Warranty 1 Year","NA","Accessories","NA","NA","Accessories",655,null,null,655,"South2",772.9,"",null,"South2","NA","NA","-"]
[21696166,"TALAMARLA LAKSHMI REDDY","talamarla.reddy@v5global.co.in",9014290161,"V5 Global","Anantapur","V5422498","Andhra Pradesh","Andhra Pradesh",null,"V5 Global",null,null,"Mohammed Ibrahim","mohammed.ibrahim@v5global.co.in",null,"South2",null,"External Consumer","ASO","V5 Global ASO",null,"FT",null,"ASO",null,"Prabhakar G","S.Arunbabu",null,"Prabhu Subaramanian","Sharad verma","arun.babu@v5global.co.in","arun.babu@v5global.co.in","gprabhakar@lenovo.com","psubramania4@lenovo.com","sharverm@lenovo.com","ASO","Shilpi Gautam","sgautam2@lenovo.com",null,"Prabhu Subaramanian",null,"psubramania4@lenovo.com",null,"2025-12-08","16:08:00","14.6816852,77.6002341","ANAND COMPUTERS",{"$nulls":3},"T3","37AKYPG1541L1ZO","South2",null,"T-10421","Kurnool","Andhra Pradesh","V5 Global",null,"Yes","Face to Face","90XW005UIN",1,"Lenovo","IdeaCentre","IdeaCentre 08IRH9","8GB RAM/512 GB SSD/Integrated Graphics/WINDOWS 11","Win 11","TDT","Entry","CORE I5","Consumer",32619,null,"TDT",32619,"South2",38490.42,"",null,"South2","Entry","Mainstream","NA"]
[21696166,"TALAMARLA LAKSHMI REDDY","talamarla.reddy@v5global.co.in",9014290161,"V5 Global","Anantapur","V5422498","Andhra Pradesh","Andhra Pradesh",null,"V5 Global",null,null,"Mohammed Ibrahim","mohammed.ibrahim@v5global.co.in",null,"South2",null,"External Consumer","ASO","V5 Global ASO",null,"FT",null,"ASO",null,"Prabhakar G","S.Arunbabu",null,"Prabhu Subaramanian","Sharad verma","arun.babu@v5global.co.in","arun.babu@v5global.co.in","gprabhakar@lenovo.com","psubramania4@lenovo.com","sharverm@lenovo.com","ASO","Shilpi Gautam","sgautam2@lenovo.com",null,"Prabhu Subaramanian",null,"psubramania4@lenovo.com",null,"2025-12-08","16:08:00","14.6816852,77.6002341","ANAND COMPUTERS",{"$nulls":3},"T3","37AKYPG1541L1ZO","South2",null,"T-10421","Kurnool","Andhra Pradesh","V5 Global",null,"Yes","Face to Face","66E9KAC4IN",1,"Lenovo","D SERIES","D20-30","19.5inch 1080*1250","NA","Visual Variants","Entry","NA","Visuals",5635,null,null,5635,"South2",6649.299999999999,"",null,"South2","Entry","Entry","-"]
[21696183,"Vinod Kumar","vinod.kumar@v5global.co.in",9911547614,"V5 Global","Delhi","V5265873","Delhi","Delhi",null,"V5 Global",null,null,"Chetan Mehta","Chetan.mehta@v5global.co.in",null,"North1",null,"External Consumer","ASO","V5 Global ASO",null,"FT",null,"ASO",null,"Kanwaldeep Singh","Gaurav Sharma",null,"Kumar Tanksale","Raghavendra Araveeti","gaurav.sharma@v5global.co.in","gaurav.sharma@v5global.co.in","ksingh15@lenovo.com","ktanksale1@lenovo.com","raraveeti@lenovo.com","ASO","Shilpi Gautam","sgautam2@lenovo.com",null,"Kumar Tanksale",null,"ktanksale1@lenovo.com",null,"2025-12-08","16:14:00","28.7020369,77.1662026","RATE TO RATE SHOPPE",{"$nulls":3},"T3","07AEOPN4090F1ZA","North1",null,"T-3670","New Delhi","New Delhi","V5 Global",null,"Yes","Face to Face","82V6009HIN",2,"Lenovo","IdeaPad","IdeaPad 1 14IGL7","NB IP 1 14IGL7 N4020 8G 512G 11S","Win 11","Thin & Light","Entry","N4020","Consumer",29047,null,"NB",58094,"North1",34275.46,"",null,"North1","Entry","Entry","-"]
[21696172,"TALAMARLA LAKSHMI REDDY","talamarla.reddy@v5global.co.in",9014290161,"V5 Global","Anantapur","V5422498","Andhra Pradesh","Andhra Pradesh",null,"V5 Global",null,null,"Mohammed Ibrahim","mohammed.ibrahim@v5global.co.in",null,"South2",null,"External Consumer","ASO","V5 Global ASO",null,"FT",null,"ASO",null,"Prabhakar G","S.Arunbabu",null,"Prabhu Subaramanian","Sharad verma","arun.babu@v5global.co.in","arun.babu@v5global.co.in","gprabhakar@lenovo.com","psubramania4@lenovo.com","sharverm@lenovo.com","ASO","Shilpi Gautam","sgautam2@lenovo.com",null,"Prabhu Subaramanian",null,"psubramania4@lenovo.com",null,"2025-12-08","16:17:00","14.6817048,77.6002375","NOBLE SYSTEMS & SOLUTIONS",{"$nulls":3},"T3","37ATUPK1541K1Z8","South3",null,"T-10427","Kadapa","Andhra Pradesh",null,null,"Yes","Face to Face","90XW005UIN",1,"Lenovo","IdeaCentre","IdeaCentre 08IRH9","8GB RAM/512 GB SSD/Integrated Graphics/WINDOWS 11","Win 11","TDT","Entry","CORE I5","Consumer",32619,null,"TDT",32619,"South2",38490.42,"",null,"South2","Entry","Mainstream","NA"]
[21696172,"TALAMARLA LAKSHMI REDDY","talamarla.reddy@v5global.co.in",9014290161,"V5 Global","Anantapur","V5422498","Andhra Pradesh","Andhra Pradesh",null,"V5 Global",null,null,"Mohammed Ibrahim","mohammed.ibrahim@v5global.co.in",null,"South2",null,"External Consumer","ASO","V5 Global ASO",null,"FT",null,"ASO",null,"Prabhakar G","S.Arunbabu",null,"Prabhu Subaramanian","Sharad verma","arun.babu@v5global.co.in","arun.babu@v5global.co.in","gprabhakar@lenovo.com","psubramania4@lenovo.com","sharverm@lenovo.com","ASO","Shilpi Gautam","sgautam2@lenovo.com",null,"Prabhu Subaramanian",null,"psubramania4@lenovo.com",null,"2025-12-08","16:17:00","14.6817048,77.6002375","NOBLE SYSTEMS & SOLUTIONS",{"$nulls":3},"T3","37ATUPK1541K1Z8","South3",null,"T-10427","Kadapa","Andhra Pradesh",null,null,"Yes","Face to Face","66E9KAC4IN",1,"Lenovo","D SERIES","D20-30","19.5inch 1080*1250","NA","Visual Variants","Entry","NA","Visuals",5635,null,null,5635,"South2",6649.299999999999,"",null,"South2","Entry","Entry","-"]
[21696175,"TALAMARLA LAKSHMI REDDY","talamarla.reddy@v5global.co.in",9014290161,"V5 Global","Anantapur","V5422498","Andhra Pradesh","Andhra Pradesh",null,"V5 Global",null,null,"Mohammed Ibrahim","mohammed.ibrahim@v5global.co.in",null,"South2",null,"External Consumer","ASO","V5 Global ASO",null,"FT",null,"ASO",null,"Prabhakar G","S.Arunbabu",null,"Prabhu Subaramanian","Sharad verma","arun.babu@v5global.co.in","arun.babu@v5global.co.in","gprabhakar@lenovo.com","psubramania4@lenovo.com","sharverm@lenovo.com","ASO","Shilpi Gautam","sgautam2@lenovo.com",null,"Prabhu Subaramanian",null,"psubramania4@lenovo.com",null,"2025-12-08","16:18:00","14.6816888,77.6002376","COMPUTER HOUSE",{"$nulls":3},"T3","37BJKPS6965C1ZO","South3",null,"T-10434","Chittoor","Andhra Pradesh",null,null,"Yes","Face to Face","90XW005UIN",1,"Lenovo","IdeaCentre","IdeaCentre 08IRH9","8GB RAM/512 GB SSD/Integrated Graphics/WINDOWS 11","Win 11","TDT","Entry","CORE I5","Consumer",32619,null,"TDT",32619,"South2",38490.42,"",null,"South2","Entry","Mainstream","NA"]
[21696175,"TALAMARLA LAKSHMI REDDY","talamarla.reddy@v5global.co.in",9014290161,"V5 Global","Anantapur","V5422498","Andhra Pradesh","Andhra Pradesh",null,"V5 Global",null,null,"Mohammed Ibrahim","mohammed.ibrahim@v5global.co.in",null,"South2",null,"External Consumer","ASO","V5 Global ASO",null,"FT",null,"ASO",null,"Prabhakar G","S.Arunbabu",null,"Prabhu Subaramanian","Sharad verma","arun.babu@v5global.co.in","arun.babu@v5global.co.in","gprabhakar@lenovo.com","psubramania4@lenovo.com","sharverm@lenovo.com","ASO","Shilpi Gautam","sgautam2@lenovo.com",null,"Prabhu Subaramanian",null,"psubramania4@lenovo.com",null,"2025-12-08","16:18:00","14.6816888,77.6002376","COMPUTER HOUSE",{"$nulls":3},"T3","37BJKPS6965C1ZO","South3",null,"T-10434","Chittoor","Andhra Pradesh",null,null,"Yes","Face to Face","66E9KAC4IN",1,"Lenovo","D SERIES","D20-30","19.5inch 1080*1250","NA","Visual Variants","Entry","NA","Visuals",5635,null,null,5635,"South2",6649.299999999999,"",null,"South2","Entry","Entry","-"]
[21700177,"Abhishek Prakash","abhishek.prakash@v5global.co.in",9557200401,"V5 Global","Meerut","V5266860","Uttar Pradesh","Uttar Pradesh",null,"V5 Global",null,null,"Mohd Asif","mohd.asif@v5global.co.in",null,"North2",null,"External Consumer","ASO","V5 Global ASO",null,"FT",null,"ASO",null,"Nishant Aeron","Rahil Rasheed",null,"Durgendra Singh","Raghavendra Araveeti","rahil.rasheed@v5global.co.in","rahil.rasheed@v5global.co.in","naeron@lenovo.com","dsingh1@lenovo.com","raraveeti@lenovo.com","ASO","Shilpi Gautam","sgautam2@lenovo.com",null,"Durgendra Singh",null,"dsingh1@lenovo.com",null,"2025-12-08","16:21:00","29.308879649303652,78.50473780184984","Vedansh enterprises",{"$nulls":3},"T3","09BIAPK8025N1ZX","North2",null,"T-29500","Meerut","Uttar Pradesh","V5 Global",null,"Yes","Telephonic","82XQ00MDIN",1,"Lenovo","Ideapad","Slim 3","RYZEN-7320U/8GB LPDDR5-5500/512GB SSD/Integrated AMD Radeon graphics","Win 11","Thin & Light","Entry","Ryzen3 7320U","Consumer",33000,null,"NB",33000,"North2",38940,"",null,"North2","Entry","Entry","-"]
[21700177,"Abhishek Prakash","abhishek.prakash@v5global.co.in",9557200401,"V5 Global","Meerut","V5266860","Uttar Pradesh","Uttar Pradesh",null,"V5 Global",null,null,"Mohd Asif","mohd.asif@v5global.co.in",null,"North2",null,"External Consumer","ASO","V5 Global ASO",null,"FT",null,"ASO",null,"Nishant Aeron","Rahil Rasheed",null,"Durgendra Singh","Raghavendra Araveeti","rahil.rasheed@v5global.co.in","rahil.rasheed@v5global.co.in","naeron@lenovo.com","dsingh1@lenovo.com","raraveeti@lenovo.com","ASO","Shilpi Gautam","sgautam2@lenovo.com",null,"Durgendra Singh",null,"dsingh1@lenovo.com",null,"2025-12-08","16:21:00","29.308879649303652,78.50473780184984","Vedansh enterprises",{"$nulls":3},"T3","09BIAPK8025N1ZX","North2",null,"T-29500","Meerut","Uttar Pradesh","V5 Global",null,"Yes","Telephonic","83K100C9IN",4,"Lenovo","Slim 3","IdeaPad Slim 3 15IRH10","NB IP Slim 3 15IRH10 I7 8G 8G 512G 11S","Win 11","Thin & Light","Mainstream","i7 13620H","Consumer",64700,null,"NB",258800,"North2",76346,"SP","Non-Gaming","North2","Premium","Premium","-"]
[21700177,"Abhishek Prakash","abhishek.prakash@v5global.co.in",9557200401,"V5 Global","Meerut","V5266860","Uttar Pradesh","Uttar Pradesh",null,"V5 Global",null,null,"Mohd Asif","mohd.asif@v5global.co.in",null,"North2",null,"External Consumer","ASO","V5 Global ASO",null,"FT",null,"ASO",null,"Nishant Aeron","Rahil Rasheed",null,"Durgendra Singh","Raghavendra Araveeti","rahil.rasheed@v5global.co.in","rahil.rasheed@v5global.co.in","naeron@lenovo.com","dsingh1@lenovo.com","raraveeti@lenovo.com","ASO","Shilpi Gautam","sgautam2@lenovo.com",null,"Durgendra Singh",null,"dsingh1@lenovo.com",null,"2025-12-08","16:21:00","29.308879649303652,78.50473780184984","Vedansh enterprises",{"$nulls":3},"T3","09BIAPK8025N1ZX","North2",null,"T-29500","Meerut","Uttar Pradesh","V5 Global",null,"Yes","Telephonic","83JC00GCIN",2,"Lenovo","LOQ","LOQ 15ARP9","15.6 INCH/24 GB RAM/512 GB SSD/RTX 3050 A/ MSO 2024/WIN. 11/Luna Grey","Win 11","Gaming","Mainstream","AMD R5","Consumer",61300,null,"NB",122600,"North2",72334,"SP","Gaming","North2","Premium","Premium","Convertible i3/R5"]
[21700177,"Abhishek Prakash","abhishek.prakash@v5global.co.in",9557200401,"V5 Global","Meerut","V5266860","Uttar Pradesh","Uttar Pradesh",null,"V5 Global",null,null,"Mohd Asif","mohd.asif@v5global.co.in",null,"North2",null,"External Consumer","ASO","V5 Global ASO",null,"FT",null,"ASO",null,"Nishant Aeron","Rahil Rasheed",null,"Durgendra Singh","Raghavendra Araveeti","rahil.rasheed@v5global.co.in","rahil.rasheed@v5global.co.in","naeron@lenovo.com","dsingh1@lenovo.com","raraveeti@lenovo.com","ASO","Shilpi Gautam","sgautam2@lenovo.com",null,"Durgendra Singh",null,"dsingh1@lenovo.com",null,"2025-12-08","16:21:00","29.308879649303652,78.50473780184984","Vedansh enterprises",{"$nulls":3},"T3","09BIAPK8025N1ZX","North2",null,"T-29500","Meerut","Uttar Pradesh","V5 Global",null,"Yes","Telephonic","83DV01AAIN",2,"Lenovo","LOQ","LOQ","LOQ I5 13gen 16GB RAM 512 gb SSD RTX4050 win11 MSO\t","Win 11","Gaming","Premium","I5 13gen","Consumer",78000,null,"NB",156000,"North2",92040,"SP","Gaming","North2","Premium","Premium","-"]
[21700178,"Abhishek Prakash","abhishek.prakash@v5global.co.in",9557200401,"V5 Global","Meerut","V5266860","Uttar Pradesh","Uttar Pradesh",null,"V5 Global",null,null,"Mohd Asif","mohd.asif@v5global.co.in",null,"North2",null,"External Consumer","ASO","V5 Global ASO",null,"FT",null,"ASO",null,"Nishant Aeron","Rahil Rasheed",null,"Durgendra Singh","Raghavendra Araveeti","rahil.rasheed@v5global.co.in","rahil.rasheed@v5global.co.in","naeron@lenovo.com","dsingh1@lenovo.com","raraveeti@lenovo.com","ASO","Shilpi Gautam","sgautam2@lenovo.com",null,"Durgendra Singh",null,"dsingh1@lenovo.com",null,"2025-12-08","16:23:00","29.308879649303652,78.50473780184984","NICR Computer",{"$nulls":3},"T3",null,"North2",null,"T-24294","Meerut","Uttar Pradesh","V5 Global",null,"Yes","Telephonic","83K100CAIN",1,"Lenovo","Ideapad","Slim 3","NB IP Slim 3 15IRH10 I5 8G 512G 11S","Win 11","Thin & Light","Premium","i5 13420H/8GB/512GB SSD","Consumer",56251,null,"NB",56251,"North2",66376.18,"",null,"North2","Premium","Mainstream","-"]
[21700179,"Abhishek Prakash","abhishek.prakash@v5global.co.in",9557200401,"V5 Global","Meerut","V5266860","Uttar Pradesh","Uttar Pradesh",null,"V5 Global",null,null,"Mohd Asif","mohd.asif@v5global.co.in",null,"North2",null,"External Consumer","ASO","V5 Global ASO",null,"FT",null,"ASO",null,"Nishant Aeron","Rahil Rasheed",null,"Durgendra Singh","Raghavendra Araveeti","rahil.rasheed@v5global.co.in","rahil.rasheed@v5global.co.in","naeron@lenovo.com","dsingh1@lenovo.com","raraveeti@lenovo.com","ASO","Shilpi Gautam","sgautam2@lenovo.com",null,"Durgendra Singh",null,"dsingh1@lenovo.com",null,"2025-12-08","16:23:00","29.308879649303652,78.50473780184984","I T Solution",{"$nulls":3},"T3",null,"North2",null,"T-23166","Meerut","Uttar Pradesh","V5 Global",null,"Yes","Telephonic","82XQ00MDIN",1,"Lenovo","Ideapad","Slim 3","RYZEN-7320U/8GB LPDDR5-5500/512GB SSD/Integrated AMD Radeon graphics","Win 11","Thin & Light","Entry","Ryzen3 7320U","Consumer",33000,null,"NB",33000,"North2",38940,"",null,"North2","Entry","Entry","-"]
[21700180,"Abhishek Prakash","abhishek.prakash@v5global.co.in",9557200401,"V5 Global","Meerut","V5266860","Uttar Pradesh","Uttar Pradesh",null,"V5 Global",null,null,"Mohd Asif","mohd.asif@v5global.co.in",null,"North2",null,"External Consumer","ASO","V5 Global ASO",null,"FT",null,"ASO",null,"Nishant Aeron","Rahil Rasheed",null,"Durgendra Singh","Raghavendra Araveeti","rahil.rasheed@v5global.co.in","rahil.rasheed@v5global.co.in","naeron@lenovo.com","dsingh1@lenovo.com","raraveeti@lenovo.com","ASO","Shilpi Gautam","sgautam2@lenovo.com",null,"Durgendra Singh",null,"dsingh1@lenovo.com",null,"2025-12-08","16:24:00","29.308879649303652,78.50473780184984","Swift Services",{"$nulls":3},"T3",null,"North2",null,"T-23133","Meerut","Uttar Pradesh","V5 Global",null,"Yes","Telephonic","83K100CAIN",1,"Lenovo","Ideapad","Slim 3","NB IP Slim 3 15IRH10 I5 8G 512G 11S","Win 11","Thin & Light","Premium","i5 13420H/8GB/512GB SSD","Consumer",56251,null,"NB",56251,"North2",66376.18,"",null,"North2","Premium","Mainstream","-"]
[21700181,"Abhishek Prakash","abhishek.prakash@v5global.co.in",9557200401,"V5 Global","Meerut","V5266860","Uttar Pradesh","Uttar Pradesh",null,"V5 Global",null,null,"Mohd Asif","mohd.asif@v5global.co.in",null,"North2",null,"External Consumer","ASO","V5 Global ASO",null,"FT",null,"ASO",null,"Nishant Aeron","Rahil Rasheed",null,"Durgendra Singh","Raghavendra Araveeti","rahil.rasheed@v5global.co.in","rahil.rasheed@v5global.co.in","naeron@lenovo.com","dsingh1@lenovo.com","raraveeti@lenovo.com","ASO","Shilpi Gautam","sgautam2@lenovo.com",null,"Durgendra Singh",null,"dsingh1@lenovo.com",null,"2025-12-08","16:25:00","29.308879649303652,78.50473780184984","Vipin Infotech",{"$nulls":3},"T3",null,"North2",null,"T-23944","Meerut","Uttar Pradesh","V5 Global",null,"Yes","Telephonic","83K100CAIN",1,"Lenovo","Ideapad","Slim 3","NB IP Slim 3 15IRH10 I5 8G 512G 11S","Win 11","Thin & Light","Premium","i5 13420H/8GB/512GB SSD","Consumer",56251,null,"NB",56251,"North2",66376.18,"",null,"North2","Premium","Mainstream","-"]
[21700182,"Abhishek Prakash","abhishek.prakash@v5global.co.in",9557200401,"V5 Global","Meerut","V5266860","Uttar Pradesh","Uttar Pradesh",null,"V5 Global",null,null,"Mohd Asif","mohd.asif@v5global.co.in",null,"North2",null,"External Consumer","ASO","V5 Global ASO",null,"FT",null,"ASO",null,"Nishant Aeron","Rahil Rasheed",null,"Durgendra Singh","Raghavendra Araveeti","rahil.rasheed@v5global.co.in","rahil.rasheed@v5global.co.in","naeron@lenovo.com","dsingh1@lenovo.com","raraveeti@lenovo.com","ASO","Shilpi Gautam","sgautam2@lenovo.com",null,"Durgendra Singh",null,"dsingh1@lenovo.com",null,"2025-12-08","16:25:00","29.308879649303652,78.50473780184984","CEP Enterprises",{"$nulls":3},"T3",null,"North2",null,"T-23139","Meerut","Uttar Pradesh","V5 Global",null,"Yes","Telephonic","83K100CAIN",1,"Lenovo","Ideapad","Slim 3","NB IP Slim 3 15IRH10 I5 8G 512G 11S","Win 11","Thin & Light","Premium","i5 13420H/8GB/512GB SSD","Consumer",56251,null,"NB",56251,"North2",66376.18,"",null,"North2","Premium","Mainstream","-"]
[21700184,"Abhishek Prakash","abhishek.prakash@v5global.co.in",9557200401,"V5 Global","Meerut","V5266860","Uttar Pradesh","Uttar Pradesh",null,"V5 Global",null,null,"Mohd Asif","mohd.asif@v5global.co.in",null,"North2",null,"External Consumer","ASO","V5 Global ASO",null,"FT",null,"ASO",null,"Nishant Aeron","Rahil Rasheed",null,"Durgendra Singh","Raghavendra Araveeti","rahil.rasheed@v5global.co.in","rahil.rasheed@v5global.co.in","naeron@lenovo.com","dsingh1@lenovo.com","raraveeti@lenovo.com","ASO","Shilpi Gautam","sgautam2@lenovo.com",null,"Durgendra Singh",null,"dsingh1@lenovo.com",null,"2025-12-08","16:27:00","29.308879649303652,78.50473780184984","Lotus (The Computer Co.)",{"$nulls":3},"T3","09AJOPS6137M1ZB","North2",null,"T-20161","Meerut","Uttar Pradesh","V5 Global",null,"Yes","Telephonic","83K100CAIN",1,"Lenovo","Ideapad","Slim 3","NB IP Slim 3 15IRH10 I5 8G 512G 11S","Win 11","Thin & Light","Premium","i5 13420H/8GB/512GB SSD","Consumer",56251,null,"NB",56251,"North2",66376.18,"",null,"North2","Premium","Mainstream","-"]
[21722768,"Ramisetty Gopalkrishna","ramisetty.krishna@v5global.co.in",7050129999,"V5 Global","Vijaywada","V5303153","Andhra Pradesh","Andhra Pradesh",null,"V5 Global",null,null,"TBH (HYD)",null,null,"South2",null,"External Consumer","ASO","V5 Global ASO",null,"FT",null,"ASO",null,"Prabhakar G","S.Arunbabu",null,"Prabhu Subaramanian","Sharad verma","arun.babu@v5global.co.in","arun.babu@v5global.co.in","gprabhakar@lenovo.com","psubramania4@lenovo.com","sharverm@lenovo.com","ASO","Shilpi Gautam","sgautam2@lenovo.com",null,"Prabhu Subaramanian",null,"psubramania4@lenovo.com",null,"2025-12-08","16:46:00","16.733765,81.1339417","NAVKAR COMPUTERS & ACCESSORIES",{"$nulls":3},"T3","37DGFPS5746K3ZM","South2",null,"T-10372","Krishna","Andhra Pradesh","V5 Global",null,"Yes","Face to Face","83K100C6IN",1,"Lenovo","Ideapad","Slim 3","IntelÂ® Coreâ„¢ i5-13420H, 8C (4P + 4E) / 12T, P-core 2.1 / 4.6GHz, E-core 1.5 / 3.4GHz, 12MB,8GB Soldered DDR5-4800 + 8GB SO-DIMM ","Win 11","Thin & Light","Mainstream","i5-13420H","Consumer",46000,null,"NB",46000,"South2",54280,"",null,"South2","Mainstream","Premium","-"]
[21696672,"Vinod Kumar","vinod.kumar@v5global.co.in",9911547614,"V5 Global","Delhi","V5265873","Delhi","Delhi",null,"V5 Global",null,null,"Chetan Mehta","Chetan.mehta@v5global.co.in",null,"North1",null,"External Consumer","ASO","V5 Global ASO",null,"FT",null,"ASO",null,"Kanwaldeep Singh","Gaurav Sharma",null,"Kumar Tanksale","Raghavendra Araveeti","gaurav.sharma@v5global.co.in","gaurav.sharma@v5global.co.in","ksingh15@lenovo.com","ktanksale1@lenovo.com","raraveeti@lenovo.com","ASO","Shilpi Gautam","sgautam2@lenovo.com",null,"Kumar Tanksale",null,"ktanksale1@lenovo.com",null,"2025-12-08","17:20:00","28.701522,77.1663654","Dynamic Technologies",{"$nulls":3},"T3","07AGQPG8471M1ZN","North1",null,"T-3743","New Delhi","New Delhi","V5 Global",null,"Yes","Face to Face","82V6009HIN",2,"Lenovo","IdeaPad","IdeaPad 1 14IGL7","NB IP 1 14IGL7 N4020 8G 512G 11S","Win 11","Thin & Light","Entry","N4020","Consumer",29047,null,"NB",58094,"North1",34275.46,"",null,"North1","Entry","Entry","-"]
[21696760,"Furkan ","furkan.1@v5global.co.in",9818299160,"V5 Global","New Delhi","V5462337","NEW DELHI","New Delhi",null,"V5 Global",null,null,"Mohd Asif","mohd.asif@v5global.co.in",null,"North1",null,"External Consumer","ASO","V5 Global ASO",null,"FT",null,"ASO",null,"Kanwaldeep Singh","Gaurav Sharma",null,"Kumar Tanksale","Raghavendra Araveeti","gaurav.sharma@v5global.co.in","gaurav.sharma@v5global.co.in","ksingh15@lenovo.com","ktanksale1@lenovo.com","raraveeti@lenovo.com","ASO","Shilpi Gautam","sgautam2@lenovo.com",null,"Kumar Tanksale",null,"ktanksale1@lenovo.com",null,"2025-12-08","17:31:00","28.6389221,77.2848754","Bajaj Sales Corporation",{"$nulls":3},"T3",null,"North1",null,"T-4356","New Delhi","New Delhi","V5 Global",null,"Yes","Face to Face","F0HN00PGIN",1,"Lenovo","AIO","AIO i-24IRH9","i3-1315U-8-512-UHD-W11-O24-23.80","Win 11","AIO","Mainstream","i3-1315U","Consumer",57990,null,"AIO",57990,"North1",68428.2,"",null,"North1","Premium","Mainstream","i3 OS"]
[21696853,"Subodh Kumar Sahani","subodh.sahani@v5global.co.in",7703838818,"V5 Global","Ghaziabad",601131,"Uttar Pradesh","Uttar Pradesh",null,"V5 Global",null,null,"Mohd Asif","mohd.asif@v5global.co.in",null,"North2",null,"External Consumer","ASO","V5 Global ASO",null,"FT",null,"ASO","LMB","Nishant Aeron","Rahil Rasheed",null,"Durgendra Singh","Raghavendra Araveeti","rahil.rasheed@v5global.co.in","rahil.rasheed@v5global.co.in","naeron@lenovo.com","dsingh1@lenovo.com","raraveeti@lenovo.com","ASO","Shilpi Gautam","sgautam2@lenovo.com",null,"Durgendra Singh","LMB","dsingh1@lenovo.com",null,"2025-12-08","17:47:00","27.3033774,77.7860231","SUNTEK SYSTEMS",{"$nulls":3},"T3",null,"North2",null,"T-23280","Aligarh","Uttar Pradesh","V5 Global",null,"Yes","Telephonic","F0HN00PGIN",1,"Lenovo","AIO","AIO i-24IRH9","i3-1315U-8-512-UHD-W11-O24-23.80","Win 11","AIO","Mainstream","i3-1315U","Consumer",57990,null,"AIO",57990,"North2",68428.2,"",null,"North2","Premium","Mainstream","i3 OS"]
[21696876,"Subodh Kumar Sahani","subodh.sahani@v5global.co.in",7703838818,"V5 Global","Ghaziabad",601131,"Uttar Pradesh","Uttar Pradesh",null,"V5 Global",null,null,"Mohd Asif","mohd.asif@v5global.co.in",null,"North2",null,"External Consumer","ASO","V5 Global ASO",null,"FT",null,"ASO","LMB","Nishant Aeron","Rahil Rasheed",null,"Durgendra Singh","Raghavendra Araveeti","rahil.rasheed@v5global.co.in","rahil.rasheed@v5global.co.in","naeron@lenovo.com","dsingh1@lenovo.com","raraveeti@lenovo.com","ASO","Shilpi Gautam","sgautam2@lenovo.com",null,"Durgendra Singh","LMB","dsingh1@lenovo.com",null,"2025-12-08","17:50:00","27.2736873,77.8058505","DEEPAK COMPUTERS",{"$nulls":3},"T3",null,"North2",null,"T-23343","Agra","Uttar Pradesh","Denave",null,"Yes","Telephonic","90XS005PIN",2,"Lenovo","IdeaCentre","IdeaCentre","IntelÂ® Coreâ„¢ i3-14100 4C, 8GB DDR5/512 SSD/ WiFi 6 + BT 5.2/ 260W/ SFF 8.2Lt / Wired KeyBoard & Mouse /Win 11 Home/1 Yr Onsite","Win 11","TDT","Entry","IntelÂ® Coreâ„¢ i3-14100","Consumer",31500,null,"TDT",63000,"North2",37170,"",null,"North2","Entry","Entry","i3 OS"]
[21697498,"Ishan Modha","ishan.modha@v5global.co.in",6352456143,"V5 Global","Ahmedabad",601140,"Gujarat","Gujarat",null,"V5 Global",null,null,"Darshan Shah","darshan.shah@v5global.co.in",null,"West1",null,"External Consumer","ASO","V5 Global ASO",null,"FT",null,"ASO",null,"Jaydip Kachhot","Yunus Hamid Mansoori",null,"Hemant C Baghel","Sharad verma","yunus.hamid@v5global.co.in","yunus.hamid@v5global.co.in","jkachhot@lenovo.com","hbaghel@lenovo.com","sharverm@lenovo.com","ASO","Shilpi Gautam","sgautam2@lenovo.com",null,"Hemant C Baghel",null,"hbaghel@lenovo.com",null,"2025-12-08","19:21:00","22.3007284,70.7790113","LINK WORLD",{"$nulls":3},"T3","24BYRPP2742J1ZZ","West2",null,"T-13957","Rajkot","Gujarat",null,null,"Yes","Face to Face","82X700HMIN",1,"Lenovo","IdeaPad Slim 3","Slim 3","15.6\", 8GB, 512GB, Integrated Intel UHD Graphics, Office Home 2024, Arctic Grey\t","Win 11","Thin & Light","Mainstream","Intel Core i3-1315U\t","Consumer",41000,null,"NB",41000,"West1",48380,"",null,"West1 M","Mainstream","Mainstream","i3 OS"]
[21697508,"Ishan Modha","ishan.modha@v5global.co.in",6352456143,"V5 Global","Ahmedabad",601140,"Gujarat","Gujarat",null,"V5 Global",null,null,"Darshan Shah","darshan.shah@v5global.co.in",null,"West1",null,"External Consumer","ASO","V5 Global ASO",null,"FT",null,"ASO",null,"Jaydip Kachhot","Yunus Hamid Mansoori",null,"Hemant C Baghel","Sharad verma","yunus.hamid@v5global.co.in","yunus.hamid@v5global.co.in","jkachhot@lenovo.com","hbaghel@lenovo.com","sharverm@lenovo.com","ASO","Shilpi Gautam","sgautam2@lenovo.com",null,"Hemant C Baghel",null,"hbaghel@lenovo.com",null,"2025-12-08","19:23:00","22.300737,70.7790138","ANYWAY IT SOLUTIONS",{"$nulls":3},"T3","24AATFA1944J1Z9","West2",null,"T-13865","Rajkot","Gujarat",null,null,"Yes","Face to Face","F0HN00PGIN",1,"Lenovo","AIO","AIO i-24IRH9","i3-1315U-8-512-UHD-W11-O24-23.80","Win 11","AIO","Mainstream","i3-1315U","Consumer",57990,null,"AIO",57990,"West1",68428.2,"",null,"West1 M","Premium","Mainstream","i3 OS"]
[21698176,"Sumit Singh","sumit.singh@v5global.co.in",8963848967,"V5 Global","Mumbai","V5266119","Maharashtra","Maharashtra",null,"V5 Global",null,null,"Muffazal Momin","muffazal.momin@v5global.co.in",null,"West1",null,"External Consumer","ASO","V5 Global ASO",null,"FT",null,"ASO",null,"Amit Tiwari","Yunus Hamid Mansoori",null,"Hemant C Baghel","Sharad verma","yunus.hamid@v5global.co.in","yunus.hamid@v5global.co.in","atiwari5@lenovo.com","hbaghel@lenovo.com","sharverm@lenovo.com","ASO","Shilpi Gautam","sgautam2@lenovo.com",null,"Hemant C Baghel",null,"hbaghel@lenovo.com",null,"2025-12-08","20:13:00","0.0,0.0","Side Walk System",{"$nulls":3},"T3",null,"West1",null,"T-25947","Lamington Road","Maharashtra","V5 Global",null,"Yes","Face to Face","83DC00ACIN",1,"Lenovo","IdeaPad","IdeaPad Slim 5 16IMH9","IntelÂ® Core Ultra 5 125H/16 GB/ 512 SSD/ Win11/Office home-24/Cloud Grey","Win 11","Thin & Light","Premium","IntelÂ® Core Ultra 5 125H","Consumer",70991,null,"NB",70991,"West1",83769.37999999999,"SP","Non-Gaming","West1 M","Premium","Premium","Slim 5/Slim 5 Pro"]
[21698178,"Sumit Singh","sumit.singh@v5global.co.in",8963848967,"V5 Global","Mumbai","V5266119","Maharashtra","Maharashtra",null,"V5 Global",null,null,"Muffazal Momin","muffazal.momin@v5global.co.in",null,"West1",null,"External Consumer","ASO","V5 Global ASO",null,"FT",null,"ASO",null,"Amit Tiwari","Yunus Hamid Mansoori",null,"Hemant C Baghel","Sharad verma","yunus.hamid@v5global.co.in","yunus.hamid@v5global.co.in","atiwari5@lenovo.com","hbaghel@lenovo.com","sharverm@lenovo.com","ASO","Shilpi Gautam","sgautam2@lenovo.com",null,"Hemant C Baghel",null,"hbaghel@lenovo.com",null,"2025-12-08","20:15:00","19.1010628,72.9244272","My It World",{"$nulls":3},"T3",null,"West1",null,"T-25906","Lamington Road","Maharashtra","Denave",null,"Yes","Face to Face","83JK000AIN",1,"Lenovo","Ideapad","Ideapad Pro 5","U9 285H-INT-14-32-1TB-W11-024","Win 11","Thin & Light","Premium","U9 285H","Consumer",167891,null,"NB",167891,"West1",198111.37999999998,"SP","Non-Gaming","West1 M","Premium","Premium","Slim 5/Slim 5 Pro"]
[21698190,"Sumit Singh","sumit.singh@v5global.co.in",8963848967,"V5 Global","Mumbai","V5266119","Maharashtra","Maharashtra",null,"V5 Global",null,null,"Muffazal Momin","muffazal.momin@v5global.co.in",null,"West1",null,"External Consumer","ASO","V5 Global ASO",null,"FT",null,"ASO",null,"Amit Tiwari","Yunus Hamid Mansoori",null,"Hemant C Baghel","Sharad verma","yunus.hamid@v5global.co.in","yunus.hamid@v5global.co.in","atiwari5@lenovo.com","hbaghel@lenovo.com","sharverm@lenovo.com","ASO","Shilpi Gautam","sgautam2@lenovo.com",null,"Hemant C Baghel",null,"hbaghel@lenovo.com",null,"2025-12-08","20:24:00","19.1836131,72.9688669","Prompt Computers",{"$nulls":3},"T3",null,"West1",null,"T-25930","Lamington Road","Maharashtra","V5 Global",null,"Yes","Telephonic","83HX001NIN",1,"Lenovo","Ideapad","Slim 5","\"14\"\" WUXGA (1920x1200) OLED 400nits Glossy, 100% DCI-P3, DisplayHDRâ„¢ True Black 500 / 2x 12GB SO-DIMM DDR5-4800 / Up to 24GB DD","Win 11","Thin & Light","Premium","AMD Ryzenâ„¢ AI 7 350 (8C / 16T, 2.0 / 5.0GHz, 8MB L2 / 16MB L3)","Consumer",74568,null,"NB",74568,"West1",87990.23999999999,"SP","Non-Gaming","West1 M","Premium","Premium","Slim 5/Slim 5 Pro"]
[21698192,"Sumit Singh","sumit.singh@v5global.co.in",8963848967,"V5 Global","Mumbai","V5266119","Maharashtra","Maharashtra",null,"V5 Global",null,null,"Muffazal Momin","muffazal.momin@v5global.co.in",null,"West1",null,"External Consumer","ASO","V5 Global ASO",null,"FT",null,"ASO",null,"Amit Tiwari","Yunus Hamid Mansoori",null,"Hemant C Baghel","Sharad verma","yunus.hamid@v5global.co.in","yunus.hamid@v5global.co.in","atiwari5@lenovo.com","hbaghel@lenovo.com","sharverm@lenovo.com","ASO","Shilpi Gautam","sgautam2@lenovo.com",null,"Hemant C Baghel",null,"hbaghel@lenovo.com",null,"2025-12-08","20:24:00","19.1836131,72.9688669","Shree Raj System (New)",{"$nulls":3},"T3",null,"West1",null,"T-25946","Lamington Road","Maharashtra","V5 Global",null,"Yes","Face to Face","83DV01AAIN",1,"Lenovo","LOQ","LOQ","LOQ I5 13gen 16GB RAM 512 gb SSD RTX4050 win11 MSO\t","Win 11","Gaming","Premium","I5 13gen","Consumer",78000,null,"NB",78000,"West1",92040,"SP","Gaming","West1 M","Premium","Premium","-"]
[21698164,"Manoj Kumar Panwar","manoj.panwar@v5global.co.in",9828022302,"V5 Global","Ajmer","V5268361","Rajasthan","Rajasthan",null,"V5 Global",null,null,"Gourav Jain","gourav.jain@v5global.co.in",null,"North1",null,"External Consumer","ASO","V5 Global ASO",null,"FT",null,"ASO",null,"Ganga Singh","Gaurav Sharma",null,"Kumar Tanksale","Raghavendra Araveeti","gaurav.sharma@v5global.co.in","gaurav.sharma@v5global.co.in","gsingh24@lenovo.com","ktanksale1@lenovo.com","raraveeti@lenovo.com","ASO","Shilpi Gautam","sgautam2@lenovo.com",null,"Kumar Tanksale",null,"ktanksale1@lenovo.com",null,"2025-12-08","20:28:00","26.4187182,74.6251224","PREM CHAND & CO",{"$nulls":3},"T3","08AYTPM7283J1ZH","North1",null,"T-15285","Ajmer","Rajasthan","V5 Global",null,"Yes","Face to Face","83K100CAIN",1,"Lenovo","Ideapad","Slim 3","NB IP Slim 3 15IRH10 I5 8G 512G 11S","Win 11","Thin & Light","Premium","i5 13420H/8GB/512GB SSD","Consumer",56251,null,"NB",56251,"North1",66376.18,"",null,"North1","Premium","Mainstream","-"]
[21698204,"Manoj Kumar Panwar","manoj.panwar@v5global.co.in",9828022302,"V5 Global","Ajmer","V5268361","Rajasthan","Rajasthan",null,"V5 Global",null,null,"Gourav Jain","gourav.jain@v5global.co.in",null,"North1",null,"External Consumer","ASO","V5 Global ASO",null,"FT",null,"ASO",null,"Ganga Singh","Gaurav Sharma",null,"Kumar Tanksale","Raghavendra Araveeti","gaurav.sharma@v5global.co.in","gaurav.sharma@v5global.co.in","gsingh24@lenovo.com","ktanksale1@lenovo.com","raraveeti@lenovo.com","ASO","Shilpi Gautam","sgautam2@lenovo.com",null,"Kumar Tanksale",null,"ktanksale1@lenovo.com",null,"2025-12-08","20:30:00","26.4187266,74.6251159","SIS Technologies",{"$nulls":3},"T3","08ASFPC5031Q1ZL","North1",null,"T-15291","Ajmer","Rajasthan","V5 Global",null,"Yes","Face to Face","F0HM00PLIN",2,"Lenovo","IdeaCentre","AIO 3","Core i7-13620H,16gb ddr5,1tb ssd/135w/cloud grey/win 11 home+office  2024 + 1 YR Microsoft 365 Basic27\" FHD","Win 11","AIO","Premium","I7  13620H","Consumer",78600,null,"AIO",157200,"North1",92748,"SP","Non-Gaming","North1","Premium","Premium","-"]
[21698480,"Vikas Pathak","vikas.pathak@v5global.co.in",9838001792,"V5 Global","Varanasi","V5396663","UTTAR PRADESH","Uttar Pradesh",null,"V5 Global",null,null,"Mohammad Atif","mohammad.atif@v5global.co.in",null,"North2",null,"External Consumer","ASO","V5 Global ASO",null,"FT",null,"ASO",null,"Rahul Sarin","Rahil Rasheed",null,"Durgendra Singh","Raghavendra Araveeti","rahil.rasheed@v5global.co.in","rahil.rasheed@v5global.co.in","rsarin2@lenovo.com","dsingh1@lenovo.com","raraveeti@lenovo.com","ASO","Shilpi Gautam","sgautam2@lenovo.com",null,"Durgendra Singh",null,"dsingh1@lenovo.com",null,"2025-12-08","20:50:00","25.3300691,83.022288","Divine Computer",{"$nulls":3},"T3",null,"North2",null,"T-23956","Varanasi","Uttar Pradesh","V5 Global",null,"Yes","Face to Face","83JC00EFIN",1,"Lenovo","LOQ","LOQ 15ARP9","NB LOQ 15ARP9 R5 24G 512G 11S","Win 11","Gaming","Premium","R5 7235HS","Consumer",67578,null,"NB",67578,"North2",79742.04,"SP","Gaming","North2","Premium","Premium","-"]
[21698505,"Devendar Vaishnav","devendar.vaishnav@v5global.co.in",9346025615,"V5 Global","Hyderabad",601572,"Hyderabad","Telangana",null,"V5 Global",null,null,"Mohammed Ibrahim","mohammed.ibrahim@v5global.co.in",null,"South2",null,"External Consumer","ASO","V5 Global ASO",null,"FT",null,"ASO",null,"Santosh Singh","S.Arunbabu",null,"Prabhu Subaramanian","Sharad verma","arun.babu@v5global.co.in","arun.babu@v5global.co.in","ssingh9@lenovo.com","psubramania4@lenovo.com","sharverm@lenovo.com","ASO","Shilpi Gautam","sgautam2@lenovo.com",null,"Prabhu Subaramanian",null,"psubramania4@lenovo.com",null,"2025-12-08","20:52:00","17.4835648,78.3912077","Rudra Computers",{"$nulls":3},"T3",null,"South2",null,"T-10729","Hyderabad","Telangana","V5 Global",null,"Yes","Face to Face","83K100C6IN",1,"Lenovo","Ideapad","Slim 3","IntelÂ® Coreâ„¢ i5-13420H, 8C (4P + 4E) / 12T, P-core 2.1 / 4.6GHz, E-core 1.5 / 3.4GHz, 12MB,8GB Soldered DDR5-4800 + 8GB SO-DIMM ","Win 11","Thin & Light","Mainstream","i5-13420H","Consumer",46000,null,"NB",46000,"South2",54280,"",null,"South2","Mainstream","Premium","-"]
[21698627,"Surjeet Kumar","surjeet.kumar@v5global.co.in",7004963220,"V5 Global","Muzaffarpur","V5339429","Bihar","Bihar",null,"V5 Global",null,null,"Shivam Kumar","shivam.kumar@v5global.co.in",null,"East2",null,"External Consumer","ASO","V5 Global ASO",null,"FT",null,"ASO",null,"Krishna Kumar Singh","Imam Hassan",null,"Rajender Negi","Raghavendra Araveeti","imam.hassan@v5global.co.in","imam.hassan@v5global.co.in","ksingh25@lenovo.com","rnegi@lenovo.com","raraveeti@lenovo.com","ASO","Shilpi Gautam","sgautam2@lenovo.com",null,"Rajender Negi",null,"rnegi@lenovo.com",null,"2025-12-08","21:00:00","26.1233515,85.3846628","KUMAR INFOTECH",{"$nulls":3},"T3","10DUWPK7216P1ZZ","East2",null,"T-31054","MUZAFFARPUR","Bihar","V5 Global",null,"Yes","Face to Face","82V700L2IN",2,"Lenovo","15IGL7","IP 1","INTEL N4020 8GB RAM 512GB SSD 15.6 HD MSO ","Win 11","Clamshell","Entry","N4020","Consumer",29990,null,"NB",59980,"East2",35388.2,"",null,"East2","Entry","Entry","-"]
[21698704,"Govind Gulab Rajbhar","govind.gulab@v5global.co.in",9029031943,"V5 Global","Mumbai","V5263641","Maharashtra","Maharashtra",null,"V5 Global",null,null,"Pooja Thakur","pooja.thakur@v5global.co.in",null,"West1",null,"External Consumer","ASO","V5 Global ASO",null,"FT",null,"ASO",null,"Amit Tiwari","Yunus Hamid Mansoori",null,"Hemant C Baghel","Sharad verma","yunus.hamid@v5global.co.in","yunus.hamid@v5global.co.in","atiwari5@lenovo.com","hbaghel@lenovo.com","sharverm@lenovo.com","ASO","Shilpi Gautam","sgautam2@lenovo.com",null,"Hemant C Baghel",null,"hbaghel@lenovo.com",null,"2025-12-08","21:03:00","19.2169595,72.8438822","Ambika Technology",{"$nulls":3},"T3",null,"West1",null,"T-25690","Mumbai","Maharashtra","V5 Global",null,"Yes","Face to Face","61E0KAR6WW",1,"Lenovo","D Series","D19-10","D19: 18.5\" VGA + HDMI with HDMI Cable","NA","Visual Variants","Entry","NA","Visuals",5058,null,null,5058,"West1",5968.44,"",null,"West1 M","Entry","Entry","-"]
[21698720,"Surjeet Kumar","surjeet.kumar@v5global.co.in",7004963220,"V5 Global","Muzaffarpur","V5339429","Bihar","Bihar",null,"V5 Global",null,null,"Shivam Kumar","shivam.kumar@v5global.co.in",null,"East2",null,"External Consumer","ASO","V5 Global ASO",null,"FT",null,"ASO",null,"Krishna Kumar Singh","Imam Hassan",null,"Rajender Negi","Raghavendra Araveeti","imam.hassan@v5global.co.in","imam.hassan@v5global.co.in","ksingh25@lenovo.com","rnegi@lenovo.com","raraveeti@lenovo.com","ASO","Shilpi Gautam","sgautam2@lenovo.com",null,"Rajender Negi",null,"rnegi@lenovo.com",null,"2025-12-08","21:04:00","26.1232731,85.3848379","Seema system & solution",{"$nulls":3},"T3","10BXBPK0727K1ZW","East2",null,"T-2074","Sitamarhi","Bihar","V5 Global",null,"Yes","Face to Face","GX20K78585",3,"Lenovo","AC Adapter","Power","Lenovo 65W AC Roundtip Adapter(IN)","NA","Accessories","NA","NA","Accessories",2490,null,null,7470,"East2",2938.2,"",null,"East2","NA","NA","-"]
[21698734,"Govind Gulab Rajbhar","govind.gulab@v5global.co.in",9029031943,"V5 Global","Mumbai","V5263641","Maharashtra","Maharashtra",null,"V5 Global",null,null,"Pooja Thakur","pooja.thakur@v5global.co.in",null,"West1",null,"External Consumer","ASO","V5 Global ASO",null,"FT",null,"ASO",null,"Amit Tiwari","Yunus Hamid Mansoori",null,"Hemant C Baghel","Sharad verma","yunus.hamid@v5global.co.in","yunus.hamid@v5global.co.in","atiwari5@lenovo.com","hbaghel@lenovo.com","sharverm@lenovo.com","ASO","Shilpi Gautam","sgautam2@lenovo.com",null,"Hemant C Baghel",null,"hbaghel@lenovo.com",null,"2025-12-08","21:06:00","19.2169555,72.8439267","TECHWORLD",{"$nulls":3},"T3","27BOUPY8060B1ZB","West1",null,"T-29317","Palghar","Maharashtra","V5 Global",null,"Yes","Telephonic","82ER00MCIN",1,"Lenovo","Ideapad","Slim 3","15.6\" (39.62cm) FHD / 16 GB DDR5 RAM / 512 GB SSD/ARCTIC GREY/\t","Win 11","Thin & Light","Mainstream","Core i5 12th Gen","Consumer",53000,null,"NB",53000,"West1",62540,"",null,"West1 M","Mainstream","Mainstream","NA"]
[21698754,"Govind Gulab Rajbhar","govind.gulab@v5global.co.in",9029031943,"V5 Global","Mumbai","V5263641","Maharashtra","Maharashtra",null,"V5 Global",null,null,"Pooja Thakur","pooja.thakur@v5global.co.in",null,"West1",null,"External Consumer","ASO","V5 Global ASO",null,"FT",null,"ASO",null,"Amit Tiwari","Yunus Hamid Mansoori",null,"Hemant C Baghel","Sharad verma","yunus.hamid@v5global.co.in","yunus.hamid@v5global.co.in","atiwari5@lenovo.com","hbaghel@lenovo.com","sharverm@lenovo.com","ASO","Shilpi Gautam","sgautam2@lenovo.com",null,"Hemant C Baghel",null,"hbaghel@lenovo.com",null,"2025-12-08","21:08:00","19.2169681,72.8439349","Global Net Computer",{"$nulls":3},"T3",null,"West1",null,"T-18101","Mumbai","Maharashtra","V5 Global",null,"Yes","Telephonic","83K100CJIN",2,"Lenovo","Slim 3","IdeaPad Slim 3 15IRH10","NB IP Slim 3 15IRH10 I7 8G 8G 512G 11S","Win 11","Thin & Light","Mainstream","i7 13620H","Consumer",63827,null,"NB",127654,"West1",75315.86,"SP","Non-Gaming","West1 M","Premium","Premium","-"]
[21698787,"Manish Kumar ","manish.k@v5global.co.in",9815306161,"V5 Global","Chandigarh","V5294765","Punjab","Punjab",null,"V5 Global",null,null,"Shivam Kumar1","shivam.kumar1@v5global.co.in",null,"North1",null,"External Consumer","ASO","V5 Global ASO",null,"FT",null,"ASO",null,"Naveen Kumar","Gaurav Sharma",null,"Kumar Tanksale","Raghavendra Araveeti","gaurav.sharma@v5global.co.in","gaurav.sharma@v5global.co.in","nkumar12@lenovo.com","ktanksale1@lenovo.com","raraveeti@lenovo.com","ASO","Shilpi Gautam","sgautam2@lenovo.com",null,"Kumar Tanksale",null,"ktanksale1@lenovo.com",null,"2025-12-08","21:10:00","30.7167806,76.7243013","Gopal enterprises",{"$nulls":3},"T3","04ACXPS3986N1ZE","North1",null,"T-24331","Chandigarh","Chandigarh","V5 Global",null,"Yes","Face to Face","82XM00UGIN",1,"Lenovo","Ideapad","Slim 3","15.6\" / 16GB / 512GB SSD / AMD Radeonâ„¢ Graphics / MSO24 / ARCTIC GREY","Win 11","Thin & Light","Mainstream","RYZEN 5  5625U","Consumer",35831,null,"NB",35831,"North1",42280.579999999994,"",null,"North1","Mainstream","Mainstream","-"]
[21698887,"Chetti Srinivas","chetti.srinivas1@v5global.co.in",9515976797,"V5 Global","Hyderabad",601126,"TELANGANA","Telangana",null,"V5 Global",null,null,"Mohammed Ibrahim","mohammed.ibrahim@v5global.co.in",null,"South2",null,"External Consumer","ASO","V5 Global ASO",null,"FT",null,"ASO",null,"Santosh Singh","S.Arunbabu",null,"Prabhu Subaramanian","Sharad verma","arun.babu@v5global.co.in","arun.babu@v5global.co.in","ssingh9@lenovo.com","psubramania4@lenovo.com","sharverm@lenovo.com","ASO","Shilpi Gautam","sgautam2@lenovo.com",null,"Prabhu Subaramanian",null,"psubramania4@lenovo.com",null,"2025-12-08","21:16:00","17.4063629,78.5553841","Computer Mart",{"$nulls":3},"T3",null,"South2",null,"T-20308","Hyderabad","Telangana","V5 Global",null,"Yes","Face to Face","90XS005JIN",1,"Lenovo","IdeaCentre","IdeaCentre","i3 14100 14th Gen Processor,8Gb Ram ddr5,512Ssd,Windows 11,Wifi,BT, Usb calliope Black, keybord,mouse\t","Win 11","TDT","Mainstream","I3 14100","Consumer",25747,null,"TDT",25747,"South2",30381.46,"",null,"South2","Entry","Mainstream","i3 OS"]
[21699089,"Laxman Anilrao Deshmukh","laxman.anilrao@v5global.co.in",9028122888,"V5 Global","AURANGABAD","V5266711","MAHARASHTRA","MAHARASHTRA",null,"V5 Global",null,null,"Safdar Hussian","safder.khan@v5global.co.in",null,"West1",null,"External Consumer","ASO","V5 Global ASO",null,"FT",null,"ASO",null,"Sonia more","TBH",null,"Hemant C Baghel","Sharad verma",null,null,"smore3@lenovo.com","hbaghel@lenovo.com","sharverm@lenovo.com","ASO","Shilpi Gautam","sgautam2@lenovo.com",null,"Hemant C Baghel",null,"hbaghel@lenovo.com",null,"2025-12-08","21:30:00","19.8613468,75.3278568","ICon Computer Sales & Services",{"$nulls":3},"T3","27AAEFI6766M1ZQ","West1",null,"T-12016","Aurangabad","Maharashtra","V5 Global",null,"Yes","Face to Face","83K100C6IN",1,"Lenovo","Ideapad","Slim 3","IntelÂ® Coreâ„¢ i5-13420H, 8C (4P + 4E) / 12T, P-core 2.1 / 4.6GHz, E-core 1.5 / 3.4GHz, 12MB,8GB Soldered DDR5-4800 + 8GB SO-DIMM ","Win 11","Thin & Light","Mainstream","i5-13420H","Consumer",46000,null,"NB",46000,"West1",54280,"",null,"West1 R","Mainstream","Premium","-"]
[21699137,"Laxman Anilrao Deshmukh","laxman.anilrao@v5global.co.in",9028122888,"V5 Global","AURANGABAD","V5266711","MAHARASHTRA","MAHARASHTRA",null,"V5 Global",null,null,"Safdar Hussian","safder.khan@v5global.co.in",null,"West1",null,"External Consumer","ASO","V5 Global ASO",null,"FT",null,"ASO",null,"Sonia more","TBH",null,"Hemant C Baghel","Sharad verma",null,null,"smore3@lenovo.com","hbaghel@lenovo.com","sharverm@lenovo.com","ASO","Shilpi Gautam","sgautam2@lenovo.com",null,"Hemant C Baghel",null,"hbaghel@lenovo.com",null,"2025-12-08","21:33:00","19.861183,75.3277876","Icon Multi Services",{"$nulls":3},"T3","27AAYPW2061P1ZL","West1",null,"T-13195","Parbhani","Maharashtra","V5 Global",null,"Yes","Telephonic","83DV01A9IN",5,"Lenovo","LOQ","LOQ 15IRX9","i5 OS 6GB Gfx/i5 13450HX/RTX 3050 6GB","Win 11","Gaming","Premium","RTX 3050 6GB/512GB SSD/i5 13450HX","Consumer",77845,null,"NB",389225,"West1",91857.09999999999,"SP","Gaming","West1 R","Premium","Premium","-"]
[21699637,"Vijay Dattatray Boraste","vijay.dattatary@v5global.co.in",8888808035,"V5 Global","Nasik","V5266927","Maharashtra","Maharashtra",null,"V5 Global",null,null,"Aparajitaa Lakhani","aparajita.lakhani@v5global.co.in",null,"West1",null,"External Consumer","ASO","V5 Global ASO",null,"FT",null,"ASO",null,"Rajeev Jha","TBH",null,"Hemant C Baghel","Sharad verma",null,null,"rjha3@lenovo.com","hbaghel@lenovo.com","sharverm@lenovo.com","ASO","Shilpi Gautam","sgautam2@lenovo.com",null,"Hemant C Baghel",null,"hbaghel@lenovo.com",null,"2025-12-08","22:41:00","19.9924567,73.8387014","Ultima Computer Solution",{"$nulls":3},"T3","27APGPK3675L1ZE","West1",null,"T-12417","Nashik","Maharashtra","V5 Global",null,"Yes","Telephonic","F0HN00PGIN",2,"Lenovo","AIO","AIO i-24IRH9","i3-1315U-8-512-UHD-W11-O24-23.80","Win 11","AIO","Mainstream","i3-1315U","Consumer",57990,null,"AIO",115980,"West1",68428.2,"",null,"West1 R","Premium","Mainstream","i3 OS"]
[21699645,"Vijay Dattatray Boraste","vijay.dattatary@v5global.co.in",8888808035,"V5 Global","Nasik","V5266927","Maharashtra","Maharashtra",null,"V5 Global",null,null,"Aparajitaa Lakhani","aparajita.lakhani@v5global.co.in",null,"West1",null,"External Consumer","ASO","V5 Global ASO",null,"FT",null,"ASO",null,"Rajeev Jha","TBH",null,"Hemant C Baghel","Sharad verma",null,null,"rjha3@lenovo.com","hbaghel@lenovo.com","sharverm@lenovo.com","ASO","Shilpi Gautam","sgautam2@lenovo.com",null,"Hemant C Baghel",null,"hbaghel@lenovo.com",null,"2025-12-08","22:43:00","19.9907335,73.8420901","Rahul Computer",{"$nulls":3},"T3","27AAAFR2124E1ZQ","West1",null,"T-12384","Nashik","Maharashtra","V5 Global",null,"Yes","Telephonic","82X700HMIN",1,"Lenovo","IdeaPad Slim 3","Slim 3","15.6\", 8GB, 512GB, Integrated Intel UHD Graphics, Office Home 2024, Arctic Grey\t","Win 11","Thin & Light","Mainstream","Intel Core i3-1315U\t","Consumer",41000,null,"NB",41000,"West1",48380,"",null,"West1 R","Mainstream","Mainstream","i3 OS"]
[21700071,"Pankaj Kumar","pankaj.kumar@v5global.co.in",8340543380,"V5 Global","Patna",601177,"Bihar","Bihar",null,"V5 Global",null,null,"Shivam Kumar","shivam.kumar@v5global.co.in",null,"East2",null,"External Consumer","ASO","V5 Global ASO",null,"FT",null,"ASO",null,"Krishna Kumar Singh","Imam Hassan",null,"Rajender Negi","Raghavendra Araveeti","imam.hassan@v5global.co.in","imam.hassan@v5global.co.in","ksingh25@lenovo.com","rnegi@lenovo.com","raraveeti@lenovo.com","ASO","Shilpi Gautam","sgautam2@lenovo.com",null,"Rajender Negi",null,"rnegi@lenovo.com",null,"2025-12-09","05:48:00","25.6174919,85.092462","Aditya Infomedia",{"$nulls":3},"T3","10AHZPA3769L1ZY","East2",null,"T-2199","Patna","Bihar",null,null,"Yes","Face to Face","83JE00U4IN",1,"Lenovo","LOQ","LOQ","15.6\" ,INTEL I7,16GB RAM ,1TB SSD","Win 11","Gaming","Premium","INTEL I7","Consumer",125000,null,"NB",125000,"East2",147500,"SP","Gaming","East2","Premium","Premium","-"]
[21700075,"Pankaj Kumar","pankaj.kumar@v5global.co.in",8340543380,"V5 Global","Patna",601177,"Bihar","Bihar",null,"V5 Global",null,null,"Shivam Kumar","shivam.kumar@v5global.co.in",null,"East2",null,"External Consumer","ASO","V5 Global ASO",null,"FT",null,"ASO",null,"Krishna Kumar Singh","Imam Hassan",null,"Rajender Negi","Raghavendra Araveeti","imam.hassan@v5global.co.in","imam.hassan@v5global.co.in","ksingh25@lenovo.com","rnegi@lenovo.com","raraveeti@lenovo.com","ASO","Shilpi Gautam","sgautam2@lenovo.com",null,"Rajender Negi",null,"rnegi@lenovo.com",null,"2025-12-09","05:53:00","25.6174904,85.0925176","Sai Computer",{"$nulls":3},"T3","10ACZFS4051L2ZP","East2",null,"T-2410","Nawada","Bihar","V5 Global",null,"Yes","Face to Face","GY51C12380",2,"Lenovo","Wireless Mouse","Input","Lenovo 130 wireless mouse","NA","Accessories","NA","NA","Accessories",649,null,null,1298,"East2",765.8199999999999,"",null,"East2","NA","NA","-"]
[21702533,"Sureshkumar ","suresh.kumar@v5global.co.in",9061984242,"V5 Global","COCHIN","V5365127","KERALA","Kerala",null,"V5 Global",null,null,"Athul Krishna","athul.n@v5global.co.in",null,"South1",null,"External Consumer","ASO","V5 Global ASO",null,"FT",null,"ASO",null,"Shaiju","Prakash Kumar K P",null,"S Sreekumar","Sharad verma","prakash.kp@v5global.co.in","prakash.kp@v5global.co.in","ss89@lenovo.com","ssreekumar@lenovo.com","sharverm@lenovo.com","ASO","Shilpi Gautam","sgautam2@lenovo.com",null,"S Sreekumar",null,"ssreekumar@lenovo.com",null,"2025-12-09","10:53:00","9.8453769,76.3576792","EMERGE DIGITECH (P) LTD.",{"$nulls":3},"T3","32AABCE2471KIZU","South1",null,"T-8165","Ernakulam","Kerala","V5 Global",null,"Yes","Telephonic","83JE00U4IN",1,"Lenovo","LOQ","LOQ","15.6\" ,INTEL I7,16GB RAM ,1TB SSD","Win 11","Gaming","Premium","INTEL I7","Consumer",125000,null,"NB",125000,"South1",147500,"SP","Gaming","South1","Premium","Premium","-"]
[21709668,"Umer Farooq Bhat","umer.farooq@v5global.co.in",7006131255,"V5 Global","Srinagar","V5266190","Jammu and Kashmir","Jammu and Kashmir",null,"V5 Global",null,null,"Shivam Kumar1","shivam.kumar1@v5global.co.in",null,"North1",null,"External Consumer","ASO","V5 Global ASO",null,"FT",null,"ASO",null,"Karan Kapoor","Gaurav Sharma",null,"Kumar Tanksale","Raghavendra Araveeti","gaurav.sharma@v5global.co.in","gaurav.sharma@v5global.co.in","Kkapoor@lenovo.com","ktanksale1@lenovo.com","raraveeti@lenovo.com","ASO","Shilpi Gautam","sgautam2@lenovo.com",null,"Kumar Tanksale",null,"ktanksale1@lenovo.com",null,"2025-12-09","12:51:00","34.07004358822836,74.8087664321065","Bawan Sales Agency",{"$nulls":3},"T3","01AFJPB0212R2ZV","North1",null,"T-20003","Amira Kadal","Jammu And Kashmir","Denave",null,"Yes","Face to Face","GX20K78585",2,"Lenovo","AC Adapter","Power","Lenovo 65W AC Roundtip Adapter(IN)","NA","Accessories","NA","NA","Accessories",2490,null,null,4980,"North1",2938.2,"",null,"North1","NA","NA","-"]
[21709701,"Umer Farooq Bhat","umer.farooq@v5global.co.in",7006131255,"V5 Global","Srinagar","V5266190","Jammu and Kashmir","Jammu and Kashmir",null,"V5 Global",null,null,"Shivam Kumar1","shivam.kumar1@v5global.co.in",null,"North1",null,"External Consumer","ASO","V5 Global ASO",null,"FT",null,"ASO",null,"Karan Kapoor","Gaurav Sharma",null,"Kumar Tanksale","Raghavendra Araveeti","gaurav.sharma@v5global.co.in","gaurav.sharma@v5global.co.in","Kkapoor@lenovo.com","ktanksale1@lenovo.com","raraveeti@lenovo.com","ASO","Shilpi Gautam","sgautam2@lenovo.com",null,"Kumar Tanksale",null,"ktanksale1@lenovo.com",null,"2025-12-09","14:10:00","34.07342595907077,74.81135711073875","AUTOMATION WAY",{"$nulls":3},"T3",null,"North1",null,"T-3605","Srinagar","Jammu And Kashmir","Denave",null,"Yes","Face to Face","GY51C12380",3,"Lenovo","Wireless Mouse","Input","Lenovo 130 wireless mouse","NA","Accessories","NA","NA","Accessories",649,null,null,1947,"North1",765.8199999999999,"",null,"North1","NA","NA","-"]
[21713542,"Vani Alpesh kumar","vani.alpesh@v5global.co.in",9898633142,"V5 Global","Surat","V5294897","Gujarat","Gujarat",null,"V5 Global",null,null,"Muffazal Momin","muffazal.momin@v5global.co.in",null,"West1",null,"External Consumer","ASO","V5 Global ASO",null,"FT",null,"ASO",null,"Darshan Thakkar","Yunus Hamid Mansoori",null,"Hemant C Baghel","Sharad verma","yunus.hamid@v5global.co.in","yunus.hamid@v5global.co.in","tjitendrabha@lenovo.com","hbaghel@lenovo.com","sharverm@lenovo.com","ASO","Shilpi Gautam","sgautam2@lenovo.com",null,"Hemant C Baghel",null,"hbaghel@lenovo.com",null,"2025-12-09","16:52:00","21.2060234,72.7811369","Accrotech Infotech",{"$nulls":3},"T3","24ADXPL1224B1ZV","West1",null,"T-14849","Surat","Gujarat","V5 Global",null,"Yes","Telephonic","F0HR008YIN",1,"Lenovo","IdeaCentre","AIO","DT IC AIO 24ARR9 A77735HS 512G 16G","Win 11","AIO","Mainstream","R7 7735HS/16GB/512 GB SSD","Consumer",50990,null,"AIO",50990,"West1",60168.2,"",null,"West1 M","Mainstream","Mainstream","-"]
[21713590,"Vani Alpesh kumar","vani.alpesh@v5global.co.in",9898633142,"V5 Global","Surat","V5294897","Gujarat","Gujarat",null,"V5 Global",null,null,"Muffazal Momin","muffazal.momin@v5global.co.in",null,"West1",null,"External Consumer","ASO","V5 Global ASO",null,"FT",null,"ASO",null,"Darshan Thakkar","Yunus Hamid Mansoori",null,"Hemant C Baghel","Sharad verma","yunus.hamid@v5global.co.in","yunus.hamid@v5global.co.in","tjitendrabha@lenovo.com","hbaghel@lenovo.com","sharverm@lenovo.com","ASO","Shilpi Gautam","sgautam2@lenovo.com",null,"Hemant C Baghel",null,"hbaghel@lenovo.com",null,"2025-12-09","16:54:00","21.2060068,72.7811554","Netlinkit consultancy pvt Ltd.",{"$nulls":3},"T3","24AAICN7534P1ZV","West1",null,"T-29860","Navsari","Gujarat","V5 Global",null,"Yes","Telephonic","83JC00GCIN",1,"Lenovo","LOQ","LOQ 15ARP9","15.6 INCH/24 GB RAM/512 GB SSD/RTX 3050 A/ MSO 2024/WIN. 11/Luna Grey","Win 11","Gaming","Mainstream","AMD R5","Consumer",61300,null,"NB",61300,"West1",72334,"SP","Gaming","West1 M","Premium","Premium","Convertible i3/R5"]
[21713617,"Vani Alpesh kumar","vani.alpesh@v5global.co.in",9898633142,"V5 Global","Surat","V5294897","Gujarat","Gujarat",null,"V5 Global",null,null,"Muffazal Momin","muffazal.momin@v5global.co.in",null,"West1",null,"External Consumer","ASO","V5 Global ASO",null,"FT",null,"ASO",null,"Darshan Thakkar","Yunus Hamid Mansoori",null,"Hemant C Baghel","Sharad verma","yunus.hamid@v5global.co.in","yunus.hamid@v5global.co.in","tjitendrabha@lenovo.com","hbaghel@lenovo.com","sharverm@lenovo.com","ASO","Shilpi Gautam","sgautam2@lenovo.com",null,"Hemant C Baghel",null,"hbaghel@lenovo.com",null,"2025-12-09","16:58:00","21.2060098,72.7811488","MAHESH ELECTRONICS",{"$nulls":3},"T3","24AAZPG0142J1ZO","West1",null,"T-29226","Valsad","Gujarat","V5 Global",null,"Yes","Telephonic","83DV0144IN",1,"Lenovo","LOQ","LOQ","i5 13450HX 24GB, 512GB SSD WINDOWS 11 HOME 64 SL Office 2024 RTX 3050A 4GB 15.6_FHD_AG_300N_144_SRGB LUNA GREY","Win 11","Thin & Light","Premium","I5 PROCESSOR 13TH","Consumer",60062,null,"NB",60062,"West1",70873.16,"SP","Non-Gaming","West1 M","Premium","Premium","-"]
[21713638,"Vani Alpesh kumar","vani.alpesh@v5global.co.in",9898633142,"V5 Global","Surat","V5294897","Gujarat","Gujarat",null,"V5 Global",null,null,"Muffazal Momin","muffazal.momin@v5global.co.in",null,"West1",null,"External Consumer","ASO","V5 Global ASO",null,"FT",null,"ASO",null,"Darshan Thakkar","Yunus Hamid Mansoori",null,"Hemant C Baghel","Sharad verma","yunus.hamid@v5global.co.in","yunus.hamid@v5global.co.in","tjitendrabha@lenovo.com","hbaghel@lenovo.com","sharverm@lenovo.com","ASO","Shilpi Gautam","sgautam2@lenovo.com",null,"Hemant C Baghel",null,"hbaghel@lenovo.com",null,"2025-12-09","16:59:00","21.2060214,72.7811451","Arihant Infotech Consultancy",{"$nulls":3},"T3","24AAWFA9484G1ZU","West2",null,"T-15215","Surat","Gujarat",null,null,"Yes","Telephonic","83K000B8IN",1,"Lenovo","Ideapad","IdeaPad Slim 3","15.6\" FHD (1920x1080),16GB Ram, 512 GB SSD, ,MS OFFICE 2024  Luna Grey","Win 11","Thin & Light","Premium","IntelÂ® Coreâ„¢ i5-13420H","Consumer",65000,null,"NB",65000,"West1",76700,"SP","Non-Gaming","West1 M","Premium","Premium","-"]
[21713125,"Manoj Bihari","manoj.bihari@v5global.co.in",9861291397,"V5 Global","Sambalpur","V5263625","Orissa","Orissa",null,"V5 Global",null,null,"Arindam Mazumdar","arindam.mazumdar@v5global.co.in",null,"East2",null,"External Consumer","ASO","V5 Global ASO",null,"FT",null,"ASO","LES","Biswa Ranjan Jena","Imam Hassan",null,"Rajender Negi","Raghavendra Araveeti","imam.hassan@v5global.co.in","imam.hassan@v5global.co.in","bjena1@lenovo.com","rnegi@lenovo.com","raraveeti@lenovo.com","ASO","Shilpi Gautam","sgautam2@lenovo.com",null,"Rajender Negi","LES","rnegi@lenovo.com",null,"2025-12-09","17:38:00","19.30482827505595,84.79707576334476","GN Infocare",{"$nulls":3},"T3","21BBEPP3027L1ZT","East2",null,"T-2818","Koraput","Orissa","V5 Global",null,"Yes","Face to Face","68C2KAC1IN",2,"Lenovo","L24-4E","L Series","LEN L24-4E 23.8 IPS  BLACK 100HZ","NA","Visual Variants","Mainstream","NA","Visuals",6464,null,null,12928,"East2",7627.5199999999995,"",null,"East2","Mainstream","Mainstream","-"]
[21710268,"Ishan Modha","ishan.modha@v5global.co.in",6352456143,"V5 Global","Ahmedabad",601140,"Gujarat","Gujarat",null,"V5 Global",null,null,"Darshan Shah","darshan.shah@v5global.co.in",null,"West1",null,"External Consumer","ASO","V5 Global ASO",null,"FT",null,"ASO",null,"Jaydip Kachhot","Yunus Hamid Mansoori",null,"Hemant C Baghel","Sharad verma","yunus.hamid@v5global.co.in","yunus.hamid@v5global.co.in","jkachhot@lenovo.com","hbaghel@lenovo.com","sharverm@lenovo.com","ASO","Shilpi Gautam","sgautam2@lenovo.com",null,"Hemant C Baghel",null,"hbaghel@lenovo.com",null,"2025-12-09","18:52:00","22.3007377,70.7790134","SUDARSHAN MARKETING",{"$nulls":3},"T3","24ADNPP2826K2Z7","West2",null,"T-13872","Rajkot","Gujarat",null,null,"Yes","Face to Face","82X700HMIN",1,"Lenovo","IdeaPad Slim 3","Slim 3","15.6\", 8GB, 512GB, Integrated Intel UHD Graphics, Office Home 2024, Arctic Grey\t","Win 11","Thin & Light","Mainstream","Intel Core i3-1315U\t","Consumer",41000,null,"NB",41000,"West1",48380,"",null,"West1 M","Mainstream","Mainstream","i3 OS"]
[21710341,"Ishan Modha","ishan.modha@v5global.co.in",6352456143,"V5 Global","Ahmedabad",601140,"Gujarat","Gujarat",null,"V5 Global",null,null,"Darshan Shah","darshan.shah@v5global.co.in",null,"West1",null,"External Consumer","ASO","V5 Global ASO",null,"FT",null,"ASO",null,"Jaydip Kachhot","Yunus Hamid Mansoori",null,"Hemant C Baghel","Sharad verma","yunus.hamid@v5global.co.in","yunus.hamid@v5global.co.in","jkachhot@lenovo.com","hbaghel@lenovo.com","sharverm@lenovo.com","ASO","Shilpi Gautam","sgautam2@lenovo.com",null,"Hemant C Baghel",null,"hbaghel@lenovo.com",null,"2025-12-09","19:00:00","22.3007254,70.7789987","MEXAN INFOTECH",{"$nulls":3},"T3","24AARFM2489C1Z4","West2",null,"T-13933","Rajkot","Gujarat",null,null,"Yes","Face to Face","83KX004QIN",1,"Lenovo","Ideapad 5","2 in 1","i5 13420h 16gb 512 gb ","Win 11","Notebook","Premium","i5","Consumer",67500,null,"NB",67500,"West1",79650,"SP","Non-Gaming","West1 M","Premium","Premium","-"]
[21710353,"Ishan Modha","ishan.modha@v5global.co.in",6352456143,"V5 Global","Ahmedabad",601140,"Gujarat","Gujarat",null,"V5 Global",null,null,"Darshan Shah","darshan.shah@v5global.co.in",null,"West1",null,"External Consumer","ASO","V5 Global ASO",null,"FT",null,"ASO",null,"Jaydip Kachhot","Yunus Hamid Mansoori",null,"Hemant C Baghel","Sharad verma","yunus.hamid@v5global.co.in","yunus.hamid@v5global.co.in","jkachhot@lenovo.com","hbaghel@lenovo.com","sharverm@lenovo.com","ASO","Shilpi Gautam","sgautam2@lenovo.com",null,"Hemant C Baghel",null,"hbaghel@lenovo.com",null,"2025-12-09","19:01:00","22.3007286,70.7790047","C-World Infotech",{"$nulls":3},"T3",null,"West2",null,"T-22490","Rajkot","Gujarat","Denave",null,"Yes","Face to Face","82X700HMIN",1,"Lenovo","IdeaPad Slim 3","Slim 3","15.6\", 8GB, 512GB, Integrated Intel UHD Graphics, Office Home 2024, Arctic Grey\t","Win 11","Thin & Light","Mainstream","Intel Core i3-1315U\t","Consumer",41000,null,"NB",41000,"West1",48380,"",null,"West1 M","Mainstream","Mainstream","i3 OS"]
[21710873,"Ragesh K","ragesh.k@v5global.co.in",9249730104,"V5 Global","Calicut","V5313059","Kerala","Kerala",null,"V5 Global",null,null,"Athul Krishna","athul.n@v5global.co.in",null,"South1",null,"External Consumer","ASO","V5 Global ASO",null,"FT",null,"ASO",null,"Shaiju","Prakash Kumar K P",null,"S Sreekumar","Sharad verma","prakash.kp@v5global.co.in","prakash.kp@v5global.co.in","ss89@lenovo.com","ssreekumar@lenovo.com","sharverm@lenovo.com","ASO","Shilpi Gautam","sgautam2@lenovo.com",null,"S Sreekumar",null,"ssreekumar@lenovo.com",null,"2025-12-09","19:49:00","11.2620602,75.8210941","SYSCON SYSTEMS",{"$nulls":3},"T3","32ABJFS8396M1ZC","South1",null,"T-8527","Calicut","Kerala","V5 Global",null,"Yes","Face to Face","82XM00QDIN",1,"Lenovo","Slim 3","IdeaPad Slim 3 15ABR8","NB IP Slim 3 15ABR8 R5 16G 512G 11S","Win 11","Thin & Light","Mainstream","R5 5625U","Consumer",42236,null,"NB",42236,"South1",49838.479999999996,"",null,"South1","Mainstream","Mainstream","-"]
[21710900,"Ragesh K","ragesh.k@v5global.co.in",9249730104,"V5 Global","Calicut","V5313059","Kerala","Kerala",null,"V5 Global",null,null,"Athul Krishna","athul.n@v5global.co.in",null,"South1",null,"External Consumer","ASO","V5 Global ASO",null,"FT",null,"ASO",null,"Shaiju","Prakash Kumar K P",null,"S Sreekumar","Sharad verma","prakash.kp@v5global.co.in","prakash.kp@v5global.co.in","ss89@lenovo.com","ssreekumar@lenovo.com","sharverm@lenovo.com","ASO","Shilpi Gautam","sgautam2@lenovo.com",null,"S Sreekumar",null,"ssreekumar@lenovo.com",null,"2025-12-09","19:51:00","11.2620641,75.8211003","SURYA COMPUTERS",{"$nulls":3},"T3","32BGHPS0864E1ZI","South2",null,"T-8816","Calicut","Kerala","Denave",null,"Yes","Face to Face","82XM00QDIN",1,"Lenovo","Slim 3","IdeaPad Slim 3 15ABR8","NB IP Slim 3 15ABR8 R5 16G 512G 11S","Win 11","Thin & Light","Mainstream","R5 5625U","Consumer",42236,null,"NB",42236,"South1",49838.479999999996,"",null,"South1","Mainstream","Mainstream","-"]
[21710952,"Ragesh K","ragesh.k@v5global.co.in",9249730104,"V5 Global","Calicut","V5313059","Kerala","Kerala",null,"V5 Global",null,null,"Athul Krishna","athul.n@v5global.co.in",null,"South1",null,"External Consumer","ASO","V5 Global ASO",null,"FT",null,"ASO",null,"Shaiju","Prakash Kumar K P",null,"S Sreekumar","Sharad verma","prakash.kp@v5global.co.in","prakash.kp@v5global.co.in","ss89@lenovo.com","ssreekumar@lenovo.com","sharverm@lenovo.com","ASO","Shilpi Gautam","sgautam2@lenovo.com",null,"S Sreekumar",null,"ssreekumar@lenovo.com",null,"2025-12-09","19:55:00","11.2620746,75.8211166","ZAPP TECHNOLOGIES",{"$nulls":3},"T3","32AAAFZ3466F1ZA","South1",null,"T-8592","Calicut","Kerala","V5 Global",null,"Yes","Face to Face","GY51C12380",5,"Lenovo","Wireless Mouse","Input","Lenovo 130 wireless mouse","NA","Accessories","NA","NA","Accessories",649,null,null,3245,"South1",765.8199999999999,"",null,"South1","NA","NA","-"]
[21710975,"Ragesh K","ragesh.k@v5global.co.in",9249730104,"V5 Global","Calicut","V5313059","Kerala","Kerala",null,"V5 Global",null,null,"Athul Krishna","athul.n@v5global.co.in",null,"South1",null,"External Consumer","ASO","V5 Global ASO",null,"FT",null,"ASO",null,"Shaiju","Prakash Kumar K P",null,"S Sreekumar","Sharad verma","prakash.kp@v5global.co.in","prakash.kp@v5global.co.in","ss89@lenovo.com","ssreekumar@lenovo.com","sharverm@lenovo.com","ASO","Shilpi Gautam","sgautam2@lenovo.com",null,"S Sreekumar",null,"ssreekumar@lenovo.com",null,"2025-12-09","19:57:00","11.2620726,75.8211255","DIGITAL SYSTEMS [ CHQ ]",{"$nulls":3},"T3","32DDUPS0194F1Z8","South1",null,"T-8146","Kannur","Kerala","V5 Global",null,"Yes","Face to Face","82XM00QDIN",1,"Lenovo","Slim 3","IdeaPad Slim 3 15ABR8","NB IP Slim 3 15ABR8 R5 16G 512G 11S","Win 11","Thin & Light","Mainstream","R5 5625U","Consumer",42236,null,"NB",42236,"South1",49838.479999999996,"",null,"South1","Mainstream","Mainstream","-"]
[21711009,"Ragesh K","ragesh.k@v5global.co.in",9249730104,"V5 Global","Calicut","V5313059","Kerala","Kerala",null,"V5 Global",null,null,"Athul Krishna","athul.n@v5global.co.in",null,"South1",null,"External Consumer","ASO","V5 Global ASO",null,"FT",null,"ASO",null,"Shaiju","Prakash Kumar K P",null,"S Sreekumar","Sharad verma","prakash.kp@v5global.co.in","prakash.kp@v5global.co.in","ss89@lenovo.com","ssreekumar@lenovo.com","sharverm@lenovo.com","ASO","Shilpi Gautam","sgautam2@lenovo.com",null,"S Sreekumar",null,"ssreekumar@lenovo.com",null,"2025-12-09","19:59:00","11.2620727,75.8211166","KUMAR HOME APPLIANCES",{"$nulls":3},"T3","32AAGFK0076Q1Z4","South1",null,"T-8291","Kannur","Kerala","V5 Global",null,"Yes","Face to Face","83JC00GDIN",1,"Lenovo","LOQ","LOQ","15.6_FHD_AG_300N_144_SRGB/24GB, 512GB SSD/OFFICE H&S 2024","Win 11","Gaming","Premium","AMD Ryzenâ„¢ 7 7435HS (8C / 16T, 3.1 / 4.5GHz, 4MB L2 / 16MB L3)","Consumer",78000,null,"NB",78000,"South1",92040,"SP","Gaming","South1","Premium","Premium","-"]
[21711044,"Ragesh K","ragesh.k@v5global.co.in",9249730104,"V5 Global","Calicut","V5313059","Kerala","Kerala",null,"V5 Global",null,null,"Athul Krishna","athul.n@v5global.co.in",null,"South1",null,"External Consumer","ASO","V5 Global ASO",null,"FT",null,"ASO",null,"Shaiju","Prakash Kumar K P",null,"S Sreekumar","Sharad verma","prakash.kp@v5global.co.in","prakash.kp@v5global.co.in","ss89@lenovo.com","ssreekumar@lenovo.com","sharverm@lenovo.com","ASO","Shilpi Gautam","sgautam2@lenovo.com",null,"S Sreekumar",null,"ssreekumar@lenovo.com",null,"2025-12-09","20:02:00","11.2620715,75.8211157","SREE GOKULAM MOBILES",{"$nulls":3},"T3","32ABCCS4852L1Z6","South2",null,"T-8831","Calicut","Kerala","Denave",null,"Yes","Face to Face","83DV018EIN",1,"Lenovo","LOQ","LOQ","INTEL CORE I7 -13650HX/24GB RAM/512 SSD /TRX 4060 8GB GRAPHICS/144HZ/100sRGB 300 NITS WINDOWS 11+MSO 2024 ","Win 11","Gaming","Premium","INTE 13650HX ","Consumer",107000,null,"NB",107000,"South1",126260,"SP","Gaming","South1","Premium","Premium","-"]
[21711070,"Ragesh K","ragesh.k@v5global.co.in",9249730104,"V5 Global","Calicut","V5313059","Kerala","Kerala",null,"V5 Global",null,null,"Athul Krishna","athul.n@v5global.co.in",null,"South1",null,"External Consumer","ASO","V5 Global ASO",null,"FT",null,"ASO",null,"Shaiju","Prakash Kumar K P",null,"S Sreekumar","Sharad verma","prakash.kp@v5global.co.in","prakash.kp@v5global.co.in","ss89@lenovo.com","ssreekumar@lenovo.com","sharverm@lenovo.com","ASO","Shilpi Gautam","sgautam2@lenovo.com",null,"S Sreekumar",null,"ssreekumar@lenovo.com",null,"2025-12-09","20:03:00","11.2620703,75.8211134","CONTACT COMPUTERS",{"$nulls":3},"T3","32AMYPM6548F1ZK","South2",null,"T-19026","Kozhikode","Kerala",null,null,"Yes","Face to Face","GY51C12380",6,"Lenovo","Wireless Mouse","Input","Lenovo 130 wireless mouse","NA","Accessories","NA","NA","Accessories",649,null,null,3894,"South1",765.8199999999999,"",null,"South1","NA","NA","-"]
[21711196,"Surjeet Kumar","surjeet.kumar@v5global.co.in",7004963220,"V5 Global","Muzaffarpur","V5339429","Bihar","Bihar",null,"V5 Global",null,null,"Shivam Kumar","shivam.kumar@v5global.co.in",null,"East2",null,"External Consumer","ASO","V5 Global ASO",null,"FT",null,"ASO",null,"Krishna Kumar Singh","Imam Hassan",null,"Rajender Negi","Raghavendra Araveeti","imam.hassan@v5global.co.in","imam.hassan@v5global.co.in","ksingh25@lenovo.com","rnegi@lenovo.com","raraveeti@lenovo.com","ASO","Shilpi Gautam","sgautam2@lenovo.com",null,"Rajender Negi",null,"rnegi@lenovo.com",null,"2025-12-09","20:16:00","26.123255,85.3848","The It Vision",{"$nulls":3},"T3","10BOQPA6380E1Z9","East2",null,"T-22136","Muzaffarpur","Bihar","V5 Global",null,"Yes","Face to Face","82V700ECIN",1,"Lenovo","Ideapad","Slim 1","15.6\" FHD/4GB RAM/2TB HDD/Integrated Graphics/MSO 2021/Black","Win 11","Thin & Light","Entry","IntelÂ® CeleronÂ® N4020","Consumer",29730,null,"NB",29730,"East2",35081.4,"",null,"East2","Entry","Entry","-"]
[21711555,"Govind Gulab Rajbhar","govind.gulab@v5global.co.in",9029031943,"V5 Global","Mumbai","V5263641","Maharashtra","Maharashtra",null,"V5 Global",null,null,"Pooja Thakur","pooja.thakur@v5global.co.in",null,"West1",null,"External Consumer","ASO","V5 Global ASO",null,"FT",null,"ASO",null,"Amit Tiwari","Yunus Hamid Mansoori",null,"Hemant C Baghel","Sharad verma","yunus.hamid@v5global.co.in","yunus.hamid@v5global.co.in","atiwari5@lenovo.com","hbaghel@lenovo.com","sharverm@lenovo.com","ASO","Shilpi Gautam","sgautam2@lenovo.com",null,"Hemant C Baghel",null,"hbaghel@lenovo.com",null,"2025-12-09","20:50:00","19.2169308,72.8439322","DOTS COMPUTERS",{"$nulls":3},"T3",null,"West1",null,"T-19620","Mumbai","Maharashtra","V5 Global",null,"Yes","Telephonic","GY51L52636",5,"Lenovo","Wired mouse","Input","Lenovo 120 Wired Mouse","NA","Accessories","NA","NA","Accessories",259,null,null,1295,"West1",305.62,"",null,"West1 M","NA","NA","-"]
[21711564,"Govind Gulab Rajbhar","govind.gulab@v5global.co.in",9029031943,"V5 Global","Mumbai","V5263641","Maharashtra","Maharashtra",null,"V5 Global",null,null,"Pooja Thakur","pooja.thakur@v5global.co.in",null,"West1",null,"External Consumer","ASO","V5 Global ASO",null,"FT",null,"ASO",null,"Amit Tiwari","Yunus Hamid Mansoori",null,"Hemant C Baghel","Sharad verma","yunus.hamid@v5global.co.in","yunus.hamid@v5global.co.in","atiwari5@lenovo.com","hbaghel@lenovo.com","sharverm@lenovo.com","ASO","Shilpi Gautam","sgautam2@lenovo.com",null,"Hemant C Baghel",null,"hbaghel@lenovo.com",null,"2025-12-09","20:51:00","19.2169292,72.8439303","Av Computar",{"$nulls":3},"T3",null,"West1",null,"T-25815","Mumbai","Maharashtra","Denave",null,"Yes","Telephonic","GX31L52655",15,"Lenovo","Wired Combo","Input","Lenovo 160 Wired Combo","NA","Accessories","NA","NA","Accessories",999,null,null,14985,"West1",1178.82,"",null,"West1 M","NA","NA","-"]
[21711588,"Govind Gulab Rajbhar","govind.gulab@v5global.co.in",9029031943,"V5 Global","Mumbai","V5263641","Maharashtra","Maharashtra",null,"V5 Global",null,null,"Pooja Thakur","pooja.thakur@v5global.co.in",null,"West1",null,"External Consumer","ASO","V5 Global ASO",null,"FT",null,"ASO",null,"Amit Tiwari","Yunus Hamid Mansoori",null,"Hemant C Baghel","Sharad verma","yunus.hamid@v5global.co.in","yunus.hamid@v5global.co.in","atiwari5@lenovo.com","hbaghel@lenovo.com","sharverm@lenovo.com","ASO","Shilpi Gautam","sgautam2@lenovo.com",null,"Hemant C Baghel",null,"hbaghel@lenovo.com",null,"2025-12-09","20:54:00","19.2169261,72.8439376","Hari Om Imfotech",{"$nulls":3},"T3",null,"West1",null,"T-18023","Mumbai","Maharashtra","V5 Global",null,"Yes","Telephonic","F0HN00PHIN",1,"Lenovo","AIO","AIO","LEN I5-13420H 16GB 512GB SSD 23.8 MSO","Win 11","AIO","Mainstream","i5-13420H","Consumer",53381,null,"AIO",53381,"West1",62989.579999999994,"",null,"West1 M","Mainstream","Mainstream","-"]
[21711662,"Govind Gulab Rajbhar","govind.gulab@v5global.co.in",9029031943,"V5 Global","Mumbai","V5263641","Maharashtra","Maharashtra",null,"V5 Global",null,null,"Pooja Thakur","pooja.thakur@v5global.co.in",null,"West1",null,"External Consumer","ASO","V5 Global ASO",null,"FT",null,"ASO",null,"Amit Tiwari","Yunus Hamid Mansoori",null,"Hemant C Baghel","Sharad verma","yunus.hamid@v5global.co.in","yunus.hamid@v5global.co.in","atiwari5@lenovo.com","hbaghel@lenovo.com","sharverm@lenovo.com","ASO","Shilpi Gautam","sgautam2@lenovo.com",null,"Hemant C Baghel",null,"hbaghel@lenovo.com",null,"2025-12-09","20:59:00","19.2169282,72.8439338","microway computers kandivali",{"$nulls":3},"T3",null,"West1",null,"T-21980","Mumbai","Maharashtra","V5 Global",null,"Yes","Telephonic","83GS00MWIN",1,"Lenovo","LOQ","LOQ 15IAX9","Len LOQ-15 /16/512) GFX 2050 MS Office","Win 11","Gaming","Premium","i5 12450HX","Consumer",69999,null,"NB",69999,"West1",82598.81999999999,"SP","Gaming","West1 M","Premium","Premium","-"]
[21711694,"Govind Gulab Rajbhar","govind.gulab@v5global.co.in",9029031943,"V5 Global","Mumbai","V5263641","Maharashtra","Maharashtra",null,"V5 Global",null,null,"Pooja Thakur","pooja.thakur@v5global.co.in",null,"West1",null,"External Consumer","ASO","V5 Global ASO",null,"FT",null,"ASO",null,"Amit Tiwari","Yunus Hamid Mansoori",null,"Hemant C Baghel","Sharad verma","yunus.hamid@v5global.co.in","yunus.hamid@v5global.co.in","atiwari5@lenovo.com","hbaghel@lenovo.com","sharverm@lenovo.com","ASO","Shilpi Gautam","sgautam2@lenovo.com",null,"Hemant C Baghel",null,"hbaghel@lenovo.com",null,"2025-12-09","21:01:00","19.2169235,72.8439303","Cloud 9 Electronics",{"$nulls":3},"T3",null,"West1",null,"T-21982","Mumbai","Maharashtra","V5 Global",null,"Yes","Telephonic","82X700HMIN",2,"Lenovo","IdeaPad Slim 3","Slim 3","15.6\", 8GB, 512GB, Integrated Intel UHD Graphics, Office Home 2024, Arctic Grey\t","Win 11","Thin & Light","Mainstream","Intel Core i3-1315U\t","Consumer",41000,null,"NB",82000,"West1",48380,"",null,"West1 M","Mainstream","Mainstream","i3 OS"]
[21711833,"Chetti Srinivas","chetti.srinivas1@v5global.co.in",9515976797,"V5 Global","Hyderabad",601126,"TELANGANA","Telangana",null,"V5 Global",null,null,"Mohammed Ibrahim","mohammed.ibrahim@v5global.co.in",null,"South2",null,"External Consumer","ASO","V5 Global ASO",null,"FT",null,"ASO",null,"Santosh Singh","S.Arunbabu",null,"Prabhu Subaramanian","Sharad verma","arun.babu@v5global.co.in","arun.babu@v5global.co.in","ssingh9@lenovo.com","psubramania4@lenovo.com","sharverm@lenovo.com","ASO","Shilpi Gautam","sgautam2@lenovo.com",null,"Prabhu Subaramanian",null,"psubramania4@lenovo.com",null,"2025-12-09","21:07:00","17.4140668,78.5660574","Interface Computers",{"$nulls":3},"T3","36AKUPN8791K1ZZ","South2",null,"T-16953","Hyderabad","Telangana","V5 Global",null,"Yes","Face to Face","90XS005JIN",1,"Lenovo","IdeaCentre","IdeaCentre","i3 14100 14th Gen Processor,8Gb Ram ddr5,512Ssd,Windows 11,Wifi,BT, Usb calliope Black, keybord,mouse\t","Win 11","TDT","Mainstream","I3 14100","Consumer",25747,null,"TDT",25747,"South2",30381.46,"",null,"South2","Entry","Mainstream","i3 OS"]
[21711822,"Siddhartha Saha ","sidhartha.saha@v5global.co.in",9874293392,"V5 Global","Medinipur","V5367944","West Bengal","West Bengal",null,"V5 Global",null,null,"Sukamal Saha","sukamal.saha@v5global.co.in",null,"East1",null,"External Consumer","ASO","V5 Global ASO",null,"FT",null,"ASO",null,"Kapil Tiwari","Amit Thakuri",null,"Amit Tiwari","Raghavendra Araveeti","amit.thakuri@v5global.co.in","amit.thakuri@v5global.co.in","ktiwari1@lenovo.com","atiwari11@lenovo.com","raraveeti@lenovo.com","ASO","Shilpi Gautam","sgautam2@lenovo.com",null,"Amit Tiwari",null,"atiwari11@lenovo.com",null,"2025-12-09","21:09:00","22.4209177,87.3134235","Casp Infotech",{"$nulls":3},"T3","19BBKPG6420N1ZA","East1",null,"T-1335","Medinipur","West Bengal","V5 Global",null,"Yes","Face to Face","82X6005KIN",1,"Lenovo","Ideapad","Slim 3","1315U-CI3/8GB /512GB SSD/intel uhd graphics /14\"","Win 11","Thin & Light","Entry","1315U-ci3","Consumer",31972,null,"NB",31972,"East1",37726.96,"",null,"East1","Entry","Mainstream","i3 OS"]
[21711851,"Siddhartha Saha ","sidhartha.saha@v5global.co.in",9874293392,"V5 Global","Medinipur","V5367944","West Bengal","West Bengal",null,"V5 Global",null,null,"Sukamal Saha","sukamal.saha@v5global.co.in",null,"East1",null,"External Consumer","ASO","V5 Global ASO",null,"FT",null,"ASO",null,"Kapil Tiwari","Amit Thakuri",null,"Amit Tiwari","Raghavendra Araveeti","amit.thakuri@v5global.co.in","amit.thakuri@v5global.co.in","ktiwari1@lenovo.com","atiwari11@lenovo.com","raraveeti@lenovo.com","ASO","Shilpi Gautam","sgautam2@lenovo.com",null,"Amit Tiwari",null,"atiwari11@lenovo.com",null,"2025-12-09","21:11:00","22.4209258,87.3134341","Snigdha Infotech",{"$nulls":3},"T3","19ALTPK1735A1Z4","East1",null,"T-1475","Medinipur","West Bengal","V5 Global",null,"Yes","Face to Face","90XW0022IN",1,"Lenovo","IdeaCentre","IdeaCentre 3","Intel Core i7-13620H,10C SFF 7.4 Lt,8 GB DDR4 ,512 GB SSD","DOS","TDT","Mainstream","Intel Core i7-13620H","Consumer",55000,null,"TDT",55000,"East1",64900,"",null,"East1","Mainstream","Mainstream","-"]
[21711874,"Siddhartha Saha ","sidhartha.saha@v5global.co.in",9874293392,"V5 Global","Medinipur","V5367944","West Bengal","West Bengal",null,"V5 Global",null,null,"Sukamal Saha","sukamal.saha@v5global.co.in",null,"East1",null,"External Consumer","ASO","V5 Global ASO",null,"FT",null,"ASO",null,"Kapil Tiwari","Amit Thakuri",null,"Amit Tiwari","Raghavendra Araveeti","amit.thakuri@v5global.co.in","amit.thakuri@v5global.co.in","ktiwari1@lenovo.com","atiwari11@lenovo.com","raraveeti@lenovo.com","ASO","Shilpi Gautam","sgautam2@lenovo.com",null,"Amit Tiwari",null,"atiwari11@lenovo.com",null,"2025-12-09","21:14:00","22.4209256,87.3134372","Krishna Computer",{"$nulls":3},"T3","19AHFPD9722N1ZW","East1",null,"T-1417","Medinipur","West Bengal","V5 Global",null,"Yes","Face to Face","83K100C9IN",1,"Lenovo","Slim 3","IdeaPad Slim 3 15IRH10","NB IP Slim 3 15IRH10 I7 8G 8G 512G 11S","Win 11","Thin & Light","Mainstream","i7 13620H","Consumer",64700,null,"NB",64700,"East1",76346,"SP","Non-Gaming","East1","Premium","Premium","-"]
[21711913,"Siddhartha Saha ","sidhartha.saha@v5global.co.in",9874293392,"V5 Global","Medinipur","V5367944","West Bengal","West Bengal",null,"V5 Global",null,null,"Sukamal Saha","sukamal.saha@v5global.co.in",null,"East1",null,"External Consumer","ASO","V5 Global ASO",null,"FT",null,"ASO",null,"Kapil Tiwari","Amit Thakuri",null,"Amit Tiwari","Raghavendra Araveeti","amit.thakuri@v5global.co.in","amit.thakuri@v5global.co.in","ktiwari1@lenovo.com","atiwari11@lenovo.com","raraveeti@lenovo.com","ASO","Shilpi Gautam","sgautam2@lenovo.com",null,"Amit Tiwari",null,"atiwari11@lenovo.com",null,"2025-12-09","21:17:00","22.4209267,87.3134356","Computer bazar",{"$nulls":3},"T3","19ABGPH7973N1ZU","East1",null,"T-1342","Medinipur","West Bengal","V5 Global",null,"Yes","Face to Face","82R4011NIN",1,"Lenovo","IDEA PAD SLIM1","IDEA PAD SLIM1","R5 /5500U/8 GB RAM/512 TB SSD/INT.","WIn 11","Thin & Light","Mainstream","R5","Consumer",35000,null,"NB",35000,"East1",41300,"",null,"East1","Mainstream","Entry","-"]
[21711964,"Siddhartha Saha ","sidhartha.saha@v5global.co.in",9874293392,"V5 Global","Medinipur","V5367944","West Bengal","West Bengal",null,"V5 Global",null,null,"Sukamal Saha","sukamal.saha@v5global.co.in",null,"East1",null,"External Consumer","ASO","V5 Global ASO",null,"FT",null,"ASO",null,"Kapil Tiwari","Amit Thakuri",null,"Amit Tiwari","Raghavendra Araveeti","amit.thakuri@v5global.co.in","amit.thakuri@v5global.co.in","ktiwari1@lenovo.com","atiwari11@lenovo.com","raraveeti@lenovo.com","ASO","Shilpi Gautam","sgautam2@lenovo.com",null,"Amit Tiwari",null,"atiwari11@lenovo.com",null,"2025-12-09","21:22:00","22.4209204,87.3134319","TECHNO WORLD",{"$nulls":3},"T3","19BMJPS4701E1ZZ","East1",null,"T-1495","Medinipur","West Bengal","V5 Global",null,"Yes","Face to Face","83CV00D3IN",1,"Lenovo","Yoga Slim 7","Slim 7","14\" WUXGA (1920x1200) OLED 400nits Glossy/32GB Soldered LPDDR5-6400/1TB SSD M.2 2242 PCIeÂ® 4.0x4 NVMeÂ®/Integrated IntelÂ® Arcâ„¢ Gr","Win 11","Thin & Light","Premium","IntelÂ® Coreâ„¢ Ultra 7 155H, 16C","Consumer",114710,null,"NB",114710,"East1",135357.8,"SP","Non-Gaming","East1","Premium","Premium","Yoga"]
[21712864,"Prateek Verma","prateek.verma@v5global.co.in",9818131909,"V5 Global","New Delhi",601341,"NEW DELHI","New Delhi",null,"V5 Global",null,null,"Mohd Asif","mohd.asif@v5global.co.in",null,"North1",null,"External Consumer","ASO","V5 Global ASO",null,"FT",null,"ASO",null,"Kanwaldeep Singh","Gaurav Sharma",null,"Kumar Tanksale","Raghavendra Araveeti","gaurav.sharma@v5global.co.in","gaurav.sharma@v5global.co.in","ksingh15@lenovo.com","ktanksale1@lenovo.com","raraveeti@lenovo.com","ASO","Shilpi Gautam","sgautam2@lenovo.com",null,"Kumar Tanksale",null,"ktanksale1@lenovo.com",null,"2025-12-09","23:02:00","28.6376169,77.2821173","Shruti Electronic",{"$nulls":3},"T3",null,"North1",null,"T-4210","New Delhi","New Delhi","V5 Global",null,"Yes","Face to Face","83K100C6IN",1,"Lenovo","Ideapad","Slim 3","IntelÂ® Coreâ„¢ i5-13420H, 8C (4P + 4E) / 12T, P-core 2.1 / 4.6GHz, E-core 1.5 / 3.4GHz, 12MB,8GB Soldered DDR5-4800 + 8GB SO-DIMM ","Win 11","Thin & Light","Mainstream","i5-13420H","Consumer",46000,null,"NB",46000,"North1",54280,"",null,"North1","Mainstream","Premium","-"]
[21713724,"Vishal Jaiswal","vishal.jaiswal@v5global.co.in",9369840011,"V5 Global","Kanpur","V5266996","Uttar Pradesh","Uttar Pradesh",null,"V5 Global",null,null,"Mohammad Atif","mohammad.atif@v5global.co.in",null,"North2",null,"External Consumer","ASO","V5 Global ASO",null,"FT",null,"ASO",null,"Rahul Sarin","Rahil Rasheed",null,"Durgendra Singh","Raghavendra Araveeti","rahil.rasheed@v5global.co.in","rahil.rasheed@v5global.co.in","rsarin2@lenovo.com","dsingh1@lenovo.com","raraveeti@lenovo.com","ASO","Shilpi Gautam","sgautam2@lenovo.com",null,"Durgendra Singh",null,"dsingh1@lenovo.com",null,"2025-12-10","09:11:00","26.4617176,80.3560178","Raj Computronics",{"$nulls":3},"T3",null,"North2",null,"T-23425","Kanpur","Uttar Pradesh","V5 Global",null,"Yes","Telephonic","90XS005PIN",1,"Lenovo","IdeaCentre","IdeaCentre","IntelÂ® Coreâ„¢ i3-14100 4C, 8GB DDR5/512 SSD/ WiFi 6 + BT 5.2/ 260W/ SFF 8.2Lt / Wired KeyBoard & Mouse /Win 11 Home/1 Yr Onsite","Win 11","TDT","Entry","IntelÂ® Coreâ„¢ i3-14100","Consumer",31500,null,"TDT",31500,"North2",37170,"",null,"North2","Entry","Entry","i3 OS"]
[21713791,"Rajesh MG","rajesh.mg@v5global.co.in",8157020114,"V5 Global","COCHIN",601146,"KERELA","KERELA",null,"V5 Global",null,null,"Athul Krishna","athul.n@v5global.co.in",null,"South1",null,"External Consumer","ASO","V5 Global ASO",null,"FT",null,"ASO",null,"Shaiju","Prakash Kumar K P",null,"S Sreekumar","Sharad verma","prakash.kp@v5global.co.in","prakash.kp@v5global.co.in","ss89@lenovo.com","ssreekumar@lenovo.com","sharverm@lenovo.com","ASO","Shilpi Gautam","sgautam2@lenovo.com",null,"S Sreekumar",null,"ssreekumar@lenovo.com",null,"2025-12-10","09:20:00","10.6063017,76.1429033","Viswas Multibrand Showroom",{"$nulls":3},"T3",null,"South1",null,"T-20500","Thrissur","Kerala","V5 Global",null,"Yes","Telephonic","83LK00D9IN",1,"Lenovo","LOQ","Lenovo LOQ 15IAX9E","\"15.6\"\" FHD (1920x1080) IPS 300nits Anti-glare, 100% sRGB, 144Hz / 1x 16GB SODIMM DDR5-4800, \t Up to 32GB DDR5-4800/ 512GB SSD M","Win 11","Gaming","Premium","IntelÂ® Core i7-12650HX, 14C (6P + 8E)","Consumer",63062,null,"NB",63062,"South1",74413.15999999999,"SP","Gaming","South1","Premium","Premium","-"]
[21731951,"Amarjit Behera","amarjit.behera@v5global.co.in",9437451999,"V5 Global","Bhubaneswar",601088,"Orissa","Orissa",null,"V5 Global",null,null,"Arindam Mazumdar","arindam.mazumdar@v5global.co.in",null,"East2",null,"External Consumer","ASO","V5 Global ASO",null,"FT",null,"ASO",null,"Biswa Ranjan Jena","Imam Hassan",null,"Rajender Negi","Raghavendra Araveeti","imam.hassan@v5global.co.in","imam.hassan@v5global.co.in","bjena1@lenovo.com","rnegi@lenovo.com","raraveeti@lenovo.com","ASO","Shilpi Gautam","sgautam2@lenovo.com",null,"Rajender Negi",null,"rnegi@lenovo.com",null,"2025-12-10","10:23:00","20.2899776,85.84556510000002","The Gadget Zone",{"$nulls":3},"T3","21AJTPA6034G1ZJ","East2",null,"T-2750","Khordha","Orissa","V5 Global",null,"Yes","Face to Face","83F500D7IN",1,"Lenovo","Legion","Legion Pro 7 16IAX10H","NB LN Legion Pro 7 16IAX10H U9 32G 1T11S","Win 11","Gaming","Premium","Ultra 9 OS 16GB GFX Office CORE ULT9 275HX RTX 5070 Ti 12GB","Consumer",252490,null,"NB",252490,"East2",297938.2,"SP","Gaming","East2","Premium","Premium","-"]
[21731961,"Amarjit Behera","amarjit.behera@v5global.co.in",9437451999,"V5 Global","Bhubaneswar",601088,"Orissa","Orissa",null,"V5 Global",null,null,"Arindam Mazumdar","arindam.mazumdar@v5global.co.in",null,"East2",null,"External Consumer","ASO","V5 Global ASO",null,"FT",null,"ASO",null,"Biswa Ranjan Jena","Imam Hassan",null,"Rajender Negi","Raghavendra Araveeti","imam.hassan@v5global.co.in","imam.hassan@v5global.co.in","bjena1@lenovo.com","rnegi@lenovo.com","raraveeti@lenovo.com","ASO","Shilpi Gautam","sgautam2@lenovo.com",null,"Rajender Negi",null,"rnegi@lenovo.com",null,"2025-12-10","10:24:00","20.2899776,85.84556510000002","Laptop Gallery",{"$nulls":3},"T3","21ACNPI9863L1Z2","East2",null,"T-2760","Khordha","Orissa","V5 Global",null,"Yes","Face to Face","83DV01A4IN",2,"Lenovo","LOQ","LOQ 15IRX9","NB LOQ 15IRX9 I5 16G 512G 11S","Win 11","Gaming","Premium","i5 OS 4GB Gfx Office/i5 13450HX","Consumer",73620,null,"NB",147240,"East2",86871.59999999999,"SP","Gaming","East2","Premium","Premium","-"]
[21715105,"Sudam Pradhan","sudam.pradhan@v5global.co.in",8600840554,"V5 Global","Bilaspur","V5414474","Chhattisgarh","Chhattisgarh",null,"V5 Global",null,null,"Mohmmad Abrar Khan","abrar.khan@v5global.co.in",null,"North2",null,"External Consumer","ASO","V5 Global ASO",null,"FT",null,"ASO",null,"Krishna Kumar Singh","Rahil Rasheed",null,"Rajender Negi","Raghavendra Araveeti","rahil.rasheed@v5global.co.in","rahil.rasheed@v5global.co.in","ksingh25@lenovo.com","rnegi@lenovo.com","raraveeti@lenovo.com","ASO","Shilpi Gautam","sgautam2@lenovo.com",null,"Rajender Negi",null,"rnegi@lenovo.com",null,"2025-12-10","10:51:00","21.2215363,81.6245341","Mahendra  COMPUTER",{"$nulls":3},"T3","22BRPPS2948A1ZR","East2",null,"T-15814","Raigarh","Chattisgarh","V5 Global",null,"Yes","Face to Face","82R4011PIN",1,"Lenovo","IdeaPad","IdeaPad 1 15ALC7","AMD Ryzenâ„¢ 5 5500U , Integrated AMD Radeonâ„¢ Graphics, 8GB , 512 GB SSD, 15.6\" FHD (1920x1080) IPS 250nits Anti-glare, 1.61 kg, C","Win 11","Thin & Light","Mainstream","AMD Ryzenâ„¢ 5 5500U","Consumer",35259,null,"NB",35259,"North2",41605.619999999995,"",null,"North2","Mainstream","Entry","-"]
[21715154,"Sudam Pradhan","sudam.pradhan@v5global.co.in",8600840554,"V5 Global","Bilaspur","V5414474","Chhattisgarh","Chhattisgarh",null,"V5 Global",null,null,"Mohmmad Abrar Khan","abrar.khan@v5global.co.in",null,"North2",null,"External Consumer","ASO","V5 Global ASO",null,"FT",null,"ASO",null,"Krishna Kumar Singh","Rahil Rasheed",null,"Rajender Negi","Raghavendra Araveeti","rahil.rasheed@v5global.co.in","rahil.rasheed@v5global.co.in","ksingh25@lenovo.com","rnegi@lenovo.com","raraveeti@lenovo.com","ASO","Shilpi Gautam","sgautam2@lenovo.com",null,"Rajender Negi",null,"rnegi@lenovo.com",null,"2025-12-10","10:53:00","21.2216006,81.6243913","PC AVENTURE",{"$nulls":3},"T3","22AEEPT5409E1ZR","East2",null,"T-15812","Raigarh","Chattisgarh","V5 Global",null,"Yes","Face to Face","82LX00F7IN",1,"Lenovo","Ideapad","Slim 1","LEN N4500 8GB 512GB SSD WIN11  1YR","Win 11","Thin & Light","Entry","N4500","Consumer",25900,null,"NB",25900,"North2",30562,"",null,"North2","Entry","Entry","-"]
[21715236,"Sudam Pradhan","sudam.pradhan@v5global.co.in",8600840554,"V5 Global","Bilaspur","V5414474","Chhattisgarh","Chhattisgarh",null,"V5 Global",null,null,"Mohmmad Abrar Khan","abrar.khan@v5global.co.in",null,"North2",null,"External Consumer","ASO","V5 Global ASO",null,"FT",null,"ASO",null,"Krishna Kumar Singh","Rahil Rasheed",null,"Rajender Negi","Raghavendra Araveeti","rahil.rasheed@v5global.co.in","rahil.rasheed@v5global.co.in","ksingh25@lenovo.com","rnegi@lenovo.com","raraveeti@lenovo.com","ASO","Shilpi Gautam","sgautam2@lenovo.com",null,"Rajender Negi",null,"rnegi@lenovo.com",null,"2025-12-10","10:56:00","21.2215707,81.6249831","GHAR SANSAR ELECTRONICS",{"$nulls":3},"T3","22ADBPG5715C1ZC","East2",null,"T-15782","Jashpur","Chattisgarh","V5 Global",null,"Yes","Face to Face","83ER00MCIN",1,"Lenovo","Ideapad","Slim 3","Lenovo IdeaPad Slim 3 12th Gen Intel Core i5-12450H 15\" (39.6cm) FHD IPS 300 Nits Thin & Light Laptop (16GB/512GB SSD/Win 11/MSO","Win 11","Thin & Light","Mainstream","i5 12th Gen","Consumer",41000,null,"NB",41000,"North2",48380,"",null,"North2","Mainstream","Mainstream","-"]
[21715254,"Sudam Pradhan","sudam.pradhan@v5global.co.in",8600840554,"V5 Global","Bilaspur","V5414474","Chhattisgarh","Chhattisgarh",null,"V5 Global",null,null,"Mohmmad Abrar Khan","abrar.khan@v5global.co.in",null,"North2",null,"External Consumer","ASO","V5 Global ASO",null,"FT",null,"ASO",null,"Krishna Kumar Singh","Rahil Rasheed",null,"Rajender Negi","Raghavendra Araveeti","rahil.rasheed@v5global.co.in","rahil.rasheed@v5global.co.in","ksingh25@lenovo.com","rnegi@lenovo.com","raraveeti@lenovo.com","ASO","Shilpi Gautam","sgautam2@lenovo.com",null,"Rajender Negi",null,"rnegi@lenovo.com",null,"2025-12-10","10:57:00","21.2216018,81.6243801","Shri hanuman electronics",{"$nulls":3},"T3","22AIMPB1483G1ZM","East2",null,"T-18323","Jashpur Nagar","Chattisgarh","V5 Global",null,"Yes","Face to Face","83ER00MCIN",1,"Lenovo","Ideapad","Slim 3","Lenovo IdeaPad Slim 3 12th Gen Intel Core i5-12450H 15\" (39.6cm) FHD IPS 300 Nits Thin & Light Laptop (16GB/512GB SSD/Win 11/MSO","Win 11","Thin & Light","Mainstream","i5 12th Gen","Consumer",41000,null,"NB",41000,"North2",48380,"",null,"North2","Mainstream","Mainstream","-"]
[21715553,"Sudam Pradhan","sudam.pradhan@v5global.co.in",8600840554,"V5 Global","Bilaspur","V5414474","Chhattisgarh","Chhattisgarh",null,"V5 Global",null,null,"Mohmmad Abrar Khan","abrar.khan@v5global.co.in",null,"North2",null,"External Consumer","ASO","V5 Global ASO",null,"FT",null,"ASO",null,"Krishna Kumar Singh","Rahil Rasheed",null,"Rajender Negi","Raghavendra Araveeti","rahil.rasheed@v5global.co.in","rahil.rasheed@v5global.co.in","ksingh25@lenovo.com","rnegi@lenovo.com","raraveeti@lenovo.com","ASO","Shilpi Gautam","sgautam2@lenovo.com",null,"Rajender Negi",null,"rnegi@lenovo.com",null,"2025-12-10","11:03:00","21.2216048,81.6243846","SONI COMPUTER",{"$nulls":3},"T3","22DAMPS6523K1ZB","East2",null,"T-15839","Surguja","Chattisgarh","V5 Global",null,"Yes","Face to Face","83JX001LIN",1,"Lenovo","Yoga Slim 7","Yoga Slim 7 14ILL10","NB YG Slim 7 14ILL10 U5 32G 1T 11S","Win 11","Thin & Light","Premium","CORE ULT5 228V","Consumer",114990,null,"NB",114990,"North2",135688.19999999998,"SP","Non-Gaming","North2","Premium","Premium","Yoga"]
[21715644,"Sudam Pradhan","sudam.pradhan@v5global.co.in",8600840554,"V5 Global","Bilaspur","V5414474","Chhattisgarh","Chhattisgarh",null,"V5 Global",null,null,"Mohmmad Abrar Khan","abrar.khan@v5global.co.in",null,"North2",null,"External Consumer","ASO","V5 Global ASO",null,"FT",null,"ASO",null,"Krishna Kumar Singh","Rahil Rasheed",null,"Rajender Negi","Raghavendra Araveeti","rahil.rasheed@v5global.co.in","rahil.rasheed@v5global.co.in","ksingh25@lenovo.com","rnegi@lenovo.com","raraveeti@lenovo.com","ASO","Shilpi Gautam","sgautam2@lenovo.com",null,"Rajender Negi",null,"rnegi@lenovo.com",null,"2025-12-10","11:08:00","21.2216013,81.6243923","COMPUTER WORLD-BISHRAMPUR",{"$nulls":3},"T3","22BOWPS7754G2Z7","East2",null,"T-15840","Sarguja","Chattisgarh","V5 Global",null,"Yes","Face to Face","F0J6005FIN",1,"Lenovo","AIO","Lenovo A100","23.8\" FHD/8GB RAM/512 SSD/Integrated Graphics/MSO 2024/White","Win 11","AIO","Entry","Intel N100","Consumer",32000,null,"AIO",32000,"North2",37760,"",null,"North2","Entry","Entry","-"]
[21732035,"Amarjit Behera","amarjit.behera@v5global.co.in",9437451999,"V5 Global","Bhubaneswar",601088,"Orissa","Orissa",null,"V5 Global",null,null,"Arindam Mazumdar","arindam.mazumdar@v5global.co.in",null,"East2",null,"External Consumer","ASO","V5 Global ASO",null,"FT",null,"ASO",null,"Biswa Ranjan Jena","Imam Hassan",null,"Rajender Negi","Raghavendra Araveeti","imam.hassan@v5global.co.in","imam.hassan@v5global.co.in","bjena1@lenovo.com","rnegi@lenovo.com","raraveeti@lenovo.com","ASO","Shilpi Gautam","sgautam2@lenovo.com",null,"Rajender Negi",null,"rnegi@lenovo.com",null,"2025-12-10","11:32:00","20.2936165,85.8453086","It Shoppe",{"$nulls":3},"T3","21ACWPT7104N1Z0","East2",null,"T-2751","Khordha","Orissa","V5 Global",null,"Yes","Face to Face","90XS005PIN",1,"Lenovo","IdeaCentre","IdeaCentre","IntelÂ® Coreâ„¢ i3-14100 4C, 8GB DDR5/512 SSD/ WiFi 6 + BT 5.2/ 260W/ SFF 8.2Lt / Wired KeyBoard & Mouse /Win 11 Home/1 Yr Onsite","Win 11","TDT","Entry","IntelÂ® Coreâ„¢ i3-14100","Consumer",31500,null,"TDT",31500,"East2",37170,"",null,"East2","Entry","Entry","i3 OS"]
[21732035,"Amarjit Behera","amarjit.behera@v5global.co.in",9437451999,"V5 Global","Bhubaneswar",601088,"Orissa","Orissa",null,"V5 Global",null,null,"Arindam Mazumdar","arindam.mazumdar@v5global.co.in",null,"East2",null,"External Consumer","ASO","V5 Global ASO",null,"FT",null,"ASO",null,"Biswa Ranjan Jena","Imam Hassan",null,"Rajender Negi","Raghavendra Araveeti","imam.hassan@v5global.co.in","imam.hassan@v5global.co.in","bjena1@lenovo.com","rnegi@lenovo.com","raraveeti@lenovo.com","ASO","Shilpi Gautam","sgautam2@lenovo.com",null,"Rajender Negi",null,"rnegi@lenovo.com",null,"2025-12-10","11:32:00","20.2936165,85.8453086","It Shoppe",{"$nulls":3},"T3","21ACWPT7104N1Z0","East2",null,"T-2751","Khordha","Orissa","V5 Global",null,"Yes","Face to Face","67D5KAC6IN",2,"Lenovo","L22-4E","L Series","LEN L22-4E 21.5 IPS  BLACK 100HZ","NA","Visual Variants","Mainstream","NA","Visuals",5331,null,null,10662,"East2",6290.58,"",null,"East2","Mainstream","Mainstream","-"]
[21719099,"Umer Farooq Bhat","umer.farooq@v5global.co.in",7006131255,"V5 Global","Srinagar","V5266190","Jammu and Kashmir","Jammu and Kashmir",null,"V5 Global",null,null,"Shivam Kumar1","shivam.kumar1@v5global.co.in",null,"North1",null,"External Consumer","ASO","V5 Global ASO",null,"FT",null,"ASO",null,"Karan Kapoor","Gaurav Sharma",null,"Kumar Tanksale","Raghavendra Araveeti","gaurav.sharma@v5global.co.in","gaurav.sharma@v5global.co.in","Kkapoor@lenovo.com","ktanksale1@lenovo.com","raraveeti@lenovo.com","ASO","Shilpi Gautam","sgautam2@lenovo.com",null,"Kumar Tanksale",null,"ktanksale1@lenovo.com",null,"2025-12-10","12:50:00","33.73126335969758,75.14980528503656","Cyber Computer",{"$nulls":3},"T3",null,"North1",null,"T-3577","Anantnag","Jammu And Kashmir","V5 Global",null,"Yes","Face to Face","GY51C12380",2,"Lenovo","Wireless Mouse","Input","Lenovo 130 wireless mouse","NA","Accessories","NA","NA","Accessories",649,null,null,1298,"North1",765.8199999999999,"",null,"North1","NA","NA","-"]
[21732112,"Amarjit Behera","amarjit.behera@v5global.co.in",9437451999,"V5 Global","Bhubaneswar",601088,"Orissa","Orissa",null,"V5 Global",null,null,"Arindam Mazumdar","arindam.mazumdar@v5global.co.in",null,"East2",null,"External Consumer","ASO","V5 Global ASO",null,"FT",null,"ASO",null,"Biswa Ranjan Jena","Imam Hassan",null,"Rajender Negi","Raghavendra Araveeti","imam.hassan@v5global.co.in","imam.hassan@v5global.co.in","bjena1@lenovo.com","rnegi@lenovo.com","raraveeti@lenovo.com","ASO","Shilpi Gautam","sgautam2@lenovo.com",null,"Rajender Negi",null,"rnegi@lenovo.com",null,"2025-12-10","13:45:00","20.293752599999998,85.8469683","TECH BIZ",{"$nulls":3},"T3","21AAPFT2525A1ZO","East2",null,"T-2793","Khordha","Orissa","V5 Global",null,"Yes","Face to Face","82X700HJIN",2,"Lenovo","Ideapad","Slim 3","i3-1315U/8GB,512GB SSD/W11+MSO24/15.6'' FHD/Arctic grey","Win 11","Thin & Light","Entry","i3-1315U","Consumer",38990,null,"NB",77980,"East2",46008.2,"",null,"East2","Mainstream","Mainstream","i3 OS"]
[21718368,"Ishan Modha","ishan.modha@v5global.co.in",6352456143,"V5 Global","Ahmedabad",601140,"Gujarat","Gujarat",null,"V5 Global",null,null,"Darshan Shah","darshan.shah@v5global.co.in",null,"West1",null,"External Consumer","ASO","V5 Global ASO",null,"FT",null,"ASO",null,"Jaydip Kachhot","Yunus Hamid Mansoori",null,"Hemant C Baghel","Sharad verma","yunus.hamid@v5global.co.in","yunus.hamid@v5global.co.in","jkachhot@lenovo.com","hbaghel@lenovo.com","sharverm@lenovo.com","ASO","Shilpi Gautam","sgautam2@lenovo.com",null,"Hemant C Baghel",null,"hbaghel@lenovo.com",null,"2025-12-10","13:48:00","22.3007431,70.7790168","ISHAN INFOTECH LTD (SALES)",{"$nulls":3},"T3","24AAACI8683C1ZN","West2",null,"T-14051","Rajkot","Gujarat",null,null,"Yes","Face to Face","83KX004QIN",1,"Lenovo","Ideapad 5","2 in 1","i5 13420h 16gb 512 gb ","Win 11","Notebook","Premium","i5","Consumer",67500,null,"NB",67500,"West1",79650,"SP","Non-Gaming","West1 M","Premium","Premium","-"]
[21719153,"Umer Farooq Bhat","umer.farooq@v5global.co.in",7006131255,"V5 Global","Srinagar","V5266190","Jammu and Kashmir","Jammu and Kashmir",null,"V5 Global",null,null,"Shivam Kumar1","shivam.kumar1@v5global.co.in",null,"North1",null,"External Consumer","ASO","V5 Global ASO",null,"FT",null,"ASO",null,"Karan Kapoor","Gaurav Sharma",null,"Kumar Tanksale","Raghavendra Araveeti","gaurav.sharma@v5global.co.in","gaurav.sharma@v5global.co.in","Kkapoor@lenovo.com","ktanksale1@lenovo.com","raraveeti@lenovo.com","ASO","Shilpi Gautam","sgautam2@lenovo.com",null,"Kumar Tanksale",null,"ktanksale1@lenovo.com",null,"2025-12-10","14:37:00","33.73758900646655,75.15052512288094","SAMEER DIGITAL SYSTEMS",{"$nulls":3},"T3",null,"North1",null,"T-3572","Anantnag","Jammu And Kashmir","V5 Global",null,"Yes","Face to Face","GY51C12380",3,"Lenovo","Wireless Mouse","Input","Lenovo 130 wireless mouse","NA","Accessories","NA","NA","Accessories",649,null,null,{"$f":"BV835*BL835","v":1947},{"$f":"Q835","v":"North1"},{"$f":"BV835*118%","v":765.8199999999999},{"$f":"IF(CF835=\"Premium\",IF(CA835>=65000,\"SP\",\"\"),\"\")","v":""},null,"North1",{"$f":"IF(BU835=\"Consumer\",IF(CA835<40000,\"Entry\",IF(AND(CA835>=40000,CA835<65000),\"Mainstream\",\"Premium\")),IF(BU835=\"Visuals\",BS835,\"NA\"))","v":"NA"},"NA","-"]
[21732162,"Amarjit Behera","amarjit.behera@v5global.co.in",9437451999,"V5 Global","Bhubaneswar",601088,"Orissa","Orissa",null,"V5 Global",null,null,"Arindam Mazumdar","arindam.mazumdar@v5global.co.in",null,"East2",null,"External Consumer","ASO","V5 Global ASO",null,"FT",null,"ASO",null,"Biswa Ranjan Jena","Imam Hassan",null,"Rajender Negi","Raghavendra Araveeti","imam.hassan@v5global.co.in","imam.hassan@v5global.co.in","bjena1@lenovo.com","rnegi@lenovo.com","raraveeti@lenovo.com","ASO","Shilpi Gautam","sgautam2@lenovo.com",null,"Rajender Negi",null,"rnegi@lenovo.com",null,"2025-12-10","15:05:00","20.288672,85.84783999999999","Perfect Computer",{"$nulls":3},"T3","21ASAPD0560C1ZU","East2",null,"T-2770","Khordha","Orissa","V5 Global",null,"Yes","Face to Face","67DDKAC6IN",2,"Lenovo","Monitor","Monitor","Non Gaming|L24-4C|23.8\"","NA","Visual Variants","Mainstream","L24-4C","Visuals",8500,null,null,17000,"East2",10030,"",null,"East2","Mainstream","Mainstream","-"]
[21719184,"Umer Farooq Bhat","umer.farooq@v5global.co.in",7006131255,"V5 Global","Srinagar","V5266190","Jammu and Kashmir","Jammu and Kashmir",null,"V5 Global",null,null,"Shivam Kumar1","shivam.kumar1@v5global.co.in",null,"North1",null,"External Consumer","ASO","V5 Global ASO",null,"FT",null,"ASO",null,"Karan Kapoor","Gaurav Sharma",null,"Kumar Tanksale","Raghavendra Araveeti","gaurav.sharma@v5global.co.in","gaurav.sharma@v5global.co.in","Kkapoor@lenovo.com","ktanksale1@lenovo.com","raraveeti@lenovo.com","ASO","Shilpi Gautam","sgautam2@lenovo.com",null,"Kumar Tanksale",null,"ktanksale1@lenovo.com",null,"2025-12-10","16:16:00","33.73616454284024,75.14614306390285","Print Media",{"$nulls":3},"T3",null,"North1",null,"T-3576","Anantnag","Jammu And Kashmir","V5 Global",null,"Yes","Face to Face","82LX00F7IN",1,"Lenovo","Ideapad","Slim 1","LEN N4500 8GB 512GB SSD WIN11  1YR","Win 11","Thin & Light","Entry","N4500","Consumer",25900,null,"NB",25900,"North1",30562,"",null,"North1","Entry","Entry","-"]
[21719193,"Umer Farooq Bhat","umer.farooq@v5global.co.in",7006131255,"V5 Global","Srinagar","V5266190","Jammu and Kashmir","Jammu and Kashmir",null,"V5 Global",null,null,"Shivam Kumar1","shivam.kumar1@v5global.co.in",null,"North1",null,"External Consumer","ASO","V5 Global ASO",null,"FT",null,"ASO",null,"Karan Kapoor","Gaurav Sharma",null,"Kumar Tanksale","Raghavendra Araveeti","gaurav.sharma@v5global.co.in","gaurav.sharma@v5global.co.in","Kkapoor@lenovo.com","ktanksale1@lenovo.com","raraveeti@lenovo.com","ASO","Shilpi Gautam","sgautam2@lenovo.com",null,"Kumar Tanksale",null,"ktanksale1@lenovo.com",null,"2025-12-10","16:48:00","33.7356704779021,75.14646325260401","AL MADINA COMPUTER WORLD",{"$nulls":3},"T3","01FIVPK3177A1ZC","North1",null,"T-30874","anantnag","Jammu And Kashmir","V5 Global",null,"Yes","Face to Face","83JC00HNIN",1,"Lenovo","LOQ","LOQ","Lenovo LOQ 15 R7 7235HS Gen Gaming Laptop (12GB, 512GB SSD, Windows 11 Home, 4GB Graphics, 15.6 inch 144 Hz Full HD IPS Display,","Win 11","Thin & Light","Premium","R7 7235HS","Consumer",50000,null,"NB",50000,"North1",59000,"",null,"North1","Mainstream","Premium","-"]
[21719567,"Abhisekh Kumar Singh","abhisekh.kumar@v5global.co.in",9386646960,"V5 Global","Dhanbad","V5267291","Jharkhand","Jharkhand",null,"V5 Global",null,null,"Shivam Kumar","shivam.kumar@v5global.co.in",null,"East2",null,"External Consumer","ASO","V5 Global ASO",null,"FT",null,"ASO",null,"Krishna Kumar Singh","Imam Hassan",null,"Rajender Negi","Raghavendra Araveeti","imam.hassan@v5global.co.in","imam.hassan@v5global.co.in","ksingh25@lenovo.com","rnegi@lenovo.com","raraveeti@lenovo.com","ASO","Shilpi Gautam","sgautam2@lenovo.com",null,"Rajender Negi",null,"rnegi@lenovo.com",null,"2025-12-10","17:31:00","23.8717795,86.1526192","IT WORLD",{"$nulls":3},"T3","20artpg5244q1zc","East2",null,"T-2660","GIRIDIH","Jharkhand","V5 Global",null,"Yes","Face to Face","GX20K78585",4,"Lenovo","AC Adapter","Power","Lenovo 65W AC Roundtip Adapter(IN)","NA","Accessories","NA","NA","Accessories",2490,null,null,9960,"East2",2938.2,"",null,"East2","NA","NA","-"]
[21719610,"Abhisekh Kumar Singh","abhisekh.kumar@v5global.co.in",9386646960,"V5 Global","Dhanbad","V5267291","Jharkhand","Jharkhand",null,"V5 Global",null,null,"Shivam Kumar","shivam.kumar@v5global.co.in",null,"East2",null,"External Consumer","ASO","V5 Global ASO",null,"FT",null,"ASO",null,"Krishna Kumar Singh","Imam Hassan",null,"Rajender Negi","Raghavendra Araveeti","imam.hassan@v5global.co.in","imam.hassan@v5global.co.in","ksingh25@lenovo.com","rnegi@lenovo.com","raraveeti@lenovo.com","ASO","Shilpi Gautam","sgautam2@lenovo.com",null,"Rajender Negi",null,"rnegi@lenovo.com",null,"2025-12-10","17:38:00","23.8718144,86.1526151","COMPUTER POINT",{"$nulls":3},"T3",null,"East2",null,"T-20040","MADHUPUR","Jharkhand","Denave",null,"Yes","Face to Face","GX20P92532",4,"Lenovo","AC Adapter","Power","Lenovo 65W AC USB C Adapter(IN)","NA","Accessories","NA","NA","Accessories",2690,null,null,10760,"East2",3174.2,"",null,"East2","NA","NA","-"]
[21719641,"Abhisekh Kumar Singh","abhisekh.kumar@v5global.co.in",9386646960,"V5 Global","Dhanbad","V5267291","Jharkhand","Jharkhand",null,"V5 Global",null,null,"Shivam Kumar","shivam.kumar@v5global.co.in",null,"East2",null,"External Consumer","ASO","V5 Global ASO",null,"FT",null,"ASO",null,"Krishna Kumar Singh","Imam Hassan",null,"Rajender Negi","Raghavendra Araveeti","imam.hassan@v5global.co.in","imam.hassan@v5global.co.in","ksingh25@lenovo.com","rnegi@lenovo.com","raraveeti@lenovo.com","ASO","Shilpi Gautam","sgautam2@lenovo.com",null,"Rajender Negi",null,"rnegi@lenovo.com",null,"2025-12-10","17:40:00","23.8717915,86.152627","THE NEXTGEN",{"$nulls":3},"T3","20BFYPS5361E2Z5","East2",null,"T-2590","Hazaribagh","Jharkhand","V5 Global",null,"Yes","Face to Face","82R400XSIN",1,"Lenovo","Ideapad","Ideapad","\"Ryzenâ„¢ 5 5500U 6C 8GB RAM 512GB SSD Windows11 MS Office H&S 2024  Integrated AMD Radeon  Graphics  15.6\"\" FHD TN 220nits AG 720","Win 11","Thin & Light","Entry","Amd Ryzen 5 5500U","Consumer",29407,null,"NB",29407,"East2",34700.259999999995,"",null,"East2","Entry","Entry","-"]
[21719992,"Abhisekh Kumar Singh","abhisekh.kumar@v5global.co.in",9386646960,"V5 Global","Dhanbad","V5267291","Jharkhand","Jharkhand",null,"V5 Global",null,null,"Shivam Kumar","shivam.kumar@v5global.co.in",null,"East2",null,"External Consumer","ASO","V5 Global ASO",null,"FT",null,"ASO",null,"Krishna Kumar Singh","Imam Hassan",null,"Rajender Negi","Raghavendra Araveeti","imam.hassan@v5global.co.in","imam.hassan@v5global.co.in","ksingh25@lenovo.com","rnegi@lenovo.com","raraveeti@lenovo.com","ASO","Shilpi Gautam","sgautam2@lenovo.com",null,"Rajender Negi",null,"rnegi@lenovo.com",null,"2025-12-10","18:46:00","23.8011947,86.4419546","SAM COMPUTER AND MOBILE",{"$nulls":3},"T3","20DYAPS3786N1ZX","East2",null,"T-19333","DHANBAD","Jharkhand","V5 Global",null,"Yes","Face to Face","67C8GAC1IN",1,"Lenovo","Gaming","Monitor","Gaming|R32QC|67C8GAC1IN|31.5\"","NA","Visual Variants","Premium","R32QC","Visuals",22390,null,null,22390,"East2",26420.199999999997,"",null,"East2","Premium","Premium","-"]
[21720270,"Devendar Vaishnav","devendar.vaishnav@v5global.co.in",9346025615,"V5 Global","Hyderabad",601572,"Hyderabad","Telangana",null,"V5 Global",null,null,"Mohammed Ibrahim","mohammed.ibrahim@v5global.co.in",null,"South2",null,"External Consumer","ASO","V5 Global ASO",null,"FT",null,"ASO",null,"Santosh Singh","S.Arunbabu",null,"Prabhu Subaramanian","Sharad verma","arun.babu@v5global.co.in","arun.babu@v5global.co.in","ssingh9@lenovo.com","psubramania4@lenovo.com","sharverm@lenovo.com","ASO","Shilpi Gautam","sgautam2@lenovo.com",null,"Prabhu Subaramanian",null,"psubramania4@lenovo.com",null,"2025-12-10","19:22:00","17.4836907,78.3912155","SPARK- CTC",{"$nulls":3},"T3",null,"South2",null,"T-10732","Hyderabad","Telangana","V5 Global",null,"Yes","Face to Face","82ER00MCIN",1,"Lenovo","Ideapad","Slim 3","15.6\" (39.62cm) FHD / 16 GB DDR5 RAM / 512 GB SSD/ARCTIC GREY/\t","Win 11","Thin & Light","Mainstream","Core i5 12th Gen","Consumer",53000,null,"NB",53000,"South2",62540,"",null,"South2","Mainstream","Mainstream","NA"]
[21721290,"Sumit Singh","sumit.singh@v5global.co.in",8963848967,"V5 Global","Mumbai","V5266119","Maharashtra","Maharashtra",null,"V5 Global",null,null,"Muffazal Momin","muffazal.momin@v5global.co.in",null,"West1",null,"External Consumer","ASO","V5 Global ASO",null,"FT",null,"ASO",null,"Amit Tiwari","Yunus Hamid Mansoori",null,"Hemant C Baghel","Sharad verma","yunus.hamid@v5global.co.in","yunus.hamid@v5global.co.in","atiwari5@lenovo.com","hbaghel@lenovo.com","sharverm@lenovo.com","ASO","Shilpi Gautam","sgautam2@lenovo.com",null,"Hemant C Baghel",null,"hbaghel@lenovo.com",null,"2025-12-10","20:14:00","0.0,0.0","Ultimate It Solution",{"$nulls":3},"T3",null,"West1",null,"T-22382","Mumbai","Maharashtra","V5 Global",null,"Yes","Face to Face","83DV01BHIN",1,"Lenovo","LOQ","LOQ 15IRX9","CI7-13650HX/16GB/512GB/RTX 4060 8GB/WIN11/OFFICE2024/ 15.6 FULL HD IPS","Win 11","Gaming","Premium","C I7-13650HX","Consumer",106500,null,"NB",106500,"West1",125670,"SP","Gaming","West1 M","Premium","Premium","-"]
[21721295,"Sumit Singh","sumit.singh@v5global.co.in",8963848967,"V5 Global","Mumbai","V5266119","Maharashtra","Maharashtra",null,"V5 Global",null,null,"Muffazal Momin","muffazal.momin@v5global.co.in",null,"West1",null,"External Consumer","ASO","V5 Global ASO",null,"FT",null,"ASO",null,"Amit Tiwari","Yunus Hamid Mansoori",null,"Hemant C Baghel","Sharad verma","yunus.hamid@v5global.co.in","yunus.hamid@v5global.co.in","atiwari5@lenovo.com","hbaghel@lenovo.com","sharverm@lenovo.com","ASO","Shilpi Gautam","sgautam2@lenovo.com",null,"Hemant C Baghel",null,"hbaghel@lenovo.com",null,"2025-12-10","20:20:00","0.0,0.0","M Tech World",{"$nulls":3},"T3",null,"West1",null,"T-25880","Lamington Road","Maharashtra","V5 Global",null,"Yes","Telephonic","83DV01A9IN",1,"Lenovo","LOQ","LOQ 15IRX9","i5 OS 6GB Gfx/i5 13450HX/RTX 3050 6GB","Win 11","Gaming","Premium","RTX 3050 6GB/512GB SSD/i5 13450HX","Consumer",77845,null,"NB",77845,"West1",91857.09999999999,"SP","Gaming","West1 M","Premium","Premium","-"]
[21721299,"Sumit Singh","sumit.singh@v5global.co.in",8963848967,"V5 Global","Mumbai","V5266119","Maharashtra","Maharashtra",null,"V5 Global",null,null,"Muffazal Momin","muffazal.momin@v5global.co.in",null,"West1",null,"External Consumer","ASO","V5 Global ASO",null,"FT",null,"ASO",null,"Amit Tiwari","Yunus Hamid Mansoori",null,"Hemant C Baghel","Sharad verma","yunus.hamid@v5global.co.in","yunus.hamid@v5global.co.in","atiwari5@lenovo.com","hbaghel@lenovo.com","sharverm@lenovo.com","ASO","Shilpi Gautam","sgautam2@lenovo.com",null,"Hemant C Baghel",null,"hbaghel@lenovo.com",null,"2025-12-10","20:26:00","0.0,0.0","Max It World",{"$nulls":3},"T3",null,"West1",null,"T-25891","Lamington Road","Maharashtra","V5 Global",null,"Yes","Telephonic","F0HR009BIN",1,"Lenovo","IdeaCentre","AIO","DT IC AIO 24ARR9 A57535HS 512G 8G","Win 11","TDT","Mainstream","R7 7735HS","Consumer",42990,null,"TDT",42990,"West1",50728.2,"",null,"West1 M","Mainstream","Mainstream","-"]
[21721302,"Sumit Singh","sumit.singh@v5global.co.in",8963848967,"V5 Global","Mumbai","V5266119","Maharashtra","Maharashtra",null,"V5 Global",null,null,"Muffazal Momin","muffazal.momin@v5global.co.in",null,"West1",null,"External Consumer","ASO","V5 Global ASO",null,"FT",null,"ASO",null,"Amit Tiwari","Yunus Hamid Mansoori",null,"Hemant C Baghel","Sharad verma","yunus.hamid@v5global.co.in","yunus.hamid@v5global.co.in","atiwari5@lenovo.com","hbaghel@lenovo.com","sharverm@lenovo.com","ASO","Shilpi Gautam","sgautam2@lenovo.com",null,"Hemant C Baghel",null,"hbaghel@lenovo.com",null,"2025-12-10","20:29:00","19.1938915,72.9769992","Yogesh Computers",{"$nulls":3},"T3",null,"West1",null,"T-25968","Lamington Road","Maharashtra","V5 Global",null,"Yes","Face to Face","F0HN00PHIN",2,"Lenovo","AIO","AIO","LEN I5-13420H 16GB 512GB SSD 23.8 MSO","Win 11","AIO","Mainstream","i5-13420H","Consumer",53381,null,"AIO",106762,"West1",62989.579999999994,"",null,"West1 M","Mainstream","Mainstream","-"]
[21721023,"Chetti Srinivas","chetti.srinivas1@v5global.co.in",9515976797,"V5 Global","Hyderabad",601126,"TELANGANA","Telangana",null,"V5 Global",null,null,"Mohammed Ibrahim","mohammed.ibrahim@v5global.co.in",null,"South2",null,"External Consumer","ASO","V5 Global ASO",null,"FT",null,"ASO",null,"Santosh Singh","S.Arunbabu",null,"Prabhu Subaramanian","Sharad verma","arun.babu@v5global.co.in","arun.babu@v5global.co.in","ssingh9@lenovo.com","psubramania4@lenovo.com","sharverm@lenovo.com","ASO","Shilpi Gautam","sgautam2@lenovo.com",null,"Prabhu Subaramanian",null,"psubramania4@lenovo.com",null,"2025-12-10","20:36:00","17.2801783,78.7961883","BRIGHT COMPUTER PERIPHERALS",{"$nulls":3},"T3","36AIUPK2609K1ZT","South2",null,"T-10509","Khammam","Andhra Pradesh","V5 Global",null,"Yes","Face to Face","83ER00MCIN",1,"Lenovo","Ideapad","Slim 3","Lenovo IdeaPad Slim 3 12th Gen Intel Core i5-12450H 15\" (39.6cm) FHD IPS 300 Nits Thin & Light Laptop (16GB/512GB SSD/Win 11/MSO","Win 11","Thin & Light","Mainstream","i5 12th Gen","Consumer",41000,null,"NB",41000,"South2",48380,"",null,"South2","Mainstream","Mainstream","-"]
[21721230,"Pran Pratap Singh","pran.singh@v5global.co.in",9001585718,"V5 Global","Jaipur","V5459442","Jaipur","Rajasthan",null,"V5 Global",null,null,"Gourav Jain","gourav.jain@v5global.co.in",null,"North1",null,"External Consumer","ASO","V5 Global ASO",null,"FT",null,"ASO",null,"Ganga Singh","Gaurav Sharma",null,"Kumar Tanksale","Raghavendra Araveeti","gaurav.sharma@v5global.co.in","gaurav.sharma@v5global.co.in","gsingh24@lenovo.com","ktanksale1@lenovo.com","raraveeti@lenovo.com","ASO","Shilpi Gautam","sgautam2@lenovo.com",null,"Kumar Tanksale",null,"ktanksale1@lenovo.com",null,"2025-12-10","20:49:00","26.93772,75.892625","BALAJI INFO SOLUTION",{"$nulls":3},"T3","08BJNPR8228L1ZC","North1",null,"T-31623","Renwal","Rajasthan","V5 Global",null,"Yes","Telephonic","82XQ00MDIN",1,"Lenovo","Ideapad","Slim 3","RYZEN-7320U/8GB LPDDR5-5500/512GB SSD/Integrated AMD Radeon graphics","Win 11","Thin & Light","Entry","Ryzen3 7320U","Consumer",33000,null,"NB",33000,"North1",38940,"",null,"North1","Entry","Entry","-"]
[21721859,"Sukanta Sinha","sukanta.sinha@v5global.co.in",9854184578,"V5 Global","Guwahati","V5266867","NE","NE",null,"V5 Global",null,null,"Sukamal Saha","sukamal.saha@v5global.co.in",null,"East1",null,"External Consumer","ASO","V5 Global ASO",null,"FT",null,"ASO",null,"Partha Chakraborty","Amit Thakuri",null,"Amit Tiwari","Raghavendra Araveeti","amit.thakuri@v5global.co.in","amit.thakuri@v5global.co.in","pchakraborty@lenovo.com","atiwari11@lenovo.com","raraveeti@lenovo.com","ASO","Shilpi Gautam","sgautam2@lenovo.com",null,"Amit Tiwari",null,"atiwari11@lenovo.com",null,"2025-12-10","21:42:00","26.1297102,92.2032249","Jain Computer",{"$nulls":3},"T3","18AELPC5563M1Z2","East1",null,"T-104","Kamrup Metropolitan","ASSAM","V5 Global",null,"Yes","Telephonic","67DDKAC6IN",1,"Lenovo","Monitor","Monitor","Non Gaming|L24-4C|23.8\"","NA","Visual Variants","Mainstream","L24-4C","Visuals",8500,null,null,8500,"East1",10030,"",null,"East1","Mainstream","Mainstream","-"]
[21721865,"Sukanta Sinha","sukanta.sinha@v5global.co.in",9854184578,"V5 Global","Guwahati","V5266867","NE","NE",null,"V5 Global",null,null,"Sukamal Saha","sukamal.saha@v5global.co.in",null,"East1",null,"External Consumer","ASO","V5 Global ASO",null,"FT",null,"ASO",null,"Partha Chakraborty","Amit Thakuri",null,"Amit Tiwari","Raghavendra Araveeti","amit.thakuri@v5global.co.in","amit.thakuri@v5global.co.in","pchakraborty@lenovo.com","atiwari11@lenovo.com","raraveeti@lenovo.com","ASO","Shilpi Gautam","sgautam2@lenovo.com",null,"Amit Tiwari",null,"atiwari11@lenovo.com",null,"2025-12-10","21:42:00","26.1233223,92.1863252","Compumise",{"$nulls":3},"T3","18ABBFM8060C1ZG","East1",null,"T-39","Kamrup Metropolitan","ASSAM","V5 Global",null,"Yes","Telephonic","68C6GAC4IN",1,"Lenovo","LEGION 27Q-10","L Series","LEN LEGION 27Q-10 IPS BLACK 240HZ QHD","NA","Visual Variants","Premium","NA","Visuals",14491,null,null,14491,"East1",17099.379999999997,"",null,"East1","Premium","Premium","-"]
[21721898,"Govind Gulab Rajbhar","govind.gulab@v5global.co.in",9029031943,"V5 Global","Mumbai","V5263641","Maharashtra","Maharashtra",null,"V5 Global",null,null,"Pooja Thakur","pooja.thakur@v5global.co.in",null,"West1",null,"External Consumer","ASO","V5 Global ASO",null,"FT",null,"ASO",null,"Amit Tiwari","Yunus Hamid Mansoori",null,"Hemant C Baghel","Sharad verma","yunus.hamid@v5global.co.in","yunus.hamid@v5global.co.in","atiwari5@lenovo.com","hbaghel@lenovo.com","sharverm@lenovo.com","ASO","Shilpi Gautam","sgautam2@lenovo.com",null,"Hemant C Baghel",null,"hbaghel@lenovo.com",null,"2025-12-10","21:46:00","19.2169498,72.8439075","Astro Solutions",{"$nulls":3},"T3",null,"West1",null,"T-25666","Mumbai","Maharashtra","V5 Global",null,"Yes","Telephonic","82ER00MCIN",1,"Lenovo","Ideapad","Slim 3","15.6\" (39.62cm) FHD / 16 GB DDR5 RAM / 512 GB SSD/ARCTIC GREY/\t","Win 11","Thin & Light","Mainstream","Core i5 12th Gen","Consumer",53000,null,"NB",53000,"West1",62540,"",null,"West1 M","Mainstream","Mainstream","NA"]
[21721921,"Maheswaran ","maheswaran.1@v5global.co.in",9952328485,"V5 Global","Pondicherry","V5458447","Pondicherry","Tamil Nadu","-","V5 Global",null,null,"Prabhakaran A","prabhakaran@v5global.co.in",null,"South2",null,"External Consumer","ASO","V5 Global ASO",null,"FT",null,"ASO",null,"Sridhar Ethirajulu","S.Arunbabu",null,"Prabhu Subaramanian","Sharad verma","arun.babu@v5global.co.in","arun.babu@v5global.co.in","sethirajulu1@lenovo.com","psubramania4@lenovo.com","sharverm@lenovo.com","ASO","Shilpi Gautam","sgautam2@lenovo.com",null,"Prabhu Subaramanian",null,"psubramania4@lenovo.com",null,"2025-12-10","21:48:00","12.9322214,79.139785","AKS Enterprises & Technology",{"$nulls":3},"T3",null,"South2",null,"T-24630","Vellore","Tamil Nadu","Denave",null,"Yes","Telephonic","90XS005JIN",1,"Lenovo","IdeaCentre","IdeaCentre","i3 14100 14th Gen Processor,8Gb Ram ddr5,512Ssd,Windows 11,Wifi,BT, Usb calliope Black, keybord,mouse\t","Win 11","TDT","Mainstream","I3 14100","Consumer",25747,null,"TDT",25747,"South2",30381.46,"",null,"South2","Entry","Mainstream","i3 OS"]
[21721991,"Maheswaran ","maheswaran.1@v5global.co.in",9952328485,"V5 Global","Pondicherry","V5458447","Pondicherry","Tamil Nadu","-","V5 Global",null,null,"Prabhakaran A","prabhakaran@v5global.co.in",null,"South2",null,"External Consumer","ASO","V5 Global ASO",null,"FT",null,"ASO",null,"Sridhar Ethirajulu","S.Arunbabu",null,"Prabhu Subaramanian","Sharad verma","arun.babu@v5global.co.in","arun.babu@v5global.co.in","sethirajulu1@lenovo.com","psubramania4@lenovo.com","sharverm@lenovo.com","ASO","Shilpi Gautam","sgautam2@lenovo.com",null,"Prabhu Subaramanian",null,"psubramania4@lenovo.com",null,"2025-12-10","21:54:00","12.9322671,79.1398857","KRISHNA INFOTECH (PDY)",{"$nulls":3},"T3","34ALTPD1448F1Z7","South2",null,"T-9389","Pondicherry","Tamil Nadu",null,null,"Yes","Telephonic","F0HR008YIN",1,"Lenovo","IdeaCentre","AIO","DT IC AIO 24ARR9 A77735HS 512G 16G","Win 11","AIO","Mainstream","R7 7735HS/16GB/512 GB SSD","Consumer",50990,null,"AIO",50990,"South2",60168.2,"",null,"South2","Mainstream","Mainstream","-"]
[21721998,"Maheswaran ","maheswaran.1@v5global.co.in",9952328485,"V5 Global","Pondicherry","V5458447","Pondicherry","Tamil Nadu","-","V5 Global",null,null,"Prabhakaran A","prabhakaran@v5global.co.in",null,"South2",null,"External Consumer","ASO","V5 Global ASO",null,"FT",null,"ASO",null,"Sridhar Ethirajulu","S.Arunbabu",null,"Prabhu Subaramanian","Sharad verma","arun.babu@v5global.co.in","arun.babu@v5global.co.in","sethirajulu1@lenovo.com","psubramania4@lenovo.com","sharverm@lenovo.com","ASO","Shilpi Gautam","sgautam2@lenovo.com",null,"Prabhu Subaramanian",null,"psubramania4@lenovo.com",null,"2025-12-10","21:55:00","12.9322364,79.139812","AL BISMI COMPUTERS",{"$nulls":3},"T3","33ABEFA8493J1Z5","South2",null,"T-8973","Thanjavur","Tamil Nadu",null,null,"Yes","Telephonic","90XW0055IN",1,"Lenovo","IdeaCentre","Tower 08IRR9 ","8 GB DDR   , 512 GB SSDWired KeyBoard & Mouse WiFi 6 + BT 5.2 260W  3 Yr Onsite Warranty  Win 11 Home + MS Office 2024 + 1 YR Mi","Win 11","TDT","Mainstream","Intel Core i5-13420H, 8C,","Consumer",50052,null,"TDT",50052,"South2",59061.35999999999,"",null,"South2","Mainstream","Mainstream","-"]
[21722033,"Maheswaran ","maheswaran.1@v5global.co.in",9952328485,"V5 Global","Pondicherry","V5458447","Pondicherry","Tamil Nadu","-","V5 Global",null,null,"Prabhakaran A","prabhakaran@v5global.co.in",null,"South2",null,"External Consumer","ASO","V5 Global ASO",null,"FT",null,"ASO",null,"Sridhar Ethirajulu","S.Arunbabu",null,"Prabhu Subaramanian","Sharad verma","arun.babu@v5global.co.in","arun.babu@v5global.co.in","sethirajulu1@lenovo.com","psubramania4@lenovo.com","sharverm@lenovo.com","ASO","Shilpi Gautam","sgautam2@lenovo.com",null,"Prabhu Subaramanian",null,"psubramania4@lenovo.com",null,"2025-12-10","21:58:00","12.9322329,79.139792","SRI GANESH ELECTRONICS ( PDY)",{"$nulls":3},"T3","34ABCFS2969P1ZI","South2",null,"T-9872","Pondicherry","Tamil Nadu",null,null,"Yes","Telephonic","F0HN00PGIN",1,"Lenovo","AIO","AIO i-24IRH9","i3-1315U-8-512-UHD-W11-O24-23.80","Win 11","AIO","Mainstream","i3-1315U","Consumer",57990,null,"AIO",57990,"South2",68428.2,"",null,"South2","Premium","Mainstream","i3 OS"]
[21722086,"Maheswaran ","maheswaran.1@v5global.co.in",9952328485,"V5 Global","Pondicherry","V5458447","Pondicherry","Tamil Nadu","-","V5 Global",null,null,"Prabhakaran A","prabhakaran@v5global.co.in",null,"South2",null,"External Consumer","ASO","V5 Global ASO",null,"FT",null,"ASO",null,"Sridhar Ethirajulu","S.Arunbabu",null,"Prabhu Subaramanian","Sharad verma","arun.babu@v5global.co.in","arun.babu@v5global.co.in","sethirajulu1@lenovo.com","psubramania4@lenovo.com","sharverm@lenovo.com","ASO","Shilpi Gautam","sgautam2@lenovo.com",null,"Prabhu Subaramanian",null,"psubramania4@lenovo.com",null,"2025-12-10","22:01:00","12.932259,79.1398289","TOTAL SOLUTIONS",{"$nulls":3},"T3",null,"South2",null,"T-20293","Trichy","Tamil Nadu","Denave",null,"Yes","Telephonic","83LK009VIN",1,"Lenovo","LOQ","LOQ-15AX9E","i5-12450HX-RTX3050A-W11-O24-15.6","Win 11","Gaming","Premium","i5-12450HX","Consumer",85290,null,"NB",85290,"South2",100642.2,"SP","Gaming","South2","Premium","Premium","-"]
[21722512,"Manoj Bihari","manoj.bihari@v5global.co.in",9861291397,"V5 Global","Sambalpur","V5263625","Orissa","Orissa",null,"V5 Global",null,null,"Arindam Mazumdar","arindam.mazumdar@v5global.co.in",null,"East2",null,"External Consumer","ASO","V5 Global ASO",null,"FT",null,"ASO","LES","Biswa Ranjan Jena","Imam Hassan",null,"Rajender Negi","Raghavendra Araveeti","imam.hassan@v5global.co.in","imam.hassan@v5global.co.in","bjena1@lenovo.com","rnegi@lenovo.com","raraveeti@lenovo.com","ASO","Shilpi Gautam","sgautam2@lenovo.com",null,"Rajender Negi","LES","rnegi@lenovo.com",null,"2025-12-10","23:14:00","19.169433801130353,83.4155647829175","Supreme World",{"$nulls":3},"T3","21APVPR5634R1ZX","East2",null,"T-2809","Ganjam","Orissa","V5 Global",null,"Yes","Face to Face","F0J6005GIN",1,"Lenovo","AIO","A100","IntelÂ® Coreâ„¢ i3-N305/8GB SO-DIMM DDR4-3200/512GB SSD/Integrated IntelÂ® UHD Graphics/WindowsÂ® 11,Cloud Grey","Win 11","AIO","Mainstream","IntelÂ® Coreâ„¢ i3-N305","Consumer",49000,null,"AIO",49000,"East2",57820,"",null,"East2","Mainstream","Mainstream","i3 OS"]
[21722629,"Anmol Sachdeva","anmol.sachdeva@v5global.co.in",9780132392,"V5 Global","BHATINDA","V5433235","PUNJAB","PUNJAB","-","V5 Global",null,null,"Shivam Kumar1","shivam.kumar1@v5global.co.in",null,"North1",null,"External Consumer","ASO","V5 Global ASO",null,"FT",null,"ASO",null,"Naveen Kumar","Gaurav Sharma",null,"Kumar Tanksale","Raghavendra Araveeti","gaurav.sharma@v5global.co.in","gaurav.sharma@v5global.co.in","nkumar12@lenovo.com","ktanksale1@lenovo.com","raraveeti@lenovo.com","ASO","Shilpi Gautam","sgautam2@lenovo.com",null,"Kumar Tanksale",null,"ktanksale1@lenovo.com",null,"2025-12-10","23:32:00","30.6748996,74.7558224","MONGA COMPUTER SYSTEM",{"$nulls":3},"T3",null,"North1",null,"T-4625","Ferozepur","PUNJAB","V5 Global",null,"Yes","Face to Face","82R4011PIN",1,"Lenovo","IdeaPad","IdeaPad 1 15ALC7","AMD Ryzenâ„¢ 5 5500U , Integrated AMD Radeonâ„¢ Graphics, 8GB , 512 GB SSD, 15.6\" FHD (1920x1080) IPS 250nits Anti-glare, 1.61 kg, C","Win 11","Thin & Light","Mainstream","AMD Ryzenâ„¢ 5 5500U","Consumer",35259,null,"NB",35259,"North1",41605.619999999995,"",null,"North1","Mainstream","Entry","-"]
[21722980,"Rajesh Kumar","rajesh.kumar2@v5global.co.in",7488484467,"V5 Global","Bhagalpur","V5456085","Bhagalpur","Bihar","-","V5 Global",null,null,"Shivam Kumar","shivam.kumar@v5global.co.in",null,"East2",null,"External Consumer","ASO","V5 Global ASO",null,"FT",null,"ASO",null,"Krishna Kumar Singh","Imam Hassan",null,"Rajender Negi","Raghavendra Araveeti","imam.hassan@v5global.co.in","imam.hassan@v5global.co.in","ksingh25@lenovo.com","rnegi@lenovo.com","raraveeti@lenovo.com","ASO","Shilpi Gautam","sgautam2@lenovo.com",null,"Rajender Negi",null,"rnegi@lenovo.com",null,"2025-12-11","08:34:00","25.8576197,87.5408098","Balaji Computer",{"$nulls":3},"T3","10CZQPK3381K1Z4","East2",null,"T-2354","Araria","Bihar",null,null,"Yes","Face to Face","GX31L52655",20,"Lenovo","Wired Combo","Input","Lenovo 160 Wired Combo","NA","Accessories","NA","NA","Accessories",999,null,null,19980,"East2",1178.82,"",null,"East2","NA","NA","-"]
[21722983,"Pankaj Kumar","pankaj.kumar@v5global.co.in",8340543380,"V5 Global","Patna",601177,"Bihar","Bihar",null,"V5 Global",null,null,"Shivam Kumar","shivam.kumar@v5global.co.in",null,"East2",null,"External Consumer","ASO","V5 Global ASO",null,"FT",null,"ASO",null,"Krishna Kumar Singh","Imam Hassan",null,"Rajender Negi","Raghavendra Araveeti","imam.hassan@v5global.co.in","imam.hassan@v5global.co.in","ksingh25@lenovo.com","rnegi@lenovo.com","raraveeti@lenovo.com","ASO","Shilpi Gautam","sgautam2@lenovo.com",null,"Rajender Negi",null,"rnegi@lenovo.com",null,"2025-12-11","08:39:00","25.6173276,85.0925107","UNITECH SYSTEMS",{"$nulls":3},"T3","10AACFU9061F1ZG","East2",null,"T-2049","Patna","Bihar","V5 Global",null,"Yes","Face to Face","GX20K78585",1,"Lenovo","AC Adapter","Power","Lenovo 65W AC Roundtip Adapter(IN)","NA","Accessories","NA","NA","Accessories",2490,null,null,2490,"East2",2938.2,"",null,"East2","NA","NA","-"]
[21722992,"Pankaj Kumar","pankaj.kumar@v5global.co.in",8340543380,"V5 Global","Patna",601177,"Bihar","Bihar",null,"V5 Global",null,null,"Shivam Kumar","shivam.kumar@v5global.co.in",null,"East2",null,"External Consumer","ASO","V5 Global ASO",null,"FT",null,"ASO",null,"Krishna Kumar Singh","Imam Hassan",null,"Rajender Negi","Raghavendra Araveeti","imam.hassan@v5global.co.in","imam.hassan@v5global.co.in","ksingh25@lenovo.com","rnegi@lenovo.com","raraveeti@lenovo.com","ASO","Shilpi Gautam","sgautam2@lenovo.com",null,"Rajender Negi",null,"rnegi@lenovo.com",null,"2025-12-11","08:44:00","25.6167894,85.0920279","Yash computer",{"$nulls":3},"T3","10AJRPD5011E2ZX","East2",null,"T-30770","Patna","Bihar","V5 Global",null,"Yes","Face to Face","GX20K78585",3,"Lenovo","AC Adapter","Power","Lenovo 65W AC Roundtip Adapter(IN)","NA","Accessories","NA","NA","Accessories",2490,null,null,7470,"East2",2938.2,"",null,"East2","NA","NA","-"]
[21722992,"Pankaj Kumar","pankaj.kumar@v5global.co.in",8340543380,"V5 Global","Patna",601177,"Bihar","Bihar",null,"V5 Global",null,null,"Shivam Kumar","shivam.kumar@v5global.co.in",null,"East2",null,"External Consumer","ASO","V5 Global ASO",null,"FT",null,"ASO",null,"Krishna Kumar Singh","Imam Hassan",null,"Rajender Negi","Raghavendra Araveeti","imam.hassan@v5global.co.in","imam.hassan@v5global.co.in","ksingh25@lenovo.com","rnegi@lenovo.com","raraveeti@lenovo.com","ASO","Shilpi Gautam","sgautam2@lenovo.com",null,"Rajender Negi",null,"rnegi@lenovo.com",null,"2025-12-11","08:44:00","25.6167894,85.0920279","Yash computer",{"$nulls":3},"T3","10AJRPD5011E2ZX","East2",null,"T-30770","Patna","Bihar","V5 Global",null,"Yes","Face to Face","GX20P92532",2,"Lenovo","AC Adapter","Power","Lenovo 65W AC USB C Adapter(IN)","NA","Accessories","NA","NA","Accessories",2690,null,null,5380,"East2",3174.2,"",null,"East2","NA","NA","-"]
[21722997,"Pankaj Kumar","pankaj.kumar@v5global.co.in",8340543380,"V5 Global","Patna",601177,"Bihar","Bihar",null,"V5 Global",null,null,"Shivam Kumar","shivam.kumar@v5global.co.in",null,"East2",null,"External Consumer","ASO","V5 Global ASO",null,"FT",null,"ASO",null,"Krishna Kumar Singh","Imam Hassan",null,"Rajender Negi","Raghavendra Araveeti","imam.hassan@v5global.co.in","imam.hassan@v5global.co.in","ksingh25@lenovo.com","rnegi@lenovo.com","raraveeti@lenovo.com","ASO","Shilpi Gautam","sgautam2@lenovo.com",null,"Rajender Negi",null,"rnegi@lenovo.com",null,"2025-12-11","08:47:00","25.6173224,85.0926243","Patliputra Computer",{"$nulls":3},"T3","10AZAPK1025E1ZE","East2",null,"T-2088","Patna","Bihar","V5 Global",null,"Yes","Face to Face","67BCKAC6IN",1,"Lenovo","Monitor -L24i4A","Monitor -L24i4A","Full HD IPS Panel Ultra Thin Monitor with WLED Backlight","NA","Visual Variants","Premium","NA","Visuals",7203,null,null,7203,"East2",8499.539999999999,"",null,"East2","Premium","Premium","-"]
[21723085,"Nilesh Agrawal","nilesh.agarwal@v5global.co.in",7747820820,"V5 Global","Bhopal",601083,"Madhya Pradesh","Madhya Pradesh",null,"V5 Global",null,null,"Mohmmad Abrar Khan","abrar.khan@v5global.co.in",null,"North2",null,"External Consumer","ASO","V5 Global ASO",null,"FT",null,"ASO",null,"Mehul Raval","Rahil Rasheed",null,"Durgendra Singh","Raghavendra Araveeti","rahil.rasheed@v5global.co.in","rahil.rasheed@v5global.co.in","mraval@lenovo.com","dsingh1@lenovo.com","raraveeti@lenovo.com","ASO","Shilpi Gautam","sgautam2@lenovo.com",null,"Durgendra Singh",null,"dsingh1@lenovo.com",null,"2025-12-11","09:17:00","23.1922253,77.4364925","E-integration",{"$nulls":3},"T3","23AABFE0041N1ZV","North2",null,"T-16342","Bhopal","Madhya Pradesh","V5 Global",null,"Yes","Face to Face","83K100C9IN",1,"Lenovo","Slim 3","IdeaPad Slim 3 15IRH10","NB IP Slim 3 15IRH10 I7 8G 8G 512G 11S","Win 11","Thin & Light","Mainstream","i7 13620H","Consumer",64700,null,"NB",64700,"North2",76346,"SP","Non-Gaming","North2","Premium","Premium","-"]
[21723103,"Nilesh Agrawal","nilesh.agarwal@v5global.co.in",7747820820,"V5 Global","Bhopal",601083,"Madhya Pradesh","Madhya Pradesh",null,"V5 Global",null,null,"Mohmmad Abrar Khan","abrar.khan@v5global.co.in",null,"North2",null,"External Consumer","ASO","V5 Global ASO",null,"FT",null,"ASO",null,"Mehul Raval","Rahil Rasheed",null,"Durgendra Singh","Raghavendra Araveeti","rahil.rasheed@v5global.co.in","rahil.rasheed@v5global.co.in","mraval@lenovo.com","dsingh1@lenovo.com","raraveeti@lenovo.com","ASO","Shilpi Gautam","sgautam2@lenovo.com",null,"Durgendra Singh",null,"dsingh1@lenovo.com",null,"2025-12-11","09:22:00","23.1922355,77.4364978","AMD Computer",{"$nulls":3},"T3","23AARPD5653M1ZD","North2",null,"T-16363","Bhopal","Madhya Pradesh","V5 Global",null,"Yes","Face to Face","90XW005UIN",1,"Lenovo","IdeaCentre","IdeaCentre 08IRH9","8GB RAM/512 GB SSD/Integrated Graphics/WINDOWS 11","Win 11","TDT","Entry","CORE I5","Consumer",32619,null,"TDT",32619,"North2",38490.42,"",null,"North2","Entry","Mainstream","NA"]
[21723350,"Mukesh Bhandari","mukesh.bhandari@v5global.co.in",9414235543,"V5 Global","Udaipur","V5301580","Rajasthan","Rajasthan",null,"V5 Global",null,null,"Gourav Jain","gourav.jain@v5global.co.in",null,"North1",null,"External Consumer","ASO","V5 Global ASO",null,"FT",null,"ASO",null,"Ganga Singh","Gaurav Sharma",null,"Kumar Tanksale","Raghavendra Araveeti","gaurav.sharma@v5global.co.in","gaurav.sharma@v5global.co.in","gsingh24@lenovo.com","ktanksale1@lenovo.com","raraveeti@lenovo.com","ASO","Shilpi Gautam","sgautam2@lenovo.com",null,"Kumar Tanksale",null,"ktanksale1@lenovo.com",null,"2025-12-11","10:02:00","24.560465,73.73379","Sakshi Computer & Peripherals",{"$nulls":3},"T3","08AIOPP7146G1ZS","North1",null,"T-19662","Udaipur","Rajasthan","V5 Global",null,"Yes","Face to Face","F0HN00PGIN",1,"Lenovo","AIO","AIO i-24IRH9","i3-1315U-8-512-UHD-W11-O24-23.80","Win 11","AIO","Mainstream","i3-1315U","Consumer",57990,null,"AIO",57990,"North1",68428.2,"",null,"North1","Premium","Mainstream","i3 OS"]
[21723365,"Mukesh Bhandari","mukesh.bhandari@v5global.co.in",9414235543,"V5 Global","Udaipur","V5301580","Rajasthan","Rajasthan",null,"V5 Global",null,null,"Gourav Jain","gourav.jain@v5global.co.in",null,"North1",null,"External Consumer","ASO","V5 Global ASO",null,"FT",null,"ASO",null,"Ganga Singh","Gaurav Sharma",null,"Kumar Tanksale","Raghavendra Araveeti","gaurav.sharma@v5global.co.in","gaurav.sharma@v5global.co.in","gsingh24@lenovo.com","ktanksale1@lenovo.com","raraveeti@lenovo.com","ASO","Shilpi Gautam","sgautam2@lenovo.com",null,"Kumar Tanksale",null,"ktanksale1@lenovo.com",null,"2025-12-11","10:04:00","24.560465,73.733785","Reliable Infotech",{"$nulls":3},"T3","08ADUPC9744N1ZN","North1",null,"T-15584","Bhilwara","Rajasthan","V5 Global",null,"Yes","Face to Face","F0HN00PGIN",1,"Lenovo","AIO","AIO i-24IRH9","i3-1315U-8-512-UHD-W11-O24-23.80","Win 11","AIO","Mainstream","i3-1315U","Consumer",57990,null,"AIO",57990,"North1",68428.2,"",null,"North1","Premium","Mainstream","i3 OS"]
[21723396,"Mukesh Bhandari","mukesh.bhandari@v5global.co.in",9414235543,"V5 Global","Udaipur","V5301580","Rajasthan","Rajasthan",null,"V5 Global",null,null,"Gourav Jain","gourav.jain@v5global.co.in",null,"North1",null,"External Consumer","ASO","V5 Global ASO",null,"FT",null,"ASO",null,"Ganga Singh","Gaurav Sharma",null,"Kumar Tanksale","Raghavendra Araveeti","gaurav.sharma@v5global.co.in","gaurav.sharma@v5global.co.in","gsingh24@lenovo.com","ktanksale1@lenovo.com","raraveeti@lenovo.com","ASO","Shilpi Gautam","sgautam2@lenovo.com",null,"Kumar Tanksale",null,"ktanksale1@lenovo.com",null,"2025-12-11","10:05:00","24.56047,73.7338","EARTH INFOTECH",{"$nulls":3},"T3","08AGJPJ2954K1Z1","North1",null,"T-15650","Dungarpur","Rajasthan","V5 Global",null,"Yes","Face to Face","F0HN00PGIN",1,"Lenovo","AIO","AIO i-24IRH9","i3-1315U-8-512-UHD-W11-O24-23.80","Win 11","AIO","Mainstream","i3-1315U","Consumer",57990,null,"AIO",57990,"North1",68428.2,"",null,"North1","Premium","Mainstream","i3 OS"]
[21723417,"Rajesh Kumar","rajesh.kumar2@v5global.co.in",7488484467,"V5 Global","Bhagalpur","V5456085","Bhagalpur","Bihar","-","V5 Global",null,null,"Shivam Kumar","shivam.kumar@v5global.co.in",null,"East2",null,"External Consumer","ASO","V5 Global ASO",null,"FT",null,"ASO",null,"Krishna Kumar Singh","Imam Hassan",null,"Rajender Negi","Raghavendra Araveeti","imam.hassan@v5global.co.in","imam.hassan@v5global.co.in","ksingh25@lenovo.com","rnegi@lenovo.com","raraveeti@lenovo.com","ASO","Shilpi Gautam","sgautam2@lenovo.com",null,"Rajender Negi",null,"rnegi@lenovo.com",null,"2025-12-11","10:06:00","25.8576333,87.540815","Raj computer services",{"$nulls":3},"T3","10ALHPR0987M1ZQ","East2",null,"T-2295","Bhagalpur","Bihar",null,null,"Yes","Face to Face","82X700HMIN",1,"Lenovo","IdeaPad Slim 3","Slim 3","15.6\", 8GB, 512GB, Integrated Intel UHD Graphics, Office Home 2024, Arctic Grey\t","Win 11","Thin & Light","Mainstream","Intel Core i3-1315U\t","Consumer",41000,null,"NB",41000,"East2",48380,"",null,"East2","Mainstream","Mainstream","i3 OS"]
[21723432,"Rajesh Kumar","rajesh.kumar2@v5global.co.in",7488484467,"V5 Global","Bhagalpur","V5456085","Bhagalpur","Bihar","-","V5 Global",null,null,"Shivam Kumar","shivam.kumar@v5global.co.in",null,"East2",null,"External Consumer","ASO","V5 Global ASO",null,"FT",null,"ASO",null,"Krishna Kumar Singh","Imam Hassan",null,"Rajender Negi","Raghavendra Araveeti","imam.hassan@v5global.co.in","imam.hassan@v5global.co.in","ksingh25@lenovo.com","rnegi@lenovo.com","raraveeti@lenovo.com","ASO","Shilpi Gautam","sgautam2@lenovo.com",null,"Rajender Negi",null,"rnegi@lenovo.com",null,"2025-12-11","10:07:00","25.8576083,87.5407433","Techno Space",{"$nulls":3},"T3","10AUVPK1313P1ZH","East2",null,"T-2285","Bhagalpur","Bihar",null,null,"Yes","Face to Face","83ER00MCIN",1,"Lenovo","Ideapad","Slim 3","Lenovo IdeaPad Slim 3 12th Gen Intel Core i5-12450H 15\" (39.6cm) FHD IPS 300 Nits Thin & Light Laptop (16GB/512GB SSD/Win 11/MSO","Win 11","Thin & Light","Mainstream","i5 12th Gen","Consumer",41000,null,"NB",41000,"East2",48380,"",null,"East2","Mainstream","Mainstream","-"]
[21723447,"Bhaskar Borah","bhaskar.borah@v5global.co.in",9508822689,"V5 Global","Jorhat","V5354315","Assam","Assam",null,"V5 Global",null,null,"Sukamal Saha","sukamal.saha@v5global.co.in",null,"East1",null,"External Consumer","ASO","V5 Global ASO",null,"FT",null,"ASO",null,"Partha Chakraborty","Amit Thakuri",null,"Amit Tiwari","Raghavendra Araveeti","amit.thakuri@v5global.co.in","amit.thakuri@v5global.co.in","pchakraborty@lenovo.com","atiwari11@lenovo.com","raraveeti@lenovo.com","ASO","Shilpi Gautam","sgautam2@lenovo.com",null,"Amit Tiwari",null,"atiwari11@lenovo.com",null,"2025-12-11","10:09:00","26.78618,94.1584334","Yash Computers",{"$nulls":3},"T3","18AEAPB3799M1Z4","East1",null,"T-304","Tinsukia","ASSAM","V5 Global",null,"Yes","Face to Face","83ER00MCIN",1,"Lenovo","Ideapad","Slim 3","Lenovo IdeaPad Slim 3 12th Gen Intel Core i5-12450H 15\" (39.6cm) FHD IPS 300 Nits Thin & Light Laptop (16GB/512GB SSD/Win 11/MSO","Win 11","Thin & Light","Mainstream","i5 12th Gen","Consumer",41000,null,"NB",41000,"East1",48380,"",null,"East1","Mainstream","Mainstream","-"]
[21723484,"Rajesh Kumar","rajesh.kumar2@v5global.co.in",7488484467,"V5 Global","Bhagalpur","V5456085","Bhagalpur","Bihar","-","V5 Global",null,null,"Shivam Kumar","shivam.kumar@v5global.co.in",null,"East2",null,"External Consumer","ASO","V5 Global ASO",null,"FT",null,"ASO",null,"Krishna Kumar Singh","Imam Hassan",null,"Rajender Negi","Raghavendra Araveeti","imam.hassan@v5global.co.in","imam.hassan@v5global.co.in","ksingh25@lenovo.com","rnegi@lenovo.com","raraveeti@lenovo.com","ASO","Shilpi Gautam","sgautam2@lenovo.com",null,"Rajender Negi",null,"rnegi@lenovo.com",null,"2025-12-11","10:11:00","25.857575,87.5408233","BLOOM INFOTECH",{"$nulls":3},"T3","10AYJPB3198D1ZW","East2",null,"T-31185","Bhagalpur","Bihar","V5 Global",null,"Yes","Face to Face","67AEKACBIN",1,"Lenovo","Monitor","L22i-40","MONITOR 21.5","NA","Visual Variants","Mainstream","NA","Visuals",9099,null,null,9099,"East2",10736.82,"",null,"East2","Mainstream","Mainstream","-"]
[21723498,"Rajesh Kumar","rajesh.kumar2@v5global.co.in",7488484467,"V5 Global","Bhagalpur","V5456085","Bhagalpur","Bihar","-","V5 Global",null,null,"Shivam Kumar","shivam.kumar@v5global.co.in",null,"East2",null,"External Consumer","ASO","V5 Global ASO",null,"FT",null,"ASO",null,"Krishna Kumar Singh","Imam Hassan",null,"Rajender Negi","Raghavendra Araveeti","imam.hassan@v5global.co.in","imam.hassan@v5global.co.in","ksingh25@lenovo.com","rnegi@lenovo.com","raraveeti@lenovo.com","ASO","Shilpi Gautam","sgautam2@lenovo.com",null,"Rajender Negi",null,"rnegi@lenovo.com",null,"2025-12-11","10:12:00","25.8576017,87.5408183","Vivek Computer",{"$nulls":3},"T3","10KDAPS7771B1ZM","East2",null,"T-22435","Jamui","Bihar","V5 Global",null,"Yes","Face to Face","83DV01A9IN",1,"Lenovo","LOQ","LOQ 15IRX9","i5 OS 6GB Gfx/i5 13450HX/RTX 3050 6GB","Win 11","Gaming","Premium","RTX 3050 6GB/512GB SSD/i5 13450HX","Consumer",77845,null,"NB",77845,"East2",91857.09999999999,"SP","Gaming","East2","Premium","Premium","-"]
[21723538,"Rajesh Kumar","rajesh.kumar2@v5global.co.in",7488484467,"V5 Global","Bhagalpur","V5456085","Bhagalpur","Bihar","-","V5 Global",null,null,"Shivam Kumar","shivam.kumar@v5global.co.in",null,"East2",null,"External Consumer","ASO","V5 Global ASO",null,"FT",null,"ASO",null,"Krishna Kumar Singh","Imam Hassan",null,"Rajender Negi","Raghavendra Araveeti","imam.hassan@v5global.co.in","imam.hassan@v5global.co.in","ksingh25@lenovo.com","rnegi@lenovo.com","raraveeti@lenovo.com","ASO","Shilpi Gautam","sgautam2@lenovo.com",null,"Rajender Negi",null,"rnegi@lenovo.com",null,"2025-12-11","10:16:00","25.8575817,87.5408783","Computer Home",{"$nulls":3},"T3","10AEWPD9337H1ZD","East2",null,"T-2348","Purnia","Bihar",null,null,"Yes","Face to Face","83GS00MWIN",2,"Lenovo","LOQ","LOQ 15IAX9","Len LOQ-15 /16/512) GFX 2050 MS Office","Win 11","Gaming","Premium","i5 12450HX","Consumer",69999,null,"NB",139998,"East2",82598.81999999999,"SP","Gaming","East2","Premium","Premium","-"]
[21723589,"Rajesh Kumar","rajesh.kumar2@v5global.co.in",7488484467,"V5 Global","Bhagalpur","V5456085","Bhagalpur","Bihar","-","V5 Global",null,null,"Shivam Kumar","shivam.kumar@v5global.co.in",null,"East2",null,"External Consumer","ASO","V5 Global ASO",null,"FT",null,"ASO",null,"Krishna Kumar Singh","Imam Hassan",null,"Rajender Negi","Raghavendra Araveeti","imam.hassan@v5global.co.in","imam.hassan@v5global.co.in","ksingh25@lenovo.com","rnegi@lenovo.com","raraveeti@lenovo.com","ASO","Shilpi Gautam","sgautam2@lenovo.com",null,"Rajender Negi",null,"rnegi@lenovo.com",null,"2025-12-11","10:19:00","25.85762,87.5408283","Ayush Computer",{"$nulls":3},"T3",null,"East2",null,"T-22882","Saharsa","Bihar","Denave",null,"Yes","Face to Face","F0J6005GIN",2,"Lenovo","AIO","A100","IntelÂ® Coreâ„¢ i3-N305/8GB SO-DIMM DDR4-3200/512GB SSD/Integrated IntelÂ® UHD Graphics/WindowsÂ® 11,Cloud Grey","Win 11","AIO","Mainstream","IntelÂ® Coreâ„¢ i3-N305","Consumer",49000,null,"AIO",98000,"East2",57820,"",null,"East2","Mainstream","Mainstream","i3 OS"]
[21723673,"Rajesh Kumar","rajesh.kumar2@v5global.co.in",7488484467,"V5 Global","Bhagalpur","V5456085","Bhagalpur","Bihar","-","V5 Global",null,null,"Shivam Kumar","shivam.kumar@v5global.co.in",null,"East2",null,"External Consumer","ASO","V5 Global ASO",null,"FT",null,"ASO",null,"Krishna Kumar Singh","Imam Hassan",null,"Rajender Negi","Raghavendra Araveeti","imam.hassan@v5global.co.in","imam.hassan@v5global.co.in","ksingh25@lenovo.com","rnegi@lenovo.com","raraveeti@lenovo.com","ASO","Shilpi Gautam","sgautam2@lenovo.com",null,"Rajender Negi",null,"rnegi@lenovo.com",null,"2025-12-11","10:24:00","25.8576317,87.540855","Unique Computer",{"$nulls":3},"T3","10CKLPK6152L1Z2","East2",null,"T-2281","Supaul","Bihar",null,null,"Yes","Face to Face","67AFKACBIN",5,"Lenovo","L Series","L22E-40","LEN L22E-40 21.5 VA 75 HZ HDMI","NA","Visual Variants","Entry","NA","Visuals",7900,null,null,39500,"East2",9322,"",null,"East2","Entry","Entry","-"]
[21728254,"Umer Farooq Bhat","umer.farooq@v5global.co.in",7006131255,"V5 Global","Srinagar","V5266190","Jammu and Kashmir","Jammu and Kashmir",null,"V5 Global",null,null,"Shivam Kumar1","shivam.kumar1@v5global.co.in",null,"North1",null,"External Consumer","ASO","V5 Global ASO",null,"FT",null,"ASO",null,"Karan Kapoor","Gaurav Sharma",null,"Kumar Tanksale","Raghavendra Araveeti","gaurav.sharma@v5global.co.in","gaurav.sharma@v5global.co.in","Kkapoor@lenovo.com","ktanksale1@lenovo.com","raraveeti@lenovo.com","ASO","Shilpi Gautam","sgautam2@lenovo.com",null,"Kumar Tanksale",null,"ktanksale1@lenovo.com",null,"2025-12-11","11:43:00","34.20732814661434,74.34235844761133","B.COM COMPUTERS",{"$nulls":3},"T3","01AAOFB9567H1Z7","North1",null,"T-3565","Baramulla","Jammu And Kashmir","V5 Global",null,"Yes","Face to Face","82LX00F7IN",1,"Lenovo","Ideapad","Slim 1","LEN N4500 8GB 512GB SSD WIN11  1YR","Win 11","Thin & Light","Entry","N4500","Consumer",25900,null,"NB",25900,"North1",30562,"",null,"North1","Entry","Entry","-"]
[21728254,"Umer Farooq Bhat","umer.farooq@v5global.co.in",7006131255,"V5 Global","Srinagar","V5266190","Jammu and Kashmir","Jammu and Kashmir",null,"V5 Global",null,null,"Shivam Kumar1","shivam.kumar1@v5global.co.in",null,"North1",null,"External Consumer","ASO","V5 Global ASO",null,"FT",null,"ASO",null,"Karan Kapoor","Gaurav Sharma",null,"Kumar Tanksale","Raghavendra Araveeti","gaurav.sharma@v5global.co.in","gaurav.sharma@v5global.co.in","Kkapoor@lenovo.com","ktanksale1@lenovo.com","raraveeti@lenovo.com","ASO","Shilpi Gautam","sgautam2@lenovo.com",null,"Kumar Tanksale",null,"ktanksale1@lenovo.com",null,"2025-12-11","11:43:00","34.20732814661434,74.34235844761133","B.COM COMPUTERS",{"$nulls":3},"T3","01AAOFB9567H1Z7","North1",null,"T-3565","Baramulla","Jammu And Kashmir","V5 Global",null,"Yes","Face to Face","GY51C12380",3,"Lenovo","Wireless Mouse","Input","Lenovo 130 wireless mouse","NA","Accessories","NA","NA","Accessories",649,null,null,1947,"North1",765.8199999999999,"",null,"North1","NA","NA","-"]
[21725770,"Biplab Barman","biplab.barman@v5global.co.in",9832301778,"V5 Global","Siliguri","V5326187","West Bengal","West Bengal",null,"V5 Global",null,null,"Sukamal Saha","sukamal.saha@v5global.co.in",null,"East1",null,"External Consumer","ASO","V5 Global ASO",null,"FT",null,"ASO",null,"Kapil Tiwari","Amit Thakuri",null,"Amit Tiwari","Raghavendra Araveeti","amit.thakuri@v5global.co.in","amit.thakuri@v5global.co.in","ktiwari1@lenovo.com","atiwari11@lenovo.com","raraveeti@lenovo.com","ASO","Shilpi Gautam","sgautam2@lenovo.com",null,"Amit Tiwari",null,"atiwari11@lenovo.com",null,"2025-12-11","11:56:00","25.7259417,88.0026817","Om Service",{"$nulls":3},"T3","19APPPT1959G1ZA","East1",null,"T-29930","Siliguri","West Bengal","V5 Global",null,"Yes","Face to Face","83JC00HNIN",1,"Lenovo","LOQ","LOQ","Lenovo LOQ 15 R7 7235HS Gen Gaming Laptop (12GB, 512GB SSD, Windows 11 Home, 4GB Graphics, 15.6 inch 144 Hz Full HD IPS Display,","Win 11","Thin & Light","Premium","R7 7235HS","Consumer",50000,null,"NB",50000,"East1",59000,"",null,"East1","Mainstream","Premium","-"]
[21728264,"Umer Farooq Bhat","umer.farooq@v5global.co.in",7006131255,"V5 Global","Srinagar","V5266190","Jammu and Kashmir","Jammu and Kashmir",null,"V5 Global",null,null,"Shivam Kumar1","shivam.kumar1@v5global.co.in",null,"North1",null,"External Consumer","ASO","V5 Global ASO",null,"FT",null,"ASO",null,"Karan Kapoor","Gaurav Sharma",null,"Kumar Tanksale","Raghavendra Araveeti","gaurav.sharma@v5global.co.in","gaurav.sharma@v5global.co.in","Kkapoor@lenovo.com","ktanksale1@lenovo.com","raraveeti@lenovo.com","ASO","Shilpi Gautam","sgautam2@lenovo.com",null,"Kumar Tanksale",null,"ktanksale1@lenovo.com",null,"2025-12-11","12:28:00","34.20722194973753,74.34284325689077","IMB COMPUTERS",{"$nulls":3},"T3",null,"North1",null,"T-3566","Baramulla","Jammu And Kashmir","V5 Global",null,"Yes","Face to Face","GY51C12380",2,"Lenovo","Wireless Mouse","Input","Lenovo 130 wireless mouse","NA","Accessories","NA","NA","Accessories",649,null,null,1298,"North1",765.8199999999999,"",null,"North1","NA","NA","-"]
[21730558,"Sunil Batra","sunil.batra@v5global.co.in",9729866778,"V5 Global","Karnal","V5267500","Haryana","Haryana",null,"V5 Global",null,null,"Chetan Mehta","Chetan.mehta@v5global.co.in",null,"North1",null,"External Consumer","ASO","V5 Global ASO",null,"FT",null,"ASO",null,"Rajat Maheshwari","Gaurav Sharma",null,"Kumar Tanksale","Raghavendra Araveeti","gaurav.sharma@v5global.co.in","gaurav.sharma@v5global.co.in","rmaheshwari@lenovo.com","ktanksale1@lenovo.com","raraveeti@lenovo.com","ASO","Shilpi Gautam","sgautam2@lenovo.com",null,"Kumar Tanksale",null,"ktanksale1@lenovo.com",null,"2025-12-11","12:47:00","29.7144581,77.018203","Garg Computer",{"$nulls":3},"T3",null,"North1",null,"T-3177","Yamunanagar","Haryana","V5 Global",null,"Yes","Face to Face","GX20K78585",3,"Lenovo","AC Adapter","Power","Lenovo 65W AC Roundtip Adapter(IN)","NA","Accessories","NA","NA","Accessories",2490,null,null,7470,"North1",2938.2,"",null,"North1","NA","NA","-"]
[21728282,"Umer Farooq Bhat","umer.farooq@v5global.co.in",7006131255,"V5 Global","Srinagar","V5266190","Jammu and Kashmir","Jammu and Kashmir",null,"V5 Global",null,null,"Shivam Kumar1","shivam.kumar1@v5global.co.in",null,"North1",null,"External Consumer","ASO","V5 Global ASO",null,"FT",null,"ASO",null,"Karan Kapoor","Gaurav Sharma",null,"Kumar Tanksale","Raghavendra Araveeti","gaurav.sharma@v5global.co.in","gaurav.sharma@v5global.co.in","Kkapoor@lenovo.com","ktanksale1@lenovo.com","raraveeti@lenovo.com","ASO","Shilpi Gautam","sgautam2@lenovo.com",null,"Kumar Tanksale",null,"ktanksale1@lenovo.com",null,"2025-12-11","14:07:00","34.20751946702079,74.34256430715322","Computer Galaxy",{"$nulls":3},"T3",null,"North1",null,"T-20616","Baramulla","Jammu And Kashmir","V5 Global",null,"Yes","Face to Face","GY51C12380",3,"Lenovo","Wireless Mouse","Input","Lenovo 130 wireless mouse","NA","Accessories","NA","NA","Accessories",649,null,null,1947,"North1",765.8199999999999,"",null,"North1","NA","NA","-"]
[21727875,"Ishan Modha","ishan.modha@v5global.co.in",6352456143,"V5 Global","Ahmedabad",601140,"Gujarat","Gujarat",null,"V5 Global",null,null,"Darshan Shah","darshan.shah@v5global.co.in",null,"West1",null,"External Consumer","ASO","V5 Global ASO",null,"FT",null,"ASO",null,"Jaydip Kachhot","Yunus Hamid Mansoori",null,"Hemant C Baghel","Sharad verma","yunus.hamid@v5global.co.in","yunus.hamid@v5global.co.in","jkachhot@lenovo.com","hbaghel@lenovo.com","sharverm@lenovo.com","ASO","Shilpi Gautam","sgautam2@lenovo.com",null,"Hemant C Baghel",null,"hbaghel@lenovo.com",null,"2025-12-11","16:19:00","22.3007413,70.7790173","VIZTECH COMPUTER & HARDWARE",{"$nulls":3},"T3","24ANLPV5738Q1ZY","West2",null,"T-14201","Rajkot","Gujarat",null,null,"Yes","Face to Face","83B40004IN",1,"Lenovo","Ideapad","Ideapad 1","15.6\"FHD,8GB/512GB/I3 1315/WIN/MS OFFICE/","Win 11","Thin & Light","Entry","13 1315","Consumer",36960,null,"NB",36960,"West1",43612.799999999996,"",null,"West1 M","Mainstream","Mainstream","-"]
[21730714,"Sunil Batra","sunil.batra@v5global.co.in",9729866778,"V5 Global","Karnal","V5267500","Haryana","Haryana",null,"V5 Global",null,null,"Chetan Mehta","Chetan.mehta@v5global.co.in",null,"North1",null,"External Consumer","ASO","V5 Global ASO",null,"FT",null,"ASO",null,"Rajat Maheshwari","Gaurav Sharma",null,"Kumar Tanksale","Raghavendra Araveeti","gaurav.sharma@v5global.co.in","gaurav.sharma@v5global.co.in","rmaheshwari@lenovo.com","ktanksale1@lenovo.com","raraveeti@lenovo.com","ASO","Shilpi Gautam","sgautam2@lenovo.com",null,"Kumar Tanksale",null,"ktanksale1@lenovo.com",null,"2025-12-11","17:18:00","29.7144991,77.018192","Ocean Computer",{"$nulls":3},"T3","06BFCPK0820C1Z8","North1",null,"T-3173","Panipat","Haryana","V5 Global",null,"Yes","Telephonic","67DDKAC6IN",3,"Lenovo","Monitor","Monitor","Non Gaming|L24-4C|23.8\"","NA","Visual Variants","Mainstream","L24-4C","Visuals",8500,null,null,25500,"North1",10030,"",null,"North1","Mainstream","Mainstream","-"]
[21728567,"Titan Bhowmik","titan.bhowmik@v5global.co.in",8794341603,"V5 Global","Agartala","V5266930","NE","NE",null,"V5 Global",null,null,"Sukamal Saha","sukamal.saha@v5global.co.in",null,"East1",null,"External Consumer","ASO","V5 Global ASO",null,"FT",null,"ASO",null,"Partha Chakraborty","Amit Thakuri",null,"Amit Tiwari","Raghavendra Araveeti","amit.thakuri@v5global.co.in","amit.thakuri@v5global.co.in","pchakraborty@lenovo.com","atiwari11@lenovo.com","raraveeti@lenovo.com","ASO","Shilpi Gautam","sgautam2@lenovo.com",null,"Amit Tiwari",null,"atiwari11@lenovo.com",null,"2025-12-11","18:23:00","23.7973767,92.6505967","E ZONE",{"$nulls":3},"T3","16AOHPD7799E1ZN","East1",null,"T-572","North Tripura","TRIPURA","V5 Global",null,"Yes","Face to Face","83DV01A9IN",1,"Lenovo","LOQ","LOQ 15IRX9","i5 OS 6GB Gfx/i5 13450HX/RTX 3050 6GB","Win 11","Gaming","Premium","RTX 3050 6GB/512GB SSD/i5 13450HX","Consumer",77845,null,"NB",77845,"East1",91857.09999999999,"SP","Gaming","East1","Premium","Premium","-"]
[21728576,"Titan Bhowmik","titan.bhowmik@v5global.co.in",8794341603,"V5 Global","Agartala","V5266930","NE","NE",null,"V5 Global",null,null,"Sukamal Saha","sukamal.saha@v5global.co.in",null,"East1",null,"External Consumer","ASO","V5 Global ASO",null,"FT",null,"ASO",null,"Partha Chakraborty","Amit Thakuri",null,"Amit Tiwari","Raghavendra Araveeti","amit.thakuri@v5global.co.in","amit.thakuri@v5global.co.in","pchakraborty@lenovo.com","atiwari11@lenovo.com","raraveeti@lenovo.com","ASO","Shilpi Gautam","sgautam2@lenovo.com",null,"Amit Tiwari",null,"atiwari11@lenovo.com",null,"2025-12-11","18:23:00","23.7973433,92.6505933","Computer Enterprise",{"$nulls":3},"T3","15AZKPR7169J2ZM","East1",null,"T-498","Aizawl","MIZORAM","V5 Global",null,"Yes","Face to Face","F0HR008YIN",1,"Lenovo","IdeaCentre","AIO","DT IC AIO 24ARR9 A77735HS 512G 16G","Win 11","AIO","Mainstream","R7 7735HS/16GB/512 GB SSD","Consumer",50990,null,"AIO",50990,"East1",60168.2,"",null,"East1","Mainstream","Mainstream","-"]
[21728735,"Pran Pratap Singh","pran.singh@v5global.co.in",9001585718,"V5 Global","Jaipur","V5459442","Jaipur","Rajasthan",null,"V5 Global",null,null,"Gourav Jain","gourav.jain@v5global.co.in",null,"North1",null,"External Consumer","ASO","V5 Global ASO",null,"FT",null,"ASO",null,"Ganga Singh","Gaurav Sharma",null,"Kumar Tanksale","Raghavendra Araveeti","gaurav.sharma@v5global.co.in","gaurav.sharma@v5global.co.in","gsingh24@lenovo.com","ktanksale1@lenovo.com","raraveeti@lenovo.com","ASO","Shilpi Gautam","sgautam2@lenovo.com",null,"Kumar Tanksale",null,"ktanksale1@lenovo.com",null,"2025-12-11","18:46:00","27.2460048,76.604986","NETSTAR COMPUTERS",{"$nulls":3},"T3","08AAJHP4410J1Z3","North1",null,"T-15317","Alwar","Rajasthan","V5 Global",null,"Yes","Face to Face","F0J6005GIN",1,"Lenovo","AIO","A100","IntelÂ® Coreâ„¢ i3-N305/8GB SO-DIMM DDR4-3200/512GB SSD/Integrated IntelÂ® UHD Graphics/WindowsÂ® 11,Cloud Grey","Win 11","AIO","Mainstream","IntelÂ® Coreâ„¢ i3-N305","Consumer",49000,null,"AIO",49000,"North1",57820,"",null,"North1","Mainstream","Mainstream","i3 OS"]
[21728872,"Ishan Modha","ishan.modha@v5global.co.in",6352456143,"V5 Global","Ahmedabad",601140,"Gujarat","Gujarat",null,"V5 Global",null,null,"Darshan Shah","darshan.shah@v5global.co.in",null,"West1",null,"External Consumer","ASO","V5 Global ASO",null,"FT",null,"ASO",null,"Jaydip Kachhot","Yunus Hamid Mansoori",null,"Hemant C Baghel","Sharad verma","yunus.hamid@v5global.co.in","yunus.hamid@v5global.co.in","jkachhot@lenovo.com","hbaghel@lenovo.com","sharverm@lenovo.com","ASO","Shilpi Gautam","sgautam2@lenovo.com",null,"Hemant C Baghel",null,"hbaghel@lenovo.com",null,"2025-12-11","19:02:00","22.3007418,70.7790232","UMA IT SOLUTION",{"$nulls":3},"T3","24APJPV7830D1ZQ","West2",null,"T-14098","Rajkot","Gujarat",null,null,"Yes","Face to Face","82X700HMIN",1,"Lenovo","IdeaPad Slim 3","Slim 3","15.6\", 8GB, 512GB, Integrated Intel UHD Graphics, Office Home 2024, Arctic Grey\t","Win 11","Thin & Light","Mainstream","Intel Core i3-1315U\t","Consumer",41000,null,"NB",41000,"West1",48380,"",null,"West1 M","Mainstream","Mainstream","i3 OS"]
[21729490,"Sumit Singh","sumit.singh@v5global.co.in",8963848967,"V5 Global","Mumbai","V5266119","Maharashtra","Maharashtra",null,"V5 Global",null,null,"Muffazal Momin","muffazal.momin@v5global.co.in",null,"West1",null,"External Consumer","ASO","V5 Global ASO",null,"FT",null,"ASO",null,"Amit Tiwari","Yunus Hamid Mansoori",null,"Hemant C Baghel","Sharad verma","yunus.hamid@v5global.co.in","yunus.hamid@v5global.co.in","atiwari5@lenovo.com","hbaghel@lenovo.com","sharverm@lenovo.com","ASO","Shilpi Gautam","sgautam2@lenovo.com",null,"Hemant C Baghel",null,"hbaghel@lenovo.com",null,"2025-12-11","20:00:00","0.0,0.0","Yogesh Computers",{"$nulls":3},"T3",null,"West1",null,"T-25968","Lamington Road","Maharashtra","V5 Global",null,"Yes","Face to Face","90XW0022IN",4,"Lenovo","IdeaCentre","IdeaCentre 3","Intel Core i7-13620H,10C SFF 7.4 Lt,8 GB DDR4 ,512 GB SSD","DOS","TDT","Mainstream","Intel Core i7-13620H","Consumer",55000,null,"TDT",220000,"West1",64900,"",null,"West1 M","Mainstream","Mainstream","-"]
[21729492,"Sumit Singh","sumit.singh@v5global.co.in",8963848967,"V5 Global","Mumbai","V5266119","Maharashtra","Maharashtra",null,"V5 Global",null,null,"Muffazal Momin","muffazal.momin@v5global.co.in",null,"West1",null,"External Consumer","ASO","V5 Global ASO",null,"FT",null,"ASO",null,"Amit Tiwari","Yunus Hamid Mansoori",null,"Hemant C Baghel","Sharad verma","yunus.hamid@v5global.co.in","yunus.hamid@v5global.co.in","atiwari5@lenovo.com","hbaghel@lenovo.com","sharverm@lenovo.com","ASO","Shilpi Gautam","sgautam2@lenovo.com",null,"Hemant C Baghel",null,"hbaghel@lenovo.com",null,"2025-12-11","20:04:00","19.0229309,72.8451929","Kiana Impex",{"$nulls":4},"27AAGHH5733R1ZM","West1",null,"T-31535","Mumbai","Maharashtra","V5 Global",null,"Yes","Telephonic","83K000B8IN",4,"Lenovo","Ideapad","IdeaPad Slim 3","15.6\" FHD (1920x1080),16GB Ram, 512 GB SSD, ,MS OFFICE 2024  Luna Grey","Win 11","Thin & Light","Premium","IntelÂ® Coreâ„¢ i5-13420H","Consumer",65000,null,"NB",260000,"West1",76700,"SP","Non-Gaming","West1 M","Premium","Premium","-"]
[21729569,"Surjeet Kumar","surjeet.kumar@v5global.co.in",7004963220,"V5 Global","Muzaffarpur","V5339429","Bihar","Bihar",null,"V5 Global",null,null,"Shivam Kumar","shivam.kumar@v5global.co.in",null,"East2",null,"External Consumer","ASO","V5 Global ASO",null,"FT",null,"ASO",null,"Krishna Kumar Singh","Imam Hassan",null,"Rajender Negi","Raghavendra Araveeti","imam.hassan@v5global.co.in","imam.hassan@v5global.co.in","ksingh25@lenovo.com","rnegi@lenovo.com","raraveeti@lenovo.com","ASO","Shilpi Gautam","sgautam2@lenovo.com",null,"Rajender Negi",null,"rnegi@lenovo.com",null,"2025-12-11","20:15:00","26.1193584,85.3919104","SRI RAM COMPUTER & MOBILE",{"$nulls":3},"T3","10ALEPD9553G1ZG","East2",null,"T-2064","East Champaran","Bihar","V5 Global",null,"Yes","Face to Face","61E0KAR6WW",5,"Lenovo","D Series","D19-10","D19: 18.5\" VGA + HDMI with HDMI Cable","NA","Visual Variants","Entry","NA","Visuals",5058,null,null,25290,"East2",5968.44,"",null,"East2","Entry","Entry","-"]
[21729598,"Prasannaraj P","prasannaraj.p@v5global.co.in",9092045806,"V5 Global","Chennai","V5335880","Tamil Nadu","Tamil Nadu",null,"V5 Global",null,null,"Prabhakaran A","prabhakaran@v5global.co.in",null,"South2",null,"External Consumer","ASO","V5 Global ASO",null,"FT",null,"ASO","LES","Sridhar Ethirajulu","S.Arunbabu",null,"Prabhu Subaramanian","Sharad verma","arun.babu@v5global.co.in","arun.babu@v5global.co.in","sethirajulu1@lenovo.com","psubramania4@lenovo.com","sharverm@lenovo.com","ASO","Shilpi Gautam","sgautam2@lenovo.com",null,"Prabhu Subaramanian","LES","psubramania4@lenovo.com",null,"2025-12-11","20:17:00","13.0289589,80.194289","Aski Computer",{"$nulls":3},"T3",null,"South2",null,"T-9968","Chennai","Tamil Nadu","V5 Global",null,"Yes","Face to Face","82X700HMIN",1,"Lenovo","IdeaPad Slim 3","Slim 3","15.6\", 8GB, 512GB, Integrated Intel UHD Graphics, Office Home 2024, Arctic Grey\t","Win 11","Thin & Light","Mainstream","Intel Core i3-1315U\t","Consumer",41000,null,"NB",41000,"South2",48380,"",null,"South2","Mainstream","Mainstream","i3 OS"]
[21729651,"Prasannaraj P","prasannaraj.p@v5global.co.in",9092045806,"V5 Global","Chennai","V5335880","Tamil Nadu","Tamil Nadu",null,"V5 Global",null,null,"Prabhakaran A","prabhakaran@v5global.co.in",null,"South2",null,"External Consumer","ASO","V5 Global ASO",null,"FT",null,"ASO","LES","Sridhar Ethirajulu","S.Arunbabu",null,"Prabhu Subaramanian","Sharad verma","arun.babu@v5global.co.in","arun.babu@v5global.co.in","sethirajulu1@lenovo.com","psubramania4@lenovo.com","sharverm@lenovo.com","ASO","Shilpi Gautam","sgautam2@lenovo.com",null,"Prabhu Subaramanian","LES","psubramania4@lenovo.com",null,"2025-12-11","20:20:00","13.0289972,80.1942986","Challenger Computer Pvt Ltd",{"$nulls":3},"T3",null,"South2",null,"T-27533","Chennai","Tamil Nadu","Denave",null,"Yes","Face to Face","82XQ00MDIN",1,"Lenovo","Ideapad","Slim 3","RYZEN-7320U/8GB LPDDR5-5500/512GB SSD/Integrated AMD Radeon graphics","Win 11","Thin & Light","Entry","Ryzen3 7320U","Consumer",33000,null,"NB",33000,"South2",38940,"",null,"South2","Entry","Entry","-"]
[21729667,"Prasannaraj P","prasannaraj.p@v5global.co.in",9092045806,"V5 Global","Chennai","V5335880","Tamil Nadu","Tamil Nadu",null,"V5 Global",null,null,"Prabhakaran A","prabhakaran@v5global.co.in",null,"South2",null,"External Consumer","ASO","V5 Global ASO",null,"FT",null,"ASO","LES","Sridhar Ethirajulu","S.Arunbabu",null,"Prabhu Subaramanian","Sharad verma","arun.babu@v5global.co.in","arun.babu@v5global.co.in","sethirajulu1@lenovo.com","psubramania4@lenovo.com","sharverm@lenovo.com","ASO","Shilpi Gautam","sgautam2@lenovo.com",null,"Prabhu Subaramanian","LES","psubramania4@lenovo.com",null,"2025-12-11","20:21:00","13.0289254,80.1942855","Compumaxx",{"$nulls":3},"T3",null,"South2",null,"T-27534","Chennai","Tamil Nadu","Denave",null,"Yes","Face to Face","90XW0052IN",2,"Lenovo","Ideacenter Tower","i7 13620h","i7 13th gen/ 8gb ram/ 512gb ssd/ w11 & ms office 24","Win 11","TDT","Mainstream","I7- 13620H","Consumer",52070,null,"TDT",104140,"South2",61442.6,"",null,"South2","Mainstream","Mainstream","-"]
[21729682,"ABHILASH DALAVI ","abhilash.dalavi@v5global.co.in",9591852229,"V5 Global","HUBLI","V5320471","Karnataka","Karnataka",null,"V5 Global",null,null,"M Bhaskar Gowda","bhaskar.gowda@v5global.co.in",null,"South1",null,"External Consumer","ASO","V5 Global ASO",null,"FT",null,"ASO",null,"Riyaz Khan","Prakash Kumar K P",null,"S Sreekumar","Sharad verma","prakash.kp@v5global.co.in","prakash.kp@v5global.co.in","rhospet@lenovo.com","ssreekumar@lenovo.com","sharverm@lenovo.com","ASO","Shilpi Gautam","sgautam2@lenovo.com",null,"S Sreekumar",null,"ssreekumar@lenovo.com",null,"2025-12-11","20:22:00","15.3555583,75.1057483","Computer Needs",{"$nulls":3},"T3",null,"South1",null,"T-26771","Hospet","Karnataka","V5 Global",null,"Yes","Face to Face","83JC00MVIN",1,"Lenovo","LOQ","LOQ 15ARP9","AMD Ryzen 7 7435HS , 16GB RAM, 512GB SSD, 15.6\" FHD (1920x1080) IPS 300nits Anti-glare, 100% sRGB, 144Hz, G-SYNC, NVIDIA GeForce","Win 11","Gaming","Premium","AMD Ryzen 7 7435HS","Consumer",80192,null,"NB",80192,"South1",94626.56,"SP","Gaming","South1","Premium","Premium","-"]
[21729712,"Prasannaraj P","prasannaraj.p@v5global.co.in",9092045806,"V5 Global","Chennai","V5335880","Tamil Nadu","Tamil Nadu",null,"V5 Global",null,null,"Prabhakaran A","prabhakaran@v5global.co.in",null,"South2",null,"External Consumer","ASO","V5 Global ASO",null,"FT",null,"ASO","LES","Sridhar Ethirajulu","S.Arunbabu",null,"Prabhu Subaramanian","Sharad verma","arun.babu@v5global.co.in","arun.babu@v5global.co.in","sethirajulu1@lenovo.com","psubramania4@lenovo.com","sharverm@lenovo.com","ASO","Shilpi Gautam","sgautam2@lenovo.com",null,"Prabhu Subaramanian","LES","psubramania4@lenovo.com",null,"2025-12-11","20:24:00","13.0289285,80.1942876","DELTA PERIPHERALS",{"$nulls":3},"T3",null,"South2",null,"T-9142","Chennai","Tamil Nadu","V5 Global",null,"Yes","Face to Face","67DDKAC6IN",2,"Lenovo","Monitor","Monitor","Non Gaming|L24-4C|23.8\"","NA","Visual Variants","Mainstream","L24-4C","Visuals",8500,null,null,17000,"South2",10030,"",null,"South2","Mainstream","Mainstream","-"]
[21729747,"Prasannaraj P","prasannaraj.p@v5global.co.in",9092045806,"V5 Global","Chennai","V5335880","Tamil Nadu","Tamil Nadu",null,"V5 Global",null,null,"Prabhakaran A","prabhakaran@v5global.co.in",null,"South2",null,"External Consumer","ASO","V5 Global ASO",null,"FT",null,"ASO","LES","Sridhar Ethirajulu","S.Arunbabu",null,"Prabhu Subaramanian","Sharad verma","arun.babu@v5global.co.in","arun.babu@v5global.co.in","sethirajulu1@lenovo.com","psubramania4@lenovo.com","sharverm@lenovo.com","ASO","Shilpi Gautam","sgautam2@lenovo.com",null,"Prabhu Subaramanian","LES","psubramania4@lenovo.com",null,"2025-12-11","20:26:00","13.0289301,80.1942886","Essasoft Information Tech P Ltd",{"$nulls":3},"T3",null,"South2",null,"T-9183","Chennai","Tamil Nadu",null,null,"Yes","Face to Face",888010226,10,"Lenovo","Power","AC Adapter","Adaptor 90W AC 90A - Lenovo/Warranty - 1 Year Carry In","NA","Accessories","NA","NA","Accessories",1764,null,null,17640,"South2",2081.52,"",null,"South2","NA","NA","-"]
[21729782,"ABHILASH DALAVI ","abhilash.dalavi@v5global.co.in",9591852229,"V5 Global","HUBLI","V5320471","Karnataka","Karnataka",null,"V5 Global",null,null,"M Bhaskar Gowda","bhaskar.gowda@v5global.co.in",null,"South1",null,"External Consumer","ASO","V5 Global ASO",null,"FT",null,"ASO",null,"Riyaz Khan","Prakash Kumar K P",null,"S Sreekumar","Sharad verma","prakash.kp@v5global.co.in","prakash.kp@v5global.co.in","rhospet@lenovo.com","ssreekumar@lenovo.com","sharverm@lenovo.com","ASO","Shilpi Gautam","sgautam2@lenovo.com",null,"S Sreekumar",null,"ssreekumar@lenovo.com",null,"2025-12-11","20:28:00","15.355505,75.105755","Ss Technologies",{"$nulls":3},"T3","29BTAPM1696Q1ZU","South1",null,"T-7909","Hubli","Karnataka",null,null,"Yes","Face to Face","F0J6005GIN",1,"Lenovo","AIO","A100","IntelÂ® Coreâ„¢ i3-N305/8GB SO-DIMM DDR4-3200/512GB SSD/Integrated IntelÂ® UHD Graphics/WindowsÂ® 11,Cloud Grey","Win 11","AIO","Mainstream","IntelÂ® Coreâ„¢ i3-N305","Consumer",49000,null,"AIO",49000,"South1",57820,"",null,"South1","Mainstream","Mainstream","i3 OS"]
[21729792,"Prasannaraj P","prasannaraj.p@v5global.co.in",9092045806,"V5 Global","Chennai","V5335880","Tamil Nadu","Tamil Nadu",null,"V5 Global",null,null,"Prabhakaran A","prabhakaran@v5global.co.in",null,"South2",null,"External Consumer","ASO","V5 Global ASO",null,"FT",null,"ASO","LES","Sridhar Ethirajulu","S.Arunbabu",null,"Prabhu Subaramanian","Sharad verma","arun.babu@v5global.co.in","arun.babu@v5global.co.in","sethirajulu1@lenovo.com","psubramania4@lenovo.com","sharverm@lenovo.com","ASO","Shilpi Gautam","sgautam2@lenovo.com",null,"Prabhu Subaramanian","LES","psubramania4@lenovo.com",null,"2025-12-11","20:29:00","13.0289413,80.1942833","GETS INFOTECK",{"$nulls":3},"T3",null,"South2",null,"T-9223","Chennai","Tamil Nadu","V5 Global",null,"Yes","Face to Face","GXC1B34793",2,"Lenovo","Webcam","Webcam","Lenovo 300 FHD Webcam/Warranty - 1 Year","NA","Accessories","NA","NA","Accessories",3010,null,null,6020,"South2",3551.7999999999997,"",null,"South2","NA","NA","-"]
[21729831,"Prasannaraj P","prasannaraj.p@v5global.co.in",9092045806,"V5 Global","Chennai","V5335880","Tamil Nadu","Tamil Nadu",null,"V5 Global",null,null,"Prabhakaran A","prabhakaran@v5global.co.in",null,"South2",null,"External Consumer","ASO","V5 Global ASO",null,"FT",null,"ASO","LES","Sridhar Ethirajulu","S.Arunbabu",null,"Prabhu Subaramanian","Sharad verma","arun.babu@v5global.co.in","arun.babu@v5global.co.in","sethirajulu1@lenovo.com","psubramania4@lenovo.com","sharverm@lenovo.com","ASO","Shilpi Gautam","sgautam2@lenovo.com",null,"Prabhu Subaramanian","LES","psubramania4@lenovo.com",null,"2025-12-11","20:32:00","13.0289413,80.1942815","Mehta Computers",{"$nulls":3},"T3",null,"South2",null,"T-9466","Chennai","Tamil Nadu",null,null,"Yes","Face to Face","83ER00MCIN",1,"Lenovo","Ideapad","Slim 3","Lenovo IdeaPad Slim 3 12th Gen Intel Core i5-12450H 15\" (39.6cm) FHD IPS 300 Nits Thin & Light Laptop (16GB/512GB SSD/Win 11/MSO","Win 11","Thin & Light","Mainstream","i5 12th Gen","Consumer",41000,null,"NB",41000,"South2",48380,"",null,"South2","Mainstream","Mainstream","-"]
[21729857,"Govind Gulab Rajbhar","govind.gulab@v5global.co.in",9029031943,"V5 Global","Mumbai","V5263641","Maharashtra","Maharashtra",null,"V5 Global",null,null,"Pooja Thakur","pooja.thakur@v5global.co.in",null,"West1",null,"External Consumer","ASO","V5 Global ASO",null,"FT",null,"ASO",null,"Amit Tiwari","Yunus Hamid Mansoori",null,"Hemant C Baghel","Sharad verma","yunus.hamid@v5global.co.in","yunus.hamid@v5global.co.in","atiwari5@lenovo.com","hbaghel@lenovo.com","sharverm@lenovo.com","ASO","Shilpi Gautam","sgautam2@lenovo.com",null,"Hemant C Baghel",null,"hbaghel@lenovo.com",null,"2025-12-11","20:34:00","19.2169767,72.8439191","ORNO INFOSYS INDIA",{"$nulls":3},"T3","27AELPM8871N1ZI","West1",null,"T-28803","Mumbai","Maharashtra","V5 Global",null,"Yes","Telephonic","82X700HMIN",3,"Lenovo","IdeaPad Slim 3","Slim 3","15.6\", 8GB, 512GB, Integrated Intel UHD Graphics, Office Home 2024, Arctic Grey\t","Win 11","Thin & Light","Mainstream","Intel Core i3-1315U\t","Consumer",41000,null,"NB",123000,"West1",48380,"",null,"West1 M","Mainstream","Mainstream","i3 OS"]
[21729873,"Govind Gulab Rajbhar","govind.gulab@v5global.co.in",9029031943,"V5 Global","Mumbai","V5263641","Maharashtra","Maharashtra",null,"V5 Global",null,null,"Pooja Thakur","pooja.thakur@v5global.co.in",null,"West1",null,"External Consumer","ASO","V5 Global ASO",null,"FT",null,"ASO",null,"Amit Tiwari","Yunus Hamid Mansoori",null,"Hemant C Baghel","Sharad verma","yunus.hamid@v5global.co.in","yunus.hamid@v5global.co.in","atiwari5@lenovo.com","hbaghel@lenovo.com","sharverm@lenovo.com","ASO","Shilpi Gautam","sgautam2@lenovo.com",null,"Hemant C Baghel",null,"hbaghel@lenovo.com",null,"2025-12-11","20:35:00","19.2169673,72.8439215","En tech",{"$nulls":3},"T3",null,"West1",null,"T-25776","Mumbai","Maharashtra","V5 Global",null,"Yes","Telephonic","82X700HMIN",2,"Lenovo","IdeaPad Slim 3","Slim 3","15.6\", 8GB, 512GB, Integrated Intel UHD Graphics, Office Home 2024, Arctic Grey\t","Win 11","Thin & Light","Mainstream","Intel Core i3-1315U\t","Consumer",41000,null,"NB",82000,"West1",48380,"",null,"West1 M","Mainstream","Mainstream","i3 OS"]
[21729939,"Prasannaraj P","prasannaraj.p@v5global.co.in",9092045806,"V5 Global","Chennai","V5335880","Tamil Nadu","Tamil Nadu",null,"V5 Global",null,null,"Prabhakaran A","prabhakaran@v5global.co.in",null,"South2",null,"External Consumer","ASO","V5 Global ASO",null,"FT",null,"ASO","LES","Sridhar Ethirajulu","S.Arunbabu",null,"Prabhu Subaramanian","Sharad verma","arun.babu@v5global.co.in","arun.babu@v5global.co.in","sethirajulu1@lenovo.com","psubramania4@lenovo.com","sharverm@lenovo.com","ASO","Shilpi Gautam","sgautam2@lenovo.com",null,"Prabhu Subaramanian","LES","psubramania4@lenovo.com",null,"2025-12-11","20:39:00","13.0290011,80.1942711","Manoj Infotech",{"$nulls":3},"T3",null,"South2",null,"T-9445","Chennai","Tamil Nadu",null,null,"Yes","Face to Face","83K000B8IN",10,"Lenovo","Ideapad","IdeaPad Slim 3","15.6\" FHD (1920x1080),16GB Ram, 512 GB SSD, ,MS OFFICE 2024  Luna Grey","Win 11","Thin & Light","Premium","IntelÂ® Coreâ„¢ i5-13420H","Consumer",65000,null,"NB",650000,"South2",76700,"SP","Non-Gaming","South2","Premium","Premium","-"]
[21729957,"Prasannaraj P","prasannaraj.p@v5global.co.in",9092045806,"V5 Global","Chennai","V5335880","Tamil Nadu","Tamil Nadu",null,"V5 Global",null,null,"Prabhakaran A","prabhakaran@v5global.co.in",null,"South2",null,"External Consumer","ASO","V5 Global ASO",null,"FT",null,"ASO","LES","Sridhar Ethirajulu","S.Arunbabu",null,"Prabhu Subaramanian","Sharad verma","arun.babu@v5global.co.in","arun.babu@v5global.co.in","sethirajulu1@lenovo.com","psubramania4@lenovo.com","sharverm@lenovo.com","ASO","Shilpi Gautam","sgautam2@lenovo.com",null,"Prabhu Subaramanian","LES","psubramania4@lenovo.com",null,"2025-12-11","20:41:00","13.0289535,80.1942783","Maximaa Computers Needs",{"$nulls":3},"T3",null,"South2",null,"T-9457","Chennai","Tamil Nadu","V5 Global",null,"Yes","Face to Face","83K100CAIN",1,"Lenovo","Ideapad","Slim 3","NB IP Slim 3 15IRH10 I5 8G 512G 11S","Win 11","Thin & Light","Premium","i5 13420H/8GB/512GB SSD","Consumer",56251,null,"NB",56251,"South2",66376.18,"",null,"South2","Premium","Mainstream","-"]
[21729962,"Prasannaraj P","prasannaraj.p@v5global.co.in",9092045806,"V5 Global","Chennai","V5335880","Tamil Nadu","Tamil Nadu",null,"V5 Global",null,null,"Prabhakaran A","prabhakaran@v5global.co.in",null,"South2",null,"External Consumer","ASO","V5 Global ASO",null,"FT",null,"ASO","LES","Sridhar Ethirajulu","S.Arunbabu",null,"Prabhu Subaramanian","Sharad verma","arun.babu@v5global.co.in","arun.babu@v5global.co.in","sethirajulu1@lenovo.com","psubramania4@lenovo.com","sharverm@lenovo.com","ASO","Shilpi Gautam","sgautam2@lenovo.com",null,"Prabhu Subaramanian","LES","psubramania4@lenovo.com",null,"2025-12-11","20:42:00","13.0289419,80.1942838","NEWTECH COMPUTERS",{"$nulls":3},"T3",null,"South2",null,"T-9537","Chennai","Tamil Nadu",null,null,"Yes","Face to Face","82X6005KIN",1,"Lenovo","Ideapad","Slim 3","1315U-CI3/8GB /512GB SSD/intel uhd graphics /14\"","Win 11","Thin & Light","Entry","1315U-ci3","Consumer",31972,null,"NB",31972,"South2",37726.96,"",null,"South2","Entry","Mainstream","i3 OS"]
[21731691,"Subodh Kumar Sahani","subodh.sahani@v5global.co.in",7703838818,"V5 Global","Ghaziabad",601131,"Uttar Pradesh","Uttar Pradesh",null,"V5 Global",null,null,"Mohd Asif","mohd.asif@v5global.co.in",null,"North2",null,"External Consumer","ASO","V5 Global ASO",null,"FT",null,"ASO","LMB","Nishant Aeron","Rahil Rasheed",null,"Durgendra Singh","Raghavendra Araveeti","rahil.rasheed@v5global.co.in","rahil.rasheed@v5global.co.in","naeron@lenovo.com","dsingh1@lenovo.com","raraveeti@lenovo.com","ASO","Shilpi Gautam","sgautam2@lenovo.com",null,"Durgendra Singh","LMB","dsingh1@lenovo.com",null,"2025-12-11","20:43:00","28.739155,77.2703247","UNIQUE INFOSYSTEMS",{"$nulls":3},"T3",null,"North2",null,"T-23176","Ghaziabad","Uttar Pradesh","V5 Global",null,"Yes","Telephonic","F0HR009BIN",1,"Lenovo","IdeaCentre","AIO","DT IC AIO 24ARR9 A57535HS 512G 8G","Win 11","TDT","Mainstream","R7 7735HS","Consumer",42990,null,"TDT",42990,"North2",50728.2,"",null,"North2","Mainstream","Mainstream","-"]
[21730004,"Prasannaraj P","prasannaraj.p@v5global.co.in",9092045806,"V5 Global","Chennai","V5335880","Tamil Nadu","Tamil Nadu",null,"V5 Global",null,null,"Prabhakaran A","prabhakaran@v5global.co.in",null,"South2",null,"External Consumer","ASO","V5 Global ASO",null,"FT",null,"ASO","LES","Sridhar Ethirajulu","S.Arunbabu",null,"Prabhu Subaramanian","Sharad verma","arun.babu@v5global.co.in","arun.babu@v5global.co.in","sethirajulu1@lenovo.com","psubramania4@lenovo.com","sharverm@lenovo.com","ASO","Shilpi Gautam","sgautam2@lenovo.com",null,"Prabhu Subaramanian","LES","psubramania4@lenovo.com",null,"2025-12-11","20:44:00","13.0289315,80.1942732","Rathi Computers",{"$nulls":3},"T3",null,"South2",null,"T-9673","Chennai","Tamil Nadu","V5 Global",null,"Yes","Face to Face","67DDKAC6IN",4,"Lenovo","Monitor","Monitor","Non Gaming|L24-4C|23.8\"","NA","Visual Variants","Mainstream","L24-4C","Visuals",8500,null,null,34000,"South2",10030,"",null,"South2","Mainstream","Mainstream","-"]
[21730029,"Prasannaraj P","prasannaraj.p@v5global.co.in",9092045806,"V5 Global","Chennai","V5335880","Tamil Nadu","Tamil Nadu",null,"V5 Global",null,null,"Prabhakaran A","prabhakaran@v5global.co.in",null,"South2",null,"External Consumer","ASO","V5 Global ASO",null,"FT",null,"ASO","LES","Sridhar Ethirajulu","S.Arunbabu",null,"Prabhu Subaramanian","Sharad verma","arun.babu@v5global.co.in","arun.babu@v5global.co.in","sethirajulu1@lenovo.com","psubramania4@lenovo.com","sharverm@lenovo.com","ASO","Shilpi Gautam","sgautam2@lenovo.com",null,"Prabhu Subaramanian","LES","psubramania4@lenovo.com",null,"2025-12-11","20:45:00","13.028946,80.1942853","PERUTEK SYSTEMS",{"$nulls":3},"T3",null,"South2",null,"T-10104","Chennai","Tamil Nadu","V5 Global",null,"Yes","Face to Face","83KX004QIN",1,"Lenovo","Ideapad 5","2 in 1","i5 13420h 16gb 512 gb ","Win 11","Notebook","Premium","i5","Consumer",67500,null,"NB",67500,"South2",79650,"SP","Non-Gaming","South2","Premium","Premium","-"]
[21730056,"Nilay Girishbhai Bandhara","nilay.bandhara@v5global.co.in",9979302088,"V5 Global","Vadodara","V5341501","Gujarat","Gujarat",null,"V5 Global",null,null,"Darshan Shah","darshan.shah@v5global.co.in",null,"West1",null,"External Consumer","ASO","V5 Global ASO",null,"FT",null,"ASO",null,"Darshan Thakkar","Yunus Hamid Mansoori",null,"Hemant C Baghel","Sharad verma","yunus.hamid@v5global.co.in","yunus.hamid@v5global.co.in","tjitendrabha@lenovo.com","hbaghel@lenovo.com","sharverm@lenovo.com","ASO","Shilpi Gautam","sgautam2@lenovo.com",null,"Hemant C Baghel",null,"hbaghel@lenovo.com",null,"2025-12-11","20:47:00","22.2943153,73.226014","JAI AMBE COMPUTER",{"$nulls":3},"T3",null,"West2",null,"T-14665","Panchmahal","Gujarat",null,null,"Yes","Telephonic","90XS005JIN",1,"Lenovo","IdeaCentre","IdeaCentre","i3 14100 14th Gen Processor,8Gb Ram ddr5,512Ssd,Windows 11,Wifi,BT, Usb calliope Black, keybord,mouse\t","Win 11","TDT","Mainstream","I3 14100","Consumer",25747,null,"TDT",25747,"West1",30381.46,"",null,"West1 M","Entry","Mainstream","i3 OS"]
[21730075,"Prasannaraj P","prasannaraj.p@v5global.co.in",9092045806,"V5 Global","Chennai","V5335880","Tamil Nadu","Tamil Nadu",null,"V5 Global",null,null,"Prabhakaran A","prabhakaran@v5global.co.in",null,"South2",null,"External Consumer","ASO","V5 Global ASO",null,"FT",null,"ASO","LES","Sridhar Ethirajulu","S.Arunbabu",null,"Prabhu Subaramanian","Sharad verma","arun.babu@v5global.co.in","arun.babu@v5global.co.in","sethirajulu1@lenovo.com","psubramania4@lenovo.com","sharverm@lenovo.com","ASO","Shilpi Gautam","sgautam2@lenovo.com",null,"Prabhu Subaramanian","LES","psubramania4@lenovo.com",null,"2025-12-11","20:48:00","13.0289399,80.1942861","SAI COMPUTERS",{"$nulls":3},"T3",null,"South2",null,"T-10123","Chennai","Tamil Nadu","V5 Global",null,"Yes","Face to Face","83DC00ACIN",1,"Lenovo","IdeaPad","IdeaPad Slim 5 16IMH9","IntelÂ® Core Ultra 5 125H/16 GB/ 512 SSD/ Win11/Office home-24/Cloud Grey","Win 11","Thin & Light","Premium","IntelÂ® Core Ultra 5 125H","Consumer",70991,null,"NB",70991,"South2",83769.37999999999,"SP","Non-Gaming","South2","Premium","Premium","Slim 5/Slim 5 Pro"]
[21730174,"Prasannaraj P","prasannaraj.p@v5global.co.in",9092045806,"V5 Global","Chennai","V5335880","Tamil Nadu","Tamil Nadu",null,"V5 Global",null,null,"Prabhakaran A","prabhakaran@v5global.co.in",null,"South2",null,"External Consumer","ASO","V5 Global ASO",null,"FT",null,"ASO","LES","Sridhar Ethirajulu","S.Arunbabu",null,"Prabhu Subaramanian","Sharad verma","arun.babu@v5global.co.in","arun.babu@v5global.co.in","sethirajulu1@lenovo.com","psubramania4@lenovo.com","sharverm@lenovo.com","ASO","Shilpi Gautam","sgautam2@lenovo.com",null,"Prabhu Subaramanian","LES","psubramania4@lenovo.com",null,"2025-12-11","20:57:00","13.0289325,80.1942887","SHREE JEE COMPUTERS",{"$nulls":3},"T3",null,"South2",null,"T-9777","Chennai","Tamil Nadu",null,null,"Yes","Face to Face","90XS005PIN",2,"Lenovo","IdeaCentre","IdeaCentre","IntelÂ® Coreâ„¢ i3-14100 4C, 8GB DDR5/512 SSD/ WiFi 6 + BT 5.2/ 260W/ SFF 8.2Lt / Wired KeyBoard & Mouse /Win 11 Home/1 Yr Onsite","Win 11","TDT","Entry","IntelÂ® Coreâ„¢ i3-14100","Consumer",31500,null,"TDT",63000,"South2",37170,"",null,"South2","Entry","Entry","i3 OS"]
[21730202,"Prasannaraj P","prasannaraj.p@v5global.co.in",9092045806,"V5 Global","Chennai","V5335880","Tamil Nadu","Tamil Nadu",null,"V5 Global",null,null,"Prabhakaran A","prabhakaran@v5global.co.in",null,"South2",null,"External Consumer","ASO","V5 Global ASO",null,"FT",null,"ASO","LES","Sridhar Ethirajulu","S.Arunbabu",null,"Prabhu Subaramanian","Sharad verma","arun.babu@v5global.co.in","arun.babu@v5global.co.in","sethirajulu1@lenovo.com","psubramania4@lenovo.com","sharverm@lenovo.com","ASO","Shilpi Gautam","sgautam2@lenovo.com",null,"Prabhu Subaramanian","LES","psubramania4@lenovo.com",null,"2025-12-11","20:58:00","13.0289348,80.1942883","SNIPER SYSTEMS & SOLUTIONS P LTD",{"$nulls":3},"T3",null,"South2",null,"T-10158","Chennai","Tamil Nadu","V5 Global",null,"Yes","Face to Face","90XS005JIN",2,"Lenovo","IdeaCentre","IdeaCentre","i3 14100 14th Gen Processor,8Gb Ram ddr5,512Ssd,Windows 11,Wifi,BT, Usb calliope Black, keybord,mouse\t","Win 11","TDT","Mainstream","I3 14100","Consumer",25747,null,"TDT",51494,"South2",30381.46,"",null,"South2","Entry","Mainstream","i3 OS"]
[21730245,"Prasannaraj P","prasannaraj.p@v5global.co.in",9092045806,"V5 Global","Chennai","V5335880","Tamil Nadu","Tamil Nadu",null,"V5 Global",null,null,"Prabhakaran A","prabhakaran@v5global.co.in",null,"South2",null,"External Consumer","ASO","V5 Global ASO",null,"FT",null,"ASO","LES","Sridhar Ethirajulu","S.Arunbabu",null,"Prabhu Subaramanian","Sharad verma","arun.babu@v5global.co.in","arun.babu@v5global.co.in","sethirajulu1@lenovo.com","psubramania4@lenovo.com","sharverm@lenovo.com","ASO","Shilpi Gautam","sgautam2@lenovo.com",null,"Prabhu Subaramanian","LES","psubramania4@lenovo.com",null,"2025-12-11","21:01:00","13.0289411,80.1942865","Tamizhan Computech",{"$nulls":3},"T3","33AQLPR8403R2Z2","South2",null,"T-29059","chennai","Tamil Nadu","V5 Global",null,"Yes","Face to Face","83DV01B8IN",1,"Lenovo","LOQ","LOQ 15IRX9","Intel Core i5-13450HX, 16GB, 512GB SSD, 15.6\" FHD (1920x1080) IPS 300nits Anti-glare, 100% sRGB, 144Hz, G-SYNCÂ®, NVIDIAÂ® GeForce","Win 11","Gaming","Premium","Intel Core i5-13450HX","Consumer",73000,null,"NB",73000,"South2",86140,"SP","Gaming","South2","Premium","Premium","-"]
[21730259,"Prasannaraj P","prasannaraj.p@v5global.co.in",9092045806,"V5 Global","Chennai","V5335880","Tamil Nadu","Tamil Nadu",null,"V5 Global",null,null,"Prabhakaran A","prabhakaran@v5global.co.in",null,"South2",null,"External Consumer","ASO","V5 Global ASO",null,"FT",null,"ASO","LES","Sridhar Ethirajulu","S.Arunbabu",null,"Prabhu Subaramanian","Sharad verma","arun.babu@v5global.co.in","arun.babu@v5global.co.in","sethirajulu1@lenovo.com","psubramania4@lenovo.com","sharverm@lenovo.com","ASO","Shilpi Gautam","sgautam2@lenovo.com",null,"Prabhu Subaramanian","LES","psubramania4@lenovo.com",null,"2025-12-11","21:02:00","13.0289427,80.1942865","Tarun Computers (Kolathur)",{"$nulls":3},"T3","33BALPG3957L1ZD","South2",null,"T-29264","CHENNAI","Tamil Nadu","V5 Global",null,"Yes","Face to Face","F0HN00PHIN",1,"Lenovo","AIO","AIO","LEN I5-13420H 16GB 512GB SSD 23.8 MSO","Win 11","AIO","Mainstream","i5-13420H","Consumer",53381,null,"AIO",53381,"South2",62989.579999999994,"",null,"South2","Mainstream","Mainstream","-"]
[21730322,"Prasannaraj P","prasannaraj.p@v5global.co.in",9092045806,"V5 Global","Chennai","V5335880","Tamil Nadu","Tamil Nadu",null,"V5 Global",null,null,"Prabhakaran A","prabhakaran@v5global.co.in",null,"South2",null,"External Consumer","ASO","V5 Global ASO",null,"FT",null,"ASO","LES","Sridhar Ethirajulu","S.Arunbabu",null,"Prabhu Subaramanian","Sharad verma","arun.babu@v5global.co.in","arun.babu@v5global.co.in","sethirajulu1@lenovo.com","psubramania4@lenovo.com","sharverm@lenovo.com","ASO","Shilpi Gautam","sgautam2@lenovo.com",null,"Prabhu Subaramanian","LES","psubramania4@lenovo.com",null,"2025-12-11","21:04:00","13.0289391,80.1942824","Unique Technologies",{"$nulls":3},"T3",null,"South2",null,"T-10019","Chennai","Tamil Nadu",null,null,"Yes","Face to Face","90XW0051IN",3,"Lenovo","IdeaCentre","Tower 08IRH9"," 16GB/1 TB SSD Integrated Graphics MSO 2024 ,","Win 11","TDT","Premium","Intel Core i7-13620H","Consumer",58900,null,"TDT",176700,"South2",69502,"",null,"South2","Premium","Mainstream","-"]
[21730347,"Prasannaraj P","prasannaraj.p@v5global.co.in",9092045806,"V5 Global","Chennai","V5335880","Tamil Nadu","Tamil Nadu",null,"V5 Global",null,null,"Prabhakaran A","prabhakaran@v5global.co.in",null,"South2",null,"External Consumer","ASO","V5 Global ASO",null,"FT",null,"ASO","LES","Sridhar Ethirajulu","S.Arunbabu",null,"Prabhu Subaramanian","Sharad verma","arun.babu@v5global.co.in","arun.babu@v5global.co.in","sethirajulu1@lenovo.com","psubramania4@lenovo.com","sharverm@lenovo.com","ASO","Shilpi Gautam","sgautam2@lenovo.com",null,"Prabhu Subaramanian","LES","psubramania4@lenovo.com",null,"2025-12-11","21:07:00","13.0289319,80.1942876","VIVEK PRIVATE LIMITED",{"$nulls":3},"T3",null,"South2",null,"T-21833","Chennai","Tamil Nadu","V5 Global",null,"Yes","Face to Face","83K100C6IN",6,"Lenovo","Ideapad","Slim 3","IntelÂ® Coreâ„¢ i5-13420H, 8C (4P + 4E) / 12T, P-core 2.1 / 4.6GHz, E-core 1.5 / 3.4GHz, 12MB,8GB Soldered DDR5-4800 + 8GB SO-DIMM ","Win 11","Thin & Light","Mainstream","i5-13420H","Consumer",46000,null,"NB",276000,"South2",54280,"",null,"South2","Mainstream","Premium","-"]
[21730574,"Harpal Singh","harpal.singh@v5global.co.in",9549367888,"V5 Global","Bikaner","V5415979","Rajasthan","Rajasthan",null,"V5 Global",null,null,"Gourav Jain","gourav.jain@v5global.co.in",null,"North1",null,"External Consumer","ASO","V5 Global ASO",null,"FT",null,"ASO",null,"Ganga Singh","Gaurav Sharma",null,"Kumar Tanksale","Raghavendra Araveeti","gaurav.sharma@v5global.co.in","gaurav.sharma@v5global.co.in","gsingh24@lenovo.com","ktanksale1@lenovo.com","raraveeti@lenovo.com","ASO","Shilpi Gautam","sgautam2@lenovo.com",null,"Kumar Tanksale",null,"ktanksale1@lenovo.com",null,"2025-12-11","21:26:00","28.0110831,73.3699359","Professional Computer",{"$nulls":3},"T3",null,"West2",null,"T-15375","BIKANER","Rajasthan",null,null,"Yes","Face to Face","82ER00MCIN",2,"Lenovo","Ideapad","Slim 3","15.6\" (39.62cm) FHD / 16 GB DDR5 RAM / 512 GB SSD/ARCTIC GREY/\t","Win 11","Thin & Light","Mainstream","Core i5 12th Gen","Consumer",53000,null,"NB",106000,"North1",62540,"",null,"North1","Mainstream","Mainstream","NA"]
[21730592,"Harpal Singh","harpal.singh@v5global.co.in",9549367888,"V5 Global","Bikaner","V5415979","Rajasthan","Rajasthan",null,"V5 Global",null,null,"Gourav Jain","gourav.jain@v5global.co.in",null,"North1",null,"External Consumer","ASO","V5 Global ASO",null,"FT",null,"ASO",null,"Ganga Singh","Gaurav Sharma",null,"Kumar Tanksale","Raghavendra Araveeti","gaurav.sharma@v5global.co.in","gaurav.sharma@v5global.co.in","gsingh24@lenovo.com","ktanksale1@lenovo.com","raraveeti@lenovo.com","ASO","Shilpi Gautam","sgautam2@lenovo.com",null,"Kumar Tanksale",null,"ktanksale1@lenovo.com",null,"2025-12-11","21:27:00","28.0111018,73.3696126","Synergy computers",{"$nulls":3},"T3",null,"West2",null,"T-15377","BIKANER","Rajasthan",null,null,"Yes","Face to Face","82XQ00MDIN",1,"Lenovo","Ideapad","Slim 3","RYZEN-7320U/8GB LPDDR5-5500/512GB SSD/Integrated AMD Radeon graphics","Win 11","Thin & Light","Entry","Ryzen3 7320U","Consumer",33000,null,"NB",33000,"North1",38940,"",null,"North1","Entry","Entry","-"]
[21730699,"Sukanta Sinha","sukanta.sinha@v5global.co.in",9854184578,"V5 Global","Guwahati","V5266867","NE","NE",null,"V5 Global",null,null,"Sukamal Saha","sukamal.saha@v5global.co.in",null,"East1",null,"External Consumer","ASO","V5 Global ASO",null,"FT",null,"ASO",null,"Partha Chakraborty","Amit Thakuri",null,"Amit Tiwari","Raghavendra Araveeti","amit.thakuri@v5global.co.in","amit.thakuri@v5global.co.in","pchakraborty@lenovo.com","atiwari11@lenovo.com","raraveeti@lenovo.com","ASO","Shilpi Gautam","sgautam2@lenovo.com",null,"Amit Tiwari",null,"atiwari11@lenovo.com",null,"2025-12-11","21:35:00","26.1636266,91.7765525","Opal Infomatics",{"$nulls":3},"T3","18ATMPS5640R1ZM","East1",null,"T-144","Kamrup Metropolitan","ASSAM","V5 Global",null,"Yes","Face to Face","82R4011NIN",1,"Lenovo","IDEA PAD SLIM1","IDEA PAD SLIM1","R5 /5500U/8 GB RAM/512 TB SSD/INT.","WIn 11","Thin & Light","Mainstream","R5","Consumer",35000,null,"NB",35000,"East1",41300,"",null,"East1","Mainstream","Entry","-"]
[21730729,"Sukanta Sinha","sukanta.sinha@v5global.co.in",9854184578,"V5 Global","Guwahati","V5266867","NE","NE",null,"V5 Global",null,null,"Sukamal Saha","sukamal.saha@v5global.co.in",null,"East1",null,"External Consumer","ASO","V5 Global ASO",null,"FT",null,"ASO",null,"Partha Chakraborty","Amit Thakuri",null,"Amit Tiwari","Raghavendra Araveeti","amit.thakuri@v5global.co.in","amit.thakuri@v5global.co.in","pchakraborty@lenovo.com","atiwari11@lenovo.com","raraveeti@lenovo.com","ASO","Shilpi Gautam","sgautam2@lenovo.com",null,"Amit Tiwari",null,"atiwari11@lenovo.com",null,"2025-12-11","21:36:00","26.1636266,91.7765525","Eastern Electrovision",{"$nulls":3},"T3","18BONPK1163G1ZV","East1",null,"T-73","Kamrup","ASSAM","V5 Global",null,"Yes","Telephonic","GX21G06613",1,"Lenovo","AC Adapter","Power","Lenovo 65W AC Slim port Adapter(IN)","NA","Accessories","NA","NA","Accessories",2090,null,null,2090,"East1",2466.2,"",null,"East1","NA","NA","-"]
[21731558,"Sureshkumar ","suresh.kumar@v5global.co.in",9061984242,"V5 Global","COCHIN","V5365127","KERALA","Kerala",null,"V5 Global",null,null,"Athul Krishna","athul.n@v5global.co.in",null,"South1",null,"External Consumer","ASO","V5 Global ASO",null,"FT",null,"ASO",null,"Shaiju","Prakash Kumar K P",null,"S Sreekumar","Sharad verma","prakash.kp@v5global.co.in","prakash.kp@v5global.co.in","ss89@lenovo.com","ssreekumar@lenovo.com","sharverm@lenovo.com","ASO","Shilpi Gautam","sgautam2@lenovo.com",null,"S Sreekumar",null,"ssreekumar@lenovo.com",null,"2025-12-11","21:49:00","9.8454406,76.3578985","ATAPI SYSTEMS",{"$nulls":3},"T3","32AAMFA0340B1ZC","South2",null,"T-8007","Ernakulam","Kerala",null,null,"Yes","Telephonic","83HR000WIN",1,"Lenovo","Ideapad","Slim 5","14\",WUXGA OLED display, 16GB, 1TB, ","Win 11","Thin & Light","Premium","I5-13420H","Consumer",73000,null,"NB",73000,"South1",86140,"SP","Non-Gaming","South1","Premium","Premium","Slim 5/Slim 5 Pro"]
[21731562,"Sureshkumar ","suresh.kumar@v5global.co.in",9061984242,"V5 Global","COCHIN","V5365127","KERALA","Kerala",null,"V5 Global",null,null,"Athul Krishna","athul.n@v5global.co.in",null,"South1",null,"External Consumer","ASO","V5 Global ASO",null,"FT",null,"ASO",null,"Shaiju","Prakash Kumar K P",null,"S Sreekumar","Sharad verma","prakash.kp@v5global.co.in","prakash.kp@v5global.co.in","ss89@lenovo.com","ssreekumar@lenovo.com","sharverm@lenovo.com","ASO","Shilpi Gautam","sgautam2@lenovo.com",null,"S Sreekumar",null,"ssreekumar@lenovo.com",null,"2025-12-11","21:52:00","9.8454406,76.3578985","Oxygen The Digital Shop",{"$nulls":3},"T3",null,"South2",null,"T-19022","Kottayam","Kerala",null,null,"Yes","Telephonic","F0HR009BIN",1,"Lenovo","IdeaCentre","AIO","DT IC AIO 24ARR9 A57535HS 512G 8G","Win 11","TDT","Mainstream","R7 7735HS","Consumer",42990,null,"TDT",42990,"South1",50728.2,"",null,"South1","Mainstream","Mainstream","-"]
[21731565,"Sureshkumar ","suresh.kumar@v5global.co.in",9061984242,"V5 Global","COCHIN","V5365127","KERALA","Kerala",null,"V5 Global",null,null,"Athul Krishna","athul.n@v5global.co.in",null,"South1",null,"External Consumer","ASO","V5 Global ASO",null,"FT",null,"ASO",null,"Shaiju","Prakash Kumar K P",null,"S Sreekumar","Sharad verma","prakash.kp@v5global.co.in","prakash.kp@v5global.co.in","ss89@lenovo.com","ssreekumar@lenovo.com","sharverm@lenovo.com","ASO","Shilpi Gautam","sgautam2@lenovo.com",null,"S Sreekumar",null,"ssreekumar@lenovo.com",null,"2025-12-11","22:01:00","9.8454405,76.3578986","It Hub ( New )",{"$nulls":3},"T3",null,"South1",null,"T-20472","Ernakulam","Kerala","V5 Global",null,"Yes","Telephonic","82R400XSIN",1,"Lenovo","Ideapad","Ideapad","\"Ryzenâ„¢ 5 5500U 6C 8GB RAM 512GB SSD Windows11 MS Office H&S 2024  Integrated AMD Radeon  Graphics  15.6\"\" FHD TN 220nits AG 720","Win 11","Thin & Light","Entry","Amd Ryzen 5 5500U","Consumer",29407,null,"NB",29407,"South1",34700.259999999995,"",null,"South1","Entry","Entry","-"]
[21730997,"Nithiyanadhababa A","nithiyanadhababa.a@v5global.co.in",9677596890,"V5 Global","Tirunelveli",601263,"TAMIL NADU","TAMIL NADU",null,"V5 Global",null,null,"Prabhakaran A","prabhakaran@v5global.co.in",null,"South2",null,"External Consumer","ASO","V5 Global ASO",null,"FT",null,"ASO",null,"Sridhar Ethirajulu","S.Arunbabu",null,"Prabhu Subaramanian","Sharad verma","arun.babu@v5global.co.in","arun.babu@v5global.co.in","sethirajulu1@lenovo.com","psubramania4@lenovo.com","sharverm@lenovo.com","ASO","Shilpi Gautam","sgautam2@lenovo.com",null,"Prabhu Subaramanian",null,"psubramania4@lenovo.com",null,"2025-12-11","22:20:00","8.6997428,77.7169821","ABC COMPUTER WORLD",{"$nulls":3},"T3","33AEDPV7142P1ZY","South2",null,"T-8937","Tuticorin","Tamil Nadu","V5 Global",null,"Yes","Telephonic","82LX00F7IN",5,"Lenovo","Ideapad","Slim 1","LEN N4500 8GB 512GB SSD WIN11  1YR","Win 11","Thin & Light","Entry","N4500","Consumer",25900,null,"NB",129500,"South2",30562,"",null,"South2","Entry","Entry","-"]
[21731001,"Nithiyanadhababa A","nithiyanadhababa.a@v5global.co.in",9677596890,"V5 Global","Tirunelveli",601263,"TAMIL NADU","TAMIL NADU",null,"V5 Global",null,null,"Prabhakaran A","prabhakaran@v5global.co.in",null,"South2",null,"External Consumer","ASO","V5 Global ASO",null,"FT",null,"ASO",null,"Sridhar Ethirajulu","S.Arunbabu",null,"Prabhu Subaramanian","Sharad verma","arun.babu@v5global.co.in","arun.babu@v5global.co.in","sethirajulu1@lenovo.com","psubramania4@lenovo.com","sharverm@lenovo.com","ASO","Shilpi Gautam","sgautam2@lenovo.com",null,"Prabhu Subaramanian",null,"psubramania4@lenovo.com",null,"2025-12-11","22:21:00","8.6997227,77.7170104","AASHWIN COMPUTERS",{"$nulls":3},"T3","33CIHPS9652K1ZL","South2",null,"T-8936","Kanniyakumari","Tamil Nadu",null,null,"Yes","Telephonic","82R4011PIN",1,"Lenovo","IdeaPad","IdeaPad 1 15ALC7","AMD Ryzenâ„¢ 5 5500U , Integrated AMD Radeonâ„¢ Graphics, 8GB , 512 GB SSD, 15.6\" FHD (1920x1080) IPS 250nits Anti-glare, 1.61 kg, C","Win 11","Thin & Light","Mainstream","AMD Ryzenâ„¢ 5 5500U","Consumer",35259,null,"NB",35259,"South2",41605.619999999995,"",null,"South2","Mainstream","Entry","-"]
[21731009,"Nithiyanadhababa A","nithiyanadhababa.a@v5global.co.in",9677596890,"V5 Global","Tirunelveli",601263,"TAMIL NADU","TAMIL NADU",null,"V5 Global",null,null,"Prabhakaran A","prabhakaran@v5global.co.in",null,"South2",null,"External Consumer","ASO","V5 Global ASO",null,"FT",null,"ASO",null,"Sridhar Ethirajulu","S.Arunbabu",null,"Prabhu Subaramanian","Sharad verma","arun.babu@v5global.co.in","arun.babu@v5global.co.in","sethirajulu1@lenovo.com","psubramania4@lenovo.com","sharverm@lenovo.com","ASO","Shilpi Gautam","sgautam2@lenovo.com",null,"Prabhu Subaramanian",null,"psubramania4@lenovo.com",null,"2025-12-11","22:22:00","8.69972,77.7170133","Act Automation",{"$nulls":3},"T3","33AMDPM5952G1Z3","South2",null,"T-8953","Kanniyakumari","Tamil Nadu","V5 Global",null,"Yes","Telephonic","83CV00D0IN",2,"Lenovo","Yoga","Slim 7","NB YGS7 14IMH9 ULT5 16G 1T 11S","Win 11","Thin & Light","Premium","CORE ULT5 125H/16GB/1TB SSD","Consumer",82990,null,"NB",165980,"South2",97928.2,"SP","Non-Gaming","South2","Premium","Premium","Yoga"]
[21731021,"Nithiyanadhababa A","nithiyanadhababa.a@v5global.co.in",9677596890,"V5 Global","Tirunelveli",601263,"TAMIL NADU","TAMIL NADU",null,"V5 Global",null,null,"Prabhakaran A","prabhakaran@v5global.co.in",null,"South2",null,"External Consumer","ASO","V5 Global ASO",null,"FT",null,"ASO",null,"Sridhar Ethirajulu","S.Arunbabu",null,"Prabhu Subaramanian","Sharad verma","arun.babu@v5global.co.in","arun.babu@v5global.co.in","sethirajulu1@lenovo.com","psubramania4@lenovo.com","sharverm@lenovo.com","ASO","Shilpi Gautam","sgautam2@lenovo.com",null,"Prabhu Subaramanian",null,"psubramania4@lenovo.com",null,"2025-12-11","22:24:00","8.6997731,77.7169553","AVALON COMPUTER SYSTEMS",{"$nulls":3},"T3","33AHXPP9149F1ZO","South2",null,"T-9026","Tuticorin","Tamil Nadu","V5 Global",null,"Yes","Telephonic","82LX00F7IN",1,"Lenovo","Ideapad","Slim 1","LEN N4500 8GB 512GB SSD WIN11  1YR","Win 11","Thin & Light","Entry","N4500","Consumer",25900,null,"NB",25900,"South2",30562,"",null,"South2","Entry","Entry","-"]
[21731029,"Nithiyanadhababa A","nithiyanadhababa.a@v5global.co.in",9677596890,"V5 Global","Tirunelveli",601263,"TAMIL NADU","TAMIL NADU",null,"V5 Global",null,null,"Prabhakaran A","prabhakaran@v5global.co.in",null,"South2",null,"External Consumer","ASO","V5 Global ASO",null,"FT",null,"ASO",null,"Sridhar Ethirajulu","S.Arunbabu",null,"Prabhu Subaramanian","Sharad verma","arun.babu@v5global.co.in","arun.babu@v5global.co.in","sethirajulu1@lenovo.com","psubramania4@lenovo.com","sharverm@lenovo.com","ASO","Shilpi Gautam","sgautam2@lenovo.com",null,"Prabhu Subaramanian",null,"psubramania4@lenovo.com",null,"2025-12-11","22:26:00","8.6997062,77.7169926","AVALON COMPUTERS",{"$nulls":3},"T3","33AAYFA8516H1Z4","South2",null,"T-9027","Tirunelveli","Tamil Nadu","V5 Global",null,"Yes","Telephonic","83DV018PIN",1,"Lenovo","LOQ","LOQ","16 GB RAM 512 SSD WINDOWS 11 MS OFFICE LIFETIME TIME 2024 NVIDIA RTX 3050 6GB LUNA GREY","Win 11","Gaming","Premium","13650HX","Consumer",73305,null,"NB",73305,"South2",86499.9,"SP","Gaming","South2","Premium","Premium","-"]
[21731037,"Pran Pratap Singh","pran.singh@v5global.co.in",9001585718,"V5 Global","Jaipur","V5459442","Jaipur","Rajasthan",null,"V5 Global",null,null,"Gourav Jain","gourav.jain@v5global.co.in",null,"North1",null,"External Consumer","ASO","V5 Global ASO",null,"FT",null,"ASO",null,"Ganga Singh","Gaurav Sharma",null,"Kumar Tanksale","Raghavendra Araveeti","gaurav.sharma@v5global.co.in","gaurav.sharma@v5global.co.in","gsingh24@lenovo.com","ktanksale1@lenovo.com","raraveeti@lenovo.com","ASO","Shilpi Gautam","sgautam2@lenovo.com",null,"Kumar Tanksale",null,"ktanksale1@lenovo.com",null,"2025-12-11","22:27:00","26.9378757,75.8927767","BROOT COMPUSOFT LLP",{"$nulls":3},"T3",null,"North1",null,"T-15673","Jaipur","Rajasthan","V5 Global",null,"Yes","Telephonic","83K100C6IN",1,"Lenovo","Ideapad","Slim 3","IntelÂ® Coreâ„¢ i5-13420H, 8C (4P + 4E) / 12T, P-core 2.1 / 4.6GHz, E-core 1.5 / 3.4GHz, 12MB,8GB Soldered DDR5-4800 + 8GB SO-DIMM ","Win 11","Thin & Light","Mainstream","i5-13420H","Consumer",46000,null,"NB",46000,"North1",54280,"",null,"North1","Mainstream","Premium","-"]
[21731117,"Manoj Bihari","manoj.bihari@v5global.co.in",9861291397,"V5 Global","Sambalpur","V5263625","Orissa","Orissa",null,"V5 Global",null,null,"Arindam Mazumdar","arindam.mazumdar@v5global.co.in",null,"East2",null,"External Consumer","ASO","V5 Global ASO",null,"FT",null,"ASO","LES","Biswa Ranjan Jena","Imam Hassan",null,"Rajender Negi","Raghavendra Araveeti","imam.hassan@v5global.co.in","imam.hassan@v5global.co.in","bjena1@lenovo.com","rnegi@lenovo.com","raraveeti@lenovo.com","ASO","Shilpi Gautam","sgautam2@lenovo.com",null,"Rajender Negi","LES","rnegi@lenovo.com",null,"2025-12-11","22:43:00","18.855032186753185,82.57080841809511","CSC zone",{"$nulls":3},"T3","21axzpp4736c1z9","East2",null,"T-30242","Paralakhemundi","Odisha","21axzpp4736c1z9",null,"Yes","Face to Face","83K100CAIN",1,"Lenovo","Ideapad","Slim 3","NB IP Slim 3 15IRH10 I5 8G 512G 11S","Win 11","Thin & Light","Premium","i5 13420H/8GB/512GB SSD","Consumer",56251,null,"NB",56251,"East2",66376.18,"",null,"East2","Premium","Mainstream","-"]
[21731146,"Shubham Meshram","shubham.meshram@v5global.co.in",9074043451,"V5 Global","Raipur",601113,"Chhattisgarh","Chhattisgarh",null,"V5 Global",null,null,"Mohmmad Abrar Khan","abrar.khan@v5global.co.in",null,"North2",null,"External Consumer","ASO","V5 Global ASO",null,"FT",null,"ASO",null,"Krishna Kumar Singh","Rahil Rasheed",null,"Rajender Negi","Raghavendra Araveeti","rahil.rasheed@v5global.co.in","rahil.rasheed@v5global.co.in","ksingh25@lenovo.com","rnegi@lenovo.com","raraveeti@lenovo.com","ASO","Shilpi Gautam","sgautam2@lenovo.com",null,"Rajender Negi",null,"rnegi@lenovo.com",null,"2025-12-11","22:51:00","21.2660716,81.6225332","Aaradhya enterprises",{"$nulls":3},"T3","22BTIPK1304F1ZC","East2",null,"T-30363","Raipur","Chhattisgarh","V5 Global",null,"Yes","Telephonic","68CDKAC1IN",2,"Lenovo","L27-4E","L Series","LEN L27-4E 27 IPS BLACK 100HZ","NA","Visual Variants","Premium","NA","Visuals",8158,null,null,16316,"North2",9626.439999999999,"",null,"North2","Premium","Premium","-"]
[21731215,"Pankaj Kumar","pankaj.kumar@v5global.co.in",8340543380,"V5 Global","Patna",601177,"Bihar","Bihar",null,"V5 Global",null,null,"Shivam Kumar","shivam.kumar@v5global.co.in",null,"East2",null,"External Consumer","ASO","V5 Global ASO",null,"FT",null,"ASO",null,"Krishna Kumar Singh","Imam Hassan",null,"Rajender Negi","Raghavendra Araveeti","imam.hassan@v5global.co.in","imam.hassan@v5global.co.in","ksingh25@lenovo.com","rnegi@lenovo.com","raraveeti@lenovo.com","ASO","Shilpi Gautam","sgautam2@lenovo.com",null,"Rajender Negi",null,"rnegi@lenovo.com",null,"2025-12-11","23:04:00","25.6173938,85.0926701","Computer Club",{"$nulls":3},"T3","10AARFC0172C1Z3","East2",null,"T-29549","Patna","Bihar","V5 Global",null,"Yes","Face to Face","83ER00MCIN",1,"Lenovo","Ideapad","Slim 3","Lenovo IdeaPad Slim 3 12th Gen Intel Core i5-12450H 15\" (39.6cm) FHD IPS 300 Nits Thin & Light Laptop (16GB/512GB SSD/Win 11/MSO","Win 11","Thin & Light","Mainstream","i5 12th Gen","Consumer",41000,null,"NB",41000,"East2",48380,"",null,"East2","Mainstream","Mainstream","-"]
[21731238,"Saurav Kumar","saurav.kumar@v5global.co.in",9798375154,"V5 Global","Ranchi",601537,"Ranchi","Jharkhand",null,"V5 Global",null,null,"Shivam Kumar","shivam.kumar@v5global.co.in",null,"East2",null,"External Consumer","ASO","V5 Global ASO",null,"FT",null,"ASO",null,"Krishna Kumar Singh","Imam Hassan",null,"Rajender Negi","Raghavendra Araveeti","imam.hassan@v5global.co.in","imam.hassan@v5global.co.in","ksingh25@lenovo.com","rnegi@lenovo.com","raraveeti@lenovo.com","ASO","Shilpi Gautam","sgautam2@lenovo.com",null,"Rajender Negi",null,"rnegi@lenovo.com",null,"2025-12-11","23:06:00","23.3519376,85.3231584","ORIGIN INFOTEL",{"$nulls":3},"T3","20AECPC6616G1Z7","East2",null,"T-2595","Ranchi","Jharkhand",null,null,"Yes","Face to Face","90XW0022IN",1,"Lenovo","IdeaCentre","IdeaCentre 3","Intel Core i7-13620H,10C SFF 7.4 Lt,8 GB DDR4 ,512 GB SSD","DOS","TDT","Mainstream","Intel Core i7-13620H","Consumer",55000,null,"TDT",55000,"East2",64900,"",null,"East2","Mainstream","Mainstream","-"]
[21731266,"Saurav Kumar","saurav.kumar@v5global.co.in",9798375154,"V5 Global","Ranchi",601537,"Ranchi","Jharkhand",null,"V5 Global",null,null,"Shivam Kumar","shivam.kumar@v5global.co.in",null,"East2",null,"External Consumer","ASO","V5 Global ASO",null,"FT",null,"ASO",null,"Krishna Kumar Singh","Imam Hassan",null,"Rajender Negi","Raghavendra Araveeti","imam.hassan@v5global.co.in","imam.hassan@v5global.co.in","ksingh25@lenovo.com","rnegi@lenovo.com","raraveeti@lenovo.com","ASO","Shilpi Gautam","sgautam2@lenovo.com",null,"Rajender Negi",null,"rnegi@lenovo.com",null,"2025-12-11","23:11:00","23.3519327,85.3231523","NATIONAL ELECTRONICS",{"$nulls":3},"T3","20AAAFE4784H1ZP","East2",null,"T-2547","East Singhbhum","Jharkhand",null,null,"Yes","Face to Face","82R400XSIN",1,"Lenovo","Ideapad","Ideapad","\"Ryzenâ„¢ 5 5500U 6C 8GB RAM 512GB SSD Windows11 MS Office H&S 2024  Integrated AMD Radeon  Graphics  15.6\"\" FHD TN 220nits AG 720","Win 11","Thin & Light","Entry","Amd Ryzen 5 5500U","Consumer",29407,null,"NB",29407,"East2",34700.259999999995,"",null,"East2","Entry","Entry","-"]
[21731474,"Abinash Rabha","abhinash.rabha@v5global.co.in",8724966898,"V5 Global","GUWAHATI","V5426139","NE","NE",null,"V5 Global",null,null,"Sukamal Saha","sukamal.saha@v5global.co.in",null,"East1",null,"External Consumer","ASO","V5 Global ASO",null,"FT",null,"ASO",null,"Partha Chakraborty","Amit Thakuri",null,"Amit Tiwari","Raghavendra Araveeti","amit.thakuri@v5global.co.in","amit.thakuri@v5global.co.in","pchakraborty@lenovo.com","atiwari11@lenovo.com","raraveeti@lenovo.com","ASO","Shilpi Gautam","sgautam2@lenovo.com",null,"Amit Tiwari",null,"atiwari11@lenovo.com",null,"2025-12-12","00:50:00","26.108142,91.7853435","Shanvi Commercials",{"$nulls":3},"T3",null,"East1",null,"T-204","Karbi Anglong","Assam",null,null,"Yes","Telephonic","83J2000HIN",1,"Lenovo","Ideapad","Slim 5","13.3\" WUXGA (1920 x 1200), IPS, Anti-Glare/16 GB LPDDR5X/512 GB SSD/AMD Radeonâ„¢ 680M Graphics/Office Home 2024/Cloud Grey","Win 11","Thin & Light","Mainstream","AMD Ryzenâ„¢ 7 7735HS","Consumer",61491,null,"NB",61491,"East1",72559.37999999999,"SP","Non-Gaming","East1","Premium","Premium","Slim 5/Slim 5 Pro"]
[21731478,"Abinash Rabha","abhinash.rabha@v5global.co.in",8724966898,"V5 Global","GUWAHATI","V5426139","NE","NE",null,"V5 Global",null,null,"Sukamal Saha","sukamal.saha@v5global.co.in",null,"East1",null,"External Consumer","ASO","V5 Global ASO",null,"FT",null,"ASO",null,"Partha Chakraborty","Amit Thakuri",null,"Amit Tiwari","Raghavendra Araveeti","amit.thakuri@v5global.co.in","amit.thakuri@v5global.co.in","pchakraborty@lenovo.com","atiwari11@lenovo.com","raraveeti@lenovo.com","ASO","Shilpi Gautam","sgautam2@lenovo.com",null,"Amit Tiwari",null,"atiwari11@lenovo.com",null,"2025-12-12","00:55:00","26.108037,91.7853686","Sabita Computer World",{"$nulls":3},"T3","18AVUPR2837D1Z3","East1",null,"T-413","North Lakhimpur","ASSAM","V5 Global",null,"Yes","Telephonic","F0J6005GIN",2,"Lenovo","AIO","A100","IntelÂ® Coreâ„¢ i3-N305/8GB SO-DIMM DDR4-3200/512GB SSD/Integrated IntelÂ® UHD Graphics/WindowsÂ® 11,Cloud Grey","Win 11","AIO","Mainstream","IntelÂ® Coreâ„¢ i3-N305","Consumer",49000,null,"AIO",98000,"East1",57820,"",null,"East1","Mainstream","Mainstream","i3 OS"]
[21731481,"Abinash Rabha","abhinash.rabha@v5global.co.in",8724966898,"V5 Global","GUWAHATI","V5426139","NE","NE",null,"V5 Global",null,null,"Sukamal Saha","sukamal.saha@v5global.co.in",null,"East1",null,"External Consumer","ASO","V5 Global ASO",null,"FT",null,"ASO",null,"Partha Chakraborty","Amit Thakuri",null,"Amit Tiwari","Raghavendra Araveeti","amit.thakuri@v5global.co.in","amit.thakuri@v5global.co.in","pchakraborty@lenovo.com","atiwari11@lenovo.com","raraveeti@lenovo.com","ASO","Shilpi Gautam","sgautam2@lenovo.com",null,"Amit Tiwari",null,"atiwari11@lenovo.com",null,"2025-12-12","01:01:00","26.108025,91.7853267","Kandarpa Sahariah",{"$nulls":3},"T3","18EESPS4275H1ZN","East1",null,"T-31176","Mangaldai","Assam","V5 Global",null,"Yes","Telephonic","83K100C6IN",1,"Lenovo","Ideapad","Slim 3","IntelÂ® Coreâ„¢ i5-13420H, 8C (4P + 4E) / 12T, P-core 2.1 / 4.6GHz, E-core 1.5 / 3.4GHz, 12MB,8GB Soldered DDR5-4800 + 8GB SO-DIMM ","Win 11","Thin & Light","Mainstream","i5-13420H","Consumer",46000,null,"NB",46000,"East1",54280,"",null,"East1","Mainstream","Premium","-"]
[21757856,"Murugan Balu","murugan.balu@v5global.co.in",9952114455,"V5 Global","Salem",601447,"Salem","Tamil Nadu","-","V5 Global",null,null,"Hamechander V","hamechander.v@v5global.co.in",null,"South2",null,"External Consumer","ASO","V5 Global ASO",null,"FT",null,"ASO",null,"Sridhar Ethirajulu","S.Arunbabu",null,"Prabhu Subaramanian","Sharad verma","arun.babu@v5global.co.in","arun.babu@v5global.co.in","sethirajulu1@lenovo.com","psubramania4@lenovo.com","sharverm@lenovo.com","ASO","Shilpi Gautam","sgautam2@lenovo.com",null,"Prabhu Subaramanian",null,"psubramania4@lenovo.com",null,"2025-12-12","08:44:00","11.6637299,78.2030275","ACE PROCOMP",{"$nulls":3},"T3","33AGHPR6612E1ZK","South2",null,"T-8947","Coimbatore","Tamil Nadu",null,null,"Yes","Telephonic","0A36188",2,"Lenovo","Input","Laser Wireless Mouse","Contoured for both right and left-handed usage/Soft touch finish/4-way scroll wheel/Micro-size USB receiver/2.4GHz wireless tech","NA","Accessories","NA","NA","Accessories",1845,null,null,3690,"South2",2177.1,"",null,"South2","NA","NA","-"]
[21757858,"Murugan Balu","murugan.balu@v5global.co.in",9952114455,"V5 Global","Salem",601447,"Salem","Tamil Nadu","-","V5 Global",null,null,"Hamechander V","hamechander.v@v5global.co.in",null,"South2",null,"External Consumer","ASO","V5 Global ASO",null,"FT",null,"ASO",null,"Sridhar Ethirajulu","S.Arunbabu",null,"Prabhu Subaramanian","Sharad verma","arun.babu@v5global.co.in","arun.babu@v5global.co.in","sethirajulu1@lenovo.com","psubramania4@lenovo.com","sharverm@lenovo.com","ASO","Shilpi Gautam","sgautam2@lenovo.com",null,"Prabhu Subaramanian",null,"psubramania4@lenovo.com",null,"2025-12-12","08:45:00","11.6637307,78.2030339","ACHME COMMUNICATIONS",{"$nulls":3},"T3","33AAHFA7876M1ZX","South2",null,"T-8949","Coimbatore","Tamil Nadu",null,null,"Yes","Telephonic","83ER00MCIN",1,"Lenovo","Ideapad","Slim 3","Lenovo IdeaPad Slim 3 12th Gen Intel Core i5-12450H 15\" (39.6cm) FHD IPS 300 Nits Thin & Light Laptop (16GB/512GB SSD/Win 11/MSO","Win 11","Thin & Light","Mainstream","i5 12th Gen","Consumer",41000,null,"NB",41000,"South2",48380,"",null,"South2","Mainstream","Mainstream","-"]
[21757865,"Murugan Balu","murugan.balu@v5global.co.in",9952114455,"V5 Global","Salem",601447,"Salem","Tamil Nadu","-","V5 Global",null,null,"Hamechander V","hamechander.v@v5global.co.in",null,"South2",null,"External Consumer","ASO","V5 Global ASO",null,"FT",null,"ASO",null,"Sridhar Ethirajulu","S.Arunbabu",null,"Prabhu Subaramanian","Sharad verma","arun.babu@v5global.co.in","arun.babu@v5global.co.in","sethirajulu1@lenovo.com","psubramania4@lenovo.com","sharverm@lenovo.com","ASO","Shilpi Gautam","sgautam2@lenovo.com",null,"Prabhu Subaramanian",null,"psubramania4@lenovo.com",null,"2025-12-12","08:47:00","11.6637302,78.2030319","ADHAV COMPUTERS",{"$nulls":3},"T3","33AIJPS3812R1ZP","South2",null,"T-8958","Erode","Tamil Nadu",null,null,"Yes","Telephonic","82X700HMIN",1,"Lenovo","IdeaPad Slim 3","Slim 3","15.6\", 8GB, 512GB, Integrated Intel UHD Graphics, Office Home 2024, Arctic Grey\t","Win 11","Thin & Light","Mainstream","Intel Core i3-1315U\t","Consumer",41000,null,"NB",41000,"South2",48380,"",null,"South2","Mainstream","Mainstream","i3 OS"]
[21757878,"Murugan Balu","murugan.balu@v5global.co.in",9952114455,"V5 Global","Salem",601447,"Salem","Tamil Nadu","-","V5 Global",null,null,"Hamechander V","hamechander.v@v5global.co.in",null,"South2",null,"External Consumer","ASO","V5 Global ASO",null,"FT",null,"ASO",null,"Sridhar Ethirajulu","S.Arunbabu",null,"Prabhu Subaramanian","Sharad verma","arun.babu@v5global.co.in","arun.babu@v5global.co.in","sethirajulu1@lenovo.com","psubramania4@lenovo.com","sharverm@lenovo.com","ASO","Shilpi Gautam","sgautam2@lenovo.com",null,"Prabhu Subaramanian",null,"psubramania4@lenovo.com",null,"2025-12-12","08:54:00","11.6632573,78.2035775","AS INFOTECH",{"$nulls":3},"T3","33BMXPS5862C1ZJ","South2",null,"T-9016","Tiruppur","Tamil Nadu",null,null,"Yes","Telephonic","83K100C9IN",1,"Lenovo","Slim 3","IdeaPad Slim 3 15IRH10","NB IP Slim 3 15IRH10 I7 8G 8G 512G 11S","Win 11","Thin & Light","Mainstream","i7 13620H","Consumer",64700,null,"NB",64700,"South2",76346,"SP","Non-Gaming","South2","Premium","Premium","-"]
[21757880,"Murugan Balu","murugan.balu@v5global.co.in",9952114455,"V5 Global","Salem",601447,"Salem","Tamil Nadu","-","V5 Global",null,null,"Hamechander V","hamechander.v@v5global.co.in",null,"South2",null,"External Consumer","ASO","V5 Global ASO",null,"FT",null,"ASO",null,"Sridhar Ethirajulu","S.Arunbabu",null,"Prabhu Subaramanian","Sharad verma","arun.babu@v5global.co.in","arun.babu@v5global.co.in","sethirajulu1@lenovo.com","psubramania4@lenovo.com","sharverm@lenovo.com","ASO","Shilpi Gautam","sgautam2@lenovo.com",null,"Prabhu Subaramanian",null,"psubramania4@lenovo.com",null,"2025-12-12","08:54:00","11.6632549,78.2035776","ASCEND COMPUTERS",{"$nulls":3},"T3","33BYQPB3974D1ZG","South2",null,"T-9017","Coimbatore","Tamil Nadu",null,null,"Yes","Telephonic","82ER00MCIN",1,"Lenovo","Ideapad","Slim 3","15.6\" (39.62cm) FHD / 16 GB DDR5 RAM / 512 GB SSD/ARCTIC GREY/\t","Win 11","Thin & Light","Mainstream","Core i5 12th Gen","Consumer",53000,null,"NB",53000,"South2",62540,"",null,"South2","Mainstream","Mainstream","NA"]
[21757896,"Murugan Balu","murugan.balu@v5global.co.in",9952114455,"V5 Global","Salem",601447,"Salem","Tamil Nadu","-","V5 Global",null,null,"Hamechander V","hamechander.v@v5global.co.in",null,"South2",null,"External Consumer","ASO","V5 Global ASO",null,"FT",null,"ASO",null,"Sridhar Ethirajulu","S.Arunbabu",null,"Prabhu Subaramanian","Sharad verma","arun.babu@v5global.co.in","arun.babu@v5global.co.in","sethirajulu1@lenovo.com","psubramania4@lenovo.com","sharverm@lenovo.com","ASO","Shilpi Gautam","sgautam2@lenovo.com",null,"Prabhu Subaramanian",null,"psubramania4@lenovo.com",null,"2025-12-12","08:58:00","11.6632537,78.2035611","VENUS COMPUTER",{"$nulls":3},"T3","33DMRPS5788H1Z4","South2",null,"T-21785","Salem","Tamil Nadu","V5 Global",null,"Yes","Telephonic","82LX00F7IN",2,"Lenovo","Ideapad","Slim 1","LEN N4500 8GB 512GB SSD WIN11  1YR","Win 11","Thin & Light","Entry","N4500","Consumer",25900,null,"NB",51800,"South2",30562,"",null,"South2","Entry","Entry","-"]
[21731923,"Arabinda Samanta","arabinda.samanta@v5global.co.in",8879216607,"V5 Global","Mumbai","V5360834","Maharashtra","Maharashtra",null,"V5 Global",null,null,"Muffazal Momin","muffazal.momin@v5global.co.in",null,"West1",null,"External Consumer","ASO","V5 Global ASO",null,"FT",null,"ASO",null,"Amit Tiwari","Yunus Hamid Mansoori",null,"Hemant C Baghel","Sharad verma","yunus.hamid@v5global.co.in","yunus.hamid@v5global.co.in","atiwari5@lenovo.com","hbaghel@lenovo.com","sharverm@lenovo.com","ASO","Shilpi Gautam","sgautam2@lenovo.com",null,"Hemant C Baghel",null,"hbaghel@lenovo.com",null,"2025-12-12","09:22:00","19.430264,72.8215757","Nexus pride IT",{"$nulls":3},"T3","27AACCN0128K1ZL","West1",null,"T-11302","Mumbai","Maharashtra","V5 Global",null,"Yes","Face to Face","F0J6005GIN",1,"Lenovo","AIO","A100","IntelÂ® Coreâ„¢ i3-N305/8GB SO-DIMM DDR4-3200/512GB SSD/Integrated IntelÂ® UHD Graphics/WindowsÂ® 11,Cloud Grey","Win 11","AIO","Mainstream","IntelÂ® Coreâ„¢ i3-N305","Consumer",49000,null,"AIO",49000,"West1",57820,"",null,"West1 M","Mainstream","Mainstream","i3 OS"]
[21731955,"Arabinda Samanta","arabinda.samanta@v5global.co.in",8879216607,"V5 Global","Mumbai","V5360834","Maharashtra","Maharashtra",null,"V5 Global",null,null,"Muffazal Momin","muffazal.momin@v5global.co.in",null,"West1",null,"External Consumer","ASO","V5 Global ASO",null,"FT",null,"ASO",null,"Amit Tiwari","Yunus Hamid Mansoori",null,"Hemant C Baghel","Sharad verma","yunus.hamid@v5global.co.in","yunus.hamid@v5global.co.in","atiwari5@lenovo.com","hbaghel@lenovo.com","sharverm@lenovo.com","ASO","Shilpi Gautam","sgautam2@lenovo.com",null,"Hemant C Baghel",null,"hbaghel@lenovo.com",null,"2025-12-12","09:24:00","19.4302705,72.8215737","Sharp Systems",{"$nulls":3},"T3",null,"West1",null,"T-25842","Mumbai","Maharashtra","V5 Global",null,"Yes","Face to Face","82LX00F7IN",1,"Lenovo","Ideapad","Slim 1","LEN N4500 8GB 512GB SSD WIN11  1YR","Win 11","Thin & Light","Entry","N4500","Consumer",25900,null,"NB",25900,"West1",30562,"",null,"West1 M","Entry","Entry","-"]
[21732653,"Praveen Kumar","praveen.kumar2@v5global.co.in",7899889998,"V5 Global","BELGUM","V5444243","KARNATAKA","KARNATAKA",null,"V5 Global",null,null,"M Bhaskar Gowda","bhaskar.gowda@v5global.co.in",null,"South1",null,"External Consumer","ASO","V5 Global ASO",null,"FT",null,"ASO",null,"Riyaz Khan","Prakash Kumar K P",null,"S Sreekumar","Sharad verma","prakash.kp@v5global.co.in","prakash.kp@v5global.co.in","rhospet@lenovo.com","ssreekumar@lenovo.com","sharverm@lenovo.com","ASO","Shilpi Gautam","sgautam2@lenovo.com",null,"S Sreekumar",null,"ssreekumar@lenovo.com","Week_2_Feb_2022","2025-12-12","10:29:00","17.3240221,76.8103444","Innovative Computer System",{"$nulls":3},"T3",null,"South1",null,"T-25449","Bijapur","Karnataka","Denave",null,"Yes","Face to Face","90XS0014IN",1,"Lenovo","IdeaCentre","Tower","\"Intel Core i3-13100/ 8GB UDIMM DDR5-4800/ \t512GB SSD M.2 2280 PCIe 4.0x4 NVMe/ Integrated Intel UHD Graphics 730/ 260W 90%/ USB","DOS","TDT","Entry","Intel Core i3-13100","Consumer",24907,null,"TDT",24907,"South1",29390.26,"",null,"South1","Entry","Entry","i3 OS"]
[21732899,"Mohammed Abdulla","mohammed.abdulla@v5global.co.in",9513623651,"V5 Global","Bangalore","V5266026","Karnataka","Karnataka",null,"V5 Global",null,null,"M Bhaskar Gowda","bhaskar.gowda@v5global.co.in",null,"South1",null,"External Consumer","ASO","V5 Global ASO",null,"FT",null,"ASO",null,"Anuj Kumar","Prakash Kumar K P",null,"S Sreekumar","Sharad verma","prakash.kp@v5global.co.in","prakash.kp@v5global.co.in","virtualcosmos.it@gmail.com","ssreekumar@lenovo.com","sharverm@lenovo.com","ASO","Shilpi Gautam","sgautam2@lenovo.com",null,"S Sreekumar",null,"ssreekumar@lenovo.com",null,"2025-12-12","10:39:00","12.9028016,77.5889325","Arp Technology",{"$nulls":3},"T3",null,"South1",null,"T-25551","Bangalore","Karnataka","Denave",null,"Yes","Face to Face","GX40Q75210",2,"Lenovo","Carry Case","Backpack","Lenovo 15.6 Laptop Everyday Backpack B510/PE bag/Water resistant fabric/Warranty 1 Year","NA","Accessories","NA","NA","Accessories",655,null,null,1310,"South1",772.9,"",null,"South1","NA","NA","-"]
[21732934,"Mohammed Abdulla","mohammed.abdulla@v5global.co.in",9513623651,"V5 Global","Bangalore","V5266026","Karnataka","Karnataka",null,"V5 Global",null,null,"M Bhaskar Gowda","bhaskar.gowda@v5global.co.in",null,"South1",null,"External Consumer","ASO","V5 Global ASO",null,"FT",null,"ASO",null,"Anuj Kumar","Prakash Kumar K P",null,"S Sreekumar","Sharad verma","prakash.kp@v5global.co.in","prakash.kp@v5global.co.in","virtualcosmos.it@gmail.com","ssreekumar@lenovo.com","sharverm@lenovo.com","ASO","Shilpi Gautam","sgautam2@lenovo.com",null,"S Sreekumar",null,"ssreekumar@lenovo.com",null,"2025-12-12","10:41:00","12.9027879,77.5889274","B S INFOTECH",{"$nulls":3},"T3",null,"South1",null,"T-28234","Bangalore","Karnataka","Denave",null,"Yes","Face to Face","F0HN00PHIN",1,"Lenovo","AIO","AIO","LEN I5-13420H 16GB 512GB SSD 23.8 MSO","Win 11","AIO","Mainstream","i5-13420H","Consumer",53381,null,"AIO",53381,"South1",62989.579999999994,"",null,"South1","Mainstream","Mainstream","-"]
[21733034,"Mohammed Abdulla","mohammed.abdulla@v5global.co.in",9513623651,"V5 Global","Bangalore","V5266026","Karnataka","Karnataka",null,"V5 Global",null,null,"M Bhaskar Gowda","bhaskar.gowda@v5global.co.in",null,"South1",null,"External Consumer","ASO","V5 Global ASO",null,"FT",null,"ASO",null,"Anuj Kumar","Prakash Kumar K P",null,"S Sreekumar","Sharad verma","prakash.kp@v5global.co.in","prakash.kp@v5global.co.in","virtualcosmos.it@gmail.com","ssreekumar@lenovo.com","sharverm@lenovo.com","ASO","Shilpi Gautam","sgautam2@lenovo.com",null,"S Sreekumar",null,"ssreekumar@lenovo.com",null,"2025-12-12","10:42:00","12.9028175,77.5889273","Big C Technologies Pvt. Ltd",{"$nulls":3},"T3",null,"South1",null,"T-25345","Bangalore","KARNATAKA","V5 Global",null,"Yes","Face to Face","F0HN00FWIN",1,"Lenovo","IdeaCentre","AIO 24IRH9","IntelÂ® Coreâ„¢ i3-1315U,, 8 GB RAM, 512GB SSD, 23.8\" FHD (1920x1080) IPS Anti-glare 250nits, 100Hz, 99% sRGB, hardware low blue li","Win 11","AIO","Mainstream","IntelÂ® Coreâ„¢ i3-1315U","Consumer",48990,null,"AIO",48990,"South1",57808.2,"",null,"South1","Mainstream","Mainstream","-"]
[21733034,"Mohammed Abdulla","mohammed.abdulla@v5global.co.in",9513623651,"V5 Global","Bangalore","V5266026","Karnataka","Karnataka",null,"V5 Global",null,null,"M Bhaskar Gowda","bhaskar.gowda@v5global.co.in",null,"South1",null,"External Consumer","ASO","V5 Global ASO",null,"FT",null,"ASO",null,"Anuj Kumar","Prakash Kumar K P",null,"S Sreekumar","Sharad verma","prakash.kp@v5global.co.in","prakash.kp@v5global.co.in","virtualcosmos.it@gmail.com","ssreekumar@lenovo.com","sharverm@lenovo.com","ASO","Shilpi Gautam","sgautam2@lenovo.com",null,"S Sreekumar",null,"ssreekumar@lenovo.com",null,"2025-12-12","10:42:00","12.9028175,77.5889273","Big C Technologies Pvt. Ltd",{"$nulls":3},"T3",null,"South1",null,"T-25345","Bangalore","KARNATAKA","V5 Global",null,"Yes","Face to Face","F0HN00PHIN",2,"Lenovo","AIO","AIO","LEN I5-13420H 16GB 512GB SSD 23.8 MSO","Win 11","AIO","Mainstream","i5-13420H","Consumer",53381,null,"AIO",106762,"South1",62989.579999999994,"",null,"South1","Mainstream","Mainstream","-"]
[21733174,"Mohammed Abdulla","mohammed.abdulla@v5global.co.in",9513623651,"V5 Global","Bangalore","V5266026","Karnataka","Karnataka",null,"V5 Global",null,null,"M Bhaskar Gowda","bhaskar.gowda@v5global.co.in",null,"South1",null,"External Consumer","ASO","V5 Global ASO",null,"FT",null,"ASO",null,"Anuj Kumar","Prakash Kumar K P",null,"S Sreekumar","Sharad verma","prakash.kp@v5global.co.in","prakash.kp@v5global.co.in","virtualcosmos.it@gmail.com","ssreekumar@lenovo.com","sharverm@lenovo.com","ASO","Shilpi Gautam","sgautam2@lenovo.com",null,"S Sreekumar",null,"ssreekumar@lenovo.com",null,"2025-12-12","10:49:00","12.9028124,77.5889138","NETWEB SOLUTIONS",{"$nulls":3},"T3","29BAZPJ5166Q1ZE","South1",null,"T-29722","BANGALORE","KARNATAKA","V5 Global",null,"Yes","Face to Face","83CV00B3IN",1,"Lenovo","Yoga","Slim 7","14\" WUXGA/32GB Soldered LPDDR5-6400/1TB SSD M.2 2242/WindowsÂ® 11 Home & Office Home 2024","Win 11","Thin & Light","Premium","IntelÂ® Core Ultra 9 185H\t","Consumer",114999,null,"NB",114999,"South1",135698.82,"SP","Non-Gaming","South1","Premium","Premium","yoga"]
[21733174,"Mohammed Abdulla","mohammed.abdulla@v5global.co.in",9513623651,"V5 Global","Bangalore","V5266026","Karnataka","Karnataka",null,"V5 Global",null,null,"M Bhaskar Gowda","bhaskar.gowda@v5global.co.in",null,"South1",null,"External Consumer","ASO","V5 Global ASO",null,"FT",null,"ASO",null,"Anuj Kumar","Prakash Kumar K P",null,"S Sreekumar","Sharad verma","prakash.kp@v5global.co.in","prakash.kp@v5global.co.in","virtualcosmos.it@gmail.com","ssreekumar@lenovo.com","sharverm@lenovo.com","ASO","Shilpi Gautam","sgautam2@lenovo.com",null,"S Sreekumar",null,"ssreekumar@lenovo.com",null,"2025-12-12","10:49:00","12.9028124,77.5889138","NETWEB SOLUTIONS",{"$nulls":3},"T3","29BAZPJ5166Q1ZE","South1",null,"T-29722","BANGALORE","KARNATAKA","V5 Global",null,"Yes","Face to Face","83DC00ACIN",1,"Lenovo","IdeaPad","IdeaPad Slim 5 16IMH9","IntelÂ® Core Ultra 5 125H/16 GB/ 512 SSD/ Win11/Office home-24/Cloud Grey","Win 11","Thin & Light","Premium","IntelÂ® Core Ultra 5 125H","Consumer",70991,null,"NB",70991,"South1",83769.37999999999,"SP","Non-Gaming","South1","Premium","Premium","Slim 5/Slim 5 Pro"]
[21733174,"Mohammed Abdulla","mohammed.abdulla@v5global.co.in",9513623651,"V5 Global","Bangalore","V5266026","Karnataka","Karnataka",null,"V5 Global",null,null,"M Bhaskar Gowda","bhaskar.gowda@v5global.co.in",null,"South1",null,"External Consumer","ASO","V5 Global ASO",null,"FT",null,"ASO",null,"Anuj Kumar","Prakash Kumar K P",null,"S Sreekumar","Sharad verma","prakash.kp@v5global.co.in","prakash.kp@v5global.co.in","virtualcosmos.it@gmail.com","ssreekumar@lenovo.com","sharverm@lenovo.com","ASO","Shilpi Gautam","sgautam2@lenovo.com",null,"S Sreekumar",null,"ssreekumar@lenovo.com",null,"2025-12-12","10:49:00","12.9028124,77.5889138","NETWEB SOLUTIONS",{"$nulls":3},"T3","29BAZPJ5166Q1ZE","South1",null,"T-29722","BANGALORE","KARNATAKA","V5 Global",null,"Yes","Face to Face","F0HM00PMIN",1,"Lenovo","AIO","AIO 27","27\" FHD/16GB/1TBSSD/MSO 2024/Shadow Black","Win 11","AIO","Premium","CORE I5","Consumer",70000,null,"AIO",70000,"South1",82600,"SP","Non-Gaming","South1","Premium","Premium","-"]
[21733226,"Mohammed Abdulla","mohammed.abdulla@v5global.co.in",9513623651,"V5 Global","Bangalore","V5266026","Karnataka","Karnataka",null,"V5 Global",null,null,"M Bhaskar Gowda","bhaskar.gowda@v5global.co.in",null,"South1",null,"External Consumer","ASO","V5 Global ASO",null,"FT",null,"ASO",null,"Anuj Kumar","Prakash Kumar K P",null,"S Sreekumar","Sharad verma","prakash.kp@v5global.co.in","prakash.kp@v5global.co.in","virtualcosmos.it@gmail.com","ssreekumar@lenovo.com","sharverm@lenovo.com","ASO","Shilpi Gautam","sgautam2@lenovo.com",null,"S Sreekumar",null,"ssreekumar@lenovo.com",null,"2025-12-12","10:53:00","12.9028129,77.5889135","Qualzen Systems",{"$nulls":3},"T3",null,"South1",null,"T-26643","Bangalore","Karnataka","Denave",null,"Yes","Face to Face","68C6GAC4IN",1,"Lenovo","LEGION 27Q-10","L Series","LEN LEGION 27Q-10 IPS BLACK 240HZ QHD","NA","Visual Variants","Premium","NA","Visuals",14491,null,null,14491,"South1",17099.379999999997,"",null,"South1","Premium","Premium","-"]
[21733262,"Mohammed Abdulla","mohammed.abdulla@v5global.co.in",9513623651,"V5 Global","Bangalore","V5266026","Karnataka","Karnataka",null,"V5 Global",null,null,"M Bhaskar Gowda","bhaskar.gowda@v5global.co.in",null,"South1",null,"External Consumer","ASO","V5 Global ASO",null,"FT",null,"ASO",null,"Anuj Kumar","Prakash Kumar K P",null,"S Sreekumar","Sharad verma","prakash.kp@v5global.co.in","prakash.kp@v5global.co.in","virtualcosmos.it@gmail.com","ssreekumar@lenovo.com","sharverm@lenovo.com","ASO","Shilpi Gautam","sgautam2@lenovo.com",null,"S Sreekumar",null,"ssreekumar@lenovo.com",null,"2025-12-12","10:54:00","12.9028193,77.5889117","Syscare Technology Service",{"$nulls":3},"T3","29AAFCS6515A1ZJ","South1",null,"T-7481","Bangalore","Karnataka",null,null,"Yes","Face to Face","67AFKACBIN",1,"Lenovo","L Series","L22E-40","LEN L22E-40 21.5 VA 75 HZ HDMI","NA","Visual Variants","Entry","NA","Visuals",7900,null,null,7900,"South1",9322,"",null,"South1","Entry","Entry","-"]
[21733306,"Mohammed Abdulla","mohammed.abdulla@v5global.co.in",9513623651,"V5 Global","Bangalore","V5266026","Karnataka","Karnataka",null,"V5 Global",null,null,"M Bhaskar Gowda","bhaskar.gowda@v5global.co.in",null,"South1",null,"External Consumer","ASO","V5 Global ASO",null,"FT",null,"ASO",null,"Anuj Kumar","Prakash Kumar K P",null,"S Sreekumar","Sharad verma","prakash.kp@v5global.co.in","prakash.kp@v5global.co.in","virtualcosmos.it@gmail.com","ssreekumar@lenovo.com","sharverm@lenovo.com","ASO","Shilpi Gautam","sgautam2@lenovo.com",null,"S Sreekumar",null,"ssreekumar@lenovo.com",null,"2025-12-12","10:57:00","12.9028159,77.5889066","Shri Siddaganga Technologies",{"$nulls":3},"T3",null,"South1",null,"T-25397","Bangalore","Karnataka","Denave",null,"Yes","Face to Face","61E0KAR6WW",1,"Lenovo","D Series","D19-10","D19: 18.5\" VGA + HDMI with HDMI Cable","NA","Visual Variants","Entry","NA","Visuals",5058,null,null,5058,"South1",5968.44,"",null,"South1","Entry","Entry","-"]
[21733394,"Mohammed Abdulla","mohammed.abdulla@v5global.co.in",9513623651,"V5 Global","Bangalore","V5266026","Karnataka","Karnataka",null,"V5 Global",null,null,"M Bhaskar Gowda","bhaskar.gowda@v5global.co.in",null,"South1",null,"External Consumer","ASO","V5 Global ASO",null,"FT",null,"ASO",null,"Anuj Kumar","Prakash Kumar K P",null,"S Sreekumar","Sharad verma","prakash.kp@v5global.co.in","prakash.kp@v5global.co.in","virtualcosmos.it@gmail.com","ssreekumar@lenovo.com","sharverm@lenovo.com","ASO","Shilpi Gautam","sgautam2@lenovo.com",null,"S Sreekumar",null,"ssreekumar@lenovo.com",null,"2025-12-12","10:58:00","12.9028114,77.5889052","Vidharthi Techno systems",null,null,"LES","T3",null,"South1",null,"T-30997","Santhosh","Karnataka","V5 Global",null,"Yes","Face to Face","83N3002QIN",1,"Lenovo","Ideapad","IdeaPad Slim 3 15Q8X10","NB IP Slim 3 15Q8X10 SD_X1 16G 512G 11S","Win 11","Thin & Light","Mainstream","SD X1-26-100/","Consumer",61790,null,"NB",61790,"South1",72912.2,"",null,"South1","Premium","Mainstream","-"]
[21733394,"Mohammed Abdulla","mohammed.abdulla@v5global.co.in",9513623651,"V5 Global","Bangalore","V5266026","Karnataka","Karnataka",null,"V5 Global",null,null,"M Bhaskar Gowda","bhaskar.gowda@v5global.co.in",null,"South1",null,"External Consumer","ASO","V5 Global ASO",null,"FT",null,"ASO",null,"Anuj Kumar","Prakash Kumar K P",null,"S Sreekumar","Sharad verma","prakash.kp@v5global.co.in","prakash.kp@v5global.co.in","virtualcosmos.it@gmail.com","ssreekumar@lenovo.com","sharverm@lenovo.com","ASO","Shilpi Gautam","sgautam2@lenovo.com",null,"S Sreekumar",null,"ssreekumar@lenovo.com",null,"2025-12-12","10:58:00","12.9028114,77.5889052","Vidharthi Techno systems",null,null,"LES","T3",null,"South1",null,"T-30997","Santhosh","Karnataka","V5 Global",null,"Yes","Face to Face","82RJ00DBIN",1,"Lenovo","Ideapad","Slim 3i","i3-1215U 8GB,512GB SSD WINDOWS 11 HOME 64 SL OFFICE H&S 2021 Integrated Intel UHD Graphics 14\" FHD (1920x1080) TN 250nits Anti-g","Win 11","Thin & Light","Mainstream","i3-1215U","Consumer",40149,null,"NB",40149,"South1",47375.82,"",null,"South1","Mainstream","Mainstream","i3 OS"]
[21740429,"Manoj Bihari","manoj.bihari@v5global.co.in",9861291397,"V5 Global","Sambalpur","V5263625","Orissa","Orissa",null,"V5 Global",null,null,"Arindam Mazumdar","arindam.mazumdar@v5global.co.in",null,"East2",null,"External Consumer","ASO","V5 Global ASO",null,"FT",null,"ASO","LES","Biswa Ranjan Jena","Imam Hassan",null,"Rajender Negi","Raghavendra Araveeti","imam.hassan@v5global.co.in","imam.hassan@v5global.co.in","bjena1@lenovo.com","rnegi@lenovo.com","raraveeti@lenovo.com","ASO","Shilpi Gautam","sgautam2@lenovo.com",null,"Rajender Negi","LES","rnegi@lenovo.com",null,"2025-12-12","11:52:00","19.904686552325344,83.16399000585079","TECHMART",{"$nulls":3},"T3","21AAEFT8834H1Z5","East2",null,"T-2922","Kalahandi","Orissa","V5 Global",null,"Yes","Face to Face","67D5KAC6IN",1,"Lenovo","L22-4E","L Series","LEN L22-4E 21.5 IPS  BLACK 100HZ","NA","Visual Variants","Mainstream","NA","Visuals",5331,null,null,5331,"East2",6290.58,"",null,"East2","Mainstream","Mainstream","-"]
[21737016,"Ashwani Kumar","ashwani.kumar@v5global.co.in",7827383769,"V5 Global","Delhi","V5262001","Delhi","Delhi",null,"V5 Global",null,null,"Mohd Asif","mohd.asif@v5global.co.in",null,"North1",null,"External Consumer","ASO","V5 Global ASO",null,"FT",null,"ASO",null,"Kanwaldeep Singh","Gaurav Sharma",null,"Kumar Tanksale","Raghavendra Araveeti","gaurav.sharma@v5global.co.in","gaurav.sharma@v5global.co.in","ksingh15@lenovo.com","ktanksale1@lenovo.com","raraveeti@lenovo.com","ASO","Shilpi Gautam","sgautam2@lenovo.com",null,"Kumar Tanksale",null,"ktanksale1@lenovo.com",null,"2025-12-12","12:40:00","28.5485774,77.2515968","Pan Infotech",{"$nulls":3},"T3",null,"North1",null,"T-4011","New Delhi","New Delhi","V5 Global",null,"Yes","Face to Face","82ER00MCIN",1,"Lenovo","Ideapad","Slim 3","15.6\" (39.62cm) FHD / 16 GB DDR5 RAM / 512 GB SSD/ARCTIC GREY/\t","Win 11","Thin & Light","Mainstream","Core i5 12th Gen","Consumer",53000,null,"NB",53000,"North1",62540,"",null,"North1","Mainstream","Mainstream","NA"]
[21737029,"Ashwani Kumar","ashwani.kumar@v5global.co.in",7827383769,"V5 Global","Delhi","V5262001","Delhi","Delhi",null,"V5 Global",null,null,"Mohd Asif","mohd.asif@v5global.co.in",null,"North1",null,"External Consumer","ASO","V5 Global ASO",null,"FT",null,"ASO",null,"Kanwaldeep Singh","Gaurav Sharma",null,"Kumar Tanksale","Raghavendra Araveeti","gaurav.sharma@v5global.co.in","gaurav.sharma@v5global.co.in","ksingh15@lenovo.com","ktanksale1@lenovo.com","raraveeti@lenovo.com","ASO","Shilpi Gautam","sgautam2@lenovo.com",null,"Kumar Tanksale",null,"ktanksale1@lenovo.com",null,"2025-12-12","13:12:00","28.5485833,77.2516002","Mahadev Infotech",{"$nulls":3},"T3",null,"North1",null,"T-4017","New Delhi","New Delhi","V5 Global",null,"Yes","Face to Face","82ER00MCIN",1,"Lenovo","Ideapad","Slim 3","15.6\" (39.62cm) FHD / 16 GB DDR5 RAM / 512 GB SSD/ARCTIC GREY/\t","Win 11","Thin & Light","Mainstream","Core i5 12th Gen","Consumer",53000,null,"NB",53000,"North1",62540,"",null,"North1","Mainstream","Mainstream","NA"]
[21735995,"Yathish R Rao","yathish.rao@v5global.co.in",9483372060,"V5 Global","MANGALORE","V5438066","KARNATAKA","KARNATAKA",null,"V5 Global",null,null,"M Bhaskar Gowda","bhaskar.gowda@v5global.co.in",null,"South1",null,"External Consumer","ASO","V5 Global ASO",null,"FT",null,"ASO",null,"Riyaz Khan","Prakash Kumar K P",null,"S Sreekumar","Sharad verma","prakash.kp@v5global.co.in","prakash.kp@v5global.co.in","rhospet@lenovo.com","ssreekumar@lenovo.com","sharverm@lenovo.com","ASO","Shilpi Gautam","sgautam2@lenovo.com",null,"S Sreekumar",null,"ssreekumar@lenovo.com","Week_2_Feb_2022","2025-12-12","13:15:00","12.9068337,74.8362746","BENAKA COMPUTERS",{"$nulls":3},"T3","29AIDPR0387E1Z4","South1",null,"T-7672","Honnavar","Karnataka",null,null,"Yes","Face to Face","83GS00PJIN",1,"Lenovo","LOQ","LOQ 15IAX9","15.6,16GB,521SSD,RTX3050 6GB,2024 MSO,LUNA GREE","Win 11","Gaming","Premium","Core i5-12450HX","Consumer",75864,null,"NB",75864,"South1",89519.51999999999,"SP","Gaming","South1","Premium","Premium","-"]
[21736012,"Yathish R Rao","yathish.rao@v5global.co.in",9483372060,"V5 Global","MANGALORE","V5438066","KARNATAKA","KARNATAKA",null,"V5 Global",null,null,"M Bhaskar Gowda","bhaskar.gowda@v5global.co.in",null,"South1",null,"External Consumer","ASO","V5 Global ASO",null,"FT",null,"ASO",null,"Riyaz Khan","Prakash Kumar K P",null,"S Sreekumar","Sharad verma","prakash.kp@v5global.co.in","prakash.kp@v5global.co.in","rhospet@lenovo.com","ssreekumar@lenovo.com","sharverm@lenovo.com","ASO","Shilpi Gautam","sgautam2@lenovo.com",null,"S Sreekumar",null,"ssreekumar@lenovo.com","Week_2_Feb_2022","2025-12-12","13:17:00","12.9068337,74.8362746","SRI KESHAVA COMPUTERS(SAGARA)",{"$nulls":3},"T3","29CMOPP2258R1ZW","South1",null,"T-31071","Sagara","KARNATAKA","V5 Global","V5 Global","Yes","Face to Face","F0HR009BIN",1,"Lenovo","IdeaCentre","AIO","DT IC AIO 24ARR9 A57535HS 512G 8G","Win 11","TDT","Mainstream","R7 7735HS","Consumer",42990,null,"TDT",{"$f":"BV1411*BL1411","v":42990},{"$f":"Q1411","v":"South1"},{"$f":"BV1411*118%","v":50728.2},{"$f":"IF(CF1411=\"Premium\",IF(CA1411>=65000,\"SP\",\"\"),\"\")","v":""},null,"South1",{"$f":"IF(BU1411=\"Consumer\",IF(CA1411<40000,\"Entry\",IF(AND(CA1411>=40000,CA1411<65000),\"Mainstream\",\"Premium\")),IF(BU1411=\"Visuals\",BS1411,\"NA\"))","v":"Mainstream"},"Mainstream","-"]
[21737037,"Ashwani Kumar","ashwani.kumar@v5global.co.in",7827383769,"V5 Global","Delhi","V5262001","Delhi","Delhi",null,"V5 Global",null,null,"Mohd Asif","mohd.asif@v5global.co.in",null,"North1",null,"External Consumer","ASO","V5 Global ASO",null,"FT",null,"ASO",null,"Kanwaldeep Singh","Gaurav Sharma",null,"Kumar Tanksale","Raghavendra Araveeti","gaurav.sharma@v5global.co.in","gaurav.sharma@v5global.co.in","ksingh15@lenovo.com","ktanksale1@lenovo.com","raraveeti@lenovo.com","ASO","Shilpi Gautam","sgautam2@lenovo.com",null,"Kumar Tanksale",null,"ktanksale1@lenovo.com",null,"2025-12-12","13:50:00","28.548565,77.2516007","AGGARWAL COMPUTRONIX",{"$nulls":3},"T3","07AGLPA7680D1ZG","North1",null,"T-4021","New Delhi","New Delhi","V5 Global",null,"Yes","Face to Face","90XS004PIN",1,"Lenovo","IdeaCentre","Tower 08IRR9","IntelÂ® Coreâ„¢ i3 13100 4C/8 GB DDR5 RAM/512 GB SSD","Win 11","TDT","Mainstream","IntelÂ® Coreâ„¢ i3 13100","Consumer",39865,null,"TDT",39865,"North1",47040.7,"",null,"North1","Mainstream","Entry","i3 OS"]
[21737062,"Ashwani Kumar","ashwani.kumar@v5global.co.in",7827383769,"V5 Global","Delhi","V5262001","Delhi","Delhi",null,"V5 Global",null,null,"Mohd Asif","mohd.asif@v5global.co.in",null,"North1",null,"External Consumer","ASO","V5 Global ASO",null,"FT",null,"ASO",null,"Kanwaldeep Singh","Gaurav Sharma",null,"Kumar Tanksale","Raghavendra Araveeti","gaurav.sharma@v5global.co.in","gaurav.sharma@v5global.co.in","ksingh15@lenovo.com","ktanksale1@lenovo.com","raraveeti@lenovo.com","ASO","Shilpi Gautam","sgautam2@lenovo.com",null,"Kumar Tanksale",null,"ktanksale1@lenovo.com",null,"2025-12-12","14:38:00","28.548598,77.2515972","Computer Ware ( India) Pvt. Ltd.",{"$nulls":3},"T3",null,"North1",null,"T-4023","New Delhi","New Delhi","V5 Global",null,"Yes","Face to Face","67BEKAC1IN",1,"Lenovo","Monitor","L27I-4A","L27I-4A","NA","Visual Variants","Premium","NA","Visuals",13000,null,null,13000,"North1",15340,"",null,"North1","Premium","Premium","-"]
[21737062,"Ashwani Kumar","ashwani.kumar@v5global.co.in",7827383769,"V5 Global","Delhi","V5262001","Delhi","Delhi",null,"V5 Global",null,null,"Mohd Asif","mohd.asif@v5global.co.in",null,"North1",null,"External Consumer","ASO","V5 Global ASO",null,"FT",null,"ASO",null,"Kanwaldeep Singh","Gaurav Sharma",null,"Kumar Tanksale","Raghavendra Araveeti","gaurav.sharma@v5global.co.in","gaurav.sharma@v5global.co.in","ksingh15@lenovo.com","ktanksale1@lenovo.com","raraveeti@lenovo.com","ASO","Shilpi Gautam","sgautam2@lenovo.com",null,"Kumar Tanksale",null,"ktanksale1@lenovo.com",null,"2025-12-12","14:38:00","28.548598,77.2515972","Computer Ware ( India) Pvt. Ltd.",{"$nulls":3},"T3",null,"North1",null,"T-4023","New Delhi","New Delhi","V5 Global",null,"Yes","Face to Face","GY51L52636",5,"Lenovo","Wired mouse","Input","Lenovo 120 Wired Mouse","NA","Accessories","NA","NA","Accessories",259,null,null,1295,"North1",305.62,"",null,"North1","NA","NA","-"]
[21736492,"Ramakant Arun Mali","ramakant.arun@v5global.co.in",9730708880,"V5 Global","JALGAON","V5267233","Maharashtra","Maharashtra",null,"V5 Global",null,null,"Safdar Hussian","safder.khan@v5global.co.in",null,"West1",null,"External Consumer","ASO","V5 Global ASO",null,"FT",null,"ASO",null,"Rajeev Jha","TBH",null,"Hemant C Baghel","Sharad verma",null,null,"rjha3@lenovo.com","hbaghel@lenovo.com","sharverm@lenovo.com","ASO","Shilpi Gautam","sgautam2@lenovo.com",null,"Hemant C Baghel",null,"hbaghel@lenovo.com",null,"2025-12-12","14:47:00","21.0131114,75.5646622","Anand Computer",{"$nulls":3},"T3","27BMCPA9370G1Z4","West1",null,"T-13489","Jalgaon","Maharashtra",null,null,"Yes","Face to Face","83K100C6IN",1,"Lenovo","Ideapad","Slim 3","IntelÂ® Coreâ„¢ i5-13420H, 8C (4P + 4E) / 12T, P-core 2.1 / 4.6GHz, E-core 1.5 / 3.4GHz, 12MB,8GB Soldered DDR5-4800 + 8GB SO-DIMM ","Win 11","Thin & Light","Mainstream","i5-13420H","Consumer",46000,null,"NB",46000,"West1",54280,"",null,"West1 R","Mainstream","Premium","-"]
[21736506,"Ramakant Arun Mali","ramakant.arun@v5global.co.in",9730708880,"V5 Global","JALGAON","V5267233","Maharashtra","Maharashtra",null,"V5 Global",null,null,"Safdar Hussian","safder.khan@v5global.co.in",null,"West1",null,"External Consumer","ASO","V5 Global ASO",null,"FT",null,"ASO",null,"Rajeev Jha","TBH",null,"Hemant C Baghel","Sharad verma",null,null,"rjha3@lenovo.com","hbaghel@lenovo.com","sharverm@lenovo.com","ASO","Shilpi Gautam","sgautam2@lenovo.com",null,"Hemant C Baghel",null,"hbaghel@lenovo.com",null,"2025-12-12","14:48:00","21.013534,75.5653327","Atharav Computer",{"$nulls":3},"T3","27AKVPK9390G1ZC","West1",null,"T-13492","Jalgaon","Maharashtra",null,null,"Yes","Telephonic","83JC00GCIN",1,"Lenovo","LOQ","LOQ 15ARP9","15.6 INCH/24 GB RAM/512 GB SSD/RTX 3050 A/ MSO 2024/WIN. 11/Luna Grey","Win 11","Gaming","Mainstream","AMD R5","Consumer",61300,null,"NB",61300,"West1",72334,"SP","Gaming","West1 R","Premium","Premium","Convertible i3/R5"]
[21736516,"Ramakant Arun Mali","ramakant.arun@v5global.co.in",9730708880,"V5 Global","JALGAON","V5267233","Maharashtra","Maharashtra",null,"V5 Global",null,null,"Safdar Hussian","safder.khan@v5global.co.in",null,"West1",null,"External Consumer","ASO","V5 Global ASO",null,"FT",null,"ASO",null,"Rajeev Jha","TBH",null,"Hemant C Baghel","Sharad verma",null,null,"rjha3@lenovo.com","hbaghel@lenovo.com","sharverm@lenovo.com","ASO","Shilpi Gautam","sgautam2@lenovo.com",null,"Hemant C Baghel",null,"hbaghel@lenovo.com",null,"2025-12-12","14:50:00","21.0136785,75.5627858","Burhani Computers",{"$nulls":3},"T3","27AYTPH1788D1Z1","West1",null,"T-28993","SHAHADA","Maharashtra","V5 Global",null,"Yes","Face to Face","82R4011NIN",1,"Lenovo","IDEA PAD SLIM1","IDEA PAD SLIM1","R5 /5500U/8 GB RAM/512 TB SSD/INT.","WIn 11","Thin & Light","Mainstream","R5","Consumer",35000,null,"NB",35000,"West1",41300,"",null,"West1 R","Mainstream","Entry","-"]
[21736530,"Ramakant Arun Mali","ramakant.arun@v5global.co.in",9730708880,"V5 Global","JALGAON","V5267233","Maharashtra","Maharashtra",null,"V5 Global",null,null,"Safdar Hussian","safder.khan@v5global.co.in",null,"West1",null,"External Consumer","ASO","V5 Global ASO",null,"FT",null,"ASO",null,"Rajeev Jha","TBH",null,"Hemant C Baghel","Sharad verma",null,null,"rjha3@lenovo.com","hbaghel@lenovo.com","sharverm@lenovo.com","ASO","Shilpi Gautam","sgautam2@lenovo.com",null,"Hemant C Baghel",null,"hbaghel@lenovo.com",null,"2025-12-12","14:52:00","21.013534,75.5653327","Computer Beam",{"$nulls":3},"Top T3","27AAJPC8283E1ZN","West1",null,"T-13496","Jalgaon","Maharashtra",null,null,"Yes","Face to Face","83GS00PJIN",1,"Lenovo","LOQ","LOQ 15IAX9","15.6,16GB,521SSD,RTX3050 6GB,2024 MSO,LUNA GREE","Win 11","Gaming","Premium","Core i5-12450HX","Consumer",75864,null,"NB",75864,"West1",89519.51999999999,"SP","Gaming","West1 R","Premium","Premium","-"]
[21736536,"Ramakant Arun Mali","ramakant.arun@v5global.co.in",9730708880,"V5 Global","JALGAON","V5267233","Maharashtra","Maharashtra",null,"V5 Global",null,null,"Safdar Hussian","safder.khan@v5global.co.in",null,"West1",null,"External Consumer","ASO","V5 Global ASO",null,"FT",null,"ASO",null,"Rajeev Jha","TBH",null,"Hemant C Baghel","Sharad verma",null,null,"rjha3@lenovo.com","hbaghel@lenovo.com","sharverm@lenovo.com","ASO","Shilpi Gautam","sgautam2@lenovo.com",null,"Hemant C Baghel",null,"hbaghel@lenovo.com",null,"2025-12-12","14:53:00","21.013534,75.5653327","Computer Gallery",{"$nulls":3},"T3","27CCCPK0302H1Z6","West1",null,"T-13499","Jalgaon","Maharashtra",null,null,"Yes","Face to Face","82R4011NIN",1,"Lenovo","IDEA PAD SLIM1","IDEA PAD SLIM1","R5 /5500U/8 GB RAM/512 TB SSD/INT.","WIn 11","Thin & Light","Mainstream","R5","Consumer",35000,null,"NB",35000,"West1",41300,"",null,"West1 R","Mainstream","Entry","-"]
[21737079,"Ashwani Kumar","ashwani.kumar@v5global.co.in",7827383769,"V5 Global","Delhi","V5262001","Delhi","Delhi",null,"V5 Global",null,null,"Mohd Asif","mohd.asif@v5global.co.in",null,"North1",null,"External Consumer","ASO","V5 Global ASO",null,"FT",null,"ASO",null,"Kanwaldeep Singh","Gaurav Sharma",null,"Kumar Tanksale","Raghavendra Araveeti","gaurav.sharma@v5global.co.in","gaurav.sharma@v5global.co.in","ksingh15@lenovo.com","ktanksale1@lenovo.com","raraveeti@lenovo.com","ASO","Shilpi Gautam","sgautam2@lenovo.com",null,"Kumar Tanksale",null,"ktanksale1@lenovo.com",null,"2025-12-12","15:11:00","28.5486139,77.2515895","Karishma Computers (P) Ltd. (Nehru Place)",{"$nulls":3},"T3","07AAACK5140Q1ZA","North1",null,"T-4026","New Delhi","New Delhi","V5 Global",null,"Yes","Face to Face","67AFKACBIN",2,"Lenovo","L Series","L22E-40","LEN L22E-40 21.5 VA 75 HZ HDMI","NA","Visual Variants","Entry","NA","Visuals",7900,null,null,15800,"North1",9322,"",null,"North1","Entry","Entry","-"]
[21737371,"Ashwani Kumar","ashwani.kumar@v5global.co.in",7827383769,"V5 Global","Delhi","V5262001","Delhi","Delhi",null,"V5 Global",null,null,"Mohd Asif","mohd.asif@v5global.co.in",null,"North1",null,"External Consumer","ASO","V5 Global ASO",null,"FT",null,"ASO",null,"Kanwaldeep Singh","Gaurav Sharma",null,"Kumar Tanksale","Raghavendra Araveeti","gaurav.sharma@v5global.co.in","gaurav.sharma@v5global.co.in","ksingh15@lenovo.com","ktanksale1@lenovo.com","raraveeti@lenovo.com","ASO","Shilpi Gautam","sgautam2@lenovo.com",null,"Kumar Tanksale",null,"ktanksale1@lenovo.com",null,"2025-12-12","16:53:00","28.548635,77.2514717","Tonerline Pvt Ltd.",{"$nulls":3},"T3","07AAACT4374M1ZZ","North1",null,"T-4040","New Delhi","New Delhi","V5 Global",null,"Yes","Face to Face","82R4011PIN",1,"Lenovo","IdeaPad","IdeaPad 1 15ALC7","AMD Ryzenâ„¢ 5 5500U , Integrated AMD Radeonâ„¢ Graphics, 8GB , 512 GB SSD, 15.6\" FHD (1920x1080) IPS 250nits Anti-glare, 1.61 kg, C","Win 11","Thin & Light","Mainstream","AMD Ryzenâ„¢ 5 5500U","Consumer",35259,null,"NB",35259,"North1",41605.619999999995,"",null,"North1","Mainstream","Entry","-"]
[21737371,"Ashwani Kumar","ashwani.kumar@v5global.co.in",7827383769,"V5 Global","Delhi","V5262001","Delhi","Delhi",null,"V5 Global",null,null,"Mohd Asif","mohd.asif@v5global.co.in",null,"North1",null,"External Consumer","ASO","V5 Global ASO",null,"FT",null,"ASO",null,"Kanwaldeep Singh","Gaurav Sharma",null,"Kumar Tanksale","Raghavendra Araveeti","gaurav.sharma@v5global.co.in","gaurav.sharma@v5global.co.in","ksingh15@lenovo.com","ktanksale1@lenovo.com","raraveeti@lenovo.com","ASO","Shilpi Gautam","sgautam2@lenovo.com",null,"Kumar Tanksale",null,"ktanksale1@lenovo.com",null,"2025-12-12","16:53:00","28.548635,77.2514717","Tonerline Pvt Ltd.",{"$nulls":3},"T3","07AAACT4374M1ZZ","North1",null,"T-4040","New Delhi","New Delhi","V5 Global",null,"Yes","Face to Face","67DDKAC6IN",1,"Lenovo","Monitor","Monitor","Non Gaming|L24-4C|23.8\"","NA","Visual Variants","Mainstream","L24-4C","Visuals",8500,null,null,8500,"North1",10030,"",null,"North1","Mainstream","Mainstream","-"]
[21740286,"Ashwani Kumar","ashwani.kumar@v5global.co.in",7827383769,"V5 Global","Delhi","V5262001","Delhi","Delhi",null,"V5 Global",null,null,"Mohd Asif","mohd.asif@v5global.co.in",null,"North1",null,"External Consumer","ASO","V5 Global ASO",null,"FT",null,"ASO",null,"Kanwaldeep Singh","Gaurav Sharma",null,"Kumar Tanksale","Raghavendra Araveeti","gaurav.sharma@v5global.co.in","gaurav.sharma@v5global.co.in","ksingh15@lenovo.com","ktanksale1@lenovo.com","raraveeti@lenovo.com","ASO","Shilpi Gautam","sgautam2@lenovo.com",null,"Kumar Tanksale",null,"ktanksale1@lenovo.com",null,"2025-12-12","17:38:00","28.6613817,77.3859673","Trifin Information Technologies Pvt.",{"$nulls":3},"T3","07AABCT2868F1ZA","North1",null,"T-4042","New Delhi","New Delhi","V5 Global",null,"Yes","Face to Face","GY51L52636",5,"Lenovo","Wired mouse","Input","Lenovo 120 Wired Mouse","NA","Accessories","NA","NA","Accessories",259,null,null,1295,"North1",305.62,"",null,"North1","NA","NA","-"]
[21738286,"Surjeet Kumar","surjeet.kumar@v5global.co.in",7004963220,"V5 Global","Muzaffarpur","V5339429","Bihar","Bihar",null,"V5 Global",null,null,"Shivam Kumar","shivam.kumar@v5global.co.in",null,"East2",null,"External Consumer","ASO","V5 Global ASO",null,"FT",null,"ASO",null,"Krishna Kumar Singh","Imam Hassan",null,"Rajender Negi","Raghavendra Araveeti","imam.hassan@v5global.co.in","imam.hassan@v5global.co.in","ksingh25@lenovo.com","rnegi@lenovo.com","raraveeti@lenovo.com","ASO","Shilpi Gautam","sgautam2@lenovo.com",null,"Rajender Negi",null,"rnegi@lenovo.com",null,"2025-12-12","19:30:00","25.5030819,85.1036803","Om computer & battery",{"$nulls":3},"T3","10AHRPK1353Q1Z2","East2",null,"T-2093","Samastipur","Bihar","V5 Global",null,"Yes","Face to Face","83N3002QIN",1,"Lenovo","Ideapad","IdeaPad Slim 3 15Q8X10","NB IP Slim 3 15Q8X10 SD_X1 16G 512G 11S","Win 11","Thin & Light","Mainstream","SD X1-26-100/","Consumer",61790,null,"NB",61790,"East2",72912.2,"",null,"East2","Premium","Mainstream","-"]
[21738647,"Sumit Singh","sumit.singh@v5global.co.in",8963848967,"V5 Global","Mumbai","V5266119","Maharashtra","Maharashtra",null,"V5 Global",null,null,"Muffazal Momin","muffazal.momin@v5global.co.in",null,"West1",null,"External Consumer","ASO","V5 Global ASO",null,"FT",null,"ASO",null,"Amit Tiwari","Yunus Hamid Mansoori",null,"Hemant C Baghel","Sharad verma","yunus.hamid@v5global.co.in","yunus.hamid@v5global.co.in","atiwari5@lenovo.com","hbaghel@lenovo.com","sharverm@lenovo.com","ASO","Shilpi Gautam","sgautam2@lenovo.com",null,"Hemant C Baghel",null,"hbaghel@lenovo.com",null,"2025-12-12","20:06:00","19.0642494,72.8779006","My It World",{"$nulls":3},"T3",null,"West1",null,"T-25906","Lamington Road","Maharashtra","Denave",null,"Yes","Telephonic","83ER00MCIN",20,"Lenovo","Ideapad","Slim 3","Lenovo IdeaPad Slim 3 12th Gen Intel Core i5-12450H 15\" (39.6cm) FHD IPS 300 Nits Thin & Light Laptop (16GB/512GB SSD/Win 11/MSO","Win 11","Thin & Light","Mainstream","i5 12th Gen","Consumer",41000,null,"NB",820000,"West1",48380,"",null,"West1 M","Mainstream","Mainstream","-"]
[21738657,"Sumit Singh","sumit.singh@v5global.co.in",8963848967,"V5 Global","Mumbai","V5266119","Maharashtra","Maharashtra",null,"V5 Global",null,null,"Muffazal Momin","muffazal.momin@v5global.co.in",null,"West1",null,"External Consumer","ASO","V5 Global ASO",null,"FT",null,"ASO",null,"Amit Tiwari","Yunus Hamid Mansoori",null,"Hemant C Baghel","Sharad verma","yunus.hamid@v5global.co.in","yunus.hamid@v5global.co.in","atiwari5@lenovo.com","hbaghel@lenovo.com","sharverm@lenovo.com","ASO","Shilpi Gautam","sgautam2@lenovo.com",null,"Hemant C Baghel",null,"hbaghel@lenovo.com",null,"2025-12-12","20:07:00","19.0657286,72.8797988","Prince Laptop World",{"$nulls":3},"T3","27AIPPD3100R1Z2","West1",null,"T-29503","Mumbai","Maharashtra","V5 Global",null,"Yes","Telephonic","83ER00MCIN",10,"Lenovo","Ideapad","Slim 3","Lenovo IdeaPad Slim 3 12th Gen Intel Core i5-12450H 15\" (39.6cm) FHD IPS 300 Nits Thin & Light Laptop (16GB/512GB SSD/Win 11/MSO","Win 11","Thin & Light","Mainstream","i5 12th Gen","Consumer",41000,null,"NB",410000,"West1",48380,"",null,"West1 M","Mainstream","Mainstream","-"]
[21740234,"Sanjay Kumar Prajapati","sanjay.kumar@v5global.co.in",7607459784,"V5 Global","Gorakhpur","V5265065","Uttar Pradesh","Uttar Pradesh",null,"V5 Global",null,null,"Mohammad Atif","mohammad.atif@v5global.co.in",null,"North2",null,"External Consumer","ASO","V5 Global ASO",null,"FT",null,"ASO",null,"Rahul Sarin","Rahil Rasheed",null,"Durgendra Singh","Raghavendra Araveeti","rahil.rasheed@v5global.co.in","rahil.rasheed@v5global.co.in","rsarin2@lenovo.com","dsingh1@lenovo.com","raraveeti@lenovo.com","ASO","Shilpi Gautam","sgautam2@lenovo.com",null,"Durgendra Singh",null,"dsingh1@lenovo.com",null,"2025-12-12","20:31:00","26.50365095552713,83.78364600241184","Computer World",{"$nulls":3},"T3",null,"North2",null,"T-24030","Ballia","Uttar Pradesh","V5 Global",null,"Yes","Face to Face","83LK0031IN",2,"Lenovo","LOQ","LOQ 15IAX9E","NB LOQ 15IAX9E I5 12G 512G 11S","Win 11","Gaming","Mainstream","i5 12450HX","Consumer",59068,null,"NB",118136,"North2",69700.23999999999,"",null,"North2","Premium","Mainstream","-"]
[21739293,"Shubham Meshram","shubham.meshram@v5global.co.in",9074043451,"V5 Global","Raipur",601113,"Chhattisgarh","Chhattisgarh",null,"V5 Global",null,null,"Mohmmad Abrar Khan","abrar.khan@v5global.co.in",null,"North2",null,"External Consumer","ASO","V5 Global ASO",null,"FT",null,"ASO",null,"Krishna Kumar Singh","Rahil Rasheed",null,"Rajender Negi","Raghavendra Araveeti","rahil.rasheed@v5global.co.in","rahil.rasheed@v5global.co.in","ksingh25@lenovo.com","rnegi@lenovo.com","raraveeti@lenovo.com","ASO","Shilpi Gautam","sgautam2@lenovo.com",null,"Rajender Negi",null,"rnegi@lenovo.com",null,"2025-12-12","20:57:00","21.1944094,81.7035718","GOYAL ELECTRICAL",{"$nulls":3},"T3","22AIXPA9104E1ZI","East2",null,"T-15879","Dhamtari","Chattisgarh","V5 Global",null,"Yes","Telephonic","67D5KAC6IN",1,"Lenovo","L22-4E","L Series","LEN L22-4E 21.5 IPS  BLACK 100HZ","NA","Visual Variants","Mainstream","NA","Visuals",5331,null,null,5331,"North2",6290.58,"",null,"North2","Mainstream","Mainstream","-"]
[21739312,"Shubham Meshram","shubham.meshram@v5global.co.in",9074043451,"V5 Global","Raipur",601113,"Chhattisgarh","Chhattisgarh",null,"V5 Global",null,null,"Mohmmad Abrar Khan","abrar.khan@v5global.co.in",null,"North2",null,"External Consumer","ASO","V5 Global ASO",null,"FT",null,"ASO",null,"Krishna Kumar Singh","Rahil Rasheed",null,"Rajender Negi","Raghavendra Araveeti","rahil.rasheed@v5global.co.in","rahil.rasheed@v5global.co.in","ksingh25@lenovo.com","rnegi@lenovo.com","raraveeti@lenovo.com","ASO","Shilpi Gautam","sgautam2@lenovo.com",null,"Rajender Negi",null,"rnegi@lenovo.com",null,"2025-12-12","20:59:00","21.1978297,81.7021884","GURUNANAK ELECTRONICS",{"$nulls":3},"T3","22AFZPA1029D1ZX","East2",null,"T-18379","Dhamtari","Chattisgarh","V5 Global",null,"Yes","Face to Face","67D5KAC6IN",2,"Lenovo","L22-4E","L Series","LEN L22-4E 21.5 IPS  BLACK 100HZ","NA","Visual Variants","Mainstream","NA","Visuals",5331,null,null,10662,"North2",6290.58,"",null,"North2","Mainstream","Mainstream","-"]
[21739433,"Sukanta Sinha","sukanta.sinha@v5global.co.in",9854184578,"V5 Global","Guwahati","V5266867","NE","NE",null,"V5 Global",null,null,"Sukamal Saha","sukamal.saha@v5global.co.in",null,"East1",null,"External Consumer","ASO","V5 Global ASO",null,"FT",null,"ASO",null,"Partha Chakraborty","Amit Thakuri",null,"Amit Tiwari","Raghavendra Araveeti","amit.thakuri@v5global.co.in","amit.thakuri@v5global.co.in","pchakraborty@lenovo.com","atiwari11@lenovo.com","raraveeti@lenovo.com","ASO","Shilpi Gautam","sgautam2@lenovo.com",null,"Amit Tiwari",null,"atiwari11@lenovo.com",null,"2025-12-12","21:06:00","26.1632575,91.7765525","Hd System & Technology",{"$nulls":3},"T3","18BIHPD4266P1ZR","East1",null,"T-88","Kamrup Metropolitan","ASSAM","V5 Global",null,"Yes","Face to Face","GX20P92532",10,"Lenovo","AC Adapter","Power","Lenovo 65W AC USB C Adapter(IN)","NA","Accessories","NA","NA","Accessories",2690,null,null,26900,"East1",3174.2,"",null,"East1","NA","NA","-"]
[21739780,"Govind Gulab Rajbhar","govind.gulab@v5global.co.in",9029031943,"V5 Global","Mumbai","V5263641","Maharashtra","Maharashtra",null,"V5 Global",null,null,"Pooja Thakur","pooja.thakur@v5global.co.in",null,"West1",null,"External Consumer","ASO","V5 Global ASO",null,"FT",null,"ASO",null,"Amit Tiwari","Yunus Hamid Mansoori",null,"Hemant C Baghel","Sharad verma","yunus.hamid@v5global.co.in","yunus.hamid@v5global.co.in","atiwari5@lenovo.com","hbaghel@lenovo.com","sharverm@lenovo.com","ASO","Shilpi Gautam","sgautam2@lenovo.com",null,"Hemant C Baghel",null,"hbaghel@lenovo.com",null,"2025-12-12","21:33:00","19.2169624,72.8439227","Cloud 9 Electronics",{"$nulls":3},"T3",null,"West1",null,"T-21982","Mumbai","Maharashtra","V5 Global",null,"Yes","Telephonic","83KX004QIN",1,"Lenovo","Ideapad 5","2 in 1","i5 13420h 16gb 512 gb ","Win 11","Notebook","Premium","i5","Consumer",67500,null,"NB",67500,"West1",79650,"SP","Non-Gaming","West1 M","Premium","Premium","-"]
[21740990,"Manpreet Singh Brar","manpreet.brar@v5global.co.in",9780000315,"V5 Global","Ludhiana","V5414354","Punjab","Punjab",null,"V5 Global",null,null,"Shivam Kumar1","shivam.kumar1@v5global.co.in",null,"North1",null,"External Consumer","ASO","V5 Global ASO",null,"FT",null,"ASO",null,"Karan Kapoor","Gaurav Sharma",null,"Kumar Tanksale","Raghavendra Araveeti","gaurav.sharma@v5global.co.in","gaurav.sharma@v5global.co.in","kkapoor@lenovo.com","ktanksale1@lenovo.com","raraveeti@lenovo.com","ASO","Shilpi Gautam","sgautam2@lenovo.com",null,"Kumar Tanksale",null,"ktanksale1@lenovo.com",null,"2025-12-13","09:47:00","30.9227353,75.8280078","P.V.TRADERS",{"$nulls":3},"T3","03AAWFP7398G1ZI","North1",null,"T-4726","Ludhiana","PUNJAB","V5 Global",null,"Yes","Face to Face","83K100C9IN",1,"Lenovo","Slim 3","IdeaPad Slim 3 15IRH10","NB IP Slim 3 15IRH10 I7 8G 8G 512G 11S","Win 11","Thin & Light","Mainstream","i7 13620H","Consumer",64700,null,"NB",64700,"North1",76346,"SP","Non-Gaming","North1","Premium","Premium","-"]
[21741006,"Manish Kumar ","manish.k@v5global.co.in",9815306161,"V5 Global","Chandigarh","V5294765","Punjab","Punjab",null,"V5 Global",null,null,"Shivam Kumar1","shivam.kumar1@v5global.co.in",null,"North1",null,"External Consumer","ASO","V5 Global ASO",null,"FT",null,"ASO",null,"Naveen Kumar","Gaurav Sharma",null,"Kumar Tanksale","Raghavendra Araveeti","gaurav.sharma@v5global.co.in","gaurav.sharma@v5global.co.in","nkumar12@lenovo.com","ktanksale1@lenovo.com","raraveeti@lenovo.com","ASO","Shilpi Gautam","sgautam2@lenovo.com",null,"Kumar Tanksale",null,"ktanksale1@lenovo.com",null,"2025-12-13","09:50:00","31.586021,76.6878538","Base computer",{"$nulls":3},"T3","04AAPPD9393N1Z0","North1",null,"T-24412","Chandigarh","Chandigarh","V5 Global",null,"Yes","Face to Face","82LX00F7IN",1,"Lenovo","Ideapad","Slim 1","LEN N4500 8GB 512GB SSD WIN11  1YR","Win 11","Thin & Light","Entry","N4500","Consumer",25900,null,"NB",25900,"North1",30562,"",null,"North1","Entry","Entry","-"]
[21741024,"Manish Kumar ","manish.k@v5global.co.in",9815306161,"V5 Global","Chandigarh","V5294765","Punjab","Punjab",null,"V5 Global",null,null,"Shivam Kumar1","shivam.kumar1@v5global.co.in",null,"North1",null,"External Consumer","ASO","V5 Global ASO",null,"FT",null,"ASO",null,"Naveen Kumar","Gaurav Sharma",null,"Kumar Tanksale","Raghavendra Araveeti","gaurav.sharma@v5global.co.in","gaurav.sharma@v5global.co.in","nkumar12@lenovo.com","ktanksale1@lenovo.com","raraveeti@lenovo.com","ASO","Shilpi Gautam","sgautam2@lenovo.com",null,"Kumar Tanksale",null,"ktanksale1@lenovo.com",null,"2025-12-13","09:52:00","31.5860441,76.6878732","Cyber Infotech",{"$nulls":3},"T3","04AFQPC7902Q1Z1","North1",null,"T-2952","Chandigarh","Chandigarh","V5 Global",null,"Yes","Telephonic","83GS00PJIN",1,"Lenovo","LOQ","LOQ 15IAX9","15.6,16GB,521SSD,RTX3050 6GB,2024 MSO,LUNA GREE","Win 11","Gaming","Premium","Core i5-12450HX","Consumer",75864,null,"NB",75864,"North1",89519.51999999999,"SP","Gaming","North1","Premium","Premium","-"]
[21741040,"Manish Kumar ","manish.k@v5global.co.in",9815306161,"V5 Global","Chandigarh","V5294765","Punjab","Punjab",null,"V5 Global",null,null,"Shivam Kumar1","shivam.kumar1@v5global.co.in",null,"North1",null,"External Consumer","ASO","V5 Global ASO",null,"FT",null,"ASO",null,"Naveen Kumar","Gaurav Sharma",null,"Kumar Tanksale","Raghavendra Araveeti","gaurav.sharma@v5global.co.in","gaurav.sharma@v5global.co.in","nkumar12@lenovo.com","ktanksale1@lenovo.com","raraveeti@lenovo.com","ASO","Shilpi Gautam","sgautam2@lenovo.com",null,"Kumar Tanksale",null,"ktanksale1@lenovo.com",null,"2025-12-13","09:54:00","31.5860376,76.6878884","SWASTIK COMPUTER",{"$nulls":3},"T3",null,"North1",null,"T-3410","Kangra","Himachal Pradesh","Denave",null,"Yes","Telephonic","83K100CAIN",1,"Lenovo","Ideapad","Slim 3","NB IP Slim 3 15IRH10 I5 8G 512G 11S","Win 11","Thin & Light","Premium","i5 13420H/8GB/512GB SSD","Consumer",56251,null,"NB",56251,"North1",66376.18,"",null,"North1","Premium","Mainstream","-"]
[21741071,"Manish Kumar ","manish.k@v5global.co.in",9815306161,"V5 Global","Chandigarh","V5294765","Punjab","Punjab",null,"V5 Global",null,null,"Shivam Kumar1","shivam.kumar1@v5global.co.in",null,"North1",null,"External Consumer","ASO","V5 Global ASO",null,"FT",null,"ASO",null,"Naveen Kumar","Gaurav Sharma",null,"Kumar Tanksale","Raghavendra Araveeti","gaurav.sharma@v5global.co.in","gaurav.sharma@v5global.co.in","nkumar12@lenovo.com","ktanksale1@lenovo.com","raraveeti@lenovo.com","ASO","Shilpi Gautam","sgautam2@lenovo.com",null,"Kumar Tanksale",null,"ktanksale1@lenovo.com",null,"2025-12-13","09:57:00","31.5860492,76.6878743","Icon Computers And Peripherals",{"$nulls":3},"T3","04AQBPK3719P1ZO","North1",null,"T-24364","Chandigarh","Chandigarh","V5 Global",null,"Yes","Telephonic","83JC00EFIN",1,"Lenovo","LOQ","LOQ 15ARP9","NB LOQ 15ARP9 R5 24G 512G 11S","Win 11","Gaming","Premium","R5 7235HS","Consumer",67578,null,"NB",67578,"North1",79742.04,"SP","Gaming","North1","Premium","Premium","-"]
[21741133,"Manish Kumar ","manish.k@v5global.co.in",9815306161,"V5 Global","Chandigarh","V5294765","Punjab","Punjab",null,"V5 Global",null,null,"Shivam Kumar1","shivam.kumar1@v5global.co.in",null,"North1",null,"External Consumer","ASO","V5 Global ASO",null,"FT",null,"ASO",null,"Naveen Kumar","Gaurav Sharma",null,"Kumar Tanksale","Raghavendra Araveeti","gaurav.sharma@v5global.co.in","gaurav.sharma@v5global.co.in","nkumar12@lenovo.com","ktanksale1@lenovo.com","raraveeti@lenovo.com","ASO","Shilpi Gautam","sgautam2@lenovo.com",null,"Kumar Tanksale",null,"ktanksale1@lenovo.com",null,"2025-12-13","10:04:00","31.5861068,76.6878936","Ascent computer",{"$nulls":3},"T3",null,"North1",null,"T-3364","Solan","Himachal Pradesh","Denave",null,"Yes","Face to Face","82XQ00W4IN",1,"Lenovo","Ideapad","Ideapad Slim 3","RYZEN-5 7520U-16GBRAM/512GBSSD/15.6FHD/BACKLIT KEYBORAD/MSOFFICE-24","Win 11","Thin & Light","Premium","RYZN5-7520U","Consumer",45500,null,"NB",45500,"North1",53690,"",null,"North1","Mainstream","Mainstream","-"]
[21742543,"Sudam Pradhan","sudam.pradhan@v5global.co.in",8600840554,"V5 Global","Bilaspur","V5414474","Chhattisgarh","Chhattisgarh",null,"V5 Global",null,null,"Mohmmad Abrar Khan","abrar.khan@v5global.co.in",null,"North2",null,"External Consumer","ASO","V5 Global ASO",null,"FT",null,"ASO",null,"Krishna Kumar Singh","Rahil Rasheed",null,"Rajender Negi","Raghavendra Araveeti","rahil.rasheed@v5global.co.in","rahil.rasheed@v5global.co.in","ksingh25@lenovo.com","rnegi@lenovo.com","raraveeti@lenovo.com","ASO","Shilpi Gautam","sgautam2@lenovo.com",null,"Rajender Negi",null,"rnegi@lenovo.com",null,"2025-12-13","11:08:00","22.8231585,83.2887008","CHHATISGARH COMPUTER",{"$nulls":3},"T3","22AAIPL3986C1ZT","East2",null,"T-15791","Korba","Chattisgarh","V5 Global",null,"Yes","Face to Face","83GS00PJIN",1,"Lenovo","LOQ","LOQ 15IAX9","15.6,16GB,521SSD,RTX3050 6GB,2024 MSO,LUNA GREE","Win 11","Gaming","Premium","Core i5-12450HX","Consumer",75864,null,"NB",75864,"North2",89519.51999999999,"SP","Gaming","North2","Premium","Premium","-"]
[21743812,"Bijoy Sardar","bijoy.sardar@v5global.co.in",8013135669,"V5 Global","Kolkata","V5474197","V5 Global","West Bengal",null,"V5 Global",null,null,"Arindam Mazumdar","arindam.mazumdar@v5global.co.in",null,"East1",null,"External Consumer","ASO","V5 Global ASO",null,"FT",null,"ASO",null,"Ashique Ali","Amit Thakuri",null,"Amit Tiwari","Raghavendra Araveeti","amit.thakuri@v5global.co.in","amit.thakuri@v5global.co.in","aali11@lenovo.com","atiwari11@lenovo.com","raraveeti@lenovo.com","ASO","Shilpi Gautam","sgautam2@lenovo.com",null,"Amit Tiwari",null,"atiwari11@lenovo.com",null,"2025-12-13","11:57:00","22.4644404,88.3803833","MERIDIAN COMPU SERVICES PVT. LTD.",{"$nulls":3},"T3","19AACCM2823L1ZB","East1",null,"T-1188","Kolkata","WEST BENGAL","V5 Global",null,"Yes","Telephonic","83DV018FIN",1,"Lenovo","LOQ","LOQ","15.6/ 24GB / 512/  RTX 3050 6 GB GRAPHICS/ 2024/ LUNA GREY","Win 11","Gaming","Premium","INTEL I5-13450HX","Consumer",62712,null,"NB",62712,"East1",74000.15999999999,"SP","Gaming","East1","Premium","Premium","-"]
[21744149,"Bijoy Sardar","bijoy.sardar@v5global.co.in",8013135669,"V5 Global","Kolkata","V5474197","V5 Global","West Bengal",null,"V5 Global",null,null,"Arindam Mazumdar","arindam.mazumdar@v5global.co.in",null,"East1",null,"External Consumer","ASO","V5 Global ASO",null,"FT",null,"ASO",null,"Ashique Ali","Amit Thakuri",null,"Amit Tiwari","Raghavendra Araveeti","amit.thakuri@v5global.co.in","amit.thakuri@v5global.co.in","aali11@lenovo.com","atiwari11@lenovo.com","raraveeti@lenovo.com","ASO","Shilpi Gautam","sgautam2@lenovo.com",null,"Amit Tiwari",null,"atiwari11@lenovo.com",null,"2025-12-13","12:17:00","22.4643424,88.380274","Saboo Computers Pvt Ltd",{"$nulls":3},"T3","19AAECS7179R1Z8","East1",null,"T-30906","Kolkata","West Bengal","V5 Global",null,"Yes","Telephonic","F0J6005FIN",3,"Lenovo","AIO","Lenovo A100","23.8\" FHD/8GB RAM/512 SSD/Integrated Graphics/MSO 2024/White","Win 11","AIO","Entry","Intel N100","Consumer",32000,null,"AIO",96000,"East1",37760,"",null,"East1","Entry","Entry","-"]
[21744397,"Bijoy Sardar","bijoy.sardar@v5global.co.in",8013135669,"V5 Global","Kolkata","V5474197","V5 Global","West Bengal",null,"V5 Global",null,null,"Arindam Mazumdar","arindam.mazumdar@v5global.co.in",null,"East1",null,"External Consumer","ASO","V5 Global ASO",null,"FT",null,"ASO",null,"Ashique Ali","Amit Thakuri",null,"Amit Tiwari","Raghavendra Araveeti","amit.thakuri@v5global.co.in","amit.thakuri@v5global.co.in","aali11@lenovo.com","atiwari11@lenovo.com","raraveeti@lenovo.com","ASO","Shilpi Gautam","sgautam2@lenovo.com",null,"Amit Tiwari",null,"atiwari11@lenovo.com",null,"2025-12-13","12:31:00","22.4645244,88.3803732","Computech",{"$nulls":3},"T3","19ACAPC9861H1ZH","East1",null,"T-1883","Kolkata","West Bengal","V5 Global",null,"Yes","Telephonic","90XS005PIN",1,"Lenovo","IdeaCentre","IdeaCentre","IntelÂ® Coreâ„¢ i3-14100 4C, 8GB DDR5/512 SSD/ WiFi 6 + BT 5.2/ 260W/ SFF 8.2Lt / Wired KeyBoard & Mouse /Win 11 Home/1 Yr Onsite","Win 11","TDT","Entry","IntelÂ® Coreâ„¢ i3-14100","Consumer",31500,null,"TDT",31500,"East1",37170,"",null,"East1","Entry","Entry","i3 OS"]
[21744446,"Bijoy Sardar","bijoy.sardar@v5global.co.in",8013135669,"V5 Global","Kolkata","V5474197","V5 Global","West Bengal",null,"V5 Global",null,null,"Arindam Mazumdar","arindam.mazumdar@v5global.co.in",null,"East1",null,"External Consumer","ASO","V5 Global ASO",null,"FT",null,"ASO",null,"Ashique Ali","Amit Thakuri",null,"Amit Tiwari","Raghavendra Araveeti","amit.thakuri@v5global.co.in","amit.thakuri@v5global.co.in","aali11@lenovo.com","atiwari11@lenovo.com","raraveeti@lenovo.com","ASO","Shilpi Gautam","sgautam2@lenovo.com",null,"Amit Tiwari",null,"atiwari11@lenovo.com",null,"2025-12-13","12:33:00","22.4645326,88.3803763","Lalani Invovation Pvt LTD",{"$nulls":3},"T3",null,"East1",null,"T-28006","Gc Avanue","West Bengal","Denave",null,"Yes","Telephonic","90XS005NIN",2,"Lenovo","IdeaCentre","IdeaCentre Tower","i3-13100, 8GB/512GB/INTEL UHD GRAPHIC/win11 home/ USB combo set/1yr warranty","Win 11","TDT","Mainstream","i3-13100","Consumer",39990,null,"TDT",79980,"East1",47188.2,"",null,"East1","Mainstream","Entry","i3 OS"]
[21744625,"Furkan ","furkan.1@v5global.co.in",9818299160,"V5 Global","New Delhi","V5462337","NEW DELHI","New Delhi",null,"V5 Global",null,null,"Mohd Asif","mohd.asif@v5global.co.in",null,"North1",null,"External Consumer","ASO","V5 Global ASO",null,"FT",null,"ASO",null,"Kanwaldeep Singh","Gaurav Sharma",null,"Kumar Tanksale","Raghavendra Araveeti","gaurav.sharma@v5global.co.in","gaurav.sharma@v5global.co.in","ksingh15@lenovo.com","ktanksale1@lenovo.com","raraveeti@lenovo.com","ASO","Shilpi Gautam","sgautam2@lenovo.com",null,"Kumar Tanksale",null,"ktanksale1@lenovo.com",null,"2025-12-13","12:48:00","28.6392286,77.2847063","Omega Infotech",{"$nulls":3},"T3",null,"North1",null,"T-4367","New Delhi","New Delhi","V5 Global",null,"Yes","Face to Face","F0HN00PGIN",5,"Lenovo","AIO","AIO i-24IRH9","i3-1315U-8-512-UHD-W11-O24-23.80","Win 11","AIO","Mainstream","i3-1315U","Consumer",57990,null,"AIO",289950,"North1",68428.2,"",null,"North1","Premium","Mainstream","i3 OS"]
[21745958,"Umer Farooq Bhat","umer.farooq@v5global.co.in",7006131255,"V5 Global","Srinagar","V5266190","Jammu and Kashmir","Jammu and Kashmir",null,"V5 Global",null,null,"Shivam Kumar1","shivam.kumar1@v5global.co.in",null,"North1",null,"External Consumer","ASO","V5 Global ASO",null,"FT",null,"ASO",null,"Karan Kapoor","Gaurav Sharma",null,"Kumar Tanksale","Raghavendra Araveeti","gaurav.sharma@v5global.co.in","gaurav.sharma@v5global.co.in","Kkapoor@lenovo.com","ktanksale1@lenovo.com","raraveeti@lenovo.com","ASO","Shilpi Gautam","sgautam2@lenovo.com",null,"Kumar Tanksale",null,"ktanksale1@lenovo.com",null,"2025-12-13","13:30:00","34.39906329529509,74.28230714052916","Computer Land",{"$nulls":3},"T3",null,"North1",null,"T-3595","Kupwara","Jammu And Kashmir","V5 Global",null,"Yes","Face to Face","GY51C12380",3,"Lenovo","Wireless Mouse","Input","Lenovo 130 wireless mouse","NA","Accessories","NA","NA","Accessories",649,null,null,1947,"North1",765.8199999999999,"",null,"North1","NA","NA","-"]
[21745528,"Soumen Das","soumen.das@v5global.co.in",8001996232,"V5 Global","Krishna Nagar","V5468689","Krishna Nagar","West Bengal",null,"V5 Global",null,null,"Arindam Mazumdar","arindam.mazumdar@v5global.co.in",null,"East1",null,"External Consumer","ASO","V5 Global ASO",null,"FT",null,"ASO","MBO","Ashique Ali","Amit Thakuri",null,"Amit Tiwari","Raghavendra Araveeti","amit.thakuri@v5global.co.in","amit.thakuri@v5global.co.in","aali11@lenovo.com","atiwari11@lenovo.com","raraveeti@lenovo.com","ASO","Shilpi Gautam","sgautam2@lenovo.com",null,"Amit Tiwari","MBO","atiwari11@lenovo.com",null,"2025-12-13","15:04:00","22.6964541,88.394101","Sudhirti Computer",{"$nulls":3},"T3","19BEMPM9259J1ZL","East1",null,"T-1815","N.24 Pargana","West Bengal","V5 Global",null,"Yes","Face to Face","82R400XSIN",2,"Lenovo","Ideapad","Ideapad","\"Ryzenâ„¢ 5 5500U 6C 8GB RAM 512GB SSD Windows11 MS Office H&S 2024  Integrated AMD Radeon  Graphics  15.6\"\" FHD TN 220nits AG 720","Win 11","Thin & Light","Entry","Amd Ryzen 5 5500U","Consumer",29407,null,"NB",58814,"East1",34700.259999999995,"",null,"East1","Entry","Entry","-"]
[21745531,"Soumen Das","soumen.das@v5global.co.in",8001996232,"V5 Global","Krishna Nagar","V5468689","Krishna Nagar","West Bengal",null,"V5 Global",null,null,"Arindam Mazumdar","arindam.mazumdar@v5global.co.in",null,"East1",null,"External Consumer","ASO","V5 Global ASO",null,"FT",null,"ASO","MBO","Ashique Ali","Amit Thakuri",null,"Amit Tiwari","Raghavendra Araveeti","amit.thakuri@v5global.co.in","amit.thakuri@v5global.co.in","aali11@lenovo.com","atiwari11@lenovo.com","raraveeti@lenovo.com","ASO","Shilpi Gautam","sgautam2@lenovo.com",null,"Amit Tiwari","MBO","atiwari11@lenovo.com",null,"2025-12-13","15:06:00","22.6964573,88.3941025","Expression Computer",{"$nulls":3},"T3",null,"East1",null,"T-1842","N.24 Pargana","West Bengal","V5 Global",null,"Yes","Face to Face","82R400XSIN",2,"Lenovo","Ideapad","Ideapad","\"Ryzenâ„¢ 5 5500U 6C 8GB RAM 512GB SSD Windows11 MS Office H&S 2024  Integrated AMD Radeon  Graphics  15.6\"\" FHD TN 220nits AG 720","Win 11","Thin & Light","Entry","Amd Ryzen 5 5500U","Consumer",29407,null,"NB",58814,"East1",34700.259999999995,"",null,"East1","Entry","Entry","-"]
[21757779,"Ramisetty Gopalkrishna","ramisetty.krishna@v5global.co.in",7050129999,"V5 Global","Vijaywada","V5303153","Andhra Pradesh","Andhra Pradesh",null,"V5 Global",null,null,"TBH (HYD)",null,null,"South2",null,"External Consumer","ASO","V5 Global ASO",null,"FT",null,"ASO",null,"Prabhakar G","S.Arunbabu",null,"Prabhu Subaramanian","Sharad verma","arun.babu@v5global.co.in","arun.babu@v5global.co.in","gprabhakar@lenovo.com","psubramania4@lenovo.com","sharverm@lenovo.com","ASO","Shilpi Gautam","sgautam2@lenovo.com",null,"Prabhu Subaramanian",null,"psubramania4@lenovo.com",null,"2025-12-13","15:28:00","0.0,0.0","VYSHNAVI COMPUTERS",{"$nulls":3},"T3","37AVFPS8068N1ZL","South2",null,"T-10357","Krishna","Andhra Pradesh","V5 Global",null,"Yes","Face to Face","67DDKAC6IN",5,"Lenovo","Monitor","Monitor","Non Gaming|L24-4C|23.8\"","NA","Visual Variants","Mainstream","L24-4C","Visuals",8500,null,null,42500,"South2",10030,"",null,"South2","Mainstream","Mainstream","-"]
[21764034,"Ashwani Kumar","ashwani.kumar@v5global.co.in",7827383769,"V5 Global","Delhi","V5262001","Delhi","Delhi",null,"V5 Global",null,null,"Mohd Asif","mohd.asif@v5global.co.in",null,"North1",null,"External Consumer","ASO","V5 Global ASO",null,"FT",null,"ASO",null,"Kanwaldeep Singh","Gaurav Sharma",null,"Kumar Tanksale","Raghavendra Araveeti","gaurav.sharma@v5global.co.in","gaurav.sharma@v5global.co.in","ksingh15@lenovo.com","ktanksale1@lenovo.com","raraveeti@lenovo.com","ASO","Shilpi Gautam","sgautam2@lenovo.com",null,"Kumar Tanksale",null,"ktanksale1@lenovo.com",null,"2025-12-13","15:58:00","28.548069,77.2516573","Simple Technology Pvt Ltd",{"$nulls":3},"T3","07AACCS0751M1Z9","North1",null,"T-4150","New Delhi","New Delhi","V5 Global",null,"Yes","Face to Face","82R4011PIN",1,"Lenovo","IdeaPad","IdeaPad 1 15ALC7","AMD Ryzenâ„¢ 5 5500U , Integrated AMD Radeonâ„¢ Graphics, 8GB , 512 GB SSD, 15.6\" FHD (1920x1080) IPS 250nits Anti-glare, 1.61 kg, C","Win 11","Thin & Light","Mainstream","AMD Ryzenâ„¢ 5 5500U","Consumer",35259,null,"NB",35259,"North1",41605.619999999995,"",null,"North1","Mainstream","Entry","-"]
[21745874,"Ishan Modha","ishan.modha@v5global.co.in",6352456143,"V5 Global","Ahmedabad",601140,"Gujarat","Gujarat",null,"V5 Global",null,null,"Darshan Shah","darshan.shah@v5global.co.in",null,"West1",null,"External Consumer","ASO","V5 Global ASO",null,"FT",null,"ASO",null,"Jaydip Kachhot","Yunus Hamid Mansoori",null,"Hemant C Baghel","Sharad verma","yunus.hamid@v5global.co.in","yunus.hamid@v5global.co.in","jkachhot@lenovo.com","hbaghel@lenovo.com","sharverm@lenovo.com","ASO","Shilpi Gautam","sgautam2@lenovo.com",null,"Hemant C Baghel",null,"hbaghel@lenovo.com",null,"2025-12-13","16:11:00","22.300749,70.7790137","ALPHA INFOSYS",{"$nulls":3},"T3","24AETPD6569E1Z9","West2",null,"T-14216","Bhavnagar","Gujarat",null,null,"Yes","Face to Face","90XW005UIN",1,"Lenovo","IdeaCentre","IdeaCentre 08IRH9","8GB RAM/512 GB SSD/Integrated Graphics/WINDOWS 11","Win 11","TDT","Entry","CORE I5","Consumer",32619,null,"TDT",32619,"West1",38490.42,"",null,"West1 M","Entry","Mainstream","NA"]
[21757786,"Ramisetty Gopalkrishna","ramisetty.krishna@v5global.co.in",7050129999,"V5 Global","Vijaywada","V5303153","Andhra Pradesh","Andhra Pradesh",null,"V5 Global",null,null,"TBH (HYD)",null,null,"South2",null,"External Consumer","ASO","V5 Global ASO",null,"FT",null,"ASO",null,"Prabhakar G","S.Arunbabu",null,"Prabhu Subaramanian","Sharad verma","arun.babu@v5global.co.in","arun.babu@v5global.co.in","gprabhakar@lenovo.com","psubramania4@lenovo.com","sharverm@lenovo.com","ASO","Shilpi Gautam","sgautam2@lenovo.com",null,"Prabhu Subaramanian",null,"psubramania4@lenovo.com",null,"2025-12-13","16:44:00","0.0,0.0","SHREE INFOTECH",{"$nulls":3},"T3","37DDSPP2999K1ZB","South2",null,"T-29507","Vijayawada","Andhra Pradesh","V5 Global",null,"Yes","Face to Face","83LK00D9IN",5,"Lenovo","LOQ","Lenovo LOQ 15IAX9E","\"15.6\"\" FHD (1920x1080) IPS 300nits Anti-glare, 100% sRGB, 144Hz / 1x 16GB SODIMM DDR5-4800, \t Up to 32GB DDR5-4800/ 512GB SSD M","Win 11","Gaming","Premium","IntelÂ® Core i7-12650HX, 14C (6P + 8E)","Consumer",63062,null,"NB",315310,"South2",74413.15999999999,"SP","Gaming","South2","Premium","Premium","-"]
[21754252,"Sanjay Kumar Prajapati","sanjay.kumar@v5global.co.in",7607459784,"V5 Global","Gorakhpur","V5265065","Uttar Pradesh","Uttar Pradesh",null,"V5 Global",null,null,"Mohammad Atif","mohammad.atif@v5global.co.in",null,"North2",null,"External Consumer","ASO","V5 Global ASO",null,"FT",null,"ASO",null,"Rahul Sarin","Rahil Rasheed",null,"Durgendra Singh","Raghavendra Araveeti","rahil.rasheed@v5global.co.in","rahil.rasheed@v5global.co.in","rsarin2@lenovo.com","dsingh1@lenovo.com","raraveeti@lenovo.com","ASO","Shilpi Gautam","sgautam2@lenovo.com",null,"Durgendra Singh",null,"dsingh1@lenovo.com",null,"2025-12-13","17:56:00","25.757409161522165,84.15766429156065","Galaxy Trading Company",{"$nulls":3},"T3","09BPEPP9524E2ZM","North2",null,"T-29055","Gorakhpur","Uttar Pradesh","V5 Global",null,"Yes","Face to Face","90XS005PIN",2,"Lenovo","IdeaCentre","IdeaCentre","IntelÂ® Coreâ„¢ i3-14100 4C, 8GB DDR5/512 SSD/ WiFi 6 + BT 5.2/ 260W/ SFF 8.2Lt / Wired KeyBoard & Mouse /Win 11 Home/1 Yr Onsite","Win 11","TDT","Entry","IntelÂ® Coreâ„¢ i3-14100","Consumer",31500,null,"TDT",63000,"North2",37170,"",null,"North2","Entry","Entry","i3 OS"]
[21754259,"Sanjay Kumar Prajapati","sanjay.kumar@v5global.co.in",7607459784,"V5 Global","Gorakhpur","V5265065","Uttar Pradesh","Uttar Pradesh",null,"V5 Global",null,null,"Mohammad Atif","mohammad.atif@v5global.co.in",null,"North2",null,"External Consumer","ASO","V5 Global ASO",null,"FT",null,"ASO",null,"Rahul Sarin","Rahil Rasheed",null,"Durgendra Singh","Raghavendra Araveeti","rahil.rasheed@v5global.co.in","rahil.rasheed@v5global.co.in","rsarin2@lenovo.com","dsingh1@lenovo.com","raraveeti@lenovo.com","ASO","Shilpi Gautam","sgautam2@lenovo.com",null,"Durgendra Singh",null,"dsingh1@lenovo.com",null,"2025-12-13","17:57:00","25.757409161522165,84.15766429156065","Ansh Corporation",{"$nulls":3},"T3","09BFMPS6239H1ZT","North2",null,"T-20031","Gorakhpur","Uttar Pradesh","Denave",null,"Yes","Face to Face","90XS005PIN",2,"Lenovo","IdeaCentre","IdeaCentre","IntelÂ® Coreâ„¢ i3-14100 4C, 8GB DDR5/512 SSD/ WiFi 6 + BT 5.2/ 260W/ SFF 8.2Lt / Wired KeyBoard & Mouse /Win 11 Home/1 Yr Onsite","Win 11","TDT","Entry","IntelÂ® Coreâ„¢ i3-14100","Consumer",31500,null,"TDT",63000,"North2",37170,"",null,"North2","Entry","Entry","i3 OS"]
[21746774,"Ragesh K","ragesh.k@v5global.co.in",9249730104,"V5 Global","Calicut","V5313059","Kerala","Kerala",null,"V5 Global",null,null,"Athul Krishna","athul.n@v5global.co.in",null,"South1",null,"External Consumer","ASO","V5 Global ASO",null,"FT",null,"ASO",null,"Shaiju","Prakash Kumar K P",null,"S Sreekumar","Sharad verma","prakash.kp@v5global.co.in","prakash.kp@v5global.co.in","ss89@lenovo.com","ssreekumar@lenovo.com","sharverm@lenovo.com","ASO","Shilpi Gautam","sgautam2@lenovo.com",null,"S Sreekumar",null,"ssreekumar@lenovo.com",null,"2025-12-13","18:30:00","11.2620666,75.8211174","ONE ZERO INFOSYSTEMS KSD [ CHQ ]",{"$nulls":3},"T3","32AADFO2057J1ZG","South1",null,"T-8398","Kannur","Kerala","V5 Global",null,"Yes","Face to Face","82ER00MCIN",10,"Lenovo","Ideapad","Slim 3","15.6\" (39.62cm) FHD / 16 GB DDR5 RAM / 512 GB SSD/ARCTIC GREY/\t","Win 11","Thin & Light","Mainstream","Core i5 12th Gen","Consumer",53000,null,"NB",530000,"South1",62540,"",null,"South1","Mainstream","Mainstream","NA"]
[21746780,"Ragesh K","ragesh.k@v5global.co.in",9249730104,"V5 Global","Calicut","V5313059","Kerala","Kerala",null,"V5 Global",null,null,"Athul Krishna","athul.n@v5global.co.in",null,"South1",null,"External Consumer","ASO","V5 Global ASO",null,"FT",null,"ASO",null,"Shaiju","Prakash Kumar K P",null,"S Sreekumar","Sharad verma","prakash.kp@v5global.co.in","prakash.kp@v5global.co.in","ss89@lenovo.com","ssreekumar@lenovo.com","sharverm@lenovo.com","ASO","Shilpi Gautam","sgautam2@lenovo.com",null,"S Sreekumar",null,"ssreekumar@lenovo.com",null,"2025-12-13","18:31:00","11.2620737,75.8211097","ONE ZERO INFOSYSTEMS KSD [ CHQ ]",{"$nulls":3},"T3","32AADFO2057J1ZG","South1",null,"T-8398","Kannur","Kerala","V5 Global",null,"Yes","Face to Face","83GS008SIN",1,"Lenovo","LOQ","LOQ","12GB, 512GB SSD","Win 11","Gaming","Mainstream","i5-12450HX","Consumer",60945,null,"NB",60945,"South1",71915.09999999999,"",null,"South1","Premium","Mainstream","-"]
[21747218,"Ishan Modha","ishan.modha@v5global.co.in",6352456143,"V5 Global","Ahmedabad",601140,"Gujarat","Gujarat",null,"V5 Global",null,null,"Darshan Shah","darshan.shah@v5global.co.in",null,"West1",null,"External Consumer","ASO","V5 Global ASO",null,"FT",null,"ASO",null,"Jaydip Kachhot","Yunus Hamid Mansoori",null,"Hemant C Baghel","Sharad verma","yunus.hamid@v5global.co.in","yunus.hamid@v5global.co.in","jkachhot@lenovo.com","hbaghel@lenovo.com","sharverm@lenovo.com","ASO","Shilpi Gautam","sgautam2@lenovo.com",null,"Hemant C Baghel",null,"hbaghel@lenovo.com",null,"2025-12-13","19:30:00","22.3007572,70.779019","PARSHWA COMPUTER MEDIA",{"$nulls":3},"T3","24ALLPP8599B1ZM","West2",null,"T-14048","Bhavnagar","Gujarat",null,null,"Yes","Face to Face","90XW005UIN",1,"Lenovo","IdeaCentre","IdeaCentre 08IRH9","8GB RAM/512 GB SSD/Integrated Graphics/WINDOWS 11","Win 11","TDT","Entry","CORE I5","Consumer",32619,null,"TDT",32619,"West1",38490.42,"",null,"West1 M","Entry","Mainstream","NA"]
[21747432,"Nilay Girishbhai Bandhara","nilay.bandhara@v5global.co.in",9979302088,"V5 Global","Vadodara","V5341501","Gujarat","Gujarat",null,"V5 Global",null,null,"Darshan Shah","darshan.shah@v5global.co.in",null,"West1",null,"External Consumer","ASO","V5 Global ASO",null,"FT",null,"ASO",null,"Darshan Thakkar","Yunus Hamid Mansoori",null,"Hemant C Baghel","Sharad verma","yunus.hamid@v5global.co.in","yunus.hamid@v5global.co.in","tjitendrabha@lenovo.com","hbaghel@lenovo.com","sharverm@lenovo.com","ASO","Shilpi Gautam","sgautam2@lenovo.com",null,"Hemant C Baghel",null,"hbaghel@lenovo.com",null,"2025-12-13","19:52:00","22.2943317,73.2260014","Shree harsh Peripherals Pvt Ltd",{"$nulls":3},"T3","24AAGCS0832H1ZM","West1",null,"T-29857","vadodara","Gujarat","V5 Global",null,"Yes","Telephonic","83JC00EFIN",1,"Lenovo","LOQ","LOQ 15ARP9","NB LOQ 15ARP9 R5 24G 512G 11S","Win 11","Gaming","Premium","R5 7235HS","Consumer",67578,null,"NB",67578,"West1",79742.04,"SP","Gaming","West1 M","Premium","Premium","-"]
[21754639,"Subodh Kumar Sahani","subodh.sahani@v5global.co.in",7703838818,"V5 Global","Ghaziabad",601131,"Uttar Pradesh","Uttar Pradesh",null,"V5 Global",null,null,"Mohd Asif","mohd.asif@v5global.co.in",null,"North2",null,"External Consumer","ASO","V5 Global ASO",null,"FT",null,"ASO","LMB","Nishant Aeron","Rahil Rasheed",null,"Durgendra Singh","Raghavendra Araveeti","rahil.rasheed@v5global.co.in","rahil.rasheed@v5global.co.in","naeron@lenovo.com","dsingh1@lenovo.com","raraveeti@lenovo.com","ASO","Shilpi Gautam","sgautam2@lenovo.com",null,"Durgendra Singh","LMB","dsingh1@lenovo.com",null,"2025-12-13","20:58:00","28.7391642,77.2702959","DEEPAK COMPUTERS",{"$nulls":3},"T3",null,"North2",null,"T-23343","Agra","Uttar Pradesh","Denave",null,"Yes","Telephonic","90XS005PIN",2,"Lenovo","IdeaCentre","IdeaCentre","IntelÂ® Coreâ„¢ i3-14100 4C, 8GB DDR5/512 SSD/ WiFi 6 + BT 5.2/ 260W/ SFF 8.2Lt / Wired KeyBoard & Mouse /Win 11 Home/1 Yr Onsite","Win 11","TDT","Entry","IntelÂ® Coreâ„¢ i3-14100","Consumer",31500,null,"TDT",63000,"North2",37170,"",null,"North2","Entry","Entry","i3 OS"]
[21754644,"Subodh Kumar Sahani","subodh.sahani@v5global.co.in",7703838818,"V5 Global","Ghaziabad",601131,"Uttar Pradesh","Uttar Pradesh",null,"V5 Global",null,null,"Mohd Asif","mohd.asif@v5global.co.in",null,"North2",null,"External Consumer","ASO","V5 Global ASO",null,"FT",null,"ASO","LMB","Nishant Aeron","Rahil Rasheed",null,"Durgendra Singh","Raghavendra Araveeti","rahil.rasheed@v5global.co.in","rahil.rasheed@v5global.co.in","naeron@lenovo.com","dsingh1@lenovo.com","raraveeti@lenovo.com","ASO","Shilpi Gautam","sgautam2@lenovo.com",null,"Durgendra Singh","LMB","dsingh1@lenovo.com",null,"2025-12-13","21:00:00","28.7391682,77.2703028","SUNTEK SYSTEMS",{"$nulls":3},"T3",null,"North2",null,"T-23280","Aligarh","Uttar Pradesh","V5 Global",null,"Yes","Telephonic","90XS005PIN",2,"Lenovo","IdeaCentre","IdeaCentre","IntelÂ® Coreâ„¢ i3-14100 4C, 8GB DDR5/512 SSD/ WiFi 6 + BT 5.2/ 260W/ SFF 8.2Lt / Wired KeyBoard & Mouse /Win 11 Home/1 Yr Onsite","Win 11","TDT","Entry","IntelÂ® Coreâ„¢ i3-14100","Consumer",31500,null,"TDT",63000,"North2",37170,"",null,"North2","Entry","Entry","i3 OS"]
[21754668,"Subodh Kumar Sahani","subodh.sahani@v5global.co.in",7703838818,"V5 Global","Ghaziabad",601131,"Uttar Pradesh","Uttar Pradesh",null,"V5 Global",null,null,"Mohd Asif","mohd.asif@v5global.co.in",null,"North2",null,"External Consumer","ASO","V5 Global ASO",null,"FT",null,"ASO","LMB","Nishant Aeron","Rahil Rasheed",null,"Durgendra Singh","Raghavendra Araveeti","rahil.rasheed@v5global.co.in","rahil.rasheed@v5global.co.in","naeron@lenovo.com","dsingh1@lenovo.com","raraveeti@lenovo.com","ASO","Shilpi Gautam","sgautam2@lenovo.com",null,"Durgendra Singh","LMB","dsingh1@lenovo.com",null,"2025-12-13","21:03:00","28.7391637,77.2703164","Magpie Computer",{"$nulls":3},"T3",null,"North2",null,"T-23124","Ghaziabad","Uttar Pradesh","Denave",null,"Yes","Telephonic","90XW005UIN",2,"Lenovo","IdeaCentre","IdeaCentre 08IRH9","8GB RAM/512 GB SSD/Integrated Graphics/WINDOWS 11","Win 11","TDT","Entry","CORE I5","Consumer",32619,null,"TDT",65238,"North2",38490.42,"",null,"North2","Entry","Mainstream","NA"]
[21754693,"Subodh Kumar Sahani","subodh.sahani@v5global.co.in",7703838818,"V5 Global","Ghaziabad",601131,"Uttar Pradesh","Uttar Pradesh",null,"V5 Global",null,null,"Mohd Asif","mohd.asif@v5global.co.in",null,"North2",null,"External Consumer","ASO","V5 Global ASO",null,"FT",null,"ASO","LMB","Nishant Aeron","Rahil Rasheed",null,"Durgendra Singh","Raghavendra Araveeti","rahil.rasheed@v5global.co.in","rahil.rasheed@v5global.co.in","naeron@lenovo.com","dsingh1@lenovo.com","raraveeti@lenovo.com","ASO","Shilpi Gautam","sgautam2@lenovo.com",null,"Durgendra Singh","LMB","dsingh1@lenovo.com",null,"2025-12-13","21:07:00","28.7391591,77.2703928","Maharaj Computer",{"$nulls":3},"T3",null,"North2",null,"T-23218","Saharanpur","Uttar Pradesh","V5 Global",null,"Yes","Telephonic","F0HM00G4IN",1,"Lenovo","IdeaCentre","AIO","27\" FHD (1920x1080) IPS 300nits Anti-glare, 99% sRGB, 3-side borderless, hardware low blue light, Non-Touch / 1x 8GB SO-DIMM DDR","Win 11","AIO","Mainstream","IntelÂ® Coreâ„¢ i3-1315U","Consumer",47000,null,"AIO",47000,"North2",55460,"",null,"North2","Mainstream","Mainstream","-"]
[21754723,"Subodh Kumar Sahani","subodh.sahani@v5global.co.in",7703838818,"V5 Global","Ghaziabad",601131,"Uttar Pradesh","Uttar Pradesh",null,"V5 Global",null,null,"Mohd Asif","mohd.asif@v5global.co.in",null,"North2",null,"External Consumer","ASO","V5 Global ASO",null,"FT",null,"ASO","LMB","Nishant Aeron","Rahil Rasheed",null,"Durgendra Singh","Raghavendra Araveeti","rahil.rasheed@v5global.co.in","rahil.rasheed@v5global.co.in","naeron@lenovo.com","dsingh1@lenovo.com","raraveeti@lenovo.com","ASO","Shilpi Gautam","sgautam2@lenovo.com",null,"Durgendra Singh","LMB","dsingh1@lenovo.com",null,"2025-12-13","21:12:00","28.7391443,77.270318","Evolt computer",{"$nulls":3},"T3","09BXKPS2519C1ZD","North2",null,"T-22210","Noida","Uttar Pradesh","V5 Global",null,"Yes","Telephonic","90XW005UIN",4,"Lenovo","IdeaCentre","IdeaCentre 08IRH9","8GB RAM/512 GB SSD/Integrated Graphics/WINDOWS 11","Win 11","TDT","Entry","CORE I5","Consumer",32619,null,"TDT",130476,"North2",38490.42,"",null,"North2","Entry","Mainstream","NA"]
[21757398,"Vikas Pathak","vikas.pathak@v5global.co.in",9838001792,"V5 Global","Varanasi","V5396663","UTTAR PRADESH","Uttar Pradesh",null,"V5 Global",null,null,"Mohammad Atif","mohammad.atif@v5global.co.in",null,"North2",null,"External Consumer","ASO","V5 Global ASO",null,"FT",null,"ASO",null,"Rahul Sarin","Rahil Rasheed",null,"Durgendra Singh","Raghavendra Araveeti","rahil.rasheed@v5global.co.in","rahil.rasheed@v5global.co.in","rsarin2@lenovo.com","dsingh1@lenovo.com","raraveeti@lenovo.com","ASO","Shilpi Gautam","sgautam2@lenovo.com",null,"Durgendra Singh",null,"dsingh1@lenovo.com",null,"2025-12-13","21:14:00","25.3300721,83.0223873","Sir Computer",{"$nulls":3},"T3",null,"North2",null,"T-23955","Varanasi","Uttar Pradesh","V5 Global",null,"Yes","Face to Face","83ER00MCIN",1,"Lenovo","Ideapad","Slim 3","Lenovo IdeaPad Slim 3 12th Gen Intel Core i5-12450H 15\" (39.6cm) FHD IPS 300 Nits Thin & Light Laptop (16GB/512GB SSD/Win 11/MSO","Win 11","Thin & Light","Mainstream","i5 12th Gen","Consumer",41000,null,"NB",41000,"North2",48380,"",null,"North2","Mainstream","Mainstream","-"]
[21757409,"Vikas Pathak","vikas.pathak@v5global.co.in",9838001792,"V5 Global","Varanasi","V5396663","UTTAR PRADESH","Uttar Pradesh",null,"V5 Global",null,null,"Mohammad Atif","mohammad.atif@v5global.co.in",null,"North2",null,"External Consumer","ASO","V5 Global ASO",null,"FT",null,"ASO",null,"Rahul Sarin","Rahil Rasheed",null,"Durgendra Singh","Raghavendra Araveeti","rahil.rasheed@v5global.co.in","rahil.rasheed@v5global.co.in","rsarin2@lenovo.com","dsingh1@lenovo.com","raraveeti@lenovo.com","ASO","Shilpi Gautam","sgautam2@lenovo.com",null,"Durgendra Singh",null,"dsingh1@lenovo.com",null,"2025-12-13","21:15:00","25.3301039,83.0223766","Evermind Computer Peripherals and Dev.",{"$nulls":3},"T3","09AFOPU0905P1ZO","North2",null,"T-30685","Varanasi","Uttar Pradesh","V5 Global",null,"Yes","Face to Face","83ER00MCIN",1,"Lenovo","Ideapad","Slim 3","Lenovo IdeaPad Slim 3 12th Gen Intel Core i5-12450H 15\" (39.6cm) FHD IPS 300 Nits Thin & Light Laptop (16GB/512GB SSD/Win 11/MSO","Win 11","Thin & Light","Mainstream","i5 12th Gen","Consumer",41000,null,"NB",41000,"North2",48380,"",null,"North2","Mainstream","Mainstream","-"]
[21757439,"Vikas Pathak","vikas.pathak@v5global.co.in",9838001792,"V5 Global","Varanasi","V5396663","UTTAR PRADESH","Uttar Pradesh",null,"V5 Global",null,null,"Mohammad Atif","mohammad.atif@v5global.co.in",null,"North2",null,"External Consumer","ASO","V5 Global ASO",null,"FT",null,"ASO",null,"Rahul Sarin","Rahil Rasheed",null,"Durgendra Singh","Raghavendra Araveeti","rahil.rasheed@v5global.co.in","rahil.rasheed@v5global.co.in","rsarin2@lenovo.com","dsingh1@lenovo.com","raraveeti@lenovo.com","ASO","Shilpi Gautam","sgautam2@lenovo.com",null,"Durgendra Singh",null,"dsingh1@lenovo.com",null,"2025-12-13","21:19:00","25.3300801,83.0223538","Jai Bajrang Computer",{"$nulls":3},"T3",null,"North2",null,"T-24033","Mugalsarai","Uttar Pradesh","V5 Global",null,"Yes","Telephonic","83ER00MCIN",1,"Lenovo","Ideapad","Slim 3","Lenovo IdeaPad Slim 3 12th Gen Intel Core i5-12450H 15\" (39.6cm) FHD IPS 300 Nits Thin & Light Laptop (16GB/512GB SSD/Win 11/MSO","Win 11","Thin & Light","Mainstream","i5 12th Gen","Consumer",41000,null,"NB",41000,"North2",48380,"",null,"North2","Mainstream","Mainstream","-"]
[21749555,"Manoj Bihari","manoj.bihari@v5global.co.in",9861291397,"V5 Global","Sambalpur","V5263625","Orissa","Orissa",null,"V5 Global",null,null,"Arindam Mazumdar","arindam.mazumdar@v5global.co.in",null,"East2",null,"External Consumer","ASO","V5 Global ASO",null,"FT",null,"ASO","LES","Biswa Ranjan Jena","Imam Hassan",null,"Rajender Negi","Raghavendra Araveeti","imam.hassan@v5global.co.in","imam.hassan@v5global.co.in","bjena1@lenovo.com","rnegi@lenovo.com","raraveeti@lenovo.com","ASO","Shilpi Gautam","sgautam2@lenovo.com",null,"Rajender Negi","LES","rnegi@lenovo.com",null,"2025-12-13","22:57:00","21.494288000835287,83.98116923868656","KAMALINI MOBILE",{"$nulls":3},"T3","21BQIPP7587E1ZK","East2",null,"T-29915","KHARIAR","Odisha","V5 Global",null,"Yes","Face to Face","67D5KAC6IN",1,"Lenovo","L22-4E","L Series","LEN L22-4E 21.5 IPS  BLACK 100HZ","NA","Visual Variants","Mainstream","NA","Visuals",5331,null,null,5331,"East2",6290.58,"",null,"East2","Mainstream","Mainstream","-"]
[21749603,"TALAMARLA LAKSHMI REDDY","talamarla.reddy@v5global.co.in",9014290161,"V5 Global","Anantapur","V5422498","Andhra Pradesh","Andhra Pradesh",null,"V5 Global",null,null,"Mohammed Ibrahim","mohammed.ibrahim@v5global.co.in",null,"South2",null,"External Consumer","ASO","V5 Global ASO",null,"FT",null,"ASO",null,"Prabhakar G","S.Arunbabu",null,"Prabhu Subaramanian","Sharad verma","arun.babu@v5global.co.in","arun.babu@v5global.co.in","gprabhakar@lenovo.com","psubramania4@lenovo.com","sharverm@lenovo.com","ASO","Shilpi Gautam","sgautam2@lenovo.com",null,"Prabhu Subaramanian",null,"psubramania4@lenovo.com",null,"2025-12-13","23:12:00","14.6920583,77.6088767","M/S POWER DIGITAL ELECTRONICS",{"$nulls":3},"T3","37BVWPS7028C1Z0","South2",null,"T-31528","RAYACHOTY","Andhra Pradesh","V5 Global",null,"Yes","Face to Face","90XW005UIN",1,"Lenovo","IdeaCentre","IdeaCentre 08IRH9","8GB RAM/512 GB SSD/Integrated Graphics/WINDOWS 11","Win 11","TDT","Entry","CORE I5","Consumer",32619,null,"TDT",32619,"South2",38490.42,"",null,"South2","Entry","Mainstream","NA"]
[21749618,"TALAMARLA LAKSHMI REDDY","talamarla.reddy@v5global.co.in",9014290161,"V5 Global","Anantapur","V5422498","Andhra Pradesh","Andhra Pradesh",null,"V5 Global",null,null,"Mohammed Ibrahim","mohammed.ibrahim@v5global.co.in",null,"South2",null,"External Consumer","ASO","V5 Global ASO",null,"FT",null,"ASO",null,"Prabhakar G","S.Arunbabu",null,"Prabhu Subaramanian","Sharad verma","arun.babu@v5global.co.in","arun.babu@v5global.co.in","gprabhakar@lenovo.com","psubramania4@lenovo.com","sharverm@lenovo.com","ASO","Shilpi Gautam","sgautam2@lenovo.com",null,"Prabhu Subaramanian",null,"psubramania4@lenovo.com",null,"2025-12-13","23:13:00","14.6919917,77.6088933","NIKHIL DIGITAL SHOPPE",{"$nulls":3},"T3","37AIDPD3466E2ZI","South2",null,"T-30965","Tadipatri","Andhra Pradesh","V5 Global",null,"Yes","Face to Face","90XW005UIN",1,"Lenovo","IdeaCentre","IdeaCentre 08IRH9","8GB RAM/512 GB SSD/Integrated Graphics/WINDOWS 11","Win 11","TDT","Entry","CORE I5","Consumer",32619,null,"TDT",32619,"South2",38490.42,"",null,"South2","Entry","Mainstream","NA"]
[21749628,"TALAMARLA LAKSHMI REDDY","talamarla.reddy@v5global.co.in",9014290161,"V5 Global","Anantapur","V5422498","Andhra Pradesh","Andhra Pradesh",null,"V5 Global",null,null,"Mohammed Ibrahim","mohammed.ibrahim@v5global.co.in",null,"South2",null,"External Consumer","ASO","V5 Global ASO",null,"FT",null,"ASO",null,"Prabhakar G","S.Arunbabu",null,"Prabhu Subaramanian","Sharad verma","arun.babu@v5global.co.in","arun.babu@v5global.co.in","gprabhakar@lenovo.com","psubramania4@lenovo.com","sharverm@lenovo.com","ASO","Shilpi Gautam","sgautam2@lenovo.com",null,"Prabhu Subaramanian",null,"psubramania4@lenovo.com",null,"2025-12-13","23:16:00","14.6921617,77.6086467","Hi Tech Computer Solutions",{"$nulls":3},"T3","37BWDPS3861D1ZE","South2",null,"T-10436","Chittoor","Andhra Pradesh","V5 Global",null,"Yes","Face to Face","90XS005PIN",2,"Lenovo","IdeaCentre","IdeaCentre","IntelÂ® Coreâ„¢ i3-14100 4C, 8GB DDR5/512 SSD/ WiFi 6 + BT 5.2/ 260W/ SFF 8.2Lt / Wired KeyBoard & Mouse /Win 11 Home/1 Yr Onsite","Win 11","TDT","Entry","IntelÂ® Coreâ„¢ i3-14100","Consumer",31500,null,"TDT",63000,"South2",37170,"",null,"South2","Entry","Entry","i3 OS"]
[21749643,"TALAMARLA LAKSHMI REDDY","talamarla.reddy@v5global.co.in",9014290161,"V5 Global","Anantapur","V5422498","Andhra Pradesh","Andhra Pradesh",null,"V5 Global",null,null,"Mohammed Ibrahim","mohammed.ibrahim@v5global.co.in",null,"South2",null,"External Consumer","ASO","V5 Global ASO",null,"FT",null,"ASO",null,"Prabhakar G","S.Arunbabu",null,"Prabhu Subaramanian","Sharad verma","arun.babu@v5global.co.in","arun.babu@v5global.co.in","gprabhakar@lenovo.com","psubramania4@lenovo.com","sharverm@lenovo.com","ASO","Shilpi Gautam","sgautam2@lenovo.com",null,"Prabhu Subaramanian",null,"psubramania4@lenovo.com",null,"2025-12-13","23:18:00","14.6921767,77.60859","HI TECH SYSTEMS",{"$nulls":3},"T3","37FSJPS4162K1Z1","South2",null,"T-10441","Chittoor","Andhra Pradesh","V5 Global",null,"Yes","Face to Face","83DV01AAIN",1,"Lenovo","LOQ","LOQ","LOQ I5 13gen 16GB RAM 512 gb SSD RTX4050 win11 MSO\t","Win 11","Gaming","Premium","I5 13gen","Consumer",78000,null,"NB",78000,"South2",92040,"SP","Gaming","South2","Premium","Premium","-"]
[21749710,"Shubham Meshram","shubham.meshram@v5global.co.in",9074043451,"V5 Global","Raipur",601113,"Chhattisgarh","Chhattisgarh",null,"V5 Global",null,null,"Mohmmad Abrar Khan","abrar.khan@v5global.co.in",null,"North2",null,"External Consumer","ASO","V5 Global ASO",null,"FT",null,"ASO",null,"Krishna Kumar Singh","Rahil Rasheed",null,"Rajender Negi","Raghavendra Araveeti","rahil.rasheed@v5global.co.in","rahil.rasheed@v5global.co.in","ksingh25@lenovo.com","rnegi@lenovo.com","raraveeti@lenovo.com","ASO","Shilpi Gautam","sgautam2@lenovo.com",null,"Rajender Negi",null,"rnegi@lenovo.com",null,"2025-12-13","23:33:00","21.2661269,81.6226057","COMPU WORD",{"$nulls":3},"T3","22ADOPV0374M1Z2","East2",null,"T-18374","Bhilai","Chattisgarh","V5 Global",null,"Yes","Telephonic","83B40004IN",1,"Lenovo","Ideapad","Ideapad 1","15.6\"FHD,8GB/512GB/I3 1315/WIN/MS OFFICE/","Win 11","Thin & Light","Entry","13 1315","Consumer",36960,null,"NB",36960,"North2",43612.799999999996,"",null,"North2","Mainstream","Mainstream","-"]
[21755102,"Karan Kanhaiyalal Gupta","karan.gupta@v5global.co.in",9594708424,"V5 Global","Mumbai","V5412124","MAHARASHTRA","Maharashtra",null,"V5 Global",null,null,"Muffazal Momin","muffazal.momin@v5global.co.in",null,"West1",null,"External Consumer","ASO","V5 Global ASO",null,"FT",null,"ASO",null,"Amit Tiwari","Yunus Hamid Mansoori",null,"Hemant C Baghel","Sharad verma","yunus.hamid@v5global.co.in","yunus.hamid@v5global.co.in","atiwari5@lenovo.com","hbaghel@lenovo.com","sharverm@lenovo.com","ASO","Shilpi Gautam","sgautam2@lenovo.com",null,"Hemant C Baghel",null,"hbaghel@lenovo.com",null,"2025-12-14","07:27:00","19.0640205,72.8965022","TECH-VISIT",{"$nulls":3},"T3","27AMIPP9499E1ZA","West1",null,"T-11320","Mumbai","Maharashtra","V5 Global",null,"Yes","Face to Face","90XS005NIN",1,"Lenovo","IdeaCentre","IdeaCentre Tower","i3-13100, 8GB/512GB/INTEL UHD GRAPHIC/win11 home/ USB combo set/1yr warranty","Win 11","TDT","Mainstream","i3-13100","Consumer",39990,null,"TDT",39990,"West1",47188.2,"",null,"West1 M","Mainstream","Entry","i3 OS"]
[21755198,"Karan Kanhaiyalal Gupta","karan.gupta@v5global.co.in",9594708424,"V5 Global","Mumbai","V5412124","MAHARASHTRA","Maharashtra",null,"V5 Global",null,null,"Muffazal Momin","muffazal.momin@v5global.co.in",null,"West1",null,"External Consumer","ASO","V5 Global ASO",null,"FT",null,"ASO",null,"Amit Tiwari","Yunus Hamid Mansoori",null,"Hemant C Baghel","Sharad verma","yunus.hamid@v5global.co.in","yunus.hamid@v5global.co.in","atiwari5@lenovo.com","hbaghel@lenovo.com","sharverm@lenovo.com","ASO","Shilpi Gautam","sgautam2@lenovo.com",null,"Hemant C Baghel",null,"hbaghel@lenovo.com",null,"2025-12-14","07:37:00","19.0640334,72.8965149","OMKAR COMPUTERS",{"$nulls":3},"T3",null,"West1",null,"T-25246","Mumbai","Maharashtra","V5 Global",null,"Yes","Telephonic","83JC00EFIN",2,"Lenovo","LOQ","LOQ 15ARP9","NB LOQ 15ARP9 R5 24G 512G 11S","Win 11","Gaming","Premium","R5 7235HS","Consumer",67578,null,"NB",135156,"West1",79742.04,"SP","Gaming","West1 M","Premium","Premium","-"]
[21755282,"Karan Kanhaiyalal Gupta","karan.gupta@v5global.co.in",9594708424,"V5 Global","Mumbai","V5412124","MAHARASHTRA","Maharashtra",null,"V5 Global",null,null,"Muffazal Momin","muffazal.momin@v5global.co.in",null,"West1",null,"External Consumer","ASO","V5 Global ASO",null,"FT",null,"ASO",null,"Amit Tiwari","Yunus Hamid Mansoori",null,"Hemant C Baghel","Sharad verma","yunus.hamid@v5global.co.in","yunus.hamid@v5global.co.in","atiwari5@lenovo.com","hbaghel@lenovo.com","sharverm@lenovo.com","ASO","Shilpi Gautam","sgautam2@lenovo.com",null,"Hemant C Baghel",null,"hbaghel@lenovo.com",null,"2025-12-14","07:49:00","19.0640158,72.8965029","COMPUTER PLUS (MARU)",{"$nulls":3},"T3","27ALKPP0225H1Z6","West1",null,"T-11318","Mumbai","Maharashtra","V5 Global",null,"Yes","Face to Face","F0HM00PKIN",2,"Lenovo","AIO","AIO","Core i3-1315U|8GB DDR5|512GB SSD|INTEGRATED GRAPHICS|27FHD AG 250N |WLAN+BT  |Cloud Grey|5M CAMERA WH|KBD Wireless|Win 11 Home +","Win 11","AIO","Mainstream","I3-1315U\t","Consumer",49732,null,"AIO",99464,"West1",58683.759999999995,"",null,"West1 M","Mainstream","Mainstream","i3 OS"]
[21755838,"Maheswaran ","maheswaran.1@v5global.co.in",9952328485,"V5 Global","Pondicherry","V5458447","Pondicherry","Tamil Nadu","-","V5 Global",null,null,"Prabhakaran A","prabhakaran@v5global.co.in",null,"South2",null,"External Consumer","ASO","V5 Global ASO",null,"FT",null,"ASO",null,"Sridhar Ethirajulu","S.Arunbabu",null,"Prabhu Subaramanian","Sharad verma","arun.babu@v5global.co.in","arun.babu@v5global.co.in","sethirajulu1@lenovo.com","psubramania4@lenovo.com","sharverm@lenovo.com","ASO","Shilpi Gautam","sgautam2@lenovo.com",null,"Prabhu Subaramanian",null,"psubramania4@lenovo.com",null,"2025-12-14","08:41:00","11.9270549,79.8000269","Raaj Computrronics",{"$nulls":3},"T3",null,"South2",null,"T-25250","Vellore","Tamil Nadu","Denave",null,"Yes","Telephonic","90XW0022IN",2,"Lenovo","IdeaCentre","IdeaCentre 3","Intel Core i7-13620H,10C SFF 7.4 Lt,8 GB DDR4 ,512 GB SSD","DOS","TDT","Mainstream","Intel Core i7-13620H","Consumer",55000,null,"TDT",110000,"South2",64900,"",null,"South2","Mainstream","Mainstream","-"]
[21755908,"Maheswaran ","maheswaran.1@v5global.co.in",9952328485,"V5 Global","Pondicherry","V5458447","Pondicherry","Tamil Nadu","-","V5 Global",null,null,"Prabhakaran A","prabhakaran@v5global.co.in",null,"South2",null,"External Consumer","ASO","V5 Global ASO",null,"FT",null,"ASO",null,"Sridhar Ethirajulu","S.Arunbabu",null,"Prabhu Subaramanian","Sharad verma","arun.babu@v5global.co.in","arun.babu@v5global.co.in","sethirajulu1@lenovo.com","psubramania4@lenovo.com","sharverm@lenovo.com","ASO","Shilpi Gautam","sgautam2@lenovo.com",null,"Prabhu Subaramanian",null,"psubramania4@lenovo.com",null,"2025-12-14","08:46:00","11.9270396,79.8000479","UNIQUE INFO SYSTEMS",{"$nulls":3},"T3","33ASZPA1567F1ZO","South2",null,"T-10017","Vellore","Tamil Nadu",null,null,"Yes","Telephonic","90XW0055IN",1,"Lenovo","IdeaCentre","Tower 08IRR9 ","8 GB DDR   , 512 GB SSDWired KeyBoard & Mouse WiFi 6 + BT 5.2 260W  3 Yr Onsite Warranty  Win 11 Home + MS Office 2024 + 1 YR Mi","Win 11","TDT","Mainstream","Intel Core i5-13420H, 8C,","Consumer",50052,null,"TDT",50052,"South2",59061.35999999999,"",null,"South2","Mainstream","Mainstream","-"]
[21750047,"Rajeshwar Kishanrao Lingamkar","rajeshwar.lingamkar@v5global.co.in",8380096899,"V5 Global","PUNE","V5300191","Maharashtra","Maharashtra",null,"V5 Global",null,null,"Safdar Hussian","safder.khan@v5global.co.in",null,"West1",null,"External Consumer","ASO","V5 Global ASO",null,"FT",null,"ASO",null,"Rajeev Jha","TBH",null,"Hemant C Baghel","Sharad verma",null,null,"rjha3@lenovo.com","hbaghel@lenovo.com","sharverm@lenovo.com","ASO","Shilpi Gautam","sgautam2@lenovo.com",null,"Hemant C Baghel",null,"hbaghel@lenovo.com",null,"2025-12-14","09:33:00","19.8568888,75.353311","SOFTBYTE SYSTEMS",{"$nulls":3},"T3",null,"West1",null,"T-17799","Pune","Maharashtra","V5 Global",null,"Yes","Face to Face","83E00017IN",2,"Lenovo","Yoga","Slim 6","LENOVO-CORE I7-13700H-16GB RAM-1 TB SSD -14\"OLED -WINDOWS 11+MSO","Win 11","Thin & Light","Premium","I7-13700H","Consumer",97190,null,"NB",194380,"West1",114684.2,"SP","Non-Gaming","West1 R","Premium","Premium","yoga"]
[21758019,"Amarjit Behera","amarjit.behera@v5global.co.in",9437451999,"V5 Global","Bhubaneswar",601088,"Orissa","Orissa",null,"V5 Global",null,null,"Arindam Mazumdar","arindam.mazumdar@v5global.co.in",null,"East2",null,"External Consumer","ASO","V5 Global ASO",null,"FT",null,"ASO",null,"Biswa Ranjan Jena","Imam Hassan",null,"Rajender Negi","Raghavendra Araveeti","imam.hassan@v5global.co.in","imam.hassan@v5global.co.in","bjena1@lenovo.com","rnegi@lenovo.com","raraveeti@lenovo.com","ASO","Shilpi Gautam","sgautam2@lenovo.com",null,"Rajender Negi",null,"rnegi@lenovo.com",null,"2025-12-14","09:35:00","20.4472897,85.8886661","Mama Computer",{"$nulls":3},"T3","21AMDPB9304K1ZG","East2",null,"T-2715","Balasore","Orissa","V5 Global",null,"Yes","Face to Face","GY51L52636",20,"Lenovo","Wired mouse","Input","Lenovo 120 Wired Mouse","NA","Accessories","NA","NA","Accessories",259,null,null,5180,"East2",305.62,"",null,"East2","NA","NA","-"]
[21758019,"Amarjit Behera","amarjit.behera@v5global.co.in",9437451999,"V5 Global","Bhubaneswar",601088,"Orissa","Orissa",null,"V5 Global",null,null,"Arindam Mazumdar","arindam.mazumdar@v5global.co.in",null,"East2",null,"External Consumer","ASO","V5 Global ASO",null,"FT",null,"ASO",null,"Biswa Ranjan Jena","Imam Hassan",null,"Rajender Negi","Raghavendra Araveeti","imam.hassan@v5global.co.in","imam.hassan@v5global.co.in","bjena1@lenovo.com","rnegi@lenovo.com","raraveeti@lenovo.com","ASO","Shilpi Gautam","sgautam2@lenovo.com",null,"Rajender Negi",null,"rnegi@lenovo.com",null,"2025-12-14","09:35:00","20.4472897,85.8886661","Mama Computer",{"$nulls":3},"T3","21AMDPB9304K1ZG","East2",null,"T-2715","Balasore","Orissa","V5 Global",null,"Yes","Face to Face","GX30M39704",10,"Lenovo","Input","Wired mouse","LENOVO 300 USB MOUSE/Warranty - 3 Year Carry In","NA","Accessories","NA","NA","Accessories",271,null,null,2710,"East2",319.78,"",null,"East2","NA","NA","-"]
[21750078,"Rajeshwar Kishanrao Lingamkar","rajeshwar.lingamkar@v5global.co.in",8380096899,"V5 Global","PUNE","V5300191","Maharashtra","Maharashtra",null,"V5 Global",null,null,"Safdar Hussian","safder.khan@v5global.co.in",null,"West1",null,"External Consumer","ASO","V5 Global ASO",null,"FT",null,"ASO",null,"Rajeev Jha","TBH",null,"Hemant C Baghel","Sharad verma",null,null,"rjha3@lenovo.com","hbaghel@lenovo.com","sharverm@lenovo.com","ASO","Shilpi Gautam","sgautam2@lenovo.com",null,"Hemant C Baghel",null,"hbaghel@lenovo.com",null,"2025-12-14","09:43:00","19.8569,75.3533446","NEW RASIKA INFOSYSTEM",{"$nulls":3},"T3",null,"West1",null,"T-22016","Osmanabad","Maharashtra","V5 Global",null,"Yes","Face to Face","83DV01A9IN",1,"Lenovo","LOQ","LOQ 15IRX9","i5 OS 6GB Gfx/i5 13450HX/RTX 3050 6GB","Win 11","Gaming","Premium","RTX 3050 6GB/512GB SSD/i5 13450HX","Consumer",77845,null,"NB",77845,"West1",91857.09999999999,"SP","Gaming","West1 R","Premium","Premium","-"]
[21758095,"Amarjit Behera","amarjit.behera@v5global.co.in",9437451999,"V5 Global","Bhubaneswar",601088,"Orissa","Orissa",null,"V5 Global",null,null,"Arindam Mazumdar","arindam.mazumdar@v5global.co.in",null,"East2",null,"External Consumer","ASO","V5 Global ASO",null,"FT",null,"ASO",null,"Biswa Ranjan Jena","Imam Hassan",null,"Rajender Negi","Raghavendra Araveeti","imam.hassan@v5global.co.in","imam.hassan@v5global.co.in","bjena1@lenovo.com","rnegi@lenovo.com","raraveeti@lenovo.com","ASO","Shilpi Gautam","sgautam2@lenovo.com",null,"Rajender Negi",null,"rnegi@lenovo.com",null,"2025-12-14","09:44:00","20.4472842,85.8884363","Laptop Gallery",{"$nulls":3},"T3","21ACNPI9863L1Z2","East2",null,"T-2760","Khordha","Orissa","V5 Global",null,"Yes","Face to Face","67D5KAC6IN",1,"Lenovo","L22-4E","L Series","LEN L22-4E 21.5 IPS  BLACK 100HZ","NA","Visual Variants","Mainstream","NA","Visuals",5331,null,null,5331,"East2",6290.58,"",null,"East2","Mainstream","Mainstream","-"]
[21753620,"Manoj Kumar Panwar","manoj.panwar@v5global.co.in",9828022302,"V5 Global","Ajmer","V5268361","Rajasthan","Rajasthan",null,"V5 Global",null,null,"Gourav Jain","gourav.jain@v5global.co.in",null,"North1",null,"External Consumer","ASO","V5 Global ASO",null,"FT",null,"ASO",null,"Ganga Singh","Gaurav Sharma",null,"Kumar Tanksale","Raghavendra Araveeti","gaurav.sharma@v5global.co.in","gaurav.sharma@v5global.co.in","gsingh24@lenovo.com","ktanksale1@lenovo.com","raraveeti@lenovo.com","ASO","Shilpi Gautam","sgautam2@lenovo.com",null,"Kumar Tanksale",null,"ktanksale1@lenovo.com",null,"2025-12-14","13:47:00","26.4186801,74.6251318","Daga Technocrats",{"$nulls":3},"T3",null,"North1",null,"T-23075","Jodhpur","Rajasthan","V5 Global",null,"Yes","Face to Face","83B40004IN",2,"Lenovo","Ideapad","Ideapad 1","15.6\"FHD,8GB/512GB/I3 1315/WIN/MS OFFICE/","Win 11","Thin & Light","Entry","13 1315","Consumer",36960,null,"NB",73920,"North1",43612.799999999996,"",null,"North1","Mainstream","Mainstream","-"]
[21753627,"Manoj Kumar Panwar","manoj.panwar@v5global.co.in",9828022302,"V5 Global","Ajmer","V5268361","Rajasthan","Rajasthan",null,"V5 Global",null,null,"Gourav Jain","gourav.jain@v5global.co.in",null,"North1",null,"External Consumer","ASO","V5 Global ASO",null,"FT",null,"ASO",null,"Ganga Singh","Gaurav Sharma",null,"Kumar Tanksale","Raghavendra Araveeti","gaurav.sharma@v5global.co.in","gaurav.sharma@v5global.co.in","gsingh24@lenovo.com","ktanksale1@lenovo.com","raraveeti@lenovo.com","ASO","Shilpi Gautam","sgautam2@lenovo.com",null,"Kumar Tanksale",null,"ktanksale1@lenovo.com",null,"2025-12-14","13:49:00","26.4186772,74.6251334","Miracle Computer",{"$nulls":3},"T3","08ATOPJ1106F1ZY","North1",null,"T-15284","Ajmer","Rajasthan","V5 Global",null,"Yes","Face to Face","83B40004IN",1,"Lenovo","Ideapad","Ideapad 1","15.6\"FHD,8GB/512GB/I3 1315/WIN/MS OFFICE/","Win 11","Thin & Light","Entry","13 1315","Consumer",36960,null,"NB",36960,"North1",43612.799999999996,"",null,"North1","Mainstream","Mainstream","-"]
[21756143,"Mohd Rashid","mohd.rashid@v5global.co.in",9369188344,"V5 Global","Lucknow","V5267964","Uttar Pradesh","Uttar Pradesh",null,"V5 Global",null,null,"Mohammad Atif","mohammad.atif@v5global.co.in",null,"North2",null,"External Consumer","ASO","V5 Global ASO",null,"FT",null,"ASO",null,"Rahul Sarin","Rahil Rasheed",null,"Durgendra Singh","Raghavendra Araveeti","rahil.rasheed@v5global.co.in","rahil.rasheed@v5global.co.in","rsarin2@lenovo.com","dsingh1@lenovo.com","raraveeti@lenovo.com","ASO","Shilpi Gautam","sgautam2@lenovo.com",null,"Durgendra Singh",null,"dsingh1@lenovo.com",null,"2025-12-14","21:04:00","26.8370452,80.9285354","Jyoti Infosys",{"$nulls":3},"T3",null,"North2",null,"T-23233","Lucknow","Uttar Pradesh","V5 Global",null,"Yes","Face to Face","82LX00F7IN",2,"Lenovo","Ideapad","Slim 1","LEN N4500 8GB 512GB SSD WIN11  1YR","Win 11","Thin & Light","Entry","N4500","Consumer",25900,null,"NB",51800,"North2",30562,"",null,"North2","Entry","Entry","-"]
[21756181,"Mohd Rashid","mohd.rashid@v5global.co.in",9369188344,"V5 Global","Lucknow","V5267964","Uttar Pradesh","Uttar Pradesh",null,"V5 Global",null,null,"Mohammad Atif","mohammad.atif@v5global.co.in",null,"North2",null,"External Consumer","ASO","V5 Global ASO",null,"FT",null,"ASO",null,"Rahul Sarin","Rahil Rasheed",null,"Durgendra Singh","Raghavendra Araveeti","rahil.rasheed@v5global.co.in","rahil.rasheed@v5global.co.in","rsarin2@lenovo.com","dsingh1@lenovo.com","raraveeti@lenovo.com","ASO","Shilpi Gautam","sgautam2@lenovo.com",null,"Durgendra Singh",null,"dsingh1@lenovo.com",null,"2025-12-14","21:06:00","26.8370879,80.9285544","Siva Computer",{"$nulls":3},"T3",null,"North2",null,"T-23257","Lucknow","Uttar Pradesh","V5 Global",null,"Yes","Face to Face","82LX00F7IN",2,"Lenovo","Ideapad","Slim 1","LEN N4500 8GB 512GB SSD WIN11  1YR","Win 11","Thin & Light","Entry","N4500","Consumer",25900,null,"NB",51800,"North2",30562,"",null,"North2","Entry","Entry","-"]
[21756231,"Mohd Rashid","mohd.rashid@v5global.co.in",9369188344,"V5 Global","Lucknow","V5267964","Uttar Pradesh","Uttar Pradesh",null,"V5 Global",null,null,"Mohammad Atif","mohammad.atif@v5global.co.in",null,"North2",null,"External Consumer","ASO","V5 Global ASO",null,"FT",null,"ASO",null,"Rahul Sarin","Rahil Rasheed",null,"Durgendra Singh","Raghavendra Araveeti","rahil.rasheed@v5global.co.in","rahil.rasheed@v5global.co.in","rsarin2@lenovo.com","dsingh1@lenovo.com","raraveeti@lenovo.com","ASO","Shilpi Gautam","sgautam2@lenovo.com",null,"Durgendra Singh",null,"dsingh1@lenovo.com",null,"2025-12-14","21:09:00","26.837133,80.9285183","KRISHNA ENTERPRISES",{"$nulls":3},"T3",null,"North2",null,"T-23306","Faizabad","Uttar Pradesh","V5 Global",null,"Yes","Face to Face","82LX00F7IN",2,"Lenovo","Ideapad","Slim 1","LEN N4500 8GB 512GB SSD WIN11  1YR","Win 11","Thin & Light","Entry","N4500","Consumer",25900,null,"NB",51800,"North2",30562,"",null,"North2","Entry","Entry","-"]
[21756255,"Mohd Rashid","mohd.rashid@v5global.co.in",9369188344,"V5 Global","Lucknow","V5267964","Uttar Pradesh","Uttar Pradesh",null,"V5 Global",null,null,"Mohammad Atif","mohammad.atif@v5global.co.in",null,"North2",null,"External Consumer","ASO","V5 Global ASO",null,"FT",null,"ASO",null,"Rahul Sarin","Rahil Rasheed",null,"Durgendra Singh","Raghavendra Araveeti","rahil.rasheed@v5global.co.in","rahil.rasheed@v5global.co.in","rsarin2@lenovo.com","dsingh1@lenovo.com","raraveeti@lenovo.com","ASO","Shilpi Gautam","sgautam2@lenovo.com",null,"Durgendra Singh",null,"dsingh1@lenovo.com",null,"2025-12-14","21:11:00","26.8370448,80.9285701","Asia Computers",{"$nulls":3},"T3",null,"North2",null,"T-23312","Bareilly","Uttar Pradesh","Denave",null,"Yes","Face to Face","82LX00F7IN",2,"Lenovo","Ideapad","Slim 1","LEN N4500 8GB 512GB SSD WIN11  1YR","Win 11","Thin & Light","Entry","N4500","Consumer",25900,null,"NB",51800,"North2",30562,"",null,"North2","Entry","Entry","-"]
[21757234,"Samya Roy","samya.roy@v5global.co.in",9474010730,"V5 Global","Bolpur","V5287255","West Bengal","West Bengal",null,"V5 Global",null,null,"Arindam Mazumdar","arindam.mazumdar@v5global.co.in",null,"East1",null,"External Consumer","ASO","V5 Global ASO",null,"FT",null,"ASO",null,"Ashique Ali","Amit Thakuri",null,"Amit Tiwari","Raghavendra Araveeti","amit.thakuri@v5global.co.in","amit.thakuri@v5global.co.in","aali11@lenovo.com","atiwari11@lenovo.com","raraveeti@lenovo.com","ASO","Shilpi Gautam","sgautam2@lenovo.com",null,"Amit Tiwari",null,"atiwari11@lenovo.com",null,"2025-12-14","21:12:00","23.6662717,87.6908933","IT BAZAR",{"$nulls":3},"T3","19ADGPD9049P2ZU","East1",null,"T-29861","Bankura","West Bengal","V5 Global",null,"Yes","Telephonic","83DV01A5IN",1,"Lenovo","LOQ","LOQ 15IRX9","CI7-13650HX/16GB/512GB/RTX 4050 6GB/WIN11/OFFICE2024/15.6FULLHDIPS","Win 11","Gaming","Premium","C I7-13650HX","Consumer",91500,null,"NB",91500,"East1",107970,"SP","Gaming","East1","Premium","Premium","-"]
[21757245,"Samya Roy","samya.roy@v5global.co.in",9474010730,"V5 Global","Bolpur","V5287255","West Bengal","West Bengal",null,"V5 Global",null,null,"Arindam Mazumdar","arindam.mazumdar@v5global.co.in",null,"East1",null,"External Consumer","ASO","V5 Global ASO",null,"FT",null,"ASO",null,"Ashique Ali","Amit Thakuri",null,"Amit Tiwari","Raghavendra Araveeti","amit.thakuri@v5global.co.in","amit.thakuri@v5global.co.in","aali11@lenovo.com","atiwari11@lenovo.com","raraveeti@lenovo.com","ASO","Shilpi Gautam","sgautam2@lenovo.com",null,"Amit Tiwari",null,"atiwari11@lenovo.com",null,"2025-12-14","21:13:00","23.66642,87.690764","ANGANA ENTERPRISE",{"$nulls":3},"T3","19AEIPC1843B1ZZ","East1",null,"T-1521","Bankura","West Bengal",null,null,"Yes","Face to Face","F0J6005GIN",1,"Lenovo","AIO","A100","IntelÂ® Coreâ„¢ i3-N305/8GB SO-DIMM DDR4-3200/512GB SSD/Integrated IntelÂ® UHD Graphics/WindowsÂ® 11,Cloud Grey","Win 11","AIO","Mainstream","IntelÂ® Coreâ„¢ i3-N305","Consumer",49000,null,"AIO",49000,"East1",57820,"",null,"East1","Mainstream","Mainstream","i3 OS"]
[21757254,"Samya Roy","samya.roy@v5global.co.in",9474010730,"V5 Global","Bolpur","V5287255","West Bengal","West Bengal",null,"V5 Global",null,null,"Arindam Mazumdar","arindam.mazumdar@v5global.co.in",null,"East1",null,"External Consumer","ASO","V5 Global ASO",null,"FT",null,"ASO",null,"Ashique Ali","Amit Thakuri",null,"Amit Tiwari","Raghavendra Araveeti","amit.thakuri@v5global.co.in","amit.thakuri@v5global.co.in","aali11@lenovo.com","atiwari11@lenovo.com","raraveeti@lenovo.com","ASO","Shilpi Gautam","sgautam2@lenovo.com",null,"Amit Tiwari",null,"atiwari11@lenovo.com",null,"2025-12-14","21:14:00","23.6664234,87.6907628","DALMIYA COMPUTER",{"$nulls":3},"T3","19AEHPD9752K1Z0","East1",null,"T-1561","Purulia","West Bengal","V5 Global",null,"Yes","Telephonic","83DV01BHIN",1,"Lenovo","LOQ","LOQ 15IRX9","CI7-13650HX/16GB/512GB/RTX 4060 8GB/WIN11/OFFICE2024/ 15.6 FULL HD IPS","Win 11","Gaming","Premium","C I7-13650HX","Consumer",106500,null,"NB",106500,"East1",125670,"SP","Gaming","East1","Premium","Premium","-"]
[21757267,"Samya Roy","samya.roy@v5global.co.in",9474010730,"V5 Global","Bolpur","V5287255","West Bengal","West Bengal",null,"V5 Global",null,null,"Arindam Mazumdar","arindam.mazumdar@v5global.co.in",null,"East1",null,"External Consumer","ASO","V5 Global ASO",null,"FT",null,"ASO",null,"Ashique Ali","Amit Thakuri",null,"Amit Tiwari","Raghavendra Araveeti","amit.thakuri@v5global.co.in","amit.thakuri@v5global.co.in","aali11@lenovo.com","atiwari11@lenovo.com","raraveeti@lenovo.com","ASO","Shilpi Gautam","sgautam2@lenovo.com",null,"Amit Tiwari",null,"atiwari11@lenovo.com",null,"2025-12-14","21:16:00","23.6664187,87.6907582","COMPUTER WORLD",{"$nulls":3},"T3","19AYEPS2194M1ZP","East1",null,"T-1556","Bankura","West Bengal","V5 Global",null,"Yes","Telephonic","82R400XSIN",1,"Lenovo","Ideapad","Ideapad","\"Ryzenâ„¢ 5 5500U 6C 8GB RAM 512GB SSD Windows11 MS Office H&S 2024  Integrated AMD Radeon  Graphics  15.6\"\" FHD TN 220nits AG 720","Win 11","Thin & Light","Entry","Amd Ryzen 5 5500U","Consumer",29407,null,"NB",29407,"East1",34700.259999999995,"",null,"East1","Entry","Entry","-"]
[21757277,"Samya Roy","samya.roy@v5global.co.in",9474010730,"V5 Global","Bolpur","V5287255","West Bengal","West Bengal",null,"V5 Global",null,null,"Arindam Mazumdar","arindam.mazumdar@v5global.co.in",null,"East1",null,"External Consumer","ASO","V5 Global ASO",null,"FT",null,"ASO",null,"Ashique Ali","Amit Thakuri",null,"Amit Tiwari","Raghavendra Araveeti","amit.thakuri@v5global.co.in","amit.thakuri@v5global.co.in","aali11@lenovo.com","atiwari11@lenovo.com","raraveeti@lenovo.com","ASO","Shilpi Gautam","sgautam2@lenovo.com",null,"Amit Tiwari",null,"atiwari11@lenovo.com",null,"2025-12-14","21:16:00","23.6664201,87.6907584","M/S Tech International",{"$nulls":3},"T3","19AHNPB7336E1ZB","East1",null,"T-1609","West Burdwan","West Bengal","V5 Global",null,"Yes","Telephonic","90VT00DRIN",2,"Lenovo","IdeaCentre",3,"Intel Core i5-13400, 10C (6P + 4E) / 16T, P-core 2.5 / 4.6GHz, E-core 1.8 / 3.3GHz, 20MB","Win 11","TDT","Mainstream","CI5","Consumer",40000,null,"TDT",80000,"East1",47200,"",null,"East1","Mainstream","Mainstream","-"]
[21756361,"Rajesh MG","rajesh.mg@v5global.co.in",8157020114,"V5 Global","COCHIN",601146,"KERELA","KERELA",null,"V5 Global",null,null,"Athul Krishna","athul.n@v5global.co.in",null,"South1",null,"External Consumer","ASO","V5 Global ASO",null,"FT",null,"ASO",null,"Shaiju","Prakash Kumar K P",null,"S Sreekumar","Sharad verma","prakash.kp@v5global.co.in","prakash.kp@v5global.co.in","ss89@lenovo.com","ssreekumar@lenovo.com","sharverm@lenovo.com","ASO","Shilpi Gautam","sgautam2@lenovo.com",null,"S Sreekumar",null,"ssreekumar@lenovo.com",null,"2025-12-14","21:18:00","10.604924,76.142832","BEST IND COMPUTER SHOPPE",{"$nulls":3},"T3","32AAIFB0056B1ZA","South2",null,"T-8621","malappuram","Kerala",null,null,"Yes","Telephonic","83DV01A5IN",1,"Lenovo","LOQ","LOQ 15IRX9","CI7-13650HX/16GB/512GB/RTX 4050 6GB/WIN11/OFFICE2024/15.6FULLHDIPS","Win 11","Gaming","Premium","C I7-13650HX","Consumer",91500,null,"NB",91500,"South1",107970,"SP","Gaming","South1","Premium","Premium","-"]
[21756402,"Mohd Rashid","mohd.rashid@v5global.co.in",9369188344,"V5 Global","Lucknow","V5267964","Uttar Pradesh","Uttar Pradesh",null,"V5 Global",null,null,"Mohammad Atif","mohammad.atif@v5global.co.in",null,"North2",null,"External Consumer","ASO","V5 Global ASO",null,"FT",null,"ASO",null,"Rahul Sarin","Rahil Rasheed",null,"Durgendra Singh","Raghavendra Araveeti","rahil.rasheed@v5global.co.in","rahil.rasheed@v5global.co.in","rsarin2@lenovo.com","dsingh1@lenovo.com","raraveeti@lenovo.com","ASO","Shilpi Gautam","sgautam2@lenovo.com",null,"Durgendra Singh",null,"dsingh1@lenovo.com",null,"2025-12-14","21:21:00","26.837137,80.9285035","Srinath Ji Infosolution",{"$nulls":3},"T3",null,"North2",null,"T-23211","Lucknow","Uttar Pradesh","V5 Global",null,"Yes","Face to Face","90XS005PIN",30,"Lenovo","IdeaCentre","IdeaCentre","IntelÂ® Coreâ„¢ i3-14100 4C, 8GB DDR5/512 SSD/ WiFi 6 + BT 5.2/ 260W/ SFF 8.2Lt / Wired KeyBoard & Mouse /Win 11 Home/1 Yr Onsite","Win 11","TDT","Entry","IntelÂ® Coreâ„¢ i3-14100","Consumer",31500,null,"TDT",945000,"North2",37170,"",null,"North2","Entry","Entry","i3 OS"]
[21756649,"Rajesh MG","rajesh.mg@v5global.co.in",8157020114,"V5 Global","COCHIN",601146,"KERELA","KERELA",null,"V5 Global",null,null,"Athul Krishna","athul.n@v5global.co.in",null,"South1",null,"External Consumer","ASO","V5 Global ASO",null,"FT",null,"ASO",null,"Shaiju","Prakash Kumar K P",null,"S Sreekumar","Sharad verma","prakash.kp@v5global.co.in","prakash.kp@v5global.co.in","ss89@lenovo.com","ssreekumar@lenovo.com","sharverm@lenovo.com","ASO","Shilpi Gautam","sgautam2@lenovo.com",null,"S Sreekumar",null,"ssreekumar@lenovo.com",null,"2025-12-14","21:34:00","10.604924,76.142832","NET MAGIC",{"$nulls":3},"T3","32ACCPH8786J1ZB","South2",null,"T-8366","Palakkad","Kerala","Denave",null,"Yes","Telephonic","90XS005JIN",2,"Lenovo","IdeaCentre","IdeaCentre","i3 14100 14th Gen Processor,8Gb Ram ddr5,512Ssd,Windows 11,Wifi,BT, Usb calliope Black, keybord,mouse\t","Win 11","TDT","Mainstream","I3 14100","Consumer",25747,null,"TDT",51494,"South1",30381.46,"",null,"South1","Entry","Mainstream","i3 OS"]
[21757624,"Biplab Barman","biplab.barman@v5global.co.in",9832301778,"V5 Global","Siliguri","V5326187","West Bengal","West Bengal",null,"V5 Global",null,null,"Sukamal Saha","sukamal.saha@v5global.co.in",null,"East1",null,"External Consumer","ASO","V5 Global ASO",null,"FT",null,"ASO",null,"Kapil Tiwari","Amit Thakuri",null,"Amit Tiwari","Raghavendra Araveeti","amit.thakuri@v5global.co.in","amit.thakuri@v5global.co.in","ktiwari1@lenovo.com","atiwari11@lenovo.com","raraveeti@lenovo.com","ASO","Shilpi Gautam","sgautam2@lenovo.com",null,"Amit Tiwari",null,"atiwari11@lenovo.com",null,"2025-12-14","23:54:00","26.7169551,88.4443429","Pratick It Solution",{"$nulls":3},"T3","19AIEPM1979J1ZQ","East1",null,"T-676","Darjiling","WEST BENGAL","V5 Global",null,"Yes","Telephonic","83K100C9IN",2,"Lenovo","Slim 3","IdeaPad Slim 3 15IRH10","NB IP Slim 3 15IRH10 I7 8G 8G 512G 11S","Win 11","Thin & Light","Mainstream","i7 13620H","Consumer",64700,null,"NB",129400,"East1",76346,"SP","Non-Gaming","East1","Premium","Premium","-"]
[21758083,"Arabinda Samanta","arabinda.samanta@v5global.co.in",8879216607,"V5 Global","Mumbai","V5360834","Maharashtra","Maharashtra",null,"V5 Global",null,null,"Muffazal Momin","muffazal.momin@v5global.co.in",null,"West1",null,"External Consumer","ASO","V5 Global ASO",null,"FT",null,"ASO",null,"Amit Tiwari","Yunus Hamid Mansoori",null,"Hemant C Baghel","Sharad verma","yunus.hamid@v5global.co.in","yunus.hamid@v5global.co.in","atiwari5@lenovo.com","hbaghel@lenovo.com","sharverm@lenovo.com","ASO","Shilpi Gautam","sgautam2@lenovo.com",null,"Hemant C Baghel",null,"hbaghel@lenovo.com",null,"2025-12-15","09:44:00","19.4302606,72.8215755","PC SOLUTIONS & SERVICES",{"$nulls":3},"T3",null,"West1",null,"T-28486","Mumbai","Maharashtra","Denave",null,"Yes","Face to Face","82X700HMIN",2,"Lenovo","IdeaPad Slim 3","Slim 3","15.6\", 8GB, 512GB, Integrated Intel UHD Graphics, Office Home 2024, Arctic Grey\t","Win 11","Thin & Light","Mainstream","Intel Core i3-1315U\t","Consumer",41000,null,"NB",82000,"West1",48380,"",null,"West1 M","Mainstream","Mainstream","i3 OS"]
[21758092,"Arabinda Samanta","arabinda.samanta@v5global.co.in",8879216607,"V5 Global","Mumbai","V5360834","Maharashtra","Maharashtra",null,"V5 Global",null,null,"Muffazal Momin","muffazal.momin@v5global.co.in",null,"West1",null,"External Consumer","ASO","V5 Global ASO",null,"FT",null,"ASO",null,"Amit Tiwari","Yunus Hamid Mansoori",null,"Hemant C Baghel","Sharad verma","yunus.hamid@v5global.co.in","yunus.hamid@v5global.co.in","atiwari5@lenovo.com","hbaghel@lenovo.com","sharverm@lenovo.com","ASO","Shilpi Gautam","sgautam2@lenovo.com",null,"Hemant C Baghel",null,"hbaghel@lenovo.com",null,"2025-12-15","09:44:00","19.4302587,72.8215788","BENCHMARK COMPUTER SOLUTIONS LIMITED",{"$nulls":3},"T3","27AACCB3357N1ZE","West1",null,"T-31238","Mumbai","Maharashtra","V5 Global","V5 Global","Yes","Face to Face","83ER00MCIN",1,"Lenovo","Ideapad","Slim 3","Lenovo IdeaPad Slim 3 12th Gen Intel Core i5-12450H 15\" (39.6cm) FHD IPS 300 Nits Thin & Light Laptop (16GB/512GB SSD/Win 11/MSO","Win 11","Thin & Light","Mainstream","i5 12th Gen","Consumer",41000,null,"NB",41000,"West1",48380,"",null,"West1 M","Mainstream","Mainstream","-"]
[21758114,"Arabinda Samanta","arabinda.samanta@v5global.co.in",8879216607,"V5 Global","Mumbai","V5360834","Maharashtra","Maharashtra",null,"V5 Global",null,null,"Muffazal Momin","muffazal.momin@v5global.co.in",null,"West1",null,"External Consumer","ASO","V5 Global ASO",null,"FT",null,"ASO",null,"Amit Tiwari","Yunus Hamid Mansoori",null,"Hemant C Baghel","Sharad verma","yunus.hamid@v5global.co.in","yunus.hamid@v5global.co.in","atiwari5@lenovo.com","hbaghel@lenovo.com","sharverm@lenovo.com","ASO","Shilpi Gautam","sgautam2@lenovo.com",null,"Hemant C Baghel",null,"hbaghel@lenovo.com",null,"2025-12-15","09:47:00","19.4302596,72.8215801","Crystal Computer",{"$nulls":3},"T3",null,"West1",null,"T-25994","Mumbai","Maharashtra","Denave",null,"Yes","Face to Face","83ER00MCIN",2,"Lenovo","Ideapad","Slim 3","Lenovo IdeaPad Slim 3 12th Gen Intel Core i5-12450H 15\" (39.6cm) FHD IPS 300 Nits Thin & Light Laptop (16GB/512GB SSD/Win 11/MSO","Win 11","Thin & Light","Mainstream","i5 12th Gen","Consumer",41000,null,"NB",82000,"West1",48380,"",null,"West1 M","Mainstream","Mainstream","-"]
[21758136,"Vijay Dattatray Boraste","vijay.dattatary@v5global.co.in",8888808035,"V5 Global","Nasik","V5266927","Maharashtra","Maharashtra",null,"V5 Global",null,null,"Aparajitaa Lakhani","aparajita.lakhani@v5global.co.in",null,"West1",null,"External Consumer","ASO","V5 Global ASO",null,"FT",null,"ASO",null,"Rajeev Jha","TBH",null,"Hemant C Baghel","Sharad verma",null,null,"rjha3@lenovo.com","hbaghel@lenovo.com","sharverm@lenovo.com","ASO","Shilpi Gautam","sgautam2@lenovo.com",null,"Hemant C Baghel",null,"hbaghel@lenovo.com",null,"2025-12-15","09:49:00","19.9917631,73.8384495","THE NEW GERNERATION",{"$nulls":3},"T3","27AKQPB3901M1Z0","West1",null,"T-12416","Nashik","Maharashtra","V5 Global",null,"Yes","Telephonic","82R4011PIN",2,"Lenovo","IdeaPad","IdeaPad 1 15ALC7","AMD Ryzenâ„¢ 5 5500U , Integrated AMD Radeonâ„¢ Graphics, 8GB , 512 GB SSD, 15.6\" FHD (1920x1080) IPS 250nits Anti-glare, 1.61 kg, C","Win 11","Thin & Light","Mainstream","AMD Ryzenâ„¢ 5 5500U","Consumer",35259,null,"NB",70518,"West1",41605.619999999995,"",null,"West1 R","Mainstream","Entry","-"]
[21758162,"Vijay Dattatray Boraste","vijay.dattatary@v5global.co.in",8888808035,"V5 Global","Nasik","V5266927","Maharashtra","Maharashtra",null,"V5 Global",null,null,"Aparajitaa Lakhani","aparajita.lakhani@v5global.co.in",null,"West1",null,"External Consumer","ASO","V5 Global ASO",null,"FT",null,"ASO",null,"Rajeev Jha","TBH",null,"Hemant C Baghel","Sharad verma",null,null,"rjha3@lenovo.com","hbaghel@lenovo.com","sharverm@lenovo.com","ASO","Shilpi Gautam","sgautam2@lenovo.com",null,"Hemant C Baghel",null,"hbaghel@lenovo.com",null,"2025-12-15","09:52:00","19.9919282,73.8386882","Aditya Computer",{"$nulls":3},"T3","27CNRPS3061B1ZU","West1",null,"T-12290","Nashik","Maharashtra","V5 Global",null,"Yes","Telephonic","82X700HMIN",1,"Lenovo","IdeaPad Slim 3","Slim 3","15.6\", 8GB, 512GB, Integrated Intel UHD Graphics, Office Home 2024, Arctic Grey\t","Win 11","Thin & Light","Mainstream","Intel Core i3-1315U\t","Consumer",41000,null,"NB",41000,"West1",48380,"",null,"West1 R","Mainstream","Mainstream","i3 OS"]
[21758194,"Vijay Dattatray Boraste","vijay.dattatary@v5global.co.in",8888808035,"V5 Global","Nasik","V5266927","Maharashtra","Maharashtra",null,"V5 Global",null,null,"Aparajitaa Lakhani","aparajita.lakhani@v5global.co.in",null,"West1",null,"External Consumer","ASO","V5 Global ASO",null,"FT",null,"ASO",null,"Rajeev Jha","TBH",null,"Hemant C Baghel","Sharad verma",null,null,"rjha3@lenovo.com","hbaghel@lenovo.com","sharverm@lenovo.com","ASO","Shilpi Gautam","sgautam2@lenovo.com",null,"Hemant C Baghel",null,"hbaghel@lenovo.com",null,"2025-12-15","09:54:00","19.9917549,73.8388008","Suraj Computers",{"$nulls":3},"T3","27DVUPK0737A1ZJ","West1",null,"T-12413","Nashik","Maharashtra",null,null,"Yes","Telephonic","83GS00PJIN",1,"Lenovo","LOQ","LOQ 15IAX9","15.6,16GB,521SSD,RTX3050 6GB,2024 MSO,LUNA GREE","Win 11","Gaming","Premium","Core i5-12450HX","Consumer",75864,null,"NB",75864,"West1",89519.51999999999,"SP","Gaming","West1 R","Premium","Premium","-"]
[21758214,"Vijay Dattatray Boraste","vijay.dattatary@v5global.co.in",8888808035,"V5 Global","Nasik","V5266927","Maharashtra","Maharashtra",null,"V5 Global",null,null,"Aparajitaa Lakhani","aparajita.lakhani@v5global.co.in",null,"West1",null,"External Consumer","ASO","V5 Global ASO",null,"FT",null,"ASO",null,"Rajeev Jha","TBH",null,"Hemant C Baghel","Sharad verma",null,null,"rjha3@lenovo.com","hbaghel@lenovo.com","sharverm@lenovo.com","ASO","Shilpi Gautam","sgautam2@lenovo.com",null,"Hemant C Baghel",null,"hbaghel@lenovo.com",null,"2025-12-15","09:55:00","19.9918538,73.8385215","San Infotech",{"$nulls":3},"T3","27ABEFSO887Q1ZC","West1",null,"T-30045","NASHIK","Maharashtra","V5 Global",null,"Yes","Telephonic","83GS00PJIN",2,"Lenovo","LOQ","LOQ 15IAX9","15.6,16GB,521SSD,RTX3050 6GB,2024 MSO,LUNA GREE","Win 11","Gaming","Premium","Core i5-12450HX","Consumer",75864,null,"NB",151728,"West1",89519.51999999999,"SP","Gaming","West1 R","Premium","Premium","-"]
[21758239,"Vijay Dattatray Boraste","vijay.dattatary@v5global.co.in",8888808035,"V5 Global","Nasik","V5266927","Maharashtra","Maharashtra",null,"V5 Global",null,null,"Aparajitaa Lakhani","aparajita.lakhani@v5global.co.in",null,"West1",null,"External Consumer","ASO","V5 Global ASO",null,"FT",null,"ASO",null,"Rajeev Jha","TBH",null,"Hemant C Baghel","Sharad verma",null,null,"rjha3@lenovo.com","hbaghel@lenovo.com","sharverm@lenovo.com","ASO","Shilpi Gautam","sgautam2@lenovo.com",null,"Hemant C Baghel",null,"hbaghel@lenovo.com",null,"2025-12-15","09:58:00","19.9921089,73.8388448","SINGH COMPUTER SOLUTIONS",{"$nulls":3},"T3","27ALYPN8657P1ZL","West1",null,"T-12406","Nashik","Maharashtra",null,null,"Yes","Telephonic","90XS005PIN",1,"Lenovo","IdeaCentre","IdeaCentre","IntelÂ® Coreâ„¢ i3-14100 4C, 8GB DDR5/512 SSD/ WiFi 6 + BT 5.2/ 260W/ SFF 8.2Lt / Wired KeyBoard & Mouse /Win 11 Home/1 Yr Onsite","Win 11","TDT","Entry","IntelÂ® Coreâ„¢ i3-14100","Consumer",31500,null,"TDT",31500,"West1",37170,"",null,"West1 R","Entry","Entry","i3 OS"]
[21758246,"Sudam Pradhan","sudam.pradhan@v5global.co.in",8600840554,"V5 Global","Bilaspur","V5414474","Chhattisgarh","Chhattisgarh",null,"V5 Global",null,null,"Mohmmad Abrar Khan","abrar.khan@v5global.co.in",null,"North2",null,"External Consumer","ASO","V5 Global ASO",null,"FT",null,"ASO",null,"Krishna Kumar Singh","Rahil Rasheed",null,"Rajender Negi","Raghavendra Araveeti","rahil.rasheed@v5global.co.in","rahil.rasheed@v5global.co.in","ksingh25@lenovo.com","rnegi@lenovo.com","raraveeti@lenovo.com","ASO","Shilpi Gautam","sgautam2@lenovo.com",null,"Rajender Negi",null,"rnegi@lenovo.com",null,"2025-12-15","09:59:00","21.22678,81.6125706","E ZONE",{"$nulls":3},"T3","22BHKPS9466E1ZY","East2",null,"T-15769","Bilaspur","Chattisgarh","V5 Global",null,"Yes","Face to Face","83CV00D3IN",1,"Lenovo","Yoga Slim 7","Slim 7","14\" WUXGA (1920x1200) OLED 400nits Glossy/32GB Soldered LPDDR5-6400/1TB SSD M.2 2242 PCIeÂ® 4.0x4 NVMeÂ®/Integrated IntelÂ® Arcâ„¢ Gr","Win 11","Thin & Light","Premium","IntelÂ® Coreâ„¢ Ultra 7 155H, 16C","Consumer",114710,null,"NB",114710,"North2",135357.8,"SP","Non-Gaming","North2","Premium","Premium","Yoga"]
[21758264,"Laxman Anilrao Deshmukh","laxman.anilrao@v5global.co.in",9028122888,"V5 Global","AURANGABAD","V5266711","MAHARASHTRA","MAHARASHTRA",null,"V5 Global",null,null,"Safdar Hussian","safder.khan@v5global.co.in",null,"West1",null,"External Consumer","ASO","V5 Global ASO",null,"FT",null,"ASO",null,"Sonia more","TBH",null,"Hemant C Baghel","Sharad verma",null,null,"smore3@lenovo.com","hbaghel@lenovo.com","sharverm@lenovo.com","ASO","Shilpi Gautam","sgautam2@lenovo.com",null,"Hemant C Baghel",null,"hbaghel@lenovo.com",null,"2025-12-15","10:00:00","19.8625774,75.3268238","Aditya Computer And Communication",{"$nulls":3},"T3","27ACDPL2643K1ZJ","West1",null,"T-13179","Nanded","Maharashtra","V5 Global",null,"Yes","Telephonic","82X700HMIN",2,"Lenovo","IdeaPad Slim 3","Slim 3","15.6\", 8GB, 512GB, Integrated Intel UHD Graphics, Office Home 2024, Arctic Grey\t","Win 11","Thin & Light","Mainstream","Intel Core i3-1315U\t","Consumer",41000,null,"NB",82000,"West1",48380,"",null,"West1 R","Mainstream","Mainstream","i3 OS"]
[21758281,"Pankaj Kumar","pankaj.kumar@v5global.co.in",8340543380,"V5 Global","Patna",601177,"Bihar","Bihar",null,"V5 Global",null,null,"Shivam Kumar","shivam.kumar@v5global.co.in",null,"East2",null,"External Consumer","ASO","V5 Global ASO",null,"FT",null,"ASO",null,"Krishna Kumar Singh","Imam Hassan",null,"Rajender Negi","Raghavendra Araveeti","imam.hassan@v5global.co.in","imam.hassan@v5global.co.in","ksingh25@lenovo.com","rnegi@lenovo.com","raraveeti@lenovo.com","ASO","Shilpi Gautam","sgautam2@lenovo.com",null,"Rajender Negi",null,"rnegi@lenovo.com",null,"2025-12-15","10:00:00","25.6173979,85.0925666","Vipul Bhai Computer Wala",{"$nulls":3},"T3","10ASGPK6268C1Z3","East2",null,"T-2046","Patna","Bihar","V5 Global",null,"Yes","Face to Face","67BCKAC6IN",1,"Lenovo","Monitor -L24i4A","Monitor -L24i4A","Full HD IPS Panel Ultra Thin Monitor with WLED Backlight","NA","Visual Variants","Premium","NA","Visuals",7203,null,null,7203,"East2",8499.539999999999,"",null,"East2","Premium","Premium","-"]
[21758288,"Vishal Jaiswal","vishal.jaiswal@v5global.co.in",9369840011,"V5 Global","Kanpur","V5266996","Uttar Pradesh","Uttar Pradesh",null,"V5 Global",null,null,"Mohammad Atif","mohammad.atif@v5global.co.in",null,"North2",null,"External Consumer","ASO","V5 Global ASO",null,"FT",null,"ASO",null,"Rahul Sarin","Rahil Rasheed",null,"Durgendra Singh","Raghavendra Araveeti","rahil.rasheed@v5global.co.in","rahil.rasheed@v5global.co.in","rsarin2@lenovo.com","dsingh1@lenovo.com","raraveeti@lenovo.com","ASO","Shilpi Gautam","sgautam2@lenovo.com",null,"Durgendra Singh",null,"dsingh1@lenovo.com",null,"2025-12-15","10:03:00","26.4615678,80.356152","ACP IT Solutions Pvt. Ltd.",{"$nulls":3},"T3","09AAQCA8845E1Z7","North2",null,"T-19571","Kanpur","Uttar Pradesh","Denave",null,"Yes","Telephonic","90XW005WIN",1,"Lenovo","IdeaCentre  Tower 8L","Tower 8L","Intel Core i7-13620H , 8 GB RAM, 512 GB SSD, Integrated Intel UHD Graphics, 260 W Power Supply, 3.59Kg  Windows 11 Home Single L","Win 11","TDT","Mainstream","Intel Core i7-13620H","Consumer",48395,null,"TDT",48395,"North2",57106.1,"",null,"North2","Mainstream","Mainstream","-"]
[21758312,"Pankaj Kumar","pankaj.kumar@v5global.co.in",8340543380,"V5 Global","Patna",601177,"Bihar","Bihar",null,"V5 Global",null,null,"Shivam Kumar","shivam.kumar@v5global.co.in",null,"East2",null,"External Consumer","ASO","V5 Global ASO",null,"FT",null,"ASO",null,"Krishna Kumar Singh","Imam Hassan",null,"Rajender Negi","Raghavendra Araveeti","imam.hassan@v5global.co.in","imam.hassan@v5global.co.in","ksingh25@lenovo.com","rnegi@lenovo.com","raraveeti@lenovo.com","ASO","Shilpi Gautam","sgautam2@lenovo.com",null,"Rajender Negi",null,"rnegi@lenovo.com",null,"2025-12-15","10:04:00","25.6175087,85.0924705","UNITECH SYSTEMS",{"$nulls":3},"T3","10AACFU9061F1ZG","East2",null,"T-2049","Patna","Bihar","V5 Global",null,"Yes","Face to Face","83K100C7IN",1,"Lenovo","Ideapad","Slim 3","i5-13450H,Ram-16,512,15.3 wuxga,win-11 office 2024,\t","Win 11","Thin & Light","Mainstream","i5-13450H","Consumer",64790,null,"NB",64790,"East2",76452.2,"SP","Non-Gaming","East2","Premium","Premium","NA"]
[21758360,"Laxman Anilrao Deshmukh","laxman.anilrao@v5global.co.in",9028122888,"V5 Global","AURANGABAD","V5266711","MAHARASHTRA","MAHARASHTRA",null,"V5 Global",null,null,"Safdar Hussian","safder.khan@v5global.co.in",null,"West1",null,"External Consumer","ASO","V5 Global ASO",null,"FT",null,"ASO",null,"Sonia more","TBH",null,"Hemant C Baghel","Sharad verma",null,null,"smore3@lenovo.com","hbaghel@lenovo.com","sharverm@lenovo.com","ASO","Shilpi Gautam","sgautam2@lenovo.com",null,"Hemant C Baghel",null,"hbaghel@lenovo.com",null,"2025-12-15","10:07:00","19.8612349,75.3278589","Icon Multi Services",{"$nulls":3},"T3","27AAYPW2061P1ZL","West1",null,"T-13195","Parbhani","Maharashtra","V5 Global",null,"Yes","Face to Face","83GS00PJIN",2,"Lenovo","LOQ","LOQ 15IAX9","15.6,16GB,521SSD,RTX3050 6GB,2024 MSO,LUNA GREE","Win 11","Gaming","Premium","Core i5-12450HX","Consumer",75864,null,"NB",151728,"West1",89519.51999999999,"SP","Gaming","West1 R","Premium","Premium","-"]
[21758360,"Laxman Anilrao Deshmukh","laxman.anilrao@v5global.co.in",9028122888,"V5 Global","AURANGABAD","V5266711","MAHARASHTRA","MAHARASHTRA",null,"V5 Global",null,null,"Safdar Hussian","safder.khan@v5global.co.in",null,"West1",null,"External Consumer","ASO","V5 Global ASO",null,"FT",null,"ASO",null,"Sonia more","TBH",null,"Hemant C Baghel","Sharad verma",null,null,"smore3@lenovo.com","hbaghel@lenovo.com","sharverm@lenovo.com","ASO","Shilpi Gautam","sgautam2@lenovo.com",null,"Hemant C Baghel",null,"hbaghel@lenovo.com",null,"2025-12-15","10:07:00","19.8612349,75.3278589","Icon Multi Services",{"$nulls":3},"T3","27AAYPW2061P1ZL","West1",null,"T-13195","Parbhani","Maharashtra","V5 Global",null,"Yes","Face to Face","83JC00EFIN",1,"Lenovo","LOQ","LOQ 15ARP9","NB LOQ 15ARP9 R5 24G 512G 11S","Win 11","Gaming","Premium","R5 7235HS","Consumer",67578,null,"NB",67578,"West1",79742.04,"SP","Gaming","West1 R","Premium","Premium","-"]
[21758367,"Pran Pratap Singh","pran.singh@v5global.co.in",9001585718,"V5 Global","Jaipur","V5459442","Jaipur","Rajasthan",null,"V5 Global",null,null,"Gourav Jain","gourav.jain@v5global.co.in",null,"North1",null,"External Consumer","ASO","V5 Global ASO",null,"FT",null,"ASO",null,"Ganga Singh","Gaurav Sharma",null,"Kumar Tanksale","Raghavendra Araveeti","gaurav.sharma@v5global.co.in","gaurav.sharma@v5global.co.in","gsingh24@lenovo.com","ktanksale1@lenovo.com","raraveeti@lenovo.com","ASO","Shilpi Gautam","sgautam2@lenovo.com",null,"Kumar Tanksale",null,"ktanksale1@lenovo.com",null,"2025-12-15","10:08:00","26.937855,75.8929117","SUNTRONICS COMPUTERS",{"$nulls":3},"T3",null,"North1",null,"T-15679","Jaipur","Rajasthan","V5 Global",null,"Yes","Telephonic","83DV01BHIN",1,"Lenovo","LOQ","LOQ 15IRX9","CI7-13650HX/16GB/512GB/RTX 4060 8GB/WIN11/OFFICE2024/ 15.6 FULL HD IPS","Win 11","Gaming","Premium","C I7-13650HX","Consumer",106500,null,"NB",106500,"North1",125670,"SP","Gaming","North1","Premium","Premium","-"]
[21758385,"Laxman Anilrao Deshmukh","laxman.anilrao@v5global.co.in",9028122888,"V5 Global","AURANGABAD","V5266711","MAHARASHTRA","MAHARASHTRA",null,"V5 Global",null,null,"Safdar Hussian","safder.khan@v5global.co.in",null,"West1",null,"External Consumer","ASO","V5 Global ASO",null,"FT",null,"ASO",null,"Sonia more","TBH",null,"Hemant C Baghel","Sharad verma",null,null,"smore3@lenovo.com","hbaghel@lenovo.com","sharverm@lenovo.com","ASO","Shilpi Gautam","sgautam2@lenovo.com",null,"Hemant C Baghel",null,"hbaghel@lenovo.com",null,"2025-12-15","10:09:00","19.8613414,75.3277963","J B Computers",{"$nulls":3},"T3","27BTRPP8186M1ZF","West1",null,"T-12019","Aurangabad","Maharashtra","V5 Global",null,"Yes","Telephonic","82R4011PIN",2,"Lenovo","IdeaPad","IdeaPad 1 15ALC7","AMD Ryzenâ„¢ 5 5500U , Integrated AMD Radeonâ„¢ Graphics, 8GB , 512 GB SSD, 15.6\" FHD (1920x1080) IPS 250nits Anti-glare, 1.61 kg, C","Win 11","Thin & Light","Mainstream","AMD Ryzenâ„¢ 5 5500U","Consumer",35259,null,"NB",70518,"West1",41605.619999999995,"",null,"West1 R","Mainstream","Entry","-"]
[21758418,"Laxman Anilrao Deshmukh","laxman.anilrao@v5global.co.in",9028122888,"V5 Global","AURANGABAD","V5266711","MAHARASHTRA","MAHARASHTRA",null,"V5 Global",null,null,"Safdar Hussian","safder.khan@v5global.co.in",null,"West1",null,"External Consumer","ASO","V5 Global ASO",null,"FT",null,"ASO",null,"Sonia more","TBH",null,"Hemant C Baghel","Sharad verma",null,null,"smore3@lenovo.com","hbaghel@lenovo.com","sharverm@lenovo.com","ASO","Shilpi Gautam","sgautam2@lenovo.com",null,"Hemant C Baghel",null,"hbaghel@lenovo.com",null,"2025-12-15","10:11:00","19.8613101,75.327718","Pooja Computer",{"$nulls":3},"T3","27AJXPG2775L1ZE","West1",null,"T-12039","Aurangabad","Maharashtra","V5 Global",null,"Yes","Telephonic","83K100C6IN",2,"Lenovo","Ideapad","Slim 3","IntelÂ® Coreâ„¢ i5-13420H, 8C (4P + 4E) / 12T, P-core 2.1 / 4.6GHz, E-core 1.5 / 3.4GHz, 12MB,8GB Soldered DDR5-4800 + 8GB SO-DIMM ","Win 11","Thin & Light","Mainstream","i5-13420H","Consumer",46000,null,"NB",92000,"West1",54280,"",null,"West1 R","Mainstream","Premium","-"]
[21758434,"Laxman Anilrao Deshmukh","laxman.anilrao@v5global.co.in",9028122888,"V5 Global","AURANGABAD","V5266711","MAHARASHTRA","MAHARASHTRA",null,"V5 Global",null,null,"Safdar Hussian","safder.khan@v5global.co.in",null,"West1",null,"External Consumer","ASO","V5 Global ASO",null,"FT",null,"ASO",null,"Sonia more","TBH",null,"Hemant C Baghel","Sharad verma",null,null,"smore3@lenovo.com","hbaghel@lenovo.com","sharverm@lenovo.com","ASO","Shilpi Gautam","sgautam2@lenovo.com",null,"Hemant C Baghel",null,"hbaghel@lenovo.com",null,"2025-12-15","10:13:00","19.861288,75.3279142","Raj Computers",{"$nulls":3},"T3","27AEDPN6366D1ZG","West1",null,"T-13178","Nanded","Maharashtra","V5 Global",null,"Yes","Telephonic","83JE00U7IN",1,"Lenovo","LOQ","LOQ 15IRX10","Lenovo LOQ(i7-13700HX/16GB /1TBSSD/W11+MSO24+AI NOW/RTX 5050,8GB/15.6\"FHD,144Hz /1yr)Gry-83JE00U7IN","Win 11","Gaming","Premium","15.6\"FHD,144Hz /1yr)Gry","Consumer",96610,null,"NB",96610,"West1",113999.79999999999,"SP","Gaming","West1 R","Premium","Premium","-"]
[21758452,"Vishal Jaiswal","vishal.jaiswal@v5global.co.in",9369840011,"V5 Global","Kanpur","V5266996","Uttar Pradesh","Uttar Pradesh",null,"V5 Global",null,null,"Mohammad Atif","mohammad.atif@v5global.co.in",null,"North2",null,"External Consumer","ASO","V5 Global ASO",null,"FT",null,"ASO",null,"Rahul Sarin","Rahil Rasheed",null,"Durgendra Singh","Raghavendra Araveeti","rahil.rasheed@v5global.co.in","rahil.rasheed@v5global.co.in","rsarin2@lenovo.com","dsingh1@lenovo.com","raraveeti@lenovo.com","ASO","Shilpi Gautam","sgautam2@lenovo.com",null,"Durgendra Singh",null,"dsingh1@lenovo.com",null,"2025-12-15","10:13:00","26.4615508,80.3562037","Anna Computer",{"$nulls":3},"T3",null,"North2",null,"T-23453","Jhansi","Uttar Pradesh","V5 Global",null,"Yes","Telephonic","83DV018EIN",2,"Lenovo","LOQ","LOQ","INTEL CORE I7 -13650HX/24GB RAM/512 SSD /TRX 4060 8GB GRAPHICS/144HZ/100sRGB 300 NITS WINDOWS 11+MSO 2024 ","Win 11","Gaming","Premium","INTE 13650HX ","Consumer",107000,null,"NB",214000,"North2",126260,"SP","Gaming","North2","Premium","Premium","-"]
[21758458,"Pran Pratap Singh","pran.singh@v5global.co.in",9001585718,"V5 Global","Jaipur","V5459442","Jaipur","Rajasthan",null,"V5 Global",null,null,"Gourav Jain","gourav.jain@v5global.co.in",null,"North1",null,"External Consumer","ASO","V5 Global ASO",null,"FT",null,"ASO",null,"Ganga Singh","Gaurav Sharma",null,"Kumar Tanksale","Raghavendra Araveeti","gaurav.sharma@v5global.co.in","gaurav.sharma@v5global.co.in","gsingh24@lenovo.com","ktanksale1@lenovo.com","raraveeti@lenovo.com","ASO","Shilpi Gautam","sgautam2@lenovo.com",null,"Kumar Tanksale",null,"ktanksale1@lenovo.com",null,"2025-12-15","10:14:00","26.93777,75.892905","SUMANGLAM IT SOLUTIONS",{"$nulls":3},"T3",null,"North1",null,"T-15681","Jaipur","Rajasthan","V5 Global",null,"Yes","Telephonic","83KR000HIN",1,"Lenovo","Ideapad 5","2 in 1","Intel Core Ultra 5 225H, 16 GB RAM, 1 TB SSD, 14\" WUXGA (1920x1200) IPS 300nits Glossy, 45% NTSC, 60Hz, TÃœV Low Blue Light, Glas","Win 11","Convertible","Premium","Intel Core Ultra 5 225H","Consumer",91990,null,"NB",91990,"North1",108548.2,"SP","Non-Gaming","North1","Premium","Premium","Slim 5/Slim 5 Pro"]
[21758473,"Laxman Anilrao Deshmukh","laxman.anilrao@v5global.co.in",9028122888,"V5 Global","AURANGABAD","V5266711","MAHARASHTRA","MAHARASHTRA",null,"V5 Global",null,null,"Safdar Hussian","safder.khan@v5global.co.in",null,"West1",null,"External Consumer","ASO","V5 Global ASO",null,"FT",null,"ASO",null,"Sonia more","TBH",null,"Hemant C Baghel","Sharad verma",null,null,"smore3@lenovo.com","hbaghel@lenovo.com","sharverm@lenovo.com","ASO","Shilpi Gautam","sgautam2@lenovo.com",null,"Hemant C Baghel",null,"hbaghel@lenovo.com",null,"2025-12-15","10:16:00","19.8613407,75.3278515","Shree Computers Sales & Multiservices",{"$nulls":3},"T3","27ALVPJ4720C1Z3","West1",null,"T-25049","Mukhed","Maharashtra","Denave",null,"Yes","Telephonic","82R4011PIN",1,"Lenovo","IdeaPad","IdeaPad 1 15ALC7","AMD Ryzenâ„¢ 5 5500U , Integrated AMD Radeonâ„¢ Graphics, 8GB , 512 GB SSD, 15.6\" FHD (1920x1080) IPS 250nits Anti-glare, 1.61 kg, C","Win 11","Thin & Light","Mainstream","AMD Ryzenâ„¢ 5 5500U","Consumer",35259,null,"NB",35259,"West1",41605.619999999995,"",null,"West1 R","Mainstream","Entry","-"]
[21758483,"Krishna Ganesh Pawar","krishna.pawar@v5global.co.in",9763789716,"V5 Global","Pune","V5471502","Maharashtra","Maharashtra",null,"V5 Global",null,null,"Aparajitaa Lakhani","aparajita.lakhani@v5global.co.in",null,"West1",null,"External Consumer","ASO","V5 Global ASO",null,"FT",null,"ASO",null,"Rajeev Jha","TBH",null,"Hemant C Baghel","Sharad verma",null,null,"rjha3@lenovo.com","hbaghel@lenovo.com","sharverm@lenovo.com","ASO","Shilpi Gautam","sgautam2@lenovo.com",null,"Hemant C Baghel",null,"hbaghel@lenovo.com",null,"2025-12-15","10:16:00","18.5305133,73.827215","AI Computing",{"$nulls":3},"T3","27ABOPI5463J2Z6","West1",null,"T-13219","Pune","Maharashtra","V5 Global",null,"Yes","Telephonic","83LK0068IN",1,"Lenovo","LOQ","LOQ 15IAX9E","NB LOQ 15IAX9E I7 12G 512G 11S","Win 11","Gaming","Premium","i7 12650HX","Consumer",67936,null,"NB",67936,"West1",80164.48,"SP","Gaming","West1 R","Premium","Premium","-"]
[21758513,"Krishna Ganesh Pawar","krishna.pawar@v5global.co.in",9763789716,"V5 Global","Pune","V5471502","Maharashtra","Maharashtra",null,"V5 Global",null,null,"Aparajitaa Lakhani","aparajita.lakhani@v5global.co.in",null,"West1",null,"External Consumer","ASO","V5 Global ASO",null,"FT",null,"ASO",null,"Rajeev Jha","TBH",null,"Hemant C Baghel","Sharad verma",null,null,"rjha3@lenovo.com","hbaghel@lenovo.com","sharverm@lenovo.com","ASO","Shilpi Gautam","sgautam2@lenovo.com",null,"Hemant C Baghel",null,"hbaghel@lenovo.com",null,"2025-12-15","10:18:00","18.5303717,73.8271817","Siddhi Computers",{"$nulls":3},"T3","27AVIPB1434C1Z7","West1",null,"T-17866","Ahmednagar","Maharashtra","Denave",null,"Yes","Face to Face","83KX004QIN",1,"Lenovo","Ideapad 5","2 in 1","i5 13420h 16gb 512 gb ","Win 11","Notebook","Premium","i5","Consumer",67500,null,"NB",67500,"West1",79650,"SP","Non-Gaming","West1 R","Premium","Premium","-"]
[21758566,"Amarjit Behera","amarjit.behera@v5global.co.in",9437451999,"V5 Global","Bhubaneswar",601088,"Orissa","Orissa",null,"V5 Global",null,null,"Arindam Mazumdar","arindam.mazumdar@v5global.co.in",null,"East2",null,"External Consumer","ASO","V5 Global ASO",null,"FT",null,"ASO",null,"Biswa Ranjan Jena","Imam Hassan",null,"Rajender Negi","Raghavendra Araveeti","imam.hassan@v5global.co.in","imam.hassan@v5global.co.in","bjena1@lenovo.com","rnegi@lenovo.com","raraveeti@lenovo.com","ASO","Shilpi Gautam","sgautam2@lenovo.com",null,"Rajender Negi",null,"rnegi@lenovo.com",null,"2025-12-15","10:21:00","20.4472619,85.8884559","Targous Technology",{"$nulls":3},"T3","21AACFT0396G1ZG","East2",null,"T-2754","Khordha","Orissa",null,null,"Yes","Face to Face","82R4011NIN",1,"Lenovo","IDEA PAD SLIM1","IDEA PAD SLIM1","R5 /5500U/8 GB RAM/512 TB SSD/INT.","WIn 11","Thin & Light","Mainstream","R5","Consumer",35000,null,"NB",35000,"East2",41300,"",null,"East2","Mainstream","Entry","-"]
[21758574,"Amarjit Behera","amarjit.behera@v5global.co.in",9437451999,"V5 Global","Bhubaneswar",601088,"Orissa","Orissa",null,"V5 Global",null,null,"Arindam Mazumdar","arindam.mazumdar@v5global.co.in",null,"East2",null,"External Consumer","ASO","V5 Global ASO",null,"FT",null,"ASO",null,"Biswa Ranjan Jena","Imam Hassan",null,"Rajender Negi","Raghavendra Araveeti","imam.hassan@v5global.co.in","imam.hassan@v5global.co.in","bjena1@lenovo.com","rnegi@lenovo.com","raraveeti@lenovo.com","ASO","Shilpi Gautam","sgautam2@lenovo.com",null,"Rajender Negi",null,"rnegi@lenovo.com",null,"2025-12-15","10:22:00","20.4472544,85.8884625","MOBILE MANIA - CTC",{"$nulls":3},"T3","21BBYPB4780J1ZD","East2",null,"T-31212",753001,"Odisha","V5 Global",null,"Yes","Face to Face","82R4011NIN",1,"Lenovo","IDEA PAD SLIM1","IDEA PAD SLIM1","R5 /5500U/8 GB RAM/512 TB SSD/INT.","WIn 11","Thin & Light","Mainstream","R5","Consumer",35000,null,"NB",35000,"East2",41300,"",null,"East2","Mainstream","Entry","-"]
[21758630,"Rajesh Kumar","rajesh.kumar2@v5global.co.in",7488484467,"V5 Global","Bhagalpur","V5456085","Bhagalpur","Bihar","-","V5 Global",null,null,"Shivam Kumar","shivam.kumar@v5global.co.in",null,"East2",null,"External Consumer","ASO","V5 Global ASO",null,"FT",null,"ASO",null,"Krishna Kumar Singh","Imam Hassan",null,"Rajender Negi","Raghavendra Araveeti","imam.hassan@v5global.co.in","imam.hassan@v5global.co.in","ksingh25@lenovo.com","rnegi@lenovo.com","raraveeti@lenovo.com","ASO","Shilpi Gautam","sgautam2@lenovo.com",null,"Rajender Negi",null,"rnegi@lenovo.com",null,"2025-12-15","10:24:00","25.85759,87.5407783","KAPOOR INFOTECH",{"$nulls":3},"T3","10BIMPS4310N1Z6","East2",null,"T-2315","Munger","Bihar",null,null,"Yes","Face to Face","82X700HMIN",1,"Lenovo","IdeaPad Slim 3","Slim 3","15.6\", 8GB, 512GB, Integrated Intel UHD Graphics, Office Home 2024, Arctic Grey\t","Win 11","Thin & Light","Mainstream","Intel Core i3-1315U\t","Consumer",41000,null,"NB",41000,"East2",48380,"",null,"East2","Mainstream","Mainstream","i3 OS"]
[21758684,"NAVNATH ANANDA KOLASKAR","navnath.kolaskar@v5global.co.in",7720008830,"V5 Global","KOLHAPUR","V5413211","MAHARASHTRA","Maharashtra",null,"V5 Global",null,null,"Aparajitaa Lakhani","aparajita.lakhani@v5global.co.in",null,"West1",null,"External Consumer","ASO","V5 Global ASO",null,"FT",null,"ASO",null,"Rajeev Jha","TBH",null,"Hemant C Baghel","Sharad verma",null,null,"rjha3@lenovo.com","hbaghel@lenovo.com","sharverm@lenovo.com","ASO","Shilpi Gautam","sgautam2@lenovo.com",null,"Hemant C Baghel",null,"hbaghel@lenovo.com",null,"2025-12-15","10:28:00","16.6934667,74.2693875","Unique Compsoft",{"$nulls":3},"T3","27ARYPP2138D1ZG","West1",null,"T-12871","Ratnagiri","Maharashtra","V5 Global",null,"Yes","Face to Face","83ER00MCIN",3,"Lenovo","Ideapad","Slim 3","Lenovo IdeaPad Slim 3 12th Gen Intel Core i5-12450H 15\" (39.6cm) FHD IPS 300 Nits Thin & Light Laptop (16GB/512GB SSD/Win 11/MSO","Win 11","Thin & Light","Mainstream","i5 12th Gen","Consumer",41000,null,"NB",123000,"West1",48380,"",null,"West1 R","Mainstream","Mainstream","-"]
[21758735,"NAVNATH ANANDA KOLASKAR","navnath.kolaskar@v5global.co.in",7720008830,"V5 Global","KOLHAPUR","V5413211","MAHARASHTRA","Maharashtra",null,"V5 Global",null,null,"Aparajitaa Lakhani","aparajita.lakhani@v5global.co.in",null,"West1",null,"External Consumer","ASO","V5 Global ASO",null,"FT",null,"ASO",null,"Rajeev Jha","TBH",null,"Hemant C Baghel","Sharad verma",null,null,"rjha3@lenovo.com","hbaghel@lenovo.com","sharverm@lenovo.com","ASO","Shilpi Gautam","sgautam2@lenovo.com",null,"Hemant C Baghel",null,"hbaghel@lenovo.com",null,"2025-12-15","10:29:00","16.6934769,74.2694015","Mediavision Computers",{"$nulls":3},"T3","27AMKPP3046R1ZA","West1",null,"T-12879","Kolhapur","Maharashtra","V5 Global",null,"Yes","Face to Face","83B40004IN",5,"Lenovo","Ideapad","Ideapad 1","15.6\"FHD,8GB/512GB/I3 1315/WIN/MS OFFICE/","Win 11","Thin & Light","Entry","13 1315","Consumer",36960,null,"NB",184800,"West1",43612.799999999996,"",null,"West1 R","Mainstream","Mainstream","-"]
[21758769,"Rajesh Kumar","rajesh.kumar2@v5global.co.in",7488484467,"V5 Global","Bhagalpur","V5456085","Bhagalpur","Bihar","-","V5 Global",null,null,"Shivam Kumar","shivam.kumar@v5global.co.in",null,"East2",null,"External Consumer","ASO","V5 Global ASO",null,"FT",null,"ASO",null,"Krishna Kumar Singh","Imam Hassan",null,"Rajender Negi","Raghavendra Araveeti","imam.hassan@v5global.co.in","imam.hassan@v5global.co.in","ksingh25@lenovo.com","rnegi@lenovo.com","raraveeti@lenovo.com","ASO","Shilpi Gautam","sgautam2@lenovo.com",null,"Rajender Negi",null,"rnegi@lenovo.com",null,"2025-12-15","10:30:00","25.8575486,87.540828","Shri Hari Multimedia",{"$nulls":3},"T3","10CAIPK8882J1ZD","East2",null,"T-2292","Bhagalpur","Bihar",null,null,"Yes","Face to Face","83K100C9IN",2,"Lenovo","Slim 3","IdeaPad Slim 3 15IRH10","NB IP Slim 3 15IRH10 I7 8G 8G 512G 11S","Win 11","Thin & Light","Mainstream","i7 13620H","Consumer",64700,null,"NB",129400,"East2",76346,"SP","Non-Gaming","East2","Premium","Premium","-"]
[21758784,"Dharmaraja Ayyakutty","dharmaraja.ayyakutty@v5global.co.in",9345577776,"V5 Global","MADURAI","V5431236","TAMIL NADU","TAMIL NADU","-","V5 Global",null,null,"Prabhakaran A","prabhakaran@v5global.co.in",null,"South2",null,"External Consumer","ASO","V5 Global ASO",null,"FT",null,"ASO",null,"Sridhar Ethirajulu","S.Arunbabu",null,"Prabhu Subaramanian","Sharad verma","arun.babu@v5global.co.in","arun.babu@v5global.co.in","sethirajulu1@lenovo.com","psubramania4@lenovo.com","sharverm@lenovo.com","ASO","Shilpi Gautam","sgautam2@lenovo.com",null,"Prabhu Subaramanian",null,"psubramania4@lenovo.com",null,"2025-12-15","10:31:00","10.0130766,77.9705934","Aditya Infotech",{"$nulls":3},"T3","33ALHPS7880G1Z0","South2",null,"T-8961","Madurai","Tamil Nadu",null,null,"Yes","Face to Face","83K000B8IN",1,"Lenovo","Ideapad","IdeaPad Slim 3","15.6\" FHD (1920x1080),16GB Ram, 512 GB SSD, ,MS OFFICE 2024  Luna Grey","Win 11","Thin & Light","Premium","IntelÂ® Coreâ„¢ i5-13420H","Consumer",65000,null,"NB",{"$f":"BV1923*BL1923","v":65000},{"$f":"Q1923","v":"South2"},{"$f":"BV1923*118%","v":76700},{"$f":"IF(CF1923=\"Premium\",IF(CA1923>=65000,\"SP\",\"\"),\"\")","v":"SP"},"Non-Gaming","South2",{"$f":"IF(BU1923=\"Consumer\",IF(CA1923<40000,\"Entry\",IF(AND(CA1923>=40000,CA1923<65000),\"Mainstream\",\"Premium\")),IF(BU1923=\"Visuals\",BS1923,\"NA\"))","v":"Premium"},"Premium","-"]
[21758848,"Dharmaraja Ayyakutty","dharmaraja.ayyakutty@v5global.co.in",9345577776,"V5 Global","MADURAI","V5431236","TAMIL NADU","TAMIL NADU","-","V5 Global",null,null,"Prabhakaran A","prabhakaran@v5global.co.in",null,"South2",null,"External Consumer","ASO","V5 Global ASO",null,"FT",null,"ASO",null,"Sridhar Ethirajulu","S.Arunbabu",null,"Prabhu Subaramanian","Sharad verma","arun.babu@v5global.co.in","arun.babu@v5global.co.in","sethirajulu1@lenovo.com","psubramania4@lenovo.com","sharverm@lenovo.com","ASO","Shilpi Gautam","sgautam2@lenovo.com",null,"Prabhu Subaramanian",null,"psubramania4@lenovo.com",null,"2025-12-15","10:33:00","10.0130688,77.9706519","C3",{"$nulls":3},"T3","33CBFPS8821K1Z9","South2",null,"T-9065","Virudhunagar","Tamil Nadu",null,null,"Yes","Face to Face","83LK009VIN",1,"Lenovo","LOQ","LOQ-15AX9E","i5-12450HX-RTX3050A-W11-O24-15.6","Win 11","Gaming","Premium","i5-12450HX","Consumer",85290,null,"NB",85290,"South2",100642.2,"SP","Gaming","South2","Premium","Premium","-"]
[21758898,"Dharmaraja Ayyakutty","dharmaraja.ayyakutty@v5global.co.in",9345577776,"V5 Global","MADURAI","V5431236","TAMIL NADU","TAMIL NADU","-","V5 Global",null,null,"Prabhakaran A","prabhakaran@v5global.co.in",null,"South2",null,"External Consumer","ASO","V5 Global ASO",null,"FT",null,"ASO",null,"Sridhar Ethirajulu","S.Arunbabu",null,"Prabhu Subaramanian","Sharad verma","arun.babu@v5global.co.in","arun.babu@v5global.co.in","sethirajulu1@lenovo.com","psubramania4@lenovo.com","sharverm@lenovo.com","ASO","Shilpi Gautam","sgautam2@lenovo.com",null,"Prabhu Subaramanian",null,"psubramania4@lenovo.com",null,"2025-12-15","10:35:00","10.0131163,77.9706507","RAMESH COMPUTERS",{"$nulls":3},"T3","33ALAPR2975A1ZE","South2",null,"T-9668","Madurai","Tamil Nadu","V5 Global",null,"Yes","Face to Face","83K100C6IN",1,"Lenovo","Ideapad","Slim 3","IntelÂ® Coreâ„¢ i5-13420H, 8C (4P + 4E) / 12T, P-core 2.1 / 4.6GHz, E-core 1.5 / 3.4GHz, 12MB,8GB Soldered DDR5-4800 + 8GB SO-DIMM ","Win 11","Thin & Light","Mainstream","i5-13420H","Consumer",46000,null,"NB",46000,"South2",54280,"",null,"South2","Mainstream","Premium","-"]
[21758945,"Dharmaraja Ayyakutty","dharmaraja.ayyakutty@v5global.co.in",9345577776,"V5 Global","MADURAI","V5431236","TAMIL NADU","TAMIL NADU","-","V5 Global",null,null,"Prabhakaran A","prabhakaran@v5global.co.in",null,"South2",null,"External Consumer","ASO","V5 Global ASO",null,"FT",null,"ASO",null,"Sridhar Ethirajulu","S.Arunbabu",null,"Prabhu Subaramanian","Sharad verma","arun.babu@v5global.co.in","arun.babu@v5global.co.in","sethirajulu1@lenovo.com","psubramania4@lenovo.com","sharverm@lenovo.com","ASO","Shilpi Gautam","sgautam2@lenovo.com",null,"Prabhu Subaramanian",null,"psubramania4@lenovo.com",null,"2025-12-15","10:38:00","10.0131084,77.9706241","DIGITECH SYSTEM",{"$nulls":3},"T3","33AFMPV5993C1ZZ","South2",null,"T-9155","Virudhunagar","Tamil Nadu",null,null,"Yes","Face to Face","82LX00F7IN",1,"Lenovo","Ideapad","Slim 1","LEN N4500 8GB 512GB SSD WIN11  1YR","Win 11","Thin & Light","Entry","N4500","Consumer",25900,null,"NB",25900,"South2",30562,"",null,"South2","Entry","Entry","-"]
[21759022,"Chetti Srinivas","chetti.srinivas1@v5global.co.in",9515976797,"V5 Global","Hyderabad",601126,"TELANGANA","Telangana",null,"V5 Global",null,null,"Mohammed Ibrahim","mohammed.ibrahim@v5global.co.in",null,"South2",null,"External Consumer","ASO","V5 Global ASO",null,"FT",null,"ASO",null,"Santosh Singh","S.Arunbabu",null,"Prabhu Subaramanian","Sharad verma","arun.babu@v5global.co.in","arun.babu@v5global.co.in","ssingh9@lenovo.com","psubramania4@lenovo.com","sharverm@lenovo.com","ASO","Shilpi Gautam","sgautam2@lenovo.com",null,"Prabhu Subaramanian",null,"psubramania4@lenovo.com",null,"2025-12-15","10:42:00","17.4125273,78.5488718","Thakker Technologies",{"$nulls":3},"T3",null,"South2",null,"T-10685","Nizamabad","Andhra Pradesh","V5 Global",null,"Yes","Telephonic","83JE00U4IN",1,"Lenovo","LOQ","LOQ","15.6\" ,INTEL I7,16GB RAM ,1TB SSD","Win 11","Gaming","Premium","INTEL I7","Consumer",125000,null,"NB",125000,"South2",147500,"SP","Gaming","South2","Premium","Premium","-"]
[21759060,"Dharmaraja Ayyakutty","dharmaraja.ayyakutty@v5global.co.in",9345577776,"V5 Global","MADURAI","V5431236","TAMIL NADU","TAMIL NADU","-","V5 Global",null,null,"Prabhakaran A","prabhakaran@v5global.co.in",null,"South2",null,"External Consumer","ASO","V5 Global ASO",null,"FT",null,"ASO",null,"Sridhar Ethirajulu","S.Arunbabu",null,"Prabhu Subaramanian","Sharad verma","arun.babu@v5global.co.in","arun.babu@v5global.co.in","sethirajulu1@lenovo.com","psubramania4@lenovo.com","sharverm@lenovo.com","ASO","Shilpi Gautam","sgautam2@lenovo.com",null,"Prabhu Subaramanian",null,"psubramania4@lenovo.com",null,"2025-12-15","10:44:00","10.013054,77.9706056","FRONTLIN COMPUTERS",{"$nulls":3},"T3","33BCRPD8540C1ZS","South2",null,"T-9205","Dindigul","Tamil Nadu","V5 Global",null,"Yes","Face to Face","83K100CGIN",1,"Lenovo","Ideapad","Slim 3","Len IP3-15.6 /16GB/512SSD/INTRIGATED GFX/MSO2024/GRAY","Win 11","Thin & Light","Mainstream","I5","Consumer",60000,null,"NB",60000,"South2",70800,"",null,"South2","Premium","Mainstream","-"]
[21759078,"Dharmaraja Ayyakutty","dharmaraja.ayyakutty@v5global.co.in",9345577776,"V5 Global","MADURAI","V5431236","TAMIL NADU","TAMIL NADU","-","V5 Global",null,null,"Prabhakaran A","prabhakaran@v5global.co.in",null,"South2",null,"External Consumer","ASO","V5 Global ASO",null,"FT",null,"ASO",null,"Sridhar Ethirajulu","S.Arunbabu",null,"Prabhu Subaramanian","Sharad verma","arun.babu@v5global.co.in","arun.babu@v5global.co.in","sethirajulu1@lenovo.com","psubramania4@lenovo.com","sharverm@lenovo.com","ASO","Shilpi Gautam","sgautam2@lenovo.com",null,"Prabhu Subaramanian",null,"psubramania4@lenovo.com",null,"2025-12-15","10:44:00","10.0131739,77.9706827","Geniuns Info Care",{"$nulls":3},"T3","33APBPG3094E1ZC","South2",null,"T-9217","Virudhunagar","Tamil Nadu",null,null,"Yes","Face to Face","90XW0051IN",1,"Lenovo","IdeaCentre","Tower 08IRH9"," 16GB/1 TB SSD Integrated Graphics MSO 2024 ,","Win 11","TDT","Premium","Intel Core i7-13620H","Consumer",58900,null,"TDT",58900,"South2",69502,"",null,"South2","Premium","Mainstream","-"]
[21759164,"Dharmaraja Ayyakutty","dharmaraja.ayyakutty@v5global.co.in",9345577776,"V5 Global","MADURAI","V5431236","TAMIL NADU","TAMIL NADU","-","V5 Global",null,null,"Prabhakaran A","prabhakaran@v5global.co.in",null,"South2",null,"External Consumer","ASO","V5 Global ASO",null,"FT",null,"ASO",null,"Sridhar Ethirajulu","S.Arunbabu",null,"Prabhu Subaramanian","Sharad verma","arun.babu@v5global.co.in","arun.babu@v5global.co.in","sethirajulu1@lenovo.com","psubramania4@lenovo.com","sharverm@lenovo.com","ASO","Shilpi Gautam","sgautam2@lenovo.com",null,"Prabhu Subaramanian",null,"psubramania4@lenovo.com",null,"2025-12-15","10:48:00","10.0130862,77.9706454","Barat Computer",{"$nulls":3},"T3","33AWMPS2472G1ZB","South2",null,"T-18780","Madurai","Tamil Nadu",null,null,"Yes","Face to Face","F0HM003CIN",1,"Lenovo","IdeaCentre","IdeaCentre AIO 27IRH9","DT IC AIO 27IRH9 I513420H 1T 16G","Win 11","AIO","Premium","i5 13420H","Consumer",69990,null,"AIO",69990,"South2",82588.2,"SP","Non-Gaming","South2","Premium","Premium","-"]
[21759166,"NAVNATH ANANDA KOLASKAR","navnath.kolaskar@v5global.co.in",7720008830,"V5 Global","KOLHAPUR","V5413211","MAHARASHTRA","Maharashtra",null,"V5 Global",null,null,"Aparajitaa Lakhani","aparajita.lakhani@v5global.co.in",null,"West1",null,"External Consumer","ASO","V5 Global ASO",null,"FT",null,"ASO",null,"Rajeev Jha","TBH",null,"Hemant C Baghel","Sharad verma",null,null,"rjha3@lenovo.com","hbaghel@lenovo.com","sharverm@lenovo.com","ASO","Shilpi Gautam","sgautam2@lenovo.com",null,"Hemant C Baghel",null,"hbaghel@lenovo.com",null,"2025-12-15","10:48:00","16.6934905,74.2693651","EZEE services",{"$nulls":3},"T3","27950311911V","West1",null,"T-12917","Kolhapur","Maharashtra","V5 Global",null,"Yes","Face to Face","83JE00U7IN",1,"Lenovo","LOQ","LOQ 15IRX10","Lenovo LOQ(i7-13700HX/16GB /1TBSSD/W11+MSO24+AI NOW/RTX 5050,8GB/15.6\"FHD,144Hz /1yr)Gry-83JE00U7IN","Win 11","Gaming","Premium","15.6\"FHD,144Hz /1yr)Gry","Consumer",96610,null,"NB",96610,"West1",113999.79999999999,"SP","Gaming","West1 R","Premium","Premium","-"]
[21759197,"NAVNATH ANANDA KOLASKAR","navnath.kolaskar@v5global.co.in",7720008830,"V5 Global","KOLHAPUR","V5413211","MAHARASHTRA","Maharashtra",null,"V5 Global",null,null,"Aparajitaa Lakhani","aparajita.lakhani@v5global.co.in",null,"West1",null,"External Consumer","ASO","V5 Global ASO",null,"FT",null,"ASO",null,"Rajeev Jha","TBH",null,"Hemant C Baghel","Sharad verma",null,null,"rjha3@lenovo.com","hbaghel@lenovo.com","sharverm@lenovo.com","ASO","Shilpi Gautam","sgautam2@lenovo.com",null,"Hemant C Baghel",null,"hbaghel@lenovo.com",null,"2025-12-15","10:49:00","16.6934792,74.2693697","Navatarang Laptop Shop",{"$nulls":3},"T3","27AABPY4526E2ZM","West1",null,"T-12924","Kolhapur","Maharashtra","V5 Global",null,"Yes","Face to Face","F0HN00PGIN",3,"Lenovo","AIO","AIO i-24IRH9","i3-1315U-8-512-UHD-W11-O24-23.80","Win 11","AIO","Mainstream","i3-1315U","Consumer",57990,null,"AIO",173970,"West1",68428.2,"",null,"West1 R","Premium","Mainstream","i3 OS"]
[21759230,"NAVNATH ANANDA KOLASKAR","navnath.kolaskar@v5global.co.in",7720008830,"V5 Global","KOLHAPUR","V5413211","MAHARASHTRA","Maharashtra",null,"V5 Global",null,null,"Aparajitaa Lakhani","aparajita.lakhani@v5global.co.in",null,"West1",null,"External Consumer","ASO","V5 Global ASO",null,"FT",null,"ASO",null,"Rajeev Jha","TBH",null,"Hemant C Baghel","Sharad verma",null,null,"rjha3@lenovo.com","hbaghel@lenovo.com","sharverm@lenovo.com","ASO","Shilpi Gautam","sgautam2@lenovo.com",null,"Hemant C Baghel",null,"hbaghel@lenovo.com",null,"2025-12-15","10:50:00","16.6934729,74.2693663","P C Point",{"$nulls":3},"T3","27220369785V","West1",null,"T-12927","Kolhapur","Maharashtra","V5 Global",null,"Yes","Face to Face","90XS004PIN",6,"Lenovo","IdeaCentre","Tower 08IRR9","IntelÂ® Coreâ„¢ i3 13100 4C/8 GB DDR5 RAM/512 GB SSD","Win 11","TDT","Mainstream","IntelÂ® Coreâ„¢ i3 13100","Consumer",39865,null,"TDT",239190,"West1",47040.7,"",null,"West1 R","Mainstream","Entry","i3 OS"]
[21759282,"Dharmaraja Ayyakutty","dharmaraja.ayyakutty@v5global.co.in",9345577776,"V5 Global","MADURAI","V5431236","TAMIL NADU","TAMIL NADU","-","V5 Global",null,null,"Prabhakaran A","prabhakaran@v5global.co.in",null,"South2",null,"External Consumer","ASO","V5 Global ASO",null,"FT",null,"ASO",null,"Sridhar Ethirajulu","S.Arunbabu",null,"Prabhu Subaramanian","Sharad verma","arun.babu@v5global.co.in","arun.babu@v5global.co.in","sethirajulu1@lenovo.com","psubramania4@lenovo.com","sharverm@lenovo.com","ASO","Shilpi Gautam","sgautam2@lenovo.com",null,"Prabhu Subaramanian",null,"psubramania4@lenovo.com",null,"2025-12-15","10:52:00","10.0130313,77.9705705","I-WIN COMPUTERS",{"$nulls":3},"T3","33AYIPD2970N1Z8","South2",null,"T-9320","Ramanathapuram","Tamil Nadu","V5 Global",null,"Yes","Face to Face","90XS005JIN",1,"Lenovo","IdeaCentre","IdeaCentre","i3 14100 14th Gen Processor,8Gb Ram ddr5,512Ssd,Windows 11,Wifi,BT, Usb calliope Black, keybord,mouse\t","Win 11","TDT","Mainstream","I3 14100","Consumer",25747,null,"TDT",25747,"South2",30381.46,"",null,"South2","Entry","Mainstream","i3 OS"]
[21759313,"Dharmaraja Ayyakutty","dharmaraja.ayyakutty@v5global.co.in",9345577776,"V5 Global","MADURAI","V5431236","TAMIL NADU","TAMIL NADU","-","V5 Global",null,null,"Prabhakaran A","prabhakaran@v5global.co.in",null,"South2",null,"External Consumer","ASO","V5 Global ASO",null,"FT",null,"ASO",null,"Sridhar Ethirajulu","S.Arunbabu",null,"Prabhu Subaramanian","Sharad verma","arun.babu@v5global.co.in","arun.babu@v5global.co.in","sethirajulu1@lenovo.com","psubramania4@lenovo.com","sharverm@lenovo.com","ASO","Shilpi Gautam","sgautam2@lenovo.com",null,"Prabhu Subaramanian",null,"psubramania4@lenovo.com",null,"2025-12-15","10:52:00","10.0131365,77.9706361","JUPITER COMPUTER NETWORK",{"$nulls":3},"T3","33AZSPS8282M1ZA","South2",null,"T-9350","Sivagangai","Tamil Nadu","V5 Global",null,"Yes","Face to Face","F0HN00PGIN",1,"Lenovo","AIO","AIO i-24IRH9","i3-1315U-8-512-UHD-W11-O24-23.80","Win 11","AIO","Mainstream","i3-1315U","Consumer",57990,null,"AIO",57990,"South2",68428.2,"",null,"South2","Premium","Mainstream","i3 OS"]
[21759337,"NAVNATH ANANDA KOLASKAR","navnath.kolaskar@v5global.co.in",7720008830,"V5 Global","KOLHAPUR","V5413211","MAHARASHTRA","Maharashtra",null,"V5 Global",null,null,"Aparajitaa Lakhani","aparajita.lakhani@v5global.co.in",null,"West1",null,"External Consumer","ASO","V5 Global ASO",null,"FT",null,"ASO",null,"Rajeev Jha","TBH",null,"Hemant C Baghel","Sharad verma",null,null,"rjha3@lenovo.com","hbaghel@lenovo.com","sharverm@lenovo.com","ASO","Shilpi Gautam","sgautam2@lenovo.com",null,"Hemant C Baghel",null,"hbaghel@lenovo.com",null,"2025-12-15","10:53:00","16.6934805,74.2693735","CYBER ENGINEER",{"$nulls":3},"T3","30BALPA0228E1ZM","West1",null,"T-6194","North Goa","GOA","V5 Global",null,"Yes","Face to Face","83GS00MWIN",5,"Lenovo","LOQ","LOQ 15IAX9","Len LOQ-15 /16/512) GFX 2050 MS Office","Win 11","Gaming","Premium","i5 12450HX","Consumer",69999,null,"NB",349995,"West1",82598.81999999999,"SP","Gaming","West1 R","Premium","Premium","-"]
[21767513,"Lakhan Singh","lakhan.singh@v5global.co.in",8006401402,"V5 Global","Haldwani","V5422040","Uttrakhand","Uttrakhand","-","V5 Global",null,null,"Mohd Asif","mohd.asif@v5global.co.in",null,"North2",null,"External Consumer","ASO","V5 Global ASO",null,"FT",null,"ASO",null,"Nishant Aeron","Rahil Rasheed",null,"Durgendra Singh","Raghavendra Araveeti","rahil.rasheed@v5global.co.in","rahil.rasheed@v5global.co.in","naeron@lenovo.com","dsingh1@lenovo.com","raraveeti@lenovo.com","ASO","Shilpi Gautam","sgautam2@lenovo.com",null,"Durgendra Singh",null,"dsingh1@lenovo.com",null,"2025-12-15","10:56:00","29.2253668,79.5056673","Himcom",{"$nulls":3},"T3",null,"North2",null,"T-24134","Haldwani","Uttarakhand","V5 Global",null,"Yes","Face to Face","83ER00MCIN",1,"Lenovo","Ideapad","Slim 3","Lenovo IdeaPad Slim 3 12th Gen Intel Core i5-12450H 15\" (39.6cm) FHD IPS 300 Nits Thin & Light Laptop (16GB/512GB SSD/Win 11/MSO","Win 11","Thin & Light","Mainstream","i5 12th Gen","Consumer",41000,null,"NB",{"$f":"BV1987*BL1987","v":41000},{"$f":"Q1987","v":"North2"},{"$f":"BV1987*118%","v":48380},{"$f":"IF(CF1987=\"Premium\",IF(CA1987>=65000,\"SP\",\"\"),\"\")","v":""},null,"North2",{"$f":"IF(BU1987=\"Consumer\",IF(CA1987<40000,\"Entry\",IF(AND(CA1987>=40000,CA1987<65000),\"Mainstream\",\"Premium\")),IF(BU1987=\"Visuals\",BS1987,\"NA\"))","v":"Mainstream"},"Mainstream","-"]
[21759460,"Dharmaraja Ayyakutty","dharmaraja.ayyakutty@v5global.co.in",9345577776,"V5 Global","MADURAI","V5431236","TAMIL NADU","TAMIL NADU","-","V5 Global",null,null,"Prabhakaran A","prabhakaran@v5global.co.in",null,"South2",null,"External Consumer","ASO","V5 Global ASO",null,"FT",null,"ASO",null,"Sridhar Ethirajulu","S.Arunbabu",null,"Prabhu Subaramanian","Sharad verma","arun.babu@v5global.co.in","arun.babu@v5global.co.in","sethirajulu1@lenovo.com","psubramania4@lenovo.com","sharverm@lenovo.com","ASO","Shilpi Gautam","sgautam2@lenovo.com",null,"Prabhu Subaramanian",null,"psubramania4@lenovo.com",null,"2025-12-15","10:58:00","10.0131112,77.9706495","LAKME COMPUTER SYSTEMS",{"$nulls":3},"T3","33BCYPS4545R1ZE","South2",null,"T-9399","Ramanathapuram","Tamil Nadu","V5 Global",null,"Yes","Face to Face","83DC00ACIN",1,"Lenovo","IdeaPad","IdeaPad Slim 5 16IMH9","IntelÂ® Core Ultra 5 125H/16 GB/ 512 SSD/ Win11/Office home-24/Cloud Grey","Win 11","Thin & Light","Premium","IntelÂ® Core Ultra 5 125H","Consumer",70991,null,"NB",70991,"South2",83769.37999999999,"SP","Non-Gaming","South2","Premium","Premium","Slim 5/Slim 5 Pro"]
[21767521,"Lakhan Singh","lakhan.singh@v5global.co.in",8006401402,"V5 Global","Haldwani","V5422040","Uttrakhand","Uttrakhand","-","V5 Global",null,null,"Mohd Asif","mohd.asif@v5global.co.in",null,"North2",null,"External Consumer","ASO","V5 Global ASO",null,"FT",null,"ASO",null,"Nishant Aeron","Rahil Rasheed",null,"Durgendra Singh","Raghavendra Araveeti","rahil.rasheed@v5global.co.in","rahil.rasheed@v5global.co.in","naeron@lenovo.com","dsingh1@lenovo.com","raraveeti@lenovo.com","ASO","Shilpi Gautam","sgautam2@lenovo.com",null,"Durgendra Singh",null,"dsingh1@lenovo.com",null,"2025-12-15","11:00:00","29.2253627,79.5056614","J b Brothers",{"$nulls":3},"T3",null,"North2",null,"T-24135","Haldwani","Uttarakhand","V5 Global",null,"Yes","Telephonic","F0HM003EIN",3,"Lenovo","IdeaCentre","IdeaCentre AIO 27IRH9","DT IC AIO 27IRH9 I713620H 1T 16G","Win 11","AIO","Premium","i7 13620H","Consumer",79990,null,"AIO",239970,"North2",94388.2,"SP","Non-Gaming","North2","Premium","Premium","-"]
[21761474,"Vinod Kumar","vinod.kumar@v5global.co.in",9911547614,"V5 Global","Delhi","V5265873","Delhi","Delhi",null,"V5 Global",null,null,"Chetan Mehta","Chetan.mehta@v5global.co.in",null,"North1",null,"External Consumer","ASO","V5 Global ASO",null,"FT",null,"ASO",null,"Kanwaldeep Singh","Gaurav Sharma",null,"Kumar Tanksale","Raghavendra Araveeti","gaurav.sharma@v5global.co.in","gaurav.sharma@v5global.co.in","ksingh15@lenovo.com","ktanksale1@lenovo.com","raraveeti@lenovo.com","ASO","Shilpi Gautam","sgautam2@lenovo.com",null,"Kumar Tanksale",null,"ktanksale1@lenovo.com",null,"2025-12-15","12:20:00","28.7004853,77.1668533","Bro Infotech",{"$nulls":3},"T3","07AHYPJ5951G1ZS","North1",null,"T-3629","New Delhi","New Delhi","Denave",null,"Yes","Telephonic","90XW0052IN",1,"Lenovo","Ideacenter Tower","i7 13620h","i7 13th gen/ 8gb ram/ 512gb ssd/ w11 & ms office 24","Win 11","TDT","Mainstream","I7- 13620H","Consumer",52070,null,"TDT",52070,"North1",61442.6,"",null,"North1","Mainstream","Mainstream","-"]
[21761746,"Mukesh Bhandari","mukesh.bhandari@v5global.co.in",9414235543,"V5 Global","Udaipur","V5301580","Rajasthan","Rajasthan",null,"V5 Global",null,null,"Gourav Jain","gourav.jain@v5global.co.in",null,"North1",null,"External Consumer","ASO","V5 Global ASO",null,"FT",null,"ASO",null,"Ganga Singh","Gaurav Sharma",null,"Kumar Tanksale","Raghavendra Araveeti","gaurav.sharma@v5global.co.in","gaurav.sharma@v5global.co.in","gsingh24@lenovo.com","ktanksale1@lenovo.com","raraveeti@lenovo.com","ASO","Shilpi Gautam","sgautam2@lenovo.com",null,"Kumar Tanksale",null,"ktanksale1@lenovo.com",null,"2025-12-15","12:36:00","24.5861377,73.6913655","Aryan Infotech",{"$nulls":3},"T3",null,"North1",null,"T-15643","Dungarpur","Rajasthan","V5 Global",null,"Yes","Face to Face","90XW0022IN",1,"Lenovo","IdeaCentre","IdeaCentre 3","Intel Core i7-13620H,10C SFF 7.4 Lt,8 GB DDR4 ,512 GB SSD","DOS","TDT","Mainstream","Intel Core i7-13620H","Consumer",55000,null,"TDT",55000,"North1",64900,"",null,"North1","Mainstream","Mainstream","-"]
[21761757,"Mukesh Bhandari","mukesh.bhandari@v5global.co.in",9414235543,"V5 Global","Udaipur","V5301580","Rajasthan","Rajasthan",null,"V5 Global",null,null,"Gourav Jain","gourav.jain@v5global.co.in",null,"North1",null,"External Consumer","ASO","V5 Global ASO",null,"FT",null,"ASO",null,"Ganga Singh","Gaurav Sharma",null,"Kumar Tanksale","Raghavendra Araveeti","gaurav.sharma@v5global.co.in","gaurav.sharma@v5global.co.in","gsingh24@lenovo.com","ktanksale1@lenovo.com","raraveeti@lenovo.com","ASO","Shilpi Gautam","sgautam2@lenovo.com",null,"Kumar Tanksale",null,"ktanksale1@lenovo.com",null,"2025-12-15","12:36:00","24.5861805,73.6914145","Krishna Computer",{"$nulls":3},"T3",null,"North1",null,"T-15652","Banswara","Rajasthan","V5 Global",null,"Yes","Face to Face","90XW0022IN",1,"Lenovo","IdeaCentre","IdeaCentre 3","Intel Core i7-13620H,10C SFF 7.4 Lt,8 GB DDR4 ,512 GB SSD","DOS","TDT","Mainstream","Intel Core i7-13620H","Consumer",55000,null,"TDT",55000,"North1",64900,"",null,"North1","Mainstream","Mainstream","-"]
[21761789,"Mukesh Bhandari","mukesh.bhandari@v5global.co.in",9414235543,"V5 Global","Udaipur","V5301580","Rajasthan","Rajasthan",null,"V5 Global",null,null,"Gourav Jain","gourav.jain@v5global.co.in",null,"North1",null,"External Consumer","ASO","V5 Global ASO",null,"FT",null,"ASO",null,"Ganga Singh","Gaurav Sharma",null,"Kumar Tanksale","Raghavendra Araveeti","gaurav.sharma@v5global.co.in","gaurav.sharma@v5global.co.in","gsingh24@lenovo.com","ktanksale1@lenovo.com","raraveeti@lenovo.com","ASO","Shilpi Gautam","sgautam2@lenovo.com",null,"Kumar Tanksale",null,"ktanksale1@lenovo.com",null,"2025-12-15","12:39:00","24.5861475,73.6913578","COMPUTER WORLD",{"$nulls":3},"T3","08AXWPC7909B1ZA","North1",null,"T-15633","Banswara","Rajasthan","V5 Global",null,"Yes","Face to Face","90XW0022IN",1,"Lenovo","IdeaCentre","IdeaCentre 3","Intel Core i7-13620H,10C SFF 7.4 Lt,8 GB DDR4 ,512 GB SSD","DOS","TDT","Mainstream","Intel Core i7-13620H","Consumer",55000,null,"TDT",55000,"North1",64900,"",null,"North1","Mainstream","Mainstream","-"]
[21761918,"Mukesh Bhandari","mukesh.bhandari@v5global.co.in",9414235543,"V5 Global","Udaipur","V5301580","Rajasthan","Rajasthan",null,"V5 Global",null,null,"Gourav Jain","gourav.jain@v5global.co.in",null,"North1",null,"External Consumer","ASO","V5 Global ASO",null,"FT",null,"ASO",null,"Ganga Singh","Gaurav Sharma",null,"Kumar Tanksale","Raghavendra Araveeti","gaurav.sharma@v5global.co.in","gaurav.sharma@v5global.co.in","gsingh24@lenovo.com","ktanksale1@lenovo.com","raraveeti@lenovo.com","ASO","Shilpi Gautam","sgautam2@lenovo.com",null,"Kumar Tanksale",null,"ktanksale1@lenovo.com",null,"2025-12-15","12:48:00","24.5861369,73.6913633","Shri Sanwariya Infotech",{"$nulls":3},"T3",null,"North1",null,"T-15605","Chittorgarh","Rajasthan","V5 Global",null,"Yes","Face to Face","90XS004PIN",1,"Lenovo","IdeaCentre","Tower 08IRR9","IntelÂ® Coreâ„¢ i3 13100 4C/8 GB DDR5 RAM/512 GB SSD","Win 11","TDT","Mainstream","IntelÂ® Coreâ„¢ i3 13100","Consumer",39865,null,"TDT",39865,"North1",47040.7,"",null,"North1","Mainstream","Entry","i3 OS"]
[21762004,"Mukesh Bhandari","mukesh.bhandari@v5global.co.in",9414235543,"V5 Global","Udaipur","V5301580","Rajasthan","Rajasthan",null,"V5 Global",null,null,"Gourav Jain","gourav.jain@v5global.co.in",null,"North1",null,"External Consumer","ASO","V5 Global ASO",null,"FT",null,"ASO",null,"Ganga Singh","Gaurav Sharma",null,"Kumar Tanksale","Raghavendra Araveeti","gaurav.sharma@v5global.co.in","gaurav.sharma@v5global.co.in","gsingh24@lenovo.com","ktanksale1@lenovo.com","raraveeti@lenovo.com","ASO","Shilpi Gautam","sgautam2@lenovo.com",null,"Kumar Tanksale",null,"ktanksale1@lenovo.com",null,"2025-12-15","12:53:00","24.5861382,73.6913582","MAXWELL",{"$nulls":3},"T3","08AHPPM6685F1ZP","North1",null,"T-15536","Udaipur","Rajasthan","V5 Global",null,"Yes","Face to Face","90XS004PIN",1,"Lenovo","IdeaCentre","Tower 08IRR9","IntelÂ® Coreâ„¢ i3 13100 4C/8 GB DDR5 RAM/512 GB SSD","Win 11","TDT","Mainstream","IntelÂ® Coreâ„¢ i3 13100","Consumer",39865,null,"TDT",39865,"North1",47040.7,"",null,"North1","Mainstream","Entry","i3 OS"]
[21762022,"Mukesh Bhandari","mukesh.bhandari@v5global.co.in",9414235543,"V5 Global","Udaipur","V5301580","Rajasthan","Rajasthan",null,"V5 Global",null,null,"Gourav Jain","gourav.jain@v5global.co.in",null,"North1",null,"External Consumer","ASO","V5 Global ASO",null,"FT",null,"ASO",null,"Ganga Singh","Gaurav Sharma",null,"Kumar Tanksale","Raghavendra Araveeti","gaurav.sharma@v5global.co.in","gaurav.sharma@v5global.co.in","gsingh24@lenovo.com","ktanksale1@lenovo.com","raraveeti@lenovo.com","ASO","Shilpi Gautam","sgautam2@lenovo.com",null,"Kumar Tanksale",null,"ktanksale1@lenovo.com",null,"2025-12-15","12:55:00","24.5861456,73.6913771","NATIONAL COMPUTER",{"$nulls":3},"T3","08BIGPS9525R1Z6","North1",null,"T-15559","Udaipur","Rajasthan","V5 Global",null,"Yes","Face to Face","90XS004PIN",1,"Lenovo","IdeaCentre","Tower 08IRR9","IntelÂ® Coreâ„¢ i3 13100 4C/8 GB DDR5 RAM/512 GB SSD","Win 11","TDT","Mainstream","IntelÂ® Coreâ„¢ i3 13100","Consumer",39865,null,"TDT",39865,"North1",47040.7,"",null,"North1","Mainstream","Entry","i3 OS"]
[21762041,"Mukesh Bhandari","mukesh.bhandari@v5global.co.in",9414235543,"V5 Global","Udaipur","V5301580","Rajasthan","Rajasthan",null,"V5 Global",null,null,"Gourav Jain","gourav.jain@v5global.co.in",null,"North1",null,"External Consumer","ASO","V5 Global ASO",null,"FT",null,"ASO",null,"Ganga Singh","Gaurav Sharma",null,"Kumar Tanksale","Raghavendra Araveeti","gaurav.sharma@v5global.co.in","gaurav.sharma@v5global.co.in","gsingh24@lenovo.com","ktanksale1@lenovo.com","raraveeti@lenovo.com","ASO","Shilpi Gautam","sgautam2@lenovo.com",null,"Kumar Tanksale",null,"ktanksale1@lenovo.com",null,"2025-12-15","12:56:00","24.5861995,73.691429","PARMAR TECHNO SHOP",{"$nulls":3},"T3","08ABWPP0537C1ZI","North1",null,"T-15525","Udaipur","Rajasthan","V5 Global",null,"Yes","Face to Face","90XS004PIN",1,"Lenovo","IdeaCentre","Tower 08IRR9","IntelÂ® Coreâ„¢ i3 13100 4C/8 GB DDR5 RAM/512 GB SSD","Win 11","TDT","Mainstream","IntelÂ® Coreâ„¢ i3 13100","Consumer",39865,null,"TDT",39865,"North1",47040.7,"",null,"North1","Mainstream","Entry","i3 OS"]
[21762527,"TALAMARLA LAKSHMI REDDY","talamarla.reddy@v5global.co.in",9014290161,"V5 Global","Anantapur","V5422498","Andhra Pradesh","Andhra Pradesh",null,"V5 Global",null,null,"Mohammed Ibrahim","mohammed.ibrahim@v5global.co.in",null,"South2",null,"External Consumer","ASO","V5 Global ASO",null,"FT",null,"ASO",null,"Prabhakar G","S.Arunbabu",null,"Prabhu Subaramanian","Sharad verma","arun.babu@v5global.co.in","arun.babu@v5global.co.in","gprabhakar@lenovo.com","psubramania4@lenovo.com","sharverm@lenovo.com","ASO","Shilpi Gautam","sgautam2@lenovo.com",null,"Prabhu Subaramanian",null,"psubramania4@lenovo.com",null,"2025-12-15","13:44:00","14.6817083,77.6002393","Madhu Computers",{"$nulls":3},"T3","37AKXPB2159C1Z5","South3",null,"T-10445","Chittoor","Andhra Pradesh",null,null,"Yes","Face to Face","90XW0055IN",1,"Lenovo","IdeaCentre","Tower 08IRR9 ","8 GB DDR   , 512 GB SSDWired KeyBoard & Mouse WiFi 6 + BT 5.2 260W  3 Yr Onsite Warranty  Win 11 Home + MS Office 2024 + 1 YR Mi","Win 11","TDT","Mainstream","Intel Core i5-13420H, 8C,","Consumer",50052,null,"TDT",50052,"South2",59061.35999999999,"",null,"South2","Mainstream","Mainstream","-"]
[21762538,"TALAMARLA LAKSHMI REDDY","talamarla.reddy@v5global.co.in",9014290161,"V5 Global","Anantapur","V5422498","Andhra Pradesh","Andhra Pradesh",null,"V5 Global",null,null,"Mohammed Ibrahim","mohammed.ibrahim@v5global.co.in",null,"South2",null,"External Consumer","ASO","V5 Global ASO",null,"FT",null,"ASO",null,"Prabhakar G","S.Arunbabu",null,"Prabhu Subaramanian","Sharad verma","arun.babu@v5global.co.in","arun.babu@v5global.co.in","gprabhakar@lenovo.com","psubramania4@lenovo.com","sharverm@lenovo.com","ASO","Shilpi Gautam","sgautam2@lenovo.com",null,"Prabhu Subaramanian",null,"psubramania4@lenovo.com",null,"2025-12-15","13:45:00","14.6816964,77.6002297","HI TECH SYSTEMS",{"$nulls":3},"T3","37FSJPS4162K1Z1","South2",null,"T-10441","Chittoor","Andhra Pradesh","V5 Global",null,"Yes","Face to Face","90XS005PIN",1,"Lenovo","IdeaCentre","IdeaCentre","IntelÂ® Coreâ„¢ i3-14100 4C, 8GB DDR5/512 SSD/ WiFi 6 + BT 5.2/ 260W/ SFF 8.2Lt / Wired KeyBoard & Mouse /Win 11 Home/1 Yr Onsite","Win 11","TDT","Entry","IntelÂ® Coreâ„¢ i3-14100","Consumer",31500,null,"TDT",31500,"South2",37170,"",null,"South2","Entry","Entry","i3 OS"]
[21762571,"TALAMARLA LAKSHMI REDDY","talamarla.reddy@v5global.co.in",9014290161,"V5 Global","Anantapur","V5422498","Andhra Pradesh","Andhra Pradesh",null,"V5 Global",null,null,"Mohammed Ibrahim","mohammed.ibrahim@v5global.co.in",null,"South2",null,"External Consumer","ASO","V5 Global ASO",null,"FT",null,"ASO",null,"Prabhakar G","S.Arunbabu",null,"Prabhu Subaramanian","Sharad verma","arun.babu@v5global.co.in","arun.babu@v5global.co.in","gprabhakar@lenovo.com","psubramania4@lenovo.com","sharverm@lenovo.com","ASO","Shilpi Gautam","sgautam2@lenovo.com",null,"Prabhu Subaramanian",null,"psubramania4@lenovo.com",null,"2025-12-15","13:47:00","14.6817092,77.6002368","DIWA MOBILES AND COMPUTERS",{"$nulls":3},"T3","37DUKPK7559F1Z2","South2",null,"T-19751","Madannapalli","Andhra Pradesh","V5 Global",null,"Yes","Face to Face","83JE00U4IN",1,"Lenovo","LOQ","LOQ","15.6\" ,INTEL I7,16GB RAM ,1TB SSD","Win 11","Gaming","Premium","INTEL I7","Consumer",125000,null,"NB",125000,"South2",147500,"SP","Gaming","South2","Premium","Premium","-"]
[21762586,"TALAMARLA LAKSHMI REDDY","talamarla.reddy@v5global.co.in",9014290161,"V5 Global","Anantapur","V5422498","Andhra Pradesh","Andhra Pradesh",null,"V5 Global",null,null,"Mohammed Ibrahim","mohammed.ibrahim@v5global.co.in",null,"South2",null,"External Consumer","ASO","V5 Global ASO",null,"FT",null,"ASO",null,"Prabhakar G","S.Arunbabu",null,"Prabhu Subaramanian","Sharad verma","arun.babu@v5global.co.in","arun.babu@v5global.co.in","gprabhakar@lenovo.com","psubramania4@lenovo.com","sharverm@lenovo.com","ASO","Shilpi Gautam","sgautam2@lenovo.com",null,"Prabhu Subaramanian",null,"psubramania4@lenovo.com",null,"2025-12-15","13:49:00","14.6817048,77.6002353","R K SOLUTIONS",{"$nulls":3},"T3","37AFAPG4653A1ZZ","South2",null,"T-10414","Kurnool","Andhra Pradesh","V5 Global",null,"Yes","Face to Face","83JC00EFIN",1,"Lenovo","LOQ","LOQ 15ARP9","NB LOQ 15ARP9 R5 24G 512G 11S","Win 11","Gaming","Premium","R5 7235HS","Consumer",67578,null,"NB",67578,"South2",79742.04,"SP","Gaming","South2","Premium","Premium","-"]
[21762596,"TALAMARLA LAKSHMI REDDY","talamarla.reddy@v5global.co.in",9014290161,"V5 Global","Anantapur","V5422498","Andhra Pradesh","Andhra Pradesh",null,"V5 Global",null,null,"Mohammed Ibrahim","mohammed.ibrahim@v5global.co.in",null,"South2",null,"External Consumer","ASO","V5 Global ASO",null,"FT",null,"ASO",null,"Prabhakar G","S.Arunbabu",null,"Prabhu Subaramanian","Sharad verma","arun.babu@v5global.co.in","arun.babu@v5global.co.in","gprabhakar@lenovo.com","psubramania4@lenovo.com","sharverm@lenovo.com","ASO","Shilpi Gautam","sgautam2@lenovo.com",null,"Prabhu Subaramanian",null,"psubramania4@lenovo.com",null,"2025-12-15","13:51:00","14.6816884,77.6002304","SRI DURGA COMPUTERS",{"$nulls":3},"T3","37ADJFS0113Q1ZR","South2",null,"T-10411","Kurnool","Andhra Pradesh","V5 Global",null,"Yes","Face to Face","83LK009VIN",1,"Lenovo","LOQ","LOQ-15AX9E","i5-12450HX-RTX3050A-W11-O24-15.6","Win 11","Gaming","Premium","i5-12450HX","Consumer",85290,null,"NB",85290,"South2",100642.2,"SP","Gaming","South2","Premium","Premium","-"]
[21762633,"TALAMARLA LAKSHMI REDDY","talamarla.reddy@v5global.co.in",9014290161,"V5 Global","Anantapur","V5422498","Andhra Pradesh","Andhra Pradesh",null,"V5 Global",null,null,"Mohammed Ibrahim","mohammed.ibrahim@v5global.co.in",null,"South2",null,"External Consumer","ASO","V5 Global ASO",null,"FT",null,"ASO",null,"Prabhakar G","S.Arunbabu",null,"Prabhu Subaramanian","Sharad verma","arun.babu@v5global.co.in","arun.babu@v5global.co.in","gprabhakar@lenovo.com","psubramania4@lenovo.com","sharverm@lenovo.com","ASO","Shilpi Gautam","sgautam2@lenovo.com",null,"Prabhu Subaramanian",null,"psubramania4@lenovo.com",null,"2025-12-15","13:56:00","14.6817039,77.600244","NOBLE SYSTEMS & SOLUTIONS",{"$nulls":3},"T3","37ATUPK1541K1Z8","South3",null,"T-10427","Kadapa","Andhra Pradesh",null,null,"Yes","Face to Face","90XW005UIN",3,"Lenovo","IdeaCentre","IdeaCentre 08IRH9","8GB RAM/512 GB SSD/Integrated Graphics/WINDOWS 11","Win 11","TDT","Entry","CORE I5","Consumer",32619,null,"TDT",97857,"South2",38490.42,"",null,"South2","Entry","Mainstream","NA"]
[21764106,"Ashwani Kumar","ashwani.kumar@v5global.co.in",7827383769,"V5 Global","Delhi","V5262001","Delhi","Delhi",null,"V5 Global",null,null,"Mohd Asif","mohd.asif@v5global.co.in",null,"North1",null,"External Consumer","ASO","V5 Global ASO",null,"FT",null,"ASO",null,"Kanwaldeep Singh","Gaurav Sharma",null,"Kumar Tanksale","Raghavendra Araveeti","gaurav.sharma@v5global.co.in","gaurav.sharma@v5global.co.in","ksingh15@lenovo.com","ktanksale1@lenovo.com","raraveeti@lenovo.com","ASO","Shilpi Gautam","sgautam2@lenovo.com",null,"Kumar Tanksale",null,"ktanksale1@lenovo.com",null,"2025-12-15","14:14:00","28.5480573,77.2516528","SUNRISE COMPUTERS",{"$nulls":3},"T3","07BNKPS5397E1ZF","North1",null,"T-3802","New Delhi","New Delhi","V5 Global",null,"Yes","Face to Face","82R4011PIN",2,"Lenovo","IdeaPad","IdeaPad 1 15ALC7","AMD Ryzenâ„¢ 5 5500U , Integrated AMD Radeonâ„¢ Graphics, 8GB , 512 GB SSD, 15.6\" FHD (1920x1080) IPS 250nits Anti-glare, 1.61 kg, C","Win 11","Thin & Light","Mainstream","AMD Ryzenâ„¢ 5 5500U","Consumer",35259,null,"NB",70518,"North1",41605.619999999995,"",null,"North1","Mainstream","Entry","-"]
[21763704,"Umer Farooq Bhat","umer.farooq@v5global.co.in",7006131255,"V5 Global","Srinagar","V5266190","Jammu and Kashmir","Jammu and Kashmir",null,"V5 Global",null,null,"Shivam Kumar1","shivam.kumar1@v5global.co.in",null,"North1",null,"External Consumer","ASO","V5 Global ASO",null,"FT",null,"ASO",null,"Karan Kapoor","Gaurav Sharma",null,"Kumar Tanksale","Raghavendra Araveeti","gaurav.sharma@v5global.co.in","gaurav.sharma@v5global.co.in","Kkapoor@lenovo.com","ktanksale1@lenovo.com","raraveeti@lenovo.com","ASO","Shilpi Gautam","sgautam2@lenovo.com",null,"Kumar Tanksale",null,"ktanksale1@lenovo.com",null,"2025-12-15","14:16:00","34.072858861074515,74.81923677027225","SILICON VALLEY",{"$nulls":3},"T3","01BGTPA1771N1ZA","North1",null,"T-3564","Anantnag","Jammu And Kashmir","V5 Global",null,"Yes","Telephonic","F0J6005FIN",1,"Lenovo","AIO","Lenovo A100","23.8\" FHD/8GB RAM/512 SSD/Integrated Graphics/MSO 2024/White","Win 11","AIO","Entry","Intel N100","Consumer",32000,null,"AIO",32000,"North1",37760,"",null,"North1","Entry","Entry","-"]
[21762765,"Sunny Ashok Warwatkar","sunny.warwatkar@v5global.co.in",8888599205,"V5 Global","Amravati",601349,"MAHARASHTRA","Maharashtra",null,"V5 Global",null,null,"Safdar Hussian","safder.khan@v5global.co.in",null,"West1",null,"External Consumer","ASO","V5 Global ASO",null,"FT",null,"ASO",null,"Sonia more","TBH",null,"Hemant C Baghel","Sharad verma",null,null,"smore3@lenovo.com","hbaghel@lenovo.com","sharverm@lenovo.com","ASO","Shilpi Gautam","sgautam2@lenovo.com",null,"Hemant C Baghel",null,"hbaghel@lenovo.com",null,"2025-12-15","14:20:00","20.9274014,77.7538996","Sai Computer",{"$nulls":3},"T3","27ABPPH5373M1Z0","West1",null,"T-12562","Buldhana","Maharashtra",null,null,"Yes","Face to Face","83DV01A9IN",1,"Lenovo","LOQ","LOQ 15IRX9","i5 OS 6GB Gfx/i5 13450HX/RTX 3050 6GB","Win 11","Gaming","Premium","RTX 3050 6GB/512GB SSD/i5 13450HX","Consumer",77845,null,"NB",77845,"West1",91857.09999999999,"SP","Gaming","West1 R","Premium","Premium","-"]
[21762773,"Sunny Ashok Warwatkar","sunny.warwatkar@v5global.co.in",8888599205,"V5 Global","Amravati",601349,"MAHARASHTRA","Maharashtra",null,"V5 Global",null,null,"Safdar Hussian","safder.khan@v5global.co.in",null,"West1",null,"External Consumer","ASO","V5 Global ASO",null,"FT",null,"ASO",null,"Sonia more","TBH",null,"Hemant C Baghel","Sharad verma",null,null,"smore3@lenovo.com","hbaghel@lenovo.com","sharverm@lenovo.com","ASO","Shilpi Gautam","sgautam2@lenovo.com",null,"Hemant C Baghel",null,"hbaghel@lenovo.com",null,"2025-12-15","14:20:00","20.9273991,77.7538874","Sandal Enterprises",{"$nulls":3},"T3","27AHXPP4526A1Z4","West1",null,"T-12523","Amravati","Maharashtra",null,null,"Yes","Face to Face","82R4011PIN",3,"Lenovo","IdeaPad","IdeaPad 1 15ALC7","AMD Ryzenâ„¢ 5 5500U , Integrated AMD Radeonâ„¢ Graphics, 8GB , 512 GB SSD, 15.6\" FHD (1920x1080) IPS 250nits Anti-glare, 1.61 kg, C","Win 11","Thin & Light","Mainstream","AMD Ryzenâ„¢ 5 5500U","Consumer",35259,null,"NB",105777,"West1",41605.619999999995,"",null,"West1 R","Mainstream","Entry","-"]
[21762804,"Sunny Ashok Warwatkar","sunny.warwatkar@v5global.co.in",8888599205,"V5 Global","Amravati",601349,"MAHARASHTRA","Maharashtra",null,"V5 Global",null,null,"Safdar Hussian","safder.khan@v5global.co.in",null,"West1",null,"External Consumer","ASO","V5 Global ASO",null,"FT",null,"ASO",null,"Sonia more","TBH",null,"Hemant C Baghel","Sharad verma",null,null,"smore3@lenovo.com","hbaghel@lenovo.com","sharverm@lenovo.com","ASO","Shilpi Gautam","sgautam2@lenovo.com",null,"Hemant C Baghel",null,"hbaghel@lenovo.com",null,"2025-12-15","14:25:00","20.9273993,77.7538605","Shree Ganesh Computer",{"$nulls":3},"T3","27AIYPB0006H1ZH","West1",null,"T-12559","Buldhana","Maharashtra",null,null,"Yes","Face to Face","82X700HMIN",2,"Lenovo","IdeaPad Slim 3","Slim 3","15.6\", 8GB, 512GB, Integrated Intel UHD Graphics, Office Home 2024, Arctic Grey\t","Win 11","Thin & Light","Mainstream","Intel Core i3-1315U\t","Consumer",41000,null,"NB",82000,"West1",48380,"",null,"West1 R","Mainstream","Mainstream","i3 OS"]
[21762800,"Chetan Wagh Dnyanashwar","chetan.dnyanashwar@v5global.co.in",7744978870,"V5 Global","Pune",601369,"Maharashtra","Maharashtra",null,"V5 Global",null,null,"Safdar Hussian","safder.khan@v5global.co.in",null,"West1",null,"External Consumer","ASO","V5 Global ASO",null,"FT",null,"ASO",null,"Rajeev Jha","TBH",null,"Hemant C Baghel","Sharad verma",null,null,"rjha3@lenovo.com","hbaghel@lenovo.com","sharverm@lenovo.com","ASO","Shilpi Gautam","sgautam2@lenovo.com",null,"Hemant C Baghel",null,"hbaghel@lenovo.com",null,"2025-12-15","14:25:00","18.6054231,73.775248","Firenix Technology - (Akurdi)",{"$nulls":3},"T3","27AABCF0171D1Z6","West1",null,"T-29626","Pune.","Maharashtra","V5 Global",null,"Yes","Face to Face","83DV01BHIN",1,"Lenovo","LOQ","LOQ 15IRX9","CI7-13650HX/16GB/512GB/RTX 4060 8GB/WIN11/OFFICE2024/ 15.6 FULL HD IPS","Win 11","Gaming","Premium","C I7-13650HX","Consumer",106500,null,"NB",106500,"West1",125670,"SP","Gaming","West1 R","Premium","Premium","-"]
[21762834,"Chetan Wagh Dnyanashwar","chetan.dnyanashwar@v5global.co.in",7744978870,"V5 Global","Pune",601369,"Maharashtra","Maharashtra",null,"V5 Global",null,null,"Safdar Hussian","safder.khan@v5global.co.in",null,"West1",null,"External Consumer","ASO","V5 Global ASO",null,"FT",null,"ASO",null,"Rajeev Jha","TBH",null,"Hemant C Baghel","Sharad verma",null,null,"rjha3@lenovo.com","hbaghel@lenovo.com","sharverm@lenovo.com","ASO","Shilpi Gautam","sgautam2@lenovo.com",null,"Hemant C Baghel",null,"hbaghel@lenovo.com",null,"2025-12-15","14:31:00","18.6054211,73.7752791","Yadav Electronics",{"$nulls":3},"T3","27APPPS1832N1Z6","West1",null,"T-13473","Pune","Maharashtra","V5 Global",null,"Yes","Face to Face","90XS005PIN",1,"Lenovo","IdeaCentre","IdeaCentre","IntelÂ® Coreâ„¢ i3-14100 4C, 8GB DDR5/512 SSD/ WiFi 6 + BT 5.2/ 260W/ SFF 8.2Lt / Wired KeyBoard & Mouse /Win 11 Home/1 Yr Onsite","Win 11","TDT","Entry","IntelÂ® Coreâ„¢ i3-14100","Consumer",31500,null,"TDT",31500,"West1",37170,"",null,"West1 R","Entry","Entry","i3 OS"]
[21762871,"Chetan Wagh Dnyanashwar","chetan.dnyanashwar@v5global.co.in",7744978870,"V5 Global","Pune",601369,"Maharashtra","Maharashtra",null,"V5 Global",null,null,"Safdar Hussian","safder.khan@v5global.co.in",null,"West1",null,"External Consumer","ASO","V5 Global ASO",null,"FT",null,"ASO",null,"Rajeev Jha","TBH",null,"Hemant C Baghel","Sharad verma",null,null,"rjha3@lenovo.com","hbaghel@lenovo.com","sharverm@lenovo.com","ASO","Shilpi Gautam","sgautam2@lenovo.com",null,"Hemant C Baghel",null,"hbaghel@lenovo.com",null,"2025-12-15","14:35:00","18.6054249,73.7752916","ADITI COMPUTER & LAPTOPS-BARAMATI",{"$nulls":3},"T3","27ADGPL9314F1ZJ","West1",null,"T-17777","Pune","Maharashtra","V5 Global",null,"Yes","Face to Face","F0J6005GIN",1,"Lenovo","AIO","A100","IntelÂ® Coreâ„¢ i3-N305/8GB SO-DIMM DDR4-3200/512GB SSD/Integrated IntelÂ® UHD Graphics/WindowsÂ® 11,Cloud Grey","Win 11","AIO","Mainstream","IntelÂ® Coreâ„¢ i3-N305","Consumer",49000,null,"AIO",49000,"West1",57820,"",null,"West1 R","Mainstream","Mainstream","i3 OS"]
[21762896,"Chetan Wagh Dnyanashwar","chetan.dnyanashwar@v5global.co.in",7744978870,"V5 Global","Pune",601369,"Maharashtra","Maharashtra",null,"V5 Global",null,null,"Safdar Hussian","safder.khan@v5global.co.in",null,"West1",null,"External Consumer","ASO","V5 Global ASO",null,"FT",null,"ASO",null,"Rajeev Jha","TBH",null,"Hemant C Baghel","Sharad verma",null,null,"rjha3@lenovo.com","hbaghel@lenovo.com","sharverm@lenovo.com","ASO","Shilpi Gautam","sgautam2@lenovo.com",null,"Hemant C Baghel",null,"hbaghel@lenovo.com",null,"2025-12-15","14:39:00","18.6054143,73.7752822","Damini Enterprises",{"$nulls":3},"T3","27BZDPK8918E1Z7","West1",null,"T-13258","Pune","Maharashtra","V5 Global",null,"Yes","Telephonic","82XQ00MDIN",1,"Lenovo","Ideapad","Slim 3","RYZEN-7320U/8GB LPDDR5-5500/512GB SSD/Integrated AMD Radeon graphics","Win 11","Thin & Light","Entry","Ryzen3 7320U","Consumer",33000,null,"NB",33000,"West1",38940,"",null,"West1 R","Entry","Entry","-"]
[21762910,"Vinod Kumar","vinod.kumar@v5global.co.in",9911547614,"V5 Global","Delhi","V5265873","Delhi","Delhi",null,"V5 Global",null,null,"Chetan Mehta","Chetan.mehta@v5global.co.in",null,"North1",null,"External Consumer","ASO","V5 Global ASO",null,"FT",null,"ASO",null,"Kanwaldeep Singh","Gaurav Sharma",null,"Kumar Tanksale","Raghavendra Araveeti","gaurav.sharma@v5global.co.in","gaurav.sharma@v5global.co.in","ksingh15@lenovo.com","ktanksale1@lenovo.com","raraveeti@lenovo.com","ASO","Shilpi Gautam","sgautam2@lenovo.com",null,"Kumar Tanksale",null,"ktanksale1@lenovo.com",null,"2025-12-15","14:41:00","28.7005,77.1668867","Tab Enterprises",{"$nulls":3},"T3","07AFBPJ4272M1ZA","North1",null,"T-3744","New Delhi","New Delhi","V5 Global",null,"Yes","Face to Face","83JQ000NIN",1,"Lenovo","Yoga 7 2-in-1","Yoga 7 2-in-1","14\"/32GB/1TSSD/Graphics 140V/MS-2024/Seashell ","Win 11","Convertible","Premium","ULT7 258V","Consumer",136990,null,"NB",136990,"North1",161648.19999999998,"SP","Non-Gaming","North1","Premium","Premium","Yoga"]
[21762951,"Chetan Wagh Dnyanashwar","chetan.dnyanashwar@v5global.co.in",7744978870,"V5 Global","Pune",601369,"Maharashtra","Maharashtra",null,"V5 Global",null,null,"Safdar Hussian","safder.khan@v5global.co.in",null,"West1",null,"External Consumer","ASO","V5 Global ASO",null,"FT",null,"ASO",null,"Rajeev Jha","TBH",null,"Hemant C Baghel","Sharad verma",null,null,"rjha3@lenovo.com","hbaghel@lenovo.com","sharverm@lenovo.com","ASO","Shilpi Gautam","sgautam2@lenovo.com",null,"Hemant C Baghel",null,"hbaghel@lenovo.com",null,"2025-12-15","14:46:00","18.6053869,73.7753964","Nagad Computer",{"$nulls":3},"T3","27BBJPV8267M1ZK","West1",null,"T-31365","Pune","Maharashtra","V5 Global",null,"Yes","Face to Face","82X700HMIN",1,"Lenovo","IdeaPad Slim 3","Slim 3","15.6\", 8GB, 512GB, Integrated Intel UHD Graphics, Office Home 2024, Arctic Grey\t","Win 11","Thin & Light","Mainstream","Intel Core i3-1315U\t","Consumer",41000,null,"NB",41000,"West1",48380,"",null,"West1 R","Mainstream","Mainstream","i3 OS"]
[21763719,"Umer Farooq Bhat","umer.farooq@v5global.co.in",7006131255,"V5 Global","Srinagar","V5266190","Jammu and Kashmir","Jammu and Kashmir",null,"V5 Global",null,null,"Shivam Kumar1","shivam.kumar1@v5global.co.in",null,"North1",null,"External Consumer","ASO","V5 Global ASO",null,"FT",null,"ASO",null,"Karan Kapoor","Gaurav Sharma",null,"Kumar Tanksale","Raghavendra Araveeti","gaurav.sharma@v5global.co.in","gaurav.sharma@v5global.co.in","Kkapoor@lenovo.com","ktanksale1@lenovo.com","raraveeti@lenovo.com","ASO","Shilpi Gautam","sgautam2@lenovo.com",null,"Kumar Tanksale",null,"ktanksale1@lenovo.com",null,"2025-12-15","15:22:00","34.07373894443894,74.81983624398708","Dot Com Services",{"$nulls":3},"T3","01AHKPR0917J1ZF","North1",null,"T-20004","Polo View","Jammu And Kashmir","V5 Global",null,"Yes","Face to Face","83ER00MCIN",1,"Lenovo","Ideapad","Slim 3","Lenovo IdeaPad Slim 3 12th Gen Intel Core i5-12450H 15\" (39.6cm) FHD IPS 300 Nits Thin & Light Laptop (16GB/512GB SSD/Win 11/MSO","Win 11","Thin & Light","Mainstream","i5 12th Gen","Consumer",41000,null,"NB",41000,"North1",48380,"",null,"North1","Mainstream","Mainstream","-"]
[21763280,"Amarnath Gopinath Sapkal","amarnath.sapkal@v5global.co.in",9156715111,"V5 Global","Sangli","V5477540","Maharashtra","Maharashtra",null,"V5 Global",null,null,"Aparajitaa Lakhani","aparajita.lakhani@v5global.co.in",null,"West1",null,"External Consumer","ASO","V5 Global ASO",null,"FT",null,"ASO",null,"Rajeev Jha","TBH",null,"Hemant C Baghel","Sharad verma",null,null,"rjha3@lenovo.com","hbaghel@lenovo.com","sharverm@lenovo.com","ASO","Shilpi Gautam","sgautam2@lenovo.com",null,"Hemant C Baghel",null,"hbaghel@lenovo.com",null,"2025-12-15","15:44:00","16.8612722,74.5723237","Shreeji Computers",{"$nulls":3},"T3","27AAVFS0122N1ZR","West1",null,"T-12998","Sangli","Maharashtra","V5 Global",null,"Yes","Face to Face","83JC00EFIN",1,"Lenovo","LOQ","LOQ 15ARP9","NB LOQ 15ARP9 R5 24G 512G 11S","Win 11","Gaming","Premium","R5 7235HS","Consumer",67578,null,"NB",67578,"West1",79742.04,"SP","Gaming","West1 R","Premium","Premium","-"]
[21763288,"Manish Kumar ","manish.k@v5global.co.in",9815306161,"V5 Global","Chandigarh","V5294765","Punjab","Punjab",null,"V5 Global",null,null,"Shivam Kumar1","shivam.kumar1@v5global.co.in",null,"North1",null,"External Consumer","ASO","V5 Global ASO",null,"FT",null,"ASO",null,"Naveen Kumar","Gaurav Sharma",null,"Kumar Tanksale","Raghavendra Araveeti","gaurav.sharma@v5global.co.in","gaurav.sharma@v5global.co.in","nkumar12@lenovo.com","ktanksale1@lenovo.com","raraveeti@lenovo.com","ASO","Shilpi Gautam","sgautam2@lenovo.com",null,"Kumar Tanksale",null,"ktanksale1@lenovo.com",null,"2025-12-15","15:48:00","30.7168132,76.7773041","LEELA DOCUMENT",{"$nulls":3},"T3","02CEEPK0092L1ZO","North1",null,"T-18422","Shimla","Himachal Pradesh","V5 Global",null,"Yes","Telephonic","83JC00HNIN",1,"Lenovo","LOQ","LOQ","Lenovo LOQ 15 R7 7235HS Gen Gaming Laptop (12GB, 512GB SSD, Windows 11 Home, 4GB Graphics, 15.6 inch 144 Hz Full HD IPS Display,","Win 11","Thin & Light","Premium","R7 7235HS","Consumer",50000,null,"NB",50000,"North1",59000,"",null,"North1","Mainstream","Premium","-"]
[21789855,"Ramisetty Gopalkrishna","ramisetty.krishna@v5global.co.in",7050129999,"V5 Global","Vijaywada","V5303153","Andhra Pradesh","Andhra Pradesh",null,"V5 Global",null,null,"TBH (HYD)",null,null,"South2",null,"External Consumer","ASO","V5 Global ASO",null,"FT",null,"ASO",null,"Prabhakar G","S.Arunbabu",null,"Prabhu Subaramanian","Sharad verma","arun.babu@v5global.co.in","arun.babu@v5global.co.in","gprabhakar@lenovo.com","psubramania4@lenovo.com","sharverm@lenovo.com","ASO","Shilpi Gautam","sgautam2@lenovo.com",null,"Prabhu Subaramanian",null,"psubramania4@lenovo.com",null,"2025-12-15","15:52:00","16.4796377,80.6619492","JK COMPUTERS",{"$nulls":3},"T3","37AHRPR9116J1ZK","South2",null,"T-10416","Sri Potti Sriramulu Nellore","Andhra Pradesh","V5 Global",null,"Yes","Face to Face","67DDKAC6IN",2,"Lenovo","Monitor","Monitor","Non Gaming|L24-4C|23.8\"","NA","Visual Variants","Mainstream","L24-4C","Visuals",8500,null,null,17000,"South2",10030,"",null,"South2","Mainstream","Mainstream","-"]
[21763426,"Ishan Modha","ishan.modha@v5global.co.in",6352456143,"V5 Global","Ahmedabad",601140,"Gujarat","Gujarat",null,"V5 Global",null,null,"Darshan Shah","darshan.shah@v5global.co.in",null,"West1",null,"External Consumer","ASO","V5 Global ASO",null,"FT",null,"ASO",null,"Jaydip Kachhot","Yunus Hamid Mansoori",null,"Hemant C Baghel","Sharad verma","yunus.hamid@v5global.co.in","yunus.hamid@v5global.co.in","jkachhot@lenovo.com","hbaghel@lenovo.com","sharverm@lenovo.com","ASO","Shilpi Gautam","sgautam2@lenovo.com",null,"Hemant C Baghel",null,"hbaghel@lenovo.com",null,"2025-12-15","16:11:00","23.0671899,70.1323892","ANMOL COMPUTER",{"$nulls":3},"T3","24BNEPK2279P1ZJ","West2",null,"T-14112","Morbi","Gujarat",null,null,"Yes","Face to Face","F0HN00PGIN",1,"Lenovo","AIO","AIO i-24IRH9","i3-1315U-8-512-UHD-W11-O24-23.80","Win 11","AIO","Mainstream","i3-1315U","Consumer",57990,null,"AIO",57990,"West1",68428.2,"",null,"West1 M","Premium","Mainstream","i3 OS"]
[21763446,"Ishan Modha","ishan.modha@v5global.co.in",6352456143,"V5 Global","Ahmedabad",601140,"Gujarat","Gujarat",null,"V5 Global",null,null,"Darshan Shah","darshan.shah@v5global.co.in",null,"West1",null,"External Consumer","ASO","V5 Global ASO",null,"FT",null,"ASO",null,"Jaydip Kachhot","Yunus Hamid Mansoori",null,"Hemant C Baghel","Sharad verma","yunus.hamid@v5global.co.in","yunus.hamid@v5global.co.in","jkachhot@lenovo.com","hbaghel@lenovo.com","sharverm@lenovo.com","ASO","Shilpi Gautam","sgautam2@lenovo.com",null,"Hemant C Baghel",null,"hbaghel@lenovo.com",null,"2025-12-15","16:13:00","23.0671747,70.1323374","Umiya Computer World",{"$nulls":3},"T3",null,"West2",null,"T-22672","Morbi","Gujarat","Denave",null,"Yes","Face to Face","83DV01A9IN",1,"Lenovo","LOQ","LOQ 15IRX9","i5 OS 6GB Gfx/i5 13450HX/RTX 3050 6GB","Win 11","Gaming","Premium","RTX 3050 6GB/512GB SSD/i5 13450HX","Consumer",77845,null,"NB",77845,"West1",91857.09999999999,"SP","Gaming","West1 M","Premium","Premium","-"]
[21763859,"Chetti Srinivas","chetti.srinivas1@v5global.co.in",9515976797,"V5 Global","Hyderabad",601126,"TELANGANA","Telangana",null,"V5 Global",null,null,"Mohammed Ibrahim","mohammed.ibrahim@v5global.co.in",null,"South2",null,"External Consumer","ASO","V5 Global ASO",null,"FT",null,"ASO",null,"Santosh Singh","S.Arunbabu",null,"Prabhu Subaramanian","Sharad verma","arun.babu@v5global.co.in","arun.babu@v5global.co.in","ssingh9@lenovo.com","psubramania4@lenovo.com","sharverm@lenovo.com","ASO","Shilpi Gautam","sgautam2@lenovo.com",null,"Prabhu Subaramanian",null,"psubramania4@lenovo.com",null,"2025-12-15","17:21:00","17.4406626,78.489624","Lap Store",{"$nulls":3},"T3","36AQIPG6380P1Z7","South2",null,"T-10515","Karimnagar","Andhra Pradesh","V5 Global",null,"Yes","Telephonic","82R4011PIN",2,"Lenovo","IdeaPad","IdeaPad 1 15ALC7","AMD Ryzenâ„¢ 5 5500U , Integrated AMD Radeonâ„¢ Graphics, 8GB , 512 GB SSD, 15.6\" FHD (1920x1080) IPS 250nits Anti-glare, 1.61 kg, C","Win 11","Thin & Light","Mainstream","AMD Ryzenâ„¢ 5 5500U","Consumer",35259,null,"NB",70518,"South2",41605.619999999995,"",null,"South2","Mainstream","Entry","-"]
[21763955,"Chetti Srinivas","chetti.srinivas1@v5global.co.in",9515976797,"V5 Global","Hyderabad",601126,"TELANGANA","Telangana",null,"V5 Global",null,null,"Mohammed Ibrahim","mohammed.ibrahim@v5global.co.in",null,"South2",null,"External Consumer","ASO","V5 Global ASO",null,"FT",null,"ASO",null,"Santosh Singh","S.Arunbabu",null,"Prabhu Subaramanian","Sharad verma","arun.babu@v5global.co.in","arun.babu@v5global.co.in","ssingh9@lenovo.com","psubramania4@lenovo.com","sharverm@lenovo.com","ASO","Shilpi Gautam","sgautam2@lenovo.com",null,"Prabhu Subaramanian",null,"psubramania4@lenovo.com",null,"2025-12-15","17:33:00","17.4406556,78.4896171","PAVAN SAI SYSTEMS",{"$nulls":3},"T3","36AAMFP0611N1Z2","South2",null,"T-10650","Hyderabad","Telangana","V5 Global",null,"Yes","Telephonic","F0HN00PGIN",1,"Lenovo","AIO","AIO i-24IRH9","i3-1315U-8-512-UHD-W11-O24-23.80","Win 11","AIO","Mainstream","i3-1315U","Consumer",57990,null,"AIO",57990,"South2",68428.2,"",null,"South2","Premium","Mainstream","i3 OS"]
[21768256,"Vani Alpesh kumar","vani.alpesh@v5global.co.in",9898633142,"V5 Global","Surat","V5294897","Gujarat","Gujarat",null,"V5 Global",null,null,"Muffazal Momin","muffazal.momin@v5global.co.in",null,"West1",null,"External Consumer","ASO","V5 Global ASO",null,"FT",null,"ASO",null,"Darshan Thakkar","Yunus Hamid Mansoori",null,"Hemant C Baghel","Sharad verma","yunus.hamid@v5global.co.in","yunus.hamid@v5global.co.in","tjitendrabha@lenovo.com","hbaghel@lenovo.com","sharverm@lenovo.com","ASO","Shilpi Gautam","sgautam2@lenovo.com",null,"Hemant C Baghel",null,"hbaghel@lenovo.com",null,"2025-12-15","17:35:00","21.2060068,72.7811646","LAPCARE TECHNOLOGY",{"$nulls":3},"T3","24BZWPP1947D1Z0","West1",null,"T-14828","Surat","Gujarat","V5 Global",null,"Yes","Telephonic","F0J6005LIN",1,"Lenovo","AIO","A100","Lenovo A100 IntelÂ® Coreâ„¢ i3-N305 8GB DDR4 512 SSD INTEGRATED GRAPHICS 23.8FHD AG 250N WLAN+BTÂ  Cloud Grey 5.0 MP","Win 11","AIO","Mainstream"," IntelÂ® Coreâ„¢ i3-N305  ","Consumer",36000,null,"AIO",36000,"West1",42480,"",null,"West1 M","Mainstream","Mainstream","i3 OS"]
[21764092,"Pran Pratap Singh","pran.singh@v5global.co.in",9001585718,"V5 Global","Jaipur","V5459442","Jaipur","Rajasthan",null,"V5 Global",null,null,"Gourav Jain","gourav.jain@v5global.co.in",null,"North1",null,"External Consumer","ASO","V5 Global ASO",null,"FT",null,"ASO",null,"Ganga Singh","Gaurav Sharma",null,"Kumar Tanksale","Raghavendra Araveeti","gaurav.sharma@v5global.co.in","gaurav.sharma@v5global.co.in","gsingh24@lenovo.com","ktanksale1@lenovo.com","raraveeti@lenovo.com","ASO","Shilpi Gautam","sgautam2@lenovo.com",null,"Kumar Tanksale",null,"ktanksale1@lenovo.com",null,"2025-12-15","17:51:00","26.8539711,75.8091021","Mohini Computer",{"$nulls":3},"T3",null,"West2",null,"T-28136","Gangapur City","Rajasthan","Denave",null,"Yes","Face to Face","83K100TEIN",1,"Lenovo","Ideapad","Slim 3","CI7-13620H/24GB/1TB/WIN11/OFFICE2024/ 15.3 WUXG","Win 11","Thin & Light","Mainstream","C I7-13620HH","Consumer",71000,null,"NB",71000,"North1",83780,"SP","Non-Gaming","North1","Premium","Premium","-"]
[21764346,"Vinod Kumar","vinod.kumar@v5global.co.in",9911547614,"V5 Global","Delhi","V5265873","Delhi","Delhi",null,"V5 Global",null,null,"Chetan Mehta","Chetan.mehta@v5global.co.in",null,"North1",null,"External Consumer","ASO","V5 Global ASO",null,"FT",null,"ASO",null,"Kanwaldeep Singh","Gaurav Sharma",null,"Kumar Tanksale","Raghavendra Araveeti","gaurav.sharma@v5global.co.in","gaurav.sharma@v5global.co.in","ksingh15@lenovo.com","ktanksale1@lenovo.com","raraveeti@lenovo.com","ASO","Shilpi Gautam","sgautam2@lenovo.com",null,"Kumar Tanksale",null,"ktanksale1@lenovo.com",null,"2025-12-15","18:23:00","28.9904483,77.0163033","GLOBAL INFO SERVICES",{"$nulls":3},"T3","07ALZPR3831Q1ZY","North1",null,"T-3672","New Delhi","New Delhi","V5 Global",null,"Yes","Face to Face","90XS0014IN",5,"Lenovo","IdeaCentre","Tower","\"Intel Core i3-13100/ 8GB UDIMM DDR5-4800/ \t512GB SSD M.2 2280 PCIe 4.0x4 NVMe/ Integrated Intel UHD Graphics 730/ 260W 90%/ USB","DOS","TDT","Entry","Intel Core i3-13100","Consumer",24907,null,"TDT",124535,"North1",29390.26,"",null,"North1","Entry","Entry","i3 OS"]
[21764380,"Furkan ","furkan.1@v5global.co.in",9818299160,"V5 Global","New Delhi","V5462337","NEW DELHI","New Delhi",null,"V5 Global",null,null,"Mohd Asif","mohd.asif@v5global.co.in",null,"North1",null,"External Consumer","ASO","V5 Global ASO",null,"FT",null,"ASO",null,"Kanwaldeep Singh","Gaurav Sharma",null,"Kumar Tanksale","Raghavendra Araveeti","gaurav.sharma@v5global.co.in","gaurav.sharma@v5global.co.in","ksingh15@lenovo.com","ktanksale1@lenovo.com","raraveeti@lenovo.com","ASO","Shilpi Gautam","sgautam2@lenovo.com",null,"Kumar Tanksale",null,"ktanksale1@lenovo.com",null,"2025-12-15","18:28:00","28.629454,77.275351","Supreme Computers India",{"$nulls":3},"T3","07AEQFS7409M1Z8","North1",null,"T-24400","Delhi","Delhi","Denave",null,"Yes","Face to Face","F0J6005GIN",7,"Lenovo","AIO","A100","IntelÂ® Coreâ„¢ i3-N305/8GB SO-DIMM DDR4-3200/512GB SSD/Integrated IntelÂ® UHD Graphics/WindowsÂ® 11,Cloud Grey","Win 11","AIO","Mainstream","IntelÂ® Coreâ„¢ i3-N305","Consumer",49000,null,"AIO",343000,"North1",57820,"",null,"North1","Mainstream","Mainstream","i3 OS"]
[21764427,"Furkan ","furkan.1@v5global.co.in",9818299160,"V5 Global","New Delhi","V5462337","NEW DELHI","New Delhi",null,"V5 Global",null,null,"Mohd Asif","mohd.asif@v5global.co.in",null,"North1",null,"External Consumer","ASO","V5 Global ASO",null,"FT",null,"ASO",null,"Kanwaldeep Singh","Gaurav Sharma",null,"Kumar Tanksale","Raghavendra Araveeti","gaurav.sharma@v5global.co.in","gaurav.sharma@v5global.co.in","ksingh15@lenovo.com","ktanksale1@lenovo.com","raraveeti@lenovo.com","ASO","Shilpi Gautam","sgautam2@lenovo.com",null,"Kumar Tanksale",null,"ktanksale1@lenovo.com",null,"2025-12-15","18:34:00","28.629454,77.275351","SATSHEEL COMPUTERS PVT LTD",{"$nulls":3},"T3",null,"North1",null,"T-4452","New Delhi","New Delhi","V5 Global",null,"Yes","Face to Face","90XS005PIN",1,"Lenovo","IdeaCentre","IdeaCentre","IntelÂ® Coreâ„¢ i3-14100 4C, 8GB DDR5/512 SSD/ WiFi 6 + BT 5.2/ 260W/ SFF 8.2Lt / Wired KeyBoard & Mouse /Win 11 Home/1 Yr Onsite","Win 11","TDT","Entry","IntelÂ® Coreâ„¢ i3-14100","Consumer",31500,null,"TDT",31500,"North1",37170,"",null,"North1","Entry","Entry","i3 OS"]
[21764805,"Surjeet Kumar","surjeet.kumar@v5global.co.in",7004963220,"V5 Global","Muzaffarpur","V5339429","Bihar","Bihar",null,"V5 Global",null,null,"Shivam Kumar","shivam.kumar@v5global.co.in",null,"East2",null,"External Consumer","ASO","V5 Global ASO",null,"FT",null,"ASO",null,"Krishna Kumar Singh","Imam Hassan",null,"Rajender Negi","Raghavendra Araveeti","imam.hassan@v5global.co.in","imam.hassan@v5global.co.in","ksingh25@lenovo.com","rnegi@lenovo.com","raraveeti@lenovo.com","ASO","Shilpi Gautam","sgautam2@lenovo.com",null,"Rajender Negi",null,"rnegi@lenovo.com",null,"2025-12-15","19:18:00","25.2950282,85.0189389","Om computer & battery",{"$nulls":3},"T3","10AHRPK1353Q1Z2","East2",null,"T-2093","Samastipur","Bihar","V5 Global",null,"Yes","Face to Face","83ER00MCIN",2,"Lenovo","Ideapad","Slim 3","Lenovo IdeaPad Slim 3 12th Gen Intel Core i5-12450H 15\" (39.6cm) FHD IPS 300 Nits Thin & Light Laptop (16GB/512GB SSD/Win 11/MSO","Win 11","Thin & Light","Mainstream","i5 12th Gen","Consumer",41000,null,"NB",82000,"East2",48380,"",null,"East2","Mainstream","Mainstream","-"]
[21764829,"Surjeet Kumar","surjeet.kumar@v5global.co.in",7004963220,"V5 Global","Muzaffarpur","V5339429","Bihar","Bihar",null,"V5 Global",null,null,"Shivam Kumar","shivam.kumar@v5global.co.in",null,"East2",null,"External Consumer","ASO","V5 Global ASO",null,"FT",null,"ASO",null,"Krishna Kumar Singh","Imam Hassan",null,"Rajender Negi","Raghavendra Araveeti","imam.hassan@v5global.co.in","imam.hassan@v5global.co.in","ksingh25@lenovo.com","rnegi@lenovo.com","raraveeti@lenovo.com","ASO","Shilpi Gautam","sgautam2@lenovo.com",null,"Rajender Negi",null,"rnegi@lenovo.com",null,"2025-12-15","19:22:00","25.2950482,85.0188101","COMPUTER SAMRAT",{"$nulls":3},"T3","10BGNPP5018F1ZN","East2",null,"T-2167","Begusarai","Bihar","V5 Global",null,"Yes","Face to Face","67BCKAC6IN",1,"Lenovo","Monitor -L24i4A","Monitor -L24i4A","Full HD IPS Panel Ultra Thin Monitor with WLED Backlight","NA","Visual Variants","Premium","NA","Visuals",7203,null,null,7203,"East2",8499.539999999999,"",null,"East2","Premium","Premium","-"]
[21764852,"Surjeet Kumar","surjeet.kumar@v5global.co.in",7004963220,"V5 Global","Muzaffarpur","V5339429","Bihar","Bihar",null,"V5 Global",null,null,"Shivam Kumar","shivam.kumar@v5global.co.in",null,"East2",null,"External Consumer","ASO","V5 Global ASO",null,"FT",null,"ASO",null,"Krishna Kumar Singh","Imam Hassan",null,"Rajender Negi","Raghavendra Araveeti","imam.hassan@v5global.co.in","imam.hassan@v5global.co.in","ksingh25@lenovo.com","rnegi@lenovo.com","raraveeti@lenovo.com","ASO","Shilpi Gautam","sgautam2@lenovo.com",null,"Rajender Negi",null,"rnegi@lenovo.com",null,"2025-12-15","19:23:00","25.2950767,85.0188217","Computer Plaza",{"$nulls":3},"T3","10ASPPS1441N1ZI","East2",null,"T-22987","Begusaria","Bihar","V5 Global",null,"Yes","Face to Face","GX31L52655",11,"Lenovo","Wired Combo","Input","Lenovo 160 Wired Combo","NA","Accessories","NA","NA","Accessories",999,null,null,10989,"East2",1178.82,"",null,"East2","NA","NA","-"]
[21764852,"Surjeet Kumar","surjeet.kumar@v5global.co.in",7004963220,"V5 Global","Muzaffarpur","V5339429","Bihar","Bihar",null,"V5 Global",null,null,"Shivam Kumar","shivam.kumar@v5global.co.in",null,"East2",null,"External Consumer","ASO","V5 Global ASO",null,"FT",null,"ASO",null,"Krishna Kumar Singh","Imam Hassan",null,"Rajender Negi","Raghavendra Araveeti","imam.hassan@v5global.co.in","imam.hassan@v5global.co.in","ksingh25@lenovo.com","rnegi@lenovo.com","raraveeti@lenovo.com","ASO","Shilpi Gautam","sgautam2@lenovo.com",null,"Rajender Negi",null,"rnegi@lenovo.com",null,"2025-12-15","19:23:00","25.2950767,85.0188217","Computer Plaza",{"$nulls":3},"T3","10ASPPS1441N1ZI","East2",null,"T-22987","Begusaria","Bihar","V5 Global",null,"Yes","Face to Face","GX31L52655",5,"Lenovo","Wired Combo","Input","Lenovo 160 Wired Combo","NA","Accessories","NA","NA","Accessories",999,null,null,4995,"East2",1178.82,"",null,"East2","NA","NA","-"]
[21765146,"Ishan Modha","ishan.modha@v5global.co.in",6352456143,"V5 Global","Ahmedabad",601140,"Gujarat","Gujarat",null,"V5 Global",null,null,"Darshan Shah","darshan.shah@v5global.co.in",null,"West1",null,"External Consumer","ASO","V5 Global ASO",null,"FT",null,"ASO",null,"Jaydip Kachhot","Yunus Hamid Mansoori",null,"Hemant C Baghel","Sharad verma","yunus.hamid@v5global.co.in","yunus.hamid@v5global.co.in","jkachhot@lenovo.com","hbaghel@lenovo.com","sharverm@lenovo.com","ASO","Shilpi Gautam","sgautam2@lenovo.com",null,"Hemant C Baghel",null,"hbaghel@lenovo.com",null,"2025-12-15","19:51:00","23.0671868,70.1323479","MASTERMIND INFOSYS",{"$nulls":3},"T3","24BBXPS6554A1ZA","West2",null,"T-14146","Morbi","Gujarat",null,null,"Yes","Face to Face","81BS00KSIN",1,"Lenovo","Ideapad","IP520","4GB / 1TB / 2GB Gfx /15.6\" FHD IPS AG","Win 10","Consumer NB","Mainstream","i5","Consumer",55500,null,"NB",55500,"West1",65490,"SP","Non-Gaming","West1 M","Premium","Premium","-"]
[21765177,"Ishan Modha","ishan.modha@v5global.co.in",6352456143,"V5 Global","Ahmedabad",601140,"Gujarat","Gujarat",null,"V5 Global",null,null,"Darshan Shah","darshan.shah@v5global.co.in",null,"West1",null,"External Consumer","ASO","V5 Global ASO",null,"FT",null,"ASO",null,"Jaydip Kachhot","Yunus Hamid Mansoori",null,"Hemant C Baghel","Sharad verma","yunus.hamid@v5global.co.in","yunus.hamid@v5global.co.in","jkachhot@lenovo.com","hbaghel@lenovo.com","sharverm@lenovo.com","ASO","Shilpi Gautam","sgautam2@lenovo.com",null,"Hemant C Baghel",null,"hbaghel@lenovo.com",null,"2025-12-15","19:53:00","23.0671868,70.1323479","UNITECH COMPUTER WORLD",{"$nulls":3},"Top T3","24AABFU6631L1Z1","West2",null,"T-14044","Morbi","Gujarat",null,null,"Yes","Face to Face","83DV01A9IN",1,"Lenovo","LOQ","LOQ 15IRX9","i5 OS 6GB Gfx/i5 13450HX/RTX 3050 6GB","Win 11","Gaming","Premium","RTX 3050 6GB/512GB SSD/i5 13450HX","Consumer",77845,null,"NB",77845,"West1",91857.09999999999,"SP","Gaming","West1 M","Premium","Premium","-"]
[21765707,"Ragesh K","ragesh.k@v5global.co.in",9249730104,"V5 Global","Calicut","V5313059","Kerala","Kerala",null,"V5 Global",null,null,"Athul Krishna","athul.n@v5global.co.in",null,"South1",null,"External Consumer","ASO","V5 Global ASO",null,"FT",null,"ASO",null,"Shaiju","Prakash Kumar K P",null,"S Sreekumar","Sharad verma","prakash.kp@v5global.co.in","prakash.kp@v5global.co.in","ss89@lenovo.com","ssreekumar@lenovo.com","sharverm@lenovo.com","ASO","Shilpi Gautam","sgautam2@lenovo.com",null,"S Sreekumar",null,"ssreekumar@lenovo.com",null,"2025-12-15","20:29:00","11.0162951,76.9708818","NET IN CYBER CENTRE [ NEFT ]",{"$nulls":3},"T3","32AMDPB8540P1ZZ","South1",null,"T-8364","Kannur","Kerala","V5 Global",null,"Yes","Face to Face","83JC00EFIN",1,"Lenovo","LOQ","LOQ 15ARP9","NB LOQ 15ARP9 R5 24G 512G 11S","Win 11","Gaming","Premium","R5 7235HS","Consumer",67578,null,"NB",67578,"South1",79742.04,"SP","Gaming","South1","Premium","Premium","-"]
[21765756,"Ragesh K","ragesh.k@v5global.co.in",9249730104,"V5 Global","Calicut","V5313059","Kerala","Kerala",null,"V5 Global",null,null,"Athul Krishna","athul.n@v5global.co.in",null,"South1",null,"External Consumer","ASO","V5 Global ASO",null,"FT",null,"ASO",null,"Shaiju","Prakash Kumar K P",null,"S Sreekumar","Sharad verma","prakash.kp@v5global.co.in","prakash.kp@v5global.co.in","ss89@lenovo.com","ssreekumar@lenovo.com","sharverm@lenovo.com","ASO","Shilpi Gautam","sgautam2@lenovo.com",null,"S Sreekumar",null,"ssreekumar@lenovo.com",null,"2025-12-15","20:31:00","11.0163001,76.9708666","KARMI INFO SYSTEMS",{"$nulls":3},"T3","32AEMPT9186J1ZP","South1",null,"T-8288","Wayanad","Kerala","V5 Global",null,"Yes","Face to Face","83J2000HIN",1,"Lenovo","Ideapad","Slim 5","13.3\" WUXGA (1920 x 1200), IPS, Anti-Glare/16 GB LPDDR5X/512 GB SSD/AMD Radeonâ„¢ 680M Graphics/Office Home 2024/Cloud Grey","Win 11","Thin & Light","Mainstream","AMD Ryzenâ„¢ 7 7735HS","Consumer",61491,null,"NB",61491,"South1",72559.37999999999,"SP","Non-Gaming","South1","Premium","Premium","Slim 5/Slim 5 Pro"]
[21765734,"Chetti Srinivas","chetti.srinivas1@v5global.co.in",9515976797,"V5 Global","Hyderabad",601126,"TELANGANA","Telangana",null,"V5 Global",null,null,"Mohammed Ibrahim","mohammed.ibrahim@v5global.co.in",null,"South2",null,"External Consumer","ASO","V5 Global ASO",null,"FT",null,"ASO",null,"Santosh Singh","S.Arunbabu",null,"Prabhu Subaramanian","Sharad verma","arun.babu@v5global.co.in","arun.babu@v5global.co.in","ssingh9@lenovo.com","psubramania4@lenovo.com","sharverm@lenovo.com","ASO","Shilpi Gautam","sgautam2@lenovo.com",null,"Prabhu Subaramanian",null,"psubramania4@lenovo.com",null,"2025-12-15","20:32:00","17.4110165,78.5644278","Sv Electronics Ltd","Hyderabad","Telangana","MBO","T3","36AAECS1679J1ZZ","South2",null,"T-10556","Hyderabad","Telangana","V5 Global",null,"Yes","Face to Face","F0HN00PHIN",1,"Lenovo","AIO","AIO","LEN I5-13420H 16GB 512GB SSD 23.8 MSO","Win 11","AIO","Mainstream","i5-13420H","Consumer",53381,null,"AIO",53381,"South2",62989.579999999994,"",null,"South2","Mainstream","Mainstream","-"]
[21765776,"Ragesh K","ragesh.k@v5global.co.in",9249730104,"V5 Global","Calicut","V5313059","Kerala","Kerala",null,"V5 Global",null,null,"Athul Krishna","athul.n@v5global.co.in",null,"South1",null,"External Consumer","ASO","V5 Global ASO",null,"FT",null,"ASO",null,"Shaiju","Prakash Kumar K P",null,"S Sreekumar","Sharad verma","prakash.kp@v5global.co.in","prakash.kp@v5global.co.in","ss89@lenovo.com","ssreekumar@lenovo.com","sharverm@lenovo.com","ASO","Shilpi Gautam","sgautam2@lenovo.com",null,"S Sreekumar",null,"ssreekumar@lenovo.com",null,"2025-12-15","20:33:00","11.0162966,76.9708673","DINSH TECHNOLOGIES",{"$nulls":3},"T3","32BVRPD2556F1ZP","South2",null,"T-8149","Calicut","Kerala",null,null,"Yes","Face to Face","83DV01A5IN",1,"Lenovo","LOQ","LOQ 15IRX9","CI7-13650HX/16GB/512GB/RTX 4050 6GB/WIN11/OFFICE2024/15.6FULLHDIPS","Win 11","Gaming","Premium","C I7-13650HX","Consumer",91500,null,"NB",91500,"South1",107970,"SP","Gaming","South1","Premium","Premium","-"]
[21766076,"Sumit Singh","sumit.singh@v5global.co.in",8963848967,"V5 Global","Mumbai","V5266119","Maharashtra","Maharashtra",null,"V5 Global",null,null,"Muffazal Momin","muffazal.momin@v5global.co.in",null,"West1",null,"External Consumer","ASO","V5 Global ASO",null,"FT",null,"ASO",null,"Amit Tiwari","Yunus Hamid Mansoori",null,"Hemant C Baghel","Sharad verma","yunus.hamid@v5global.co.in","yunus.hamid@v5global.co.in","atiwari5@lenovo.com","hbaghel@lenovo.com","sharverm@lenovo.com","ASO","Shilpi Gautam","sgautam2@lenovo.com",null,"Hemant C Baghel",null,"hbaghel@lenovo.com",null,"2025-12-15","20:37:00","19.0175482,72.8435015","Star It Care",{"$nulls":3},"T3",null,"West1",null,"T-25982","Mumbai","Maharashtra","V5 Global",null,"Yes","Telephonic","83GS00PJIN",1,"Lenovo","LOQ","LOQ 15IAX9","15.6,16GB,521SSD,RTX3050 6GB,2024 MSO,LUNA GREE","Win 11","Gaming","Premium","Core i5-12450HX","Consumer",75864,null,"NB",75864,"West1",89519.51999999999,"SP","Gaming","West1 M","Premium","Premium","-"]
[21766081,"Sumit Singh","sumit.singh@v5global.co.in",8963848967,"V5 Global","Mumbai","V5266119","Maharashtra","Maharashtra",null,"V5 Global",null,null,"Muffazal Momin","muffazal.momin@v5global.co.in",null,"West1",null,"External Consumer","ASO","V5 Global ASO",null,"FT",null,"ASO",null,"Amit Tiwari","Yunus Hamid Mansoori",null,"Hemant C Baghel","Sharad verma","yunus.hamid@v5global.co.in","yunus.hamid@v5global.co.in","atiwari5@lenovo.com","hbaghel@lenovo.com","sharverm@lenovo.com","ASO","Shilpi Gautam","sgautam2@lenovo.com",null,"Hemant C Baghel",null,"hbaghel@lenovo.com",null,"2025-12-15","20:39:00","19.0175901,72.8435201","Maxtech",{"$nulls":3},"T3",null,"West1",null,"T-25894","Lamington Road","Maharashtra","V5 Global",null,"Yes","Telephonic","F0HN00PGIN",2,"Lenovo","AIO","AIO i-24IRH9","i3-1315U-8-512-UHD-W11-O24-23.80","Win 11","AIO","Mainstream","i3-1315U","Consumer",57990,null,"AIO",115980,"West1",68428.2,"",null,"West1 M","Premium","Mainstream","i3 OS"]
[21765858,"Govind Gulab Rajbhar","govind.gulab@v5global.co.in",9029031943,"V5 Global","Mumbai","V5263641","Maharashtra","Maharashtra",null,"V5 Global",null,null,"Pooja Thakur","pooja.thakur@v5global.co.in",null,"West1",null,"External Consumer","ASO","V5 Global ASO",null,"FT",null,"ASO",null,"Amit Tiwari","Yunus Hamid Mansoori",null,"Hemant C Baghel","Sharad verma","yunus.hamid@v5global.co.in","yunus.hamid@v5global.co.in","atiwari5@lenovo.com","hbaghel@lenovo.com","sharverm@lenovo.com","ASO","Shilpi Gautam","sgautam2@lenovo.com",null,"Hemant C Baghel",null,"hbaghel@lenovo.com",null,"2025-12-15","20:40:00","19.2169408,72.8439356","Novelty Computech",{"$nulls":3},"T3",null,"West1",null,"T-18067","Mumbai","Maharashtra","V5 Global",null,"Yes","Telephonic","68C2KAC1IN",1,"Lenovo","L24-4E","L Series","LEN L24-4E 23.8 IPS  BLACK 100HZ","NA","Visual Variants","Mainstream","NA","Visuals",6464,null,null,6464,"West1",7627.5199999999995,"",null,"West1 M","Mainstream","Mainstream","-"]
[21765858,"Govind Gulab Rajbhar","govind.gulab@v5global.co.in",9029031943,"V5 Global","Mumbai","V5263641","Maharashtra","Maharashtra",null,"V5 Global",null,null,"Pooja Thakur","pooja.thakur@v5global.co.in",null,"West1",null,"External Consumer","ASO","V5 Global ASO",null,"FT",null,"ASO",null,"Amit Tiwari","Yunus Hamid Mansoori",null,"Hemant C Baghel","Sharad verma","yunus.hamid@v5global.co.in","yunus.hamid@v5global.co.in","atiwari5@lenovo.com","hbaghel@lenovo.com","sharverm@lenovo.com","ASO","Shilpi Gautam","sgautam2@lenovo.com",null,"Hemant C Baghel",null,"hbaghel@lenovo.com",null,"2025-12-15","20:40:00","19.2169408,72.8439356","Novelty Computech",{"$nulls":3},"T3",null,"West1",null,"T-18067","Mumbai","Maharashtra","V5 Global",null,"Yes","Telephonic","GY51L52636",10,"Lenovo","Wired mouse","Input","Lenovo 120 Wired Mouse","NA","Accessories","NA","NA","Accessories",259,null,null,2590,"West1",305.62,"",null,"West1 M","NA","NA","-"]
[21765923,"Govind Gulab Rajbhar","govind.gulab@v5global.co.in",9029031943,"V5 Global","Mumbai","V5263641","Maharashtra","Maharashtra",null,"V5 Global",null,null,"Pooja Thakur","pooja.thakur@v5global.co.in",null,"West1",null,"External Consumer","ASO","V5 Global ASO",null,"FT",null,"ASO",null,"Amit Tiwari","Yunus Hamid Mansoori",null,"Hemant C Baghel","Sharad verma","yunus.hamid@v5global.co.in","yunus.hamid@v5global.co.in","atiwari5@lenovo.com","hbaghel@lenovo.com","sharverm@lenovo.com","ASO","Shilpi Gautam","sgautam2@lenovo.com",null,"Hemant C Baghel",null,"hbaghel@lenovo.com",null,"2025-12-15","20:47:00","19.2169432,72.8439349","Diss Computers And Sales Centre",{"$nulls":3},"T3",null,"West1",null,"T-25677","Mumbai","Maharashtra","V5 Global",null,"Yes","Telephonic","83GS008SIN",1,"Lenovo","LOQ","LOQ","12GB, 512GB SSD","Win 11","Gaming","Mainstream","i5-12450HX","Consumer",60945,null,"NB",60945,"West1",71915.09999999999,"",null,"West1 M","Premium","Mainstream","-"]
[21765931,"Govind Gulab Rajbhar","govind.gulab@v5global.co.in",9029031943,"V5 Global","Mumbai","V5263641","Maharashtra","Maharashtra",null,"V5 Global",null,null,"Pooja Thakur","pooja.thakur@v5global.co.in",null,"West1",null,"External Consumer","ASO","V5 Global ASO",null,"FT",null,"ASO",null,"Amit Tiwari","Yunus Hamid Mansoori",null,"Hemant C Baghel","Sharad verma","yunus.hamid@v5global.co.in","yunus.hamid@v5global.co.in","atiwari5@lenovo.com","hbaghel@lenovo.com","sharverm@lenovo.com","ASO","Shilpi Gautam","sgautam2@lenovo.com",null,"Hemant C Baghel",null,"hbaghel@lenovo.com",null,"2025-12-15","20:48:00","19.2169475,72.8439339","Ultimate Solutions",{"$nulls":3},"T3",null,"West1",null,"T-25661","Goregaon","Maharashtra","V5 Global",null,"Yes","Telephonic","F0HN00PGIN",2,"Lenovo","AIO","AIO i-24IRH9","i3-1315U-8-512-UHD-W11-O24-23.80","Win 11","AIO","Mainstream","i3-1315U","Consumer",57990,null,"AIO",115980,"West1",68428.2,"",null,"West1 M","Premium","Mainstream","i3 OS"]
[21766093,"Sumit Singh","sumit.singh@v5global.co.in",8963848967,"V5 Global","Mumbai","V5266119","Maharashtra","Maharashtra",null,"V5 Global",null,null,"Muffazal Momin","muffazal.momin@v5global.co.in",null,"West1",null,"External Consumer","ASO","V5 Global ASO",null,"FT",null,"ASO",null,"Amit Tiwari","Yunus Hamid Mansoori",null,"Hemant C Baghel","Sharad verma","yunus.hamid@v5global.co.in","yunus.hamid@v5global.co.in","atiwari5@lenovo.com","hbaghel@lenovo.com","sharverm@lenovo.com","ASO","Shilpi Gautam","sgautam2@lenovo.com",null,"Hemant C Baghel",null,"hbaghel@lenovo.com",null,"2025-12-15","20:52:00","19.0179939,72.8434738","Macit Solution",{"$nulls":3},"T3",null,"West1",null,"T-25883","Lamington Road","Maharashtra","V5 Global",null,"Yes","Telephonic","83DJ00FVIN",1,"Lenovo","Yoga 7","2 in 1","14 inch touch convertible","Win 11","Convertible","Premium","Core Ultra 5 125H","Consumer",89900,null,"NB",{"$f":"BV2243*BL2243","v":89900},{"$f":"Q2243","v":"West1"},{"$f":"BV2243*118%","v":106082},{"$f":"IF(CF2243=\"Premium\",IF(CA2243>=65000,\"SP\",\"\"),\"\")","v":"SP"},"Non-Gaming","West1 M",{"$f":"IF(BU2243=\"Consumer\",IF(CA2243<40000,\"Entry\",IF(AND(CA2243>=40000,CA2243<65000),\"Mainstream\",\"Premium\")),IF(BU2243=\"Visuals\",BS2243,\"NA\"))","v":"Premium"},"Premium","yoga"]
[21766094,"Sumit Singh","sumit.singh@v5global.co.in",8963848967,"V5 Global","Mumbai","V5266119","Maharashtra","Maharashtra",null,"V5 Global",null,null,"Muffazal Momin","muffazal.momin@v5global.co.in",null,"West1",null,"External Consumer","ASO","V5 Global ASO",null,"FT",null,"ASO",null,"Amit Tiwari","Yunus Hamid Mansoori",null,"Hemant C Baghel","Sharad verma","yunus.hamid@v5global.co.in","yunus.hamid@v5global.co.in","atiwari5@lenovo.com","hbaghel@lenovo.com","sharverm@lenovo.com","ASO","Shilpi Gautam","sgautam2@lenovo.com",null,"Hemant C Baghel",null,"hbaghel@lenovo.com",null,"2025-12-15","20:57:00","19.0179939,72.8434738","Laptop Shoppe",{"$nulls":3},"T3",null,"West1",null,"T-25877","Lamington Road","Maharashtra","V5 Global",null,"Yes","Telephonic","F0HM00PXIN",1,"Lenovo","IdeaCentre","AIO","\"27\"\" QHD (2560x1440) IPS 350nits Anti-glare, 99% sRGB, 3-side borderless, hardware low blue light, Non-Touch / 1x 16GB SO-DIMM","Win 11","AIO","Premium","IntelÂ® Core 7 240H, 10C (6P + 4E) / 16T, P-core 2.5 / 5.2GHz, E-core 1.8 / 4.0GHz, 24MB","Consumer",76263,null,"AIO",76263,"West1",89990.34,"SP","Non-Gaming","West1 M","Premium","Premium","-"]
[21766197,"Ranjeet Singh Gautam","ranjeet.gautam@v5global.co.in",9329545045,"V5 Global","Jabalpur",601169,"Madhya Pradesh","Madhya Pradesh",null,"V5 Global",null,null,"Mohmmad Abrar Khan","abrar.khan@v5global.co.in",null,"North2",null,"External Consumer","ASO","V5 Global ASO",null,"FT",null,"ASO",null,"Krishna Kumar Singh","Rahil Rasheed",null,"Durgendra Singh","Raghavendra Araveeti","rahil.rasheed@v5global.co.in","rahil.rasheed@v5global.co.in","ksingh25@lenovo.com","dsingh1@lenovo.com","raraveeti@lenovo.com","ASO","Shilpi Gautam","sgautam2@lenovo.com",null,"Durgendra Singh",null,"dsingh1@lenovo.com",null,"2025-12-15","21:07:00","23.1631624,79.9084999","Shubh Computer",{"$nulls":3},"T3","23AQBPG2468D1ZD","North2",null,"T-16599","Shahdol","Madhya Pradesh","V5 Global",null,"Yes","Face to Face","82X6005KIN",1,"Lenovo","Ideapad","Slim 3","1315U-CI3/8GB /512GB SSD/intel uhd graphics /14\"","Win 11","Thin & Light","Entry","1315U-ci3","Consumer",31972,null,"NB",31972,"North2",37726.96,"",null,"North2","Entry","Mainstream","i3 OS"]
[21766228,"Ranjeet Singh Gautam","ranjeet.gautam@v5global.co.in",9329545045,"V5 Global","Jabalpur",601169,"Madhya Pradesh","Madhya Pradesh",null,"V5 Global",null,null,"Mohmmad Abrar Khan","abrar.khan@v5global.co.in",null,"North2",null,"External Consumer","ASO","V5 Global ASO",null,"FT",null,"ASO",null,"Krishna Kumar Singh","Rahil Rasheed",null,"Durgendra Singh","Raghavendra Araveeti","rahil.rasheed@v5global.co.in","rahil.rasheed@v5global.co.in","ksingh25@lenovo.com","dsingh1@lenovo.com","raraveeti@lenovo.com","ASO","Shilpi Gautam","sgautam2@lenovo.com",null,"Durgendra Singh",null,"dsingh1@lenovo.com",null,"2025-12-15","21:09:00","23.1631562,79.9084912","Amit Electronics",{"$nulls":3},"T3","23AAOFJ5619A1ZM","North2",null,"T-16638","Balaghat","Madhya Pradesh","V5 Global",null,"Yes","Face to Face","F0HN00PGIN",1,"Lenovo","AIO","AIO i-24IRH9","i3-1315U-8-512-UHD-W11-O24-23.80","Win 11","AIO","Mainstream","i3-1315U","Consumer",57990,null,"AIO",57990,"North2",68428.2,"",null,"North2","Premium","Mainstream","i3 OS"]
[21767006,"Sunil Batra","sunil.batra@v5global.co.in",9729866778,"V5 Global","Karnal","V5267500","Haryana","Haryana",null,"V5 Global",null,null,"Chetan Mehta","Chetan.mehta@v5global.co.in",null,"North1",null,"External Consumer","ASO","V5 Global ASO",null,"FT",null,"ASO",null,"Rajat Maheshwari","Gaurav Sharma",null,"Kumar Tanksale","Raghavendra Araveeti","gaurav.sharma@v5global.co.in","gaurav.sharma@v5global.co.in","rmaheshwari@lenovo.com","ktanksale1@lenovo.com","raraveeti@lenovo.com","ASO","Shilpi Gautam","sgautam2@lenovo.com",null,"Kumar Tanksale",null,"ktanksale1@lenovo.com",null,"2025-12-15","21:12:00","29.7143808,77.018192","Velox Retail Pvt Ltd",{"$nulls":3},"T3","06AAECV6922H1Z8","North1",null,"T-3096","Karnal","Haryana","V5 Global",null,"Yes","Telephonic","90XW0055IN",4,"Lenovo","IdeaCentre","Tower 08IRR9 ","8 GB DDR   , 512 GB SSDWired KeyBoard & Mouse WiFi 6 + BT 5.2 260W  3 Yr Onsite Warranty  Win 11 Home + MS Office 2024 + 1 YR Mi","Win 11","TDT","Mainstream","Intel Core i5-13420H, 8C,","Consumer",50052,null,"TDT",200208,"North1",59061.35999999999,"",null,"North1","Mainstream","Mainstream","-"]
[21766348,"Harpal Singh","harpal.singh@v5global.co.in",9549367888,"V5 Global","Bikaner","V5415979","Rajasthan","Rajasthan",null,"V5 Global",null,null,"Gourav Jain","gourav.jain@v5global.co.in",null,"North1",null,"External Consumer","ASO","V5 Global ASO",null,"FT",null,"ASO",null,"Ganga Singh","Gaurav Sharma",null,"Kumar Tanksale","Raghavendra Araveeti","gaurav.sharma@v5global.co.in","gaurav.sharma@v5global.co.in","gsingh24@lenovo.com","ktanksale1@lenovo.com","raraveeti@lenovo.com","ASO","Shilpi Gautam","sgautam2@lenovo.com",null,"Kumar Tanksale",null,"ktanksale1@lenovo.com",null,"2025-12-15","21:14:00","28.0147017,73.3621483","King Computers",{"$nulls":3},"T3",null,"West2",null,"T-15381","BIKANER","Rajasthan",null,null,"Yes","Face to Face","82R4011NIN",1,"Lenovo","IDEA PAD SLIM1","IDEA PAD SLIM1","R5 /5500U/8 GB RAM/512 TB SSD/INT.","WIn 11","Thin & Light","Mainstream","R5","Consumer",35000,null,"NB",35000,"North1",41300,"",null,"North1","Mainstream","Entry","-"]
[21766404,"Harpal Singh","harpal.singh@v5global.co.in",9549367888,"V5 Global","Bikaner","V5415979","Rajasthan","Rajasthan",null,"V5 Global",null,null,"Gourav Jain","gourav.jain@v5global.co.in",null,"North1",null,"External Consumer","ASO","V5 Global ASO",null,"FT",null,"ASO",null,"Ganga Singh","Gaurav Sharma",null,"Kumar Tanksale","Raghavendra Araveeti","gaurav.sharma@v5global.co.in","gaurav.sharma@v5global.co.in","gsingh24@lenovo.com","ktanksale1@lenovo.com","raraveeti@lenovo.com","ASO","Shilpi Gautam","sgautam2@lenovo.com",null,"Kumar Tanksale",null,"ktanksale1@lenovo.com",null,"2025-12-15","21:19:00","28.0147033,73.3621583","Swami computer",{"$nulls":3},"T3",null,"West2",null,"T-15387","BIKANER","Rajasthan",null,null,"Yes","Face to Face","82R4011NIN",1,"Lenovo","IDEA PAD SLIM1","IDEA PAD SLIM1","R5 /5500U/8 GB RAM/512 TB SSD/INT.","WIn 11","Thin & Light","Mainstream","R5","Consumer",35000,null,"NB",35000,"North1",41300,"",null,"North1","Mainstream","Entry","-"]
[21766462,"Harpal Singh","harpal.singh@v5global.co.in",9549367888,"V5 Global","Bikaner","V5415979","Rajasthan","Rajasthan",null,"V5 Global",null,null,"Gourav Jain","gourav.jain@v5global.co.in",null,"North1",null,"External Consumer","ASO","V5 Global ASO",null,"FT",null,"ASO",null,"Ganga Singh","Gaurav Sharma",null,"Kumar Tanksale","Raghavendra Araveeti","gaurav.sharma@v5global.co.in","gaurav.sharma@v5global.co.in","gsingh24@lenovo.com","ktanksale1@lenovo.com","raraveeti@lenovo.com","ASO","Shilpi Gautam","sgautam2@lenovo.com",null,"Kumar Tanksale",null,"ktanksale1@lenovo.com",null,"2025-12-15","21:24:00","28.0147067,73.3621733","Navkar Solution Point",{"$nulls":3},"T3",null,"West2",null,"T-15378","BIKANER","Rajasthan",null,null,"Yes","Face to Face","83K100CAIN",1,"Lenovo","Ideapad","Slim 3","NB IP Slim 3 15IRH10 I5 8G 512G 11S","Win 11","Thin & Light","Premium","i5 13420H/8GB/512GB SSD","Consumer",56251,null,"NB",56251,"North1",66376.18,"",null,"North1","Premium","Mainstream","-"]
[21766592,"Saurav Kumar","saurav.kumar@v5global.co.in",9798375154,"V5 Global","Ranchi",601537,"Ranchi","Jharkhand",null,"V5 Global",null,null,"Shivam Kumar","shivam.kumar@v5global.co.in",null,"East2",null,"External Consumer","ASO","V5 Global ASO",null,"FT",null,"ASO",null,"Krishna Kumar Singh","Imam Hassan",null,"Rajender Negi","Raghavendra Araveeti","imam.hassan@v5global.co.in","imam.hassan@v5global.co.in","ksingh25@lenovo.com","rnegi@lenovo.com","raraveeti@lenovo.com","ASO","Shilpi Gautam","sgautam2@lenovo.com",null,"Rajender Negi",null,"rnegi@lenovo.com",null,"2025-12-15","21:33:00","22.8048684,86.2074282","Raisurana & Son",{"$nulls":3},"T3","20ABEPR8635D1ZV","East2",null,"T-2538","East Singhbhum","Jharkhand",null,null,"Yes","Face to Face","GX20K78585",5,"Lenovo","AC Adapter","Power","Lenovo 65W AC Roundtip Adapter(IN)","NA","Accessories","NA","NA","Accessories",2490,null,null,12450,"East2",2938.2,"",null,"East2","NA","NA","-"]
[21766698,"Saurav Kumar","saurav.kumar@v5global.co.in",9798375154,"V5 Global","Ranchi",601537,"Ranchi","Jharkhand",null,"V5 Global",null,null,"Shivam Kumar","shivam.kumar@v5global.co.in",null,"East2",null,"External Consumer","ASO","V5 Global ASO",null,"FT",null,"ASO",null,"Krishna Kumar Singh","Imam Hassan",null,"Rajender Negi","Raghavendra Araveeti","imam.hassan@v5global.co.in","imam.hassan@v5global.co.in","ksingh25@lenovo.com","rnegi@lenovo.com","raraveeti@lenovo.com","ASO","Shilpi Gautam","sgautam2@lenovo.com",null,"Rajender Negi",null,"rnegi@lenovo.com",null,"2025-12-15","21:41:00","22.8048814,86.2074299","Computer solutions-Ranchi",{"$nulls":4},"20aqbps7554u1z0","East2",null,"T-31614","Ranchi","Jharkhand","V5 Global",null,"Yes","Face to Face","90XW0022IN",2,"Lenovo","IdeaCentre","IdeaCentre 3","Intel Core i7-13620H,10C SFF 7.4 Lt,8 GB DDR4 ,512 GB SSD","DOS","TDT","Mainstream","Intel Core i7-13620H","Consumer",55000,null,"TDT",110000,"East2",64900,"",null,"East2","Mainstream","Mainstream","-"]
[21766715,"Rajesh MG","rajesh.mg@v5global.co.in",8157020114,"V5 Global","COCHIN",601146,"KERELA","KERELA",null,"V5 Global",null,null,"Athul Krishna","athul.n@v5global.co.in",null,"South1",null,"External Consumer","ASO","V5 Global ASO",null,"FT",null,"ASO",null,"Shaiju","Prakash Kumar K P",null,"S Sreekumar","Sharad verma","prakash.kp@v5global.co.in","prakash.kp@v5global.co.in","ss89@lenovo.com","ssreekumar@lenovo.com","sharverm@lenovo.com","ASO","Shilpi Gautam","sgautam2@lenovo.com",null,"S Sreekumar",null,"ssreekumar@lenovo.com",null,"2025-12-15","21:44:00","10.6062416,76.1429403","Infinity Techno Solutions",{"$nulls":3},"T3",null,"South2",null,"T-20498","Palakkad","Kerala","Denave",null,"Yes","Telephonic","82XM0113IN",1,"Lenovo","Ideapad","Slim 3","R7/16GB/512 SSD/RYZEN 7 5825U","Win 11","Thin & Light","Entry","RYZEN 7 5825U","Consumer",45000,null,"NB",45000,"South1",53100,"",null,"South1","Mainstream","Mainstream","NA"]
[21767034,"Vikas Pathak","vikas.pathak@v5global.co.in",9838001792,"V5 Global","Varanasi","V5396663","UTTAR PRADESH","Uttar Pradesh",null,"V5 Global",null,null,"Mohammad Atif","mohammad.atif@v5global.co.in",null,"North2",null,"External Consumer","ASO","V5 Global ASO",null,"FT",null,"ASO",null,"Rahul Sarin","Rahil Rasheed",null,"Durgendra Singh","Raghavendra Araveeti","rahil.rasheed@v5global.co.in","rahil.rasheed@v5global.co.in","rsarin2@lenovo.com","dsingh1@lenovo.com","raraveeti@lenovo.com","ASO","Shilpi Gautam","sgautam2@lenovo.com",null,"Durgendra Singh",null,"dsingh1@lenovo.com",null,"2025-12-15","22:27:00","25.3300445,83.0223198","Maa Lakshmi Traders",{"$nulls":3},"T3",null,"North2",null,"T-22758","Varanasi","Uttar Pradesh","V5 Global",null,"Yes","Face to Face","82LX00F7IN",1,"Lenovo","Ideapad","Slim 1","LEN N4500 8GB 512GB SSD WIN11  1YR","Win 11","Thin & Light","Entry","N4500","Consumer",25900,null,"NB",25900,"North2",30562,"",null,"North2","Entry","Entry","-"]
[21767064,"Vikas Pathak","vikas.pathak@v5global.co.in",9838001792,"V5 Global","Varanasi","V5396663","UTTAR PRADESH","Uttar Pradesh",null,"V5 Global",null,null,"Mohammad Atif","mohammad.atif@v5global.co.in",null,"North2",null,"External Consumer","ASO","V5 Global ASO",null,"FT",null,"ASO",null,"Rahul Sarin","Rahil Rasheed",null,"Durgendra Singh","Raghavendra Araveeti","rahil.rasheed@v5global.co.in","rahil.rasheed@v5global.co.in","rsarin2@lenovo.com","dsingh1@lenovo.com","raraveeti@lenovo.com","ASO","Shilpi Gautam","sgautam2@lenovo.com",null,"Durgendra Singh",null,"dsingh1@lenovo.com",null,"2025-12-15","22:33:00","25.33007,83.0223253","Shubham enterprises",{"$nulls":3},"T3",null,"North2",null,"T-23979","Varanasi","Uttar Pradesh","Denave",null,"Yes","Telephonic","82LX00F7IN",1,"Lenovo","Ideapad","Slim 1","LEN N4500 8GB 512GB SSD WIN11  1YR","Win 11","Thin & Light","Entry","N4500","Consumer",25900,null,"NB",25900,"North2",30562,"",null,"North2","Entry","Entry","-"]
[21767475,"Shubham Meshram","shubham.meshram@v5global.co.in",9074043451,"V5 Global","Raipur",601113,"Chhattisgarh","Chhattisgarh",null,"V5 Global",null,null,"Mohmmad Abrar Khan","abrar.khan@v5global.co.in",null,"North2",null,"External Consumer","ASO","V5 Global ASO",null,"FT",null,"ASO",null,"Krishna Kumar Singh","Rahil Rasheed",null,"Rajender Negi","Raghavendra Araveeti","rahil.rasheed@v5global.co.in","rahil.rasheed@v5global.co.in","ksingh25@lenovo.com","rnegi@lenovo.com","raraveeti@lenovo.com","ASO","Shilpi Gautam","sgautam2@lenovo.com",null,"Rajender Negi",null,"rnegi@lenovo.com",null,"2025-12-15","23:51:00","21.2660197,81.6225036","COMPUTER WORLD",{"$nulls":3},"T3","22AEDPT8682A1ZJ","East2",null,"T-15885","Durg","Chattisgarh","V5 Global",null,"Yes","Face to Face","83B40004IN",1,"Lenovo","Ideapad","Ideapad 1","15.6\"FHD,8GB/512GB/I3 1315/WIN/MS OFFICE/","Win 11","Thin & Light","Entry","13 1315","Consumer",36960,null,"NB",36960,"North2",43612.799999999996,"",null,"North2","Mainstream","Mainstream","-"]
[21767484,"Shubham Meshram","shubham.meshram@v5global.co.in",9074043451,"V5 Global","Raipur",601113,"Chhattisgarh","Chhattisgarh",null,"V5 Global",null,null,"Mohmmad Abrar Khan","abrar.khan@v5global.co.in",null,"North2",null,"External Consumer","ASO","V5 Global ASO",null,"FT",null,"ASO",null,"Krishna Kumar Singh","Rahil Rasheed",null,"Rajender Negi","Raghavendra Araveeti","rahil.rasheed@v5global.co.in","rahil.rasheed@v5global.co.in","ksingh25@lenovo.com","rnegi@lenovo.com","raraveeti@lenovo.com","ASO","Shilpi Gautam","sgautam2@lenovo.com",null,"Rajender Negi",null,"rnegi@lenovo.com",null,"2025-12-15","23:53:00","21.2659899,81.6224733","UNIX COMPUTER",{"$nulls":3},"T3","22AXKPR8896C1ZZ","East2",null,"T-15950","Raipur","Chattisgarh","V5 Global",null,"Yes","Telephonic","83LK000HIN",1,"Lenovo","LOQ","LOQ 15IAX9E","Intel Core i5-12450HX , 16 GB RAM, 512 GB SSD, NVIDIAÂ® GeForce RTXâ„¢ 3050 6GB GDDR6, Boost Clock 1432MHz, TGP 65W, 142 AI TOPS , ","Win 11","Gaming","Mainstream","Intel Core i5-12450HX","Consumer",71878,null,"NB",71878,"North2",84816.04,"SP","Gaming","North2","Premium","Premium","-"]
[21767507,"Shubham Meshram","shubham.meshram@v5global.co.in",9074043451,"V5 Global","Raipur",601113,"Chhattisgarh","Chhattisgarh",null,"V5 Global",null,null,"Mohmmad Abrar Khan","abrar.khan@v5global.co.in",null,"North2",null,"External Consumer","ASO","V5 Global ASO",null,"FT",null,"ASO",null,"Krishna Kumar Singh","Rahil Rasheed",null,"Rajender Negi","Raghavendra Araveeti","rahil.rasheed@v5global.co.in","rahil.rasheed@v5global.co.in","ksingh25@lenovo.com","rnegi@lenovo.com","raraveeti@lenovo.com","ASO","Shilpi Gautam","sgautam2@lenovo.com",null,"Rajender Negi",null,"rnegi@lenovo.com",null,"2025-12-15","23:58:00","21.2660729,81.6225588","CLARION IT PVT.LTD.",{"$nulls":3},"T3","22AAFCC3573N1ZI","East2",null,"T-18367","Raipur","Chattisgarh","V5 Global",null,"Yes","Telephonic","90XS005JIN",1,"Lenovo","IdeaCentre","IdeaCentre","i3 14100 14th Gen Processor,8Gb Ram ddr5,512Ssd,Windows 11,Wifi,BT, Usb calliope Black, keybord,mouse\t","Win 11","TDT","Mainstream","I3 14100","Consumer",25747,null,"TDT",25747,"North2",30381.46,"",null,"North2","Entry","Mainstream","i3 OS"]
[21767510,"Shubham Meshram","shubham.meshram@v5global.co.in",9074043451,"V5 Global","Raipur",601113,"Chhattisgarh","Chhattisgarh",null,"V5 Global",null,null,"Mohmmad Abrar Khan","abrar.khan@v5global.co.in",null,"North2",null,"External Consumer","ASO","V5 Global ASO",null,"FT",null,"ASO",null,"Krishna Kumar Singh","Rahil Rasheed",null,"Rajender Negi","Raghavendra Araveeti","rahil.rasheed@v5global.co.in","rahil.rasheed@v5global.co.in","ksingh25@lenovo.com","rnegi@lenovo.com","raraveeti@lenovo.com","ASO","Shilpi Gautam","sgautam2@lenovo.com",null,"Rajender Negi",null,"rnegi@lenovo.com",null,"2025-12-15","23:59:00","21.2660457,81.6225388","GARG ENTERPRISES",{"$nulls":3},"T3",null,"East2",null,"T-22426","Raipur","Chhattisgarh","Denave",null,"Yes","Face to Face","90XS005PIN",1,"Lenovo","IdeaCentre","IdeaCentre","IntelÂ® Coreâ„¢ i3-14100 4C, 8GB DDR5/512 SSD/ WiFi 6 + BT 5.2/ 260W/ SFF 8.2Lt / Wired KeyBoard & Mouse /Win 11 Home/1 Yr Onsite","Win 11","TDT","Entry","IntelÂ® Coreâ„¢ i3-14100","Consumer",31500,null,"TDT",31500,"North2",37170,"",null,"North2","Entry","Entry","i3 OS"]
[21767621,"Sureshkumar ","suresh.kumar@v5global.co.in",9061984242,"V5 Global","COCHIN","V5365127","KERALA","Kerala",null,"V5 Global",null,null,"Athul Krishna","athul.n@v5global.co.in",null,"South1",null,"External Consumer","ASO","V5 Global ASO",null,"FT",null,"ASO",null,"Shaiju","Prakash Kumar K P",null,"S Sreekumar","Sharad verma","prakash.kp@v5global.co.in","prakash.kp@v5global.co.in","ss89@lenovo.com","ssreekumar@lenovo.com","sharverm@lenovo.com","ASO","Shilpi Gautam","sgautam2@lenovo.com",null,"S Sreekumar",null,"ssreekumar@lenovo.com",null,"2025-12-16","06:17:00","9.8454668,76.3577034","SKYCELL",{"$nulls":3},"T3","32AKEPR3582J1ZY","South1",null,"T-29510","Kollam","Kerala","V5 Global",null,"Yes","Telephonic","83GS008SIN",1,"Lenovo","LOQ","LOQ","12GB, 512GB SSD","Win 11","Gaming","Mainstream","i5-12450HX","Consumer",60945,null,"NB",60945,"South1",71915.09999999999,"",null,"South1","Premium","Mainstream","-"]
[21767630,"Abhisekh Kumar Singh","abhisekh.kumar@v5global.co.in",9386646960,"V5 Global","Dhanbad","V5267291","Jharkhand","Jharkhand",null,"V5 Global",null,null,"Shivam Kumar","shivam.kumar@v5global.co.in",null,"East2",null,"External Consumer","ASO","V5 Global ASO",null,"FT",null,"ASO",null,"Krishna Kumar Singh","Imam Hassan",null,"Rajender Negi","Raghavendra Araveeti","imam.hassan@v5global.co.in","imam.hassan@v5global.co.in","ksingh25@lenovo.com","rnegi@lenovo.com","raraveeti@lenovo.com","ASO","Shilpi Gautam","sgautam2@lenovo.com",null,"Rajender Negi",null,"rnegi@lenovo.com",null,"2025-12-16","06:30:00","23.8225746,86.4823439","VIJAY ENTERPRISES",{"$nulls":3},"T3",null,"East2",null,"T-21848","DHANBAD","Jharkhand","V5 Global",null,"Yes","Face to Face","83DV01A5IN",1,"Lenovo","LOQ","LOQ 15IRX9","CI7-13650HX/16GB/512GB/RTX 4050 6GB/WIN11/OFFICE2024/15.6FULLHDIPS","Win 11","Gaming","Premium","C I7-13650HX","Consumer",91500,null,"NB",91500,"East2",107970,"SP","Gaming","East2","Premium","Premium","-"]
[21767635,"Abhisekh Kumar Singh","abhisekh.kumar@v5global.co.in",9386646960,"V5 Global","Dhanbad","V5267291","Jharkhand","Jharkhand",null,"V5 Global",null,null,"Shivam Kumar","shivam.kumar@v5global.co.in",null,"East2",null,"External Consumer","ASO","V5 Global ASO",null,"FT",null,"ASO",null,"Krishna Kumar Singh","Imam Hassan",null,"Rajender Negi","Raghavendra Araveeti","imam.hassan@v5global.co.in","imam.hassan@v5global.co.in","ksingh25@lenovo.com","rnegi@lenovo.com","raraveeti@lenovo.com","ASO","Shilpi Gautam","sgautam2@lenovo.com",null,"Rajender Negi",null,"rnegi@lenovo.com",null,"2025-12-16","06:35:00","23.8225814,86.4823437","COMPUTER POINT",{"$nulls":3},"T3",null,"East2",null,"T-20040","MADHUPUR","Jharkhand","Denave",null,"Yes","Face to Face","82R400XSIN",1,"Lenovo","Ideapad","Ideapad","\"Ryzenâ„¢ 5 5500U 6C 8GB RAM 512GB SSD Windows11 MS Office H&S 2024  Integrated AMD Radeon  Graphics  15.6\"\" FHD TN 220nits AG 720","Win 11","Thin & Light","Entry","Amd Ryzen 5 5500U","Consumer",29407,null,"NB",29407,"East2",34700.259999999995,"",null,"East2","Entry","Entry","-"]
[21767643,"Abhisekh Kumar Singh","abhisekh.kumar@v5global.co.in",9386646960,"V5 Global","Dhanbad","V5267291","Jharkhand","Jharkhand",null,"V5 Global",null,null,"Shivam Kumar","shivam.kumar@v5global.co.in",null,"East2",null,"External Consumer","ASO","V5 Global ASO",null,"FT",null,"ASO",null,"Krishna Kumar Singh","Imam Hassan",null,"Rajender Negi","Raghavendra Araveeti","imam.hassan@v5global.co.in","imam.hassan@v5global.co.in","ksingh25@lenovo.com","rnegi@lenovo.com","raraveeti@lenovo.com","ASO","Shilpi Gautam","sgautam2@lenovo.com",null,"Rajender Negi",null,"rnegi@lenovo.com",null,"2025-12-16","06:50:00","23.8225727,86.4823303","Computer Stop",{"$nulls":3},"T3","20CYTPS9907B1Z5","East2",null,"T-2630","Bokaro","Jharkhand","V5 Global",null,"Yes","Face to Face","90XS005PIN",1,"Lenovo","IdeaCentre","IdeaCentre","IntelÂ® Coreâ„¢ i3-14100 4C, 8GB DDR5/512 SSD/ WiFi 6 + BT 5.2/ 260W/ SFF 8.2Lt / Wired KeyBoard & Mouse /Win 11 Home/1 Yr Onsite","Win 11","TDT","Entry","IntelÂ® Coreâ„¢ i3-14100","Consumer",31500,null,"TDT",31500,"East2",37170,"",null,"East2","Entry","Entry","i3 OS"]
[21767646,"Abhisekh Kumar Singh","abhisekh.kumar@v5global.co.in",9386646960,"V5 Global","Dhanbad","V5267291","Jharkhand","Jharkhand",null,"V5 Global",null,null,"Shivam Kumar","shivam.kumar@v5global.co.in",null,"East2",null,"External Consumer","ASO","V5 Global ASO",null,"FT",null,"ASO",null,"Krishna Kumar Singh","Imam Hassan",null,"Rajender Negi","Raghavendra Araveeti","imam.hassan@v5global.co.in","imam.hassan@v5global.co.in","ksingh25@lenovo.com","rnegi@lenovo.com","raraveeti@lenovo.com","ASO","Shilpi Gautam","sgautam2@lenovo.com",null,"Rajender Negi",null,"rnegi@lenovo.com",null,"2025-12-16","06:51:00","23.8225814,86.4823478","Daya Computer",{"$nulls":3},"T3","20BFHPM6624K1ZG","East2",null,"T-2634","Deoghar","Jharkhand","V5 Global",null,"Yes","Telephonic","90XS005PIN",1,"Lenovo","IdeaCentre","IdeaCentre","IntelÂ® Coreâ„¢ i3-14100 4C, 8GB DDR5/512 SSD/ WiFi 6 + BT 5.2/ 260W/ SFF 8.2Lt / Wired KeyBoard & Mouse /Win 11 Home/1 Yr Onsite","Win 11","TDT","Entry","IntelÂ® Coreâ„¢ i3-14100","Consumer",31500,null,"TDT",31500,"East2",37170,"",null,"East2","Entry","Entry","i3 OS"]
[21767683,"Nithiyanadhababa A","nithiyanadhababa.a@v5global.co.in",9677596890,"V5 Global","Tirunelveli",601263,"TAMIL NADU","TAMIL NADU",null,"V5 Global",null,null,"Prabhakaran A","prabhakaran@v5global.co.in",null,"South2",null,"External Consumer","ASO","V5 Global ASO",null,"FT",null,"ASO",null,"Sridhar Ethirajulu","S.Arunbabu",null,"Prabhu Subaramanian","Sharad verma","arun.babu@v5global.co.in","arun.babu@v5global.co.in","sethirajulu1@lenovo.com","psubramania4@lenovo.com","sharverm@lenovo.com","ASO","Shilpi Gautam","sgautam2@lenovo.com",null,"Prabhu Subaramanian",null,"psubramania4@lenovo.com",null,"2025-12-16","07:17:00","11.1165679,76.9172535","AARNAV Computer Park",{"$nulls":3},"T3","33DDGPS7425M3ZZ","South2",null,"T-19669","Tuticorin","Tamil Nadu","V5 Global",null,"Yes","Telephonic","82XM0113IN",1,"Lenovo","Ideapad","Slim 3","R7/16GB/512 SSD/RYZEN 7 5825U","Win 11","Thin & Light","Entry","RYZEN 7 5825U","Consumer",45000,null,"NB",45000,"South2",53100,"",null,"South2","Mainstream","Mainstream","NA"]
[21767690,"Nithiyanadhababa A","nithiyanadhababa.a@v5global.co.in",9677596890,"V5 Global","Tirunelveli",601263,"TAMIL NADU","TAMIL NADU",null,"V5 Global",null,null,"Prabhakaran A","prabhakaran@v5global.co.in",null,"South2",null,"External Consumer","ASO","V5 Global ASO",null,"FT",null,"ASO",null,"Sridhar Ethirajulu","S.Arunbabu",null,"Prabhu Subaramanian","Sharad verma","arun.babu@v5global.co.in","arun.babu@v5global.co.in","sethirajulu1@lenovo.com","psubramania4@lenovo.com","sharverm@lenovo.com","ASO","Shilpi Gautam","sgautam2@lenovo.com",null,"Prabhu Subaramanian",null,"psubramania4@lenovo.com",null,"2025-12-16","07:19:00","11.1166675,76.9173967","HORIZON COMPUTER SERVICES",{"$nulls":3},"T3","33AUSPK5928R1ZN","South2",null,"T-21840","Tuticorin","Tamil Nadu","V5 Global",null,"Yes","Telephonic","83JC00HNIN",2,"Lenovo","LOQ","LOQ","Lenovo LOQ 15 R7 7235HS Gen Gaming Laptop (12GB, 512GB SSD, Windows 11 Home, 4GB Graphics, 15.6 inch 144 Hz Full HD IPS Display,","Win 11","Thin & Light","Premium","R7 7235HS","Consumer",50000,null,"NB",100000,"South2",59000,"",null,"South2","Mainstream","Premium","-"]
[21767705,"Nithiyanadhababa A","nithiyanadhababa.a@v5global.co.in",9677596890,"V5 Global","Tirunelveli",601263,"TAMIL NADU","TAMIL NADU",null,"V5 Global",null,null,"Prabhakaran A","prabhakaran@v5global.co.in",null,"South2",null,"External Consumer","ASO","V5 Global ASO",null,"FT",null,"ASO",null,"Sridhar Ethirajulu","S.Arunbabu",null,"Prabhu Subaramanian","Sharad verma","arun.babu@v5global.co.in","arun.babu@v5global.co.in","sethirajulu1@lenovo.com","psubramania4@lenovo.com","sharverm@lenovo.com","ASO","Shilpi Gautam","sgautam2@lenovo.com",null,"Prabhu Subaramanian",null,"psubramania4@lenovo.com",null,"2025-12-16","07:25:00","11.1165633,76.9173117","VICTORY COMPUTER CONSULTANCY",{"$nulls":3},"T3","33AAHFV9466G1ZR","South2",null,"T-21787","Tuticorin","Tamil Nadu","V5 Global",null,"Yes","Telephonic","83K100C6IN",1,"Lenovo","Ideapad","Slim 3","IntelÂ® Coreâ„¢ i5-13420H, 8C (4P + 4E) / 12T, P-core 2.1 / 4.6GHz, E-core 1.5 / 3.4GHz, 12MB,8GB Soldered DDR5-4800 + 8GB SO-DIMM ","Win 11","Thin & Light","Mainstream","i5-13420H","Consumer",46000,null,"NB",46000,"South2",54280,"",null,"South2","Mainstream","Premium","-"]
[21767705,"Nithiyanadhababa A","nithiyanadhababa.a@v5global.co.in",9677596890,"V5 Global","Tirunelveli",601263,"TAMIL NADU","TAMIL NADU",null,"V5 Global",null,null,"Prabhakaran A","prabhakaran@v5global.co.in",null,"South2",null,"External Consumer","ASO","V5 Global ASO",null,"FT",null,"ASO",null,"Sridhar Ethirajulu","S.Arunbabu",null,"Prabhu Subaramanian","Sharad verma","arun.babu@v5global.co.in","arun.babu@v5global.co.in","sethirajulu1@lenovo.com","psubramania4@lenovo.com","sharverm@lenovo.com","ASO","Shilpi Gautam","sgautam2@lenovo.com",null,"Prabhu Subaramanian",null,"psubramania4@lenovo.com",null,"2025-12-16","07:25:00","11.1165633,76.9173117","VICTORY COMPUTER CONSULTANCY",{"$nulls":3},"T3","33AAHFV9466G1ZR","South2",null,"T-21787","Tuticorin","Tamil Nadu","V5 Global",null,"Yes","Telephonic","82RJ00G0IN",1,"Lenovo","Slim 3","IdeaPad Slim 3 14IAU7","NB IP 3 14IAU7 I3 8G 512G 11S","Win 11","Thin & Light","Entry","i3 1215U","Consumer",39477,null,"NB",39477,"South2",46582.86,"",null,"South2","Mainstream","Entry","i3 OS"]
[21767719,"Nithiyanadhababa A","nithiyanadhababa.a@v5global.co.in",9677596890,"V5 Global","Tirunelveli",601263,"TAMIL NADU","TAMIL NADU",null,"V5 Global",null,null,"Prabhakaran A","prabhakaran@v5global.co.in",null,"South2",null,"External Consumer","ASO","V5 Global ASO",null,"FT",null,"ASO",null,"Sridhar Ethirajulu","S.Arunbabu",null,"Prabhu Subaramanian","Sharad verma","arun.babu@v5global.co.in","arun.babu@v5global.co.in","sethirajulu1@lenovo.com","psubramania4@lenovo.com","sharverm@lenovo.com","ASO","Shilpi Gautam","sgautam2@lenovo.com",null,"Prabhu Subaramanian",null,"psubramania4@lenovo.com",null,"2025-12-16","07:29:00","11.116617,76.9173239","THE CHENNAI COMPUTERS",{"$nulls":3},"T3","33ARAPP3313Q1ZP","South2",null,"T-9990","Tenkasi","Tamil Nadu","V5 Global",null,"Yes","Telephonic","83K100CAIN",2,"Lenovo","Ideapad","Slim 3","NB IP Slim 3 15IRH10 I5 8G 512G 11S","Win 11","Thin & Light","Premium","i5 13420H/8GB/512GB SSD","Consumer",56251,null,"NB",112502,"South2",66376.18,"",null,"South2","Premium","Mainstream","-"]
[21767739,"Nithiyanadhababa A","nithiyanadhababa.a@v5global.co.in",9677596890,"V5 Global","Tirunelveli",601263,"TAMIL NADU","TAMIL NADU",null,"V5 Global",null,null,"Prabhakaran A","prabhakaran@v5global.co.in",null,"South2",null,"External Consumer","ASO","V5 Global ASO",null,"FT",null,"ASO",null,"Sridhar Ethirajulu","S.Arunbabu",null,"Prabhu Subaramanian","Sharad verma","arun.babu@v5global.co.in","arun.babu@v5global.co.in","sethirajulu1@lenovo.com","psubramania4@lenovo.com","sharverm@lenovo.com","ASO","Shilpi Gautam","sgautam2@lenovo.com",null,"Prabhu Subaramanian",null,"psubramania4@lenovo.com",null,"2025-12-16","07:34:00","11.1166794,76.9172664","Surya Info Tech",{"$nulls":3},"T3","33AWDPS7957B1ZE","South2",null,"T-9949","Kanniyakumari","Tamil Nadu","V5 Global",null,"Yes","Telephonic","82XM0113IN",2,"Lenovo","Ideapad","Slim 3","R7/16GB/512 SSD/RYZEN 7 5825U","Win 11","Thin & Light","Entry","RYZEN 7 5825U","Consumer",45000,null,"NB",90000,"South2",53100,"",null,"South2","Mainstream","Mainstream","NA"]
[21768038,"Nilesh Agrawal","nilesh.agarwal@v5global.co.in",7747820820,"V5 Global","Bhopal",601083,"Madhya Pradesh","Madhya Pradesh",null,"V5 Global",null,null,"Mohmmad Abrar Khan","abrar.khan@v5global.co.in",null,"North2",null,"External Consumer","ASO","V5 Global ASO",null,"FT",null,"ASO",null,"Mehul Raval","Rahil Rasheed",null,"Durgendra Singh","Raghavendra Araveeti","rahil.rasheed@v5global.co.in","rahil.rasheed@v5global.co.in","mraval@lenovo.com","dsingh1@lenovo.com","raraveeti@lenovo.com","ASO","Shilpi Gautam","sgautam2@lenovo.com",null,"Durgendra Singh",null,"dsingh1@lenovo.com",null,"2025-12-16","08:21:00","23.1920815,77.4363065","A To Z Computer Solution",{"$nulls":3},"T3",null,"North2",null,"T-16482","Betul","Madhya Pradesh","V5 Global",null,"Yes","Face to Face","83DV01A5IN",1,"Lenovo","LOQ","LOQ 15IRX9","CI7-13650HX/16GB/512GB/RTX 4050 6GB/WIN11/OFFICE2024/15.6FULLHDIPS","Win 11","Gaming","Premium","C I7-13650HX","Consumer",91500,null,"NB",91500,"North2",107970,"SP","Gaming","North2","Premium","Premium","-"]
[21768056,"Nilesh Agrawal","nilesh.agarwal@v5global.co.in",7747820820,"V5 Global","Bhopal",601083,"Madhya Pradesh","Madhya Pradesh",null,"V5 Global",null,null,"Mohmmad Abrar Khan","abrar.khan@v5global.co.in",null,"North2",null,"External Consumer","ASO","V5 Global ASO",null,"FT",null,"ASO",null,"Mehul Raval","Rahil Rasheed",null,"Durgendra Singh","Raghavendra Araveeti","rahil.rasheed@v5global.co.in","rahil.rasheed@v5global.co.in","mraval@lenovo.com","dsingh1@lenovo.com","raraveeti@lenovo.com","ASO","Shilpi Gautam","sgautam2@lenovo.com",null,"Durgendra Singh",null,"dsingh1@lenovo.com",null,"2025-12-16","08:23:00","23.192119,77.436282","Softtech Computer",{"$nulls":3},"T3",null,"North2",null,"T-16481","Vidisha","Madhya Pradesh","V5 Global",null,"Yes","Face to Face","82X6005KIN",1,"Lenovo","Ideapad","Slim 3","1315U-CI3/8GB /512GB SSD/intel uhd graphics /14\"","Win 11","Thin & Light","Entry","1315U-ci3","Consumer",31972,null,"NB",31972,"North2",37726.96,"",null,"North2","Entry","Mainstream","i3 OS"]
[21768136,"Nilesh Agrawal","nilesh.agarwal@v5global.co.in",7747820820,"V5 Global","Bhopal",601083,"Madhya Pradesh","Madhya Pradesh",null,"V5 Global",null,null,"Mohmmad Abrar Khan","abrar.khan@v5global.co.in",null,"North2",null,"External Consumer","ASO","V5 Global ASO",null,"FT",null,"ASO",null,"Mehul Raval","Rahil Rasheed",null,"Durgendra Singh","Raghavendra Araveeti","rahil.rasheed@v5global.co.in","rahil.rasheed@v5global.co.in","mraval@lenovo.com","dsingh1@lenovo.com","raraveeti@lenovo.com","ASO","Shilpi Gautam","sgautam2@lenovo.com",null,"Durgendra Singh",null,"dsingh1@lenovo.com",null,"2025-12-16","08:30:00","23.1921273,77.43628","Computer World",{"$nulls":3},"T3","23CUMPS0368F1ZH","North2",null,"T-16433","Sehore","Madhya Pradesh","V5 Global",null,"Yes","Face to Face","83B40004IN",1,"Lenovo","Ideapad","Ideapad 1","15.6\"FHD,8GB/512GB/I3 1315/WIN/MS OFFICE/","Win 11","Thin & Light","Entry","13 1315","Consumer",36960,null,"NB",36960,"North2",43612.799999999996,"",null,"North2","Mainstream","Mainstream","-"]
[21768183,"Pankaj Kumar","pankaj.kumar@v5global.co.in",8340543380,"V5 Global","Patna",601177,"Bihar","Bihar",null,"V5 Global",null,null,"Shivam Kumar","shivam.kumar@v5global.co.in",null,"East2",null,"External Consumer","ASO","V5 Global ASO",null,"FT",null,"ASO",null,"Krishna Kumar Singh","Imam Hassan",null,"Rajender Negi","Raghavendra Araveeti","imam.hassan@v5global.co.in","imam.hassan@v5global.co.in","ksingh25@lenovo.com","rnegi@lenovo.com","raraveeti@lenovo.com","ASO","Shilpi Gautam","sgautam2@lenovo.com",null,"Rajender Negi",null,"rnegi@lenovo.com",null,"2025-12-16","08:37:00","25.6174309,85.0925627","COMPUTER SHOPEE",{"$nulls":3},"T3","10ALFPM5930R1ZU","East2",null,"T-2399","Gaya","Bihar","V5 Global",null,"Yes","Face to Face","F0J6005FIN",1,"Lenovo","AIO","Lenovo A100","23.8\" FHD/8GB RAM/512 SSD/Integrated Graphics/MSO 2024/White","Win 11","AIO","Entry","Intel N100","Consumer",32000,null,"AIO",32000,"East2",37760,"",null,"East2","Entry","Entry","-"]
[21768273,"Pankaj Kumar","pankaj.kumar@v5global.co.in",8340543380,"V5 Global","Patna",601177,"Bihar","Bihar",null,"V5 Global",null,null,"Shivam Kumar","shivam.kumar@v5global.co.in",null,"East2",null,"External Consumer","ASO","V5 Global ASO",null,"FT",null,"ASO",null,"Krishna Kumar Singh","Imam Hassan",null,"Rajender Negi","Raghavendra Araveeti","imam.hassan@v5global.co.in","imam.hassan@v5global.co.in","ksingh25@lenovo.com","rnegi@lenovo.com","raraveeti@lenovo.com","ASO","Shilpi Gautam","sgautam2@lenovo.com",null,"Rajender Negi",null,"rnegi@lenovo.com",null,"2025-12-16","08:57:00","25.6169359,85.092618","My Pc",{"$nulls":3},"T3","10AHDPK4693D1ZQ-1","East2",null,"T-2100","Patna","Bihar","V5 Global",null,"Yes","Face to Face","F0HN00PGIN",1,"Lenovo","AIO","AIO i-24IRH9","i3-1315U-8-512-UHD-W11-O24-23.80","Win 11","AIO","Mainstream","i3-1315U","Consumer",57990,null,"AIO",57990,"East2",68428.2,"",null,"East2","Premium","Mainstream","i3 OS"]
[21768898,"Saurav Kumar","saurav.kumar@v5global.co.in",9798375154,"V5 Global","Ranchi",601537,"Ranchi","Jharkhand",null,"V5 Global",null,null,"Shivam Kumar","shivam.kumar@v5global.co.in",null,"East2",null,"External Consumer","ASO","V5 Global ASO",null,"FT",null,"ASO",null,"Krishna Kumar Singh","Imam Hassan",null,"Rajender Negi","Raghavendra Araveeti","imam.hassan@v5global.co.in","imam.hassan@v5global.co.in","ksingh25@lenovo.com","rnegi@lenovo.com","raraveeti@lenovo.com","ASO","Shilpi Gautam","sgautam2@lenovo.com",null,"Rajender Negi",null,"rnegi@lenovo.com",null,"2025-12-16","10:09:00","22.8159536,86.2074857","Agarwal Computer",{"$nulls":3},"T3",null,"East2",null,"T-2626","Ranchi","Jharkhand",null,null,"Yes","Face to Face","83B40004IN",1,"Lenovo","Ideapad","Ideapad 1","15.6\"FHD,8GB/512GB/I3 1315/WIN/MS OFFICE/","Win 11","Thin & Light","Entry","13 1315","Consumer",36960,null,"NB",36960,"East2",43612.799999999996,"",null,"East2","Mainstream","Mainstream","-"]
[21769531,"Mohammed Abdulla","mohammed.abdulla@v5global.co.in",9513623651,"V5 Global","Bangalore","V5266026","Karnataka","Karnataka",null,"V5 Global",null,null,"M Bhaskar Gowda","bhaskar.gowda@v5global.co.in",null,"South1",null,"External Consumer","ASO","V5 Global ASO",null,"FT",null,"ASO",null,"Anuj Kumar","Prakash Kumar K P",null,"S Sreekumar","Sharad verma","prakash.kp@v5global.co.in","prakash.kp@v5global.co.in","virtualcosmos.it@gmail.com","ssreekumar@lenovo.com","sharverm@lenovo.com","ASO","Shilpi Gautam","sgautam2@lenovo.com",null,"S Sreekumar",null,"ssreekumar@lenovo.com",null,"2025-12-16","10:35:00","12.9027002,77.5889664","Ankit Infotech",{"$nulls":3},"T3","29aalfj9660p1zi","South1",null,"T-6362","Bangalore","Karnataka",null,null,"Yes","Face to Face","83KT000LIN",1,"Lenovo","Ideapad","Ideapad 5 2in1","14' OLED/ 24GB/ 1TB SSD/ AMD RADEON 860M/ MSO 2024/ LENOVO AI NOW/ LUNA GREY","Win 11","Convertible","Premium","RYZEN AI 7 350","Consumer",90000,null,"NB",90000,"South1",106200,"SP","Non-Gaming","South1","Premium","Premium","Slim 5/Slim 5 Pro"]
[21769715,"Mohammed Abdulla","mohammed.abdulla@v5global.co.in",9513623651,"V5 Global","Bangalore","V5266026","Karnataka","Karnataka",null,"V5 Global",null,null,"M Bhaskar Gowda","bhaskar.gowda@v5global.co.in",null,"South1",null,"External Consumer","ASO","V5 Global ASO",null,"FT",null,"ASO",null,"Anuj Kumar","Prakash Kumar K P",null,"S Sreekumar","Sharad verma","prakash.kp@v5global.co.in","prakash.kp@v5global.co.in","virtualcosmos.it@gmail.com","ssreekumar@lenovo.com","sharverm@lenovo.com","ASO","Shilpi Gautam","sgautam2@lenovo.com",null,"S Sreekumar",null,"ssreekumar@lenovo.com",null,"2025-12-16","10:41:00","12.9021863,77.5903339","B S INFOTECH",{"$nulls":3},"T3",null,"South1",null,"T-28234","Bangalore","Karnataka","Denave",null,"Yes","Face to Face","83K100C9IN",1,"Lenovo","Slim 3","IdeaPad Slim 3 15IRH10","NB IP Slim 3 15IRH10 I7 8G 8G 512G 11S","Win 11","Thin & Light","Mainstream","i7 13620H","Consumer",64700,null,"NB",64700,"South1",76346,"SP","Non-Gaming","South1","Premium","Premium","-"]
[21769762,"Mohammed Abdulla","mohammed.abdulla@v5global.co.in",9513623651,"V5 Global","Bangalore","V5266026","Karnataka","Karnataka",null,"V5 Global",null,null,"M Bhaskar Gowda","bhaskar.gowda@v5global.co.in",null,"South1",null,"External Consumer","ASO","V5 Global ASO",null,"FT",null,"ASO",null,"Anuj Kumar","Prakash Kumar K P",null,"S Sreekumar","Sharad verma","prakash.kp@v5global.co.in","prakash.kp@v5global.co.in","virtualcosmos.it@gmail.com","ssreekumar@lenovo.com","sharverm@lenovo.com","ASO","Shilpi Gautam","sgautam2@lenovo.com",null,"S Sreekumar",null,"ssreekumar@lenovo.com",null,"2025-12-16","10:43:00","12.902178,77.590357","Big C Technologies Pvt. Ltd",{"$nulls":3},"T3",null,"South1",null,"T-25345","Bangalore","KARNATAKA","V5 Global",null,"Yes","Face to Face","83K100C9IN",1,"Lenovo","Slim 3","IdeaPad Slim 3 15IRH10","NB IP Slim 3 15IRH10 I7 8G 8G 512G 11S","Win 11","Thin & Light","Mainstream","i7 13620H","Consumer",64700,null,"NB",64700,"South1",76346,"SP","Non-Gaming","South1","Premium","Premium","-"]
[21769833,"Mohammed Abdulla","mohammed.abdulla@v5global.co.in",9513623651,"V5 Global","Bangalore","V5266026","Karnataka","Karnataka",null,"V5 Global",null,null,"M Bhaskar Gowda","bhaskar.gowda@v5global.co.in",null,"South1",null,"External Consumer","ASO","V5 Global ASO",null,"FT",null,"ASO",null,"Anuj Kumar","Prakash Kumar K P",null,"S Sreekumar","Sharad verma","prakash.kp@v5global.co.in","prakash.kp@v5global.co.in","virtualcosmos.it@gmail.com","ssreekumar@lenovo.com","sharverm@lenovo.com","ASO","Shilpi Gautam","sgautam2@lenovo.com",null,"S Sreekumar",null,"ssreekumar@lenovo.com",null,"2025-12-16","10:44:00","12.9026967,77.5888947","Fortune Info Solutions",{"$nulls":3},"T3",null,"South1",null,"T-25353","Bangalore","KARNATAKA","V5 Global",null,"Yes","Face to Face","F0J6005LIN",1,"Lenovo","AIO","A100","Lenovo A100 IntelÂ® Coreâ„¢ i3-N305 8GB DDR4 512 SSD INTEGRATED GRAPHICS 23.8FHD AG 250N WLAN+BTÂ  Cloud Grey 5.0 MP","Win 11","AIO","Mainstream"," IntelÂ® Coreâ„¢ i3-N305  ","Consumer",36000,null,"AIO",36000,"South1",42480,"",null,"South1","Mainstream","Mainstream","i3 OS"]
[21769898,"Mohammed Abdulla","mohammed.abdulla@v5global.co.in",9513623651,"V5 Global","Bangalore","V5266026","Karnataka","Karnataka",null,"V5 Global",null,null,"M Bhaskar Gowda","bhaskar.gowda@v5global.co.in",null,"South1",null,"External Consumer","ASO","V5 Global ASO",null,"FT",null,"ASO",null,"Anuj Kumar","Prakash Kumar K P",null,"S Sreekumar","Sharad verma","prakash.kp@v5global.co.in","prakash.kp@v5global.co.in","virtualcosmos.it@gmail.com","ssreekumar@lenovo.com","sharverm@lenovo.com","ASO","Shilpi Gautam","sgautam2@lenovo.com",null,"S Sreekumar",null,"ssreekumar@lenovo.com",null,"2025-12-16","10:46:00","12.902689,77.5889014","J D Computer Gallery",{"$nulls":3},"T3",null,"South1",null,"T-25383","Bangalore","Karnataka","Denave",null,"Yes","Face to Face","83KF001LIN",1,"Lenovo","Yoga","Yoga Pro 7","14.7\" 3K,INTEL ULTRA 9,32GB RAM ,1TB SSD","Win 11","Thin & Light","Premium","Intel ULTRA 9","Consumer",130000,null,"NB",130000,"South1",153400,"SP","Non-Gaming","South1","Premium","Premium","Yoga"]
[21789868,"Ramisetty Gopalkrishna","ramisetty.krishna@v5global.co.in",7050129999,"V5 Global","Vijaywada","V5303153","Andhra Pradesh","Andhra Pradesh",null,"V5 Global",null,null,"TBH (HYD)",null,null,"South2",null,"External Consumer","ASO","V5 Global ASO",null,"FT",null,"ASO",null,"Prabhakar G","S.Arunbabu",null,"Prabhu Subaramanian","Sharad verma","arun.babu@v5global.co.in","arun.babu@v5global.co.in","gprabhakar@lenovo.com","psubramania4@lenovo.com","sharverm@lenovo.com","ASO","Shilpi Gautam","sgautam2@lenovo.com",null,"Prabhu Subaramanian",null,"psubramania4@lenovo.com",null,"2025-12-16","10:47:00","16.479641,80.66196","SAI COMPUTERS",{"$nulls":3},"T3","37ACUFS5207P1Z7","South2",null,"T-10380","Krishna","Andhra Pradesh","V5 Global",null,"Yes","Face to Face","F0HN00PGIN",3,"Lenovo","AIO","AIO i-24IRH9","i3-1315U-8-512-UHD-W11-O24-23.80","Win 11","AIO","Mainstream","i3-1315U","Consumer",57990,null,"AIO",173970,"South2",68428.2,"",null,"South2","Premium","Mainstream","i3 OS"]
[21770043,"Mohammed Abdulla","mohammed.abdulla@v5global.co.in",9513623651,"V5 Global","Bangalore","V5266026","Karnataka","Karnataka",null,"V5 Global",null,null,"M Bhaskar Gowda","bhaskar.gowda@v5global.co.in",null,"South1",null,"External Consumer","ASO","V5 Global ASO",null,"FT",null,"ASO",null,"Anuj Kumar","Prakash Kumar K P",null,"S Sreekumar","Sharad verma","prakash.kp@v5global.co.in","prakash.kp@v5global.co.in","virtualcosmos.it@gmail.com","ssreekumar@lenovo.com","sharverm@lenovo.com","ASO","Shilpi Gautam","sgautam2@lenovo.com",null,"S Sreekumar",null,"ssreekumar@lenovo.com",null,"2025-12-16","10:49:00","12.9026387,77.5889499","QCS COMMUNICATION TECHNOLOGIES PVT LTD",{"$nulls":3},"T3","29AAACQ3516A1ZV","South1",null,"T-30171","Bangalore","Karnataka","V5 Global",null,"Yes","Face to Face","F0HN00FWIN",2,"Lenovo","IdeaCentre","AIO 24IRH9","IntelÂ® Coreâ„¢ i3-1315U,, 8 GB RAM, 512GB SSD, 23.8\" FHD (1920x1080) IPS Anti-glare 250nits, 100Hz, 99% sRGB, hardware low blue li","Win 11","AIO","Mainstream","IntelÂ® Coreâ„¢ i3-1315U","Consumer",48990,null,"AIO",97980,"South1",57808.2,"",null,"South1","Mainstream","Mainstream","-"]
[21770076,"Mohammed Abdulla","mohammed.abdulla@v5global.co.in",9513623651,"V5 Global","Bangalore","V5266026","Karnataka","Karnataka",null,"V5 Global",null,null,"M Bhaskar Gowda","bhaskar.gowda@v5global.co.in",null,"South1",null,"External Consumer","ASO","V5 Global ASO",null,"FT",null,"ASO",null,"Anuj Kumar","Prakash Kumar K P",null,"S Sreekumar","Sharad verma","prakash.kp@v5global.co.in","prakash.kp@v5global.co.in","virtualcosmos.it@gmail.com","ssreekumar@lenovo.com","sharverm@lenovo.com","ASO","Shilpi Gautam","sgautam2@lenovo.com",null,"S Sreekumar",null,"ssreekumar@lenovo.com",null,"2025-12-16","10:51:00","12.9026553,77.5889344","Sheeltron Digital Systems Pvt. Ltd.",{"$nulls":3},"T3",null,"South1",null,"T-7297","Bangalore","KARNATAKA","V5 Global",null,"Yes","Face to Face","83KF001LIN",1,"Lenovo","Yoga","Yoga Pro 7","14.7\" 3K,INTEL ULTRA 9,32GB RAM ,1TB SSD","Win 11","Thin & Light","Premium","Intel ULTRA 9","Consumer",130000,null,"NB",130000,"South1",153400,"SP","Non-Gaming","South1","Premium","Premium","Yoga"]
[21771820,"Mohammed Abdulla","mohammed.abdulla@v5global.co.in",9513623651,"V5 Global","Bangalore","V5266026","Karnataka","Karnataka",null,"V5 Global",null,null,"M Bhaskar Gowda","bhaskar.gowda@v5global.co.in",null,"South1",null,"External Consumer","ASO","V5 Global ASO",null,"FT",null,"ASO",null,"Anuj Kumar","Prakash Kumar K P",null,"S Sreekumar","Sharad verma","prakash.kp@v5global.co.in","prakash.kp@v5global.co.in","virtualcosmos.it@gmail.com","ssreekumar@lenovo.com","sharverm@lenovo.com","ASO","Shilpi Gautam","sgautam2@lenovo.com",null,"S Sreekumar",null,"ssreekumar@lenovo.com",null,"2025-12-16","11:25:00","12.9027386,77.5888024","TECH PRO SOLUTIONS",{"$nulls":3},"T3","29AJNPA8524D1Z8","South1",null,"T-30961","Bangalore","Karnataka","V5 Global",null,"Yes","Face to Face","67BCKAC6IN",5,"Lenovo","Monitor -L24i4A","Monitor -L24i4A","Full HD IPS Panel Ultra Thin Monitor with WLED Backlight","NA","Visual Variants","Premium","NA","Visuals",7203,null,null,36015,"South1",8499.539999999999,"",null,"South1","Premium","Premium","-"]
[21789945,"Ramisetty Gopalkrishna","ramisetty.krishna@v5global.co.in",7050129999,"V5 Global","Vijaywada","V5303153","Andhra Pradesh","Andhra Pradesh",null,"V5 Global",null,null,"TBH (HYD)",null,null,"South2",null,"External Consumer","ASO","V5 Global ASO",null,"FT",null,"ASO",null,"Prabhakar G","S.Arunbabu",null,"Prabhu Subaramanian","Sharad verma","arun.babu@v5global.co.in","arun.babu@v5global.co.in","gprabhakar@lenovo.com","psubramania4@lenovo.com","sharverm@lenovo.com","ASO","Shilpi Gautam","sgautam2@lenovo.com",null,"Prabhu Subaramanian",null,"psubramania4@lenovo.com",null,"2025-12-16","11:37:00","16.4796405,80.6619565","SHARP COMPUTERS",{"$nulls":3},"T3","37ADVPT5748C1ZV","South2",null,"T-10386","Krishna","Andhra Pradesh","V5 Global",null,"Yes","Face to Face","67DDKAC6IN",3,"Lenovo","Monitor","Monitor","Non Gaming|L24-4C|23.8\"","NA","Visual Variants","Mainstream","L24-4C","Visuals",8500,null,null,25500,"South2",10030,"",null,"South2","Mainstream","Mainstream","-"]
[21777089,"Umer Farooq Bhat","umer.farooq@v5global.co.in",7006131255,"V5 Global","Srinagar","V5266190","Jammu and Kashmir","Jammu and Kashmir",null,"V5 Global",null,null,"Shivam Kumar1","shivam.kumar1@v5global.co.in",null,"North1",null,"External Consumer","ASO","V5 Global ASO",null,"FT",null,"ASO",null,"Karan Kapoor","Gaurav Sharma",null,"Kumar Tanksale","Raghavendra Araveeti","gaurav.sharma@v5global.co.in","gaurav.sharma@v5global.co.in","Kkapoor@lenovo.com","ktanksale1@lenovo.com","raraveeti@lenovo.com","ASO","Shilpi Gautam","sgautam2@lenovo.com",null,"Kumar Tanksale",null,"ktanksale1@lenovo.com",null,"2025-12-16","12:25:00","33.94688253843314,74.80169612914324","DIGITAL WORLD",{"$nulls":3},"T3",null,"North1",null,"T-3573","Chodra","Jammu And Kashmir","V5 Global",null,"Yes","Face to Face","GY51C12380",3,"Lenovo","Wireless Mouse","Input","Lenovo 130 wireless mouse","NA","Accessories","NA","NA","Accessories",649,null,null,1947,"North1",765.8199999999999,"",null,"North1","NA","NA","-"]
[21775254,"Vinod Kumar","vinod.kumar@v5global.co.in",9911547614,"V5 Global","Delhi","V5265873","Delhi","Delhi",null,"V5 Global",null,null,"Chetan Mehta","Chetan.mehta@v5global.co.in",null,"North1",null,"External Consumer","ASO","V5 Global ASO",null,"FT",null,"ASO",null,"Kanwaldeep Singh","Gaurav Sharma",null,"Kumar Tanksale","Raghavendra Araveeti","gaurav.sharma@v5global.co.in","gaurav.sharma@v5global.co.in","ksingh15@lenovo.com","ktanksale1@lenovo.com","raraveeti@lenovo.com","ASO","Shilpi Gautam","sgautam2@lenovo.com",null,"Kumar Tanksale",null,"ktanksale1@lenovo.com",null,"2025-12-16","13:05:00","28.7005324,77.166899","Crux Computronix Pvt Ltd",{"$nulls":3},"T3","07AFBPJ4272M1ZA","North1",null,"T-3741","New Delhi","New Delhi","V5 Global",null,"Yes","Face to Face","F0HN00PHIN",1,"Lenovo","AIO","AIO","LEN I5-13420H 16GB 512GB SSD 23.8 MSO","Win 11","AIO","Mainstream","i5-13420H","Consumer",53381,null,"AIO",53381,"North1",62989.579999999994,"",null,"North1","Mainstream","Mainstream","-"]
[21776103,"Ashwani Kumar","ashwani.kumar@v5global.co.in",7827383769,"V5 Global","Delhi","V5262001","Delhi","Delhi",null,"V5 Global",null,null,"Mohd Asif","mohd.asif@v5global.co.in",null,"North1",null,"External Consumer","ASO","V5 Global ASO",null,"FT",null,"ASO",null,"Kanwaldeep Singh","Gaurav Sharma",null,"Kumar Tanksale","Raghavendra Araveeti","gaurav.sharma@v5global.co.in","gaurav.sharma@v5global.co.in","ksingh15@lenovo.com","ktanksale1@lenovo.com","raraveeti@lenovo.com","ASO","Shilpi Gautam","sgautam2@lenovo.com",null,"Kumar Tanksale",null,"ktanksale1@lenovo.com",null,"2025-12-16","14:04:00","28.5480538,77.2516519","Mindtree Solutions",{"$nulls":3},"T3",null,"North1",null,"T-20738","New Delhi","New Delhi","V5 Global",null,"Yes","Face to Face","F0J6005GIN",1,"Lenovo","AIO","A100","IntelÂ® Coreâ„¢ i3-N305/8GB SO-DIMM DDR4-3200/512GB SSD/Integrated IntelÂ® UHD Graphics/WindowsÂ® 11,Cloud Grey","Win 11","AIO","Mainstream","IntelÂ® Coreâ„¢ i3-N305","Consumer",49000,null,"AIO",49000,"North1",57820,"",null,"North1","Mainstream","Mainstream","i3 OS"]
[21789973,"Ramisetty Gopalkrishna","ramisetty.krishna@v5global.co.in",7050129999,"V5 Global","Vijaywada","V5303153","Andhra Pradesh","Andhra Pradesh",null,"V5 Global",null,null,"TBH (HYD)",null,null,"South2",null,"External Consumer","ASO","V5 Global ASO",null,"FT",null,"ASO",null,"Prabhakar G","S.Arunbabu",null,"Prabhu Subaramanian","Sharad verma","arun.babu@v5global.co.in","arun.babu@v5global.co.in","gprabhakar@lenovo.com","psubramania4@lenovo.com","sharverm@lenovo.com","ASO","Shilpi Gautam","sgautam2@lenovo.com",null,"Prabhu Subaramanian",null,"psubramania4@lenovo.com",null,"2025-12-16","14:40:00","16.4796475,80.6619608","VYSHNAVI COMPUTERS",{"$nulls":3},"T3","37AVFPS8068N1ZL","South2",null,"T-10357","Krishna","Andhra Pradesh","V5 Global",null,"Yes","Face to Face","83K100CAIN",1,"Lenovo","Ideapad","Slim 3","NB IP Slim 3 15IRH10 I5 8G 512G 11S","Win 11","Thin & Light","Premium","i5 13420H/8GB/512GB SSD","Consumer",56251,null,"NB",56251,"South2",66376.18,"",null,"South2","Premium","Mainstream","-"]
[21776646,"Ashwani Kumar","ashwani.kumar@v5global.co.in",7827383769,"V5 Global","Delhi","V5262001","Delhi","Delhi",null,"V5 Global",null,null,"Mohd Asif","mohd.asif@v5global.co.in",null,"North1",null,"External Consumer","ASO","V5 Global ASO",null,"FT",null,"ASO",null,"Kanwaldeep Singh","Gaurav Sharma",null,"Kumar Tanksale","Raghavendra Araveeti","gaurav.sharma@v5global.co.in","gaurav.sharma@v5global.co.in","ksingh15@lenovo.com","ktanksale1@lenovo.com","raraveeti@lenovo.com","ASO","Shilpi Gautam","sgautam2@lenovo.com",null,"Kumar Tanksale",null,"ktanksale1@lenovo.com",null,"2025-12-16","15:35:00","28.549214,77.2527461","Intech Systems",{"$nulls":3},"T3",null,"North1",null,"T-22055","New Delhi","New Delhi","V5 Global",null,"Yes","Face to Face","90XS004PIN",1,"Lenovo","IdeaCentre","Tower 08IRR9","IntelÂ® Coreâ„¢ i3 13100 4C/8 GB DDR5 RAM/512 GB SSD","Win 11","TDT","Mainstream","IntelÂ® Coreâ„¢ i3 13100","Consumer",39865,null,"TDT",39865,"North1",47040.7,"",null,"North1","Mainstream","Entry","i3 OS"]
[21780047,"Sunil Batra","sunil.batra@v5global.co.in",9729866778,"V5 Global","Karnal","V5267500","Haryana","Haryana",null,"V5 Global",null,null,"Chetan Mehta","Chetan.mehta@v5global.co.in",null,"North1",null,"External Consumer","ASO","V5 Global ASO",null,"FT",null,"ASO",null,"Rajat Maheshwari","Gaurav Sharma",null,"Kumar Tanksale","Raghavendra Araveeti","gaurav.sharma@v5global.co.in","gaurav.sharma@v5global.co.in","rmaheshwari@lenovo.com","ktanksale1@lenovo.com","raraveeti@lenovo.com","ASO","Shilpi Gautam","sgautam2@lenovo.com",null,"Kumar Tanksale",null,"ktanksale1@lenovo.com",null,"2025-12-16","16:35:00","29.7144304,77.0181945","R.K ENTERPRISES (KAITHAL)",{"$nulls":3},"T3","06AHZPA2500R1Z0","North1",null,"T-3114","Kaithal","Haryana","V5 Global",null,"Yes","Face to Face","83K100C9IN",1,"Lenovo","Slim 3","IdeaPad Slim 3 15IRH10","NB IP Slim 3 15IRH10 I7 8G 8G 512G 11S","Win 11","Thin & Light","Mainstream","i7 13620H","Consumer",64700,null,"NB",64700,"North1",76346,"SP","Non-Gaming","North1","Premium","Premium","-"]
[21777115,"Ishan Modha","ishan.modha@v5global.co.in",6352456143,"V5 Global","Ahmedabad",601140,"Gujarat","Gujarat",null,"V5 Global",null,null,"Darshan Shah","darshan.shah@v5global.co.in",null,"West1",null,"External Consumer","ASO","V5 Global ASO",null,"FT",null,"ASO",null,"Jaydip Kachhot","Yunus Hamid Mansoori",null,"Hemant C Baghel","Sharad verma","yunus.hamid@v5global.co.in","yunus.hamid@v5global.co.in","jkachhot@lenovo.com","hbaghel@lenovo.com","sharverm@lenovo.com","ASO","Shilpi Gautam","sgautam2@lenovo.com",null,"Hemant C Baghel",null,"hbaghel@lenovo.com",null,"2025-12-16","16:52:00","23.2538966,69.6772681","PERFECT INFOSYS",{"$nulls":3},"T3","24AYXPB3270G1ZE","West2",null,"T-13959","Rajkot","Gujarat",null,null,"Yes","Face to Face","83ER00KSIN",1,"Lenovo","Ideapad","Slim 3i","i5-12450H-16GB, 512GB SSD-Integrated IntelÂ® UHD Graphics-OFFICE H&S 2021 -","Win 11","Thin & Light","Mainstream","i5-12450H","Consumer",56000,null,"NB",56000,"West1",66080,"",null,"West1 M","Premium","Mainstream","-"]
[21777246,"Subodh Kumar Sahani","subodh.sahani@v5global.co.in",7703838818,"V5 Global","Ghaziabad",601131,"Uttar Pradesh","Uttar Pradesh",null,"V5 Global",null,null,"Mohd Asif","mohd.asif@v5global.co.in",null,"North2",null,"External Consumer","ASO","V5 Global ASO",null,"FT",null,"ASO","LMB","Nishant Aeron","Rahil Rasheed",null,"Durgendra Singh","Raghavendra Araveeti","rahil.rasheed@v5global.co.in","rahil.rasheed@v5global.co.in","naeron@lenovo.com","dsingh1@lenovo.com","raraveeti@lenovo.com","ASO","Shilpi Gautam","sgautam2@lenovo.com",null,"Durgendra Singh","LMB","dsingh1@lenovo.com",null,"2025-12-16","17:16:00","28.9948166,77.7075537","TOP and Town",{"$nulls":3},"T3",null,"North2",null,"T-23116","Bijnor","Uttar Pradesh","Denave",null,"Yes","Face to Face","90XW0051IN",2,"Lenovo","IdeaCentre","Tower 08IRH9"," 16GB/1 TB SSD Integrated Graphics MSO 2024 ,","Win 11","TDT","Premium","Intel Core i7-13620H","Consumer",58900,null,"TDT",117800,"North2",69502,"",null,"North2","Premium","Mainstream","-"]
[21780628,"Vani Alpesh kumar","vani.alpesh@v5global.co.in",9898633142,"V5 Global","Surat","V5294897","Gujarat","Gujarat",null,"V5 Global",null,null,"Muffazal Momin","muffazal.momin@v5global.co.in",null,"West1",null,"External Consumer","ASO","V5 Global ASO",null,"FT",null,"ASO",null,"Darshan Thakkar","Yunus Hamid Mansoori",null,"Hemant C Baghel","Sharad verma","yunus.hamid@v5global.co.in","yunus.hamid@v5global.co.in","tjitendrabha@lenovo.com","hbaghel@lenovo.com","sharverm@lenovo.com","ASO","Shilpi Gautam","sgautam2@lenovo.com",null,"Hemant C Baghel",null,"hbaghel@lenovo.com",null,"2025-12-16","17:38:00","21.2060427,72.7812346","Sagar Technology",{"$nulls":3},"T3",null,"West1",null,"T-24774","Surat UA","Gujarat","V5 Global",null,"Yes","Telephonic","F0J6005LIN",1,"Lenovo","AIO","A100","Lenovo A100 IntelÂ® Coreâ„¢ i3-N305 8GB DDR4 512 SSD INTEGRATED GRAPHICS 23.8FHD AG 250N WLAN+BTÂ  Cloud Grey 5.0 MP","Win 11","AIO","Mainstream"," IntelÂ® Coreâ„¢ i3-N305  ","Consumer",36000,null,"AIO",36000,"West1",42480,"",null,"West1 M","Mainstream","Mainstream","i3 OS"]
[21780629,"Vani Alpesh kumar","vani.alpesh@v5global.co.in",9898633142,"V5 Global","Surat","V5294897","Gujarat","Gujarat",null,"V5 Global",null,null,"Muffazal Momin","muffazal.momin@v5global.co.in",null,"West1",null,"External Consumer","ASO","V5 Global ASO",null,"FT",null,"ASO",null,"Darshan Thakkar","Yunus Hamid Mansoori",null,"Hemant C Baghel","Sharad verma","yunus.hamid@v5global.co.in","yunus.hamid@v5global.co.in","tjitendrabha@lenovo.com","hbaghel@lenovo.com","sharverm@lenovo.com","ASO","Shilpi Gautam","sgautam2@lenovo.com",null,"Hemant C Baghel",null,"hbaghel@lenovo.com",null,"2025-12-16","17:38:00","21.2060229,72.7811599","ADVANCE COMPUTER",{"$nulls":3},"T3",null,"West1",null,"T-15267","VAPI","Gujarat","V5 Global",null,"Yes","Telephonic","83K100CAIN",1,"Lenovo","Ideapad","Slim 3","NB IP Slim 3 15IRH10 I5 8G 512G 11S","Win 11","Thin & Light","Premium","i5 13420H/8GB/512GB SSD","Consumer",56251,null,"NB",56251,"West1",66376.18,"",null,"West1 M","Premium","Mainstream","-"]
[21777374,"Vinod Kumar","vinod.kumar@v5global.co.in",9911547614,"V5 Global","Delhi","V5265873","Delhi","Delhi",null,"V5 Global",null,null,"Chetan Mehta","Chetan.mehta@v5global.co.in",null,"North1",null,"External Consumer","ASO","V5 Global ASO",null,"FT",null,"ASO",null,"Kanwaldeep Singh","Gaurav Sharma",null,"Kumar Tanksale","Raghavendra Araveeti","gaurav.sharma@v5global.co.in","gaurav.sharma@v5global.co.in","ksingh15@lenovo.com","ktanksale1@lenovo.com","raraveeti@lenovo.com","ASO","Shilpi Gautam","sgautam2@lenovo.com",null,"Kumar Tanksale",null,"ktanksale1@lenovo.com",null,"2025-12-16","17:42:00","28.700462,77.166868","Navcom Technologies",{"$nulls":3},"T3","07AADFN3158R1ZQ","North1",null,"T-3732","New Delhi","New Delhi","Denave",null,"Yes","Face to Face","F0J6005FIN",1,"Lenovo","AIO","Lenovo A100","23.8\" FHD/8GB RAM/512 SSD/Integrated Graphics/MSO 2024/White","Win 11","AIO","Entry","Intel N100","Consumer",32000,null,"AIO",32000,"North1",37760,"",null,"North1","Entry","Entry","-"]
[21780636,"Vani Alpesh kumar","vani.alpesh@v5global.co.in",9898633142,"V5 Global","Surat","V5294897","Gujarat","Gujarat",null,"V5 Global",null,null,"Muffazal Momin","muffazal.momin@v5global.co.in",null,"West1",null,"External Consumer","ASO","V5 Global ASO",null,"FT",null,"ASO",null,"Darshan Thakkar","Yunus Hamid Mansoori",null,"Hemant C Baghel","Sharad verma","yunus.hamid@v5global.co.in","yunus.hamid@v5global.co.in","tjitendrabha@lenovo.com","hbaghel@lenovo.com","sharverm@lenovo.com","ASO","Shilpi Gautam","sgautam2@lenovo.com",null,"Hemant C Baghel",null,"hbaghel@lenovo.com",null,"2025-12-16","17:43:00","21.205973,72.7819691","ICON TECHNOLOGIES",{"$nulls":3},"T3",null,"West1",null,"T-14850","VALSAD","Gujarat","V5 Global",null,"Yes","Telephonic","F0HN00PHIN",1,"Lenovo","AIO","AIO","LEN I5-13420H 16GB 512GB SSD 23.8 MSO","Win 11","AIO","Mainstream","i5-13420H","Consumer",53381,null,"AIO",53381,"West1",62989.579999999994,"",null,"West1 M","Mainstream","Mainstream","-"]
[21780649,"Vani Alpesh kumar","vani.alpesh@v5global.co.in",9898633142,"V5 Global","Surat","V5294897","Gujarat","Gujarat",null,"V5 Global",null,null,"Muffazal Momin","muffazal.momin@v5global.co.in",null,"West1",null,"External Consumer","ASO","V5 Global ASO",null,"FT",null,"ASO",null,"Darshan Thakkar","Yunus Hamid Mansoori",null,"Hemant C Baghel","Sharad verma","yunus.hamid@v5global.co.in","yunus.hamid@v5global.co.in","tjitendrabha@lenovo.com","hbaghel@lenovo.com","sharverm@lenovo.com","ASO","Shilpi Gautam","sgautam2@lenovo.com",null,"Hemant C Baghel",null,"hbaghel@lenovo.com",null,"2025-12-16","17:50:00","21.2060302,72.7812167","Fenix Infotech",{"$nulls":3},"T3","24AOMPV8839G1Z8","West2",null,"T-14997","Surat","Gujarat",null,null,"Yes","Telephonic","F0HM00PPIN",1,"Lenovo","AIO","Ideacentre","27',intel i7,32GB RAM ,1TB SSD","Win 11","AIO","Premium","INTEL I7","Consumer",90000,null,"AIO",90000,"West1",106200,"SP","Non-Gaming","West1 M","Premium","Premium","-"]
[21777428,"Ashwani Kumar","ashwani.kumar@v5global.co.in",7827383769,"V5 Global","Delhi","V5262001","Delhi","Delhi",null,"V5 Global",null,null,"Mohd Asif","mohd.asif@v5global.co.in",null,"North1",null,"External Consumer","ASO","V5 Global ASO",null,"FT",null,"ASO",null,"Kanwaldeep Singh","Gaurav Sharma",null,"Kumar Tanksale","Raghavendra Araveeti","gaurav.sharma@v5global.co.in","gaurav.sharma@v5global.co.in","ksingh15@lenovo.com","ktanksale1@lenovo.com","raraveeti@lenovo.com","ASO","Shilpi Gautam","sgautam2@lenovo.com",null,"Kumar Tanksale",null,"ktanksale1@lenovo.com",null,"2025-12-16","17:51:00","28.5485657,77.2515909","Setup I.T.",{"$nulls":3},"T3",null,"North1",null,"T-27088","Nehru Place   South Delhi","New Delhi","V5 Global",null,"Yes","Face to Face","90XW005UIN",1,"Lenovo","IdeaCentre","IdeaCentre 08IRH9","8GB RAM/512 GB SSD/Integrated Graphics/WINDOWS 11","Win 11","TDT","Entry","CORE I5","Consumer",32619,null,"TDT",32619,"North1",38490.42,"",null,"North1","Entry","Mainstream","NA"]
[21777988,"Ishan Modha","ishan.modha@v5global.co.in",6352456143,"V5 Global","Ahmedabad",601140,"Gujarat","Gujarat",null,"V5 Global",null,null,"Darshan Shah","darshan.shah@v5global.co.in",null,"West1",null,"External Consumer","ASO","V5 Global ASO",null,"FT",null,"ASO",null,"Jaydip Kachhot","Yunus Hamid Mansoori",null,"Hemant C Baghel","Sharad verma","yunus.hamid@v5global.co.in","yunus.hamid@v5global.co.in","jkachhot@lenovo.com","hbaghel@lenovo.com","sharverm@lenovo.com","ASO","Shilpi Gautam","sgautam2@lenovo.com",null,"Hemant C Baghel",null,"hbaghel@lenovo.com",null,"2025-12-16","19:14:00","23.308006,70.4920955","PLUS ONE INFOTECH",{"$nulls":3},"T3","24AHBPD6382J1ZF","West2",null,"T-14253","Rajkot","Gujarat",null,null,"Yes","Face to Face","83GS00MWIN",1,"Lenovo","LOQ","LOQ 15IAX9","Len LOQ-15 /16/512) GFX 2050 MS Office","Win 11","Gaming","Premium","i5 12450HX","Consumer",69999,null,"NB",{"$f":"BV2499*BL2499","v":69999},{"$f":"Q2499","v":"West1"},{"$f":"BV2499*118%","v":82598.81999999999},{"$f":"IF(CF2499=\"Premium\",IF(CA2499>=65000,\"SP\",\"\"),\"\")","v":"SP"},"Gaming","West1 M",{"$f":"IF(BU2499=\"Consumer\",IF(CA2499<40000,\"Entry\",IF(AND(CA2499>=40000,CA2499<65000),\"Mainstream\",\"Premium\")),IF(BU2499=\"Visuals\",BS2499,\"NA\"))","v":"Premium"},"Premium","-"]
[21778024,"Devendar Vaishnav","devendar.vaishnav@v5global.co.in",9346025615,"V5 Global","Hyderabad",601572,"Hyderabad","Telangana",null,"V5 Global",null,null,"Mohammed Ibrahim","mohammed.ibrahim@v5global.co.in",null,"South2",null,"External Consumer","ASO","V5 Global ASO",null,"FT",null,"ASO",null,"Santosh Singh","S.Arunbabu",null,"Prabhu Subaramanian","Sharad verma","arun.babu@v5global.co.in","arun.babu@v5global.co.in","ssingh9@lenovo.com","psubramania4@lenovo.com","sharverm@lenovo.com","ASO","Shilpi Gautam","sgautam2@lenovo.com",null,"Prabhu Subaramanian",null,"psubramania4@lenovo.com",null,"2025-12-16","19:17:00","17.4836082,78.391155","Sri Sai Computers",{"$nulls":3},"T3","36AKWPA4981G1ZR","South2",null,"T-10538","Hyderabad","Telangana","V5 Global",null,"Yes","Face to Face","83J10067IN",1,"Lenovo","IdeaPad Slim 5","Slim 5","16\" WUXGA (1920x1200) IPS 300nits Anti-glare, 60 2x 8GB SO-DIMM DDR5-5600 Two DDR5 SO-DIMM slots, dual-channel capable Up to 32G","Win 11","Thin & Light","Premium","IntelÂ® Core 5 210H, 8C (4P + 4E)","Consumer",73381,null,"NB",73381,"South2",86589.58,"",null,"South2","Premium","Mainstream","Slim 5/Slim 5 Pro"]
[21778064,"Devendar Vaishnav","devendar.vaishnav@v5global.co.in",9346025615,"V5 Global","Hyderabad",601572,"Hyderabad","Telangana",null,"V5 Global",null,null,"Mohammed Ibrahim","mohammed.ibrahim@v5global.co.in",null,"South2",null,"External Consumer","ASO","V5 Global ASO",null,"FT",null,"ASO",null,"Santosh Singh","S.Arunbabu",null,"Prabhu Subaramanian","Sharad verma","arun.babu@v5global.co.in","arun.babu@v5global.co.in","ssingh9@lenovo.com","psubramania4@lenovo.com","sharverm@lenovo.com","ASO","Shilpi Gautam","sgautam2@lenovo.com",null,"Prabhu Subaramanian",null,"psubramania4@lenovo.com",null,"2025-12-16","19:21:00","17.4836217,78.3912083","Chintamani Infotech",{"$nulls":3},"T3","36BBSPJ2627J1ZA","South2",null,"T-10540","Hyderabad","Telangana","V5 Global",null,"Yes","Face to Face","83DV01BHIN",1,"Lenovo","LOQ","LOQ 15IRX9","CI7-13650HX/16GB/512GB/RTX 4060 8GB/WIN11/OFFICE2024/ 15.6 FULL HD IPS","Win 11","Gaming","Premium","C I7-13650HX","Consumer",106500,null,"NB",106500,"South2",125670,"SP","Gaming","South2","Premium","Premium","-"]
[21778680,"Sumit Singh","sumit.singh@v5global.co.in",8963848967,"V5 Global","Mumbai","V5266119","Maharashtra","Maharashtra",null,"V5 Global",null,null,"Muffazal Momin","muffazal.momin@v5global.co.in",null,"West1",null,"External Consumer","ASO","V5 Global ASO",null,"FT",null,"ASO",null,"Amit Tiwari","Yunus Hamid Mansoori",null,"Hemant C Baghel","Sharad verma","yunus.hamid@v5global.co.in","yunus.hamid@v5global.co.in","atiwari5@lenovo.com","hbaghel@lenovo.com","sharverm@lenovo.com","ASO","Shilpi Gautam","sgautam2@lenovo.com",null,"Hemant C Baghel",null,"hbaghel@lenovo.com",null,"2025-12-16","20:08:00","19.0641872,72.8777474","Laptop Deals",{"$nulls":3},"T3",null,"West1",null,"T-25876","Lamington Road","Maharashtra","V5 Global",null,"Yes","Face to Face","83HR000WIN",1,"Lenovo","Ideapad","Slim 5","14\",WUXGA OLED display, 16GB, 1TB, ","Win 11","Thin & Light","Premium","I5-13420H","Consumer",73000,null,"NB",73000,"West1",86140,"SP","Non-Gaming","West1 M","Premium","Premium","Slim 5/Slim 5 Pro"]
[21778682,"Sumit Singh","sumit.singh@v5global.co.in",8963848967,"V5 Global","Mumbai","V5266119","Maharashtra","Maharashtra",null,"V5 Global",null,null,"Muffazal Momin","muffazal.momin@v5global.co.in",null,"West1",null,"External Consumer","ASO","V5 Global ASO",null,"FT",null,"ASO",null,"Amit Tiwari","Yunus Hamid Mansoori",null,"Hemant C Baghel","Sharad verma","yunus.hamid@v5global.co.in","yunus.hamid@v5global.co.in","atiwari5@lenovo.com","hbaghel@lenovo.com","sharverm@lenovo.com","ASO","Shilpi Gautam","sgautam2@lenovo.com",null,"Hemant C Baghel",null,"hbaghel@lenovo.com",null,"2025-12-16","20:11:00","19.0706296,72.8855218","Tyypa Infotech",{"$nulls":3},"T3",null,"West1",null,"T-25965","Lamington Road","Maharashtra","V5 Global",null,"Yes","Telephonic","82R4011MIN",1,"Lenovo","IDEAPAD SLIM 15ALC7","SLIM 15ALC7","RYZEN 5 5500U/8/512","Win 11","Thin & Light","Entry","RYZEN 5 5500U","Consumer",30500,null,"NB",30500,"West1",35990,"",null,"West1 M","Entry","Entry","-"]
[21778753,"Govind Gulab Rajbhar","govind.gulab@v5global.co.in",9029031943,"V5 Global","Mumbai","V5263641","Maharashtra","Maharashtra",null,"V5 Global",null,null,"Pooja Thakur","pooja.thakur@v5global.co.in",null,"West1",null,"External Consumer","ASO","V5 Global ASO",null,"FT",null,"ASO",null,"Amit Tiwari","Yunus Hamid Mansoori",null,"Hemant C Baghel","Sharad verma","yunus.hamid@v5global.co.in","yunus.hamid@v5global.co.in","atiwari5@lenovo.com","hbaghel@lenovo.com","sharverm@lenovo.com","ASO","Shilpi Gautam","sgautam2@lenovo.com",null,"Hemant C Baghel",null,"hbaghel@lenovo.com",null,"2025-12-16","20:25:00","19.2169687,72.8439079","EEZEE BUSINESS MACHINES",{"$nulls":3},"T3",null,"West1",null,"T-19659","Mumbai","Maharashtra","V5 Global",null,"Yes","Telephonic","GY50X88832",5,"Lenovo","Wireless Mouse","Input","Lenovo 600 BT Silent mouse","NA","Accessories","NA","NA","Accessories",1699,null,null,8495,"West1",2004.82,"",null,"West1 M","NA","NA","-"]
[21779002,"Mohit Chaturvedi","mohit.chaturvedi@v5global.co.in",9753911212,"V5 Global","Gwalior",601082,"Madhya Pradesh","Madhya Pradesh",null,"V5 Global",null,null,"Mohd Asif","mohd.asif@v5global.co.in",null,"North2",null,"External Consumer","ASO","V5 Global ASO",null,"FT",null,"ASO",null,"Mehul Raval","Rahil Rasheed",null,"Durgendra Singh","Raghavendra Araveeti","rahil.rasheed@v5global.co.in","rahil.rasheed@v5global.co.in","mraval@lenovo.com","dsingh1@lenovo.com","raraveeti@lenovo.com","ASO","Shilpi Gautam","sgautam2@lenovo.com",null,"Durgendra Singh",null,"dsingh1@lenovo.com",null,"2025-12-16","20:44:00","26.1870605,78.1731753","The Computer Shopee",{"$nulls":3},"T3","23AMGPM4567L1ZP","North2",null,"T-16776","Gwalior","Madhya Pradesh","V5 Global",null,"Yes","Face to Face","83KT0052IN",1,"Lenovo","Ideapad","Ideapad 5 2-in-1","AMD Ryzen AI 5 340 / 16GB /512/\t","Win 11","Convertible","Premium","AMD Ryzen AI 5 340","Consumer",76900,null,"NB",76900,"North2",90742,"SP","Non-Gaming","North2","Premium","Premium","Slim 5/Slim 5 Pro"]
[21779009,"Mohit Chaturvedi","mohit.chaturvedi@v5global.co.in",9753911212,"V5 Global","Gwalior",601082,"Madhya Pradesh","Madhya Pradesh",null,"V5 Global",null,null,"Mohd Asif","mohd.asif@v5global.co.in",null,"North2",null,"External Consumer","ASO","V5 Global ASO",null,"FT",null,"ASO",null,"Mehul Raval","Rahil Rasheed",null,"Durgendra Singh","Raghavendra Araveeti","rahil.rasheed@v5global.co.in","rahil.rasheed@v5global.co.in","mraval@lenovo.com","dsingh1@lenovo.com","raraveeti@lenovo.com","ASO","Shilpi Gautam","sgautam2@lenovo.com",null,"Durgendra Singh",null,"dsingh1@lenovo.com",null,"2025-12-16","20:45:00","26.1870449,78.1731775","E2 power system",{"$nulls":3},"T3",null,"North2",null,"T-16832","Gwalior","Madhya Pradesh","V5 Global",null,"Yes","Face to Face","82LX00F7IN",1,"Lenovo","Ideapad","Slim 1","LEN N4500 8GB 512GB SSD WIN11  1YR","Win 11","Thin & Light","Entry","N4500","Consumer",25900,null,"NB",25900,"North2",30562,"",null,"North2","Entry","Entry","-"]
[21780019,"Manoj Bihari","manoj.bihari@v5global.co.in",9861291397,"V5 Global","Sambalpur","V5263625","Orissa","Orissa",null,"V5 Global",null,null,"Arindam Mazumdar","arindam.mazumdar@v5global.co.in",null,"East2",null,"External Consumer","ASO","V5 Global ASO",null,"FT",null,"ASO","LES","Biswa Ranjan Jena","Imam Hassan",null,"Rajender Negi","Raghavendra Araveeti","imam.hassan@v5global.co.in","imam.hassan@v5global.co.in","bjena1@lenovo.com","rnegi@lenovo.com","raraveeti@lenovo.com","ASO","Shilpi Gautam","sgautam2@lenovo.com",null,"Rajender Negi","LES","rnegi@lenovo.com",null,"2025-12-16","22:21:00","22.22647777612714,84.85454980283976","Dot.Communication",{"$nulls":3},"T3",null,"East2",null,"T-2874","Sundargarh","Orissa","V5 Global",null,"Yes","Face to Face","67D5KAC6IN",1,"Lenovo","L22-4E","L Series","LEN L22-4E 21.5 IPS  BLACK 100HZ","NA","Visual Variants","Mainstream","NA","Visuals",5331,null,null,5331,"East2",6290.58,"",null,"East2","Mainstream","Mainstream","-"]
[21780036,"Manoj Bihari","manoj.bihari@v5global.co.in",9861291397,"V5 Global","Sambalpur","V5263625","Orissa","Orissa",null,"V5 Global",null,null,"Arindam Mazumdar","arindam.mazumdar@v5global.co.in",null,"East2",null,"External Consumer","ASO","V5 Global ASO",null,"FT",null,"ASO","LES","Biswa Ranjan Jena","Imam Hassan",null,"Rajender Negi","Raghavendra Araveeti","imam.hassan@v5global.co.in","imam.hassan@v5global.co.in","bjena1@lenovo.com","rnegi@lenovo.com","raraveeti@lenovo.com","ASO","Shilpi Gautam","sgautam2@lenovo.com",null,"Rajender Negi","LES","rnegi@lenovo.com",null,"2025-12-16","22:23:00","22.22647777612714,84.85454980283976","PS TECH SOLUTIONS",{"$nulls":3},"T3","21AKJPJ1730F1ZR","East2",null,"T-31017","ROURKELA","Odisha","V5 Global",null,"Yes","Face to Face","GX31L52655",5,"Lenovo","Wired Combo","Input","Lenovo 160 Wired Combo","NA","Accessories","NA","NA","Accessories",999,null,null,4995,"East2",1178.82,"",null,"East2","NA","NA","-"]
[21780085,"Chetti Srinivas","chetti.srinivas1@v5global.co.in",9515976797,"V5 Global","Hyderabad",601126,"TELANGANA","Telangana",null,"V5 Global",null,null,"Mohammed Ibrahim","mohammed.ibrahim@v5global.co.in",null,"South2",null,"External Consumer","ASO","V5 Global ASO",null,"FT",null,"ASO",null,"Santosh Singh","S.Arunbabu",null,"Prabhu Subaramanian","Sharad verma","arun.babu@v5global.co.in","arun.babu@v5global.co.in","ssingh9@lenovo.com","psubramania4@lenovo.com","sharverm@lenovo.com","ASO","Shilpi Gautam","sgautam2@lenovo.com",null,"Prabhu Subaramanian",null,"psubramania4@lenovo.com",null,"2025-12-16","22:33:00","17.4138161,78.5661047","Zee Technologies",{"$nulls":3},"T3","36AILPR9986R1ZN","South2",null,"T-10545","Hyderabad","Telangana","V5 Global",null,"Yes","Face to Face","F0HN00PHIN",1,"Lenovo","AIO","AIO","LEN I5-13420H 16GB 512GB SSD 23.8 MSO","Win 11","AIO","Mainstream","i5-13420H","Consumer",53381,null,"AIO",53381,"South2",62989.579999999994,"",null,"South2","Mainstream","Mainstream","-"]
[21780178,"Azhar Ahmed","azhar.ahmed@v5global.co.in",9902577846,"V5 Global","Bangalore",601600,"Karnataka","Karnataka",null,"V5 Global",null,null,"M Bhaskar Gowda","bhaskar.gowda@v5global.co.in",null,"South1",null,"External Consumer","ASO","V5 Global ASO",null,"FT",null,"ASO",null,"Anuj Kumar","Prakash Kumar K P",null,"S Sreekumar","Sharad verma","prakash.kp@v5global.co.in","prakash.kp@v5global.co.in","virtualcosmos.it@gmail.com","ssreekumar@lenovo.com","sharverm@lenovo.com","ASO","Shilpi Gautam","sgautam2@lenovo.com",null,"S Sreekumar",null,"ssreekumar@lenovo.com",null,"2025-12-16","22:52:00","12.9747521,77.6220435","Gs Sysnet",{"$nulls":3},"T3",null,"South1",null,"T-25355","Bangalore","KARNATAKA","V5 Global",null,"Yes","Face to Face","83JG008NIN",2,"Lenovo","LOQ","LOQ","15.6  24GB RAM 1TB RTX 5050 W11 MS24 GREY","Win 11","Gaming","Premium","AI 7 250","Consumer",112990,null,"NB",225980,"South1",133328.19999999998,"SP","Gaming","South1","Premium","Premium","-"]
[21780300,"Anmol Sachdeva","anmol.sachdeva@v5global.co.in",9780132392,"V5 Global","BHATINDA","V5433235","PUNJAB","PUNJAB","-","V5 Global",null,null,"Shivam Kumar1","shivam.kumar1@v5global.co.in",null,"North1",null,"External Consumer","ASO","V5 Global ASO",null,"FT",null,"ASO",null,"Naveen Kumar","Gaurav Sharma",null,"Kumar Tanksale","Raghavendra Araveeti","gaurav.sharma@v5global.co.in","gaurav.sharma@v5global.co.in","nkumar12@lenovo.com","ktanksale1@lenovo.com","raraveeti@lenovo.com","ASO","Shilpi Gautam","sgautam2@lenovo.com",null,"Kumar Tanksale",null,"ktanksale1@lenovo.com",null,"2025-12-16","23:23:00","30.1484186,74.2021575","COST TO COST COMPUTER SHOP",{"$nulls":3},"T3","03BSLPS9934D1ZF","North1",null,"T-4698","Sangrur","PUNJAB","V5 Global",null,"Yes","Face to Face","82R4011PIN",1,"Lenovo","IdeaPad","IdeaPad 1 15ALC7","AMD Ryzenâ„¢ 5 5500U , Integrated AMD Radeonâ„¢ Graphics, 8GB , 512 GB SSD, 15.6\" FHD (1920x1080) IPS 250nits Anti-glare, 1.61 kg, C","Win 11","Thin & Light","Mainstream","AMD Ryzenâ„¢ 5 5500U","Consumer",35259,null,"NB",35259,"North1",41605.619999999995,"",null,"North1","Mainstream","Entry","-"]
[21780385,"Anmol Sachdeva","anmol.sachdeva@v5global.co.in",9780132392,"V5 Global","BHATINDA","V5433235","PUNJAB","PUNJAB","-","V5 Global",null,null,"Shivam Kumar1","shivam.kumar1@v5global.co.in",null,"North1",null,"External Consumer","ASO","V5 Global ASO",null,"FT",null,"ASO",null,"Naveen Kumar","Gaurav Sharma",null,"Kumar Tanksale","Raghavendra Araveeti","gaurav.sharma@v5global.co.in","gaurav.sharma@v5global.co.in","nkumar12@lenovo.com","ktanksale1@lenovo.com","raraveeti@lenovo.com","ASO","Shilpi Gautam","sgautam2@lenovo.com",null,"Kumar Tanksale",null,"ktanksale1@lenovo.com",null,"2025-12-16","23:43:00","30.1484186,74.2021575","ROBIN COMPUTERS & COMMUNICATION",{"$nulls":3},"T3",null,"North1",null,"T-4622","Faridkot","PUNJAB","V5 Global",null,"Yes","Telephonic","82R4011PIN",1,"Lenovo","IdeaPad","IdeaPad 1 15ALC7","AMD Ryzenâ„¢ 5 5500U , Integrated AMD Radeonâ„¢ Graphics, 8GB , 512 GB SSD, 15.6\" FHD (1920x1080) IPS 250nits Anti-glare, 1.61 kg, C","Win 11","Thin & Light","Mainstream","AMD Ryzenâ„¢ 5 5500U","Consumer",35259,null,"NB",35259,"North1",41605.619999999995,"",null,"North1","Mainstream","Entry","-"]
[21780477,"Shivani Rambihaari Pandey","shivani.pandey@v5global.co.in",9545273754,"V5 Global","Indore",601588,"V5 Global","Madhya Pradesh","-","V5 Global",null,null,"Mohmmad Abrar Khan","abrar.khan@v5global.co.in",null,"North2",null,"External Consumer","ASO","V5 Global ASO",null,"FT",null,"ASO",null,"Mehul Raval","Rahil Rasheed",null,"Durgendra Singh","Raghavendra Araveeti","rahil.rasheed@v5global.co.in","rahil.rasheed@v5global.co.in","mraval@lenovo.com","dsingh1@lenovo.com","raraveeti@lenovo.com","ASO","Shilpi Gautam","sgautam2@lenovo.com",null,"Durgendra Singh",null,"dsingh1@lenovo.com",null,"2025-12-17","00:38:00","22.6955267,75.8597467","Prime Computer Services",{"$nulls":3},"T3","23AAVPH6905Q1Z0","North2",null,"T-16284","Indore","Madhya Pradesh","V5 Global",null,"Yes","Telephonic","F0J6005FIN",2,"Lenovo","AIO","Lenovo A100","23.8\" FHD/8GB RAM/512 SSD/Integrated Graphics/MSO 2024/White","Win 11","AIO","Entry","Intel N100","Consumer",32000,null,"AIO",64000,"North2",37760,"",null,"North2","Entry","Entry","-"]
[21780480,"Shivani Rambihaari Pandey","shivani.pandey@v5global.co.in",9545273754,"V5 Global","Indore",601588,"V5 Global","Madhya Pradesh","-","V5 Global",null,null,"Mohmmad Abrar Khan","abrar.khan@v5global.co.in",null,"North2",null,"External Consumer","ASO","V5 Global ASO",null,"FT",null,"ASO",null,"Mehul Raval","Rahil Rasheed",null,"Durgendra Singh","Raghavendra Araveeti","rahil.rasheed@v5global.co.in","rahil.rasheed@v5global.co.in","mraval@lenovo.com","dsingh1@lenovo.com","raraveeti@lenovo.com","ASO","Shilpi Gautam","sgautam2@lenovo.com",null,"Durgendra Singh",null,"dsingh1@lenovo.com",null,"2025-12-17","00:44:00","22.6955267,75.8597667","Aashiprime Infotech Indore",{"$nulls":3},"T3","23ASGPS4077H1ZJ","North2",null,"T-16166","Indore","Madhya Pradesh","V5 Global",null,"Yes","Telephonic","82X6005KIN",1,"Lenovo","Ideapad","Slim 3","1315U-CI3/8GB /512GB SSD/intel uhd graphics /14\"","Win 11","Thin & Light","Entry","1315U-ci3","Consumer",31972,null,"NB",31972,"North2",37726.96,"",null,"North2","Entry","Mainstream","i3 OS"]
[21780490,"Shivani Rambihaari Pandey","shivani.pandey@v5global.co.in",9545273754,"V5 Global","Indore",601588,"V5 Global","Madhya Pradesh","-","V5 Global",null,null,"Mohmmad Abrar Khan","abrar.khan@v5global.co.in",null,"North2",null,"External Consumer","ASO","V5 Global ASO",null,"FT",null,"ASO",null,"Mehul Raval","Rahil Rasheed",null,"Durgendra Singh","Raghavendra Araveeti","rahil.rasheed@v5global.co.in","rahil.rasheed@v5global.co.in","mraval@lenovo.com","dsingh1@lenovo.com","raraveeti@lenovo.com","ASO","Shilpi Gautam","sgautam2@lenovo.com",null,"Durgendra Singh",null,"dsingh1@lenovo.com",null,"2025-12-17","01:02:00","22.6954767,75.859805","Zorba Infotech",{"$nulls":3},"T3","23AATPM9267A1ZH","West3",null,"T-16877","Neemuch","Madhya Pradesh",null,null,"Yes","Telephonic","82XQ00W4IN",1,"Lenovo","Ideapad","Ideapad Slim 3","RYZEN-5 7520U-16GBRAM/512GBSSD/15.6FHD/BACKLIT KEYBORAD/MSOFFICE-24","Win 11","Thin & Light","Premium","RYZN5-7520U","Consumer",45500,null,"NB",45500,"North2",53690,"",null,"North2","Mainstream","Mainstream","-"]
[21780500,"Shivani Rambihaari Pandey","shivani.pandey@v5global.co.in",9545273754,"V5 Global","Indore",601588,"V5 Global","Madhya Pradesh","-","V5 Global",null,null,"Mohmmad Abrar Khan","abrar.khan@v5global.co.in",null,"North2",null,"External Consumer","ASO","V5 Global ASO",null,"FT",null,"ASO",null,"Mehul Raval","Rahil Rasheed",null,"Durgendra Singh","Raghavendra Araveeti","rahil.rasheed@v5global.co.in","rahil.rasheed@v5global.co.in","mraval@lenovo.com","dsingh1@lenovo.com","raraveeti@lenovo.com","ASO","Shilpi Gautam","sgautam2@lenovo.com",null,"Durgendra Singh",null,"dsingh1@lenovo.com",null,"2025-12-17","01:06:00","22.6955067,75.8598033","Navrang Electronics",{"$nulls":3},"T3","23AWCPK5283B1ZX","North2",null,"T-16923","Ujjain","Madhya Pradesh","V5 Global",null,"Yes","Telephonic","83K000B8IN",1,"Lenovo","Ideapad","IdeaPad Slim 3","15.6\" FHD (1920x1080),16GB Ram, 512 GB SSD, ,MS OFFICE 2024  Luna Grey","Win 11","Thin & Light","Premium","IntelÂ® Coreâ„¢ i5-13420H","Consumer",65000,null,"NB",65000,"North2",76700,"SP","Non-Gaming","North2","Premium","Premium","-"]
[21780505,"Shivani Rambihaari Pandey","shivani.pandey@v5global.co.in",9545273754,"V5 Global","Indore",601588,"V5 Global","Madhya Pradesh","-","V5 Global",null,null,"Mohmmad Abrar Khan","abrar.khan@v5global.co.in",null,"North2",null,"External Consumer","ASO","V5 Global ASO",null,"FT",null,"ASO",null,"Mehul Raval","Rahil Rasheed",null,"Durgendra Singh","Raghavendra Araveeti","rahil.rasheed@v5global.co.in","rahil.rasheed@v5global.co.in","mraval@lenovo.com","dsingh1@lenovo.com","raraveeti@lenovo.com","ASO","Shilpi Gautam","sgautam2@lenovo.com",null,"Durgendra Singh",null,"dsingh1@lenovo.com",null,"2025-12-17","01:10:00","22.6955417,75.85977","Bajaj Computers",{"$nulls":3},"T3","23AUFPB4738H1ZX","North2",null,"T-16171","Indore","Madhya Pradesh","V5 Global",null,"Yes","Telephonic","82R4011NIN",1,"Lenovo","IDEA PAD SLIM1","IDEA PAD SLIM1","R5 /5500U/8 GB RAM/512 TB SSD/INT.","WIn 11","Thin & Light","Mainstream","R5","Consumer",35000,null,"NB",35000,"North2",41300,"",null,"North2","Mainstream","Entry","-"]
[21780519,"Shivani Rambihaari Pandey","shivani.pandey@v5global.co.in",9545273754,"V5 Global","Indore",601588,"V5 Global","Madhya Pradesh","-","V5 Global",null,null,"Mohmmad Abrar Khan","abrar.khan@v5global.co.in",null,"North2",null,"External Consumer","ASO","V5 Global ASO",null,"FT",null,"ASO",null,"Mehul Raval","Rahil Rasheed",null,"Durgendra Singh","Raghavendra Araveeti","rahil.rasheed@v5global.co.in","rahil.rasheed@v5global.co.in","mraval@lenovo.com","dsingh1@lenovo.com","raraveeti@lenovo.com","ASO","Shilpi Gautam","sgautam2@lenovo.com",null,"Durgendra Singh",null,"dsingh1@lenovo.com",null,"2025-12-17","01:17:00","22.6955283,75.8597717","Ad Services & Solution",{"$nulls":3},"T3","23AHAPK7942G1ZI","North2",null,"T-16167","Indore","Madhya Pradesh","V5 Global",null,"Yes","Telephonic","83DV018PIN",2,"Lenovo","LOQ","LOQ","16 GB RAM 512 SSD WINDOWS 11 MS OFFICE LIFETIME TIME 2024 NVIDIA RTX 3050 6GB LUNA GREY","Win 11","Gaming","Premium","13650HX","Consumer",73305,null,"NB",146610,"North2",86499.9,"SP","Gaming","North2","Premium","Premium","-"]
[21780529,"Shivani Rambihaari Pandey","shivani.pandey@v5global.co.in",9545273754,"V5 Global","Indore",601588,"V5 Global","Madhya Pradesh","-","V5 Global",null,null,"Mohmmad Abrar Khan","abrar.khan@v5global.co.in",null,"North2",null,"External Consumer","ASO","V5 Global ASO",null,"FT",null,"ASO",null,"Mehul Raval","Rahil Rasheed",null,"Durgendra Singh","Raghavendra Araveeti","rahil.rasheed@v5global.co.in","rahil.rasheed@v5global.co.in","mraval@lenovo.com","dsingh1@lenovo.com","raraveeti@lenovo.com","ASO","Shilpi Gautam","sgautam2@lenovo.com",null,"Durgendra Singh",null,"dsingh1@lenovo.com",null,"2025-12-17","01:22:00","22.6955067,75.859815","Kartik Computer",{"$nulls":3},"T3","23AECPN6718G1ZN","West3",null,"T-16183","Indore","Madhya Pradesh",null,null,"Yes","Telephonic","83K100C7IN",1,"Lenovo","Ideapad","Slim 3","i5-13450H,Ram-16,512,15.3 wuxga,win-11 office 2024,\t","Win 11","Thin & Light","Mainstream","i5-13450H","Consumer",64790,null,"NB",64790,"North2",76452.2,"SP","Non-Gaming","North2","Premium","Premium","NA"]
[21780858,"Praveen Kumar","praveen.kumar2@v5global.co.in",7899889998,"V5 Global","BELGUM","V5444243","KARNATAKA","KARNATAKA",null,"V5 Global",null,null,"M Bhaskar Gowda","bhaskar.gowda@v5global.co.in",null,"South1",null,"External Consumer","ASO","V5 Global ASO",null,"FT",null,"ASO",null,"Riyaz Khan","Prakash Kumar K P",null,"S Sreekumar","Sharad verma","prakash.kp@v5global.co.in","prakash.kp@v5global.co.in","rhospet@lenovo.com","ssreekumar@lenovo.com","sharverm@lenovo.com","ASO","Shilpi Gautam","sgautam2@lenovo.com",null,"S Sreekumar",null,"ssreekumar@lenovo.com","Week_2_Feb_2022","2025-12-17","08:53:00","17.3240184,76.8103406","Jl Technologies",{"$nulls":3},"T3",null,"South1",null,"T-25422","Bidar","Karnataka","Denave",null,"Yes","Face to Face","90XS005JIN",1,"Lenovo","IdeaCentre","IdeaCentre","i3 14100 14th Gen Processor,8Gb Ram ddr5,512Ssd,Windows 11,Wifi,BT, Usb calliope Black, keybord,mouse\t","Win 11","TDT","Mainstream","I3 14100","Consumer",25747,null,"TDT",25747,"South1",30381.46,"",null,"South1","Entry","Mainstream","i3 OS"]
[21780927,"Praveen Kumar","praveen.kumar2@v5global.co.in",7899889998,"V5 Global","BELGUM","V5444243","KARNATAKA","KARNATAKA",null,"V5 Global",null,null,"M Bhaskar Gowda","bhaskar.gowda@v5global.co.in",null,"South1",null,"External Consumer","ASO","V5 Global ASO",null,"FT",null,"ASO",null,"Riyaz Khan","Prakash Kumar K P",null,"S Sreekumar","Sharad verma","prakash.kp@v5global.co.in","prakash.kp@v5global.co.in","rhospet@lenovo.com","ssreekumar@lenovo.com","sharverm@lenovo.com","ASO","Shilpi Gautam","sgautam2@lenovo.com",null,"S Sreekumar",null,"ssreekumar@lenovo.com","Week_2_Feb_2022","2025-12-17","09:06:00","17.3240072,76.8103209","MS Graphics",{"$nulls":3},"T3",null,"South1",null,"T-22744","Bidar","Karnataka","Denave",null,"Yes","Face to Face","90SM00FXIN",1,"Lenovo","IdeaCentre","IdeaCentre 3 07IAB7","DT IC 3 07IAB7 G6900 512G 8G","NA","TDT","Entry","CELERON G6900","Consumer",21990,null,"TDT",21990,"South1",25948.199999999997,"",null,"South1","Entry","Entry","AMD/Cel/PQC"]
[21781012,"Pankaj Kumar","pankaj.kumar@v5global.co.in",8340543380,"V5 Global","Patna",601177,"Bihar","Bihar",null,"V5 Global",null,null,"Shivam Kumar","shivam.kumar@v5global.co.in",null,"East2",null,"External Consumer","ASO","V5 Global ASO",null,"FT",null,"ASO",null,"Krishna Kumar Singh","Imam Hassan",null,"Rajender Negi","Raghavendra Araveeti","imam.hassan@v5global.co.in","imam.hassan@v5global.co.in","ksingh25@lenovo.com","rnegi@lenovo.com","raraveeti@lenovo.com","ASO","Shilpi Gautam","sgautam2@lenovo.com",null,"Rajender Negi",null,"rnegi@lenovo.com",null,"2025-12-17","09:16:00","25.6174912,85.0924933","Computer Mall",{"$nulls":3},"T3","10BHEPK5562P2Z4","East2",null,"T-2173","Patna","Bihar","V5 Global",null,"Yes","Face to Face","83ER00MCIN",1,"Lenovo","Ideapad","Slim 3","Lenovo IdeaPad Slim 3 12th Gen Intel Core i5-12450H 15\" (39.6cm) FHD IPS 300 Nits Thin & Light Laptop (16GB/512GB SSD/Win 11/MSO","Win 11","Thin & Light","Mainstream","i5 12th Gen","Consumer",41000,null,"NB",41000,"East2",48380,"",null,"East2","Mainstream","Mainstream","-"]
[21781081,"Pankaj Kumar","pankaj.kumar@v5global.co.in",8340543380,"V5 Global","Patna",601177,"Bihar","Bihar",null,"V5 Global",null,null,"Shivam Kumar","shivam.kumar@v5global.co.in",null,"East2",null,"External Consumer","ASO","V5 Global ASO",null,"FT",null,"ASO",null,"Krishna Kumar Singh","Imam Hassan",null,"Rajender Negi","Raghavendra Araveeti","imam.hassan@v5global.co.in","imam.hassan@v5global.co.in","ksingh25@lenovo.com","rnegi@lenovo.com","raraveeti@lenovo.com","ASO","Shilpi Gautam","sgautam2@lenovo.com",null,"Rajender Negi",null,"rnegi@lenovo.com",null,"2025-12-17","09:28:00","25.6175397,85.0924793","Computer Mall",{"$nulls":3},"T3","10BHEPK5562P2Z4","East2",null,"T-2173","Patna","Bihar","V5 Global",null,"Yes","Face to Face","GX20P92532",10,"Lenovo","AC Adapter","Power","Lenovo 65W AC USB C Adapter(IN)","NA","Accessories","NA","NA","Accessories",2690,null,null,26900,"East2",3174.2,"",null,"East2","NA","NA","-"]
[21781105,"Pankaj Kumar","pankaj.kumar@v5global.co.in",8340543380,"V5 Global","Patna",601177,"Bihar","Bihar",null,"V5 Global",null,null,"Shivam Kumar","shivam.kumar@v5global.co.in",null,"East2",null,"External Consumer","ASO","V5 Global ASO",null,"FT",null,"ASO",null,"Krishna Kumar Singh","Imam Hassan",null,"Rajender Negi","Raghavendra Araveeti","imam.hassan@v5global.co.in","imam.hassan@v5global.co.in","ksingh25@lenovo.com","rnegi@lenovo.com","raraveeti@lenovo.com","ASO","Shilpi Gautam","sgautam2@lenovo.com",null,"Rajender Negi",null,"rnegi@lenovo.com",null,"2025-12-17","09:33:00","25.6174954,85.0924787","Continental Infotech",{"$nulls":3},"T3","10AOEPK6049M1ZX","East2",null,"T-2162","Patna","Bihar","V5 Global",null,"Yes","Face to Face","F0HN00PGIN",1,"Lenovo","AIO","AIO i-24IRH9","i3-1315U-8-512-UHD-W11-O24-23.80","Win 11","AIO","Mainstream","i3-1315U","Consumer",57990,null,"AIO",57990,"East2",68428.2,"",null,"East2","Premium","Mainstream","i3 OS"]
[21781808,"Vishal Jaiswal","vishal.jaiswal@v5global.co.in",9369840011,"V5 Global","Kanpur","V5266996","Uttar Pradesh","Uttar Pradesh",null,"V5 Global",null,null,"Mohammad Atif","mohammad.atif@v5global.co.in",null,"North2",null,"External Consumer","ASO","V5 Global ASO",null,"FT",null,"ASO",null,"Rahul Sarin","Rahil Rasheed",null,"Durgendra Singh","Raghavendra Araveeti","rahil.rasheed@v5global.co.in","rahil.rasheed@v5global.co.in","rsarin2@lenovo.com","dsingh1@lenovo.com","raraveeti@lenovo.com","ASO","Shilpi Gautam","sgautam2@lenovo.com",null,"Durgendra Singh",null,"dsingh1@lenovo.com",null,"2025-12-17","10:34:00","26.4616215,80.3560928","G.S Electro World",{"$nulls":3},"T3",null,"North2",null,"T-23415","Kanpur","Uttar Pradesh","V5 Global",null,"Yes","Face to Face","82R400XSIN",1,"Lenovo","Ideapad","Ideapad","\"Ryzenâ„¢ 5 5500U 6C 8GB RAM 512GB SSD Windows11 MS Office H&S 2024  Integrated AMD Radeon  Graphics  15.6\"\" FHD TN 220nits AG 720","Win 11","Thin & Light","Entry","Amd Ryzen 5 5500U","Consumer",29407,null,"NB",29407,"North2",34700.259999999995,"",null,"North2","Entry","Entry","-"]
[21781875,"Vishal Jaiswal","vishal.jaiswal@v5global.co.in",9369840011,"V5 Global","Kanpur","V5266996","Uttar Pradesh","Uttar Pradesh",null,"V5 Global",null,null,"Mohammad Atif","mohammad.atif@v5global.co.in",null,"North2",null,"External Consumer","ASO","V5 Global ASO",null,"FT",null,"ASO",null,"Rahul Sarin","Rahil Rasheed",null,"Durgendra Singh","Raghavendra Araveeti","rahil.rasheed@v5global.co.in","rahil.rasheed@v5global.co.in","rsarin2@lenovo.com","dsingh1@lenovo.com","raraveeti@lenovo.com","ASO","Shilpi Gautam","sgautam2@lenovo.com",null,"Durgendra Singh",null,"dsingh1@lenovo.com",null,"2025-12-17","10:35:00","26.4616054,80.3560918","Bala Ji Computer",{"$nulls":3},"T3",null,"North2",null,"T-23405","Kanpur","Uttar Pradesh","V5 Global",null,"Yes","Face to Face","83K100C6IN",1,"Lenovo","Ideapad","Slim 3","IntelÂ® Coreâ„¢ i5-13420H, 8C (4P + 4E) / 12T, P-core 2.1 / 4.6GHz, E-core 1.5 / 3.4GHz, 12MB,8GB Soldered DDR5-4800 + 8GB SO-DIMM ","Win 11","Thin & Light","Mainstream","i5-13420H","Consumer",46000,null,"NB",46000,"North2",54280,"",null,"North2","Mainstream","Premium","-"]
[21782430,"Vinod Kumar","vinod.kumar@v5global.co.in",9911547614,"V5 Global","Delhi","V5265873","Delhi","Delhi",null,"V5 Global",null,null,"Chetan Mehta","Chetan.mehta@v5global.co.in",null,"North1",null,"External Consumer","ASO","V5 Global ASO",null,"FT",null,"ASO",null,"Kanwaldeep Singh","Gaurav Sharma",null,"Kumar Tanksale","Raghavendra Araveeti","gaurav.sharma@v5global.co.in","gaurav.sharma@v5global.co.in","ksingh15@lenovo.com","ktanksale1@lenovo.com","raraveeti@lenovo.com","ASO","Shilpi Gautam","sgautam2@lenovo.com",null,"Kumar Tanksale",null,"ktanksale1@lenovo.com",null,"2025-12-17","10:58:00","28.7046833,77.1678433","Easy Link",{"$nulls":3},"T3",null,"North1",null,"T-3634","New Delhi","New Delhi","Denave",null,"Yes","Telephonic","83KX004RIN",1,"Lenovo","Ideapad 5","2 in 1","Lenovo IP 5 2in1(Ci7-13620H/16GB /512SSD/W11+MSO/14\"WUXGA T /1yr)Gry-83KX004RIN","Win 11","Convertible ","Premium","YX0CXZ69","Consumer",85500,null,"NB",85500,"North1",100890,"SP","Non-Gaming","North1","Premium","Premium","Slim 5/Slim 5 Pro"]
[21786882,"Ashwani Kumar","ashwani.kumar@v5global.co.in",7827383769,"V5 Global","Delhi","V5262001","Delhi","Delhi",null,"V5 Global",null,null,"Mohd Asif","mohd.asif@v5global.co.in",null,"North1",null,"External Consumer","ASO","V5 Global ASO",null,"FT",null,"ASO",null,"Kanwaldeep Singh","Gaurav Sharma",null,"Kumar Tanksale","Raghavendra Araveeti","gaurav.sharma@v5global.co.in","gaurav.sharma@v5global.co.in","ksingh15@lenovo.com","ktanksale1@lenovo.com","raraveeti@lenovo.com","ASO","Shilpi Gautam","sgautam2@lenovo.com",null,"Kumar Tanksale",null,"ktanksale1@lenovo.com",null,"2025-12-17","13:50:00","28.5486165,77.2515771","TAB ENTERPRISES",{"$nulls":3},"T3","07AFBPJ4272M1ZA","North1",null,"T-3801","New Delhi","New Delhi","V5 Global",null,"Yes","Face to Face","83K100TDIN",3,"Lenovo","Ideapad","Slim 3","CI7-13620H/16GB/1TB/WIN11/OFFICE2024/ 15.3 WUXG","Win 11","Thin & Light","Mainstream","C I7-13620H","Consumer",69000,null,"NB",207000,"North1",81420,"SP","Non-Gaming","North1","Premium","Premium","-"]
[21786104,"Fakhruddin Hussain Bakar Hussain Ansari","fakhruddin.ansari@v5global.co.in",8422080080,"V5 Global","Mumbai","V5481811","Maharashtra","Maharashtra",null,"V5 Global",null,null,"Muffazal Momin","muffazal.momin@v5global.co.in",null,"West1",null,"External Consumer","ASO","V5 Global ASO",null,"FT",null,"ASO",null,"Amit Tiwari","Yunus Hamid Mansoori",null,"Hemant C Baghel","Sharad verma","yunus.hamid@v5global.co.in","yunus.hamid@v5global.co.in","atiwari5@lenovo.com","hbaghel@lenovo.com","sharverm@lenovo.com","ASO","Shilpi Gautam","sgautam2@lenovo.com",null,"Hemant C Baghel",null,"hbaghel@lenovo.com",null,"2025-12-17","15:33:00","19.0802478,72.8963296","SB ELECTRONICS",{"$nulls":3},"T3","24BQIPM9911R1Z2","West1",null,"T-11199","Mumbai","Maharashtra","V5 Global",null,"Yes","Face to Face","82ER00MCIN",1,"Lenovo","Ideapad","Slim 3","15.6\" (39.62cm) FHD / 16 GB DDR5 RAM / 512 GB SSD/ARCTIC GREY/\t","Win 11","Thin & Light","Mainstream","Core i5 12th Gen","Consumer",53000,null,"NB",53000,"West1",62540,"",null,"West1 M","Mainstream","Mainstream","NA"]
[21786205,"Ishan Modha","ishan.modha@v5global.co.in",6352456143,"V5 Global","Ahmedabad",601140,"Gujarat","Gujarat",null,"V5 Global",null,null,"Darshan Shah","darshan.shah@v5global.co.in",null,"West1",null,"External Consumer","ASO","V5 Global ASO",null,"FT",null,"ASO",null,"Jaydip Kachhot","Yunus Hamid Mansoori",null,"Hemant C Baghel","Sharad verma","yunus.hamid@v5global.co.in","yunus.hamid@v5global.co.in","jkachhot@lenovo.com","hbaghel@lenovo.com","sharverm@lenovo.com","ASO","Shilpi Gautam","sgautam2@lenovo.com",null,"Hemant C Baghel",null,"hbaghel@lenovo.com",null,"2025-12-17","15:52:00","22.3007582,70.7790219","KAI COMPUTECH",{"$nulls":3},"T3","24AMKPR1816K1ZU","West2",null,"T-14068","Junagadh","Gujarat",null,null,"Yes","Face to Face","F0J6005GIN",1,"Lenovo","AIO","A100","IntelÂ® Coreâ„¢ i3-N305/8GB SO-DIMM DDR4-3200/512GB SSD/Integrated IntelÂ® UHD Graphics/WindowsÂ® 11,Cloud Grey","Win 11","AIO","Mainstream","IntelÂ® Coreâ„¢ i3-N305","Consumer",49000,null,"AIO",49000,"West1",57820,"",null,"West1 M","Mainstream","Mainstream","i3 OS"]
[21787210,"Ashwani Kumar","ashwani.kumar@v5global.co.in",7827383769,"V5 Global","Delhi","V5262001","Delhi","Delhi",null,"V5 Global",null,null,"Mohd Asif","mohd.asif@v5global.co.in",null,"North1",null,"External Consumer","ASO","V5 Global ASO",null,"FT",null,"ASO",null,"Kanwaldeep Singh","Gaurav Sharma",null,"Kumar Tanksale","Raghavendra Araveeti","gaurav.sharma@v5global.co.in","gaurav.sharma@v5global.co.in","ksingh15@lenovo.com","ktanksale1@lenovo.com","raraveeti@lenovo.com","ASO","Shilpi Gautam","sgautam2@lenovo.com",null,"Kumar Tanksale",null,"ktanksale1@lenovo.com",null,"2025-12-17","18:52:00","28.5485971,77.2515815","TIMES IT SOLUTIONS",{"$nulls":3},"T3","07ADKPK0524A1Z6","North1",null,"T-3812","New Delhi","New Delhi","V5 Global",null,"Yes","Face to Face","90XS005PIN",1,"Lenovo","IdeaCentre","IdeaCentre","IntelÂ® Coreâ„¢ i3-14100 4C, 8GB DDR5/512 SSD/ WiFi 6 + BT 5.2/ 260W/ SFF 8.2Lt / Wired KeyBoard & Mouse /Win 11 Home/1 Yr Onsite","Win 11","TDT","Entry","IntelÂ® Coreâ„¢ i3-14100","Consumer",31500,null,"TDT",31500,"North1",37170,"",null,"North1","Entry","Entry","i3 OS"]
[21787253,"Amarnath Gopinath Sapkal","amarnath.sapkal@v5global.co.in",9156715111,"V5 Global","Sangli","V5477540","Maharashtra","Maharashtra",null,"V5 Global",null,null,"Aparajitaa Lakhani","aparajita.lakhani@v5global.co.in",null,"West1",null,"External Consumer","ASO","V5 Global ASO",null,"FT",null,"ASO",null,"Rajeev Jha","TBH",null,"Hemant C Baghel","Sharad verma",null,null,"rjha3@lenovo.com","hbaghel@lenovo.com","sharverm@lenovo.com","ASO","Shilpi Gautam","sgautam2@lenovo.com",null,"Hemant C Baghel",null,"hbaghel@lenovo.com",null,"2025-12-17","18:57:00","17.2834362,74.1815832","Computer Planet",{"$nulls":3},"T3","2ZBKDPP7834F1ZX","West1",null,"T-19730","Satara","Maharashtra","V5 Global",null,"Yes","Face to Face","GY51L52636",20,"Lenovo","Wired mouse","Input","Lenovo 120 Wired Mouse","NA","Accessories","NA","NA","Accessories",259,null,null,5180,"West1",305.62,"",null,"West1 R","NA","NA","-"]
[21787253,"Amarnath Gopinath Sapkal","amarnath.sapkal@v5global.co.in",9156715111,"V5 Global","Sangli","V5477540","Maharashtra","Maharashtra",null,"V5 Global",null,null,"Aparajitaa Lakhani","aparajita.lakhani@v5global.co.in",null,"West1",null,"External Consumer","ASO","V5 Global ASO",null,"FT",null,"ASO",null,"Rajeev Jha","TBH",null,"Hemant C Baghel","Sharad verma",null,null,"rjha3@lenovo.com","hbaghel@lenovo.com","sharverm@lenovo.com","ASO","Shilpi Gautam","sgautam2@lenovo.com",null,"Hemant C Baghel",null,"hbaghel@lenovo.com",null,"2025-12-17","18:57:00","17.2834362,74.1815832","Computer Planet",{"$nulls":3},"T3","2ZBKDPP7834F1ZX","West1",null,"T-19730","Satara","Maharashtra","V5 Global",null,"Yes","Face to Face","GXC1B34793",1,"Lenovo","Webcam","Webcam","Lenovo 300 FHD Webcam/Warranty - 1 Year","NA","Accessories","NA","NA","Accessories",3010,null,null,3010,"West1",3551.7999999999997,"",null,"West1 R","NA","NA","-"]
[21787708,"Pran Pratap Singh","pran.singh@v5global.co.in",9001585718,"V5 Global","Jaipur","V5459442","Jaipur","Rajasthan",null,"V5 Global",null,null,"Gourav Jain","gourav.jain@v5global.co.in",null,"North1",null,"External Consumer","ASO","V5 Global ASO",null,"FT",null,"ASO",null,"Ganga Singh","Gaurav Sharma",null,"Kumar Tanksale","Raghavendra Araveeti","gaurav.sharma@v5global.co.in","gaurav.sharma@v5global.co.in","gsingh24@lenovo.com","ktanksale1@lenovo.com","raraveeti@lenovo.com","ASO","Shilpi Gautam","sgautam2@lenovo.com",null,"Kumar Tanksale",null,"ktanksale1@lenovo.com",null,"2025-12-17","19:51:00","26.9378367,75.8930283","BBCC IT",{"$nulls":3},"T3",null,"West2",null,"T-28154","Bhiwadi","Rajasthan","Denave",null,"Yes","Telephonic","82LX00F7IN",8,"Lenovo","Ideapad","Slim 1","LEN N4500 8GB 512GB SSD WIN11  1YR","Win 11","Thin & Light","Entry","N4500","Consumer",25900,null,"NB",207200,"North1",30562,"",null,"North1","Entry","Entry","-"]
[21787838,"Sumit Singh","sumit.singh@v5global.co.in",8963848967,"V5 Global","Mumbai","V5266119","Maharashtra","Maharashtra",null,"V5 Global",null,null,"Muffazal Momin","muffazal.momin@v5global.co.in",null,"West1",null,"External Consumer","ASO","V5 Global ASO",null,"FT",null,"ASO",null,"Amit Tiwari","Yunus Hamid Mansoori",null,"Hemant C Baghel","Sharad verma","yunus.hamid@v5global.co.in","yunus.hamid@v5global.co.in","atiwari5@lenovo.com","hbaghel@lenovo.com","sharverm@lenovo.com","ASO","Shilpi Gautam","sgautam2@lenovo.com",null,"Hemant C Baghel",null,"hbaghel@lenovo.com",null,"2025-12-17","20:01:00","19.1269945,72.9276104","Ultimate It Solution",{"$nulls":3},"T3",null,"West1",null,"T-22382","Mumbai","Maharashtra","V5 Global",null,"Yes","Telephonic","82R4011NIN",10,"Lenovo","IDEA PAD SLIM1","IDEA PAD SLIM1","R5 /5500U/8 GB RAM/512 TB SSD/INT.","WIn 11","Thin & Light","Mainstream","R5","Consumer",35000,null,"NB",350000,"West1",41300,"",null,"West1 M","Mainstream","Entry","-"]
[21788131,"Sudam Pradhan","sudam.pradhan@v5global.co.in",8600840554,"V5 Global","Bilaspur","V5414474","Chhattisgarh","Chhattisgarh",null,"V5 Global",null,null,"Mohmmad Abrar Khan","abrar.khan@v5global.co.in",null,"North2",null,"External Consumer","ASO","V5 Global ASO",null,"FT",null,"ASO",null,"Krishna Kumar Singh","Rahil Rasheed",null,"Rajender Negi","Raghavendra Araveeti","rahil.rasheed@v5global.co.in","rahil.rasheed@v5global.co.in","ksingh25@lenovo.com","rnegi@lenovo.com","raraveeti@lenovo.com","ASO","Shilpi Gautam","sgautam2@lenovo.com",null,"Rajender Negi",null,"rnegi@lenovo.com",null,"2025-12-17","20:24:00","21.2215703,81.6243788","HARSH ENTERPRISES",{"$nulls":3},"T3","22ACIPA0172D1ZI","East2",null,"T-15810","Pathalgoan","Chattisgarh","V5 Global",null,"Yes","Face to Face","90XW0022IN",2,"Lenovo","IdeaCentre","IdeaCentre 3","Intel Core i7-13620H,10C SFF 7.4 Lt,8 GB DDR4 ,512 GB SSD","DOS","TDT","Mainstream","Intel Core i7-13620H","Consumer",55000,null,"TDT",110000,"North2",64900,"",null,"North2","Mainstream","Mainstream","-"]
[21788150,"Sudam Pradhan","sudam.pradhan@v5global.co.in",8600840554,"V5 Global","Bilaspur","V5414474","Chhattisgarh","Chhattisgarh",null,"V5 Global",null,null,"Mohmmad Abrar Khan","abrar.khan@v5global.co.in",null,"North2",null,"External Consumer","ASO","V5 Global ASO",null,"FT",null,"ASO",null,"Krishna Kumar Singh","Rahil Rasheed",null,"Rajender Negi","Raghavendra Araveeti","rahil.rasheed@v5global.co.in","rahil.rasheed@v5global.co.in","ksingh25@lenovo.com","rnegi@lenovo.com","raraveeti@lenovo.com","ASO","Shilpi Gautam","sgautam2@lenovo.com",null,"Rajender Negi",null,"rnegi@lenovo.com",null,"2025-12-17","20:25:00","21.2215784,81.6243906","DEEPAK COMPUTER",{"$nulls":3},"T3","22CUSPK6699H1ZV","East2",null,"T-15745","Janjgir","Chattisgarh","V5 Global",null,"Yes","Face to Face","90XS005PIN",2,"Lenovo","IdeaCentre","IdeaCentre","IntelÂ® Coreâ„¢ i3-14100 4C, 8GB DDR5/512 SSD/ WiFi 6 + BT 5.2/ 260W/ SFF 8.2Lt / Wired KeyBoard & Mouse /Win 11 Home/1 Yr Onsite","Win 11","TDT","Entry","IntelÂ® Coreâ„¢ i3-14100","Consumer",31500,null,"TDT",63000,"North2",37170,"",null,"North2","Entry","Entry","i3 OS"]
[21788771,"Surjeet Kumar","surjeet.kumar@v5global.co.in",7004963220,"V5 Global","Muzaffarpur","V5339429","Bihar","Bihar",null,"V5 Global",null,null,"Shivam Kumar","shivam.kumar@v5global.co.in",null,"East2",null,"External Consumer","ASO","V5 Global ASO",null,"FT",null,"ASO",null,"Krishna Kumar Singh","Imam Hassan",null,"Rajender Negi","Raghavendra Araveeti","imam.hassan@v5global.co.in","imam.hassan@v5global.co.in","ksingh25@lenovo.com","rnegi@lenovo.com","raraveeti@lenovo.com","ASO","Shilpi Gautam","sgautam2@lenovo.com",null,"Rajender Negi",null,"rnegi@lenovo.com",null,"2025-12-17","21:19:00","26.1232315,85.3846965","Sri ganpati computer",{"$nulls":3},"T3","10AHSPK5985F1Z2","East2",null,"T-2065","East Champaran","Bihar","V5 Global",null,"Yes","Face to Face","82X700HMIN",2,"Lenovo","IdeaPad Slim 3","Slim 3","15.6\", 8GB, 512GB, Integrated Intel UHD Graphics, Office Home 2024, Arctic Grey\t","Win 11","Thin & Light","Mainstream","Intel Core i3-1315U\t","Consumer",41000,null,"NB",82000,"East2",48380,"",null,"East2","Mainstream","Mainstream","i3 OS"]
[21788799,"Surjeet Kumar","surjeet.kumar@v5global.co.in",7004963220,"V5 Global","Muzaffarpur","V5339429","Bihar","Bihar",null,"V5 Global",null,null,"Shivam Kumar","shivam.kumar@v5global.co.in",null,"East2",null,"External Consumer","ASO","V5 Global ASO",null,"FT",null,"ASO",null,"Krishna Kumar Singh","Imam Hassan",null,"Rajender Negi","Raghavendra Araveeti","imam.hassan@v5global.co.in","imam.hassan@v5global.co.in","ksingh25@lenovo.com","rnegi@lenovo.com","raraveeti@lenovo.com","ASO","Shilpi Gautam","sgautam2@lenovo.com",null,"Rajender Negi",null,"rnegi@lenovo.com",null,"2025-12-17","21:22:00","26.1233336,85.3849546","Keshari Computer",{"$nulls":3},"T3","10ERJPK9412A1ZA","East2",null,"T-30987","Begusaria","Bihar","V5 Global",null,"Yes","Face to Face","67D5KAC6IN",2,"Lenovo","L22-4E","L Series","LEN L22-4E 21.5 IPS  BLACK 100HZ","NA","Visual Variants","Mainstream","NA","Visuals",5331,null,null,10662,"East2",6290.58,"",null,"East2","Mainstream","Mainstream","-"]
[21788991,"Pran Pratap Singh","pran.singh@v5global.co.in",9001585718,"V5 Global","Jaipur","V5459442","Jaipur","Rajasthan",null,"V5 Global",null,null,"Gourav Jain","gourav.jain@v5global.co.in",null,"North1",null,"External Consumer","ASO","V5 Global ASO",null,"FT",null,"ASO",null,"Ganga Singh","Gaurav Sharma",null,"Kumar Tanksale","Raghavendra Araveeti","gaurav.sharma@v5global.co.in","gaurav.sharma@v5global.co.in","gsingh24@lenovo.com","ktanksale1@lenovo.com","raraveeti@lenovo.com","ASO","Shilpi Gautam","sgautam2@lenovo.com",null,"Kumar Tanksale",null,"ktanksale1@lenovo.com",null,"2025-12-17","21:37:00","26.9377633,75.892925","SHREE MANGALAM COMPUTERS & COMMUNICATION",{"$nulls":3},"T3",null,"North1",null,"T-15689","Jaipur","Rajasthan","V5 Global",null,"Yes","Telephonic","83K100C9IN",1,"Lenovo","Slim 3","IdeaPad Slim 3 15IRH10","NB IP Slim 3 15IRH10 I7 8G 8G 512G 11S","Win 11","Thin & Light","Mainstream","i7 13620H","Consumer",64700,null,"NB",64700,"North1",76346,"SP","Non-Gaming","North1","Premium","Premium","-"]
[21789080,"Pran Pratap Singh","pran.singh@v5global.co.in",9001585718,"V5 Global","Jaipur","V5459442","Jaipur","Rajasthan",null,"V5 Global",null,null,"Gourav Jain","gourav.jain@v5global.co.in",null,"North1",null,"External Consumer","ASO","V5 Global ASO",null,"FT",null,"ASO",null,"Ganga Singh","Gaurav Sharma",null,"Kumar Tanksale","Raghavendra Araveeti","gaurav.sharma@v5global.co.in","gaurav.sharma@v5global.co.in","gsingh24@lenovo.com","ktanksale1@lenovo.com","raraveeti@lenovo.com","ASO","Shilpi Gautam","sgautam2@lenovo.com",null,"Kumar Tanksale",null,"ktanksale1@lenovo.com",null,"2025-12-17","21:44:00","26.9378083,75.892905","P.C. COMMUNICATIONS",{"$nulls":3},"T3",null,"North1",null,"T-15677","Jaipur","Rajasthan","V5 Global",null,"Yes","Telephonic","83K100TEIN",1,"Lenovo","Ideapad","Slim 3","CI7-13620H/24GB/1TB/WIN11/OFFICE2024/ 15.3 WUXG","Win 11","Thin & Light","Mainstream","C I7-13620HH","Consumer",71000,null,"NB",71000,"North1",83780,"SP","Non-Gaming","North1","Premium","Premium","-"]
[21789510,"Dharmaraja Ayyakutty","dharmaraja.ayyakutty@v5global.co.in",9345577776,"V5 Global","MADURAI","V5431236","TAMIL NADU","TAMIL NADU","-","V5 Global",null,null,"Prabhakaran A","prabhakaran@v5global.co.in",null,"South2",null,"External Consumer","ASO","V5 Global ASO",null,"FT",null,"ASO",null,"Sridhar Ethirajulu","S.Arunbabu",null,"Prabhu Subaramanian","Sharad verma","arun.babu@v5global.co.in","arun.babu@v5global.co.in","sethirajulu1@lenovo.com","psubramania4@lenovo.com","sharverm@lenovo.com","ASO","Shilpi Gautam","sgautam2@lenovo.com",null,"Prabhu Subaramanian",null,"psubramania4@lenovo.com",null,"2025-12-17","22:54:00","10.013054,77.9705604","VN INFOTECH",{"$nulls":3},"T3","33ASWPV3256H1Z4","South2",null,"T-10081","Madurai","Tamil Nadu",null,null,"Yes","Face to Face","90XS005JIN",1,"Lenovo","IdeaCentre","IdeaCentre","i3 14100 14th Gen Processor,8Gb Ram ddr5,512Ssd,Windows 11,Wifi,BT, Usb calliope Black, keybord,mouse\t","Win 11","TDT","Mainstream","I3 14100","Consumer",25747,null,"TDT",25747,"South2",30381.46,"",null,"South2","Entry","Mainstream","i3 OS"]
[21789518,"Dharmaraja Ayyakutty","dharmaraja.ayyakutty@v5global.co.in",9345577776,"V5 Global","MADURAI","V5431236","TAMIL NADU","TAMIL NADU","-","V5 Global",null,null,"Prabhakaran A","prabhakaran@v5global.co.in",null,"South2",null,"External Consumer","ASO","V5 Global ASO",null,"FT",null,"ASO",null,"Sridhar Ethirajulu","S.Arunbabu",null,"Prabhu Subaramanian","Sharad verma","arun.babu@v5global.co.in","arun.babu@v5global.co.in","sethirajulu1@lenovo.com","psubramania4@lenovo.com","sharverm@lenovo.com","ASO","Shilpi Gautam","sgautam2@lenovo.com",null,"Prabhu Subaramanian",null,"psubramania4@lenovo.com",null,"2025-12-17","22:55:00","10.0130735,77.970585","Veecare Sytems",{"$nulls":3},"T3","33AVWPS5764Q1Z9","South2",null,"T-10045","Madurai","Tamil Nadu","V5 Global",null,"Yes","Face to Face","83K100CAIN",1,"Lenovo","Ideapad","Slim 3","NB IP Slim 3 15IRH10 I5 8G 512G 11S","Win 11","Thin & Light","Premium","i5 13420H/8GB/512GB SSD","Consumer",56251,null,"NB",56251,"South2",66376.18,"",null,"South2","Premium","Mainstream","-"]
[21789540,"Dharmaraja Ayyakutty","dharmaraja.ayyakutty@v5global.co.in",9345577776,"V5 Global","MADURAI","V5431236","TAMIL NADU","TAMIL NADU","-","V5 Global",null,null,"Prabhakaran A","prabhakaran@v5global.co.in",null,"South2",null,"External Consumer","ASO","V5 Global ASO",null,"FT",null,"ASO",null,"Sridhar Ethirajulu","S.Arunbabu",null,"Prabhu Subaramanian","Sharad verma","arun.babu@v5global.co.in","arun.babu@v5global.co.in","sethirajulu1@lenovo.com","psubramania4@lenovo.com","sharverm@lenovo.com","ASO","Shilpi Gautam","sgautam2@lenovo.com",null,"Prabhu Subaramanian",null,"psubramania4@lenovo.com",null,"2025-12-17","22:57:00","10.013111,77.9705547","Sneham Systems",{"$nulls":3},"T3","33ABHFS1133Q1ZZ","South2",null,"T-9832","Madurai","Tamil Nadu","V5 Global",null,"Yes","Face to Face","82R4011PIN",3,"Lenovo","IdeaPad","IdeaPad 1 15ALC7","AMD Ryzenâ„¢ 5 5500U , Integrated AMD Radeonâ„¢ Graphics, 8GB , 512 GB SSD, 15.6\" FHD (1920x1080) IPS 250nits Anti-glare, 1.61 kg, C","Win 11","Thin & Light","Mainstream","AMD Ryzenâ„¢ 5 5500U","Consumer",35259,null,"NB",105777,"South2",41605.619999999995,"",null,"South2","Mainstream","Entry","-"]
[21789540,"Dharmaraja Ayyakutty","dharmaraja.ayyakutty@v5global.co.in",9345577776,"V5 Global","MADURAI","V5431236","TAMIL NADU","TAMIL NADU","-","V5 Global",null,null,"Prabhakaran A","prabhakaran@v5global.co.in",null,"South2",null,"External Consumer","ASO","V5 Global ASO",null,"FT",null,"ASO",null,"Sridhar Ethirajulu","S.Arunbabu",null,"Prabhu Subaramanian","Sharad verma","arun.babu@v5global.co.in","arun.babu@v5global.co.in","sethirajulu1@lenovo.com","psubramania4@lenovo.com","sharverm@lenovo.com","ASO","Shilpi Gautam","sgautam2@lenovo.com",null,"Prabhu Subaramanian",null,"psubramania4@lenovo.com",null,"2025-12-17","22:57:00","10.013111,77.9705547","Sneham Systems",{"$nulls":3},"T3","33ABHFS1133Q1ZZ","South2",null,"T-9832","Madurai","Tamil Nadu","V5 Global",null,"Yes","Face to Face","82LX00F7IN",5,"Lenovo","Ideapad","Slim 1","LEN N4500 8GB 512GB SSD WIN11  1YR","Win 11","Thin & Light","Entry","N4500","Consumer",25900,null,"NB",129500,"South2",30562,"",null,"South2","Entry","Entry","-"]
[21789560,"Chetti Srinivas","chetti.srinivas1@v5global.co.in",9515976797,"V5 Global","Hyderabad",601126,"TELANGANA","Telangana",null,"V5 Global",null,null,"Mohammed Ibrahim","mohammed.ibrahim@v5global.co.in",null,"South2",null,"External Consumer","ASO","V5 Global ASO",null,"FT",null,"ASO",null,"Santosh Singh","S.Arunbabu",null,"Prabhu Subaramanian","Sharad verma","arun.babu@v5global.co.in","arun.babu@v5global.co.in","ssingh9@lenovo.com","psubramania4@lenovo.com","sharverm@lenovo.com","ASO","Shilpi Gautam","sgautam2@lenovo.com",null,"Prabhu Subaramanian",null,"psubramania4@lenovo.com",null,"2025-12-17","23:04:00","17.4137845,78.5660817","PL COMPUTERS",{"$nulls":3},"T3","36ABZPJ3472B1ZG","South2",null,"T-10655","Hyderabad","Telangana","V5 Global",null,"Yes","Face to Face","F0HN00PGIN",1,"Lenovo","AIO","AIO i-24IRH9","i3-1315U-8-512-UHD-W11-O24-23.80","Win 11","AIO","Mainstream","i3-1315U","Consumer",57990,null,"AIO",57990,"South2",68428.2,"",null,"South2","Premium","Mainstream","i3 OS"]
[21789666,"Saurav Kumar","saurav.kumar@v5global.co.in",9798375154,"V5 Global","Ranchi",601537,"Ranchi","Jharkhand",null,"V5 Global",null,null,"Shivam Kumar","shivam.kumar@v5global.co.in",null,"East2",null,"External Consumer","ASO","V5 Global ASO",null,"FT",null,"ASO",null,"Krishna Kumar Singh","Imam Hassan",null,"Rajender Negi","Raghavendra Araveeti","imam.hassan@v5global.co.in","imam.hassan@v5global.co.in","ksingh25@lenovo.com","rnegi@lenovo.com","raraveeti@lenovo.com","ASO","Shilpi Gautam","sgautam2@lenovo.com",null,"Rajender Negi",null,"rnegi@lenovo.com",null,"2025-12-17","23:41:00","23.3519688,85.3230915","Sai E zone",{"$nulls":3},"T3","20BVUPA0744F1Z0","East2",null,"T-2593","Ranchi","Jharkhand",null,null,"Yes","Face to Face","83K100C6IN",1,"Lenovo","Ideapad","Slim 3","IntelÂ® Coreâ„¢ i5-13420H, 8C (4P + 4E) / 12T, P-core 2.1 / 4.6GHz, E-core 1.5 / 3.4GHz, 12MB,8GB Soldered DDR5-4800 + 8GB SO-DIMM ","Win 11","Thin & Light","Mainstream","i5-13420H","Consumer",46000,null,"NB",46000,"East2",54280,"",null,"East2","Mainstream","Premium","-"]
[21790470,"ABHILASH DALAVI ","abhilash.dalavi@v5global.co.in",9591852229,"V5 Global","HUBLI","V5320471","Karnataka","Karnataka",null,"V5 Global",null,null,"M Bhaskar Gowda","bhaskar.gowda@v5global.co.in",null,"South1",null,"External Consumer","ASO","V5 Global ASO",null,"FT",null,"ASO",null,"Riyaz Khan","Prakash Kumar K P",null,"S Sreekumar","Sharad verma","prakash.kp@v5global.co.in","prakash.kp@v5global.co.in","rhospet@lenovo.com","ssreekumar@lenovo.com","sharverm@lenovo.com","ASO","Shilpi Gautam","sgautam2@lenovo.com",null,"S Sreekumar",null,"ssreekumar@lenovo.com",null,"2025-12-18","09:54:00","15.3780992,75.1414379","Tolas Electronics",{"$nulls":3},"T3","29AABFT3139Q1ZL","South1",null,"T-7925","Hubli","Karnataka","V5 Global","V5 Global","Yes","Face to Face","F0HN00PGIN",1,"Lenovo","AIO","AIO i-24IRH9","i3-1315U-8-512-UHD-W11-O24-23.80","Win 11","AIO","Mainstream","i3-1315U","Consumer",57990,null,"AIO",57990,"South1",68428.2,"",null,"South1","Premium","Mainstream","i3 OS"]
[21790516,"ABHILASH DALAVI ","abhilash.dalavi@v5global.co.in",9591852229,"V5 Global","HUBLI","V5320471","Karnataka","Karnataka",null,"V5 Global",null,null,"M Bhaskar Gowda","bhaskar.gowda@v5global.co.in",null,"South1",null,"External Consumer","ASO","V5 Global ASO",null,"FT",null,"ASO",null,"Riyaz Khan","Prakash Kumar K P",null,"S Sreekumar","Sharad verma","prakash.kp@v5global.co.in","prakash.kp@v5global.co.in","rhospet@lenovo.com","ssreekumar@lenovo.com","sharverm@lenovo.com","ASO","Shilpi Gautam","sgautam2@lenovo.com",null,"S Sreekumar",null,"ssreekumar@lenovo.com",null,"2025-12-18","09:58:00","15.3781025,75.1414629","Anusha Infotech",{"$nulls":3},"T3","29AAFPY2506C1ZR","South1",null,"T-18944","Hubli","Karnataka",null,null,"Yes","Face to Face","90XS005JIN",1,"Lenovo","IdeaCentre","IdeaCentre","i3 14100 14th Gen Processor,8Gb Ram ddr5,512Ssd,Windows 11,Wifi,BT, Usb calliope Black, keybord,mouse\t","Win 11","TDT","Mainstream","I3 14100","Consumer",25747,null,"TDT",25747,"South1",30381.46,"",null,"South1","Entry","Mainstream","i3 OS"]
[21790549,"ABHILASH DALAVI ","abhilash.dalavi@v5global.co.in",9591852229,"V5 Global","HUBLI","V5320471","Karnataka","Karnataka",null,"V5 Global",null,null,"M Bhaskar Gowda","bhaskar.gowda@v5global.co.in",null,"South1",null,"External Consumer","ASO","V5 Global ASO",null,"FT",null,"ASO",null,"Riyaz Khan","Prakash Kumar K P",null,"S Sreekumar","Sharad verma","prakash.kp@v5global.co.in","prakash.kp@v5global.co.in","rhospet@lenovo.com","ssreekumar@lenovo.com","sharverm@lenovo.com","ASO","Shilpi Gautam","sgautam2@lenovo.com",null,"S Sreekumar",null,"ssreekumar@lenovo.com",null,"2025-12-18","09:59:00","15.3780381,75.1414961","UNIVERSAL COMPUTER",{"$nulls":3},"T3",null,"South1",null,"T-7931","Belgaum","Karnataka",null,null,"Yes","Face to Face","82LX00F7IN",2,"Lenovo","Ideapad","Slim 1","LEN N4500 8GB 512GB SSD WIN11  1YR","Win 11","Thin & Light","Entry","N4500","Consumer",25900,null,"NB",51800,"South1",30562,"",null,"South1","Entry","Entry","-"]
[21791303,"Pankaj Kumar","pankaj.kumar@v5global.co.in",8340543380,"V5 Global","Patna",601177,"Bihar","Bihar",null,"V5 Global",null,null,"Shivam Kumar","shivam.kumar@v5global.co.in",null,"East2",null,"External Consumer","ASO","V5 Global ASO",null,"FT",null,"ASO",null,"Krishna Kumar Singh","Imam Hassan",null,"Rajender Negi","Raghavendra Araveeti","imam.hassan@v5global.co.in","imam.hassan@v5global.co.in","ksingh25@lenovo.com","rnegi@lenovo.com","raraveeti@lenovo.com","ASO","Shilpi Gautam","sgautam2@lenovo.com",null,"Rajender Negi",null,"rnegi@lenovo.com",null,"2025-12-18","10:48:00","25.6174628,85.0924755","India Mobile",{"$nulls":3},"T3","10AHJPA0458J1ZU","East2",null,"T-2404","Jehanabad","Bihar","V5 Global",null,"Yes","Face to Face","GX31L52655",5,"Lenovo","Wired Combo","Input","Lenovo 160 Wired Combo","NA","Accessories","NA","NA","Accessories",999,null,null,4995,"East2",1178.82,"",null,"East2","NA","NA","-"]
[21791325,"Pankaj Kumar","pankaj.kumar@v5global.co.in",8340543380,"V5 Global","Patna",601177,"Bihar","Bihar",null,"V5 Global",null,null,"Shivam Kumar","shivam.kumar@v5global.co.in",null,"East2",null,"External Consumer","ASO","V5 Global ASO",null,"FT",null,"ASO",null,"Krishna Kumar Singh","Imam Hassan",null,"Rajender Negi","Raghavendra Araveeti","imam.hassan@v5global.co.in","imam.hassan@v5global.co.in","ksingh25@lenovo.com","rnegi@lenovo.com","raraveeti@lenovo.com","ASO","Shilpi Gautam","sgautam2@lenovo.com",null,"Rajender Negi",null,"rnegi@lenovo.com",null,"2025-12-18","10:51:00","25.6174876,85.0924615","COMPUTER DUNIYA",{"$nulls":3},"T3","10BSXPS3036A2ZW","East2",null,"T-2418","Rohtas","Bihar","V5 Global",null,"Yes","Face to Face","GX20P92532",5,"Lenovo","AC Adapter","Power","Lenovo 65W AC USB C Adapter(IN)","NA","Accessories","NA","NA","Accessories",2690,null,null,13450,"East2",3174.2,"",null,"East2","NA","NA","-"]
[21791325,"Pankaj Kumar","pankaj.kumar@v5global.co.in",8340543380,"V5 Global","Patna",601177,"Bihar","Bihar",null,"V5 Global",null,null,"Shivam Kumar","shivam.kumar@v5global.co.in",null,"East2",null,"External Consumer","ASO","V5 Global ASO",null,"FT",null,"ASO",null,"Krishna Kumar Singh","Imam Hassan",null,"Rajender Negi","Raghavendra Araveeti","imam.hassan@v5global.co.in","imam.hassan@v5global.co.in","ksingh25@lenovo.com","rnegi@lenovo.com","raraveeti@lenovo.com","ASO","Shilpi Gautam","sgautam2@lenovo.com",null,"Rajender Negi",null,"rnegi@lenovo.com",null,"2025-12-18","10:51:00","25.6174876,85.0924615","COMPUTER DUNIYA",{"$nulls":3},"T3","10BSXPS3036A2ZW","East2",null,"T-2418","Rohtas","Bihar","V5 Global",null,"Yes","Face to Face","GX31L52655",11,"Lenovo","Wired Combo","Input","Lenovo 160 Wired Combo","NA","Accessories","NA","NA","Accessories",999,null,null,10989,"East2",1178.82,"",null,"East2","NA","NA","-"]
[21791421,"Pankaj Kumar","pankaj.kumar@v5global.co.in",8340543380,"V5 Global","Patna",601177,"Bihar","Bihar",null,"V5 Global",null,null,"Shivam Kumar","shivam.kumar@v5global.co.in",null,"East2",null,"External Consumer","ASO","V5 Global ASO",null,"FT",null,"ASO",null,"Krishna Kumar Singh","Imam Hassan",null,"Rajender Negi","Raghavendra Araveeti","imam.hassan@v5global.co.in","imam.hassan@v5global.co.in","ksingh25@lenovo.com","rnegi@lenovo.com","raraveeti@lenovo.com","ASO","Shilpi Gautam","sgautam2@lenovo.com",null,"Rajender Negi",null,"rnegi@lenovo.com",null,"2025-12-18","10:55:00","25.6174756,85.0924593","Vision tech",{"$nulls":3},"T3","10ALHPK8805H1ZB","East2",null,"T-31218","Patna","Bihar","V5 Global",null,"Yes","Face to Face","F0HN00PGIN",1,"Lenovo","AIO","AIO i-24IRH9","i3-1315U-8-512-UHD-W11-O24-23.80","Win 11","AIO","Mainstream","i3-1315U","Consumer",57990,null,"AIO",57990,"East2",68428.2,"",null,"East2","Premium","Mainstream","i3 OS"]
[21791429,"Pankaj Kumar","pankaj.kumar@v5global.co.in",8340543380,"V5 Global","Patna",601177,"Bihar","Bihar",null,"V5 Global",null,null,"Shivam Kumar","shivam.kumar@v5global.co.in",null,"East2",null,"External Consumer","ASO","V5 Global ASO",null,"FT",null,"ASO",null,"Krishna Kumar Singh","Imam Hassan",null,"Rajender Negi","Raghavendra Araveeti","imam.hassan@v5global.co.in","imam.hassan@v5global.co.in","ksingh25@lenovo.com","rnegi@lenovo.com","raraveeti@lenovo.com","ASO","Shilpi Gautam","sgautam2@lenovo.com",null,"Rajender Negi",null,"rnegi@lenovo.com",null,"2025-12-18","10:56:00","25.6174568,85.0924619","The system care",{"$nulls":3},"T3","10AKWPK3806A2ZK","East2",null,"T-31219","Patna","Bihar","V5 Global",null,"Yes","Face to Face","F0HN00PGIN",1,"Lenovo","AIO","AIO i-24IRH9","i3-1315U-8-512-UHD-W11-O24-23.80","Win 11","AIO","Mainstream","i3-1315U","Consumer",57990,null,"AIO",57990,"East2",68428.2,"",null,"East2","Premium","Mainstream","i3 OS"]
[21791435,"Pankaj Kumar","pankaj.kumar@v5global.co.in",8340543380,"V5 Global","Patna",601177,"Bihar","Bihar",null,"V5 Global",null,null,"Shivam Kumar","shivam.kumar@v5global.co.in",null,"East2",null,"External Consumer","ASO","V5 Global ASO",null,"FT",null,"ASO",null,"Krishna Kumar Singh","Imam Hassan",null,"Rajender Negi","Raghavendra Araveeti","imam.hassan@v5global.co.in","imam.hassan@v5global.co.in","ksingh25@lenovo.com","rnegi@lenovo.com","raraveeti@lenovo.com","ASO","Shilpi Gautam","sgautam2@lenovo.com",null,"Rajender Negi",null,"rnegi@lenovo.com",null,"2025-12-18","10:56:00","25.6174464,85.0924566","Super computer",{"$nulls":3},"T3","10AIHPM9791R1ZF","East2",null,"T-31220","Patna","Bihar","V5 Global",null,"Yes","Face to Face","F0HN00PGIN",1,"Lenovo","AIO","AIO i-24IRH9","i3-1315U-8-512-UHD-W11-O24-23.80","Win 11","AIO","Mainstream","i3-1315U","Consumer",57990,null,"AIO",57990,"East2",68428.2,"",null,"East2","Premium","Mainstream","i3 OS"]
[21791449,"Pankaj Kumar","pankaj.kumar@v5global.co.in",8340543380,"V5 Global","Patna",601177,"Bihar","Bihar",null,"V5 Global",null,null,"Shivam Kumar","shivam.kumar@v5global.co.in",null,"East2",null,"External Consumer","ASO","V5 Global ASO",null,"FT",null,"ASO",null,"Krishna Kumar Singh","Imam Hassan",null,"Rajender Negi","Raghavendra Araveeti","imam.hassan@v5global.co.in","imam.hassan@v5global.co.in","ksingh25@lenovo.com","rnegi@lenovo.com","raraveeti@lenovo.com","ASO","Shilpi Gautam","sgautam2@lenovo.com",null,"Rajender Negi",null,"rnegi@lenovo.com",null,"2025-12-18","10:57:00","25.6169535,85.0926061","V k Communication",{"$nulls":3},"T3","10BX0PS3024C2ZV","East2",null,"T-31221","Patna","Bihar","V5 Global",null,"Yes","Face to Face","F0HN00PGIN",1,"Lenovo","AIO","AIO i-24IRH9","i3-1315U-8-512-UHD-W11-O24-23.80","Win 11","AIO","Mainstream","i3-1315U","Consumer",57990,null,"AIO",57990,"East2",68428.2,"",null,"East2","Premium","Mainstream","i3 OS"]
[21791457,"Pankaj Kumar","pankaj.kumar@v5global.co.in",8340543380,"V5 Global","Patna",601177,"Bihar","Bihar",null,"V5 Global",null,null,"Shivam Kumar","shivam.kumar@v5global.co.in",null,"East2",null,"External Consumer","ASO","V5 Global ASO",null,"FT",null,"ASO",null,"Krishna Kumar Singh","Imam Hassan",null,"Rajender Negi","Raghavendra Araveeti","imam.hassan@v5global.co.in","imam.hassan@v5global.co.in","ksingh25@lenovo.com","rnegi@lenovo.com","raraveeti@lenovo.com","ASO","Shilpi Gautam","sgautam2@lenovo.com",null,"Rajender Negi",null,"rnegi@lenovo.com",null,"2025-12-18","10:57:00","25.6174807,85.0924444","Maa computer",{"$nulls":3},"T3","10ATYPT5656N1ZP","East2",null,"T-31222","Patna","Bihar","V5 Global",null,"Yes","Face to Face","F0HN00PGIN",1,"Lenovo","AIO","AIO i-24IRH9","i3-1315U-8-512-UHD-W11-O24-23.80","Win 11","AIO","Mainstream","i3-1315U","Consumer",57990,null,"AIO",57990,"East2",68428.2,"",null,"East2","Premium","Mainstream","i3 OS"]
[21791710,"Vinod Kumar","vinod.kumar@v5global.co.in",9911547614,"V5 Global","Delhi","V5265873","Delhi","Delhi",null,"V5 Global",null,null,"Chetan Mehta","Chetan.mehta@v5global.co.in",null,"North1",null,"External Consumer","ASO","V5 Global ASO",null,"FT",null,"ASO",null,"Kanwaldeep Singh","Gaurav Sharma",null,"Kumar Tanksale","Raghavendra Araveeti","gaurav.sharma@v5global.co.in","gaurav.sharma@v5global.co.in","ksingh15@lenovo.com","ktanksale1@lenovo.com","raraveeti@lenovo.com","ASO","Shilpi Gautam","sgautam2@lenovo.com",null,"Kumar Tanksale",null,"ktanksale1@lenovo.com",null,"2025-12-18","11:07:00","28.7015602,77.1663723","Digital Infosolution",{"$nulls":3},"T3","07AEDPJ2204E1Z7","North1",null,"T-3701","New Delhi","New Delhi","V5 Global",null,"Yes","Telephonic","83JQ000NIN",1,"Lenovo","Yoga 7 2-in-1","Yoga 7 2-in-1","14\"/32GB/1TSSD/Graphics 140V/MS-2024/Seashell ","Win 11","Convertible","Premium","ULT7 258V","Consumer",136990,null,"NB",136990,"North1",161648.19999999998,"SP","Non-Gaming","North1","Premium","Premium","Yoga"]
[21791732,"Vinod Kumar","vinod.kumar@v5global.co.in",9911547614,"V5 Global","Delhi","V5265873","Delhi","Delhi",null,"V5 Global",null,null,"Chetan Mehta","Chetan.mehta@v5global.co.in",null,"North1",null,"External Consumer","ASO","V5 Global ASO",null,"FT",null,"ASO",null,"Kanwaldeep Singh","Gaurav Sharma",null,"Kumar Tanksale","Raghavendra Araveeti","gaurav.sharma@v5global.co.in","gaurav.sharma@v5global.co.in","ksingh15@lenovo.com","ktanksale1@lenovo.com","raraveeti@lenovo.com","ASO","Shilpi Gautam","sgautam2@lenovo.com",null,"Kumar Tanksale",null,"ktanksale1@lenovo.com",null,"2025-12-18","11:08:00","28.7015742,77.1663759","Excel Computer",{"$nulls":3},"T3","07ASHPK40R1ZZ","North1",null,"T-29955","New Delhi","Delhi","V5 Global",null,"Yes","Telephonic","90XS005PIN",1,"Lenovo","IdeaCentre","IdeaCentre","IntelÂ® Coreâ„¢ i3-14100 4C, 8GB DDR5/512 SSD/ WiFi 6 + BT 5.2/ 260W/ SFF 8.2Lt / Wired KeyBoard & Mouse /Win 11 Home/1 Yr Onsite","Win 11","TDT","Entry","IntelÂ® Coreâ„¢ i3-14100","Consumer",31500,null,"TDT",31500,"North1",37170,"",null,"North1","Entry","Entry","i3 OS"]
[21791743,"Vinod Kumar","vinod.kumar@v5global.co.in",9911547614,"V5 Global","Delhi","V5265873","Delhi","Delhi",null,"V5 Global",null,null,"Chetan Mehta","Chetan.mehta@v5global.co.in",null,"North1",null,"External Consumer","ASO","V5 Global ASO",null,"FT",null,"ASO",null,"Kanwaldeep Singh","Gaurav Sharma",null,"Kumar Tanksale","Raghavendra Araveeti","gaurav.sharma@v5global.co.in","gaurav.sharma@v5global.co.in","ksingh15@lenovo.com","ktanksale1@lenovo.com","raraveeti@lenovo.com","ASO","Shilpi Gautam","sgautam2@lenovo.com",null,"Kumar Tanksale",null,"ktanksale1@lenovo.com",null,"2025-12-18","11:08:00","28.7015542,77.1663702","Digicare Infosolution",{"$nulls":3},"T3",null,"North1",null,"T-3668","New Delhi","New Delhi","V5 Global",null,"Yes","Telephonic","90XS005PIN",1,"Lenovo","IdeaCentre","IdeaCentre","IntelÂ® Coreâ„¢ i3-14100 4C, 8GB DDR5/512 SSD/ WiFi 6 + BT 5.2/ 260W/ SFF 8.2Lt / Wired KeyBoard & Mouse /Win 11 Home/1 Yr Onsite","Win 11","TDT","Entry","IntelÂ® Coreâ„¢ i3-14100","Consumer",31500,null,"TDT",31500,"North1",37170,"",null,"North1","Entry","Entry","i3 OS"]
[21791760,"Vinod Kumar","vinod.kumar@v5global.co.in",9911547614,"V5 Global","Delhi","V5265873","Delhi","Delhi",null,"V5 Global",null,null,"Chetan Mehta","Chetan.mehta@v5global.co.in",null,"North1",null,"External Consumer","ASO","V5 Global ASO",null,"FT",null,"ASO",null,"Kanwaldeep Singh","Gaurav Sharma",null,"Kumar Tanksale","Raghavendra Araveeti","gaurav.sharma@v5global.co.in","gaurav.sharma@v5global.co.in","ksingh15@lenovo.com","ktanksale1@lenovo.com","raraveeti@lenovo.com","ASO","Shilpi Gautam","sgautam2@lenovo.com",null,"Kumar Tanksale",null,"ktanksale1@lenovo.com",null,"2025-12-18","11:09:00","28.7015534,77.1663735","COMTRONICS INFORMATION SYSTEM",{"$nulls":3},"T3","07ADPPG9750R1ZK","North1",null,"T-3700","New Delhi","New Delhi","V5 Global",null,"Yes","Telephonic","90XS005PIN",1,"Lenovo","IdeaCentre","IdeaCentre","IntelÂ® Coreâ„¢ i3-14100 4C, 8GB DDR5/512 SSD/ WiFi 6 + BT 5.2/ 260W/ SFF 8.2Lt / Wired KeyBoard & Mouse /Win 11 Home/1 Yr Onsite","Win 11","TDT","Entry","IntelÂ® Coreâ„¢ i3-14100","Consumer",31500,null,"TDT",31500,"North1",37170,"",null,"North1","Entry","Entry","i3 OS"]
[21791819,"Vinod Kumar","vinod.kumar@v5global.co.in",9911547614,"V5 Global","Delhi","V5265873","Delhi","Delhi",null,"V5 Global",null,null,"Chetan Mehta","Chetan.mehta@v5global.co.in",null,"North1",null,"External Consumer","ASO","V5 Global ASO",null,"FT",null,"ASO",null,"Kanwaldeep Singh","Gaurav Sharma",null,"Kumar Tanksale","Raghavendra Araveeti","gaurav.sharma@v5global.co.in","gaurav.sharma@v5global.co.in","ksingh15@lenovo.com","ktanksale1@lenovo.com","raraveeti@lenovo.com","ASO","Shilpi Gautam","sgautam2@lenovo.com",null,"Kumar Tanksale",null,"ktanksale1@lenovo.com",null,"2025-12-18","11:10:00","28.7014336,77.1662139","Computer Network Solution",{"$nulls":3},"T3","07AERPC7477C1ZB","North1",null,"T-3631","New Delhi","New Delhi","V5 Global",null,"Yes","Face to Face","90XS005PIN",1,"Lenovo","IdeaCentre","IdeaCentre","IntelÂ® Coreâ„¢ i3-14100 4C, 8GB DDR5/512 SSD/ WiFi 6 + BT 5.2/ 260W/ SFF 8.2Lt / Wired KeyBoard & Mouse /Win 11 Home/1 Yr Onsite","Win 11","TDT","Entry","IntelÂ® Coreâ„¢ i3-14100","Consumer",31500,null,"TDT",31500,"North1",37170,"",null,"North1","Entry","Entry","i3 OS"]
[21791848,"Vinod Kumar","vinod.kumar@v5global.co.in",9911547614,"V5 Global","Delhi","V5265873","Delhi","Delhi",null,"V5 Global",null,null,"Chetan Mehta","Chetan.mehta@v5global.co.in",null,"North1",null,"External Consumer","ASO","V5 Global ASO",null,"FT",null,"ASO",null,"Kanwaldeep Singh","Gaurav Sharma",null,"Kumar Tanksale","Raghavendra Araveeti","gaurav.sharma@v5global.co.in","gaurav.sharma@v5global.co.in","ksingh15@lenovo.com","ktanksale1@lenovo.com","raraveeti@lenovo.com","ASO","Shilpi Gautam","sgautam2@lenovo.com",null,"Kumar Tanksale",null,"ktanksale1@lenovo.com",null,"2025-12-18","11:11:00","28.701564,77.1664073","COMNET INFOTECH",{"$nulls":3},"T3","07ACBPC9049G1ZR","North1",null,"T-3611","New Delhi","New Delhi","Denave",null,"Yes","Face to Face","90XS005PIN",1,"Lenovo","IdeaCentre","IdeaCentre","IntelÂ® Coreâ„¢ i3-14100 4C, 8GB DDR5/512 SSD/ WiFi 6 + BT 5.2/ 260W/ SFF 8.2Lt / Wired KeyBoard & Mouse /Win 11 Home/1 Yr Onsite","Win 11","TDT","Entry","IntelÂ® Coreâ„¢ i3-14100","Consumer",31500,null,"TDT",31500,"North1",37170,"",null,"North1","Entry","Entry","i3 OS"]
[21791863,"Vinod Kumar","vinod.kumar@v5global.co.in",9911547614,"V5 Global","Delhi","V5265873","Delhi","Delhi",null,"V5 Global",null,null,"Chetan Mehta","Chetan.mehta@v5global.co.in",null,"North1",null,"External Consumer","ASO","V5 Global ASO",null,"FT",null,"ASO",null,"Kanwaldeep Singh","Gaurav Sharma",null,"Kumar Tanksale","Raghavendra Araveeti","gaurav.sharma@v5global.co.in","gaurav.sharma@v5global.co.in","ksingh15@lenovo.com","ktanksale1@lenovo.com","raraveeti@lenovo.com","ASO","Shilpi Gautam","sgautam2@lenovo.com",null,"Kumar Tanksale",null,"ktanksale1@lenovo.com",null,"2025-12-18","11:12:00","28.701563,77.1663612","City Tech India",{"$nulls":3},"T3",null,"North1",null,"T-26254","Wazirpur","New Delhi","Denave",null,"Yes","Telephonic","90XS005PIN",1,"Lenovo","IdeaCentre","IdeaCentre","IntelÂ® Coreâ„¢ i3-14100 4C, 8GB DDR5/512 SSD/ WiFi 6 + BT 5.2/ 260W/ SFF 8.2Lt / Wired KeyBoard & Mouse /Win 11 Home/1 Yr Onsite","Win 11","TDT","Entry","IntelÂ® Coreâ„¢ i3-14100","Consumer",31500,null,"TDT",31500,"North1",37170,"",null,"North1","Entry","Entry","i3 OS"]
[21791872,"Vinod Kumar","vinod.kumar@v5global.co.in",9911547614,"V5 Global","Delhi","V5265873","Delhi","Delhi",null,"V5 Global",null,null,"Chetan Mehta","Chetan.mehta@v5global.co.in",null,"North1",null,"External Consumer","ASO","V5 Global ASO",null,"FT",null,"ASO",null,"Kanwaldeep Singh","Gaurav Sharma",null,"Kumar Tanksale","Raghavendra Araveeti","gaurav.sharma@v5global.co.in","gaurav.sharma@v5global.co.in","ksingh15@lenovo.com","ktanksale1@lenovo.com","raraveeti@lenovo.com","ASO","Shilpi Gautam","sgautam2@lenovo.com",null,"Kumar Tanksale",null,"ktanksale1@lenovo.com",null,"2025-12-18","11:12:00","28.7015567,77.1663653","Franklink It Solutions",{"$nulls":3},"T3",null,"North1",null,"T-26255","Wazirpur","New Delhi","V5 Global",null,"Yes","Telephonic","90XS005PIN",1,"Lenovo","IdeaCentre","IdeaCentre","IntelÂ® Coreâ„¢ i3-14100 4C, 8GB DDR5/512 SSD/ WiFi 6 + BT 5.2/ 260W/ SFF 8.2Lt / Wired KeyBoard & Mouse /Win 11 Home/1 Yr Onsite","Win 11","TDT","Entry","IntelÂ® Coreâ„¢ i3-14100","Consumer",31500,null,"TDT",31500,"North1",37170,"",null,"North1","Entry","Entry","i3 OS"]
[21791908,"Vinod Kumar","vinod.kumar@v5global.co.in",9911547614,"V5 Global","Delhi","V5265873","Delhi","Delhi",null,"V5 Global",null,null,"Chetan Mehta","Chetan.mehta@v5global.co.in",null,"North1",null,"External Consumer","ASO","V5 Global ASO",null,"FT",null,"ASO",null,"Kanwaldeep Singh","Gaurav Sharma",null,"Kumar Tanksale","Raghavendra Araveeti","gaurav.sharma@v5global.co.in","gaurav.sharma@v5global.co.in","ksingh15@lenovo.com","ktanksale1@lenovo.com","raraveeti@lenovo.com","ASO","Shilpi Gautam","sgautam2@lenovo.com",null,"Kumar Tanksale",null,"ktanksale1@lenovo.com",null,"2025-12-18","11:13:00","28.7015297,77.1664295","PC TECH SYSTEM SOLUTIONS",{"$nulls":3},"T3","07ATAPJ3834E1Z1","North1",null,"T-30226","New Delhi","Delhi","07ATAPJ3834E1Z1",null,"Yes","Telephonic","83GS00PJIN",1,"Lenovo","LOQ","LOQ 15IAX9","15.6,16GB,521SSD,RTX3050 6GB,2024 MSO,LUNA GREE","Win 11","Gaming","Premium","Core i5-12450HX","Consumer",75864,null,"NB",75864,"North1",89519.51999999999,"SP","Gaming","North1","Premium","Premium","-"]
[21791957,"Yathish R Rao","yathish.rao@v5global.co.in",9483372060,"V5 Global","MANGALORE","V5438066","KARNATAKA","KARNATAKA",null,"V5 Global",null,null,"M Bhaskar Gowda","bhaskar.gowda@v5global.co.in",null,"South1",null,"External Consumer","ASO","V5 Global ASO",null,"FT",null,"ASO",null,"Riyaz Khan","Prakash Kumar K P",null,"S Sreekumar","Sharad verma","prakash.kp@v5global.co.in","prakash.kp@v5global.co.in","rhospet@lenovo.com","ssreekumar@lenovo.com","sharverm@lenovo.com","ASO","Shilpi Gautam","sgautam2@lenovo.com",null,"S Sreekumar",null,"ssreekumar@lenovo.com","Week_2_Feb_2022","2025-12-18","11:15:00","12.8778486,74.8416508","Shiva enterprises",{"$nulls":3},"T3","29ABLPH2160A1Z2","South1",null,"T-31128","Shimoga","KARNATAKA","V5 Global","V5 Global","Yes","Face to Face","67BFGAC6IN",1,"Lenovo","L27Q-4A","L","LEN L27Q-4A 27 4-SIDE ULTRA-THIN IPS","NA","Visual Variants","Premium","NA","Visuals",16222,null,null,16222,"South1",19141.96,"",null,"South1","Premium","Premium","-"]
[21791982,"Yathish R Rao","yathish.rao@v5global.co.in",9483372060,"V5 Global","MANGALORE","V5438066","KARNATAKA","KARNATAKA",null,"V5 Global",null,null,"M Bhaskar Gowda","bhaskar.gowda@v5global.co.in",null,"South1",null,"External Consumer","ASO","V5 Global ASO",null,"FT",null,"ASO",null,"Riyaz Khan","Prakash Kumar K P",null,"S Sreekumar","Sharad verma","prakash.kp@v5global.co.in","prakash.kp@v5global.co.in","rhospet@lenovo.com","ssreekumar@lenovo.com","sharverm@lenovo.com","ASO","Shilpi Gautam","sgautam2@lenovo.com",null,"S Sreekumar",null,"ssreekumar@lenovo.com","Week_2_Feb_2022","2025-12-18","11:15:00","12.8778542,74.8416492","V Care Systems",{"$nulls":3},"T3","27ADHFS1364FZ1","South1",null,"T-7560","Mangalore","Karnataka",null,null,"Yes","Face to Face","67BEKAC1IN",1,"Lenovo","Monitor","L27I-4A","L27I-4A","NA","Visual Variants","Premium","NA","Visuals",13000,null,null,13000,"South1",15340,"",null,"South1","Premium","Premium","-"]
[21791982,"Yathish R Rao","yathish.rao@v5global.co.in",9483372060,"V5 Global","MANGALORE","V5438066","KARNATAKA","KARNATAKA",null,"V5 Global",null,null,"M Bhaskar Gowda","bhaskar.gowda@v5global.co.in",null,"South1",null,"External Consumer","ASO","V5 Global ASO",null,"FT",null,"ASO",null,"Riyaz Khan","Prakash Kumar K P",null,"S Sreekumar","Sharad verma","prakash.kp@v5global.co.in","prakash.kp@v5global.co.in","rhospet@lenovo.com","ssreekumar@lenovo.com","sharverm@lenovo.com","ASO","Shilpi Gautam","sgautam2@lenovo.com",null,"S Sreekumar",null,"ssreekumar@lenovo.com","Week_2_Feb_2022","2025-12-18","11:15:00","12.8778542,74.8416492","V Care Systems",{"$nulls":3},"T3","27ADHFS1364FZ1","South1",null,"T-7560","Mangalore","Karnataka",null,null,"Yes","Face to Face","83DV01AAIN",1,"Lenovo","LOQ","LOQ","LOQ I5 13gen 16GB RAM 512 gb SSD RTX4050 win11 MSO\t","Win 11","Gaming","Premium","I5 13gen","Consumer",78000,null,"NB",78000,"South1",92040,"SP","Gaming","South1","Premium","Premium","-"]
[21792028,"Yathish R Rao","yathish.rao@v5global.co.in",9483372060,"V5 Global","MANGALORE","V5438066","KARNATAKA","KARNATAKA",null,"V5 Global",null,null,"M Bhaskar Gowda","bhaskar.gowda@v5global.co.in",null,"South1",null,"External Consumer","ASO","V5 Global ASO",null,"FT",null,"ASO",null,"Riyaz Khan","Prakash Kumar K P",null,"S Sreekumar","Sharad verma","prakash.kp@v5global.co.in","prakash.kp@v5global.co.in","rhospet@lenovo.com","ssreekumar@lenovo.com","sharverm@lenovo.com","ASO","Shilpi Gautam","sgautam2@lenovo.com",null,"S Sreekumar",null,"ssreekumar@lenovo.com","Week_2_Feb_2022","2025-12-18","11:17:00","12.8778479,74.8416496","Automation Technologies",{"$nulls":3},"T3",null,"South1",null,"T-6413","Udupi","Karnataka",null,null,"Yes","Face to Face","67D5KAC6IN",1,"Lenovo","L22-4E","L Series","LEN L22-4E 21.5 IPS  BLACK 100HZ","NA","Visual Variants","Mainstream","NA","Visuals",5331,null,null,5331,"South1",6290.58,"",null,"South1","Mainstream","Mainstream","-"]
[21792232,"Yathish R Rao","yathish.rao@v5global.co.in",9483372060,"V5 Global","MANGALORE","V5438066","KARNATAKA","KARNATAKA",null,"V5 Global",null,null,"M Bhaskar Gowda","bhaskar.gowda@v5global.co.in",null,"South1",null,"External Consumer","ASO","V5 Global ASO",null,"FT",null,"ASO",null,"Riyaz Khan","Prakash Kumar K P",null,"S Sreekumar","Sharad verma","prakash.kp@v5global.co.in","prakash.kp@v5global.co.in","rhospet@lenovo.com","ssreekumar@lenovo.com","sharverm@lenovo.com","ASO","Shilpi Gautam","sgautam2@lenovo.com",null,"S Sreekumar",null,"ssreekumar@lenovo.com","Week_2_Feb_2022","2025-12-18","11:27:00","12.8778573,74.8416461","KIRAN COMPUTERS(CHIKMANGALOOR)",{"$nulls":3},"T3","29AAHFK2171M1ZY","South1",null,"T-6856","Chikmagalur","Karnataka",null,null,"Yes","Face to Face","83HR000WIN",1,"Lenovo","Ideapad","Slim 5","14\",WUXGA OLED display, 16GB, 1TB, ","Win 11","Thin & Light","Premium","I5-13420H","Consumer",73000,null,"NB",73000,"South1",86140,"SP","Non-Gaming","South1","Premium","Premium","Slim 5/Slim 5 Pro"]
[21792252,"Yathish R Rao","yathish.rao@v5global.co.in",9483372060,"V5 Global","MANGALORE","V5438066","KARNATAKA","KARNATAKA",null,"V5 Global",null,null,"M Bhaskar Gowda","bhaskar.gowda@v5global.co.in",null,"South1",null,"External Consumer","ASO","V5 Global ASO",null,"FT",null,"ASO",null,"Riyaz Khan","Prakash Kumar K P",null,"S Sreekumar","Sharad verma","prakash.kp@v5global.co.in","prakash.kp@v5global.co.in","rhospet@lenovo.com","ssreekumar@lenovo.com","sharverm@lenovo.com","ASO","Shilpi Gautam","sgautam2@lenovo.com",null,"S Sreekumar",null,"ssreekumar@lenovo.com","Week_2_Feb_2022","2025-12-18","11:28:00","12.8778458,74.8416571","unique solution",{"$nulls":3},"T3","29AZBPM3942M1ZX","South1",null,"T-31112","Mangalore","KARNATAKA","V5 Global","V5 Global","Yes","Face to Face","90XW0052IN",1,"Lenovo","Ideacenter Tower","i7 13620h","i7 13th gen/ 8gb ram/ 512gb ssd/ w11 & ms office 24","Win 11","TDT","Mainstream","I7- 13620H","Consumer",52070,null,"TDT",52070,"South1",61442.6,"",null,"South1","Mainstream","Mainstream","-"]
[21792252,"Yathish R Rao","yathish.rao@v5global.co.in",9483372060,"V5 Global","MANGALORE","V5438066","KARNATAKA","KARNATAKA",null,"V5 Global",null,null,"M Bhaskar Gowda","bhaskar.gowda@v5global.co.in",null,"South1",null,"External Consumer","ASO","V5 Global ASO",null,"FT",null,"ASO",null,"Riyaz Khan","Prakash Kumar K P",null,"S Sreekumar","Sharad verma","prakash.kp@v5global.co.in","prakash.kp@v5global.co.in","rhospet@lenovo.com","ssreekumar@lenovo.com","sharverm@lenovo.com","ASO","Shilpi Gautam","sgautam2@lenovo.com",null,"S Sreekumar",null,"ssreekumar@lenovo.com","Week_2_Feb_2022","2025-12-18","11:28:00","12.8778458,74.8416571","unique solution",{"$nulls":3},"T3","29AZBPM3942M1ZX","South1",null,"T-31112","Mangalore","KARNATAKA","V5 Global","V5 Global","Yes","Face to Face","83JC00EFIN",1,"Lenovo","LOQ","LOQ 15ARP9","NB LOQ 15ARP9 R5 24G 512G 11S","Win 11","Gaming","Premium","R5 7235HS","Consumer",67578,null,"NB",67578,"South1",79742.04,"SP","Gaming","South1","Premium","Premium","-"]
[21792262,"Yathish R Rao","yathish.rao@v5global.co.in",9483372060,"V5 Global","MANGALORE","V5438066","KARNATAKA","KARNATAKA",null,"V5 Global",null,null,"M Bhaskar Gowda","bhaskar.gowda@v5global.co.in",null,"South1",null,"External Consumer","ASO","V5 Global ASO",null,"FT",null,"ASO",null,"Riyaz Khan","Prakash Kumar K P",null,"S Sreekumar","Sharad verma","prakash.kp@v5global.co.in","prakash.kp@v5global.co.in","rhospet@lenovo.com","ssreekumar@lenovo.com","sharverm@lenovo.com","ASO","Shilpi Gautam","sgautam2@lenovo.com",null,"S Sreekumar",null,"ssreekumar@lenovo.com","Week_2_Feb_2022","2025-12-18","11:29:00","12.8778624,74.8416517","Hira It Solutions",{"$nulls":3},"T3","29AANFH1268C1ZC","South1",null,"T-6728","Mangalore","Karnataka",null,null,"Yes","Face to Face","83K100C6IN",1,"Lenovo","Ideapad","Slim 3","IntelÂ® Coreâ„¢ i5-13420H, 8C (4P + 4E) / 12T, P-core 2.1 / 4.6GHz, E-core 1.5 / 3.4GHz, 12MB,8GB Soldered DDR5-4800 + 8GB SO-DIMM ","Win 11","Thin & Light","Mainstream","i5-13420H","Consumer",46000,null,"NB",46000,"South1",54280,"",null,"South1","Mainstream","Premium","-"]
[21792324,"Yathish R Rao","yathish.rao@v5global.co.in",9483372060,"V5 Global","MANGALORE","V5438066","KARNATAKA","KARNATAKA",null,"V5 Global",null,null,"M Bhaskar Gowda","bhaskar.gowda@v5global.co.in",null,"South1",null,"External Consumer","ASO","V5 Global ASO",null,"FT",null,"ASO",null,"Riyaz Khan","Prakash Kumar K P",null,"S Sreekumar","Sharad verma","prakash.kp@v5global.co.in","prakash.kp@v5global.co.in","rhospet@lenovo.com","ssreekumar@lenovo.com","sharverm@lenovo.com","ASO","Shilpi Gautam","sgautam2@lenovo.com",null,"S Sreekumar",null,"ssreekumar@lenovo.com","Week_2_Feb_2022","2025-12-18","11:32:00","12.8778549,74.8416472","Automation Technologies",{"$nulls":3},"T3",null,"South1",null,"T-6413","Udupi","Karnataka",null,null,"Yes","Face to Face","83JX005FIN",4,"Lenovo","Yoga Slim 7","Yoga Slim 7 14ILL10","NB YG Slim 7 14ILL10 U5 16G 1T 11S","Win 11","Thin & Light","Premium","CORE ULT5 226V","Consumer",104990,null,"NB",{"$f":"BV2755*BL2755","v":419960},{"$f":"Q2755","v":"South1"},{"$f":"BV2755*118%","v":123888.2},{"$f":"IF(CF2755=\"Premium\",IF(CA2755>=65000,\"SP\",\"\"),\"\")","v":"SP"},"Non-Gaming","South1",{"$f":"IF(BU2755=\"Consumer\",IF(CA2755<40000,\"Entry\",IF(AND(CA2755>=40000,CA2755<65000),\"Mainstream\",\"Premium\")),IF(BU2755=\"Visuals\",BS2755,\"NA\"))","v":"Premium"},"Premium","yoga"]
[21792324,"Yathish R Rao","yathish.rao@v5global.co.in",9483372060,"V5 Global","MANGALORE","V5438066","KARNATAKA","KARNATAKA",null,"V5 Global",null,null,"M Bhaskar Gowda","bhaskar.gowda@v5global.co.in",null,"South1",null,"External Consumer","ASO","V5 Global ASO",null,"FT",null,"ASO",null,"Riyaz Khan","Prakash Kumar K P",null,"S Sreekumar","Sharad verma","prakash.kp@v5global.co.in","prakash.kp@v5global.co.in","rhospet@lenovo.com","ssreekumar@lenovo.com","sharverm@lenovo.com","ASO","Shilpi Gautam","sgautam2@lenovo.com",null,"S Sreekumar",null,"ssreekumar@lenovo.com","Week_2_Feb_2022","2025-12-18","11:32:00","12.8778549,74.8416472","Automation Technologies",{"$nulls":3},"T3",null,"South1",null,"T-6413","Udupi","Karnataka",null,null,"Yes","Face to Face","83JQ000XIN",1,"Lenovo","Yoga","Yoga 7 2 in1","\"4\"\" WUXGA (1920x1200) OLED 600nits (peak) / 400nits (typical) Glossy / Anti-fingerprint, 100% DCI-P3, 60Hz, Dolby VisionÂ®, TÃœV ","Win 11","Thin & Light","Premium","IntelÂ® Coreâ„¢ Ultra 5","Consumer",94907,null,"NB",94907,"South1",111990.26,"SP","Non-Gaming","South1","Premium","Premium","yoga"]
[21792379,"Yathish R Rao","yathish.rao@v5global.co.in",9483372060,"V5 Global","MANGALORE","V5438066","KARNATAKA","KARNATAKA",null,"V5 Global",null,null,"M Bhaskar Gowda","bhaskar.gowda@v5global.co.in",null,"South1",null,"External Consumer","ASO","V5 Global ASO",null,"FT",null,"ASO",null,"Riyaz Khan","Prakash Kumar K P",null,"S Sreekumar","Sharad verma","prakash.kp@v5global.co.in","prakash.kp@v5global.co.in","rhospet@lenovo.com","ssreekumar@lenovo.com","sharverm@lenovo.com","ASO","Shilpi Gautam","sgautam2@lenovo.com",null,"S Sreekumar",null,"ssreekumar@lenovo.com","Week_2_Feb_2022","2025-12-18","11:33:00","12.8778469,74.8416482","Manhars",{"$nulls":3},"T3","29AADFM7262R1ZG","South1",null,"T-6746","Dakshina Kannada","Karnataka",null,null,"Yes","Face to Face","F0HR009BIN",1,"Lenovo","IdeaCentre","AIO","DT IC AIO 24ARR9 A57535HS 512G 8G","Win 11","TDT","Mainstream","R7 7735HS","Consumer",42990,null,"TDT",42990,"South1",50728.2,"",null,"South1","Mainstream","Mainstream","-"]
[21792758,"Yathish R Rao","yathish.rao@v5global.co.in",9483372060,"V5 Global","MANGALORE","V5438066","KARNATAKA","KARNATAKA",null,"V5 Global",null,null,"M Bhaskar Gowda","bhaskar.gowda@v5global.co.in",null,"South1",null,"External Consumer","ASO","V5 Global ASO",null,"FT",null,"ASO",null,"Riyaz Khan","Prakash Kumar K P",null,"S Sreekumar","Sharad verma","prakash.kp@v5global.co.in","prakash.kp@v5global.co.in","rhospet@lenovo.com","ssreekumar@lenovo.com","sharverm@lenovo.com","ASO","Shilpi Gautam","sgautam2@lenovo.com",null,"S Sreekumar",null,"ssreekumar@lenovo.com","Week_2_Feb_2022","2025-12-18","11:50:00","12.8778533,74.8416491","ADITHYA ENTERPRISES",{"$nulls":3},"T3","29AHAPT2200N1Z9","South1",null,"T-6306","Dakshina Kannada","Karnataka",null,null,"Yes","Face to Face","83DV01AAIN",1,"Lenovo","LOQ","LOQ","LOQ I5 13gen 16GB RAM 512 gb SSD RTX4050 win11 MSO\t","Win 11","Gaming","Premium","I5 13gen","Consumer",78000,null,"NB",78000,"South1",92040,"SP","Gaming","South1","Premium","Premium","-"]
[21794130,"Ashwani Kumar","ashwani.kumar@v5global.co.in",7827383769,"V5 Global","Delhi","V5262001","Delhi","Delhi",null,"V5 Global",null,null,"Mohd Asif","mohd.asif@v5global.co.in",null,"North1",null,"External Consumer","ASO","V5 Global ASO",null,"FT",null,"ASO",null,"Kanwaldeep Singh","Gaurav Sharma",null,"Kumar Tanksale","Raghavendra Araveeti","gaurav.sharma@v5global.co.in","gaurav.sharma@v5global.co.in","ksingh15@lenovo.com","ktanksale1@lenovo.com","raraveeti@lenovo.com","ASO","Shilpi Gautam","sgautam2@lenovo.com",null,"Kumar Tanksale",null,"ktanksale1@lenovo.com",null,"2025-12-18","12:04:00","28.5486147,77.2515872","GLOBAL PERIPHERALS SOLUTIONS (P) LTD",{"$nulls":3},"T3","07AAACG6387R1ZT","North1",null,"T-3813","New Delhi","New Delhi","V5 Global",null,"Yes","Face to Face","90XS005PIN",1,"Lenovo","IdeaCentre","IdeaCentre","IntelÂ® Coreâ„¢ i3-14100 4C, 8GB DDR5/512 SSD/ WiFi 6 + BT 5.2/ 260W/ SFF 8.2Lt / Wired KeyBoard & Mouse /Win 11 Home/1 Yr Onsite","Win 11","TDT","Entry","IntelÂ® Coreâ„¢ i3-14100","Consumer",31500,null,"TDT",31500,"North1",37170,"",null,"North1","Entry","Entry","i3 OS"]
[21795013,"Umer Farooq Bhat","umer.farooq@v5global.co.in",7006131255,"V5 Global","Srinagar","V5266190","Jammu and Kashmir","Jammu and Kashmir",null,"V5 Global",null,null,"Shivam Kumar1","shivam.kumar1@v5global.co.in",null,"North1",null,"External Consumer","ASO","V5 Global ASO",null,"FT",null,"ASO",null,"Karan Kapoor","Gaurav Sharma",null,"Kumar Tanksale","Raghavendra Araveeti","gaurav.sharma@v5global.co.in","gaurav.sharma@v5global.co.in","Kkapoor@lenovo.com","ktanksale1@lenovo.com","raraveeti@lenovo.com","ASO","Shilpi Gautam","sgautam2@lenovo.com",null,"Kumar Tanksale",null,"ktanksale1@lenovo.com",null,"2025-12-18","12:37:00","34.20725494564831,74.34287242591381","IMB COMPUTERS",{"$nulls":3},"T3",null,"North1",null,"T-3566","Baramulla","Jammu And Kashmir","V5 Global",null,"Yes","Face to Face","83K100C6IN",1,"Lenovo","Ideapad","Slim 3","IntelÂ® Coreâ„¢ i5-13420H, 8C (4P + 4E) / 12T, P-core 2.1 / 4.6GHz, E-core 1.5 / 3.4GHz, 12MB,8GB Soldered DDR5-4800 + 8GB SO-DIMM ","Win 11","Thin & Light","Mainstream","i5-13420H","Consumer",46000,null,"NB",46000,"North1",54280,"",null,"North1","Mainstream","Premium","-"]
[21794143,"Ashwani Kumar","ashwani.kumar@v5global.co.in",7827383769,"V5 Global","Delhi","V5262001","Delhi","Delhi",null,"V5 Global",null,null,"Mohd Asif","mohd.asif@v5global.co.in",null,"North1",null,"External Consumer","ASO","V5 Global ASO",null,"FT",null,"ASO",null,"Kanwaldeep Singh","Gaurav Sharma",null,"Kumar Tanksale","Raghavendra Araveeti","gaurav.sharma@v5global.co.in","gaurav.sharma@v5global.co.in","ksingh15@lenovo.com","ktanksale1@lenovo.com","raraveeti@lenovo.com","ASO","Shilpi Gautam","sgautam2@lenovo.com",null,"Kumar Tanksale",null,"ktanksale1@lenovo.com",null,"2025-12-18","12:46:00","28.5485947,77.2515961","Rishabh Infotech",{"$nulls":3},"T3","07ACBPJ7836Q1Z0","North1",null,"T-3815","New Delhi","New Delhi","V5 Global",null,"Yes","Face to Face","90XS005PIN",1,"Lenovo","IdeaCentre","IdeaCentre","IntelÂ® Coreâ„¢ i3-14100 4C, 8GB DDR5/512 SSD/ WiFi 6 + BT 5.2/ 260W/ SFF 8.2Lt / Wired KeyBoard & Mouse /Win 11 Home/1 Yr Onsite","Win 11","TDT","Entry","IntelÂ® Coreâ„¢ i3-14100","Consumer",31500,null,"TDT",31500,"North1",37170,"",null,"North1","Entry","Entry","i3 OS"]
[21794152,"Ashwani Kumar","ashwani.kumar@v5global.co.in",7827383769,"V5 Global","Delhi","V5262001","Delhi","Delhi",null,"V5 Global",null,null,"Mohd Asif","mohd.asif@v5global.co.in",null,"North1",null,"External Consumer","ASO","V5 Global ASO",null,"FT",null,"ASO",null,"Kanwaldeep Singh","Gaurav Sharma",null,"Kumar Tanksale","Raghavendra Araveeti","gaurav.sharma@v5global.co.in","gaurav.sharma@v5global.co.in","ksingh15@lenovo.com","ktanksale1@lenovo.com","raraveeti@lenovo.com","ASO","Shilpi Gautam","sgautam2@lenovo.com",null,"Kumar Tanksale",null,"ktanksale1@lenovo.com",null,"2025-12-18","13:12:00","28.5486187,77.25159","J T Infotech Pvt Ltd",{"$nulls":3},"T3","07AADCJ2191D1ZU","North1",null,"T-3816","New Delhi","New Delhi","V5 Global",null,"Yes","Face to Face","90XS005PIN",1,"Lenovo","IdeaCentre","IdeaCentre","IntelÂ® Coreâ„¢ i3-14100 4C, 8GB DDR5/512 SSD/ WiFi 6 + BT 5.2/ 260W/ SFF 8.2Lt / Wired KeyBoard & Mouse /Win 11 Home/1 Yr Onsite","Win 11","TDT","Entry","IntelÂ® Coreâ„¢ i3-14100","Consumer",31500,null,"TDT",31500,"North1",37170,"",null,"North1","Entry","Entry","i3 OS"]
[21794162,"Ashwani Kumar","ashwani.kumar@v5global.co.in",7827383769,"V5 Global","Delhi","V5262001","Delhi","Delhi",null,"V5 Global",null,null,"Mohd Asif","mohd.asif@v5global.co.in",null,"North1",null,"External Consumer","ASO","V5 Global ASO",null,"FT",null,"ASO",null,"Kanwaldeep Singh","Gaurav Sharma",null,"Kumar Tanksale","Raghavendra Araveeti","gaurav.sharma@v5global.co.in","gaurav.sharma@v5global.co.in","ksingh15@lenovo.com","ktanksale1@lenovo.com","raraveeti@lenovo.com","ASO","Shilpi Gautam","sgautam2@lenovo.com",null,"Kumar Tanksale",null,"ktanksale1@lenovo.com",null,"2025-12-18","13:43:00","28.548592,77.2515964","ULTIMATE INFOTECH PVT. LTD",{"$nulls":3},"T3","07AABCU4295R1ZJ","North1",null,"T-3817","New Delhi","New Delhi","V5 Global",null,"Yes","Face to Face","90XW0052IN",1,"Lenovo","Ideacenter Tower","i7 13620h","i7 13th gen/ 8gb ram/ 512gb ssd/ w11 & ms office 24","Win 11","TDT","Mainstream","I7- 13620H","Consumer",52070,null,"TDT",52070,"North1",61442.6,"",null,"North1","Mainstream","Mainstream","-"]
[21795027,"Umer Farooq Bhat","umer.farooq@v5global.co.in",7006131255,"V5 Global","Srinagar","V5266190","Jammu and Kashmir","Jammu and Kashmir",null,"V5 Global",null,null,"Shivam Kumar1","shivam.kumar1@v5global.co.in",null,"North1",null,"External Consumer","ASO","V5 Global ASO",null,"FT",null,"ASO",null,"Karan Kapoor","Gaurav Sharma",null,"Kumar Tanksale","Raghavendra Araveeti","gaurav.sharma@v5global.co.in","gaurav.sharma@v5global.co.in","Kkapoor@lenovo.com","ktanksale1@lenovo.com","raraveeti@lenovo.com","ASO","Shilpi Gautam","sgautam2@lenovo.com",null,"Kumar Tanksale",null,"ktanksale1@lenovo.com",null,"2025-12-18","14:12:00","34.207351992369844,74.34254385530949","Computer Galaxy",{"$nulls":3},"T3",null,"North1",null,"T-20616","Baramulla","Jammu And Kashmir","V5 Global",null,"Yes","Face to Face","82LX00F7IN",1,"Lenovo","Ideapad","Slim 1","LEN N4500 8GB 512GB SSD WIN11  1YR","Win 11","Thin & Light","Entry","N4500","Consumer",25900,null,"NB",25900,"North1",30562,"",null,"North1","Entry","Entry","-"]
[21794603,"Ashwani Kumar","ashwani.kumar@v5global.co.in",7827383769,"V5 Global","Delhi","V5262001","Delhi","Delhi",null,"V5 Global",null,null,"Mohd Asif","mohd.asif@v5global.co.in",null,"North1",null,"External Consumer","ASO","V5 Global ASO",null,"FT",null,"ASO",null,"Kanwaldeep Singh","Gaurav Sharma",null,"Kumar Tanksale","Raghavendra Araveeti","gaurav.sharma@v5global.co.in","gaurav.sharma@v5global.co.in","ksingh15@lenovo.com","ktanksale1@lenovo.com","raraveeti@lenovo.com","ASO","Shilpi Gautam","sgautam2@lenovo.com",null,"Kumar Tanksale",null,"ktanksale1@lenovo.com",null,"2025-12-18","14:22:00","28.5486934,77.2516979","SUPERTECH COMPUTERS(NEHRU PLACE)",{"$nulls":3},"T3","07AWVPM3303K1Z6","North1",null,"T-3819","New Delhi","New Delhi","V5 Global",null,"Yes","Face to Face","82R4011PIN",1,"Lenovo","IdeaPad","IdeaPad 1 15ALC7","AMD Ryzenâ„¢ 5 5500U , Integrated AMD Radeonâ„¢ Graphics, 8GB , 512 GB SSD, 15.6\" FHD (1920x1080) IPS 250nits Anti-glare, 1.61 kg, C","Win 11","Thin & Light","Mainstream","AMD Ryzenâ„¢ 5 5500U","Consumer",35259,null,"NB",35259,"North1",41605.619999999995,"",null,"North1","Mainstream","Entry","-"]
[21794610,"Ashwani Kumar","ashwani.kumar@v5global.co.in",7827383769,"V5 Global","Delhi","V5262001","Delhi","Delhi",null,"V5 Global",null,null,"Mohd Asif","mohd.asif@v5global.co.in",null,"North1",null,"External Consumer","ASO","V5 Global ASO",null,"FT",null,"ASO",null,"Kanwaldeep Singh","Gaurav Sharma",null,"Kumar Tanksale","Raghavendra Araveeti","gaurav.sharma@v5global.co.in","gaurav.sharma@v5global.co.in","ksingh15@lenovo.com","ktanksale1@lenovo.com","raraveeti@lenovo.com","ASO","Shilpi Gautam","sgautam2@lenovo.com",null,"Kumar Tanksale",null,"ktanksale1@lenovo.com",null,"2025-12-18","15:09:00","28.5486807,77.2517014","Computer Connection",{"$nulls":3},"T3","07AAIPG5039P1ZB","North1",null,"T-3822","New Delhi","New Delhi","V5 Global",null,"Yes","Face to Face","82R4011PIN",1,"Lenovo","IdeaPad","IdeaPad 1 15ALC7","AMD Ryzenâ„¢ 5 5500U , Integrated AMD Radeonâ„¢ Graphics, 8GB , 512 GB SSD, 15.6\" FHD (1920x1080) IPS 250nits Anti-glare, 1.61 kg, C","Win 11","Thin & Light","Mainstream","AMD Ryzenâ„¢ 5 5500U","Consumer",35259,null,"NB",35259,"North1",41605.619999999995,"",null,"North1","Mainstream","Entry","-"]
[21794639,"Sukanta Sinha","sukanta.sinha@v5global.co.in",9854184578,"V5 Global","Guwahati","V5266867","NE","NE",null,"V5 Global",null,null,"Sukamal Saha","sukamal.saha@v5global.co.in",null,"East1",null,"External Consumer","ASO","V5 Global ASO",null,"FT",null,"ASO",null,"Partha Chakraborty","Amit Thakuri",null,"Amit Tiwari","Raghavendra Araveeti","amit.thakuri@v5global.co.in","amit.thakuri@v5global.co.in","pchakraborty@lenovo.com","atiwari11@lenovo.com","raraveeti@lenovo.com","ASO","Shilpi Gautam","sgautam2@lenovo.com",null,"Amit Tiwari",null,"atiwari11@lenovo.com",null,"2025-12-18","15:19:00","25.5765078,91.8820593","LAJONG ELECTRONICS",{"$nulls":3},"T3","17AAIFL3335R1ZR","East1",null,"T-25243","Shillong","MEGHALAYA","V5 Global",null,"Yes","Face to Face","82R400XSIN",2,"Lenovo","Ideapad","Ideapad","\"Ryzenâ„¢ 5 5500U 6C 8GB RAM 512GB SSD Windows11 MS Office H&S 2024  Integrated AMD Radeon  Graphics  15.6\"\" FHD TN 220nits AG 720","Win 11","Thin & Light","Entry","Amd Ryzen 5 5500U","Consumer",29407,null,"NB",58814,"East1",34700.259999999995,"",null,"East1","Entry","Entry","-"]
[21794639,"Sukanta Sinha","sukanta.sinha@v5global.co.in",9854184578,"V5 Global","Guwahati","V5266867","NE","NE",null,"V5 Global",null,null,"Sukamal Saha","sukamal.saha@v5global.co.in",null,"East1",null,"External Consumer","ASO","V5 Global ASO",null,"FT",null,"ASO",null,"Partha Chakraborty","Amit Thakuri",null,"Amit Tiwari","Raghavendra Araveeti","amit.thakuri@v5global.co.in","amit.thakuri@v5global.co.in","pchakraborty@lenovo.com","atiwari11@lenovo.com","raraveeti@lenovo.com","ASO","Shilpi Gautam","sgautam2@lenovo.com",null,"Amit Tiwari",null,"atiwari11@lenovo.com",null,"2025-12-18","15:19:00","25.5765078,91.8820593","LAJONG ELECTRONICS",{"$nulls":3},"T3","17AAIFL3335R1ZR","East1",null,"T-25243","Shillong","MEGHALAYA","V5 Global",null,"Yes","Face to Face","83LK00D9IN",1,"Lenovo","LOQ","Lenovo LOQ 15IAX9E","\"15.6\"\" FHD (1920x1080) IPS 300nits Anti-glare, 100% sRGB, 144Hz / 1x 16GB SODIMM DDR5-4800, \t Up to 32GB DDR5-4800/ 512GB SSD M","Win 11","Gaming","Premium","IntelÂ® Core i7-12650HX, 14C (6P + 8E)","Consumer",63062,null,"NB",63062,"East1",74413.15999999999,"SP","Gaming","East1","Premium","Premium","-"]
[21794644,"Sukanta Sinha","sukanta.sinha@v5global.co.in",9854184578,"V5 Global","Guwahati","V5266867","NE","NE",null,"V5 Global",null,null,"Sukamal Saha","sukamal.saha@v5global.co.in",null,"East1",null,"External Consumer","ASO","V5 Global ASO",null,"FT",null,"ASO",null,"Partha Chakraborty","Amit Thakuri",null,"Amit Tiwari","Raghavendra Araveeti","amit.thakuri@v5global.co.in","amit.thakuri@v5global.co.in","pchakraborty@lenovo.com","atiwari11@lenovo.com","raraveeti@lenovo.com","ASO","Shilpi Gautam","sgautam2@lenovo.com",null,"Amit Tiwari",null,"atiwari11@lenovo.com",null,"2025-12-18","15:20:00","25.5765125,91.8820417","Eastern Electrovision",{"$nulls":3},"T3","18BONPK1163G1ZV","East1",null,"T-73","Kamrup","ASSAM","V5 Global",null,"Yes","Telephonic","83LK00D9IN",1,"Lenovo","LOQ","Lenovo LOQ 15IAX9E","\"15.6\"\" FHD (1920x1080) IPS 300nits Anti-glare, 100% sRGB, 144Hz / 1x 16GB SODIMM DDR5-4800, \t Up to 32GB DDR5-4800/ 512GB SSD M","Win 11","Gaming","Premium","IntelÂ® Core i7-12650HX, 14C (6P + 8E)","Consumer",63062,null,"NB",63062,"East1",74413.15999999999,"SP","Gaming","East1","Premium","Premium","-"]
[21794644,"Sukanta Sinha","sukanta.sinha@v5global.co.in",9854184578,"V5 Global","Guwahati","V5266867","NE","NE",null,"V5 Global",null,null,"Sukamal Saha","sukamal.saha@v5global.co.in",null,"East1",null,"External Consumer","ASO","V5 Global ASO",null,"FT",null,"ASO",null,"Partha Chakraborty","Amit Thakuri",null,"Amit Tiwari","Raghavendra Araveeti","amit.thakuri@v5global.co.in","amit.thakuri@v5global.co.in","pchakraborty@lenovo.com","atiwari11@lenovo.com","raraveeti@lenovo.com","ASO","Shilpi Gautam","sgautam2@lenovo.com",null,"Amit Tiwari",null,"atiwari11@lenovo.com",null,"2025-12-18","15:20:00","25.5765125,91.8820417","Eastern Electrovision",{"$nulls":3},"T3","18BONPK1163G1ZV","East1",null,"T-73","Kamrup","ASSAM","V5 Global",null,"Yes","Telephonic","82R4011NIN",2,"Lenovo","IDEA PAD SLIM1","IDEA PAD SLIM1","R5 /5500U/8 GB RAM/512 TB SSD/INT.","WIn 11","Thin & Light","Mainstream","R5","Consumer",35000,null,"NB",70000,"East1",41300,"",null,"East1","Mainstream","Entry","-"]
[21794646,"Sukanta Sinha","sukanta.sinha@v5global.co.in",9854184578,"V5 Global","Guwahati","V5266867","NE","NE",null,"V5 Global",null,null,"Sukamal Saha","sukamal.saha@v5global.co.in",null,"East1",null,"External Consumer","ASO","V5 Global ASO",null,"FT",null,"ASO",null,"Partha Chakraborty","Amit Thakuri",null,"Amit Tiwari","Raghavendra Araveeti","amit.thakuri@v5global.co.in","amit.thakuri@v5global.co.in","pchakraborty@lenovo.com","atiwari11@lenovo.com","raraveeti@lenovo.com","ASO","Shilpi Gautam","sgautam2@lenovo.com",null,"Amit Tiwari",null,"atiwari11@lenovo.com",null,"2025-12-18","15:21:00","25.576441,91.8819454","COMPUTER COMMUNICATION",{"$nulls":3},"T3","13AGTPR2305Q1ZV","East1",null,"T-511","Dimapur","NAGALAND","V5 Global",null,"Yes","Telephonic","61E0KAR6WW",3,"Lenovo","D Series","D19-10","D19: 18.5\" VGA + HDMI with HDMI Cable","NA","Visual Variants","Entry","NA","Visuals",5058,null,null,15174,"East1",5968.44,"",null,"East1","Entry","Entry","-"]
[21794732,"Ashwani Kumar","ashwani.kumar@v5global.co.in",7827383769,"V5 Global","Delhi","V5262001","Delhi","Delhi",null,"V5 Global",null,null,"Mohd Asif","mohd.asif@v5global.co.in",null,"North1",null,"External Consumer","ASO","V5 Global ASO",null,"FT",null,"ASO",null,"Kanwaldeep Singh","Gaurav Sharma",null,"Kumar Tanksale","Raghavendra Araveeti","gaurav.sharma@v5global.co.in","gaurav.sharma@v5global.co.in","ksingh15@lenovo.com","ktanksale1@lenovo.com","raraveeti@lenovo.com","ASO","Shilpi Gautam","sgautam2@lenovo.com",null,"Kumar Tanksale",null,"ktanksale1@lenovo.com",null,"2025-12-18","15:42:00","28.5492154,77.2527294","Yash International",{"$nulls":3},"T3","07AGKPG0127E1ZX","North1",null,"T-3823","New Delhi","New Delhi","V5 Global",null,"Yes","Face to Face","82R4011PIN",1,"Lenovo","IdeaPad","IdeaPad 1 15ALC7","AMD Ryzenâ„¢ 5 5500U , Integrated AMD Radeonâ„¢ Graphics, 8GB , 512 GB SSD, 15.6\" FHD (1920x1080) IPS 250nits Anti-glare, 1.61 kg, C","Win 11","Thin & Light","Mainstream","AMD Ryzenâ„¢ 5 5500U","Consumer",35259,null,"NB",35259,"North1",41605.619999999995,"",null,"North1","Mainstream","Entry","-"]
[21794774,"Ishan Modha","ishan.modha@v5global.co.in",6352456143,"V5 Global","Ahmedabad",601140,"Gujarat","Gujarat",null,"V5 Global",null,null,"Darshan Shah","darshan.shah@v5global.co.in",null,"West1",null,"External Consumer","ASO","V5 Global ASO",null,"FT",null,"ASO",null,"Jaydip Kachhot","Yunus Hamid Mansoori",null,"Hemant C Baghel","Sharad verma","yunus.hamid@v5global.co.in","yunus.hamid@v5global.co.in","jkachhot@lenovo.com","hbaghel@lenovo.com","sharverm@lenovo.com","ASO","Shilpi Gautam","sgautam2@lenovo.com",null,"Hemant C Baghel",null,"hbaghel@lenovo.com",null,"2025-12-18","15:54:00","22.3007567,70.7790211","Abhay Computer",{"$nulls":3},"T3","24AIUPL9138J1ZL","West2",null,"T-14057","Girsomnath","Gujarat",null,null,"Yes","Face to Face","82X700HMIN",1,"Lenovo","IdeaPad Slim 3","Slim 3","15.6\", 8GB, 512GB, Integrated Intel UHD Graphics, Office Home 2024, Arctic Grey\t","Win 11","Thin & Light","Mainstream","Intel Core i3-1315U\t","Consumer",41000,null,"NB",41000,"West1",48380,"",null,"West1 M","Mainstream","Mainstream","i3 OS"]
[21794782,"Ishan Modha","ishan.modha@v5global.co.in",6352456143,"V5 Global","Ahmedabad",601140,"Gujarat","Gujarat",null,"V5 Global",null,null,"Darshan Shah","darshan.shah@v5global.co.in",null,"West1",null,"External Consumer","ASO","V5 Global ASO",null,"FT",null,"ASO",null,"Jaydip Kachhot","Yunus Hamid Mansoori",null,"Hemant C Baghel","Sharad verma","yunus.hamid@v5global.co.in","yunus.hamid@v5global.co.in","jkachhot@lenovo.com","hbaghel@lenovo.com","sharverm@lenovo.com","ASO","Shilpi Gautam","sgautam2@lenovo.com",null,"Hemant C Baghel",null,"hbaghel@lenovo.com",null,"2025-12-18","15:55:00","22.3007602,70.7790154","HIGH-TECH TECHNOLGY",{"$nulls":3},"Top T3","24BGYPP8570M1Z9","West2",null,"T-14060","Girsomnath","Gujarat",null,null,"Yes","Face to Face","90XS005PIN",1,"Lenovo","IdeaCentre","IdeaCentre","IntelÂ® Coreâ„¢ i3-14100 4C, 8GB DDR5/512 SSD/ WiFi 6 + BT 5.2/ 260W/ SFF 8.2Lt / Wired KeyBoard & Mouse /Win 11 Home/1 Yr Onsite","Win 11","TDT","Entry","IntelÂ® Coreâ„¢ i3-14100","Consumer",31500,null,"TDT",31500,"West1",37170,"",null,"West1 M","Entry","Entry","i3 OS"]
[21794788,"Ishan Modha","ishan.modha@v5global.co.in",6352456143,"V5 Global","Ahmedabad",601140,"Gujarat","Gujarat",null,"V5 Global",null,null,"Darshan Shah","darshan.shah@v5global.co.in",null,"West1",null,"External Consumer","ASO","V5 Global ASO",null,"FT",null,"ASO",null,"Jaydip Kachhot","Yunus Hamid Mansoori",null,"Hemant C Baghel","Sharad verma","yunus.hamid@v5global.co.in","yunus.hamid@v5global.co.in","jkachhot@lenovo.com","hbaghel@lenovo.com","sharverm@lenovo.com","ASO","Shilpi Gautam","sgautam2@lenovo.com",null,"Hemant C Baghel",null,"hbaghel@lenovo.com",null,"2025-12-18","15:56:00","22.3007491,70.7790079","Navjeevan Infotech",{"$nulls":3},"T3","24AMOPM4598B1ZT","West2",null,"T-14073","Girsomnath","Gujarat",null,null,"Yes","Face to Face","83B40004IN",1,"Lenovo","Ideapad","Ideapad 1","15.6\"FHD,8GB/512GB/I3 1315/WIN/MS OFFICE/","Win 11","Thin & Light","Entry","13 1315","Consumer",36960,null,"NB",36960,"West1",43612.799999999996,"",null,"West1 M","Mainstream","Mainstream","-"]
[21794803,"Manish Kumar ","manish.k@v5global.co.in",9815306161,"V5 Global","Chandigarh","V5294765","Punjab","Punjab",null,"V5 Global",null,null,"Shivam Kumar1","shivam.kumar1@v5global.co.in",null,"North1",null,"External Consumer","ASO","V5 Global ASO",null,"FT",null,"ASO",null,"Naveen Kumar","Gaurav Sharma",null,"Kumar Tanksale","Raghavendra Araveeti","gaurav.sharma@v5global.co.in","gaurav.sharma@v5global.co.in","nkumar12@lenovo.com","ktanksale1@lenovo.com","raraveeti@lenovo.com","ASO","Shilpi Gautam","sgautam2@lenovo.com",null,"Kumar Tanksale",null,"ktanksale1@lenovo.com",null,"2025-12-18","15:57:00","30.7168724,76.7245217","Base computer",{"$nulls":3},"T3","04AAPPD9393N1Z0","North1",null,"T-24412","Chandigarh","Chandigarh","V5 Global",null,"Yes","Telephonic","90XW0022IN",1,"Lenovo","IdeaCentre","IdeaCentre 3","Intel Core i7-13620H,10C SFF 7.4 Lt,8 GB DDR4 ,512 GB SSD","DOS","TDT","Mainstream","Intel Core i7-13620H","Consumer",55000,null,"TDT",55000,"North1",64900,"",null,"North1","Mainstream","Mainstream","-"]
[21794805,"Manish Kumar ","manish.k@v5global.co.in",9815306161,"V5 Global","Chandigarh","V5294765","Punjab","Punjab",null,"V5 Global",null,null,"Shivam Kumar1","shivam.kumar1@v5global.co.in",null,"North1",null,"External Consumer","ASO","V5 Global ASO",null,"FT",null,"ASO",null,"Naveen Kumar","Gaurav Sharma",null,"Kumar Tanksale","Raghavendra Araveeti","gaurav.sharma@v5global.co.in","gaurav.sharma@v5global.co.in","nkumar12@lenovo.com","ktanksale1@lenovo.com","raraveeti@lenovo.com","ASO","Shilpi Gautam","sgautam2@lenovo.com",null,"Kumar Tanksale",null,"ktanksale1@lenovo.com",null,"2025-12-18","15:58:00","30.7168716,76.7243591","Rudraksh Infotech",{"$nulls":3},"T3",null,"North1",null,"T-29680","Nerchowk","Chandigarh","V5 Global",null,"Yes","Face to Face","82R4011PIN",1,"Lenovo","IdeaPad","IdeaPad 1 15ALC7","AMD Ryzenâ„¢ 5 5500U , Integrated AMD Radeonâ„¢ Graphics, 8GB , 512 GB SSD, 15.6\" FHD (1920x1080) IPS 250nits Anti-glare, 1.61 kg, C","Win 11","Thin & Light","Mainstream","AMD Ryzenâ„¢ 5 5500U","Consumer",35259,null,"NB",35259,"North1",41605.619999999995,"",null,"North1","Mainstream","Entry","-"]
[21795293,"Manish Kumar ","manish.k@v5global.co.in",9815306161,"V5 Global","Chandigarh","V5294765","Punjab","Punjab",null,"V5 Global",null,null,"Shivam Kumar1","shivam.kumar1@v5global.co.in",null,"North1",null,"External Consumer","ASO","V5 Global ASO",null,"FT",null,"ASO",null,"Naveen Kumar","Gaurav Sharma",null,"Kumar Tanksale","Raghavendra Araveeti","gaurav.sharma@v5global.co.in","gaurav.sharma@v5global.co.in","nkumar12@lenovo.com","ktanksale1@lenovo.com","raraveeti@lenovo.com","ASO","Shilpi Gautam","sgautam2@lenovo.com",null,"Kumar Tanksale",null,"ktanksale1@lenovo.com",null,"2025-12-18","15:58:00","30.7169099,76.7243084","RELIABLE COMPUTER",{"$nulls":3},"T3","02BHXPK9682D1ZV","North1",null,"T-3400","Hamirpur","Himachal Pradesh","Denave",null,"Yes","Face to Face","83JE00U6IN",1,"Lenovo","LOQ","LOQ 15IRX10","Lenovo LOQ(i7-14700HX/16GB /1TBSSD/W11+MSO24+AI NOW/RTX5050,8GB/15.6\"FHD,144Hz /1yr)Gry-83JE00U5IN","Win 11","Gaming","Premium","RTX5050,8GB/15.6\"FHD,144Hz /1yr)Gr","Consumer",104228,null,"NB",104228,"North1",122989.04,"SP","Gaming","North1","Premium","Premium","-"]
[21795294,"Manish Kumar ","manish.k@v5global.co.in",9815306161,"V5 Global","Chandigarh","V5294765","Punjab","Punjab",null,"V5 Global",null,null,"Shivam Kumar1","shivam.kumar1@v5global.co.in",null,"North1",null,"External Consumer","ASO","V5 Global ASO",null,"FT",null,"ASO",null,"Naveen Kumar","Gaurav Sharma",null,"Kumar Tanksale","Raghavendra Araveeti","gaurav.sharma@v5global.co.in","gaurav.sharma@v5global.co.in","nkumar12@lenovo.com","ktanksale1@lenovo.com","raraveeti@lenovo.com","ASO","Shilpi Gautam","sgautam2@lenovo.com",null,"Kumar Tanksale",null,"ktanksale1@lenovo.com",null,"2025-12-18","15:59:00","30.7169175,76.7242773","Badyal Computer",{"$nulls":3},"T3",null,"North1",null,"T-20686","Chamba","Himachal Pradesh","Denave",null,"Yes","Face to Face","F0HN00PGIN",1,"Lenovo","AIO","AIO i-24IRH9","i3-1315U-8-512-UHD-W11-O24-23.80","Win 11","AIO","Mainstream","i3-1315U","Consumer",57990,null,"AIO",57990,"North1",68428.2,"",null,"North1","Premium","Mainstream","i3 OS"]
[21795295,"Manish Kumar ","manish.k@v5global.co.in",9815306161,"V5 Global","Chandigarh","V5294765","Punjab","Punjab",null,"V5 Global",null,null,"Shivam Kumar1","shivam.kumar1@v5global.co.in",null,"North1",null,"External Consumer","ASO","V5 Global ASO",null,"FT",null,"ASO",null,"Naveen Kumar","Gaurav Sharma",null,"Kumar Tanksale","Raghavendra Araveeti","gaurav.sharma@v5global.co.in","gaurav.sharma@v5global.co.in","nkumar12@lenovo.com","ktanksale1@lenovo.com","raraveeti@lenovo.com","ASO","Shilpi Gautam","sgautam2@lenovo.com",null,"Kumar Tanksale",null,"ktanksale1@lenovo.com",null,"2025-12-18","15:59:00","30.7169035,76.7242595","STEFFI CYBER MAGIC",{"$nulls":3},"T3","02COMPS5636C1ZY","North1",null,"T-3408","Chamba","Himachal Pradesh","Denave",null,"Yes","Face to Face","F0HN00PGIN",1,"Lenovo","AIO","AIO i-24IRH9","i3-1315U-8-512-UHD-W11-O24-23.80","Win 11","AIO","Mainstream","i3-1315U","Consumer",57990,null,"AIO",57990,"North1",68428.2,"",null,"North1","Premium","Mainstream","i3 OS"]
[21795296,"Manish Kumar ","manish.k@v5global.co.in",9815306161,"V5 Global","Chandigarh","V5294765","Punjab","Punjab",null,"V5 Global",null,null,"Shivam Kumar1","shivam.kumar1@v5global.co.in",null,"North1",null,"External Consumer","ASO","V5 Global ASO",null,"FT",null,"ASO",null,"Naveen Kumar","Gaurav Sharma",null,"Kumar Tanksale","Raghavendra Araveeti","gaurav.sharma@v5global.co.in","gaurav.sharma@v5global.co.in","nkumar12@lenovo.com","ktanksale1@lenovo.com","raraveeti@lenovo.com","ASO","Shilpi Gautam","sgautam2@lenovo.com",null,"Kumar Tanksale",null,"ktanksale1@lenovo.com",null,"2025-12-18","16:00:00","30.7168951,76.7242456","City computer",{"$nulls":3},"T3",null,"North1",null,"T-20590","Kullu","Himachal Pradesh","Denave",null,"Yes","Face to Face","83LK00D9IN",1,"Lenovo","LOQ","Lenovo LOQ 15IAX9E","\"15.6\"\" FHD (1920x1080) IPS 300nits Anti-glare, 100% sRGB, 144Hz / 1x 16GB SODIMM DDR5-4800, \t Up to 32GB DDR5-4800/ 512GB SSD M","Win 11","Gaming","Premium","IntelÂ® Core i7-12650HX, 14C (6P + 8E)","Consumer",63062,null,"NB",63062,"North1",74413.15999999999,"SP","Gaming","North1","Premium","Premium","-"]
[21795298,"Manish Kumar ","manish.k@v5global.co.in",9815306161,"V5 Global","Chandigarh","V5294765","Punjab","Punjab",null,"V5 Global",null,null,"Shivam Kumar1","shivam.kumar1@v5global.co.in",null,"North1",null,"External Consumer","ASO","V5 Global ASO",null,"FT",null,"ASO",null,"Naveen Kumar","Gaurav Sharma",null,"Kumar Tanksale","Raghavendra Araveeti","gaurav.sharma@v5global.co.in","gaurav.sharma@v5global.co.in","nkumar12@lenovo.com","ktanksale1@lenovo.com","raraveeti@lenovo.com","ASO","Shilpi Gautam","sgautam2@lenovo.com",null,"Kumar Tanksale",null,"ktanksale1@lenovo.com",null,"2025-12-18","16:00:00","30.7168893,76.7242403","COMPUTER SOLUTIONS",{"$nulls":3},"T3",null,"North1",null,"T-3372","Kullu","Himachal Pradesh","Denave",null,"Yes","Telephonic","83JC00EFIN",1,"Lenovo","LOQ","LOQ 15ARP9","NB LOQ 15ARP9 R5 24G 512G 11S","Win 11","Gaming","Premium","R5 7235HS","Consumer",67578,null,"NB",67578,"North1",79742.04,"SP","Gaming","North1","Premium","Premium","-"]
[21794844,"Siddhartha Saha ","sidhartha.saha@v5global.co.in",9874293392,"V5 Global","Medinipur","V5367944","West Bengal","West Bengal",null,"V5 Global",null,null,"Sukamal Saha","sukamal.saha@v5global.co.in",null,"East1",null,"External Consumer","ASO","V5 Global ASO",null,"FT",null,"ASO",null,"Kapil Tiwari","Amit Thakuri",null,"Amit Tiwari","Raghavendra Araveeti","amit.thakuri@v5global.co.in","amit.thakuri@v5global.co.in","ktiwari1@lenovo.com","atiwari11@lenovo.com","raraveeti@lenovo.com","ASO","Shilpi Gautam","sgautam2@lenovo.com",null,"Amit Tiwari",null,"atiwari11@lenovo.com",null,"2025-12-18","16:04:00","22.5934184,88.3562615","Micro Hard",{"$nulls":3},"T3","19ABJPH4868H1Z8","East1",null,"T-1426","Jhargram","West Bengal","V5 Global",null,"Yes","Face to Face","83JE00U6IN",1,"Lenovo","LOQ","LOQ 15IRX10","Lenovo LOQ(i7-14700HX/16GB /1TBSSD/W11+MSO24+AI NOW/RTX5050,8GB/15.6\"FHD,144Hz /1yr)Gry-83JE00U5IN","Win 11","Gaming","Premium","RTX5050,8GB/15.6\"FHD,144Hz /1yr)Gr","Consumer",104228,null,"NB",104228,"East1",122989.04,"SP","Gaming","East1","Premium","Premium","-"]
[21794844,"Siddhartha Saha ","sidhartha.saha@v5global.co.in",9874293392,"V5 Global","Medinipur","V5367944","West Bengal","West Bengal",null,"V5 Global",null,null,"Sukamal Saha","sukamal.saha@v5global.co.in",null,"East1",null,"External Consumer","ASO","V5 Global ASO",null,"FT",null,"ASO",null,"Kapil Tiwari","Amit Thakuri",null,"Amit Tiwari","Raghavendra Araveeti","amit.thakuri@v5global.co.in","amit.thakuri@v5global.co.in","ktiwari1@lenovo.com","atiwari11@lenovo.com","raraveeti@lenovo.com","ASO","Shilpi Gautam","sgautam2@lenovo.com",null,"Amit Tiwari",null,"atiwari11@lenovo.com",null,"2025-12-18","16:04:00","22.5934184,88.3562615","Micro Hard",{"$nulls":3},"T3","19ABJPH4868H1Z8","East1",null,"T-1426","Jhargram","West Bengal","V5 Global",null,"Yes","Face to Face","90XW005UIN",1,"Lenovo","IdeaCentre","IdeaCentre 08IRH9","8GB RAM/512 GB SSD/Integrated Graphics/WINDOWS 11","Win 11","TDT","Entry","CORE I5","Consumer",32619,null,"TDT",32619,"East1",38490.42,"",null,"East1","Entry","Mainstream","NA"]
[21794844,"Siddhartha Saha ","sidhartha.saha@v5global.co.in",9874293392,"V5 Global","Medinipur","V5367944","West Bengal","West Bengal",null,"V5 Global",null,null,"Sukamal Saha","sukamal.saha@v5global.co.in",null,"East1",null,"External Consumer","ASO","V5 Global ASO",null,"FT",null,"ASO",null,"Kapil Tiwari","Amit Thakuri",null,"Amit Tiwari","Raghavendra Araveeti","amit.thakuri@v5global.co.in","amit.thakuri@v5global.co.in","ktiwari1@lenovo.com","atiwari11@lenovo.com","raraveeti@lenovo.com","ASO","Shilpi Gautam","sgautam2@lenovo.com",null,"Amit Tiwari",null,"atiwari11@lenovo.com",null,"2025-12-18","16:04:00","22.5934184,88.3562615","Micro Hard",{"$nulls":3},"T3","19ABJPH4868H1Z8","East1",null,"T-1426","Jhargram","West Bengal","V5 Global",null,"Yes","Face to Face","67AFKACBIN",1,"Lenovo","L Series","L22E-40","LEN L22E-40 21.5 VA 75 HZ HDMI","NA","Visual Variants","Entry","NA","Visuals",7900,null,null,7900,"East1",9322,"",null,"East1","Entry","Entry","-"]
[21794855,"Siddhartha Saha ","sidhartha.saha@v5global.co.in",9874293392,"V5 Global","Medinipur","V5367944","West Bengal","West Bengal",null,"V5 Global",null,null,"Sukamal Saha","sukamal.saha@v5global.co.in",null,"East1",null,"External Consumer","ASO","V5 Global ASO",null,"FT",null,"ASO",null,"Kapil Tiwari","Amit Thakuri",null,"Amit Tiwari","Raghavendra Araveeti","amit.thakuri@v5global.co.in","amit.thakuri@v5global.co.in","ktiwari1@lenovo.com","atiwari11@lenovo.com","raraveeti@lenovo.com","ASO","Shilpi Gautam","sgautam2@lenovo.com",null,"Amit Tiwari",null,"atiwari11@lenovo.com",null,"2025-12-18","16:05:00","22.5934191,88.3562192","Prime Infotech",{"$nulls":3},"T3","19AEXPD9789C1ZO","East1",null,"T-29968","Jhargram","West Bengal","V5 Global",null,"Yes","Face to Face","82R4011NIN",1,"Lenovo","IDEA PAD SLIM1","IDEA PAD SLIM1","R5 /5500U/8 GB RAM/512 TB SSD/INT.","WIn 11","Thin & Light","Mainstream","R5","Consumer",35000,null,"NB",35000,"East1",41300,"",null,"East1","Mainstream","Entry","-"]
[21794858,"Siddhartha Saha ","sidhartha.saha@v5global.co.in",9874293392,"V5 Global","Medinipur","V5367944","West Bengal","West Bengal",null,"V5 Global",null,null,"Sukamal Saha","sukamal.saha@v5global.co.in",null,"East1",null,"External Consumer","ASO","V5 Global ASO",null,"FT",null,"ASO",null,"Kapil Tiwari","Amit Thakuri",null,"Amit Tiwari","Raghavendra Araveeti","amit.thakuri@v5global.co.in","amit.thakuri@v5global.co.in","ktiwari1@lenovo.com","atiwari11@lenovo.com","raraveeti@lenovo.com","ASO","Shilpi Gautam","sgautam2@lenovo.com",null,"Amit Tiwari",null,"atiwari11@lenovo.com",null,"2025-12-18","16:05:00","22.5933896,88.3561767","New Smart Computer",{"$nulls":3},"T3","19FDDPS2918J1Z2","East1",null,"T-30908","Paschim Mednipur","West Bengal","V5 Global",null,"Yes","Face to Face","82R4011NIN",1,"Lenovo","IDEA PAD SLIM1","IDEA PAD SLIM1","R5 /5500U/8 GB RAM/512 TB SSD/INT.","WIn 11","Thin & Light","Mainstream","R5","Consumer",35000,null,"NB",35000,"East1",41300,"",null,"East1","Mainstream","Entry","-"]
[21794862,"Siddhartha Saha ","sidhartha.saha@v5global.co.in",9874293392,"V5 Global","Medinipur","V5367944","West Bengal","West Bengal",null,"V5 Global",null,null,"Sukamal Saha","sukamal.saha@v5global.co.in",null,"East1",null,"External Consumer","ASO","V5 Global ASO",null,"FT",null,"ASO",null,"Kapil Tiwari","Amit Thakuri",null,"Amit Tiwari","Raghavendra Araveeti","amit.thakuri@v5global.co.in","amit.thakuri@v5global.co.in","ktiwari1@lenovo.com","atiwari11@lenovo.com","raraveeti@lenovo.com","ASO","Shilpi Gautam","sgautam2@lenovo.com",null,"Amit Tiwari",null,"atiwari11@lenovo.com",null,"2025-12-18","16:06:00","22.5934215,88.3561729","TECHNO WORLD",{"$nulls":3},"T3","19BMJPS4701E1ZZ","East1",null,"T-1495","Medinipur","West Bengal","V5 Global",null,"Yes","Face to Face","82X700HMIN",1,"Lenovo","IdeaPad Slim 3","Slim 3","15.6\", 8GB, 512GB, Integrated Intel UHD Graphics, Office Home 2024, Arctic Grey\t","Win 11","Thin & Light","Mainstream","Intel Core i3-1315U\t","Consumer",41000,null,"NB",41000,"East1",48380,"",null,"East1","Mainstream","Mainstream","i3 OS"]
[21794882,"Siddhartha Saha ","sidhartha.saha@v5global.co.in",9874293392,"V5 Global","Medinipur","V5367944","West Bengal","West Bengal",null,"V5 Global",null,null,"Sukamal Saha","sukamal.saha@v5global.co.in",null,"East1",null,"External Consumer","ASO","V5 Global ASO",null,"FT",null,"ASO",null,"Kapil Tiwari","Amit Thakuri",null,"Amit Tiwari","Raghavendra Araveeti","amit.thakuri@v5global.co.in","amit.thakuri@v5global.co.in","ktiwari1@lenovo.com","atiwari11@lenovo.com","raraveeti@lenovo.com","ASO","Shilpi Gautam","sgautam2@lenovo.com",null,"Amit Tiwari",null,"atiwari11@lenovo.com",null,"2025-12-18","16:09:00","22.5934357,88.3562294","NEW KUMUDINI RADIO CENTRE",{"$nulls":3},"T3","19AKXPS3972J1Z0","East1",null,"T-1439","Medinipur","West Bengal",null,null,"Yes","Face to Face","83K100CAIN",1,"Lenovo","Ideapad","Slim 3","NB IP Slim 3 15IRH10 I5 8G 512G 11S","Win 11","Thin & Light","Premium","i5 13420H/8GB/512GB SSD","Consumer",56251,null,"NB",56251,"East1",66376.18,"",null,"East1","Premium","Mainstream","-"]
[21794889,"Siddhartha Saha ","sidhartha.saha@v5global.co.in",9874293392,"V5 Global","Medinipur","V5367944","West Bengal","West Bengal",null,"V5 Global",null,null,"Sukamal Saha","sukamal.saha@v5global.co.in",null,"East1",null,"External Consumer","ASO","V5 Global ASO",null,"FT",null,"ASO",null,"Kapil Tiwari","Amit Thakuri",null,"Amit Tiwari","Raghavendra Araveeti","amit.thakuri@v5global.co.in","amit.thakuri@v5global.co.in","ktiwari1@lenovo.com","atiwari11@lenovo.com","raraveeti@lenovo.com","ASO","Shilpi Gautam","sgautam2@lenovo.com",null,"Amit Tiwari",null,"atiwari11@lenovo.com",null,"2025-12-18","16:09:00","22.5933867,88.3561776","INFOTRONICS",{"$nulls":3},"T3","19BSGPG1578Q1Z0","East1",null,"T-1409","Medinipur","West Bengal",null,null,"Yes","Face to Face","83K000B8IN",1,"Lenovo","Ideapad","IdeaPad Slim 3","15.6\" FHD (1920x1080),16GB Ram, 512 GB SSD, ,MS OFFICE 2024  Luna Grey","Win 11","Thin & Light","Premium","IntelÂ® Coreâ„¢ i5-13420H","Consumer",65000,null,"NB",65000,"East1",76700,"SP","Non-Gaming","East1","Premium","Premium","-"]
[21794897,"Siddhartha Saha ","sidhartha.saha@v5global.co.in",9874293392,"V5 Global","Medinipur","V5367944","West Bengal","West Bengal",null,"V5 Global",null,null,"Sukamal Saha","sukamal.saha@v5global.co.in",null,"East1",null,"External Consumer","ASO","V5 Global ASO",null,"FT",null,"ASO",null,"Kapil Tiwari","Amit Thakuri",null,"Amit Tiwari","Raghavendra Araveeti","amit.thakuri@v5global.co.in","amit.thakuri@v5global.co.in","ktiwari1@lenovo.com","atiwari11@lenovo.com","raraveeti@lenovo.com","ASO","Shilpi Gautam","sgautam2@lenovo.com",null,"Amit Tiwari",null,"atiwari11@lenovo.com",null,"2025-12-18","16:10:00","22.5934087,88.3562309","SRA INFOTECH",{"$nulls":4},"19AFSPJ4357A1ZB","East1",null,"T-31539","Paschim Mednipur","West Bengal","V5 Global",null,"Yes","Face to Face","83K100CAIN",1,"Lenovo","Ideapad","Slim 3","NB IP Slim 3 15IRH10 I5 8G 512G 11S","Win 11","Thin & Light","Premium","i5 13420H/8GB/512GB SSD","Consumer",56251,null,"NB",56251,"East1",66376.18,"",null,"East1","Premium","Mainstream","-"]
[21794904,"Siddhartha Saha ","sidhartha.saha@v5global.co.in",9874293392,"V5 Global","Medinipur","V5367944","West Bengal","West Bengal",null,"V5 Global",null,null,"Sukamal Saha","sukamal.saha@v5global.co.in",null,"East1",null,"External Consumer","ASO","V5 Global ASO",null,"FT",null,"ASO",null,"Kapil Tiwari","Amit Thakuri",null,"Amit Tiwari","Raghavendra Araveeti","amit.thakuri@v5global.co.in","amit.thakuri@v5global.co.in","ktiwari1@lenovo.com","atiwari11@lenovo.com","raraveeti@lenovo.com","ASO","Shilpi Gautam","sgautam2@lenovo.com",null,"Amit Tiwari",null,"atiwari11@lenovo.com",null,"2025-12-18","16:10:00","22.5934083,88.356207","ELEGANT COMPUTER",{"$nulls":3},"T3","19AQQPP3967R1ZF","East1",null,"T-1385","Howrah","West Bengal","V5 Global",null,"Yes","Face to Face","82LX00F7IN",2,"Lenovo","Ideapad","Slim 1","LEN N4500 8GB 512GB SSD WIN11  1YR","Win 11","Thin & Light","Entry","N4500","Consumer",25900,null,"NB",51800,"East1",30562,"",null,"East1","Entry","Entry","-"]
[21794904,"Siddhartha Saha ","sidhartha.saha@v5global.co.in",9874293392,"V5 Global","Medinipur","V5367944","West Bengal","West Bengal",null,"V5 Global",null,null,"Sukamal Saha","sukamal.saha@v5global.co.in",null,"East1",null,"External Consumer","ASO","V5 Global ASO",null,"FT",null,"ASO",null,"Kapil Tiwari","Amit Thakuri",null,"Amit Tiwari","Raghavendra Araveeti","amit.thakuri@v5global.co.in","amit.thakuri@v5global.co.in","ktiwari1@lenovo.com","atiwari11@lenovo.com","raraveeti@lenovo.com","ASO","Shilpi Gautam","sgautam2@lenovo.com",null,"Amit Tiwari",null,"atiwari11@lenovo.com",null,"2025-12-18","16:10:00","22.5934083,88.356207","ELEGANT COMPUTER",{"$nulls":3},"T3","19AQQPP3967R1ZF","East1",null,"T-1385","Howrah","West Bengal","V5 Global",null,"Yes","Face to Face","82R4011NIN",2,"Lenovo","IDEA PAD SLIM1","IDEA PAD SLIM1","R5 /5500U/8 GB RAM/512 TB SSD/INT.","WIn 11","Thin & Light","Mainstream","R5","Consumer",35000,null,"NB",70000,"East1",41300,"",null,"East1","Mainstream","Entry","-"]
[21794906,"Siddhartha Saha ","sidhartha.saha@v5global.co.in",9874293392,"V5 Global","Medinipur","V5367944","West Bengal","West Bengal",null,"V5 Global",null,null,"Sukamal Saha","sukamal.saha@v5global.co.in",null,"East1",null,"External Consumer","ASO","V5 Global ASO",null,"FT",null,"ASO",null,"Kapil Tiwari","Amit Thakuri",null,"Amit Tiwari","Raghavendra Araveeti","amit.thakuri@v5global.co.in","amit.thakuri@v5global.co.in","ktiwari1@lenovo.com","atiwari11@lenovo.com","raraveeti@lenovo.com","ASO","Shilpi Gautam","sgautam2@lenovo.com",null,"Amit Tiwari",null,"atiwari11@lenovo.com",null,"2025-12-18","16:11:00","22.5933711,88.356175","TANMOY TRADING CO.",{"$nulls":3},"T3","19ARSPD6487D1ZB","East1",null,"T-1491","Howrah","West Bengal","V5 Global",null,"Yes","Face to Face","83LK0031IN",1,"Lenovo","LOQ","LOQ 15IAX9E","NB LOQ 15IAX9E I5 12G 512G 11S","Win 11","Gaming","Mainstream","i5 12450HX","Consumer",59068,null,"NB",59068,"East1",69700.23999999999,"",null,"East1","Premium","Mainstream","-"]
[21794916,"Siddhartha Saha ","sidhartha.saha@v5global.co.in",9874293392,"V5 Global","Medinipur","V5367944","West Bengal","West Bengal",null,"V5 Global",null,null,"Sukamal Saha","sukamal.saha@v5global.co.in",null,"East1",null,"External Consumer","ASO","V5 Global ASO",null,"FT",null,"ASO",null,"Kapil Tiwari","Amit Thakuri",null,"Amit Tiwari","Raghavendra Araveeti","amit.thakuri@v5global.co.in","amit.thakuri@v5global.co.in","ktiwari1@lenovo.com","atiwari11@lenovo.com","raraveeti@lenovo.com","ASO","Shilpi Gautam","sgautam2@lenovo.com",null,"Amit Tiwari",null,"atiwari11@lenovo.com",null,"2025-12-18","16:12:00","22.5933651,88.3562064","Computer Corner",{"$nulls":3},"T3","19CPCPM7513P1ZA","East1",null,"T-1346","Jhargram","West Bengal","V5 Global",null,"Yes","Face to Face","83JG008NIN",1,"Lenovo","LOQ","LOQ","15.6  24GB RAM 1TB RTX 5050 W11 MS24 GREY","Win 11","Gaming","Premium","AI 7 250","Consumer",112990,null,"NB",112990,"East1",133328.19999999998,"SP","Gaming","East1","Premium","Premium","-"]
[21794967,"Siddhartha Saha ","sidhartha.saha@v5global.co.in",9874293392,"V5 Global","Medinipur","V5367944","West Bengal","West Bengal",null,"V5 Global",null,null,"Sukamal Saha","sukamal.saha@v5global.co.in",null,"East1",null,"External Consumer","ASO","V5 Global ASO",null,"FT",null,"ASO",null,"Kapil Tiwari","Amit Thakuri",null,"Amit Tiwari","Raghavendra Araveeti","amit.thakuri@v5global.co.in","amit.thakuri@v5global.co.in","ktiwari1@lenovo.com","atiwari11@lenovo.com","raraveeti@lenovo.com","ASO","Shilpi Gautam","sgautam2@lenovo.com",null,"Amit Tiwari",null,"atiwari11@lenovo.com",null,"2025-12-18","16:22:00","22.5933875,88.3562347","M Electronics",{"$nulls":3},"T3",null,"East1",null,"T-23007","East Medinipur","West Bengal","V5 Global",null,"Yes","Face to Face","82LX00F7IN",1,"Lenovo","Ideapad","Slim 1","LEN N4500 8GB 512GB SSD WIN11  1YR","Win 11","Thin & Light","Entry","N4500","Consumer",25900,null,"NB",25900,"East1",30562,"",null,"East1","Entry","Entry","-"]
[21794970,"Siddhartha Saha ","sidhartha.saha@v5global.co.in",9874293392,"V5 Global","Medinipur","V5367944","West Bengal","West Bengal",null,"V5 Global",null,null,"Sukamal Saha","sukamal.saha@v5global.co.in",null,"East1",null,"External Consumer","ASO","V5 Global ASO",null,"FT",null,"ASO",null,"Kapil Tiwari","Amit Thakuri",null,"Amit Tiwari","Raghavendra Araveeti","amit.thakuri@v5global.co.in","amit.thakuri@v5global.co.in","ktiwari1@lenovo.com","atiwari11@lenovo.com","raraveeti@lenovo.com","ASO","Shilpi Gautam","sgautam2@lenovo.com",null,"Amit Tiwari",null,"atiwari11@lenovo.com",null,"2025-12-18","16:23:00","22.5933682,88.3561267","SKYTECH",{"$nulls":3},"T3","19AOUPB2247J1ZM","East1",null,"T-1474","Medinipur","West Bengal","V5 Global",null,"Yes","Face to Face","82R4011NIN",1,"Lenovo","IDEA PAD SLIM1","IDEA PAD SLIM1","R5 /5500U/8 GB RAM/512 TB SSD/INT.","WIn 11","Thin & Light","Mainstream","R5","Consumer",35000,null,"NB",35000,"East1",41300,"",null,"East1","Mainstream","Entry","-"]
[21795061,"Ashwani Kumar","ashwani.kumar@v5global.co.in",7827383769,"V5 Global","Delhi","V5262001","Delhi","Delhi",null,"V5 Global",null,null,"Mohd Asif","mohd.asif@v5global.co.in",null,"North1",null,"External Consumer","ASO","V5 Global ASO",null,"FT",null,"ASO",null,"Kanwaldeep Singh","Gaurav Sharma",null,"Kumar Tanksale","Raghavendra Araveeti","gaurav.sharma@v5global.co.in","gaurav.sharma@v5global.co.in","ksingh15@lenovo.com","ktanksale1@lenovo.com","raraveeti@lenovo.com","ASO","Shilpi Gautam","sgautam2@lenovo.com",null,"Kumar Tanksale",null,"ktanksale1@lenovo.com",null,"2025-12-18","16:42:00","28.5479782,77.2522076","Rmv Info Solution",{"$nulls":3},"T3","07APAPK0011J1ZI","North1",null,"T-3824","New Delhi","New Delhi","V5 Global",null,"Yes","Face to Face","90XW005UIN",1,"Lenovo","IdeaCentre","IdeaCentre 08IRH9","8GB RAM/512 GB SSD/Integrated Graphics/WINDOWS 11","Win 11","TDT","Entry","CORE I5","Consumer",32619,null,"TDT",32619,"North1",38490.42,"",null,"North1","Entry","Mainstream","NA"]
[21795162,"Pran Pratap Singh","pran.singh@v5global.co.in",9001585718,"V5 Global","Jaipur","V5459442","Jaipur","Rajasthan",null,"V5 Global",null,null,"Gourav Jain","gourav.jain@v5global.co.in",null,"North1",null,"External Consumer","ASO","V5 Global ASO",null,"FT",null,"ASO",null,"Ganga Singh","Gaurav Sharma",null,"Kumar Tanksale","Raghavendra Araveeti","gaurav.sharma@v5global.co.in","gaurav.sharma@v5global.co.in","gsingh24@lenovo.com","ktanksale1@lenovo.com","raraveeti@lenovo.com","ASO","Shilpi Gautam","sgautam2@lenovo.com",null,"Kumar Tanksale",null,"ktanksale1@lenovo.com",null,"2025-12-18","17:03:00","26.903253,75.7758477","K.N.COMPUTERS",{"$nulls":3},"T3",null,"West2",null,"T-15672","Jaipur","Rajasthan","Denave",null,"Yes","Face to Face","F0J6005FIN",1,"Lenovo","AIO","Lenovo A100","23.8\" FHD/8GB RAM/512 SSD/Integrated Graphics/MSO 2024/White","Win 11","AIO","Entry","Intel N100","Consumer",32000,null,"AIO",32000,"North1",37760,"",null,"North1","Entry","Entry","-"]
[21795038,"Umer Farooq Bhat","umer.farooq@v5global.co.in",7006131255,"V5 Global","Srinagar","V5266190","Jammu and Kashmir","Jammu and Kashmir",null,"V5 Global",null,null,"Shivam Kumar1","shivam.kumar1@v5global.co.in",null,"North1",null,"External Consumer","ASO","V5 Global ASO",null,"FT",null,"ASO",null,"Karan Kapoor","Gaurav Sharma",null,"Kumar Tanksale","Raghavendra Araveeti","gaurav.sharma@v5global.co.in","gaurav.sharma@v5global.co.in","Kkapoor@lenovo.com","ktanksale1@lenovo.com","raraveeti@lenovo.com","ASO","Shilpi Gautam","sgautam2@lenovo.com",null,"Kumar Tanksale",null,"ktanksale1@lenovo.com",null,"2025-12-18","17:28:00","34.07375588505143,74.81968436390162","SYBEX THE TECHNOCITY",{"$nulls":3},"T3","01BFYPR0946G1Z6","North1",null,"T-30870","srinagar","Jammu And Kashmir","V5 Global",null,"Yes","Face to Face","83JC00HNIN",1,"Lenovo","LOQ","LOQ","Lenovo LOQ 15 R7 7235HS Gen Gaming Laptop (12GB, 512GB SSD, Windows 11 Home, 4GB Graphics, 15.6 inch 144 Hz Full HD IPS Display,","Win 11","Thin & Light","Premium","R7 7235HS","Consumer",50000,null,"NB",50000,"North1",59000,"",null,"North1","Mainstream","Premium","-"]
[21795423,"Ashwani Kumar","ashwani.kumar@v5global.co.in",7827383769,"V5 Global","Delhi","V5262001","Delhi","Delhi",null,"V5 Global",null,null,"Mohd Asif","mohd.asif@v5global.co.in",null,"North1",null,"External Consumer","ASO","V5 Global ASO",null,"FT",null,"ASO",null,"Kanwaldeep Singh","Gaurav Sharma",null,"Kumar Tanksale","Raghavendra Araveeti","gaurav.sharma@v5global.co.in","gaurav.sharma@v5global.co.in","ksingh15@lenovo.com","ktanksale1@lenovo.com","raraveeti@lenovo.com","ASO","Shilpi Gautam","sgautam2@lenovo.com",null,"Kumar Tanksale",null,"ktanksale1@lenovo.com",null,"2025-12-18","17:46:00","28.5485407,77.2515687","Panchsheel Solution",{"$nulls":3},"T3","07AAAPW4868N2ZV","North1",null,"T-3825","New Delhi","New Delhi","V5 Global",null,"Yes","Face to Face","90XS005PIN",1,"Lenovo","IdeaCentre","IdeaCentre","IntelÂ® Coreâ„¢ i3-14100 4C, 8GB DDR5/512 SSD/ WiFi 6 + BT 5.2/ 260W/ SFF 8.2Lt / Wired KeyBoard & Mouse /Win 11 Home/1 Yr Onsite","Win 11","TDT","Entry","IntelÂ® Coreâ„¢ i3-14100","Consumer",31500,null,"TDT",31500,"North1",37170,"",null,"North1","Entry","Entry","i3 OS"]
[21795589,"Sukanta Sinha","sukanta.sinha@v5global.co.in",9854184578,"V5 Global","Guwahati","V5266867","NE","NE",null,"V5 Global",null,null,"Sukamal Saha","sukamal.saha@v5global.co.in",null,"East1",null,"External Consumer","ASO","V5 Global ASO",null,"FT",null,"ASO",null,"Partha Chakraborty","Amit Thakuri",null,"Amit Tiwari","Raghavendra Araveeti","amit.thakuri@v5global.co.in","amit.thakuri@v5global.co.in","pchakraborty@lenovo.com","atiwari11@lenovo.com","raraveeti@lenovo.com","ASO","Shilpi Gautam","sgautam2@lenovo.com",null,"Amit Tiwari",null,"atiwari11@lenovo.com",null,"2025-12-18","18:08:00","25.5756379,91.8807304","HOC Store",{"$nulls":3},"T3","17BHIPS5170B1ZC","East1",null,"T-29876","Shillong","Meghalaya","V5 Global",null,"Yes","Face to Face","83LK00D9IN",1,"Lenovo","LOQ","Lenovo LOQ 15IAX9E","\"15.6\"\" FHD (1920x1080) IPS 300nits Anti-glare, 100% sRGB, 144Hz / 1x 16GB SODIMM DDR5-4800, \t Up to 32GB DDR5-4800/ 512GB SSD M","Win 11","Gaming","Premium","IntelÂ® Core i7-12650HX, 14C (6P + 8E)","Consumer",63062,null,"NB",63062,"East1",74413.15999999999,"SP","Gaming","East1","Premium","Premium","-"]
[21795589,"Sukanta Sinha","sukanta.sinha@v5global.co.in",9854184578,"V5 Global","Guwahati","V5266867","NE","NE",null,"V5 Global",null,null,"Sukamal Saha","sukamal.saha@v5global.co.in",null,"East1",null,"External Consumer","ASO","V5 Global ASO",null,"FT",null,"ASO",null,"Partha Chakraborty","Amit Thakuri",null,"Amit Tiwari","Raghavendra Araveeti","amit.thakuri@v5global.co.in","amit.thakuri@v5global.co.in","pchakraborty@lenovo.com","atiwari11@lenovo.com","raraveeti@lenovo.com","ASO","Shilpi Gautam","sgautam2@lenovo.com",null,"Amit Tiwari",null,"atiwari11@lenovo.com",null,"2025-12-18","18:08:00","25.5756379,91.8807304","HOC Store",{"$nulls":3},"T3","17BHIPS5170B1ZC","East1",null,"T-29876","Shillong","Meghalaya","V5 Global",null,"Yes","Face to Face","F0J6005GIN",1,"Lenovo","AIO","A100","IntelÂ® Coreâ„¢ i3-N305/8GB SO-DIMM DDR4-3200/512GB SSD/Integrated IntelÂ® UHD Graphics/WindowsÂ® 11,Cloud Grey","Win 11","AIO","Mainstream","IntelÂ® Coreâ„¢ i3-N305","Consumer",49000,null,"AIO",49000,"East1",57820,"",null,"East1","Mainstream","Mainstream","i3 OS"]
[21795589,"Sukanta Sinha","sukanta.sinha@v5global.co.in",9854184578,"V5 Global","Guwahati","V5266867","NE","NE",null,"V5 Global",null,null,"Sukamal Saha","sukamal.saha@v5global.co.in",null,"East1",null,"External Consumer","ASO","V5 Global ASO",null,"FT",null,"ASO",null,"Partha Chakraborty","Amit Thakuri",null,"Amit Tiwari","Raghavendra Araveeti","amit.thakuri@v5global.co.in","amit.thakuri@v5global.co.in","pchakraborty@lenovo.com","atiwari11@lenovo.com","raraveeti@lenovo.com","ASO","Shilpi Gautam","sgautam2@lenovo.com",null,"Amit Tiwari",null,"atiwari11@lenovo.com",null,"2025-12-18","18:08:00","25.5756379,91.8807304","HOC Store",{"$nulls":3},"T3","17BHIPS5170B1ZC","East1",null,"T-29876","Shillong","Meghalaya","V5 Global",null,"Yes","Face to Face","90XS005PIN",1,"Lenovo","IdeaCentre","IdeaCentre","IntelÂ® Coreâ„¢ i3-14100 4C, 8GB DDR5/512 SSD/ WiFi 6 + BT 5.2/ 260W/ SFF 8.2Lt / Wired KeyBoard & Mouse /Win 11 Home/1 Yr Onsite","Win 11","TDT","Entry","IntelÂ® Coreâ„¢ i3-14100","Consumer",31500,null,"TDT",31500,"East1",37170,"",null,"East1","Entry","Entry","i3 OS"]
[21795713,"Ashwani Kumar","ashwani.kumar@v5global.co.in",7827383769,"V5 Global","Delhi","V5262001","Delhi","Delhi",null,"V5 Global",null,null,"Mohd Asif","mohd.asif@v5global.co.in",null,"North1",null,"External Consumer","ASO","V5 Global ASO",null,"FT",null,"ASO",null,"Kanwaldeep Singh","Gaurav Sharma",null,"Kumar Tanksale","Raghavendra Araveeti","gaurav.sharma@v5global.co.in","gaurav.sharma@v5global.co.in","ksingh15@lenovo.com","ktanksale1@lenovo.com","raraveeti@lenovo.com","ASO","Shilpi Gautam","sgautam2@lenovo.com",null,"Kumar Tanksale",null,"ktanksale1@lenovo.com",null,"2025-12-18","18:32:00","28.5484874,77.2521653","Ariston Technologies",{"$nulls":3},"T3",null,"North1",null,"T-3826","New Delhi","New Delhi","V5 Global",null,"Yes","Face to Face","90XS005PIN",1,"Lenovo","IdeaCentre","IdeaCentre","IntelÂ® Coreâ„¢ i3-14100 4C, 8GB DDR5/512 SSD/ WiFi 6 + BT 5.2/ 260W/ SFF 8.2Lt / Wired KeyBoard & Mouse /Win 11 Home/1 Yr Onsite","Win 11","TDT","Entry","IntelÂ® Coreâ„¢ i3-14100","Consumer",31500,null,"TDT",31500,"North1",37170,"",null,"North1","Entry","Entry","i3 OS"]
[21795836,"Ragesh K","ragesh.k@v5global.co.in",9249730104,"V5 Global","Calicut","V5313059","Kerala","Kerala",null,"V5 Global",null,null,"Athul Krishna","athul.n@v5global.co.in",null,"South1",null,"External Consumer","ASO","V5 Global ASO",null,"FT",null,"ASO",null,"Shaiju","Prakash Kumar K P",null,"S Sreekumar","Sharad verma","prakash.kp@v5global.co.in","prakash.kp@v5global.co.in","ss89@lenovo.com","ssreekumar@lenovo.com","sharverm@lenovo.com","ASO","Shilpi Gautam","sgautam2@lenovo.com",null,"S Sreekumar",null,"ssreekumar@lenovo.com",null,"2025-12-18","18:50:00","11.2620576,75.8210914","REAL E STORE [ CHQ ]",{"$nulls":3},"T3","32ARRPM7294A1ZM","South1",null,"T-8455","Kannur","Kerala","V5 Global",null,"Yes","Face to Face","83F3007CIN",1,"Lenovo","Legion","Legion 5 Pro 16IAX10","NB LGNP5 16IAX10 U7 32G 1T 11S","Win 11","Gaming","Premium","Ultra 9 OS 8GB GFX Office CORE ULT7 255HX RTX 5060 8GB","Consumer",189990,null,"NB",189990,"South1",224188.19999999998,"SP","Gaming","South1","Premium","Premium","-"]
[21795836,"Ragesh K","ragesh.k@v5global.co.in",9249730104,"V5 Global","Calicut","V5313059","Kerala","Kerala",null,"V5 Global",null,null,"Athul Krishna","athul.n@v5global.co.in",null,"South1",null,"External Consumer","ASO","V5 Global ASO",null,"FT",null,"ASO",null,"Shaiju","Prakash Kumar K P",null,"S Sreekumar","Sharad verma","prakash.kp@v5global.co.in","prakash.kp@v5global.co.in","ss89@lenovo.com","ssreekumar@lenovo.com","sharverm@lenovo.com","ASO","Shilpi Gautam","sgautam2@lenovo.com",null,"S Sreekumar",null,"ssreekumar@lenovo.com",null,"2025-12-18","18:50:00","11.2620576,75.8210914","REAL E STORE [ CHQ ]",{"$nulls":3},"T3","32ARRPM7294A1ZM","South1",null,"T-8455","Kannur","Kerala","V5 Global",null,"Yes","Face to Face","GX31L52655",8,"Lenovo","Wired Combo","Input","Lenovo 160 Wired Combo","NA","Accessories","NA","NA","Accessories",999,null,null,7992,"South1",1178.82,"",null,"South1","NA","NA","-"]
[21795845,"Ragesh K","ragesh.k@v5global.co.in",9249730104,"V5 Global","Calicut","V5313059","Kerala","Kerala",null,"V5 Global",null,null,"Athul Krishna","athul.n@v5global.co.in",null,"South1",null,"External Consumer","ASO","V5 Global ASO",null,"FT",null,"ASO",null,"Shaiju","Prakash Kumar K P",null,"S Sreekumar","Sharad verma","prakash.kp@v5global.co.in","prakash.kp@v5global.co.in","ss89@lenovo.com","ssreekumar@lenovo.com","sharverm@lenovo.com","ASO","Shilpi Gautam","sgautam2@lenovo.com",null,"S Sreekumar",null,"ssreekumar@lenovo.com",null,"2025-12-18","18:51:00","11.2620551,75.8210927","CLAVIO SYSTEMS",{"$nulls":3},"T3","32ARTPP5738L1Z1","South1",null,"T-8053","Calicut","Kerala","V5 Global",null,"Yes","Face to Face","82XM00QDIN",1,"Lenovo","Slim 3","IdeaPad Slim 3 15ABR8","NB IP Slim 3 15ABR8 R5 16G 512G 11S","Win 11","Thin & Light","Mainstream","R5 5625U","Consumer",42236,null,"NB",42236,"South1",49838.479999999996,"",null,"South1","Mainstream","Mainstream","-"]
[21795845,"Ragesh K","ragesh.k@v5global.co.in",9249730104,"V5 Global","Calicut","V5313059","Kerala","Kerala",null,"V5 Global",null,null,"Athul Krishna","athul.n@v5global.co.in",null,"South1",null,"External Consumer","ASO","V5 Global ASO",null,"FT",null,"ASO",null,"Shaiju","Prakash Kumar K P",null,"S Sreekumar","Sharad verma","prakash.kp@v5global.co.in","prakash.kp@v5global.co.in","ss89@lenovo.com","ssreekumar@lenovo.com","sharverm@lenovo.com","ASO","Shilpi Gautam","sgautam2@lenovo.com",null,"S Sreekumar",null,"ssreekumar@lenovo.com",null,"2025-12-18","18:51:00","11.2620551,75.8210927","CLAVIO SYSTEMS",{"$nulls":3},"T3","32ARTPP5738L1Z1","South1",null,"T-8053","Calicut","Kerala","V5 Global",null,"Yes","Face to Face","GX31L52655",6,"Lenovo","Wired Combo","Input","Lenovo 160 Wired Combo","NA","Accessories","NA","NA","Accessories",999,null,null,5994,"South1",1178.82,"",null,"South1","NA","NA","-"]
[21795858,"Ragesh K","ragesh.k@v5global.co.in",9249730104,"V5 Global","Calicut","V5313059","Kerala","Kerala",null,"V5 Global",null,null,"Athul Krishna","athul.n@v5global.co.in",null,"South1",null,"External Consumer","ASO","V5 Global ASO",null,"FT",null,"ASO",null,"Shaiju","Prakash Kumar K P",null,"S Sreekumar","Sharad verma","prakash.kp@v5global.co.in","prakash.kp@v5global.co.in","ss89@lenovo.com","ssreekumar@lenovo.com","sharverm@lenovo.com","ASO","Shilpi Gautam","sgautam2@lenovo.com",null,"S Sreekumar",null,"ssreekumar@lenovo.com",null,"2025-12-18","18:52:00","11.2620525,75.8210875","COMPUMAGIX [CASH]",{"$nulls":3},"T3","32AAHFC5629C1ZV","South1",null,"T-8065","Calicut","Kerala","V5 Global",null,"Yes","Face to Face","82ER00MCIN",1,"Lenovo","Ideapad","Slim 3","15.6\" (39.62cm) FHD / 16 GB DDR5 RAM / 512 GB SSD/ARCTIC GREY/\t","Win 11","Thin & Light","Mainstream","Core i5 12th Gen","Consumer",53000,null,"NB",53000,"South1",62540,"",null,"South1","Mainstream","Mainstream","NA"]
[21795858,"Ragesh K","ragesh.k@v5global.co.in",9249730104,"V5 Global","Calicut","V5313059","Kerala","Kerala",null,"V5 Global",null,null,"Athul Krishna","athul.n@v5global.co.in",null,"South1",null,"External Consumer","ASO","V5 Global ASO",null,"FT",null,"ASO",null,"Shaiju","Prakash Kumar K P",null,"S Sreekumar","Sharad verma","prakash.kp@v5global.co.in","prakash.kp@v5global.co.in","ss89@lenovo.com","ssreekumar@lenovo.com","sharverm@lenovo.com","ASO","Shilpi Gautam","sgautam2@lenovo.com",null,"S Sreekumar",null,"ssreekumar@lenovo.com",null,"2025-12-18","18:52:00","11.2620525,75.8210875","COMPUMAGIX [CASH]",{"$nulls":3},"T3","32AAHFC5629C1ZV","South1",null,"T-8065","Calicut","Kerala","V5 Global",null,"Yes","Face to Face","GX31L52655",8,"Lenovo","Wired Combo","Input","Lenovo 160 Wired Combo","NA","Accessories","NA","NA","Accessories",999,null,null,7992,"South1",1178.82,"",null,"South1","NA","NA","-"]
[21795972,"Devendar Vaishnav","devendar.vaishnav@v5global.co.in",9346025615,"V5 Global","Hyderabad",601572,"Hyderabad","Telangana",null,"V5 Global",null,null,"Mohammed Ibrahim","mohammed.ibrahim@v5global.co.in",null,"South2",null,"External Consumer","ASO","V5 Global ASO",null,"FT",null,"ASO",null,"Santosh Singh","S.Arunbabu",null,"Prabhu Subaramanian","Sharad verma","arun.babu@v5global.co.in","arun.babu@v5global.co.in","ssingh9@lenovo.com","psubramania4@lenovo.com","sharverm@lenovo.com","ASO","Shilpi Gautam","sgautam2@lenovo.com",null,"Prabhu Subaramanian",null,"psubramania4@lenovo.com",null,"2025-12-18","19:07:00","17.4836167,78.3912083","Sv Electronics And Computer Peripherals",{"$nulls":3},"T3","36AEKFS8153A1ZZ","South2",null,"T-30614","CTC","Telangana","V5 Global",null,"Yes","Face to Face","83K100C6IN",1,"Lenovo","Ideapad","Slim 3","IntelÂ® Coreâ„¢ i5-13420H, 8C (4P + 4E) / 12T, P-core 2.1 / 4.6GHz, E-core 1.5 / 3.4GHz, 12MB,8GB Soldered DDR5-4800 + 8GB SO-DIMM ","Win 11","Thin & Light","Mainstream","i5-13420H","Consumer",46000,null,"NB",46000,"South2",54280,"",null,"South2","Mainstream","Premium","-"]
[21795977,"Devendar Vaishnav","devendar.vaishnav@v5global.co.in",9346025615,"V5 Global","Hyderabad",601572,"Hyderabad","Telangana",null,"V5 Global",null,null,"Mohammed Ibrahim","mohammed.ibrahim@v5global.co.in",null,"South2",null,"External Consumer","ASO","V5 Global ASO",null,"FT",null,"ASO",null,"Santosh Singh","S.Arunbabu",null,"Prabhu Subaramanian","Sharad verma","arun.babu@v5global.co.in","arun.babu@v5global.co.in","ssingh9@lenovo.com","psubramania4@lenovo.com","sharverm@lenovo.com","ASO","Shilpi Gautam","sgautam2@lenovo.com",null,"Prabhu Subaramanian",null,"psubramania4@lenovo.com",null,"2025-12-18","19:08:00","17.4835833,78.391145","Surekha Peripherals",{"$nulls":3},"T3","36ACEPT5091J1Z5","South2",null,"T-10558","Hyderabad","Telangana","V5 Global",null,"Yes","Face to Face","83K100C6IN",1,"Lenovo","Ideapad","Slim 3","IntelÂ® Coreâ„¢ i5-13420H, 8C (4P + 4E) / 12T, P-core 2.1 / 4.6GHz, E-core 1.5 / 3.4GHz, 12MB,8GB Soldered DDR5-4800 + 8GB SO-DIMM ","Win 11","Thin & Light","Mainstream","i5-13420H","Consumer",46000,null,"NB",46000,"South2",54280,"",null,"South2","Mainstream","Premium","-"]
[21795997,"Devendar Vaishnav","devendar.vaishnav@v5global.co.in",9346025615,"V5 Global","Hyderabad",601572,"Hyderabad","Telangana",null,"V5 Global",null,null,"Mohammed Ibrahim","mohammed.ibrahim@v5global.co.in",null,"South2",null,"External Consumer","ASO","V5 Global ASO",null,"FT",null,"ASO",null,"Santosh Singh","S.Arunbabu",null,"Prabhu Subaramanian","Sharad verma","arun.babu@v5global.co.in","arun.babu@v5global.co.in","ssingh9@lenovo.com","psubramania4@lenovo.com","sharverm@lenovo.com","ASO","Shilpi Gautam","sgautam2@lenovo.com",null,"Prabhu Subaramanian",null,"psubramania4@lenovo.com",null,"2025-12-18","19:09:00","17.483691,78.3912212","Sri Chakra Computers",{"$nulls":3},"T3","36AHYPD8902D1Z6","South2",null,"T-10559","Hyderabad","Telangana","V5 Global",null,"Yes","Face to Face","83KX004RIN",1,"Lenovo","Ideapad 5","2 in 1","Lenovo IP 5 2in1(Ci7-13620H/16GB /512SSD/W11+MSO/14\"WUXGA T /1yr)Gry-83KX004RIN","Win 11","Convertible ","Premium","YX0CXZ69","Consumer",85500,null,"NB",85500,"South2",100890,"SP","Non-Gaming","South2","Premium","Premium","Slim 5/Slim 5 Pro"]
[21796008,"Rajesh Kumar","rajesh.kumar2@v5global.co.in",7488484467,"V5 Global","Bhagalpur","V5456085","Bhagalpur","Bihar","-","V5 Global",null,null,"Shivam Kumar","shivam.kumar@v5global.co.in",null,"East2",null,"External Consumer","ASO","V5 Global ASO",null,"FT",null,"ASO",null,"Krishna Kumar Singh","Imam Hassan",null,"Rajender Negi","Raghavendra Araveeti","imam.hassan@v5global.co.in","imam.hassan@v5global.co.in","ksingh25@lenovo.com","rnegi@lenovo.com","raraveeti@lenovo.com","ASO","Shilpi Gautam","sgautam2@lenovo.com",null,"Rajender Negi",null,"rnegi@lenovo.com",null,"2025-12-18","19:11:00","25.7952806,87.4766181","Computer Centre",{"$nulls":3},"T3","10BAFPS0038E1ZC","East2",null,"T-2350","Saharsa","Bihar",null,null,"Yes","Face to Face","F0HM00PMIN",1,"Lenovo","AIO","AIO 27","27\" FHD/16GB/1TBSSD/MSO 2024/Shadow Black","Win 11","AIO","Premium","CORE I5","Consumer",70000,null,"AIO",70000,"East2",82600,"SP","Non-Gaming","East2","Premium","Premium","-"]
[21796012,"Rajesh Kumar","rajesh.kumar2@v5global.co.in",7488484467,"V5 Global","Bhagalpur","V5456085","Bhagalpur","Bihar","-","V5 Global",null,null,"Shivam Kumar","shivam.kumar@v5global.co.in",null,"East2",null,"External Consumer","ASO","V5 Global ASO",null,"FT",null,"ASO",null,"Krishna Kumar Singh","Imam Hassan",null,"Rajender Negi","Raghavendra Araveeti","imam.hassan@v5global.co.in","imam.hassan@v5global.co.in","ksingh25@lenovo.com","rnegi@lenovo.com","raraveeti@lenovo.com","ASO","Shilpi Gautam","sgautam2@lenovo.com",null,"Rajender Negi",null,"rnegi@lenovo.com",null,"2025-12-18","19:13:00","25.7953399,87.4766183","Tulsyan Computer",{"$nulls":3},"T3","10AOUPK1608Q1ZM","East2",null,"T-2282","Saharsa","Bihar",null,null,"Yes","Face to Face","F0HM00PMIN",1,"Lenovo","AIO","AIO 27","27\" FHD/16GB/1TBSSD/MSO 2024/Shadow Black","Win 11","AIO","Premium","CORE I5","Consumer",70000,null,"AIO",70000,"East2",82600,"SP","Non-Gaming","East2","Premium","Premium","-"]
[21796078,"Sukanta Sinha","sukanta.sinha@v5global.co.in",9854184578,"V5 Global","Guwahati","V5266867","NE","NE",null,"V5 Global",null,null,"Sukamal Saha","sukamal.saha@v5global.co.in",null,"East1",null,"External Consumer","ASO","V5 Global ASO",null,"FT",null,"ASO",null,"Partha Chakraborty","Amit Thakuri",null,"Amit Tiwari","Raghavendra Araveeti","amit.thakuri@v5global.co.in","amit.thakuri@v5global.co.in","pchakraborty@lenovo.com","atiwari11@lenovo.com","raraveeti@lenovo.com","ASO","Shilpi Gautam","sgautam2@lenovo.com",null,"Amit Tiwari",null,"atiwari11@lenovo.com",null,"2025-12-18","19:23:00","25.5759221,91.8825225","Tech Web",{"$nulls":3},"T3","17AQLPS6658K2ZW","East1",null,"T-481","East Khasi Hills","MEGHALAYA","V5 Global",null,"Yes","Face to Face","90XS005PIN",1,"Lenovo","IdeaCentre","IdeaCentre","IntelÂ® Coreâ„¢ i3-14100 4C, 8GB DDR5/512 SSD/ WiFi 6 + BT 5.2/ 260W/ SFF 8.2Lt / Wired KeyBoard & Mouse /Win 11 Home/1 Yr Onsite","Win 11","TDT","Entry","IntelÂ® Coreâ„¢ i3-14100","Consumer",31500,null,"TDT",31500,"East1",37170,"",null,"East1","Entry","Entry","i3 OS"]
[21798018,"Mohammed Abdulla","mohammed.abdulla@v5global.co.in",9513623651,"V5 Global","Bangalore","V5266026","Karnataka","Karnataka",null,"V5 Global",null,null,"M Bhaskar Gowda","bhaskar.gowda@v5global.co.in",null,"South1",null,"External Consumer","ASO","V5 Global ASO",null,"FT",null,"ASO",null,"Anuj Kumar","Prakash Kumar K P",null,"S Sreekumar","Sharad verma","prakash.kp@v5global.co.in","prakash.kp@v5global.co.in","virtualcosmos.it@gmail.com","ssreekumar@lenovo.com","sharverm@lenovo.com","ASO","Shilpi Gautam","sgautam2@lenovo.com",null,"S Sreekumar",null,"ssreekumar@lenovo.com",null,"2025-12-18","19:49:00","12.9026592,77.5889119","New Bkb Computech",{"$nulls":3},"T3",null,"South1",null,"T-25392","Bangalore","Karnataka","Denave",null,"Yes","Face to Face","83N3002QIN",1,"Lenovo","Ideapad","IdeaPad Slim 3 15Q8X10","NB IP Slim 3 15Q8X10 SD_X1 16G 512G 11S","Win 11","Thin & Light","Mainstream","SD X1-26-100/","Consumer",61790,null,"NB",61790,"South1",72912.2,"",null,"South1","Premium","Mainstream","-"]
[21798022,"Mohammed Abdulla","mohammed.abdulla@v5global.co.in",9513623651,"V5 Global","Bangalore","V5266026","Karnataka","Karnataka",null,"V5 Global",null,null,"M Bhaskar Gowda","bhaskar.gowda@v5global.co.in",null,"South1",null,"External Consumer","ASO","V5 Global ASO",null,"FT",null,"ASO",null,"Anuj Kumar","Prakash Kumar K P",null,"S Sreekumar","Sharad verma","prakash.kp@v5global.co.in","prakash.kp@v5global.co.in","virtualcosmos.it@gmail.com","ssreekumar@lenovo.com","sharverm@lenovo.com","ASO","Shilpi Gautam","sgautam2@lenovo.com",null,"S Sreekumar",null,"ssreekumar@lenovo.com",null,"2025-12-18","19:50:00","12.9026532,77.5889307","Aashirwad Computers (S.P. Road)",{"$nulls":3},"T3",null,"South1",null,"T-25374","Bangalore","Karnataka","Denave",null,"Yes","Face to Face","83K100HSIN",3,"Lenovo","Ideapad","Slim 3","15.3inch 16GB/1 TBSSD Integrated Graphics MSO 2024 Arctic Greay","Win 11","Thin & Light","Premium","Intel Core i5-13420H","Consumer",64900,null,"NB",{"$f":"BV2819*BL2819","v":194700},{"$f":"Q2819","v":"South1"},{"$f":"BV2819*118%","v":76582},{"$f":"IF(CF2819=\"Premium\",IF(CA2819>=65000,\"SP\",\"\"),\"\")","v":"SP"},"Non-Gaming","South1",{"$f":"IF(BU2819=\"Consumer\",IF(CA2819<40000,\"Entry\",IF(AND(CA2819>=40000,CA2819<65000),\"Mainstream\",\"Premium\")),IF(BU2819=\"Visuals\",BS2819,\"NA\"))","v":"Premium"},"Premium","-"]
[21798022,"Mohammed Abdulla","mohammed.abdulla@v5global.co.in",9513623651,"V5 Global","Bangalore","V5266026","Karnataka","Karnataka",null,"V5 Global",null,null,"M Bhaskar Gowda","bhaskar.gowda@v5global.co.in",null,"South1",null,"External Consumer","ASO","V5 Global ASO",null,"FT",null,"ASO",null,"Anuj Kumar","Prakash Kumar K P",null,"S Sreekumar","Sharad verma","prakash.kp@v5global.co.in","prakash.kp@v5global.co.in","virtualcosmos.it@gmail.com","ssreekumar@lenovo.com","sharverm@lenovo.com","ASO","Shilpi Gautam","sgautam2@lenovo.com",null,"S Sreekumar",null,"ssreekumar@lenovo.com",null,"2025-12-18","19:50:00","12.9026532,77.5889307","Aashirwad Computers (S.P. Road)",{"$nulls":3},"T3",null,"South1",null,"T-25374","Bangalore","Karnataka","Denave",null,"Yes","Face to Face","F0HM00PKIN",1,"Lenovo","AIO","AIO","Core i3-1315U|8GB DDR5|512GB SSD|INTEGRATED GRAPHICS|27FHD AG 250N |WLAN+BT  |Cloud Grey|5M CAMERA WH|KBD Wireless|Win 11 Home +","Win 11","AIO","Mainstream","I3-1315U\t","Consumer",49732,null,"AIO",49732,"South1",58683.759999999995,"",null,"South1","Mainstream","Mainstream","i3 OS"]
[21798043,"Mohammed Abdulla","mohammed.abdulla@v5global.co.in",9513623651,"V5 Global","Bangalore","V5266026","Karnataka","Karnataka",null,"V5 Global",null,null,"M Bhaskar Gowda","bhaskar.gowda@v5global.co.in",null,"South1",null,"External Consumer","ASO","V5 Global ASO",null,"FT",null,"ASO",null,"Anuj Kumar","Prakash Kumar K P",null,"S Sreekumar","Sharad verma","prakash.kp@v5global.co.in","prakash.kp@v5global.co.in","virtualcosmos.it@gmail.com","ssreekumar@lenovo.com","sharverm@lenovo.com","ASO","Shilpi Gautam","sgautam2@lenovo.com",null,"S Sreekumar",null,"ssreekumar@lenovo.com",null,"2025-12-18","19:53:00","12.9026683,77.5888959","Aashirwad Computers (S.P. Road)",{"$nulls":3},"T3",null,"South1",null,"T-25374","Bangalore","Karnataka","Denave",null,"Yes","Face to Face","83F3007CIN",3,"Lenovo","Legion","Legion 5 Pro 16IAX10","NB LGNP5 16IAX10 U7 32G 1T 11S","Win 11","Gaming","Premium","Ultra 9 OS 8GB GFX Office CORE ULT7 255HX RTX 5060 8GB","Consumer",189990,null,"NB",569970,"South1",224188.19999999998,"SP","Gaming","South1","Premium","Premium","-"]
[21798046,"Mohammed Abdulla","mohammed.abdulla@v5global.co.in",9513623651,"V5 Global","Bangalore","V5266026","Karnataka","Karnataka",null,"V5 Global",null,null,"M Bhaskar Gowda","bhaskar.gowda@v5global.co.in",null,"South1",null,"External Consumer","ASO","V5 Global ASO",null,"FT",null,"ASO",null,"Anuj Kumar","Prakash Kumar K P",null,"S Sreekumar","Sharad verma","prakash.kp@v5global.co.in","prakash.kp@v5global.co.in","virtualcosmos.it@gmail.com","ssreekumar@lenovo.com","sharverm@lenovo.com","ASO","Shilpi Gautam","sgautam2@lenovo.com",null,"S Sreekumar",null,"ssreekumar@lenovo.com",null,"2025-12-18","19:54:00","12.9026754,77.588924","Amoeba Groups",{"$nulls":3},"T3",null,"South1",null,"T-25342","Bangalore","KARNATAKA","V5 Global",null,"Yes","Face to Face","82LX00F7IN",10,"Lenovo","Ideapad","Slim 1","LEN N4500 8GB 512GB SSD WIN11  1YR","Win 11","Thin & Light","Entry","N4500","Consumer",25900,null,"NB",259000,"South1",30562,"",null,"South1","Entry","Entry","-"]
[21798050,"Mohammed Abdulla","mohammed.abdulla@v5global.co.in",9513623651,"V5 Global","Bangalore","V5266026","Karnataka","Karnataka",null,"V5 Global",null,null,"M Bhaskar Gowda","bhaskar.gowda@v5global.co.in",null,"South1",null,"External Consumer","ASO","V5 Global ASO",null,"FT",null,"ASO",null,"Anuj Kumar","Prakash Kumar K P",null,"S Sreekumar","Sharad verma","prakash.kp@v5global.co.in","prakash.kp@v5global.co.in","virtualcosmos.it@gmail.com","ssreekumar@lenovo.com","sharverm@lenovo.com","ASO","Shilpi Gautam","sgautam2@lenovo.com",null,"S Sreekumar",null,"ssreekumar@lenovo.com",null,"2025-12-18","19:55:00","12.9026763,77.5889336","Ashwath Computers",{"$nulls":3},"T3",null,"South1",null,"T-25344","Bangalore","KARNATAKA","V5 Global",null,"Yes","Face to Face","82LX00F7IN",10,"Lenovo","Ideapad","Slim 1","LEN N4500 8GB 512GB SSD WIN11  1YR","Win 11","Thin & Light","Entry","N4500","Consumer",25900,null,"NB",259000,"South1",30562,"",null,"South1","Entry","Entry","-"]
[21798055,"Mohammed Abdulla","mohammed.abdulla@v5global.co.in",9513623651,"V5 Global","Bangalore","V5266026","Karnataka","Karnataka",null,"V5 Global",null,null,"M Bhaskar Gowda","bhaskar.gowda@v5global.co.in",null,"South1",null,"External Consumer","ASO","V5 Global ASO",null,"FT",null,"ASO",null,"Anuj Kumar","Prakash Kumar K P",null,"S Sreekumar","Sharad verma","prakash.kp@v5global.co.in","prakash.kp@v5global.co.in","virtualcosmos.it@gmail.com","ssreekumar@lenovo.com","sharverm@lenovo.com","ASO","Shilpi Gautam","sgautam2@lenovo.com",null,"S Sreekumar",null,"ssreekumar@lenovo.com",null,"2025-12-18","19:55:00","12.902674,77.588934","Balaji Computer Inc",{"$nulls":3},"T3","29AAOPB3544L1ZE","South1",null,"T-6425","Bangalore","Karnataka",null,null,"Yes","Face to Face","82LX00F7IN",10,"Lenovo","Ideapad","Slim 1","LEN N4500 8GB 512GB SSD WIN11  1YR","Win 11","Thin & Light","Entry","N4500","Consumer",25900,null,"NB",259000,"South1",30562,"",null,"South1","Entry","Entry","-"]
[21798057,"Mohammed Abdulla","mohammed.abdulla@v5global.co.in",9513623651,"V5 Global","Bangalore","V5266026","Karnataka","Karnataka",null,"V5 Global",null,null,"M Bhaskar Gowda","bhaskar.gowda@v5global.co.in",null,"South1",null,"External Consumer","ASO","V5 Global ASO",null,"FT",null,"ASO",null,"Anuj Kumar","Prakash Kumar K P",null,"S Sreekumar","Sharad verma","prakash.kp@v5global.co.in","prakash.kp@v5global.co.in","virtualcosmos.it@gmail.com","ssreekumar@lenovo.com","sharverm@lenovo.com","ASO","Shilpi Gautam","sgautam2@lenovo.com",null,"S Sreekumar",null,"ssreekumar@lenovo.com",null,"2025-12-18","19:56:00","12.9026688,77.5889284","Big C Technologies Pvt. Ltd",{"$nulls":3},"T3",null,"South1",null,"T-25345","Bangalore","KARNATAKA","V5 Global",null,"Yes","Face to Face","83F500D9IN",2,"Lenovo","Legion","Legion Pro 7 16IAX10H","NB LN Legion Pro 7 16IAX10H U9 32G 1T11S","Win 11","Gaming","Premium","Ultra 9 OS 16GB GFX Office CORE ULT9 275HX RTX 5080 16GB","Consumer",314490,null,"NB",628980,"South1",371098.19999999995,"SP","Gaming","South1","Premium","Premium","-"]
[21798060,"Mohammed Abdulla","mohammed.abdulla@v5global.co.in",9513623651,"V5 Global","Bangalore","V5266026","Karnataka","Karnataka",null,"V5 Global",null,null,"M Bhaskar Gowda","bhaskar.gowda@v5global.co.in",null,"South1",null,"External Consumer","ASO","V5 Global ASO",null,"FT",null,"ASO",null,"Anuj Kumar","Prakash Kumar K P",null,"S Sreekumar","Sharad verma","prakash.kp@v5global.co.in","prakash.kp@v5global.co.in","virtualcosmos.it@gmail.com","ssreekumar@lenovo.com","sharverm@lenovo.com","ASO","Shilpi Gautam","sgautam2@lenovo.com",null,"S Sreekumar",null,"ssreekumar@lenovo.com",null,"2025-12-18","19:56:00","12.9026667,77.5889281","Fortune Info Solutions",{"$nulls":3},"T3",null,"South1",null,"T-25353","Bangalore","KARNATAKA","V5 Global",null,"Yes","Face to Face","83JC00EFIN",1,"Lenovo","LOQ","LOQ 15ARP9","NB LOQ 15ARP9 R5 24G 512G 11S","Win 11","Gaming","Premium","R5 7235HS","Consumer",67578,null,"NB",67578,"South1",79742.04,"SP","Gaming","South1","Premium","Premium","-"]
[21798064,"Mohammed Abdulla","mohammed.abdulla@v5global.co.in",9513623651,"V5 Global","Bangalore","V5266026","Karnataka","Karnataka",null,"V5 Global",null,null,"M Bhaskar Gowda","bhaskar.gowda@v5global.co.in",null,"South1",null,"External Consumer","ASO","V5 Global ASO",null,"FT",null,"ASO",null,"Anuj Kumar","Prakash Kumar K P",null,"S Sreekumar","Sharad verma","prakash.kp@v5global.co.in","prakash.kp@v5global.co.in","virtualcosmos.it@gmail.com","ssreekumar@lenovo.com","sharverm@lenovo.com","ASO","Shilpi Gautam","sgautam2@lenovo.com",null,"S Sreekumar",null,"ssreekumar@lenovo.com",null,"2025-12-18","19:57:00","12.902665,77.5889342","G J Computers",{"$nulls":3},"T3",null,"South1",null,"T-6654","Tumkur","KARNATAKA","V5 Global",null,"Yes","Face to Face","F0HN00FWIN",2,"Lenovo","IdeaCentre","AIO 24IRH9","IntelÂ® Coreâ„¢ i3-1315U,, 8 GB RAM, 512GB SSD, 23.8\" FHD (1920x1080) IPS Anti-glare 250nits, 100Hz, 99% sRGB, hardware low blue li","Win 11","AIO","Mainstream","IntelÂ® Coreâ„¢ i3-1315U","Consumer",48990,null,"AIO",97980,"South1",57808.2,"",null,"South1","Mainstream","Mainstream","-"]
[21798064,"Mohammed Abdulla","mohammed.abdulla@v5global.co.in",9513623651,"V5 Global","Bangalore","V5266026","Karnataka","Karnataka",null,"V5 Global",null,null,"M Bhaskar Gowda","bhaskar.gowda@v5global.co.in",null,"South1",null,"External Consumer","ASO","V5 Global ASO",null,"FT",null,"ASO",null,"Anuj Kumar","Prakash Kumar K P",null,"S Sreekumar","Sharad verma","prakash.kp@v5global.co.in","prakash.kp@v5global.co.in","virtualcosmos.it@gmail.com","ssreekumar@lenovo.com","sharverm@lenovo.com","ASO","Shilpi Gautam","sgautam2@lenovo.com",null,"S Sreekumar",null,"ssreekumar@lenovo.com",null,"2025-12-18","19:57:00","12.902665,77.5889342","G J Computers",{"$nulls":3},"T3",null,"South1",null,"T-6654","Tumkur","KARNATAKA","V5 Global",null,"Yes","Face to Face","83CV00DGIN",1,"Lenovo","Yoga","Slim 7","CORE ULT5 125H, 16GB, 1TB SSD, 14_WUXGA_OLED_GL_400N_HDR_P3, INTEGRATED_GRAPHICS, WINDOWS 11 HOME 64 SL, M365 Basic + OFFICE H&S","Win 11","Thin & Light","Premium","CORE ULT5 125H","Consumer",82990,null,"NB",82990,"South1",97928.2,"SP","Non-Gaming","South1","Premium","Premium","Yoga"]
[21796890,"Chetti Srinivas","chetti.srinivas1@v5global.co.in",9515976797,"V5 Global","Hyderabad",601126,"TELANGANA","Telangana",null,"V5 Global",null,null,"Mohammed Ibrahim","mohammed.ibrahim@v5global.co.in",null,"South2",null,"External Consumer","ASO","V5 Global ASO",null,"FT",null,"ASO",null,"Santosh Singh","S.Arunbabu",null,"Prabhu Subaramanian","Sharad verma","arun.babu@v5global.co.in","arun.babu@v5global.co.in","ssingh9@lenovo.com","psubramania4@lenovo.com","sharverm@lenovo.com","ASO","Shilpi Gautam","sgautam2@lenovo.com",null,"Prabhu Subaramanian",null,"psubramania4@lenovo.com",null,"2025-12-18","20:48:00","18.7607352,79.5016016","SHANMUKHA COMPUTERS & PERIPHERALS",{"$nulls":3},"T3","36BFEPK3591Q1ZS","South2",null,"T-10519","Karimnagar","Andhra Pradesh","V5 Global",null,"Yes","Face to Face","90XS005JIN",1,"Lenovo","IdeaCentre","IdeaCentre","i3 14100 14th Gen Processor,8Gb Ram ddr5,512Ssd,Windows 11,Wifi,BT, Usb calliope Black, keybord,mouse\t","Win 11","TDT","Mainstream","I3 14100","Consumer",25747,null,"TDT",25747,"South2",30381.46,"",null,"South2","Entry","Mainstream","i3 OS"]
[21796893,"Chetti Srinivas","chetti.srinivas1@v5global.co.in",9515976797,"V5 Global","Hyderabad",601126,"TELANGANA","Telangana",null,"V5 Global",null,null,"Mohammed Ibrahim","mohammed.ibrahim@v5global.co.in",null,"South2",null,"External Consumer","ASO","V5 Global ASO",null,"FT",null,"ASO",null,"Santosh Singh","S.Arunbabu",null,"Prabhu Subaramanian","Sharad verma","arun.babu@v5global.co.in","arun.babu@v5global.co.in","ssingh9@lenovo.com","psubramania4@lenovo.com","sharverm@lenovo.com","ASO","Shilpi Gautam","sgautam2@lenovo.com",null,"Prabhu Subaramanian",null,"psubramania4@lenovo.com",null,"2025-12-18","20:49:00","18.7605417,79.5048483","VISION TECHNOLOGIES -KARIMNAGAR",{"$nulls":3},"T3","36AMMPP0021A1ZN","South2",null,"T-10627","Karimnagar","Andhra Pradesh","V5 Global",null,"Yes","Face to Face","90XS005JIN",1,"Lenovo","IdeaCentre","IdeaCentre","i3 14100 14th Gen Processor,8Gb Ram ddr5,512Ssd,Windows 11,Wifi,BT, Usb calliope Black, keybord,mouse\t","Win 11","TDT","Mainstream","I3 14100","Consumer",25747,null,"TDT",25747,"South2",30381.46,"",null,"South2","Entry","Mainstream","i3 OS"]
[21796900,"Chetti Srinivas","chetti.srinivas1@v5global.co.in",9515976797,"V5 Global","Hyderabad",601126,"TELANGANA","Telangana",null,"V5 Global",null,null,"Mohammed Ibrahim","mohammed.ibrahim@v5global.co.in",null,"South2",null,"External Consumer","ASO","V5 Global ASO",null,"FT",null,"ASO",null,"Santosh Singh","S.Arunbabu",null,"Prabhu Subaramanian","Sharad verma","arun.babu@v5global.co.in","arun.babu@v5global.co.in","ssingh9@lenovo.com","psubramania4@lenovo.com","sharverm@lenovo.com","ASO","Shilpi Gautam","sgautam2@lenovo.com",null,"Prabhu Subaramanian",null,"psubramania4@lenovo.com",null,"2025-12-18","20:49:00","18.7609133,79.5070283","Rs Computers",{"$nulls":3},"T3","36ADSPN1470A1ZN","South2",null,"T-10503","Karimnagar","Andhra Pradesh","V5 Global",null,"Yes","Face to Face","90XS005JIN",1,"Lenovo","IdeaCentre","IdeaCentre","i3 14100 14th Gen Processor,8Gb Ram ddr5,512Ssd,Windows 11,Wifi,BT, Usb calliope Black, keybord,mouse\t","Win 11","TDT","Mainstream","I3 14100","Consumer",25747,null,"TDT",25747,"South2",30381.46,"",null,"South2","Entry","Mainstream","i3 OS"]
[21796910,"Chetti Srinivas","chetti.srinivas1@v5global.co.in",9515976797,"V5 Global","Hyderabad",601126,"TELANGANA","Telangana",null,"V5 Global",null,null,"Mohammed Ibrahim","mohammed.ibrahim@v5global.co.in",null,"South2",null,"External Consumer","ASO","V5 Global ASO",null,"FT",null,"ASO",null,"Santosh Singh","S.Arunbabu",null,"Prabhu Subaramanian","Sharad verma","arun.babu@v5global.co.in","arun.babu@v5global.co.in","ssingh9@lenovo.com","psubramania4@lenovo.com","sharverm@lenovo.com","ASO","Shilpi Gautam","sgautam2@lenovo.com",null,"Prabhu Subaramanian",null,"psubramania4@lenovo.com",null,"2025-12-18","20:50:00","18.76098,79.5069","Lap Store",{"$nulls":3},"T3","36AQIPG6380P1Z7","South2",null,"T-10515","Karimnagar","Andhra Pradesh","V5 Global",null,"Yes","Face to Face","90XS005JIN",2,"Lenovo","IdeaCentre","IdeaCentre","i3 14100 14th Gen Processor,8Gb Ram ddr5,512Ssd,Windows 11,Wifi,BT, Usb calliope Black, keybord,mouse\t","Win 11","TDT","Mainstream","I3 14100","Consumer",25747,null,"TDT",51494,"South2",30381.46,"",null,"South2","Entry","Mainstream","i3 OS"]
[21797136,"Sukanta Sinha","sukanta.sinha@v5global.co.in",9854184578,"V5 Global","Guwahati","V5266867","NE","NE",null,"V5 Global",null,null,"Sukamal Saha","sukamal.saha@v5global.co.in",null,"East1",null,"External Consumer","ASO","V5 Global ASO",null,"FT",null,"ASO",null,"Partha Chakraborty","Amit Thakuri",null,"Amit Tiwari","Raghavendra Araveeti","amit.thakuri@v5global.co.in","amit.thakuri@v5global.co.in","pchakraborty@lenovo.com","atiwari11@lenovo.com","raraveeti@lenovo.com","ASO","Shilpi Gautam","sgautam2@lenovo.com",null,"Amit Tiwari",null,"atiwari11@lenovo.com",null,"2025-12-18","21:06:00","25.5762359,91.8819966","Tech Web",{"$nulls":3},"T3","17AQLPS6658K2ZW","East1",null,"T-481","East Khasi Hills","MEGHALAYA","V5 Global",null,"Yes","Face to Face","82R400XSIN",1,"Lenovo","Ideapad","Ideapad","\"Ryzenâ„¢ 5 5500U 6C 8GB RAM 512GB SSD Windows11 MS Office H&S 2024  Integrated AMD Radeon  Graphics  15.6\"\" FHD TN 220nits AG 720","Win 11","Thin & Light","Entry","Amd Ryzen 5 5500U","Consumer",29407,null,"NB",29407,"East1",34700.259999999995,"",null,"East1","Entry","Entry","-"]
[21797136,"Sukanta Sinha","sukanta.sinha@v5global.co.in",9854184578,"V5 Global","Guwahati","V5266867","NE","NE",null,"V5 Global",null,null,"Sukamal Saha","sukamal.saha@v5global.co.in",null,"East1",null,"External Consumer","ASO","V5 Global ASO",null,"FT",null,"ASO",null,"Partha Chakraborty","Amit Thakuri",null,"Amit Tiwari","Raghavendra Araveeti","amit.thakuri@v5global.co.in","amit.thakuri@v5global.co.in","pchakraborty@lenovo.com","atiwari11@lenovo.com","raraveeti@lenovo.com","ASO","Shilpi Gautam","sgautam2@lenovo.com",null,"Amit Tiwari",null,"atiwari11@lenovo.com",null,"2025-12-18","21:06:00","25.5762359,91.8819966","Tech Web",{"$nulls":3},"T3","17AQLPS6658K2ZW","East1",null,"T-481","East Khasi Hills","MEGHALAYA","V5 Global",null,"Yes","Face to Face","90XS005PIN",2,"Lenovo","IdeaCentre","IdeaCentre","IntelÂ® Coreâ„¢ i3-14100 4C, 8GB DDR5/512 SSD/ WiFi 6 + BT 5.2/ 260W/ SFF 8.2Lt / Wired KeyBoard & Mouse /Win 11 Home/1 Yr Onsite","Win 11","TDT","Entry","IntelÂ® Coreâ„¢ i3-14100","Consumer",31500,null,"TDT",63000,"East1",37170,"",null,"East1","Entry","Entry","i3 OS"]
[21797189,"Govind Gulab Rajbhar","govind.gulab@v5global.co.in",9029031943,"V5 Global","Mumbai","V5263641","Maharashtra","Maharashtra",null,"V5 Global",null,null,"Pooja Thakur","pooja.thakur@v5global.co.in",null,"West1",null,"External Consumer","ASO","V5 Global ASO",null,"FT",null,"ASO",null,"Amit Tiwari","Yunus Hamid Mansoori",null,"Hemant C Baghel","Sharad verma","yunus.hamid@v5global.co.in","yunus.hamid@v5global.co.in","atiwari5@lenovo.com","hbaghel@lenovo.com","sharverm@lenovo.com","ASO","Shilpi Gautam","sgautam2@lenovo.com",null,"Hemant C Baghel",null,"hbaghel@lenovo.com",null,"2025-12-18","21:12:00","19.2169601,72.8439189","DOTS COMPUTERS",{"$nulls":3},"T3",null,"West1",null,"T-19620","Mumbai","Maharashtra","V5 Global",null,"Yes","Telephonic","67BCKAC6IN",3,"Lenovo","Monitor -L24i4A","Monitor -L24i4A","Full HD IPS Panel Ultra Thin Monitor with WLED Backlight","NA","Visual Variants","Premium","NA","Visuals",7203,null,null,21609,"West1",8499.539999999999,"",null,"West1 M","Premium","Premium","-"]
[21797199,"Govind Gulab Rajbhar","govind.gulab@v5global.co.in",9029031943,"V5 Global","Mumbai","V5263641","Maharashtra","Maharashtra",null,"V5 Global",null,null,"Pooja Thakur","pooja.thakur@v5global.co.in",null,"West1",null,"External Consumer","ASO","V5 Global ASO",null,"FT",null,"ASO",null,"Amit Tiwari","Yunus Hamid Mansoori",null,"Hemant C Baghel","Sharad verma","yunus.hamid@v5global.co.in","yunus.hamid@v5global.co.in","atiwari5@lenovo.com","hbaghel@lenovo.com","sharverm@lenovo.com","ASO","Shilpi Gautam","sgautam2@lenovo.com",null,"Hemant C Baghel",null,"hbaghel@lenovo.com",null,"2025-12-18","21:13:00","19.2169383,72.8439081","S S Computer",{"$nulls":3},"T3",null,"West1",null,"T-25832","Mumbai","Maharashtra","V5 Global",null,"Yes","Telephonic","67CCGAC4IN",2,"Lenovo","Moniter","R24E","NA","NA","Visual Variants","Premium","NA","Visuals",10500,null,null,21000,"West1",12390,"",null,"West1 M","Premium","Premium","-"]
[21797202,"Govind Gulab Rajbhar","govind.gulab@v5global.co.in",9029031943,"V5 Global","Mumbai","V5263641","Maharashtra","Maharashtra",null,"V5 Global",null,null,"Pooja Thakur","pooja.thakur@v5global.co.in",null,"West1",null,"External Consumer","ASO","V5 Global ASO",null,"FT",null,"ASO",null,"Amit Tiwari","Yunus Hamid Mansoori",null,"Hemant C Baghel","Sharad verma","yunus.hamid@v5global.co.in","yunus.hamid@v5global.co.in","atiwari5@lenovo.com","hbaghel@lenovo.com","sharverm@lenovo.com","ASO","Shilpi Gautam","sgautam2@lenovo.com",null,"Hemant C Baghel",null,"hbaghel@lenovo.com",null,"2025-12-18","21:13:00","19.2169482,72.8439057","Arvind Infotech",{"$nulls":3},"T3",null,"West1",null,"T-25697","Mumbai","Maharashtra","V5 Global",null,"Yes","Telephonic","61E0KAR6WW",1,"Lenovo","D Series","D19-10","D19: 18.5\" VGA + HDMI with HDMI Cable","NA","Visual Variants","Entry","NA","Visuals",5058,null,null,5058,"West1",5968.44,"",null,"West1 M","Entry","Entry","-"]
[21797220,"Govind Gulab Rajbhar","govind.gulab@v5global.co.in",9029031943,"V5 Global","Mumbai","V5263641","Maharashtra","Maharashtra",null,"V5 Global",null,null,"Pooja Thakur","pooja.thakur@v5global.co.in",null,"West1",null,"External Consumer","ASO","V5 Global ASO",null,"FT",null,"ASO",null,"Amit Tiwari","Yunus Hamid Mansoori",null,"Hemant C Baghel","Sharad verma","yunus.hamid@v5global.co.in","yunus.hamid@v5global.co.in","atiwari5@lenovo.com","hbaghel@lenovo.com","sharverm@lenovo.com","ASO","Shilpi Gautam","sgautam2@lenovo.com",null,"Hemant C Baghel",null,"hbaghel@lenovo.com",null,"2025-12-18","21:14:00","19.21695,72.8439041","Digsoft Infotek",{"$nulls":3},"T3",null,"West1",null,"T-25716","Mumbai","Maharashtra","V5 Global",null,"Yes","Telephonic","82X6005KIN",1,"Lenovo","Ideapad","Slim 3","1315U-CI3/8GB /512GB SSD/intel uhd graphics /14\"","Win 11","Thin & Light","Entry","1315U-ci3","Consumer",31972,null,"NB",31972,"West1",37726.96,"",null,"West1 M","Entry","Mainstream","i3 OS"]
[21797231,"Govind Gulab Rajbhar","govind.gulab@v5global.co.in",9029031943,"V5 Global","Mumbai","V5263641","Maharashtra","Maharashtra",null,"V5 Global",null,null,"Pooja Thakur","pooja.thakur@v5global.co.in",null,"West1",null,"External Consumer","ASO","V5 Global ASO",null,"FT",null,"ASO",null,"Amit Tiwari","Yunus Hamid Mansoori",null,"Hemant C Baghel","Sharad verma","yunus.hamid@v5global.co.in","yunus.hamid@v5global.co.in","atiwari5@lenovo.com","hbaghel@lenovo.com","sharverm@lenovo.com","ASO","Shilpi Gautam","sgautam2@lenovo.com",null,"Hemant C Baghel",null,"hbaghel@lenovo.com",null,"2025-12-18","21:15:00","19.2169469,72.8439037","DOTS COMPUTERS",{"$nulls":3},"T3",null,"West1",null,"T-19620","Mumbai","Maharashtra","V5 Global",null,"Yes","Telephonic","83DV01AAIN",1,"Lenovo","LOQ","LOQ","LOQ I5 13gen 16GB RAM 512 gb SSD RTX4050 win11 MSO\t","Win 11","Gaming","Premium","I5 13gen","Consumer",78000,null,"NB",78000,"West1",92040,"SP","Gaming","West1 M","Premium","Premium","-"]
[21797239,"Govind Gulab Rajbhar","govind.gulab@v5global.co.in",9029031943,"V5 Global","Mumbai","V5263641","Maharashtra","Maharashtra",null,"V5 Global",null,null,"Pooja Thakur","pooja.thakur@v5global.co.in",null,"West1",null,"External Consumer","ASO","V5 Global ASO",null,"FT",null,"ASO",null,"Amit Tiwari","Yunus Hamid Mansoori",null,"Hemant C Baghel","Sharad verma","yunus.hamid@v5global.co.in","yunus.hamid@v5global.co.in","atiwari5@lenovo.com","hbaghel@lenovo.com","sharverm@lenovo.com","ASO","Shilpi Gautam","sgautam2@lenovo.com",null,"Hemant C Baghel",null,"hbaghel@lenovo.com",null,"2025-12-18","21:15:00","19.2169497,72.8439052","COMPACT BUSINESS MACHINES",{"$nulls":3},"T3",null,"West1",null,"T-21995","Mumbai","Maharashtra","V5 Global",null,"Yes","Telephonic","83K000B8IN",1,"Lenovo","Ideapad","IdeaPad Slim 3","15.6\" FHD (1920x1080),16GB Ram, 512 GB SSD, ,MS OFFICE 2024  Luna Grey","Win 11","Thin & Light","Premium","IntelÂ® Coreâ„¢ i5-13420H","Consumer",65000,null,"NB",65000,"West1",76700,"SP","Non-Gaming","West1 M","Premium","Premium","-"]
[21797264,"Pankaj Kumar","pankaj.kumar@v5global.co.in",8340543380,"V5 Global","Patna",601177,"Bihar","Bihar",null,"V5 Global",null,null,"Shivam Kumar","shivam.kumar@v5global.co.in",null,"East2",null,"External Consumer","ASO","V5 Global ASO",null,"FT",null,"ASO",null,"Krishna Kumar Singh","Imam Hassan",null,"Rajender Negi","Raghavendra Araveeti","imam.hassan@v5global.co.in","imam.hassan@v5global.co.in","ksingh25@lenovo.com","rnegi@lenovo.com","raraveeti@lenovo.com","ASO","Shilpi Gautam","sgautam2@lenovo.com",null,"Rajender Negi",null,"rnegi@lenovo.com",null,"2025-12-18","21:17:00","25.6174882,85.0925199","Muskan Agencies",{"$nulls":3},"T3",null,"East2",null,"T-2101","Patna","Bihar",null,null,"Yes","Face to Face","67BEKAC1IN",1,"Lenovo","Monitor","L27I-4A","L27I-4A","NA","Visual Variants","Premium","NA","Visuals",13000,null,null,13000,"East2",15340,"",null,"East2","Premium","Premium","-"]
[21797264,"Pankaj Kumar","pankaj.kumar@v5global.co.in",8340543380,"V5 Global","Patna",601177,"Bihar","Bihar",null,"V5 Global",null,null,"Shivam Kumar","shivam.kumar@v5global.co.in",null,"East2",null,"External Consumer","ASO","V5 Global ASO",null,"FT",null,"ASO",null,"Krishna Kumar Singh","Imam Hassan",null,"Rajender Negi","Raghavendra Araveeti","imam.hassan@v5global.co.in","imam.hassan@v5global.co.in","ksingh25@lenovo.com","rnegi@lenovo.com","raraveeti@lenovo.com","ASO","Shilpi Gautam","sgautam2@lenovo.com",null,"Rajender Negi",null,"rnegi@lenovo.com",null,"2025-12-18","21:17:00","25.6174882,85.0925199","Muskan Agencies",{"$nulls":3},"T3",null,"East2",null,"T-2101","Patna","Bihar",null,null,"Yes","Face to Face","67D5KAC6IN",1,"Lenovo","L22-4E","L Series","LEN L22-4E 21.5 IPS  BLACK 100HZ","NA","Visual Variants","Mainstream","NA","Visuals",5331,null,null,5331,"East2",6290.58,"",null,"East2","Mainstream","Mainstream","-"]
[21797277,"Pankaj Kumar","pankaj.kumar@v5global.co.in",8340543380,"V5 Global","Patna",601177,"Bihar","Bihar",null,"V5 Global",null,null,"Shivam Kumar","shivam.kumar@v5global.co.in",null,"East2",null,"External Consumer","ASO","V5 Global ASO",null,"FT",null,"ASO",null,"Krishna Kumar Singh","Imam Hassan",null,"Rajender Negi","Raghavendra Araveeti","imam.hassan@v5global.co.in","imam.hassan@v5global.co.in","ksingh25@lenovo.com","rnegi@lenovo.com","raraveeti@lenovo.com","ASO","Shilpi Gautam","sgautam2@lenovo.com",null,"Rajender Negi",null,"rnegi@lenovo.com",null,"2025-12-18","21:18:00","25.6167729,85.0926514","I Next Computer",{"$nulls":3},"T3","10BMCPK2491Q1ZW","East2",null,"T-22233","Patna","Bihar","V5 Global",null,"Yes","Face to Face","82LX00F7IN",2,"Lenovo","Ideapad","Slim 1","LEN N4500 8GB 512GB SSD WIN11  1YR","Win 11","Thin & Light","Entry","N4500","Consumer",25900,null,"NB",51800,"East2",30562,"",null,"East2","Entry","Entry","-"]
[21797277,"Pankaj Kumar","pankaj.kumar@v5global.co.in",8340543380,"V5 Global","Patna",601177,"Bihar","Bihar",null,"V5 Global",null,null,"Shivam Kumar","shivam.kumar@v5global.co.in",null,"East2",null,"External Consumer","ASO","V5 Global ASO",null,"FT",null,"ASO",null,"Krishna Kumar Singh","Imam Hassan",null,"Rajender Negi","Raghavendra Araveeti","imam.hassan@v5global.co.in","imam.hassan@v5global.co.in","ksingh25@lenovo.com","rnegi@lenovo.com","raraveeti@lenovo.com","ASO","Shilpi Gautam","sgautam2@lenovo.com",null,"Rajender Negi",null,"rnegi@lenovo.com",null,"2025-12-18","21:18:00","25.6167729,85.0926514","I Next Computer",{"$nulls":3},"T3","10BMCPK2491Q1ZW","East2",null,"T-22233","Patna","Bihar","V5 Global",null,"Yes","Face to Face","67BCKAC6IN",1,"Lenovo","Monitor -L24i4A","Monitor -L24i4A","Full HD IPS Panel Ultra Thin Monitor with WLED Backlight","NA","Visual Variants","Premium","NA","Visuals",7203,null,null,7203,"East2",8499.539999999999,"",null,"East2","Premium","Premium","-"]
[21797277,"Pankaj Kumar","pankaj.kumar@v5global.co.in",8340543380,"V5 Global","Patna",601177,"Bihar","Bihar",null,"V5 Global",null,null,"Shivam Kumar","shivam.kumar@v5global.co.in",null,"East2",null,"External Consumer","ASO","V5 Global ASO",null,"FT",null,"ASO",null,"Krishna Kumar Singh","Imam Hassan",null,"Rajender Negi","Raghavendra Araveeti","imam.hassan@v5global.co.in","imam.hassan@v5global.co.in","ksingh25@lenovo.com","rnegi@lenovo.com","raraveeti@lenovo.com","ASO","Shilpi Gautam","sgautam2@lenovo.com",null,"Rajender Negi",null,"rnegi@lenovo.com",null,"2025-12-18","21:18:00","25.6167729,85.0926514","I Next Computer",{"$nulls":3},"T3","10BMCPK2491Q1ZW","East2",null,"T-22233","Patna","Bihar","V5 Global",null,"Yes","Face to Face","67D5KAC6IN",1,"Lenovo","L22-4E","L Series","LEN L22-4E 21.5 IPS  BLACK 100HZ","NA","Visual Variants","Mainstream","NA","Visuals",5331,null,null,5331,"East2",6290.58,"",null,"East2","Mainstream","Mainstream","-"]
[21797555,"Surjeet Kumar","surjeet.kumar@v5global.co.in",7004963220,"V5 Global","Muzaffarpur","V5339429","Bihar","Bihar",null,"V5 Global",null,null,"Shivam Kumar","shivam.kumar@v5global.co.in",null,"East2",null,"External Consumer","ASO","V5 Global ASO",null,"FT",null,"ASO",null,"Krishna Kumar Singh","Imam Hassan",null,"Rajender Negi","Raghavendra Araveeti","imam.hassan@v5global.co.in","imam.hassan@v5global.co.in","ksingh25@lenovo.com","rnegi@lenovo.com","raraveeti@lenovo.com","ASO","Shilpi Gautam","sgautam2@lenovo.com",null,"Rajender Negi",null,"rnegi@lenovo.com",null,"2025-12-18","21:39:00","25.2954169,85.0175445","PALAK INFOTECH",{"$nulls":3},"T3","10AOWPS2074N1ZC","East2",null,"T-2089","Siwan","Bihar","V5 Global",null,"Yes","Face to Face","90XS005PIN",1,"Lenovo","IdeaCentre","IdeaCentre","IntelÂ® Coreâ„¢ i3-14100 4C, 8GB DDR5/512 SSD/ WiFi 6 + BT 5.2/ 260W/ SFF 8.2Lt / Wired KeyBoard & Mouse /Win 11 Home/1 Yr Onsite","Win 11","TDT","Entry","IntelÂ® Coreâ„¢ i3-14100","Consumer",31500,null,"TDT",31500,"East2",37170,"",null,"East2","Entry","Entry","i3 OS"]
[21797555,"Surjeet Kumar","surjeet.kumar@v5global.co.in",7004963220,"V5 Global","Muzaffarpur","V5339429","Bihar","Bihar",null,"V5 Global",null,null,"Shivam Kumar","shivam.kumar@v5global.co.in",null,"East2",null,"External Consumer","ASO","V5 Global ASO",null,"FT",null,"ASO",null,"Krishna Kumar Singh","Imam Hassan",null,"Rajender Negi","Raghavendra Araveeti","imam.hassan@v5global.co.in","imam.hassan@v5global.co.in","ksingh25@lenovo.com","rnegi@lenovo.com","raraveeti@lenovo.com","ASO","Shilpi Gautam","sgautam2@lenovo.com",null,"Rajender Negi",null,"rnegi@lenovo.com",null,"2025-12-18","21:39:00","25.2954169,85.0175445","PALAK INFOTECH",{"$nulls":3},"T3","10AOWPS2074N1ZC","East2",null,"T-2089","Siwan","Bihar","V5 Global",null,"Yes","Face to Face","66E9KAC4IN",1,"Lenovo","D SERIES","D20-30","19.5inch 1080*1250","NA","Visual Variants","Entry","NA","Visuals",5635,null,null,5635,"East2",6649.299999999999,"",null,"East2","Entry","Entry","-"]
[21797567,"Surjeet Kumar","surjeet.kumar@v5global.co.in",7004963220,"V5 Global","Muzaffarpur","V5339429","Bihar","Bihar",null,"V5 Global",null,null,"Shivam Kumar","shivam.kumar@v5global.co.in",null,"East2",null,"External Consumer","ASO","V5 Global ASO",null,"FT",null,"ASO",null,"Krishna Kumar Singh","Imam Hassan",null,"Rajender Negi","Raghavendra Araveeti","imam.hassan@v5global.co.in","imam.hassan@v5global.co.in","ksingh25@lenovo.com","rnegi@lenovo.com","raraveeti@lenovo.com","ASO","Shilpi Gautam","sgautam2@lenovo.com",null,"Rajender Negi",null,"rnegi@lenovo.com",null,"2025-12-18","21:40:00","25.2954169,85.0175445","Computer center",{"$nulls":3},"T3","10BAFPS0038E1ZC","East2",null,"T-29664","Saharsa","Bihar","V5 Global",null,"Yes","Face to Face","F0HM00PMIN",1,"Lenovo","AIO","AIO 27","27\" FHD/16GB/1TBSSD/MSO 2024/Shadow Black","Win 11","AIO","Premium","CORE I5","Consumer",70000,null,"AIO",70000,"East2",82600,"SP","Non-Gaming","East2","Premium","Premium","-"]
[21797577,"Surjeet Kumar","surjeet.kumar@v5global.co.in",7004963220,"V5 Global","Muzaffarpur","V5339429","Bihar","Bihar",null,"V5 Global",null,null,"Shivam Kumar","shivam.kumar@v5global.co.in",null,"East2",null,"External Consumer","ASO","V5 Global ASO",null,"FT",null,"ASO",null,"Krishna Kumar Singh","Imam Hassan",null,"Rajender Negi","Raghavendra Araveeti","imam.hassan@v5global.co.in","imam.hassan@v5global.co.in","ksingh25@lenovo.com","rnegi@lenovo.com","raraveeti@lenovo.com","ASO","Shilpi Gautam","sgautam2@lenovo.com",null,"Rajender Negi",null,"rnegi@lenovo.com",null,"2025-12-18","21:42:00","25.2954169,85.0175445","Skylar infotech",{"$nulls":3},"T3","10CRUPK8019E1ZS","East2",null,"T-29661","Motihar","Bihar","V5 Global",null,"Yes","Face to Face","82X700HMIN",3,"Lenovo","IdeaPad Slim 3","Slim 3","15.6\", 8GB, 512GB, Integrated Intel UHD Graphics, Office Home 2024, Arctic Grey\t","Win 11","Thin & Light","Mainstream","Intel Core i3-1315U\t","Consumer",41000,null,"NB",123000,"East2",48380,"",null,"East2","Mainstream","Mainstream","i3 OS"]
[21797590,"Prateek Verma","prateek.verma@v5global.co.in",9818131909,"V5 Global","New Delhi",601341,"NEW DELHI","New Delhi",null,"V5 Global",null,null,"Mohd Asif","mohd.asif@v5global.co.in",null,"North1",null,"External Consumer","ASO","V5 Global ASO",null,"FT",null,"ASO",null,"Kanwaldeep Singh","Gaurav Sharma",null,"Kumar Tanksale","Raghavendra Araveeti","gaurav.sharma@v5global.co.in","gaurav.sharma@v5global.co.in","ksingh15@lenovo.com","ktanksale1@lenovo.com","raraveeti@lenovo.com","ASO","Shilpi Gautam","sgautam2@lenovo.com",null,"Kumar Tanksale",null,"ktanksale1@lenovo.com",null,"2025-12-18","21:43:00","28.6376007,77.2821249","Jai Sachidanand Mobile Store",{"$nulls":3},"T3","07AAKFJ0042P1Z6","North1",null,"T-24320","New Delhi","New Delhi","V5 Global",null,"Yes","Face to Face","83K100C6IN",1,"Lenovo","Ideapad","Slim 3","IntelÂ® Coreâ„¢ i5-13420H, 8C (4P + 4E) / 12T, P-core 2.1 / 4.6GHz, E-core 1.5 / 3.4GHz, 12MB,8GB Soldered DDR5-4800 + 8GB SO-DIMM ","Win 11","Thin & Light","Mainstream","i5-13420H","Consumer",46000,null,"NB",46000,"North1",54280,"",null,"North1","Mainstream","Premium","-"]
[21797826,"Manoj Bihari","manoj.bihari@v5global.co.in",9861291397,"V5 Global","Sambalpur","V5263625","Orissa","Orissa",null,"V5 Global",null,null,"Arindam Mazumdar","arindam.mazumdar@v5global.co.in",null,"East2",null,"External Consumer","ASO","V5 Global ASO",null,"FT",null,"ASO","LES","Biswa Ranjan Jena","Imam Hassan",null,"Rajender Negi","Raghavendra Araveeti","imam.hassan@v5global.co.in","imam.hassan@v5global.co.in","bjena1@lenovo.com","rnegi@lenovo.com","raraveeti@lenovo.com","ASO","Shilpi Gautam","sgautam2@lenovo.com",null,"Rajender Negi","LES","rnegi@lenovo.com",null,"2025-12-18","22:19:00","21.872920222500277,84.02428608387709","IT CARE (BHAWANIPATNA)",{"$nulls":3},"T3","21ALBPB9426F1ZO","East2",null,"T-2903","Kalahandi","Orissa","V5 Global",null,"Yes","Face to Face","83JC00EFIN",1,"Lenovo","LOQ","LOQ 15ARP9","NB LOQ 15ARP9 R5 24G 512G 11S","Win 11","Gaming","Premium","R5 7235HS","Consumer",67578,null,"NB",67578,"East2",79742.04,"SP","Gaming","East2","Premium","Premium","-"]
[21797835,"Manoj Bihari","manoj.bihari@v5global.co.in",9861291397,"V5 Global","Sambalpur","V5263625","Orissa","Orissa",null,"V5 Global",null,null,"Arindam Mazumdar","arindam.mazumdar@v5global.co.in",null,"East2",null,"External Consumer","ASO","V5 Global ASO",null,"FT",null,"ASO","LES","Biswa Ranjan Jena","Imam Hassan",null,"Rajender Negi","Raghavendra Araveeti","imam.hassan@v5global.co.in","imam.hassan@v5global.co.in","bjena1@lenovo.com","rnegi@lenovo.com","raraveeti@lenovo.com","ASO","Shilpi Gautam","sgautam2@lenovo.com",null,"Rajender Negi","LES","rnegi@lenovo.com",null,"2025-12-18","22:20:00","21.872920222500277,84.02428608387709","Sun Computer",{"$nulls":3},"T3","21ADQPJ1558H1ZL","East2",null,"T-2795","Rayagada","Orissa",null,null,"Yes","Face to Face","83JK000AIN",1,"Lenovo","Ideapad","Ideapad Pro 5","U9 285H-INT-14-32-1TB-W11-024","Win 11","Thin & Light","Premium","U9 285H","Consumer",167891,null,"NB",167891,"East2",198111.37999999998,"SP","Non-Gaming","East2","Premium","Premium","Slim 5/Slim 5 Pro"]
[21797839,"Manoj Bihari","manoj.bihari@v5global.co.in",9861291397,"V5 Global","Sambalpur","V5263625","Orissa","Orissa",null,"V5 Global",null,null,"Arindam Mazumdar","arindam.mazumdar@v5global.co.in",null,"East2",null,"External Consumer","ASO","V5 Global ASO",null,"FT",null,"ASO","LES","Biswa Ranjan Jena","Imam Hassan",null,"Rajender Negi","Raghavendra Araveeti","imam.hassan@v5global.co.in","imam.hassan@v5global.co.in","bjena1@lenovo.com","rnegi@lenovo.com","raraveeti@lenovo.com","ASO","Shilpi Gautam","sgautam2@lenovo.com",null,"Rajender Negi","LES","rnegi@lenovo.com",null,"2025-12-18","22:21:00","21.872920222500277,84.02428608387709","Mahamaya Computerss",{"$nulls":3},"T3","21AJNPP7333H1Z4","East2",null,"T-2875","Sambalpur","Orissa","V5 Global",null,"Yes","Face to Face","82X6005KIN",1,"Lenovo","Ideapad","Slim 3","1315U-CI3/8GB /512GB SSD/intel uhd graphics /14\"","Win 11","Thin & Light","Entry","1315U-ci3","Consumer",31972,null,"NB",31972,"East2",37726.96,"",null,"East2","Entry","Mainstream","i3 OS"]
[21797856,"Manoj Bihari","manoj.bihari@v5global.co.in",9861291397,"V5 Global","Sambalpur","V5263625","Orissa","Orissa",null,"V5 Global",null,null,"Arindam Mazumdar","arindam.mazumdar@v5global.co.in",null,"East2",null,"External Consumer","ASO","V5 Global ASO",null,"FT",null,"ASO","LES","Biswa Ranjan Jena","Imam Hassan",null,"Rajender Negi","Raghavendra Araveeti","imam.hassan@v5global.co.in","imam.hassan@v5global.co.in","bjena1@lenovo.com","rnegi@lenovo.com","raraveeti@lenovo.com","ASO","Shilpi Gautam","sgautam2@lenovo.com",null,"Rajender Negi","LES","rnegi@lenovo.com",null,"2025-12-18","22:22:00","21.872920222500277,84.02428608387709","DIGITAL WORLD",{"$nulls":3},"T3",null,"East2",null,"T-2927","Jharsuguda","Orissa",null,null,"Yes","Face to Face","F0G1013EIN",2,"Lenovo","AIO","24ALC6","IDEA CENTRE R5 7340U 8GB RAM 512GB SSD WINDOW 11 MS OFFICE 2021 23.8\"IPS 250NITS ANTI GLARE WLAN+BT 720P HD CAMRA WIRED KBD BLA","Win 11","AIO","Mainstream","R5","Consumer",34873,null,"AIO",69746,"East2",41150.14,"",null,"East2","Mainstream","Mainstream","Convertible i3/R5"]